{"text_format":"3","workbook":"xls","n_sheets":15,"sheets":["Resumen","Formulario PPGR1","Formulario PPGR2","Formulario PPGR3","Formulario PPGR4","Formulario PPGR5","Formulario PPGR6","Formulario PPGR7","Formulario PPGR8","Tablero Indicadores POA","Prov","Insumos","LSIns","Obj","Catalogo"],"not_rendered":{"images":14,"macros":1,"external_links":17,"defined_names":133,"comments":1},"read":"whole","date_system":"1900","formulas":"cached_only"}

{"sheet":"Resumen","index":0,"n_rows":37,"n_cols":7,"rows_kept":37,"merged":[[4,0,4,1],[16,0,16,2]],"flags":["formulas_cached_only"]}
[]
["Servicio Nacional de Salud"]
["Dirección de Planificación y Desarrollo"]
[]
["Cantidad acciones/actividades/trimestre"]
["Primer Trimestre",{"$error":"#REF!"}]
["Segundo Trimestre",{"$error":"#REF!"}]
["Tercer Trimestre",{"$error":"#REF!"}]
["Cuarto Trimestre",{"$error":"#REF!"}]
["Total actividades del año 2021",{"$error":"#REF!"}]
[]
[]
[]
[]
[]
[]
["Tabla Resumen POA 2021"]
["Área Organizacional","Presupuesto","Nº Productos","Nº Actividades","% (Productos)","% (Actividades)","% (Presupuesto)"]
[{"$nulls":4},{"$error":"#DIV/0!"},{"$error":"#DIV/0!"},{"$error":"#DIV/0!"}]
[{"$nulls":4},{"$error":"#DIV/0!"},{"$error":"#DIV/0!"},{"$error":"#DIV/0!"}]
[{"$nulls":4},{"$error":"#DIV/0!"},{"$error":"#DIV/0!"},{"$error":"#DIV/0!"}]
[{"$nulls":4},{"$error":"#DIV/0!"},{"$error":"#DIV/0!"},{"$error":"#DIV/0!"}]
[{"$nulls":4},{"$error":"#DIV/0!"},{"$error":"#DIV/0!"},{"$error":"#DIV/0!"}]
[{"$nulls":4},{"$error":"#DIV/0!"},{"$error":"#DIV/0!"},{"$error":"#DIV/0!"}]
[{"$nulls":4},{"$error":"#DIV/0!"},{"$error":"#DIV/0!"},{"$error":"#DIV/0!"}]
[{"$nulls":4},{"$error":"#DIV/0!"},{"$error":"#DIV/0!"},{"$error":"#DIV/0!"}]
[{"$nulls":4},{"$error":"#DIV/0!"},{"$error":"#DIV/0!"},{"$error":"#DIV/0!"}]
[{"$nulls":4},{"$error":"#DIV/0!"},{"$error":"#DIV/0!"},{"$error":"#DIV/0!"}]
[{"$nulls":4},{"$error":"#DIV/0!"},{"$error":"#DIV/0!"},{"$error":"#DIV/0!"}]
[{"$nulls":4},{"$error":"#DIV/0!"},{"$error":"#DIV/0!"},{"$error":"#DIV/0!"}]
[{"$nulls":4},{"$error":"#DIV/0!"},{"$error":"#DIV/0!"},{"$error":"#DIV/0!"}]
[{"$nulls":4},{"$error":"#DIV/0!"},{"$error":"#DIV/0!"},{"$error":"#DIV/0!"}]
[{"$nulls":4},{"$error":"#DIV/0!"},{"$error":"#DIV/0!"},{"$error":"#DIV/0!"}]
[{"$nulls":4},{"$error":"#DIV/0!"},{"$error":"#DIV/0!"},{"$error":"#DIV/0!"}]
[{"$nulls":4},{"$error":"#DIV/0!"},{"$error":"#DIV/0!"},{"$error":"#DIV/0!"}]
[{"$nulls":4},{"$error":"#DIV/0!"},{"$error":"#DIV/0!"},{"$error":"#DIV/0!"}]
["Total",0,0,0,{"$error":"#DIV/0!"},{"$error":"#DIV/0!"},{"$error":"#DIV/0!"}]

{"sheet":"Formulario PPGR1","index":1,"n_rows":84,"n_cols":22,"rows_kept":84,"merged":[[1,12,1,14],[2,12,2,14],[3,12,3,14],[4,12,4,14]],"flags":["formulas_cached_only"]}
[]
[{"$nulls":6},"Servicio Nacional de Salud",{"$nulls":4},"Año del POA:  ",2021]
[{"$nulls":6},"Dirección de Planificación y Desarrollo",{"$nulls":4},"Servicio Regional de Salud:  ","R1 - SRS Valdesia",{"$nulls":3},"Ls_DependenciasSRS"]
[{"$nulls":6},"Plan Operativo Anual ",{"$nulls":4},"Estructura:  ","Gerencia",{"$nulls":3},"Ls_GerenciasSRS"]
[{"$nulls":6},"Identificación de Productos/Resultados "]
[]
[]
[null,"ID_Dependendencia","POA","SRS","AREA","Línea estratégica","Cod_LE","Objetivo","Cod_Obj","Resultado esperado","Productos","Indicador","Unidad de medida","Línea Base","Meta","Supuestos","Dependencia responsable","Column1"]
[null,{"$error":"#REF!"},{"$error":"#REF!"},{"$error":"#REF!"},{"$error":"#REF!"},"LE.1 - Calidad en la prestación de los servicios de salud","LE.1","Obj1.1 - Mejorar la provisión de los servicios de salud con enfoque en la promoción de la salud, prevención de la enfermedad y control de las enfermedades.","Obj1.1","Redes de servicios integradas y con mayor resolución para coordinar la prestación de servicios integrales de promoción de la salud, prevención de la enfermedad, diagnóstico,  tratamiento, rehabilitación y cuidados paliativos;  condicionada a la necesidades de salud y características de la población, con miras hacia la consecución progresiva del acceso universal a la salud y la cobertura universal de salud ","1.1.1.1.Fortalecimiento a la Gestion de Suministro y Abastecimiento de medicamentos","Porcentaje de disponibilidad de medicamentos trazadores PN ","Porcentaje",{"v":0.95,"d":"95%"},{"v":1,"d":"100%"},null,"División de Abastecimiento y Medicamentos"]
[null,"","","","",null,"",null,"",null,null,"Porcentaje de disponibilidad de medicamentos trazadores  NE","Porcentaje",{"v":0.95,"d":"95%"},{"v":1,"d":"100%"},null,"División de Abastecimiento y Medicamentos"]
[null,"","","","",null,"",null,"",null,null,"Promedio de disponibilidad de métodos de Planificación Familiar","Porcentaje",{"v":1,"d":"100%"},{"v":1,"d":"100%"},null,"División de Abastecimiento y Medicamentos"]
[null,"","","","",null,"",null,"",null,null,"Porcentaje de ejecución del cronograma de supervisiones de las URGM","Porcentaje","S/D",{"v":1,"d":"100%"},null,"División de Abastecimiento y Medicamentos"]
[null,"","","","",null,"",null,"",null,"1.1.1.2 Fortalecimiento de la provisión de servicios de apoyo diagnóstico","Incremento porcentual de los servicios diagnósticos en los diferentes EESS","Porcentaje",{"v":0.12,"d":"12%"},{"v":0.25,"d":"25%"},null,"Servicios Diagnósticos"]
[null,"","","","",null,"",null,"",null,null,"Promedio de análisis de laboratorio por consulta ","Porcentaje",null,"<1.8",null,"Servicios Diagnósticos"]
[null,"","","","",null,"",null,"",null,null,"Promedio de estudios de imágenes por consulta ","Porcentaje",null,"<0.32",null,"Servicios Diagnósticos"]
[null,"","","","",null,"",null,"",null,"1.1.1.3 Fortalecimiento de la provisión de servicios odontológicos ","Incremento de un 30% de los servicios odontológicos en los diferentes EESS","Porcentaje",{"v":0.2,"d":"20%"},{"v":0.3,"d":"30%"},null,"Odontología"]
[null,"","","","",null,"",null,"",null,"1.1.1.4 Fortalecimiento de los servicios Hospitalarios","Promedio de ocupación hospitalaria EES del SRS","Porcentaje ","S/D",{"v":0.65,"d":"65%"},null,"Departamento de Centros de Salud\nDivisión Centros Hospitalarios"]
[null,"","","","",null,"",null,"",null,null,"Porcentaje de mortalidad intrahospitalaria neta","Porcentaje ",null,"<35%",null,"Departamento de Centros de Salud\nDivisión Centros Hospitalarios"]
[null,"","","","",null,"",null,"",null,null,"Porcentaje de atenciones ambulatorias provistas en áreas de emergencias","Porcentaje ",null,"<30%",null,"Departamento de Centros de Salud\nDivisión Centros Hospitalarios"]
[null,"","","","",null,"",null,"",null,"1.1.1.5 Ruta Comunitaria en Salud","Nivel de implementación del Programa SNS en tu Comunidad","Porcentaje ","S/D",{"v":0.9,"d":"90%"},null,"División Centros Hospitalario\nDivisión Primer Nivel"]
[null,"","","","",null,"",null,"",null,"1.1.1.6 Despliegue de la Cartera de Servicios de Salud en la Red SNS","Porcentaje de EES de la Red que cuentan con cartera de servicios actualizada de acuerdo a resolutividad","Porcentaje","S/D",{"v":1,"d":"100%"},null,"Divison de Calidad de los Servicios y Gestión de Usuarios"]
[null,{"$error":"#REF!"},{"$error":"#REF!"},{"$error":"#REF!"},{"$error":"#REF!"},"LE.1 - Calidad en la prestación de los servicios de salud","LE.1","Obj1.1 - Mejorar la provisión de los servicios de salud con enfoque en la promoción de la salud, prevención de la enfermedad y control de las enfermedades.","Obj1.1","Disminuida la morbi-mortalidad materna, neonatal e infantil, mediante el fortalecimiento y la integración de los servicios de salud antes de la concepción, durante el embarazo, el parto y los primeros años de vida, garantizando la calidad de la atención.","1.1.2.1 Incremento cobertura registro oportuno de nacimientos","Promedio registro oportuno de nacimientos en los hospitales priorizados","Porcentaje ",{"v":0.88,"d":"88%"},{"v":0.95,"d":"95%"},null,"Departamento Centros de Salud \nDivisión Centros Hospitalario\n",{"$nulls":4},"Promoción y Cultura de Innovación"]
[null,"","","","",null,"",null,"",null,"1.1.2.2 Provisión de servicios Salud Materno, Neonatal y Adolescente","Razón de mortalidad materna ","Razón","S/D",70,null,"Departamento Centros de Salud \nDivisión Centros Hospitalario\n"]
[null,"","","","",null,"",null,"",null,null,"Tasa de mortalidad neonatal","Tasa","S/D",12,null,"Departamento Centros de Salud \nDivisión Centros Hospitalario\n"]
[null,"","","","",null,"",null,"",null,null,"Tasa de mortalidad postneonatal","Tasa","S/D",12,null,"Departamento Centros de Salud \nDivisión Centros Hospitalario\n"]
[null,"","","","",null,"",null,"",null,null,"Promedio de partos por cesáreas en la Red","Porcentaje","S/D","<43%",null,"Departamento Centros de Salud \nDivisión Centros Hospitalario\n"]
[null,"","","","",null,"",null,"",null,"1.1.2.3 Provisión de servicios de salud sexual y reproductiva en la Red SNS","Cobertura uso de métodos de planificación familiar en población adscrita","Porcentaje","S/D",{"v":0.35,"d":"35%"},null,"Departamento Centros de Salud \nDivisión Primer Nivel\n"]
[null,{"$error":"#REF!"},{"$error":"#REF!"},{"$error":"#REF!"},{"$error":"#REF!"},"LE.1 - Calidad en la prestación de los servicios de salud","LE.1","Obj1.1 - Mejorar la provisión de los servicios de salud con enfoque en la promoción de la salud, prevención de la enfermedad y control de las enfermedades.","Obj1.1","Reducida la carga de las enfermedades crónicas incluidos los diferentes tipos de cáncer, los trastornos de salud mental,  así como ante discapacidad, violencia y  traumatismos, a través de servicios de atención que faciliten la detección temprana y la continuidad de la atención, eliminando las brechas en el acceso y utilización de los servicios de salud.","1.1.3.1 Circulos Comunitarios de Salud","Porcentaje de incorporaciones de usuarios con patologías crónicas en los CCS según meta","Porcentaje","S/D",{"v":0.9,"d":"90%"},null,"Division de Primer Nivel de Atencion  "]
[null,"","","","",null,"",null,"",null,null,"Porcentaje de seguimiento a los usuarios con patologías crónicas incorporados en los CCS","Porcentaje",{"v":0.45,"d":"45%"},{"v":0.85,"d":"85%"},null,"Division de Primer Nivel de Atencion  "]
[null,"","","","",null,"",null,"",null,"1.1.3.2 Despliegue de Implementación de la Estrategia Hearts en el primer nivel de atención","Promedio cumplimiento indicadores HEARTS","Porcentaje","S/D",{"v":0.75,"d":"75%"},null,"Division de Primer Nivel de Atencion  "]
[null,"","","","",null,"",null,"",null,"1.1.3.3 Fortalecimiento de los servicios de  Salud Mental en la Red","Nivel de implementación del Plan de Salud Mental ",null,"S/D",{"v":0.5,"d":"50%"},null,"Departamento de Centros de Salud"]
[null,{"$error":"#REF!"},{"$error":"#REF!"},{"$error":"#REF!"},{"$error":"#REF!"},"LE.1 - Calidad en la prestación de los servicios de salud","LE.1","Obj1.1 - Mejorar la provisión de los servicios de salud con enfoque en la promoción de la salud, prevención de la enfermedad y control de las enfermedades.","Obj1.1","Reducida la morbi-mortalidad de las enfermedades transmisibles, incluidas la infección por el VIH/SIDA, la Tuberculosis, las infecciones de transmisión sexual, las hepatitis virales, enfermedades transmitidas por vectores, enfermedades desatendidas, tropicales y zoonóticas, y las enfermedades prevenibles mediante vacunación; con especial atención en las poblaciones vulnerables","1.1.4.1 Fortalecidos la provisión de servicios de salud para la atención a la Malaria en la Red de Establecimientos","Números de SRS que han implementado la DTIR (Detección, tratamiento, investigación y Respuesta)","Unidad","S/D",1,null,"Departamento de Centros de Salud"]
[null,"","","","",null,"",null,"",null,"1.1.4.2Fortalecidos los Servicios de Atención Integral (SAIs) para el VIH-SIDA en todos sus componentes ","Proporción de personas VIH+ en los SAI activas en TARV y con carga viral suprimida","Porcentaje",0.5,{"v":0.9,"d":"90%"},null,"Divison de Gestion Clinica "]
[null,"","","","",null,"",null,"",null,null,"Proporción de personas VIH+ en los SAI en TARV y con carga viral suprimida","Porcentaje",0.5,{"v":0.9,"d":"90%"},null,"Divison de Gestion Clinica "]
[null,"","","","",null,"",null,"",null,null,"Proporción de personas VIH+ en los SAI en TARV que se encuentran activas","Porcentaje","S/D",{"v":0.9,"d":"90%"},null,"Divison de Gestion Clinica "]
[null,"","","","",null,"",null,"",null,null,"Proporción de personas VIH+ en los SAI que se encuentran en TARV","Porcentaje","S/D",{"v":0.9,"d":"90%"},null,"Divison de Gestion Clinica "]
[null,"","","","",null,"",null,"",null,"1.1.4.3 Fortalecimiento de atención ante la Tuberculosis enfocado al cumplimiento de las Metas para la Detección, Diagnostico y Tratamiento (DDT) ","Porcentaje de casos de tuberculosis con pruebas VIH realizadas","Porcentaje",null,{"v":0.9,"d":"90%"},null,"Division de Gestion Clinica "]
[null,"","","","",null,"",null,"",null,null,"Porcentajes de casos de tuberculosis detectados","Porcentaje",null,{"v":0.95,"d":"95%"},null,"Division de Gestion Clinica "]
[null,{"$error":"#REF!"},{"$error":"#REF!"},{"$error":"#REF!"},{"$error":"#REF!"},"LE.1 - Calidad en la prestación de los servicios de salud","LE.1","Obj1.1 - Mejorar la provisión de los servicios de salud con enfoque en la promoción de la salud, prevención de la enfermedad y control de las enfermedades.","Obj1.1","Incrementada la capacidad de respuesta que favorezca a disminuir la morbi-mortalidad  resultantes de las emergencias y desastres,  mediante la detección, preparación y mitigación de los eventos que suponen riesgos y amenazas, bajo un enfoque multisectorial que contribuya a la salud y seguridad de las personas","1.1.5.1 Fortalecimiento  los servicios de emergencias apoyo ante desastres en la red","Porcentaje de establecimientos que cuenta con el Plan Hospitalario ante Emergencias y Desastres","Porcentaje",null,{"v":0.8,"d":"80%"},null,"Emergencias"]
[null,"","","","",null,"",null,"",null,"1.1.5.2 Fortalecimiento de la red de  emergencias de forma organizada, eficiente y de calidad","Porcentaje de incremento asistencias ofrecidas por el Centros de Respuesta a Urgencias y Emergencias Médicas","Porcentaje",null,{"v":0.05,"d":"5%"},null,"Emergencias"]
[null,"","","","",null,"",null,"",null,"1.1.5.3 Fortalecimiento de los servicios de urgencia y emergencias cumpliendo criterios de calidad y coordinación","Porcentaje evaluación de Red emergencias-Gestión productiva y VCE","Porcentaje",null,{"v":0.51,"d":"51%"},null,"Emergencias"]
[null,{"$error":"#REF!"},{"$error":"#REF!"},{"$error":"#REF!"},{"$error":"#REF!"},"LE.1 - Calidad en la prestación de los servicios de salud","LE.1","Obj1.2 - Asegurar la calidad de la atención y seguridad del paciente en el marco de los derechos de las personas, que se traduzca en un incremento de la confianza y satisfacción de los usuarios de los servicios de salud","Obj1.2","Desarrollo y mantenimiento de un modelo de evaluación de la entrega de servicios sanitarios con carácter igualitario y libre de discriminación, que promueva mediante la continua retroalimentación, la generación de mejores resultados en materia de salud lo que se traduzca en el aumento de la satisfacción de las personas con respecto a los servicios públicos de salud","1.1.6.1 Fortalecimiento de la gestión de usuarios para la adhesión a la cultura de servicios","Porcentaje general resultados de encuesta de satisfacción a usuarios de los servicios de la Red","Porcentaje ",null,{"v":0.9,"d":"90%"},null,"Division de Calidad de los Servicios y Gestión de Usuarios"]
[null,"","","","",null,"",null,"",null,"1.1.6.2 Despliegue del Plan de Gestión Listas de Espera Quirúrgica ","Promedio de EES que reportan Listas de Espera Quirúrgica por SRS","Porcentaje ",null,{"v":0.6,"d":"60%"},null,"Division de Calidad de los Servicios y Gestión de Usuarios"]
[null,"","","","",null,"",null,"",null,null,"Porcentaje de reducción Listas de Espera Quirúrgica","Porcentaje",null,{"v":0.35,"d":"35%"},null,"Division de Calidad de los Servicios y Gestión de Usuarios"]
[null,{"$error":"#REF!"},{"$error":"#REF!"},{"$error":"#REF!"},{"$error":"#REF!"},"LE.1 - Calidad en la prestación de los servicios de salud","LE.1","Obj1.2 - Asegurar la calidad de la atención y seguridad del paciente en el marco de los derechos de las personas, que se traduzca en un incremento de la confianza y satisfacción de los usuarios de los servicios de salud","Obj1.2","Fortalecida la calidad de la atención en salud como resultado del seguimiento a los aspectos técnicos y no técnicos de la atención, que disminuya el riesgo de la seguridad del paciente y de los resultados esperados de salud","1.2.2.1 Mejora de la Calidad de los Servicios de Enfermería","Porcentaje de aplicación de las supervisiones de los servicios de enfermería en el Primer Nivel y Nivel Especializado","Porcentaje",null,{"v":1,"d":"100%"},null,"Enfermería"]
[null,{"$error":"#REF!"},{"$error":"#REF!"},{"$error":"#REF!"},{"$error":"#REF!"},"LE.2 - Desarrollo de las redes integradas de servicios de salud fundamentada en el Modelo de Atención","LE.2","Obj2.1 - Fortalecer el Primer Nivel de Atención incrementando su capacidad de resolución para satisfacer las necesidades de salud de la población","Obj2.1","Primer Nivel de Atención fortalecido y con alta resolución para garantizar  la prestación de servicios integrales de promoción de la salud, prevención de la enfermedad, diagnóstico, tratamiento, rehabilitación y cuidados paliativos;  condicionada a la necesidades de salud y características de la población","2.1.1.1 Despligue de ruta crítica para el desarrollo del modelo de atención en salud.","Nivel de implementación de la Ruta Crítica","Porcentaje",null,{"v":0.8,"d":"80%"},null,"Division de Primer Nivel de Atencion  "]
[null,{"$error":"#REF!"},{"$error":"#REF!"},{"$error":"#REF!"},{"$error":"#REF!"},"LE.2 - Desarrollo de las redes integradas de servicios de salud fundamentada en el Modelo de Atención","LE.2","Obj2.2 - Avanzar en la integración de las redes de servicios, asegurando la integralidad de la atención de acuerdo a las necesidades territoriales de la población","Obj2.2","Garantizada la atención integral con calidad y oportunidad, mediante la coordinación clínica y asistencial de los servicios de salud","2.2.1.1 Conectividad de la Red de Establecimientos del Primer Nivel con el Especializado","Porcentaje de referencias válidas ","Porcentaje",null,{"v":0.65,"d":"65%"},null,"Division de Calidad de los Servicios y Gestión de Usuarios"]
[null,"","","","",null,"",null,"",null,null,"Porcentaje de referencias efectivas","Porcentaje",null,{"v":0.4,"d":"40%"},null,"Division de Calidad de los Servicios y Gestión de Usuarios"]
[null,{"$error":"#REF!"},{"$error":"#REF!"},{"$error":"#REF!"},{"$error":"#REF!"},"LE.2 - Desarrollo de las redes integradas de servicios de salud fundamentada en el Modelo de Atención","LE.2","Obj2.2 - Avanzar en la integración de las redes de servicios, asegurando la integralidad de la atención de acuerdo a las necesidades territoriales de la población","Obj2.2","Gestión integrada y articulada de las redes públicas de servicios de salud, con actores involucrados en la organización, gestión y atención de servicios de salud con enfoque y participación intra e intersectorial y participación social fortalecida, que promueva un ambiente favorable para la cobertura y acceso a los servicios de salud","2.2.2.1 Desarrollo de la Intersectorialidad para el desarrollo de acciones en los territorios","Número de SRS que han suscrito acuerdos con enfoque al fortalecimiento de la Red mediante la intersectorialidad","Unidad",null,1,null,"Division de Primer Nivel de Atencion  "]
[null,"","","","",null,"",null,"",null,"2.2.2.2 Estructuración Comités Salud","Porcentaje de hospitales de la Red SNS que cuentan con los comités de salud contemplados en el Reglamento 434-07","Porcentaje",null,{"v":0.85,"d":"85%"},null,"Departamento de Centros de Salud\nDivisión Centros Hospitalarios"]
[null,"","","","",null,"",null,"",null,null,"Porcentaje de CPN que cuentan con los comités de salud ","Porcentaje",null,{"v":0.9,"d":"90%"},null,"Departamento de Centros de Salud\nDivisión Primer Nivel"]
[null,{"$error":"#REF!"},{"$error":"#REF!"},{"$error":"#REF!"},{"$error":"#REF!"},"LE.2 - Desarrollo de las redes integradas de servicios de salud fundamentada en el Modelo de Atención","LE.2","Obj2.2 - Avanzar en la integración de las redes de servicios, asegurando la integralidad de la atención de acuerdo a las necesidades territoriales de la población","Obj2.2","Aumentada la eficacia, eficiencia y equidad de la prestación de los servicios de salud a través de la reorganización y transformación de las estructuras de redes de servicios","2.2.4.1 Gestión de la habilitación de los establecimientos de salud de la Red","Porcentaje de EES nivel complementario, habilitados para ofertar servicios de salud","Porcentaje",null,{"v":0.8,"d":"80%"},null,"Division de Calidad de los Servicios y Gestión de Usuarios\nDivisión Centros Hospitalarios"]
[null,"","","","",null,"",null,"",null,null,"Porcentaje de EES Primer Nivel, habilitados para ofertar servicios de salud","Porcentaje ",null,{"v":0.65,"d":"65%"},null,"Division de Calidad de los Servicios y Gestión de Usuarios\nDivisión Primer Nivel"]
[null,{"$error":"#REF!"},{"$error":"#REF!"},{"$error":"#REF!"},{"$error":"#REF!"},"LE.3 - Fortalecimiento de la gestión y desarrollo de los recursos humanos","LE.3","Obj3.2 - Desarrollar condiciones y capacidades en los colaboradores del SNS para mejorar el desempeño institucional, ampliar el acceso y cobertura a los servicios integrales de salud ","Obj3.2","Incrementada las competencias y resolutividad de los colaboradores, de acuerdo a la complejidad de sus funciones, las necesidades de salud de la población y los compromisos del sector","3.2.1.1 Programa de formación y capacitación continua de los RRHH de la Red","Porcentaje de ejecución del plan de capacitación","Porcentaje",null,{"v":1,"d":"100%"},null,"Division de Recursos Humanos"]
[null,{"$error":"#REF!"},{"$error":"#REF!"},{"$error":"#REF!"},{"$error":"#REF!"},"LE.3 - Fortalecimiento de la gestión y desarrollo de los recursos humanos","LE.3","Obj3.2 - Desarrollar condiciones y capacidades en los colaboradores del SNS para mejorar el desempeño institucional, ampliar el acceso y cobertura a los servicios integrales de salud ","Obj3.2","Personal trabaja bajo un clima de satisfacción, realización personal y sentido de pertenencia hacia la institución","3.2.2.1 Politica de recursos humanos (clima y seguridad laboral)","Porcentaje de ejecución del Plan de Mejora de la Encuesta de Clima Laboral","Porcentaje",null,{"v":0.95,"d":"95%"},null,"Division de Recursos Humanos"]
[null,{"$error":"#REF!"},{"$error":"#REF!"},{"$error":"#REF!"},{"$error":"#REF!"},"LE.3 - Fortalecimiento de la gestión y desarrollo de los recursos humanos","LE.3","Obj3.2 - Desarrollar condiciones y capacidades en los colaboradores del SNS para mejorar el desempeño institucional, ampliar el acceso y cobertura a los servicios integrales de salud ","Obj3.2","Desarrollados e implementados los aspectos de gestión relacionados con seguridad y salud en el trabajo ","3.2.3.1 Ejecución del Plan de Seguridad y Salud ocupacional","Porcentaje de ejecución del Plan de Seguridad y Salud ocupacional","Porcentaje",null,{"v":0.8,"d":"80%"},null,"Division de Recursos Humanos"]
[null,{"$error":"#REF!"},{"$error":"#REF!"},{"$error":"#REF!"},{"$error":"#REF!"},"LE.4 - Fortalecimiento Institucional","LE.4","Obj4.1 - Asegurar la calidad y efectividad de la gestión institucional del SNS a través de la implementación de un conjunto de intervenciones de gestión del cambio","Obj4.1","Fortalecida la capacidad institucional mediante la optimización de los procesos, empoderamiento del talento humano, articulación interna, tecnologías de la información y la comunicación, la infraestructura física con el fin de mejorar la oferta institucional a la población en términos de calidad y eficiencia","4.1.1.1 Implementación del Programa de Auditoría Calidad del Dato","Porcentaje de ejecución del programa de auditorías","Porcentaje",null,{"v":1,"d":"100%"},null,"Gestion de la Informacion "]
[null,"","","","",null,"",null,"",null,"4.1.1.2 Implementación del modelo de gestión y de monitoreo de la Calidad Institucional","Porcentaje de cumplimiento indicador tiempo de respuesta CCC en EES SRS","Porcentaje",null,{"v":1,"d":"100%"},null,"Division de Planificacion y Desarrollo (Calidad Institucional)"]
[null,"","","","",null,"",null,"",null,null,"Porcentaje de cumplimiento indicador amigabilidad de la plataforma CCC en EES SRS","Porcentaje",null,{"v":0.9,"d":"90%"},null,"Division de Planificacion y Desarrollo (Calidad Institucional)"]
[null,"","","","",null,"",null,"",null,null,"Porcentaje de implementación planes de mejora CAF en el SRS","Porcentaje",null,{"v":1,"d":"100%"},null,"Division de Planificacion y Desarrollo (Calidad Institucional)"]
[null,"","","","",null,"",null,"",null,"4.1.1.3 Fortalecimiento del sistema de información de la Red","Porcentaje de informes estadísticos generados en los tiempos establecidos","Porcentaje",null,{"v":1,"d":"100%"},null,"Gestion de la Informacion "]
[null,"","","","",null,"",null,"",null,"4.1.1.4 Fortalecimiento de la Planificación Institucional","Porcentaje de planes formulados en tiempo oportuno","Porcentaje",null,{"v":1,"d":"100%"},null,"Division de Planificacion y Desarrollo "]
[null,"","","","",null,"",null,"",null,"4.1.1.5 Despliegue del Sistema de Monitoreo y Evaluación de la Gestión","Porcentaje de cumplimiento general del POA SRS","Porcentaje",null,{"v":0.95,"d":"95%"},null,"Division de Planificacion y Desarrollo "]
[null,"","","","",null,"",null,"",null,null,"Porcentaje de dependencias SRS con un cumplimiento del POA mayor a 85%","Porcentaje",null,{"v":0.9,"d":"90%"},null,"Division de Planificacion y Desarrollo "]
[null,"","","","",null,"",null,"",null,null,"Porcentaje de cumplimiento SISMAP Salud","Porcentaje",null,{"v":0.85,"d":"85%"},null,"Division de Planificacion y Desarrollo \nDivisión Centros Hospitalarios"]
[null,"","","","",null,"",null,"",null,"4.1.1.6 Fortalecimiento de la infraestructura tecnológica de la Red ","Porcentaje de ejecución del plan de fortalecimiento de infraestructura tecnológica del SRS","Porcentaje",null,{"v":0.85,"d":"85%"},null,"Tecnologia"]
[null,"","","","",null,"",null,"",null,"4.1.1.7 Despliegue nueva estructura hospitalaria por nivel de complejidad","Nivel de implementación estructura organizativa hospitalaria","Porcentaje",null,{"v":1,"d":"100%"},null,"Division de Planificacion y Desarrollo "]
[null,"","","","",null,"",null,"",null,"4.1.1.8 Implementación del Programa de Seguridad Física de los establecimientos de la Red","Nivel de implementación del Programa de Seguridad Física","Porcentaje",null,{"v":0.8,"d":"80%"},null,"Division de Centros Hospitalrios"]
[null,"","","","",null,"",null,"",null,"4.1.1.9 Sistema de gestión de aprovisionamiento y suministro","Porcentaje de respuesta a los solicitudes de las áreas requirientes","Porcentaje",null,{"v":0.9,"d":"90%"},null,"Seccion Adminstrativa"]
[null,"","","","",null,"",null,"",null,"4.1.1.10 Implementación del Plan de mantenimiento preventivo de equipos e infraestructura física","Porcentaje de implementación del Plan de mantenimiento preventivo de equipos e infraestructura física","Porcentaje",null,{"v":0.9,"d":"90%"},null,"Division de Infraestructura y hosteleria"]
[null,{"$error":"#REF!"},{"$error":"#REF!"},{"$error":"#REF!"},{"$error":"#REF!"},"LE.4 - Fortalecimiento Institucional","LE.4","Obj4.1 - Asegurar la calidad y efectividad de la gestión institucional del SNS a través de la implementación de un conjunto de intervenciones de gestión del cambio","Obj4.1","Mejorada la sostenibilidad financiera de la Red SNS mediante el control de gastos, saneamiento de las deudas e incremento de las distintas fuentes de financiamiento con el fin de garantizar la prestación de servicios en salud con oportunidad y eficiencia","4.1.2.1 Fortalecimiento de la Gestión Finaciera de la Red ","Porcentaje de EES SRS que reportan estados financieros","Porcentaje",null,{"v":1,"d":"100%"},null,"División Administrativa-Financiera"]
[null,"","","","",null,"",null,"",null,null,"Porcentaje de ejecución presupuestaria","Porcentaje ",null,{"v":0.95,"d":"95%"},null,"División Administrativa-Financiera"]
[null,"","","","",null,"",null,"",null,"4.1.2.2 Implementación Normas Básicas de Control Interno en la Red ","Nivel de implementacion NOBACI en la Red SNS (SRS y hospitales regionales)","Porcentaje ",null,{"v":0.85,"d":"85%"},null,"División Administrativa-Financiera"]
[null,"","","","",null,"",null,"",null,"4.1.2.3 Fortalecimiento de la gestión de facturación de la Red hospitalaria","Promedio de Glosa Red SNS","Porcentaje ",null,{"v":0.05,"d":"5%"},null,"División Administrativa-Financiera"]
[null,"","","","",null,"",null,"",null,null,"Porcentaje de incremento facturación Red SNS","Porcentaje ",null,{"v":0.1,"d":"10%"},null,"División Administrativa-Financiera"]
[null,"","","","",null,"",null,"",null,"4.1.2.4 Implementación del Sistema de Administración de Bienes","Porcentaje de establecimientos de la Red con inventarios actualizados","Porcentaje ",null,{"v":0.9,"d":"90%"},null,"División Administrativa-Financiera"]
[null,"","","","",null,"",null,"",null,"4.1.2.5 Fortalecimiento de los procesos de compra en tiempo oportuno","Promedio de cumplimiento de los indicadores de la gestión de compra gubernamental, provisto por la DGCP","Porcentaje ",null,{"v":0.95,"d":"95%"},null,"División Administrativa-Financiera"]
[null,"","","","",null,"",null,"",null,"4.1.2.6 Implementación del Sistema de Manejo y Control Interno","Porcentaje de ejecución del monitoreo de la deuda y nómina interna de los hospitales","Porcentaje ",null,{"v":1,"d":"100%"},null,"División Administrativa-Financiera"]
[null,"","","","",null,"",null,"",null,null,"Porcentaje de oportunidad liquidación de fondos de la Red SNS","Porcentaje ",null,{"v":1,"d":"100%"},null,"División Administrativa-Financiera"]
[null,{"$error":"#REF!"},{"$error":"#REF!"},{"$error":"#REF!"},{"$error":"#REF!"},"LE.4 - Fortalecimiento Institucional","LE.4","Obj4.1 - Asegurar la calidad y efectividad de la gestión institucional del SNS a través de la implementación de un conjunto de intervenciones de gestión del cambio","Obj4.1","Aumentar la conexión del SNS con los medios informativos y la población, manteniendo con ellos una comunicación ágil, fluida y de calidad; que nos permita satisfacer con rapidez las peticiones y necesidades de información sobre la institución y los servicios ofrecidos","4.1.3.1 Estandarización de los Sub-portales de Trasparencia de la Red ","Porcentaje de actualización del Portal de Transparencia del SRS en tiempo oportuno ","Porcentaje ",null,{"v":1,"d":"100%"},null,"OAI"]
[null,"","","","",null,"",null,"",null,null,"Porcentaje de actualización del Portal de Transparencia de los EES del SRS en tiempo oportuno ","Porcentaje ",null,{"v":1,"d":"100%"},null,"OAI",28]
[null,"","","","",{"$nulls":3},"",null,"4.1.3.2 Despliegue del Plan de Comunicación Interna y Externa de la Red SNS","Porcentaje de implementación del Plan de Comunicación Interna y Externa","Porcentaje ",null,{"v":1,"d":"100%"},null,"Comunicaciones"]
[null,"",{"$error":"#VALUE!"},{"$error":"#VALUE!"},{"$error":"#VALUE!"},null,"",null,""]
[null,"",{"$error":"#VALUE!"},{"$error":"#VALUE!"},{"$error":"#VALUE!"},null,"",null,""]

{"sheet":"Formulario PPGR2","index":2,"n_rows":176,"n_cols":26,"rows_kept":176,"flags":["formulas_cached_only"]}
[]
[{"$nulls":7},"Servicio Nacional de Salud"]
[{"$nulls":7},"Dirección de Planificación y Desarrollo",{"$nulls":17},"Ls_DepartamentosSRS"]
[{"$nulls":7},"Plan Operativo Anual "]
[{"$nulls":7},"Identificación de actividades"]
[{"$nulls":7},"Servicio Nacional de Salud"]
[]
[null,"ID_Dependendencia","POA","SRS","AREA","TIPO","Productos ","Código","Actividades Programables Presupuestables","Ene","Feb","Mar","Abr","May","Jun","Jul","Ago","Sep","Oct","Nov","Dic","Total de Acciones ","Medio de Verificación 1","Medio de Verificación 2","Medio de Verificación 3","Responsable "]
[null,"","","","","","1.1.1.1.Fortalecimiento a la Gestion de Suministro y Abastecimiento de medicamentos","SRSI 1.1.1.1.01","Sesiones de trabajo Programación individual de Medicamentos, Insumos y Reactivos de Laboratorio para el 2022",null,null,1,{"$nulls":9},1,"Listado de participación","Matriz primaria de Programación completa",null,"División de Abastecimiento y Medicamentos"]
[null,"","","","","","1.1.1.1.Fortalecimiento a la Gestion de Suministro y Abastecimiento de medicamentos","SRSI 1.1.1.1.02","Taller regional de consolidación y validación de la Programación de Medicamentos e Insumos para el 2022.",{"$nulls":3},1,{"$nulls":8},1,"Listado de participación","Registro Digital",null,"División de Abastecimiento y Medicamentos"]
[null,"","","","","","1.1.1.1.Fortalecimiento a la Gestion de Suministro y Abastecimiento de medicamentos","SRSI 1.1.1.1.03","Supervisión del cumplimiento de los procedimientos operativos del SUGEMI",null,null,1,null,null,1,null,null,1,null,null,1,4,"Informe","Listado de participación",null,"División de Abastecimiento y Medicamentos"]
[null,"","","","","","1.1.1.1.Fortalecimiento a la Gestion de Suministro y Abastecimiento de medicamentos","SRSI 1.1.1.1.04","Conformación y/o Reactivacion del Comité de Farmacia y Terapeutica-CFT ",null,1,{"$nulls":10},1,"Acta constitución",null,null,"División de Abastecimiento y Medicamentos"]
[null,"","","","","","1.1.1.1.Fortalecimiento a la Gestion de Suministro y Abastecimiento de medicamentos","SRSI 1.1.1.1.05","Capacitación en los Procedimientos Operativos del SUGEMI a los CPN",{"$nulls":4},1,{"$nulls":7},1,"Listado de participación","Agenda",null,"División de Abastecimiento y Medicamentos"]
[null,"","","","","","1.1.1.1.Fortalecimiento a la Gestion de Suministro y Abastecimiento de medicamentos","SRSI 1.1.1.1.06","Capacitación en el manual de almacen del SUGEMI al equipo regional.",{"$nulls":6},1,{"$nulls":5},1,"Listado de participación","Agenda",null,"División de Abastecimiento y Medicamentos"]
[null,"","","","","","1.1.1.1.Fortalecimiento a la Gestion de Suministro y Abastecimiento de medicamentos","SRSI 1.1.1.1.07","Elaboración del Boletin Regional trimestral del SUGEMI",1,null,null,1,null,null,1,null,null,1,null,null,4,"Boletin ",null,null,"División de Abastecimiento y Medicamentos"]
[null,"","","","","","1.1.1.1.Fortalecimiento a la Gestion de Suministro y Abastecimiento de medicamentos","SRSI 1.1.1.1.08","Reunión  equipo tecnico  de la URGM para el analisis de datos reflejados en el Boletin ",1,null,null,1,null,null,1,null,null,1,null,null,4,"Listado de participación","Minuta",null,"División de Abastecimiento y Medicamentos"]
[null,"","","","","","1.1.1.1.Fortalecimiento a la Gestion de Suministro y Abastecimiento de medicamentos","SRSI 1.1.1.1.09","Reporte mensual de lo recibido por PROMESE-CAL Vs lo solicitado y por compra administrativa de los CEAS y SRS",null,null,1,null,null,1,null,null,1,null,null,1,4,"Reporte",null,null,"División de Abastecimiento y Medicamentos"]
[null,"","","","","","1.1.1.1.Fortalecimiento a la Gestion de Suministro y Abastecimiento de medicamentos","SRSI 1.1.1.1.10","Capacitación en el llenado de la tarjetas de control de existencia y SUGEMI 1 de programas para los Establecimientos con servicio de Atencion Integral",null,1,{"$nulls":10},1,"Listado de participación","Agenda",null,"División de Abastecimiento y Medicamentos"]
[null,"","","","","","1.1.1.2 Fortalecimiento de la provisión de servicios de apoyo diagnóstico","SRSI 1.1.1.2.01","Levantamiento de requerimiento minimo de los servicios diagnósticos para puesta en funcionamiento de servicios 24 horas",null,1,{"$nulls":10},1,"Reporte",null,null,"Servicios Diagnósticos y Sangre"]
[null,"","","","","","1.1.1.2 Fortalecimiento de la provisión de servicios de apoyo diagnóstico","SRSI 1.1.1.2.02","Supervisión del apego a las normativas de los servicios diagnósticos",null,null,4,null,null,4,null,null,4,null,null,4,16,"Informe","Listado de participación",null,"Servicios Diagnósticos y Sangre"]
[null,"","","","","","1.1.1.2 Fortalecimiento de la provisión de servicios de apoyo diagnóstico","SRSI 1.1.1.2.03","Supervisión a la adecuacióna de la prestación de servicios diagnosticos y de laboratorio y servicios  ofertados 24 h",null,null,4,null,null,4,null,null,4,null,null,4,16,"Informe","Listado de participación",null,"Servicios Diagnósticos y Sangre"]
[null,"","","","","","1.1.1.2 Fortalecimiento de la provisión de servicios de apoyo diagnóstico","SRSI 1.1.1.2.04","Supervisión  a la prestación de los servicios de toma de muestras para pruebas especiales de VIH (CD4, CV y ADN-PCR) ",null,null,3,null,null,3,null,null,3,null,null,3,12,"Informe","Listado de participación",null,"Servicios Diagnósticos y Sangre"]
[null,"","","","","","1.1.1.2 Fortalecimiento de la provisión de servicios de apoyo diagnóstico","SRSI 1.1.1.2.05","Seguimiento a la conformación o actualización de clubes de donantes",null,null,1,{"$nulls":5},1,{"$nulls":3},2,"Informe","Listado de participación",null,"Servicios Diagnósticos y Sangre"]
[null,"","","","","","1.1.1.2 Fortalecimiento de la provisión de servicios de apoyo diagnóstico","SRSI 1.1.1.2.06","Jornadas voluntarias de donación de sangre",null,null,1,{"$nulls":6},1,null,null,2,"Reporte",null,null,"Servicios Diagnósticos y Sangre"]
[null,"","","","","","1.1.1.3 Fortalecimiento de la provisión de servicios odontológicos ","SRSI 1.1.1.3.01","Levantamiento de requerimiento minimo del servicios de odontologia para su habiitación",null,1,{"$nulls":10},1,"Reporte",null,null,"División Gestión Clínica/odontologia"]
[null,"","","","","","1.1.1.3 Fortalecimiento de la provisión de servicios odontológicos ","SRSI 1.1.1.3.02","Supervisión del apego a las normativas de los servicios odontológicos ",null,null,1,null,null,1,null,null,1,null,null,1,4,"Listado de participación","Informe","Formulario de supervisión","División Gestión Clínica/odontologia"]
[null,"","","","","","1.1.1.3 Fortalecimiento de la provisión de servicios odontológicos ","SRSI 1.1.1.3.03","Mantenimiento de las unidades de odontologías",null,1,null,1,null,1,null,1,null,1,null,1,6,"Reporte",null,null,"División Gestión Clínica/odontologia"]
[null,"","","","","","1.1.1.4 Fortalecimiento de los servicios Hospitalarios","SRSI 1.1.1.4.01","Implementación de la Metodología de la Gestión Productiva",null,1,{"$nulls":10},1,"Informe","Listado de participación",null,"División Centros Hospitalarios"]
[null,"","","","","","1.1.1.4 Fortalecimiento de los servicios Hospitalarios","SRSI 1.1.1.4.02","Capacitación en la MGP a los CEAS de influencia ",{"$nulls":4},1,{"$nulls":3},1,null,null,1,3,"Listados de participantes",null,null,"División Centros Hospitalarios"]
[null,"","","","","","1.1.1.5 Ruta Comunitaria en Salud","SRSI 1.1.1.5 .01","Seguimiento a la implementación de Ruta Comunitaria en Salud",null,null,1,null,null,1,null,null,1,null,null,1,4,"Reporte",null,null,"División Centros Hospitalarios"]
[null,"","","","","","1.1.1.6 Despliegue de la Cartera de Servicios de Salud en la Red SNS","SRSI 1.1.1.6 .01","Seguimiento a la actualización dinámica de la cartera de servicios",null,null,1,null,null,1,null,null,1,null,null,1,4,"Reporte",null,null,"División Gestión Clínica"]
[null,"","","","","","1.1.2.1 Incremento cobertura registro oportuno de nacimientos","SRSI 1.1.2.1 .01","Seguimiento al reporte oportuno de nacidos vivos en los hospitales de la Red",null,null,1,null,null,1,null,null,1,null,null,1,4,"Informe","Registro Digital",null,"Gestión de la Información"]
[null,"","","","","","1.1.2.2 Provisión de servicios Salud Materno, Neonatal y Adolescente","SRSI 1.1.2.2 .01","Supervisión de la captaciòn y seguimiento de  la atención en menores de  niños 5 años según guias y protocolos",null,null,1,null,null,1,null,null,1,null,null,1,4,"Informe","Listado de participación",null,"División Primer Nivel de Atención"]
[null,"","","","","","1.1.2.2 Provisión de servicios Salud Materno, Neonatal y Adolescente","SRSI 1.1.2.2 .02","Supervisión periodica al cumplimiento de los cambios requeridos según informes de monitoreo de los protocolos Materno y Neonatal asociados a morbilidad ",null,null,1,null,null,1,null,null,1,null,null,1,4,"Informe","Listado de participación",null,"División de Calidad de los Servicios y Gestión de Usuarios"]
[null,"","","","","","1.1.2.2 Provisión de servicios Salud Materno, Neonatal y Adolescente","SRSI 1.1.2.2 .03","Seguimiento  de la conformación de la Unidad de Género en Salud ",null,null,1,{"$nulls":5},1,{"$nulls":3},2,"Reporte","Listado de participación",null,"División Gestión Clínica/politica de genero"]
[null,"","","","","","1.1.2.2 Provisión de servicios Salud Materno, Neonatal y Adolescente","SRSI 1.1.2.2 .04","Supervisión periodica al cumplimiento de los cambios requeridos según informes de monitoreo de observacion de la practica clínica de los protocolos Materno y Neonatal ",null,null,1,null,null,1,null,null,1,null,null,1,4,"Informe","Listado de participación",null,"División de Calidad de los Servicios y Gestión de Usuarios"]
[null,"","","","","","1.1.2.2 Provisión de servicios Salud Materno, Neonatal y Adolescente","SRSI 1.1.2.2 .05","Seguimiento de la Sala de situación mortalidad materna y perinatal",1,1,1,1,1,1,1,1,1,1,1,1,12,"Reporte",null,null,"División Centros Hospitalarios/Gestor Materno"]
[null,"","","","","","1.1.2.2 Provisión de servicios Salud Materno, Neonatal y Adolescente","SRSI 1.1.2.2 .06","Coordinación de la implementación o seguimiento  de la estrategia Código Rojo en los EESS",null,null,1,null,null,1,null,null,1,null,null,1,4,"Reporte",null,null,"División Centros Hospitalarios/Gestor Materno."]
[null,"","","","","","1.1.2.2 Provisión de servicios Salud Materno, Neonatal y Adolescente","SRSI 1.1.2.2 .07","Seguimiento de la implementación de la Clínica de los Trastornos Hipertensivos del Embarazo",null,null,1,null,null,1,null,null,1,null,null,1,4,"Reporte","Listado de participación",null,"División Centros Hospitalarios/Gestor materno"]
[null,"","","","","","1.1.2.2 Provisión de servicios Salud Materno, Neonatal y Adolescente","SRSI 1.1.2.2 .08","Pesquizaje al diagnostico temprano de gestantes consumidoras de alcohol y drogas",null,null,1,null,null,1,null,null,1,null,null,1,4,"Reporte","Listado de participación",null,"División Centros Hospitalarios/ gestor materno "]
[null,"","","","","","1.1.2.2 Provisión de servicios Salud Materno, Neonatal y Adolescente","SRSI 1.1.2.2 .09","Supervisión a los CEAS sobre la implementación o seguimiento del SIP ",null,null,4,null,null,4,null,null,4,null,null,4,16,"Informe","Listado de participación",null,"División Centros Hospitalarios/Gestor Materno."]
[null,"","","","","","1.1.2.2 Provisión de servicios Salud Materno, Neonatal y Adolescente","SRSI 1.1.2.2 .10","Supervisión del Apego o adherencia a protocolos de los servicios perinatología y neonatal.",{"$nulls":3},1,{"$nulls":3},1,{"$nulls":3},1,3,"Informe","Listado de participación",null,"División Centros Hospitalarios/Gestor Materno.(pediatra)"]
[null,"","","","","","1.1.2.2 Provisión de servicios Salud Materno, Neonatal y Adolescente","SRSI 1.1.2.2 .11","Reunión de socialización del informe de mejoras de los hallazgos encontrados en las supervisiones  de la adherencia a protocolos de los servicios Materno Infantil, Perinatologia y neonatal ",null,null,1,null,null,1,null,null,1,null,null,1,4,"Listado de participación","Minuta",null,"División Centros Hospitalarios/Gestor materno"]
[null,"","","","","","1.1.2.2 Provisión de servicios Salud Materno, Neonatal y Adolescente","SRSI 1.1.2.2 .12","Supervision de la funcionalidad del programa del metodo canguro",null,null,1,null,null,1,null,null,1,null,null,1,4,"Informe","Listado de participación",null,"División Centros Hospitalarios/Gestor Materno."]
[null,"","","","","","1.1.2.2 Provisión de servicios Salud Materno, Neonatal y Adolescente","SRSI 1.1.2.2 .13","Capacitacion para la implementacion del metodo Madre Canguro en hospitales de segundo nivel de atencion",null,1,2,{"$nulls":9},3,"Listado de participación","Minuta",null,"División Centros Hospitalarios/Gestor Materno."]
[null,"","","","","","1.1.2.2 Provisión de servicios Salud Materno, Neonatal y Adolescente","SRSI 1.1.2.2 .14","Seguimiento a la ejecución del plan para la disminución de cesáreas primarias",null,null,1,null,null,1,null,null,1,{"$nulls":3},3,"Informe","Listado de participación",null,"División Centros Hospitalarios/Gestor Materno."]
[null,"","","","","","1.1.2.2 Provisión de servicios Salud Materno, Neonatal y Adolescente","SRSI 1.1.2.2 .15","Seguimiento y expansión de la Red de Reanimación Neonatal Avanzada",null,null,1,null,null,1,null,null,1,null,null,1,4,"Informe","Listado de participación",null,"División Centros Hospitalarios/ Gestor materno (pediatra)"]
[null,"","","","","","1.1.2.2 Provisión de servicios Salud Materno, Neonatal y Adolescente","SRSI 1.1.2.2 .16","Seguimiento de vigilancia nutricional y estimulación temprana en CEAS",{"$nulls":4},1,{"$nulls":4},1,null,null,2,"Inforne","Listado de participación",null,"División Centros Hospitalarios/ Nutricion  "]
[null,"","","","","","1.1.2.2 Provisión de servicios Salud Materno, Neonatal y Adolescente","SRSI 1.1.2.2 .17","Monitoreo en acciones de promoción de la lactancia materna.",null,null,1,null,null,1,{"$nulls":3},1,null,null,3,"Informe","Listado de participación",null,"Departamento Servicios de Salud/Gestor Materno"]
[null,"","","","","","1.1.2.3 Provisión de servicios de salud sexual y reproductiva en la Red SNS","SRSI 1.1.2.3 .01","Capacitación a proveedores sobre promoción, consejería y anticoncepción postevento obstétrico, metodos anticonceptivos de largo plazo y de emergencia",null,null,1,null,null,1,null,null,1,null,null,1,4,"Listado de Participacion","Agenda",null,"Departamento Servicios de Salud/Planificacion familiar"]
[null,"","","","","","1.1.2.3 Provisión de servicios de salud sexual y reproductiva en la Red SNS","SRSI 1.1.2.3 .02","Monitoreo en los servicios en la entrega y colocacion intrauterina de metodos anticonceptivos en adolecentes y mujeres con riesgos en el embarazo",null,null,1,null,null,1,null,null,1,null,null,1,4,"Informe","Listado de Participacion",null,"Departamento Servicios de Salud/Planificacion familiar"]
[null,"","","","","","1.1.2.3 Provisión de servicios de salud sexual y reproductiva en la Red SNS","SRSI 1.1.2.3 .03","Conformación de circulos de Adolescentes en la comunidad",null,1,{"$nulls":10},1,"Acta constitución",null,null,"Coordinadores de Zona"]
[null,"","","","","","1.1.3.1 Circulos Comunitarios de Salud","SRSI 1.1.3.1 .01","Monitoreo y evaluación de la estrategia de Adulto Mayor en el Primer Nivel ",null,null,1,null,null,1,null,null,1,null,null,1,4,"Informe","Listado de Participacion",null,"División Primer Nivel de Atención"]
[null,"","","","","","1.1.3.1 Circulos Comunitarios de Salud","SRSI 1.1.3.1 .02","Seguimiento a la incorporaciòn de usuarios a los Circulos Comunitarios",null,null,1,null,null,1,null,null,1,null,null,1,4,"Informe","Listado de Participacion",null,"División Primer Nivel de Atención"]
[null,"","","","","","1.1.3.2 Despliegue de Implementación de la Estrategia Hearts en el primer nivel de atención","SRSI 1.1.3.2 .01","Seguimiento de la implementación de la Estrategia Hearts en el Primer Nivel de Atención",null,1,{"$nulls":3},1,{"$nulls":6},2,"Informe","Listado de Participacion",null,"División Primer Nivel de Atención"]
[null,"","","","","","1.1.3.2 Despliegue de Implementación de la Estrategia Hearts en el primer nivel de atención","SRSI 1.1.3.2 .02","Reunión tecnica con el comité Gestor Regional Hearts para analisis y definir mejoras según hallazgos de supervisiones.",{"$nulls":3},1,{"$nulls":3},1,{"$nulls":3},1,3,"Listado de participación","Minuta",null,"División Primer Nivel de Atención"]
[null,"","","","","","1.1.3.3 Fortalecimiento de los servicios de  Salud Mental en la Red","SRSI 1.1.3.3 .01","Talleres de capacitación salud mental",null,null,1,{"$nulls":3},1,{"$nulls":5},2,"Listado de participación","Agenda",null,"Departamento Servicios de Salud"]
[null,"","","","","","1.1.3.3 Fortalecimiento de los servicios de  Salud Mental en la Red","SRSI 1.1.3.3 .02","Seguimiento a la implementación de la estrategia de salud mental comunitaria",null,null,1,null,null,1,null,null,1,null,null,1,4,"Informe","Listado de participación",null,"Departamento Servicios de Salud"]
[null,"","","","","","1.1.4.1Fortalecidos la provisión de servicios de salud para la atención a la Malaria en la Red de Establecimientos","SRS1 1.1.4.1.01","Mesas Tecnicas de seguimiento al diagnostico y tratamiento de la Malaria",null,null,1,null,null,1,null,null,1,null,null,1,4,"Listado de Participacion","Minuta",null,"División Primer Nivel de Atención/Malaria"]
[{"$nulls":6},"1.1.4.1Fortalecidos la provisión de servicios de salud para la atención a la Malaria en la Red de Establecimientos","SRS1 1.1.4.1.02","Supervisión de la Implementación del plan de fortalecimiento de los sevicios de Malaria en la Red de Establecimiento según guia clinica",null,null,1,null,null,1,null,null,1,null,null,1,4,"Informe","Listado de Participacion",null,"División Primer Nivel de Atención/Malaria"]
[null,"","","","","","1.1.4.1Fortalecidos la provisión de servicios de salud para la atención a la Malaria en la Red de Establecimientos","SRS1 1.1.4.1.03","Supervisión periodica al cumplimiento de los cambios requeridos según informes de monitoreo protocolo dengue, malaria y leptospira.",null,null,1,null,null,1,null,null,1,null,null,1,4,"Informe","Listado de Participacion",null,"División de Calidad de los Servicios y Gestión de Usuarios"]
[null,"","","","","","1.1.4.2Fortalecidos los Servicios de Atención Integral (SAIs) para el VIH-SIDA en todos sus componentes ","SRS1 1.1.4.2.01","Visitas de Supervisión de los Servicios de Atencion Integral (SAI) para verificar cumplimiento de la Meta 90-90-90",null,null,1,null,null,1,null,null,1,null,null,1,4,"Informe","Listado de Participacion",null,"División Gestión Clínica/VIH"]
[null,"","","","","","1.1.4.2Fortalecidos los Servicios de Atención Integral (SAIs) para el VIH-SIDA en todos sus componentes ","SRS1 1.1.4.2.02","Monitoreo a indicadores de los Servicios de VIH y coinfección VIH/TB",null,null,1,null,null,1,null,null,1,null,null,1,4,"Informe","Listado de Participacion",null,"División Gestión Clínica/VIH"]
[null,"","","","","","1.1.4.2Fortalecidos los Servicios de Atención Integral (SAIs) para el VIH-SIDA en todos sus componentes ","SRS1 1.1.4.2.03","Mesas de trabajo para seguimiento plan de mejora de acuerdo a los hallazgos encontrados durante las visitas de Supervision",null,null,1,null,null,1,null,null,1,null,null,1,4,"Listado de participación","Minuta",null,"División Gestión Clínica/VIH"]
[null,"","","","","","1.1.4.2Fortalecidos los Servicios de Atención Integral (SAIs) para el VIH-SIDA en todos sus componentes ","SRS1 1.1.4.2.04","Monitoreo al tratamiento ARV en gestantes VIH+",null,null,1,null,null,1,null,null,1,null,null,1,4,"Informe","Listado de participación",null,"División Gestión Clínica/VIH"]
[null,"","","","","","1.1.4.2Fortalecidos los Servicios de Atención Integral (SAIs) para el VIH-SIDA en todos sus componentes ","SRS1 1.1.4.2.05","Auditoria del FAPPS",null,null,1,null,null,1,null,null,1,null,null,1,4,"Informe","Listado de participación",null,"División Gestión Clínica/VIH"]
[null,"","","","","","1.1.4.3 Fortalecimiento de atención ante la Tuberculosis enfocado al cumplimiento de las Metas para la Detección, Diagnostico y Tratamiento (DDT) ","SRSI 1.1.4.3.01","Visitas de Supervision a los EESS que cuentan con los servicios de TB para el fortalecimiento del seguimiento deteccion, diagnostico y tratamiento",null,null,1,null,null,1,null,null,1,null,null,1,4,"Informes","Listado de participación",null,"División Gestión Clínica/TB"]
[null,"","","","","","1.1.4.3 Fortalecimiento de atención ante la Tuberculosis enfocado al cumplimiento de las Metas para la Detección, Diagnostico y Tratamiento (DDT) ","SRSI 1.1.4.3.02","Seguimiento captación a población sintomaticos respiratorios",null,null,1,null,null,1,null,null,1,null,null,1,4,"Reporte",null,null,"División Gestión Clínica/TB"]
[null,"","","","","","1.1.4.3 Fortalecimiento de atención ante la Tuberculosis enfocado al cumplimiento de las Metas para la Detección, Diagnostico y Tratamiento (DDT) ","SRSI 1.1.4.3.03","Auditoria en la Calidad del dato al Sistema de Información SI-TB",null,null,1,null,null,1,null,null,1,null,null,1,4,"Informe","Listado de participación",null,"División Gestión Clínica/TB"]
[null,"","","","","","1.1.4.3 Fortalecimiento de atención ante la Tuberculosis enfocado al cumplimiento de las Metas para la Detección, Diagnostico y Tratamiento (DDT) ","SRSI 1.1.4.3.04","Mesas de trabajo para implementar plan de mejora de acuerdo a los hallazgos encontrados durante las visitas de Supervisión y monitoreo TB",null,null,1,null,null,1,null,null,1,null,null,1,4,"Informes","Listado de participación",null,"División Gestión Clínica/TB"]
[null,"","","","","","1.1.5.1 Fortalecimiento  los servicios de emergencias apoyo ante desastres en la red.","SRSI 1.1.5.1 .01","Supervisión a la Implementación del Plan de mejora del Indice de seguridad hospitalario comites de emergencias Regionales ",null,null,1,null,null,1,null,null,1,null,null,1,4,"Informe","Listado de participación",null,"División Emergencias Médicas"]
[null,"","","","","","1.1.5.1 Fortalecimiento  los servicios de emergencias apoyo ante desastres en la red.","SRSI 1.1.5.1 .02","Supervisión del Seguimiento a la  Elaboración Planes de Emergencias y Desastres Hospitalarios",null,null,1,null,null,1,null,null,1,null,null,1,4,"Informe","Listado de participación",null,"División Emergencias Médicas"]
[null,"","","","","","1.1.5.1 Fortalecimiento  los servicios de emergencias apoyo ante desastres en la red.","SRSI 1.1.5.1 .03","Supervisión y Seguimiento a la funcionabilidad  de los  Planes de  Emergencias y Desastres Hospitalarios a traves de los simulacros.",{"$nulls":3},1,null,null,1,null,null,1,null,null,3,"Informe","Listado de participación",null,"División Emergencias Médicas"]
[null,"","","","","","1.1.5.2 Fortalecimiento de la red de  emergencias de forma organizada, eficiente y de calidad","SRSI 1.1.5.2.01","Coordinación de la Implementación del Modelo Integrado de Atención de Emergencias y Urgencias",null,null,1,{"$nulls":9},1,"Listado de participación","Minuta",null,"División Emergencias Médicas"]
[null,"","","","","","1.1.5.2 Fortalecimiento de la red de  emergencias de forma organizada, eficiente y de calidad","SRSI 1.1.5.2.02","Coordinación Implementación de RAC-Triaje en sala de emergencias ",{"$nulls":3},1,null,null,1,null,null,1,null,null,3,"Listado de participación","Minuta",null,"División Emergencias Médicas"]
[null,"","","","","","1.1.5.2 Fortalecimiento de la red de  emergencias de forma organizada, eficiente y de calidad","SRSI 1.1.5.2.03","Supervisión de la capacitación de salud del Soporte Vital Basico y Soporte Vital Avanzado ",{"$nulls":4},1,{"$nulls":3},1,{"$nulls":3},2,"Listado de Participantes","Informe",null,"División Emergencias Médicas"]
[null,"","","","","","1.1.5.2 Fortalecimiento de la red de  emergencias de forma organizada, eficiente y de calidad","SRSI 1.1.5.2.04","Supervisión de la Capacitación del personal de las Ambulancias en los manuales asistenciales, Soporte vital Básico y soporte Vital Avanzado",{"$nulls":4},1,{"$nulls":3},1,{"$nulls":3},2,"Listados de Participantes","Informe",null,"División Emergencias Médicas"]
[null,"","","","","","1.1.5.2 Fortalecimiento de la red de  emergencias de forma organizada, eficiente y de calidad","SRSI 1.1.5.2.05","Visitas de Coordinación y de supervisión de la sala de emergencias  (carro de paro)",null,null,1,null,null,1,null,null,1,null,null,1,4,"Informe","Lista de chequeo carro de paro",null,"División Emergencias Médicas"]
[null,"","","","","","1.1.5.3 Fortalecimiento de los servicios de urgencia y emergencias cumpliendo criterios de calidad y coordinación.","SRSI 1.1.5.3.01","Coordinación del Procedimiento de Traslado Inter-hospitalario de Pacientes Emergentes y Urgentes",{"$nulls":3},1,{"$nulls":8},1,"Reporte","Listado de participación",null,"División Emergencias Médicas"]
[null,"","","","","","1.1.5.3 Fortalecimiento de los servicios de urgencia y emergencias cumpliendo criterios de calidad y coordinación.","SRSI 1.1.5.3.02","Coordinación de simulacros de la Red asistencial",{"$nulls":6},1,{"$nulls":5},1,"Reporte","Listado de participación",null,"División Emergencias Médicas"]
[null,"","","","","","1.1.5.3 Fortalecimiento de los servicios de urgencia y emergencias cumpliendo criterios de calidad y coordinación.","SRSI 1.1.5.3.03","Coordinación de preparacion Operativo  feriado Navidad y Año Nuevo ",{"$nulls":10},1,1,2,"Reporte","Listado de participación",null,"División Emergencias Médicas"]
[null,"","","","","","1.1.5.3 Fortalecimiento de los servicios de urgencia y emergencias cumpliendo criterios de calidad y coordinación.","SRSI 1.1.5.3.04","Coordinación de preparacion Operativo  Semana Santa ",null,null,1,1,{"$nulls":8},2,"Reporte","Listado de participación",null,"División Emergencias Médicas"]
[null,"","","","","","1.1.5.3 Fortalecimiento de los servicios de urgencia y emergencias cumpliendo criterios de calidad y coordinación.","SRSI 1.1.5.3.05","Coordinación de preparacion Operativo  Patronales y Festividades locales ",{"$nulls":6},1,{"$nulls":4},1,2,"Reporte","Listado de participación",null,"División Emergencias Médicas"]
[null,"","","","","","1.1.5.3 Fortalecimiento de los servicios de urgencia y emergencias cumpliendo criterios de calidad y coordinación.","SRSI 1.1.5.3.06","Coordinación  Preparativos y Respuesta a Temporada Ciclónica y Eventos de Salud Publica consecuentes",null,null,1,1,{"$nulls":8},2,"Reporte","Listado de participación",null,"División Emergencias Médicas"]
[null,"","","","","","1.1.5.3 Fortalecimiento de los servicios de urgencia y emergencias cumpliendo criterios de calidad y coordinación.","SRSI 1.1.5.3.07","Coordinación  Plan de Preparación y Respuesta a Brotes Epidemiologicos",null,null,1,{"$nulls":4},1,{"$nulls":4},2,"Reporte","Listado de participación",null,"División Emergencias Médicas"]
[null,"","","","","","1.1.6.1 Fortalecimiento de la gestión de usuarios para la adhesión a la cultura de servicios","SRSI 1.1.6.1.01","Supervisión  a la implementaciòn de la cartera de servicios en la UNAP",null,null,1,null,null,1,null,null,1,null,null,1,4,"Informes","Listado de participación",null,"División de Calidad de los Servicios y Gestión de Usuarios"]
[null,"","","","","","1.1.6.1 Fortalecimiento de la gestión de usuarios para la adhesión a la cultura de servicios","SRSI 1.1.6.1.02","Visitas de acompañamiento a los EESS sobre el  cumplimiento de los procesos de gestión de usuarios (afiches de deberes y derechos, cartera de servicios, señalización interna).",null,null,1,null,null,1,null,null,1,null,null,1,4,"Informes","Listado de participación",null,"División de Calidad de los Servicios y Gestión de Usuarios"]
[null,"","","","","","1.1.6.1 Fortalecimiento de la gestión de usuarios para la adhesión a la cultura de servicios","SRSI 1.1.6.1.03","Seguimiento al programa de gestión de citas en la sincerizacion de las agendas medicas  en los hospitales",null,null,1,null,null,1,null,null,1,null,null,1,4,"Informes","Listado de participación",null,"División de Calidad de los Servicios y Gestión de Usuarios"]
[null,"","","","","","1.1.6.1 Fortalecimiento de la gestión de usuarios para la adhesión a la cultura de servicios","SRSI 1.1.6.1.04","Aplicaciòn de encuestra de satisfacción de usuarios",null,null,1,{"$nulls":5},1,{"$nulls":3},2,"Registro Digital",null,null,"División de Calidad de los Servicios y Gestión de Usuarios"]
[null,"","","","","","1.1.6.1 Fortalecimiento de la gestión de usuarios para la adhesión a la cultura de servicios","SRSI 1.1.6.1.05","Elaboraciòn del Plan de mejora acorde al resultado obtenido de la encuesta de satisfacción",{"$nulls":3},1,{"$nulls":5},1,null,null,2,"Plan",null,null,"División de Calidad de los Servicios y Gestión de Usuarios"]
[null,"","","","","","1.1.6.1 Fortalecimiento de la gestión de usuarios para la adhesión a la cultura de servicios","SRSI 1.1.6.1.06","Supervisión a a implementación del plan de mejora producto de la encuesta de satisfacción",null,1,{"$nulls":4},1,{"$nulls":3},1,null,3,"Informe","Listado de participación",null,"División de Calidad de los Servicios y Gestión de Usuarios"]
[null,"","","","","","1.1.6.2 Despliegue del Plan de Gestión Listas de Espera Quirúrgica ","SRSI 1.1.6.2.01","Seguimiento a la actualización de las listas de espera quirúrgicas",null,null,1,null,null,1,null,null,1,null,null,1,4,"Informe","Listado de participación",null,"División Centros Hospitalarios"]
[null,"","","","","","1.1.6.2 Despliegue del Plan de Gestión Listas de Espera Quirúrgica ","SRSI 1.1.6.2.02","Supervisión al cumplimiento de los cambios requeridos según informes de monitoreo del protocolo LVC ",null,null,1,null,null,1,null,null,1,null,null,1,4,"Informe","Listado de participación",null,"División de Calidad de los Servicios y Gestión de Usuarios"]
[null,"","","","","","1.2.2.1 Mejora de la Calidad de los Servicios de Enfermería","SRSI 1.2.2.1.01","Seguimiento a la coordinación regional de enfermería sobre la supervisión de los cuidados ambulatorios de enfermería en el Primer Nivel y Nivel Especializado",null,null,1,null,null,1,null,null,1,null,null,1,4,"Informe","Listado de participación",null,"Enfermería"]
[null,"","","","","","1.2.2.1 Mejora de la Calidad de los Servicios de Enfermería","SRSI 1.2.2.1.02","Seguimiento a la coordinación regional de enfermería sobre la supervisión de los cuidados de enfemería en hospitalización",null,null,1,null,null,1,null,null,1,null,null,1,4,"Informe","Listado de participación",null,"Enfermería"]
[null,"","","","","","2.1.1.1Despligue de ruta crítica para el desarrollo del modelo de atención en salud.","SRSI 2.1.1.1.01","Seguimiento a la elaboración y actualización de croquis ",null,null,1,{"$nulls":3},1,{"$nulls":3},1,null,3,"Registro Digital",null,null,"Coordinadores de Zona"]
[null,"","","","","","2.1.1.1Despligue de ruta crítica para el desarrollo del modelo de atención en salud.","SRSI 2.1.1.1.02","Supervisión a la UNAP del Llenado de la Ficha Familiar ",null,null,1,null,null,1,null,null,1,null,null,1,4,"Informe","Listado de participación",null,"Coordinadores de Zona"]
[null,"","","","","","2.1.1.1Despligue de ruta crítica para el desarrollo del modelo de atención en salud.","SRSI 2.1.1.1.03","Seguimiento al registro en SIRPAFF de la Ficha Familiar",null,null,1,null,null,1,null,null,1,null,null,1,4,"Reporte","Listado de participación",null,"Gestión de la Información"]
[null,"","","","","","2.1.1.1Despligue de ruta crítica para el desarrollo del modelo de atención en salud.","SRSI 2.1.1.1.04","Reuniones  de trabajo con los equipos de la UNAP y coordinadores de zona para evaluar la implementaciòn de consultas programadas a grupos priorizados",null,1,{"$nulls":4},1,{"$nulls":5},2,"Listado de participación","Minuta",null,"Supervisores de Área"]
[null,"","","","","","2.1.1.1Despligue de ruta crítica para el desarrollo del modelo de atención en salud.","SRSI 2.1.1.1.05","Supervisión a la adherencia de guias y protocolos de atención en el primer nivel",null,null,1,null,null,1,null,null,1,null,null,1,4,"Informe","Listado de participación",null,"Supervisores de Área"]
[null,"","","","","","2.1.1.1Despligue de ruta crítica para el desarrollo del modelo de atención en salud.","SRSI 2.1.1.1.06","Coordinar el Levantamiento de perfil epidemiologico (ASIS) de poblacion asignada",null,null,1,{"$nulls":3},1,{"$nulls":3},1,null,3,"Listado de participación","Minuta","ASIS","Supervisores de Área"]
[null,"","","","","","2.2.1.1 Conectividad de la Red de Establecimientos del Primer Nivel con el Especializado","SRSI 2.2.1.1.01","Seguimiento al proceso de referencia y contrareferencia",1,1,1,1,1,1,1,1,1,1,1,1,12,"Reporte",null,null,"División de Calidad de los Servicios y Gestión de Usuarios"]
[null,"","","","","","2.2.1.1 Conectividad de la Red de Establecimientos del Primer Nivel con el Especializado","SRSI 2.2.1.1.02","Mesas de trabajo para articulacion del Primer Nivel con el Nivel Especializado según Cartera de Servicios",null,1,null,1,{"$nulls":8},2,"Listado de participación","Minuta",null,"Departamento Servicios de Salud"]
[null,"","","","","","2.2.1.1 Conectividad de la Red de Establecimientos del Primer Nivel con el Especializado","SRSI 2.2.1.1.03","Reunión de socialización de los resultados del proceso de  referencia y contrareferencia  ",null,null,1,null,null,1,null,null,1,null,null,1,4,"Listado de participación","Minuta",null,"División de Calidad de los Servicios y Gestión de Usuarios"]
[null,"","","","","","2.2.2.1 Desarrollo de la Intersectorialidad para el desarrollo de acciones en los territorios","SRSI 2.2.2.1.01","Seguimiento a la conformacion Comité de veeduria Ciudadana en salud",null,null,1,null,null,1,null,null,1,null,null,1,4,"Reporte",null,null,"Departamento Servicios de Salud"]
[null,"","","","","","2.2.2.1 Desarrollo de la Intersectorialidad para el desarrollo de acciones en los territorios","SRSI 2.2.2.1.02","Conformacion Comité de veeduria Ciudadana en salud",null,null,1,null,null,1,null,null,1,null,null,1,4,"Acta constitución",null,null,"Departamento Servicios de Salud"]
[null,"","","","","","2.2.2.2 Estructuración Comités Salud","SRSI 2.2.2.2 .01","Seguimiento a la conformación de los diferentes comités  Hospitalarios ",null,null,1,null,null,1,null,null,1,null,null,1,4,"Reporte",null,null,"División Centros Hospitalarios"]
[null,"","","","","","2.2.2.2 Estructuración Comités Salud","SRSI 2.2.2.2 .02","Seguimiento a la conformación de los diferentes comités del Primer Nivel",null,null,1,null,null,1,null,null,1,null,null,1,4,"Reporte",null,null,"División Primer Nivel de Atención"]
[null,"","","","","","2.2.4.1 Gestión de la habilitación de los establecimientos de salud de la Red","SRSI. 2.2.4.1.01","Levantamiento de requerimiento minimo de los servicios del PN y NC para su habilitación.",null,1,{"$nulls":10},1,"Reporte",null,null,"División de Calidad de los Servicios y Gestión de Usuarios"]
[null,"","","","","","2.2.4.1 Gestión de la habilitación de los establecimientos de salud de la Red","SRSI. 2.2.4.1.02","Supervisión y apoyo a los EESS en los procesos de solicitud de habilitación (nuevos y renovacion de licencia).",null,null,1,null,null,1,{"$nulls":6},2,"Listado de participación","Informe",null,"División de Calidad de los Servicios y Gestión de Usuarios"]
[null,"","","","","","2.2.4.1 Gestión de la habilitación de los establecimientos de salud de la Red","SRSI. 2.2.4.1.03","Seguimiento a la elaboración del plan de mejora de habilitación de los establecimientos de salud",{"$nulls":3},1,null,null,1,null,null,1,null,null,3,"Informe","Listado de participación",null,"División de Calidad de los Servicios y Gestión de Usuarios"]
[null,"","","","","","3.2.1.1 Programa de formación y Capacitación continua de los RRHH de la Red","SRSI 3.2.1.1.01","Levantamiento y detección de necesidades de capacitación del SRS y CEAS",{"$nulls":4},1,{"$nulls":7},1,"Reporte",null,null,"División Recursos Humanos"]
[null,"","","","","","3.2.1.1 Programa de formación y Capacitación continua de los RRHH de la Red","SRSI 3.2.1.1.02","Elaboración al Plan de Capacitación de CEAS 2022",{"$nulls":6},1,{"$nulls":5},1,"Plan",null,null,"División Recursos Humanos"]
[null,"","","","","","3.2.1.1 Programa de formación y Capacitación continua de los RRHH de la Red","SRSI 3.2.1.1.03","Seguimiento al desarrollo del Plan de Capacitación de los CEAS 2021",null,null,1,null,null,1,null,null,1,null,null,1,4,"Informe",null,null,"División Recursos Humanos"]
[null,"","","","","","3.2.2.1 Politica de recursos humanos (clima y seguridad laboral)","SRSI 3.2.2.1.01","Aplicación Encuesta de clima laboral",{"$nulls":5},1,{"$nulls":6},1,"Encuesta",null,null,"División Recursos Humanos"]
[null,"","","","","","3.2.2.1 Politica de recursos humanos (clima y seguridad laboral)","SRSI 3.2.2.1.02","Elaboración del Plan de Mejora con los resultados de la Encuesta de Clima Laboral",{"$nulls":8},1,{"$nulls":3},1,"Informe",null,null,"División Recursos Humanos"]
[null,"","","","","","3.2.2.1 Politica de recursos humanos (clima y seguridad laboral)","SRSI 3.2.2.1.03","Seguimiento a la implementación del plan de mejora de los resultados de la encuesta de clima laboral",null,null,1,null,null,1,null,null,1,null,null,1,4,"Informe",null,null,"División Recursos Humanos"]
[null,"","","","","","3.2.2.1 Politica de recursos humanos (clima y seguridad laboral)","SRSI 3.2.2.1.04","Elaboraciòn acuerdos  Desempeño en toda la red del SRS  2021",1,{"$nulls":11},1,"Registro Digital",null,null,"División Recursos Humanos"]
[null,"","","","","","3.2.2.1 Politica de recursos humanos (clima y seguridad laboral)","SRSI 3.2.2.1.05","Evaluación Desempeño SRS-CEAS 2021",{"$nulls":10},1,null,1,"Registro Digital",null,null,"División Recursos Humanos"]
[null,"","","","","","3.2.2.1 Politica de recursos humanos (clima y seguridad laboral)","SRSI 3.2.2.1.06","Sesiones de trabajo con CEAS para  socializacion regimen etico y disciplinario, (presentacion expedientes, aplicación regimen disciplinario)",null,null,1,{"$nulls":5},1,{"$nulls":3},2,"Listado de participación","Minuta",null,"División Recursos Humanos"]
[null,"","","","","","3.2.2.1 Politica de recursos humanos (clima y seguridad laboral)","SRSI 3.2.2.1.07","Actualización Sistema SIU para  registro licencias en SRS y CEAS. ",null,1,{"$nulls":5},1,{"$nulls":4},2,"Registro Digital",null,null,"División Recursos Humanos"]
[null,"","","","","","3.2.2.1 Politica de recursos humanos (clima y seguridad laboral)","SRSI 3.2.2.1.08","Aplicación del componente de competencias y del régimen ético y disciplinario en SRS y CEAS.",{"$nulls":3},1,{"$nulls":8},1,"Reporte",null,null,"División Recursos Humanos"]
[null,"","","","","","3.2.3.1 Ejecución del Plan de Seguridad y Salud ocupacional","SRSI 3.2.3.1 .01","Implementación del Proceso de Auditoría Médica",null,null,1,null,null,1,null,null,1,null,null,1,4,"Informe",null,null,"Departamento Servicios de Salud"]
[null,"","","","","","4.1.1.1 Implementación del Programa de Auditoría Calidad del Dato","SRSI 4.1.1.1 .01","Auditoría calidad del dato de la producción de los servicios de la Red",null,null,4,null,null,4,null,null,4,null,null,4,16,"Informe","Listado de participación",null,"Gestión de la Información"]
[null,"","","","","","4.1.1.1 Implementación del Programa de Auditoría Calidad del Dato","SRSI 4.1.1.1 .02","Reunión de socialización de resultados de auditorias de calidad del dato",{"$nulls":3},1,null,null,1,null,null,1,null,null,3,"Listado de participación","Minuta",null,"Oficina Acceso a la Información"]
[null,"","","","","","4.1.1.2 Implementación del modelo de gestión y de monitoreo de la Calidad Institucional","SRSI 4.1.1.2 .01","Monitoreo Indicadores SISMAP Salud",null,null,1,null,null,1,null,null,1,null,null,1,4,"Informe","Listado de participación",null,"División Planificación y Desarrollo/CALIDAD INSTITUCIONAL"]
[null,"","","","","","4.1.1.2 Implementación del modelo de gestión y de monitoreo de la Calidad Institucional","SRSI 4.1.1.2 .02","Autodiagnóstico CAF",null,null,1,{"$nulls":9},1,"Plantilla Autodiagnóstico",null,null,"División Planificación y Desarrollo/CALIDAD INSTITUCIONAL"]
[null,"","","","","","4.1.1.2 Implementación del modelo de gestión y de monitoreo de la Calidad Institucional","SRSI 4.1.1.2 .03","Reuniones para seguimiento de CAF y Carta Compromiso Ciudadano en la Red",1,null,null,1,null,null,1,null,null,1,null,null,4,"Listado de participación","Minuta",null,"División Planificación y Desarrollo/CALIDAD INSTITUCIONAL"]
[null,"","","","","","4.1.1.2 Implementación del modelo de gestión y de monitoreo de la Calidad Institucional","SRSI 4.1.1.2 .04","Seguimiento a la implementación del Plan de Mejora CAF",null,1,null,null,1,null,null,1,null,null,1,null,4,"Informe",null,null,"División Planificación y Desarrollo/CALIDAD INSTITUCIONAL"]
[null,"","","","","","4.1.1.2 Implementación del modelo de gestión y de monitoreo de la Calidad Institucional","SRSI 4.1.1.2 .05","Reunión de seguimiento a los planes de mejora producto del informe de retorno y auditorías de calidad del CAF",{"$nulls":5},1,null,null,1,null,null,1,3,"Listado de participación","Minuta",null,"División Planificación y Desarrollo/CALIDAD INSTITUCIONAL"]
[null,"","","","","","4.1.1.2 Implementación del modelo de gestión y de monitoreo de la Calidad Institucional","SRSI 4.1.1.2 .06","Sesiones de trabajo Comité de Calidad Institucional",null,1,null,1,null,1,null,1,null,1,null,1,6,"Listado de participación","Minuta",null,"División Planificación y Desarrollo/CALIDAD INSTITUCIONAL"]
[null,"","","","","","4.1.1.2 Implementación del modelo de gestión y de monitoreo de la Calidad Institucional","SRSI 4.1.1.2 .07","Seguimiento al cumplimiento de los indicadores comprometidos en la CCC",null,null,1,null,null,1,null,null,1,null,null,1,4,"Informe",null,null,"División Planificación y Desarrollo/CALIDAD INSTITUCIONAL"]
[null,"","","","","","4.1.1.3 Fortalecimiento del sistema de información de la Red","SRSI 4.1.1.3.01","Reporte oportuno de la producción de servicios de la Red",1,1,1,1,1,1,1,1,1,1,1,1,12,"Registro Digital",null,null,"Gestión de la Información"]
[null,"","","","","",null,"SRSI 4.1.1.3.02","Seguimiento a la carga y validación de reportes de producción de servicios de salud de toda la red SRS ",null,null,3,null,null,3,null,null,3,null,null,3,12,"Reporte",null,null,"Gestión de la Información"]
[null,"","","","","",null,"SRSI 4.1.1.3.03","Taller de reforzamiento de registros de producción de servicios y bases de datos de reportes de eventos y notificacion de enfermedades, acorde a los resultados de auditoria de calidad del dato del SNS",null,null,1,{"$nulls":5},1,{"$nulls":3},2,"Listado de participación","Agenda",null,"Gestión de la Información"]
[null,"","","","","","4.1.1.4 Fortalecimiento de la Planificación Institucional","SRSI 4.1.1.4.01","Elaboración del POA 2022",{"$nulls":5},1,{"$nulls":6},1,"Plan",null,"POA","División Planificación y Desarrollo"]
[null,"","","","","",null,"SRSI 4.1.1.4.02","Consolidación de la plantilla por unidad requiriente para la elaboración del PACC 2022",{"$nulls":6},1,{"$nulls":5},1,"Plan",null,"PACC","División Planificación y Desarrollo"]
[null,"","","","","",null,"SRSI 4.1.1.4.03","Elaboración de la Memoria Institucional 2021",{"$nulls":10},1,null,1,"Memoria",null,null,"División Planificación y Desarrollo"]
[null,"","","","","",null,"SRSI 4.1.1.4.04","Levantamiento de los proyectos de cooperacion finalizados en el 2020 y en ejecucion 2021",null,1,{"$nulls":10},1,"Reporte","Formulario donación",null,"División Planificación y Desarrollo"]
[null,"","","","","","4.1.1.5 Despliegue del Sistema de Monitoreo y Evaluación de la Gestión","SRSI 4.1.1.5.01","Monitoreo Planes operativos del SRS y CEAS",null,null,1,null,null,1,null,null,1,null,null,1,4,"Informe","Listado de participación",null,"División Planificación y Desarrollo/MONITOREO Y EVALUACION"]
[null,"","","","","",null,"SRSI 4.1.1.5.02","Socialización de los resultados del monitoreo del POA",{"$nulls":3},1,null,null,1,null,null,1,null,null,3,"Listado de participación",null,null,"División Planificación y Desarrollo/MONITOREO Y EVALUACION"]
[null,"","","","","","4.1.1.6 Fortalecimiento de la infraestructura tecnológica de la Red ","SRSI 4.1.1.6.01","Levantamiento de necesidades de infraestructura tecnologica",null,null,1,{"$nulls":8},1,2,"Reporte",null,null,"Tecnología "]
[null,"","","","","",null,"SRSI 4.1.1.6.02","Soporte a los requerimientos tecnológicos internos",null,null,1,null,null,1,null,null,1,null,null,1,4,"Reporte",null,null,"Tecnología "]
[null,"","","","","",null,"SRSI 4.1.1.6.03","Readecuación área tecnológica SRSND",null,1,{"$nulls":10},1,"Reporte",null,null,"Tecnología "]
[null,"","","","","","4.1.1.7 Despliegue nueva estructura hospitalaria por nivel de complejidad","SRSI 4.1.1.7 .01","Seguimiento a la implementación de la estructura hospitalaria",null,1,null,1,null,1,null,1,{"$nulls":4},4,"Informe",null,null,"División Planificación y Desarrollo"]
[null,"","","","","","4.1.1.8 Implementación del Programa de Seguridad Física de los establecimientos de la Red","SRSI 4.1.1.8.01","Supervisión del cumplimiento de los lineamietos de seguridad hospitalaria",{"$nulls":3},1,{"$nulls":3},1,{"$nulls":3},1,3,"Reporte","Listado de participación",null,"División Centros Hospitalarios/Seguridad hospitalaria"]
[null,"","","","","","4.1.1.9 Sistema de gestión de aprovisionamiento y suministro","SRSI 4.1.1.9.01","Suministro de requerimientos internos de materiales e insumos ",{"$nulls":3},1,{"$nulls":3},1,{"$nulls":3},1,3,"Reporte",null,null,"División Administrativo-Financiero"]
[null,"","","","","","4.1.1.10 Implementación del Plan de mantenimiento preventivo de equipos e infraestructura física","SRSI 4.1.1.10 .01","Elaboración del Plan de mantenimiento preventivo de equipos e infraestructura física 2022",{"$nulls":10},1,null,1,"Plan",null,null,"División de Infraestuctura y Hostelería"]
[null,"","","","","",null,"SRSI 4.1.1.10 .02","Seguimiento del Plan de mantenimiento preventivo de equipos e infraestructura física 2021",null,null,1,null,null,1,null,null,1,null,null,1,4,"Informe",null,null,"División de Infraestuctura y Hostelería"]
[null,"","","","","","4.1.2.1 Fortalecimiento de la Gestión Finaciera de la Red ","SRSI 4.1.2.1.01","Análisis de ejecución presupuestaria enfocada a la programación trimestral",null,null,1,null,null,1,null,null,1,null,null,1,4,"Informe",null,null,"División Administrativo-Financiero"]
[null,"","","","","",null,"SRSI 4.1.2.1.02","Analisis comportamiento pago",null,null,1,null,null,1,null,null,1,null,null,1,4,"Informe",null,null,"División Administrativo-Financiero"]
[null,"","","","","",null,"SRSI 4.1.2.1.03","Análisis de Gestión de Tesoreria",null,null,1,null,null,1,null,null,1,null,null,1,4,"Informe",null,null,"División Administrativo-Financiero"]
[null,"","","","","",null,"SRSI 4.1.2.1.04","Elaboración y análisis de los estados financieros del SRS y CEAS",1,1,1,1,1,1,1,1,1,1,1,1,12,"Estados Financieros",null,null,"División Administrativo-Financiero"]
[null,"","","","","","4.1.2.2 Implementación Normas Básicas de Control Interno en la Red SNS","SRSI 4.1.2.2 .01","Autoevaluación de las NOBACI",null,1,{"$nulls":10},1,"Reporte",null,null,"División Administrativo-Financiero"]
[null,"","","","","",null,"SRSI 4.1.2.2 .02","Elaboración del Plan de Mejora de las NOBACI",{"$nulls":3},1,{"$nulls":8},1,"Plan",null,null,"División Administrativo-Financiero"]
[null,"","","","","",null,"SRSI 4.1.2.2 .03","Seguimiento a la ejecución del plan de mejora de la NOBACI",{"$nulls":7},1,{"$nulls":3},1,2,"Informe",null,null,"División Administrativo-Financiero"]
[null,"","","","","","4.1.2.3 Fortalecimiento de la gestión de facturación de la Red hospitalaria","SRSI 4.1.2.3 .01","Coordinación de la elaboracion de planes de mejora facturación de los CEAS  ",null,null,1,{"$nulls":9},1,"Plan",null,null,"División Administrativo-Financiero"]
[null,"","","","","",null,"SRSI 4.1.2.3 .02","Seguimiento a la implementación de planes de mejora para mejorar la facturación de los CEAS  ",{"$nulls":4},1,null,null,1,null,null,1,null,3,"Informe","Listado de participación",null,"División Administrativo-Financiero"]
[null,"","","","","",null,"SRSI 4.1.2.3 .03","Seguimiento a las glosas en auditoria Medica de Expendientes Clinicos de Afiliados atendidos de ARS contratadas.",null,null,1,null,null,1,null,null,1,null,null,1,4,"Informe","Listado de participación",null,"División Administrativo-Financiero"]
[null,"","","","","",null,"SRSI 4.1.2.3 .04","Seguimiento al fortalecimiento de los servicios ofertados en la Red para firma de contrato con las ARS",null,null,1,null,null,1,null,null,1,null,null,1,4,"Informe","Listado de participación",null,"División Administrativo-Financiero"]
[null,"","","","","","4.1.2.4 Implementación del Sistema de Administración de Bienes","SRSI 4.1.2.4.01","Actualización semestral del Inventario SRS",{"$nulls":5},1,{"$nulls":5},1,2,"Inventario",null,null,"División Administrativo-Financiero"]
[null,"","","","","",null,"SRSI 4.1.2.4.02","Seguimiento a la actualización de inventarios de los CEAS de la Red",1,{"$nulls":5},1,{"$nulls":5},2,"Reporte",null,null,"División Administrativo-Financiero"]
[null,"","","","","","4.1.2.5 Fortalecimiento de los procesos de compra en tiempo oportuno","SRSI 4.1.2.5 .01","Elaboración del Plan Anual de Compras y Contrataciones 2022",{"$nulls":6},1,{"$nulls":5},1,"Plan",null,null,"División Administrativo-Financiero"]
[null,"","","","","",null,"SRSI 4.1.2.5 .02","Seguimiento a la ejecución del Plan Anual de Compras y Contrataciones 2021",null,null,1,null,null,1,null,null,1,null,null,1,4,"Informe",null,null,"División Administrativo-Financiero"]
[null,"","","","","","4.1.2.6 Implementación del Sistema de Manejo y Control Interno","SRSI 4.1.2.6 .01","Seguimiento al reporte oportuno de liquidación de fondos de la Red",null,null,1,1,1,1,1,1,1,1,1,1,10,"Reporte","Acuse de recibido",null,"Fiscalización y Control"]
[null,"","","","","",null,"SRSI 4.1.2.6 .02","Auditoría de las nóminas internas, deudas y fondos de los CEAS",{"$nulls":3},1,{"$nulls":3},1,{"$nulls":3},1,3,"Informe","Listado de participación",null,"División Administrativo-Financiero"]
[null,"","","","","","4.1.3.1 Estandarización de los Sub-portales de Trasparencia de la Red ","SRSI 4.1.3.1.01","Actualización del portal de transparencia ",1,1,1,1,1,1,1,1,1,1,1,1,12,"Registro Digital",null,null,"Oficina Acceso a la Información"]
[null,"","","","","",null,"SRSI 4.1.3.1.02","Reunión de seguimiento al comité de medios web",null,null,1,null,null,1,null,null,1,null,null,1,4,"Listado de participación","Minuta",null,"Oficina Acceso a la Información"]
[null,"","","","","",null,"SRSI 4.1.3.1.03","Análisis y seguimiento al proceso de Quejas y Sugerencias del portal de Atención Ciudadana 312",null,null,1,null,null,1,null,null,1,null,null,1,4,"Informe",null,null,"Oficina Acceso a la Información"]
[null,"","","","","",null,"SRSI 4.1.3.1.04","Recibir, tramitar y responder las solicitudes de informacion de los ciudadanos",null,null,1,null,null,1,null,null,1,null,null,1,4,"Registro Digital",null,null,"Oficina Acceso a la Información"]
[null,"","","","","",null,"SRSI 4.1.3.1.05","Taller Etica del servidor publico",{"$nulls":3},1,{"$nulls":8},1,"Listado de Participantes","Agenda",null,"Oficina Acceso a la Información"]
[null,"","","","","",null,"SRSI 4.1.3.1.06","Taller Conflictos de Intereses y Anticorrupcion",{"$nulls":5},1,{"$nulls":6},1,"Listado de Participantes","Agenda",null,"Oficina Acceso a la Información"]
[null,"","","","","",null,"SRSI 4.1.3.1.07","Seguimiento a la conformación de las Comisiones de Etica de los CEAS",null,null,1,null,null,1,null,null,1,null,null,1,4,"Reporte",null,null,"Oficina Acceso a la Información"]
[null,"","","","","","4.1.3.2 Despliegue del Plan de Comunicación Interna y Externa de la Red SNS","SRSI 4.1.3.2 .01","Socialización del Plan de comunicación interna y externa con los equipos de interes",null,1,{"$nulls":10},1,"Listado de participación","Agenda",null,"Comunicaciones"]
[null,{"$error":"#REF!"},{"$error":"#REF!"},{"$error":"#REF!"},{"$error":"#REF!"},{"$error":"#REF!"},null,"SRSI 4.1.3.2 .02","Monitoreo del cumplimiento del Plan de comunicación en los CEAS",{"$nulls":3},1,{"$nulls":4},1,{"$nulls":3},2,"Informe","Listado de Participantes",null,"Comunicaciones"]
[{"$nulls":9},10,26,118,32,14,108,26,19,108,20,15,109,606]

{"sheet":"Formulario PPGR3","index":3,"n_rows":1682,"n_cols":19,"rows_kept":1682,"flags":["formulas_cached_only"]}
[{"$nulls":18},"Venta Servicios"]
[{"$nulls":8},"Servicio Nacional de Salud"]
[{"$nulls":8},"Dirección de Planificación y Desarrollo"]
[{"$nulls":8},"Plan Operativo Anual "]
[{"$nulls":8},"Identificación de necesidades de insumos"]
[{"$nulls":8},"R1 - SRS Valdesia"]
[]
[null,"ID_Dependendencia","POA","SRS","AREA","TIPO","Código_Actividad","Actividad","Total de Actividades ","Insumos","InsumoAbrev","Descripción","Unidad de Medida","Cantidad de Insumos","Precio Unitario","Valor Total","Código Presupuestario","Fuente de Financiamiento"]
[null,{"$error":"#REF!"},{"$error":"#REF!"},{"$error":"#REF!"},{"$error":"#REF!"},{"$error":"#REF!"},"SRSV1.1.1.1.01","Sesiones de trabajo Programación individual de Medicamentos, Insumos y Reactivos de Laboratorio para el 2022",1,null,"",{"$nulls":3},"",{"$error":"#VALUE!"},""]
[null,{"$error":"#REF!"},{"$error":"#REF!"},{"$error":"#REF!"},{"$error":"#REF!"},{"$error":"#REF!"},"SRSV1.1.1.1.01","Sesiones de trabajo Programación individual de Medicamentos, Insumos y Reactivos de Laboratorio para el 2022",1,"Impresión y encuadernación","lsImpresionyEncuadernacion","Impresión Formularios (dos caras)","unidad",25,{"v":1.9824,"d":"1.98"},{"v":49.559999999999995,"d":"49.56"},"2.2.2.2.01 "]
[null,{"$error":"#REF!"},{"$error":"#REF!"},{"$error":"#REF!"},{"$error":"#REF!"},{"$error":"#REF!"},"SRSV1.1.1.1.02","Taller regional de consolidación y validación de la Programación de Medicamentos e Insumos para el 2022.",1,"Equipos de cómputo","lsEquiposComputos","Computadoras de escritorio","unidad",1,{"v":36954.32,"d":"36,954.32"},{"v":36954.32,"d":"36,954.32"},"2.6.1.3.01"]
[null,{"$error":"#REF!"},{"$error":"#REF!"},{"$error":"#REF!"},{"$error":"#REF!"},{"$error":"#REF!"},"SRSV1.1.1.1.03","Supervisión del cumplimiento de los procedimientos operativos del SUGEMI",4,"Viáticos dentro del país","lsViaticosDP","Viaticos Tecnicos Sin Hospedaje","Cheque ",4,{"v":2100,"d":"2,100.00"},{"v":8400,"d":"8,400.00"},"2.2.3.1.01"]
[null,{"$error":"#REF!"},{"$error":"#REF!"},{"$error":"#REF!"},{"$error":"#REF!"},{"$error":"#REF!"},"SRSV1.1.1.1.04","Conformación y/o Reactivacion del Comité de Farmacia y Terapeutica-CFT.",1,"Alimentos y bebidas para personas","lsAlimentosyBebidas","Almuerzo tipo Buffet para 10 personas (Cristaleria, Cuberteria, Servilletas, Jugo)","unidad",10,{"v":5000.5,"d":"5,000.50"},{"v":50005,"d":"50,005.00"},"2.3.1.1.01"]
[null,{"$error":"#REF!"},{"$error":"#REF!"},{"$error":"#REF!"},{"$error":"#REF!"},{"$error":"#REF!"},"SRSV1.1.1.1.04","Conformación y/o Reactivacion del Comité de Farmacia y Terapeutica-CFT.",1,"Impresión y encuadernación","lsImpresionyEncuadernacion","Impresión Formularios (dos caras)","unidad",10,{"v":1.9824,"d":"1.98"},{"v":19.823999999999998,"d":"19.82"},"2.2.2.2.01 "]
[null,{"$error":"#REF!"},{"$error":"#REF!"},{"$error":"#REF!"},{"$error":"#REF!"},{"$error":"#REF!"},"SRSV1.1.1.1.05","Capacitación en los Procedimientos Operativos del SUGEMI a los CPN",1,"Equipos de cómputo","lsEquiposComputos","Laptop de 14 pulgadas","unidad",1,{"v":27200,"d":"27,200.00"},{"v":27200,"d":"27,200.00"},"2.6.1.3.01"]
[null,{"$error":"#REF!"},{"$error":"#REF!"},{"$error":"#REF!"},{"$error":"#REF!"},{"$error":"#REF!"},"SRSV1.1.1.1.05","Capacitación en los Procedimientos Operativos del SUGEMI a los CPN",1,"Impresión y encuadernación","lsImpresionyEncuadernacion","Impresión Formularios (dos caras)","unidad",154,{"v":1.9824,"d":"1.98"},{"v":305.2896,"d":"305.29"},"2.2.2.2.01 "]
[null,{"$error":"#REF!"},{"$error":"#REF!"},{"$error":"#REF!"},{"$error":"#REF!"},{"$error":"#REF!"},"SRSV1.1.1.1.05","Capacitación en los Procedimientos Operativos del SUGEMI a los CPN",1,"Alimentos y bebidas para personas","lsAlimentosyBebidas","Refrigerio tipo Buffet p/150 personas (Diferentes Variedades, Bambalinas, Manteles, Desechables, Hielo, Servilletas)","unidad",154,{"v":65844,"d":"65,844.00"},{"v":10139976,"d":"10,139,976.00"},"2.3.1.1.01"]
[null,{"$error":"#REF!"},{"$error":"#REF!"},{"$error":"#REF!"},{"$error":"#REF!"},{"$error":"#REF!"},"SRSV1.1.1.1.06","Capacitación en el manual de almacen del SUGEMI al equipo regional.",1,"Equipos de cómputo","lsEquiposComputos","Computadoras de escritorio","unidad",1,{"v":36954.32,"d":"36,954.32"},{"v":36954.32,"d":"36,954.32"},"2.6.1.3.01"]
[null,{"$error":"#REF!"},{"$error":"#REF!"},{"$error":"#REF!"},{"$error":"#REF!"},{"$error":"#REF!"},"SRSV1.1.1.1.06","Capacitación en el manual de almacen del SUGEMI al equipo regional.",1,"Alimentos y bebidas para personas","lsAlimentosyBebidas","Almuerzo tipo Buffet para 40 personas (Cristalería, Cuberteria, Mesas, Sillas, Manteles, Servilletas)","unidad",40,{"v":61419,"d":"61,419.00"},{"v":2456760,"d":"2,456,760.00"},"2.3.1.1.01"]
[null,{"$error":"#REF!"},{"$error":"#REF!"},{"$error":"#REF!"},{"$error":"#REF!"},{"$error":"#REF!"},"SRSV1.1.1.1.07","Elaboración del Boletin Regional trimestral del SUGEMI",4,"Equipos de cómputo","lsEquiposComputos","Computadoras de escritorio","unidad",1,{"v":36954.32,"d":"36,954.32"},{"v":36954.32,"d":"36,954.32"},"2.6.1.3.01"]
[null,{"$error":"#REF!"},{"$error":"#REF!"},{"$error":"#REF!"},{"$error":"#REF!"},{"$error":"#REF!"},"SRSV1.1.1.1.08","Reunión  equipo tecnico  de la URGM para el analisis de datos reflejados en el Boletin ",4,"Equipos de cómputo","lsEquiposComputos","Laptop de 14 pulgadas","unidad",1,{"v":27200,"d":"27,200.00"},{"v":27200,"d":"27,200.00"},"2.6.1.3.01"]
[null,{"$error":"#REF!"},{"$error":"#REF!"},{"$error":"#REF!"},{"$error":"#REF!"},{"$error":"#REF!"},"SRSV1.1.1.1.08","Reunión  equipo tecnico  de la URGM para el analisis de datos reflejados en el Boletin ",4,"Alimentos y bebidas para personas","lsAlimentosyBebidas","Almuerzo tipo Buffet para 40 personas (Cristalería, Cuberteria, Mesas, Sillas, Manteles, Servilletas)","unidad",160,{"v":61419,"d":"61,419.00"},{"v":9827040,"d":"9,827,040.00"},"2.3.1.1.01"]
[null,{"$error":"#REF!"},{"$error":"#REF!"},{"$error":"#REF!"},{"$error":"#REF!"},{"$error":"#REF!"},"SRSV1.1.1.1.09","Reporte mensual de lo recibido por PROMESE-CAL Vs lo solicitado y por compra administrativa de los CEAS y SRS",4,"Equipos de cómputo","lsEquiposComputos","Laptop de 14 pulgadas","unidad",1,{"v":27200,"d":"27,200.00"},{"v":27200,"d":"27,200.00"},"2.6.1.3.01"]
[null,{"$error":"#REF!"},{"$error":"#REF!"},{"$error":"#REF!"},{"$error":"#REF!"},{"$error":"#REF!"},"SRSV1.1.1.1.10","Capacitación en el llenado de la tarjetas de control de existencia y SUGEMI 1 de programas para los Establecimientos con servicio de Atencion Integral",1,"Equipos de cómputo","lsEquiposComputos","Laptop de 14 pulgadas","unidad",1,{"v":27200,"d":"27,200.00"},{"v":27200,"d":"27,200.00"},"2.6.1.3.01"]
[null,{"$error":"#REF!"},{"$error":"#REF!"},{"$error":"#REF!"},{"$error":"#REF!"},{"$error":"#REF!"},"SRSV1.1.1.1.10","Capacitación en el llenado de la tarjetas de control de existencia y SUGEMI 1 de programas para los Establecimientos con servicio de Atencion Integral",1,"Viáticos dentro del país","lsViaticosDP","Viaticos Tecnicos Sin Hospedaje","Cheque ",1,{"v":2100,"d":"2,100.00"},{"v":2100,"d":"2,100.00"},"2.2.3.1.01"]
[null,{"$error":"#REF!"},{"$error":"#REF!"},{"$error":"#REF!"},{"$error":"#REF!"},{"$error":"#REF!"},"SRSV1.1.1.1.10","Capacitación en el llenado de la tarjetas de control de existencia y SUGEMI 1 de programas para los Establecimientos con servicio de Atencion Integral",1,"Alimentos y bebidas para personas","lsAlimentosyBebidas","Almuerzo tipo Buffet para 40 personas (Cristalería, Cuberteria, Mesas, Sillas, Manteles, Servilletas)","unidad",40,{"v":61419,"d":"61,419.00"},{"v":2456760,"d":"2,456,760.00"},"2.3.1.1.01"]
[null,{"$error":"#REF!"},{"$error":"#REF!"},{"$error":"#REF!"},{"$error":"#REF!"},{"$error":"#REF!"},"SRSV1.1.1.2.01","Levantamiento de requerimiento minimo de los servicios diagnósticos para puesta en funcionamiento de servicios 24  horas",1,"Viáticos dentro del país","lsViaticosDP","Viaticos Tecnicos Sin Hospedaje","Cheque ",null,{"v":2100,"d":"2,100.00"},{"v":0,"d":"0.00"},"2.2.3.1.01"]
[null,{"$error":"#REF!"},{"$error":"#REF!"},{"$error":"#REF!"},{"$error":"#REF!"},{"$error":"#REF!"},"SRSV1.1.1.2.02","Supervisión del apego a las normativas de los servicios diagnósticos",4,"Viáticos dentro del país","lsViaticosDP","Viaticos Tecnicos Sin Hospedaje","Cheque ",null,{"v":2100,"d":"2,100.00"},{"v":0,"d":"0.00"},"2.2.3.1.01"]
[null,{"$error":"#REF!"},{"$error":"#REF!"},{"$error":"#REF!"},{"$error":"#REF!"},{"$error":"#REF!"},"SRSV1.1.1.2.03","Supervisión a la adecuacióna de la prestación de servicios diagnosticos y de laboratorio y servicios  ofertados 24 h",4,"Viáticos dentro del país","lsViaticosDP","Viaticos Tecnicos Sin Hospedaje","Cheque ",null,{"v":2100,"d":"2,100.00"},{"v":0,"d":"0.00"},"2.2.3.1.01"]
[null,{"$error":"#REF!"},{"$error":"#REF!"},{"$error":"#REF!"},{"$error":"#REF!"},{"$error":"#REF!"},"SRSV1.1.1.2.04","Supervisión  a la prestación de los servicios de pruebas especiales de VIH (CD4, CV y ADN-PCR) ",4,"Viáticos dentro del país","lsViaticosDP","Viaticos Tecnicos Sin Hospedaje","Cheque ",null,{"v":2100,"d":"2,100.00"},{"v":0,"d":"0.00"},"2.2.3.1.01"]
[null,{"$error":"#REF!"},{"$error":"#REF!"},{"$error":"#REF!"},{"$error":"#REF!"},{"$error":"#REF!"},"SRSV1.1.1.2.05","Seguimiento a la conformación o actualización de clubes de donantes",2,"Viáticos dentro del país","lsViaticosDP","Viaticos Tecnicos Sin Hospedaje","Cheque ",null,{"v":2100,"d":"2,100.00"},{"v":0,"d":"0.00"},"2.2.3.1.01"]
[null,{"$error":"#REF!"},{"$error":"#REF!"},{"$error":"#REF!"},{"$error":"#REF!"},{"$error":"#REF!"},"SRSV1.1.1.2.06","Jornadas voluntarias de donación de sangre",2,"Publicidad y propaganda","lsPublicidadyPropaganda","Publicación en el Periódico, de Proceso de Licitación Publica Nacional durante 2 Días, ","dia",null,{"v":44877.76,"d":"44,877.76"},{"v":0,"d":"0.00"},"2.2.2.1.01 "]
[null,{"$error":"#REF!"},{"$error":"#REF!"},{"$error":"#REF!"},{"$error":"#REF!"},{"$error":"#REF!"},"SRSV1.1.1.3.01","Levantamiento de requerimiento minimo del servicios de odontologia para su habiitación",2,"Productos químicos de uso personal","lsProductosQuimicos","Galón de Gel Anti-bacterial para manos","unidad",1,{"v":460.2,"d":"460.20"},{"v":460.2,"d":"460.20"},"2.3.7.2.03"]
[null,{"$error":"#REF!"},{"$error":"#REF!"},{"$error":"#REF!"},{"$error":"#REF!"},{"$error":"#REF!"},"SRSV1.1.1.3.01","Levantamiento de requerimiento minimo del servicios de odontologia para su habiitación",2,"Viáticos dentro del país","lsViaticosDP","Viaticos Tecnicos Sin Hospedaje","cheque",2,{"v":2100,"d":"2,100.00"},{"v":4200,"d":"4,200.00"},"2.2.3.1.01"]
[null,{"$error":"#REF!"},{"$error":"#REF!"},{"$error":"#REF!"},{"$error":"#REF!"},{"$error":"#REF!"},"SRSV1.1.1.3.01","Levantamiento de requerimiento minimo del servicios de odontologia para su habiitación",2,"Gasoil","lsGasoil","Tickets de Combustible de RD$1,000.00","cheque",2,{"v":1000,"d":"1,000.00"},{"v":2000,"d":"2,000.00"},"2.3.7.1.02 "]
[null,{"$error":"#REF!"},{"$error":"#REF!"},{"$error":"#REF!"},{"$error":"#REF!"},{"$error":"#REF!"},"SRSV1.1.1.3.02","Supervisión del apego a las normativas de los servicios odontológicos ",4,"Productos de Papel, Cartón e Impresos","lsProductosdePapel","Resma de Papel 8 1/2x11","resma",5,139.24,{"v":696.2,"d":"696.20"},"2.3.3.1.01"]
[null,{"$error":"#REF!"},{"$error":"#REF!"},{"$error":"#REF!"},{"$error":"#REF!"},{"$error":"#REF!"},"SRSV1.1.1.3.02","Supervisión del apego a las normativas de los servicios odontológicos ",4,"Gasoil","lsGasoil","Tickets de Combustible de RD$1,000.00","cheque",4,{"v":1000,"d":"1,000.00"},{"v":4000,"d":"4,000.00"},"2.3.7.1.02 "]
[null,{"$error":"#REF!"},{"$error":"#REF!"},{"$error":"#REF!"},{"$error":"#REF!"},{"$error":"#REF!"},"SRSV1.1.1.3.02","Supervisión del apego a las normativas de los servicios odontológicos ",4,"Viáticos dentro del país","lsViaticosDP","Viaticos Tecnicos Sin Hospedaje","Cheque ",4,{"v":2100,"d":"2,100.00"},{"v":8400,"d":"8,400.00"},"2.2.3.1.01"]
[null,{"$error":"#REF!"},{"$error":"#REF!"},{"$error":"#REF!"},{"$error":"#REF!"},{"$error":"#REF!"},"SRSV1.1.1.3.03","Mantenimiento de las unidades de odontologías",6,"Útiles de escritorio, oficina, informática y de enseñanza","lsUtilesdeOficina","Cajas de Lapiceros Azules","Caja",5,{"v":36,"d":"36.00"},{"v":180,"d":"180.00"},"2.3.9.2.01 "]
[null,{"$error":"#REF!"},{"$error":"#REF!"},{"$error":"#REF!"},{"$error":"#REF!"},{"$error":"#REF!"},"SRSV1.1.1.4.01","Implementación de la Metodología de la Gestión Productiva",1,"Impresión y encuadernación","lsImpresionyEncuadernacion","Impresión Formularios (dos caras)","Unidad ",40,{"v":1.9824,"d":"1.98"},{"v":79.29599999999999,"d":"79.30"},"2.2.2.2.01 "]
[null,{"$error":"#REF!"},{"$error":"#REF!"},{"$error":"#REF!"},{"$error":"#REF!"},{"$error":"#REF!"},"SRSV1.1.1.4.02","Capacitación en la MGP a los CEAS de influencia ",3,"Viáticos dentro del país","lsViaticosDP","Viaticos Tecnicos Sin Hospedaje",null,3,{"v":2100,"d":"2,100.00"},{"v":6300,"d":"6,300.00"},"2.2.3.1.01"]
[null,{"$error":"#REF!"},{"$error":"#REF!"},{"$error":"#REF!"},{"$error":"#REF!"},{"$error":"#REF!"},"SRSV1.1.1.5.01","Seguimiento a la implementación de SNS en Tu Comunidad",4,"Viáticos dentro del país",null,"Viaticos Tecnicos Sin Hospedaje","Cheque",2]
[null,{"$error":"#REF!"},{"$error":"#REF!"},{"$error":"#REF!"},{"$error":"#REF!"},{"$error":"#REF!"},"SRSV1.1.6.1.01","Supervisión  a la implementaciòn de la cartera de servicios en la UNAP",4,"Gasoil","lsGasoil","Tickets de Combustible de RD$1,000.00","unidad",4,{"v":1000,"d":"1,000.00"},{"v":4000,"d":"4,000.00"},"2.3.7.1.02 "]
[null,{"$error":"#REF!"},{"$error":"#REF!"},{"$error":"#REF!"},{"$error":"#REF!"},{"$error":"#REF!"},"SRSV1.1.2.1.01","Seguimiento al reporte oportuno de nacidos vivos en los hospitales de la Red",4,"Viáticos dentro del país","lsViaticosDP","Viaticos Tecnicos Sin Hospedaje","RD",4,{"v":2100,"d":"2,100.00"},{"v":8400,"d":"8,400.00"},"2.2.3.1.01","Anticipo Financiero"]
[null,{"$error":"#REF!"},{"$error":"#REF!"},{"$error":"#REF!"},{"$error":"#REF!"},{"$error":"#REF!"},"SRSV1.1.2.2.01","Supervisión de la captaciòn y seguimiento de  la atención en menores de  niños 5 años según guias y protocolos",4,"Útiles de escritorio, oficina, informática y de enseñanza","lsUtilesdeOficina","Impresión Formularios (dos caras)","UNIDAD","5,000 UNIDADES","2.00","10,000.00","2.2.2.2.01 ","Anticipo Financiero"]
[null,{"$error":"#REF!"},{"$error":"#REF!"},{"$error":"#REF!"},{"$error":"#REF!"},{"$error":"#REF!"},"SRSV1.1.2.2.01","Supervisión de la captaciòn y seguimiento de  la atención en menores de  niños 5 años según guias y protocolos",4,"Viáticos dentro del país","lsViaticosDP","Viaticos Tecnicos Sin Hospedaje","RD",4,{"v":2100,"d":"2,100.00"},{"v":8400,"d":"8,400.00"},"2.2.3.1.01","Anticipo Financiero"]
[null,{"$error":"#REF!"},{"$error":"#REF!"},{"$error":"#REF!"},{"$error":"#REF!"},{"$error":"#REF!"},"SRSV1.1.2.2.02","Seguimiento a la iniciativa, mejora de la calidad y humanizacion de los servicios en la atencion materna y neonatal",4,"Equipos de cómputo","lsEquiposComputos","Laptop de 14 pulgadas","unidad","Equipo",{"v":27200,"d":"27,200.00"},{"$error":"#VALUE!"},"2.6.1.3.01","Anticipo Financiero"]
[null,{"$error":"#REF!"},{"$error":"#REF!"},{"$error":"#REF!"},{"$error":"#REF!"},{"$error":"#REF!"},"SRSV1.1.2.2.02","Seguimiento a la iniciativa, mejora de la calidad y humanizacion de los servicios en la atencion materna y neonatal",4,"Impresión y encuadernación","lsImpresionyEncuadernacion","Impresión Formularios (dos caras)","unidad","5000 UNIDADES","2.00","10,000.00","2.2.2.2.01 ","Anticipo Financiero"]
[null,{"$error":"#REF!"},{"$error":"#REF!"},{"$error":"#REF!"},{"$error":"#REF!"},{"$error":"#REF!"},"SRSV1.1.2.2.02","Seguimiento a la iniciativa, mejora de la calidad y humanizacion de los servicios en la atencion materna y neonatal",4,"Viáticos dentro del país","lsViaticosDP","Viaticos Tecnicos Sin Hospedaje","RD",4,{"v":2100,"d":"2,100.00"},{"v":8400,"d":"8,400.00"},"2.2.3.1.01","Anticipo Financiero"]
[null,{"$error":"#REF!"},{"$error":"#REF!"},{"$error":"#REF!"},{"$error":"#REF!"},{"$error":"#REF!"},"SRSV1.1.2.2.01","Seguimiento de la conformación de la unidad de género en salud",2,"Viáticos dentro del país","lsViaticosDP","Viaticos Chofer Sin Hospedaje","Cheque ",2,{"v":1500,"d":"1,500.00"},{"v":3000,"d":"3,000.00"},"2.2.3.1.01","Anticipo Financiero"]
[null,{"$error":"#REF!"},{"$error":"#REF!"},{"$error":"#REF!"},{"$error":"#REF!"},{"$error":"#REF!"},"SRSV1.1.2.2.01","Seguimiento de la conformación de la unidad de género en salud","","Viáticos dentro del país","lsViaticosDP","Viaticos Tecnicos Sin Hospedaje","Cheque ",2,{"v":2100,"d":"2,100.00"},{"v":4200,"d":"4,200.00"},"2.2.3.1.01","Anticipo Financiero"]
[null,{"$error":"#REF!"},{"$error":"#REF!"},{"$error":"#REF!"},{"$error":"#REF!"},{"$error":"#REF!"},"SRSV1.1.2.2.01","Seguimiento de la conformación de la unidad de género en salud","","Gasoil","lsGasoil","Galones de Gasoil Optimo","galon",5,{"v":280,"d":"280.00"},{"v":1400,"d":"1,400.00"},"2.3.7.1.02"]
[null,{"$error":"#REF!"},{"$error":"#REF!"},{"$error":"#REF!"},{"$error":"#REF!"},{"$error":"#REF!"},"SRSV1.1.2.2.05","Coordinación de la implementación o seguimiento  de la estrategia Código Rojo en los EESS",4,"Alimentos y bebidas para personas","lsAlimentosyBebidas","Refrigerio tipo preempacado p/20 personas (Variedades fuertes, Jugo, Desechables Transparentes, Servilletas, Hielo)","unidad","100 Unidades",{"v":12537.5,"d":"12,537.50"},{"$error":"#VALUE!"},"2.3.1.1.01","Anticipo Financiero"]
[null,{"$error":"#REF!"},{"$error":"#REF!"},{"$error":"#REF!"},{"$error":"#REF!"},{"$error":"#REF!"},"SRSV1.1.2.2.05","Coordinación de la implementación o seguimiento  de la estrategia Código Rojo en los EESS",4,"Equipos de cómputo","lsEquiposComputos","Laptop de 14 pulgadas","Unidad","Equipo",{"v":27200,"d":"27,200.00"},{"$error":"#VALUE!"},"2.6.1.3.01","Anticipo Financiero"]
[null,{"$error":"#REF!"},{"$error":"#REF!"},{"$error":"#REF!"},{"$error":"#REF!"},{"$error":"#REF!"},"SRSV1.1.2.2.05","Coordinación de la implementación o seguimiento  de la estrategia Código Rojo en los EESS",4,"Viáticos dentro del país","lsViaticosDP","Viaticos Tecnicos Sin Hospedaje","RD",4,{"v":2100,"d":"2,100.00"},{"v":8400,"d":"8,400.00"},"2.2.3.1.01","Anticipo Financiero"]
[null,{"$error":"#REF!"},{"$error":"#REF!"},{"$error":"#REF!"},{"$error":"#REF!"},{"$error":"#REF!"},"SRSV1.1.2.2.06","Seguimiento de la implementación de la Clínica de los Trastornos Hipertensivos del Embarazo",4,"Alimentos y bebidas para personas","lsAlimentosyBebidas","Almuerzo tipo Buffet para 40 personas (Cristalería, Cuberteria, Mesas, Sillas, Manteles, Servilletas)","unidad","200 Unidades",{"v":61419,"d":"61,419.00"},{"$error":"#VALUE!"},"2.3.1.1.01","Anticipo Financiero"]
[null,{"$error":"#REF!"},{"$error":"#REF!"},{"$error":"#REF!"},{"$error":"#REF!"},{"$error":"#REF!"},"SRSV1.1.2.2.06","Seguimiento de la implementación de la Clínica de los Trastornos Hipertensivos del Embarazo",4,"Impresión y encuadernación","lsImpresionyEncuadernacion","Impresión Formularios (dos caras)","unidad","5,000 UNIDADES",{"v":1.9824,"d":"1.98"},{"$error":"#VALUE!"},"2.2.2.2.01 ","Anticipo Financiero"]
[null,{"$error":"#REF!"},{"$error":"#REF!"},{"$error":"#REF!"},{"$error":"#REF!"},{"$error":"#REF!"},"SRSV1.1.2.2.06","Seguimiento de la implementación de la Clínica de los Trastornos Hipertensivos del Embarazo",4,"Viáticos dentro del país","lsViaticosDP","Viaticos Tecnicos Sin Hospedaje","RD",4,{"v":2100,"d":"2,100.00"},{"v":8400,"d":"8,400.00"},"2.2.3.1.01","Anticipo Financiero"]
[null,{"$error":"#REF!"},{"$error":"#REF!"},{"$error":"#REF!"},{"$error":"#REF!"},{"$error":"#REF!"},"SRSV1.1.2.2.07","Pesquizaje al diagnostico temprano de gestantes consumidoras de alcohol y drogas",4,"Impresión y encuadernación","lsImpresionyEncuadernacion","Impresión Formularios (dos caras)","unidad",5,{"v":1.9824,"d":"1.98"},{"v":9.911999999999999,"d":"9.91"},"2.2.2.2.01 ","anticipo Financiero"]
[null,{"$error":"#REF!"},{"$error":"#REF!"},{"$error":"#REF!"},{"$error":"#REF!"},{"$error":"#REF!"},"SRSV1.1.2.2.07","Pesquizaje al diagnostico temprano de gestantes consumidoras de alcohol y drogas",4,"Viáticos dentro del país","lsViaticosDP","Viaticos Tecnicos Sin Hospedaje","RD",4,{"v":2100,"d":"2,100.00"},{"v":8400,"d":"8,400.00"},"2.2.3.1.01","Anticipo Financiero"]
[null,{"$error":"#REF!"},{"$error":"#REF!"},{"$error":"#REF!"},{"$error":"#REF!"},{"$error":"#REF!"},"SRSV1.1.2.2.07","Pesquizaje al diagnostico temprano de gestantes consumidoras de alcohol y drogas",4,"Alimentos y bebidas para personas","lsAlimentosyBebidas","Refrigerio tipo preempacado p/20 personas (Variedades fuertes, Jugo, Desechables Transparentes, Servilletas, Hielo)","unidad","100 Unidades",{"v":12537.5,"d":"12,537.50"},{"$error":"#VALUE!"},"2.3.1.1.01","Anticipo Financiero"]
[null,{"$error":"#REF!"},{"$error":"#REF!"},{"$error":"#REF!"},{"$error":"#REF!"},{"$error":"#REF!"},"SRSV1.1.2.2.08","Supervisión a los CEAS sobre la implementación o seguimiento del SIP ",4,"Alimentos y bebidas para personas","lsAlimentosyBebidas","Refrigerio tipo preempacado p/20 personas (Variedades fuertes, Jugo, Desechables Transparentes, Servilletas, Hielo)","unidad","100 Unidades",{"v":12537.5,"d":"12,537.50"},{"$error":"#VALUE!"},"2.3.1.1.01","Anticipo Financiero"]
[null,{"$error":"#REF!"},{"$error":"#REF!"},{"$error":"#REF!"},{"$error":"#REF!"},{"$error":"#REF!"},"SRSV1.1.2.2.08","Supervisión a los CEAS sobre la implementación o seguimiento del SIP ",4,"Viáticos dentro del país","lsViaticosDP","Viaticos Tecnicos Sin Hospedaje","RD",4,{"v":2100,"d":"2,100.00"},{"v":8400,"d":"8,400.00"},"2.2.3.1.01","Anticipo Financiero"]
[null,{"$error":"#REF!"},{"$error":"#REF!"},{"$error":"#REF!"},{"$error":"#REF!"},{"$error":"#REF!"},"SRSV1.1.2.2.08","Supervisión a los CEAS sobre la implementación o seguimiento del SIP ",4,"Impresión y encuadernación","lsImpresionyEncuadernacion","Impresión Formularios (dos caras)","unidad","5000 UNIDADES",{"v":1.9824,"d":"1.98"},{"$error":"#VALUE!"},"2.2.2.2.01 ","Anticipo Financiero"]
[null,{"$error":"#REF!"},{"$error":"#REF!"},{"$error":"#REF!"},{"$error":"#REF!"},{"$error":"#REF!"},"SRSV1.1.2.2.09","Supervisión del Apego o adherencia a protocolos de los servicios perinatología y neonatal.",3,"Viáticos dentro del país","lsViaticosDP","Viaticos Tecnicos Sin Hospedaje","RD",4,{"v":2100,"d":"2,100.00"},{"v":8400,"d":"8,400.00"},"2.2.3.1.01","Anticipo Financiero"]
[null,{"$error":"#REF!"},{"$error":"#REF!"},{"$error":"#REF!"},{"$error":"#REF!"},{"$error":"#REF!"},"SRSV1.1.2.2.09","Supervisión del Apego o adherencia a protocolos de los servicios perinatología y neonatal.",3,"Productos de Papel, Cartón e Impresos","lsProductosdePapel","Carpetas institucionales con bolsillo full color, Cartón 9x12","unidad","1 Caja",30.68,{"$error":"#VALUE!"},"2.3.3.3.01","Anticipo Financiero"]
[null,{"$error":"#REF!"},{"$error":"#REF!"},{"$error":"#REF!"},{"$error":"#REF!"},{"$error":"#REF!"},"SRSV1.1.2.2.09","Supervisión del Apego o adherencia a protocolos de los servicios perinatología y neonatal.",3,"Impresión y encuadernación","lsImpresionyEncuadernacion","Impresión Formularios (dos caras)","unidad","5000 unidades",{"v":1.9824,"d":"1.98"},{"$error":"#VALUE!"},"2.2.2.2.01 ","Anticipo Financiero"]
[null,{"$error":"#REF!"},{"$error":"#REF!"},{"$error":"#REF!"},{"$error":"#REF!"},{"$error":"#REF!"},"SRSV1.1.2.2.10","Reunión de socialización del informe de mejoras de los hallazgos encontrados en las supervisiones  de la adherencia a protocolos de los servicios Materno Infantil, Perinatologia y neonatal ",4,"Viáticos dentro del país","lsViaticosDP","Viaticos Tecnicos Sin Hospedaje","RD",4,{"v":2100,"d":"2,100.00"},{"v":8400,"d":"8,400.00"},"2.2.3.1.01","Anticipo Financiero"]
[null,{"$error":"#REF!"},{"$error":"#REF!"},{"$error":"#REF!"},{"$error":"#REF!"},{"$error":"#REF!"},"SRSV1.1.2.2.10","Reunión de socialización del informe de mejoras de los hallazgos encontrados en las supervisiones  de la adherencia a protocolos de los servicios Materno Infantil, Perinatologia y neonatal ",4,"Impresión y encuadernación","lsImpresionyEncuadernacion","Impresión Formularios (dos caras)","unidad","5000 UNIDADES",{"v":1.9824,"d":"1.98"},{"$error":"#VALUE!"},"2.2.2.2.01 ","Anticipo Financiero"]
[null,{"$error":"#REF!"},{"$error":"#REF!"},{"$error":"#REF!"},{"$error":"#REF!"},{"$error":"#REF!"},"SRSV1.1.2.2.11","Supervision de la funcionalidad del programa  Mama canguro",4,"Alimentos y bebidas para personas","lsAlimentosyBebidas","Refrigerio tipo preempacado p/25 personas (4 Variedades, Jugo, Desechables Transparentes, Jugo Natural)","unidad","120 Unidades",{"v":12626,"d":"12,626.00"},{"$error":"#VALUE!"},"2.3.1.1.01","Anticipo Financiero"]
[null,{"$error":"#REF!"},{"$error":"#REF!"},{"$error":"#REF!"},{"$error":"#REF!"},{"$error":"#REF!"},"SRSV1.1.2.2.11","Supervision de la funcionalidad del programa  Mama canguro",4,"Viáticos dentro del país","lsViaticosDP","Viaticos Tecnicos Sin Hospedaje","RD",4,{"v":2100,"d":"2,100.00"},{"v":8400,"d":"8,400.00"},"2.2.3.1.01","Anticipo Financiero"]
[null,{"$error":"#REF!"},{"$error":"#REF!"},{"$error":"#REF!"},{"$error":"#REF!"},{"$error":"#REF!"},"SRSV1.1.2.2.12","Seguimiento a la ejecución delplan para la disminución de cesáreas primarias",3,"Impresión y encuadernación","lsImpresionyEncuadernacion","Impresión Formularios (dos caras)","unidad","5000 Unidades",{"v":1.9824,"d":"1.98"},{"$error":"#VALUE!"},"2.2.2.2.01 ","Anticipo Financiero"]
[null,{"$error":"#REF!"},{"$error":"#REF!"},{"$error":"#REF!"},{"$error":"#REF!"},{"$error":"#REF!"},"SRSV1.1.2.2.12","Seguimiento a la ejecución delplan para la disminución de cesáreas primarias",3,"Viáticos dentro del país","lsViaticosDP","Viaticos Tecnicos Sin Hospedaje","RD",4,{"v":2100,"d":"2,100.00"},{"v":8400,"d":"8,400.00"},"2.2.3.1.01","Anticipo Financiero"]
[null,{"$error":"#REF!"},{"$error":"#REF!"},{"$error":"#REF!"},{"$error":"#REF!"},{"$error":"#REF!"},"SRSV1.1.2.2.13","Seguimiento y expansión de la Red de Reanimación Neonatal Avanzada",4,"Alimentos y bebidas para personas","lsAlimentosyBebidas","Refrigerio tipo preempacado p/20 personas (Variedades fuertes, Jugo, Desechables Transparentes, Servilletas, Hielo)","unidad","100 unidades",{"v":12537.5,"d":"12,537.50"},{"$error":"#VALUE!"},"2.3.1.1.01","Anticipo Financiero"]
[null,{"$error":"#REF!"},{"$error":"#REF!"},{"$error":"#REF!"},{"$error":"#REF!"},{"$error":"#REF!"},"SRSV1.1.2.2.13","Seguimiento y expansión de la Red de Reanimación Neonatal Avanzada",4,"Impresión y encuadernación","lsImpresionyEncuadernacion","Impresión Formularios (dos caras)","unidad","5000 Unidades",{"v":1.9824,"d":"1.98"},{"$error":"#VALUE!"},"2.2.2.2.01 ","Anticipo Financiero"]
[null,{"$error":"#REF!"},{"$error":"#REF!"},{"$error":"#REF!"},{"$error":"#REF!"},{"$error":"#REF!"},"SRSV1.1.2.2.13","Seguimiento y expansión de la Red de Reanimación Neonatal Avanzada",4,"Viáticos dentro del país","lsViaticosDP","Viaticos Tecnicos Sin Hospedaje","RD",4,{"v":2100,"d":"2,100.00"},{"v":8400,"d":"8,400.00"},"2.2.3.1.01","Anticipo Financiero"]
[null,{"$error":"#REF!"},{"$error":"#REF!"},{"$error":"#REF!"},{"$error":"#REF!"},{"$error":"#REF!"},"SRSV1.1.2.2.14","Seguimiento de vigilancia nutricional y estimulación temprana en CEAS",2,"Alimentos y bebidas para personas","lsAlimentosyBebidas","Refrigerio tipo preempacado p/20 personas (Variedades fuertes, Jugo, Desechables Transparentes, Servilletas, Hielo)","unidad","100 Unidades",{"v":12537.5,"d":"12,537.50"},{"$error":"#VALUE!"},"2.3.1.1.01","Anticipo Financiero"]
[null,{"$error":"#REF!"},{"$error":"#REF!"},{"$error":"#REF!"},{"$error":"#REF!"},{"$error":"#REF!"},"SRSV1.1.2.2.14","Seguimiento de vigilancia nutricional y estimulación temprana en CEAS",2,"Viáticos dentro del país","lsViaticosDP","Viaticos Tecnicos Sin Hospedaje","RD",4,{"v":2100,"d":"2,100.00"},{"v":8400,"d":"8,400.00"},"2.2.3.1.01","Anticipo Financiero"]
[null,{"$error":"#REF!"},{"$error":"#REF!"},{"$error":"#REF!"},{"$error":"#REF!"},{"$error":"#REF!"},"SRSV1.1.2.2.14","Seguimiento de vigilancia nutricional y estimulación temprana en CEAS",2,"Impresión y encuadernación","lsImpresionyEncuadernacion","Impresión Formularios (dos caras)","unidad","5000 Unidades",{"v":1.9824,"d":"1.98"},{"$error":"#VALUE!"},"2.2.2.2.01 ","Anticipo Financiero"]
[null,{"$error":"#REF!"},{"$error":"#REF!"},{"$error":"#REF!"},{"$error":"#REF!"},{"$error":"#REF!"},"SRSV1.1.2.2.15","Monitoreo en acciones de promoción de la lactancia materna.",3,"Impresión y encuadernación","lsImpresionyEncuadernacion","Impresión Formularios (dos caras)","unidad","5000 UNIDADES",{"v":1.9824,"d":"1.98"},{"$error":"#VALUE!"},"2.2.2.2.01 ","Anticipo Financiero"]
[null,{"$error":"#REF!"},{"$error":"#REF!"},{"$error":"#REF!"},{"$error":"#REF!"},{"$error":"#REF!"},"SRSV1.1.2.2.15","Monitoreo en acciones de promoción de la lactancia materna.",3,"Viáticos dentro del país","lsViaticosDP","Viaticos Tecnicos Sin Hospedaje","RD",4,{"v":2100,"d":"2,100.00"},{"v":8400,"d":"8,400.00"},"2.2.3.1.01","Anticipo Financiero"]
[null,{"$error":"#REF!"},{"$error":"#REF!"},{"$error":"#REF!"},{"$error":"#REF!"},{"$error":"#REF!"},"SRSV1.1.2.2.02","Reuniones interinstitucionales de coordinación de actividades de actividades preventivas sobre violencia de género e intrafamiliar.","","Gasoil","lsGasoil","Galones de Gasoil Optimo","galon",4,{"v":280,"d":"280.00"},{"v":1120,"d":"1,120.00"},"2.3.7.1.02"]
[null,{"$error":"#REF!"},{"$error":"#REF!"},{"$error":"#REF!"},{"$error":"#REF!"},{"$error":"#REF!"},"SRSV1.1.2.2.03","Talleres de implementación de guías y protocolos de atención para el majo de víctimas de violencia en hospitales, centro diagnósticos y CPNs de toda la región. ",2,"Alimentos y bebidas para personas","lsAlimentosyBebidas","Almuerzo tipo Buffet para 30 personas (Cristaleria, Cuberteria, Servilletas, Jugo) ","unidad",60,{"v":400,"d":"400.00"},{"v":24000,"d":"24,000.00"},"2.3.1.1.01","Anticipo Financiero"]
[null,{"$error":"#REF!"},{"$error":"#REF!"},{"$error":"#REF!"},{"$error":"#REF!"},{"$error":"#REF!"},"SRSV1.1.2.2.17","Seguimiento a la cobertura de inmunización en gestantes, mujeres en edad reproductiva y niños según en PAI",4,"Equipos de cómputo","lsEquiposComputos","Computadoras de escritorio","Unidad","Una Computdora portatil 14 pulgadas",{"v":36954.32,"d":"36,954.32"},{"$error":"#VALUE!"},"2.6.1.3.01"]
[null,{"$error":"#REF!"},{"$error":"#REF!"},{"$error":"#REF!"},{"$error":"#REF!"},{"$error":"#REF!"},"SRSV1.1.2.3.01","Capacitación a proveedores sobre promoción, consejería y anticoncepción postevento obstétrico, metodos anticonceptivos de largo plazo y de emergencia",4,"Gasoil","lsGasoil","Galones de Gasoil Optimo","galon",15,{"v":197,"d":"197.00"},{"v":2955,"d":"2,955.00"},"2.3.7.1.02"]
[null,{"$error":"#REF!"},{"$error":"#REF!"},{"$error":"#REF!"},{"$error":"#REF!"},{"$error":"#REF!"},"SRSV1.1.2.3.01","Capacitación a proveedores sobre promoción, consejería y anticoncepción postevento obstétrico, metodos anticonceptivos de largo plazo y de emergencia",4,"Viáticos dentro del país","lsViaticosDP","Viaticos Tecnicos Sin Hospedaje","Cheque ",4,{"v":2100,"d":"2,100.00"},{"v":8400,"d":"8,400.00"},"2.2.3.1.01"]
[null,{"$error":"#REF!"},{"$error":"#REF!"},{"$error":"#REF!"},{"$error":"#REF!"},{"$error":"#REF!"},"SRSV1.1.2.3.01","Capacitación a proveedores sobre promoción, consejería y anticoncepción postevento obstétrico, metodos anticonceptivos de largo plazo y de emergencia",4,"Viáticos dentro del país","lsViaticosDP","Viaticos Chofer Sin Hospedaje","Cheque ",4,{"v":1500,"d":"1,500.00"},{"v":6000,"d":"6,000.00"},"2.2.3.1.01"]
[null,{"$error":"#REF!"},{"$error":"#REF!"},{"$error":"#REF!"},{"$error":"#REF!"},{"$error":"#REF!"},"SRSV1.1.2.3.04","Reporte oportuno de la base de datos de Papanicolaou realizados",4,"Alimentos y bebidas para personas","lsAlimentosyBebidas","Refrigerio y Almuerzo tipo Buffet p/25 personas (Cristaleria, Mesas, Manteles, Bambalina, Hielo, Servilletas","UNIDAD",100,{"v":30975,"d":"30,975.00"},{"v":3097500,"d":"3,097,500.00"},"2.3.1.1.01"]
[null,{"$error":"#REF!"},{"$error":"#REF!"},{"$error":"#REF!"},{"$error":"#REF!"},{"$error":"#REF!"},"SRSV1.1.2.3.04","Reporte oportuno de la base de datos de Papanicolaou realizados",4,"Útiles de escritorio, oficina, informática y de enseñanza","lsUtilesdeOficina","Lapiceros color Azul (cajas)","CAJA",5,{"v":55,"d":"55.00"},{"v":275,"d":"275.00"},"2.3.9.2.01 "]
[null,{"$error":"#REF!"},{"$error":"#REF!"},{"$error":"#REF!"},{"$error":"#REF!"},{"$error":"#REF!"},"SRSV1.1.2.3.04","Reporte oportuno de la base de datos de Papanicolaou realizados",4,"Productos de Papel, Cartón e Impresos","lsProductosdePapel","Resma de Papel 8 1/2x11","resma",2,139.24,278.48,"2.3.3.1.01"]
[null,{"$error":"#REF!"},{"$error":"#REF!"},{"$error":"#REF!"},{"$error":"#REF!"},{"$error":"#REF!"},"SRSV1.1.2.3.04","Reporte oportuno de la base de datos de Papanicolaou realizados",4,"Productos de Papel, Cartón e Impresos","lsProductosdePapel","Folders 8 1/2x 11 (100/1) Impropapel","Caja",2,175.82,351.64,"2.3.3.2.01"]
[null,{"$error":"#REF!"},{"$error":"#REF!"},{"$error":"#REF!"},{"$error":"#REF!"},{"$error":"#REF!"},"SRSV1.1.2.3.02 ","Seguimiento a la cobertura de Papanicolaou en la población objetivo","","Gasoil","lsGasoil","Galones de Gasoil Optimo","galon",15,{"v":197,"d":"197.00"},{"v":2955,"d":"2,955.00"},"2.3.7.1.02"]
[null,{"$error":"#REF!"},{"$error":"#REF!"},{"$error":"#REF!"},{"$error":"#REF!"},{"$error":"#REF!"},"SRSV1.1.2.3.02 ","Seguimiento a la cobertura de Papanicolaou en la población objetivo","","Viáticos dentro del país","lsViaticosDP","Viaticos Chofer Sin Hospedaje","Cheque ",4,{"v":1500,"d":"1,500.00"},{"v":6000,"d":"6,000.00"},"2.2.3.1.01"]
[null,{"$error":"#REF!"},{"$error":"#REF!"},{"$error":"#REF!"},{"$error":"#REF!"},{"$error":"#REF!"},"SRSV1.1.2.3.06","Seguimiento a la entrega oportuna de los resultados del Papanicolaou a las usuarias",4,"Viáticos dentro del país","lsViaticosDP","Viaticos Chofer Sin Hospedaje","Cheque ",4,{"v":1500,"d":"1,500.00"},{"v":6000,"d":"6,000.00"},"2.2.3.1.01"]
[null,{"$error":"#REF!"},{"$error":"#REF!"},{"$error":"#REF!"},{"$error":"#REF!"},{"$error":"#REF!"},"SRSV1.1.2.3.06","Seguimiento a la entrega oportuna de los resultados del Papanicolaou a las usuarias",4,"Viáticos dentro del país","lsViaticosDP","Viaticos Tecnicos Sin Hospedaje","Cheque ",4,{"v":2100,"d":"2,100.00"},{"v":8400,"d":"8,400.00"},"2.2.3.1.01"]
[null,{"$error":"#REF!"},{"$error":"#REF!"},{"$error":"#REF!"},{"$error":"#REF!"},{"$error":"#REF!"},"SRSV1.1.2.3.06","Seguimiento a la entrega oportuna de los resultados del Papanicolaou a las usuarias",4,"Gasoil","lsGasoil","Galones de Gasoil Optimo","galon",15,{"v":197,"d":"197.00"},{"v":2955,"d":"2,955.00"},"2.3.7.1.02"]
[null,{"$error":"#REF!"},{"$error":"#REF!"},{"$error":"#REF!"},{"$error":"#REF!"},{"$error":"#REF!"},"SRSV1.1.2.3.07","Seguimiento al transporte oportuno de insumos anticonceptivos desde almacenes  regionales a hospitales y CPN",4,"Gasoil","lsGasoil","Galones de Gasoil Optimo","galon",15,{"v":197,"d":"197.00"},{"v":2955,"d":"2,955.00"},"2.3.7.1.02"]
[null,{"$error":"#REF!"},{"$error":"#REF!"},{"$error":"#REF!"},{"$error":"#REF!"},{"$error":"#REF!"},"SRSV1.1.2.3.07","Seguimiento al transporte oportuno de insumos anticonceptivos desde almacenes  regionales a hospitales y CPN",4,"Viáticos dentro del país","lsViaticosDP","Viaticos Chofer Sin Hospedaje","Cheque ",4,{"v":1500,"d":"1,500.00"},{"v":6000,"d":"6,000.00"},"2.2.3.1.01"]
[null,{"$error":"#REF!"},{"$error":"#REF!"},{"$error":"#REF!"},{"$error":"#REF!"},{"$error":"#REF!"},"SRSV1.1.2.3.07","Seguimiento al transporte oportuno de insumos anticonceptivos desde almacenes  regionales a hospitales y CPN",4,"Viáticos dentro del país","lsViaticosDP","Viaticos Tecnicos Sin Hospedaje","Cheque ",4,{"v":2100,"d":"2,100.00"},{"v":8400,"d":"8,400.00"},"2.2.3.1.01"]
[null,{"$error":"#REF!"},{"$error":"#REF!"},{"$error":"#REF!"},{"$error":"#REF!"},{"$error":"#REF!"},"SRSV1.1.3.1.01","Monitoreo y evaluación de la estrategia de Adulto Mayor een el Primer Nivel ",4,"Equipos de cómputo","lsEquiposComputos","Computadoras de escritorio","unidad",1,{"v":36954.32,"d":"36,954.32"},{"v":36954.32,"d":"36,954.32"},"2.6.1.3.01"]
[null,{"$error":"#REF!"},{"$error":"#REF!"},{"$error":"#REF!"},{"$error":"#REF!"},{"$error":"#REF!"},"SRSV1.1.3.1.01","Monitoreo y evaluación de la estrategia de Adulto Mayor een el Primer Nivel ",4,"Equipos de cómputo","lsEquiposComputos","Impresora Multifunción","unidad",1,{"v":12390,"d":"12,390.00"},{"v":12390,"d":"12,390.00"},"2.6.1.3.01"]
[null,{"$error":"#REF!"},{"$error":"#REF!"},{"$error":"#REF!"},{"$error":"#REF!"},{"$error":"#REF!"},"SRSV1.1.3.1.01","Monitoreo y evaluación de la estrategia de Adulto Mayor een el Primer Nivel ",4,"Productos de Papel, Cartón e Impresos","lsProductosdePapel","Resma de Papel 8 1/2x11","resma",1,139.24,139.24,"2.3.3.1.01"]
[null,{"$error":"#REF!"},{"$error":"#REF!"},{"$error":"#REF!"},{"$error":"#REF!"},{"$error":"#REF!"},"SRSV1.1.3.1.02","Seguimiento a la incorporaciòn de usuarios a los Circulos Comunitarios",4,"Productos de Papel, Cartón e Impresos","lsProductosdePapel","Resma de Papel 8 1/2x11","resma",1,139.24,139.24,"2.3.3.1.01"]
[null,{"$error":"#REF!"},{"$error":"#REF!"},{"$error":"#REF!"},{"$error":"#REF!"},{"$error":"#REF!"},"SRSV1.1.3.2.01","Seguimiento de la implementación de la Estrategia Hearts en el Primer Nivel de Atención",2,"Productos de Papel, Cartón e Impresos","lsProductosdePapel","Resma de Papel 8 1/2x11","resma",1,139.24,139.24,"2.3.3.1.01"]
[null,{"$error":"#REF!"},{"$error":"#REF!"},{"$error":"#REF!"},{"$error":"#REF!"},{"$error":"#REF!"},"SRSV1.1.3.2.02","Reunión tecnica con el comité Gestor Regional Hearts para analisis y definir mejoras según hallazgos de supervisiones.",3,"Impresión y encuadernación","lsImpresionyEncuadernacion","Impresión Formularios (dos caras)","unidad",1,{"v":1.9824,"d":"1.98"},{"v":1.9824,"d":"1.98"},"2.2.2.2.01 "]
[null,{"$error":"#REF!"},{"$error":"#REF!"},{"$error":"#REF!"},{"$error":"#REF!"},{"$error":"#REF!"},"SRSV1.1.3.2.02","Reunión tecnica con el comité Gestor Regional Hearts para analisis y definir mejoras según hallazgos de supervisiones.",3,"Útiles de escritorio, oficina, informática y de enseñanza","lsUtilesdeOficina","Cajas de Lapiceros Azules","Caja",3,{"v":36,"d":"36.00"},{"v":108,"d":"108.00"},"2.3.9.2.01 "]
[null,{"$error":"#REF!"},{"$error":"#REF!"},{"$error":"#REF!"},{"$error":"#REF!"},{"$error":"#REF!"},"SRSV1.1.3.3.01","Talleres de capacitación salud mental",2,"Impresión y encuadernación","lsImpresionyEncuadernacion","Impresión Formularios (dos caras)","unidad",1,{"v":1.9824,"d":"1.98"},{"v":1.9824,"d":"1.98"},"2.2.2.2.01 "]
[null,{"$error":"#REF!"},{"$error":"#REF!"},{"$error":"#REF!"},{"$error":"#REF!"},{"$error":"#REF!"},"SRSV1.1.3.3.01","Talleres de capacitación salud mental",2,"Alimentos y bebidas para personas","lsAlimentosyBebidas","Almuerzo tipo Buffet para 40 personas (Cristalería, Cuberteria, Mesas, Sillas, Manteles, Servilletas)","unidad",2,{"v":61419,"d":"61,419.00"},{"v":122838,"d":"122,838.00"},"2.3.1.1.01"]
[null,{"$error":"#REF!"},{"$error":"#REF!"},{"$error":"#REF!"},{"$error":"#REF!"},{"$error":"#REF!"},"SRSV1.1.3.3.01","Talleres de capacitación salud mental",2,"Equipos de cómputo","lsEquiposComputos","Laptop de 14 pulgadas","unidad",1,{"v":27200,"d":"27,200.00"},{"v":27200,"d":"27,200.00"},"2.6.1.3.01"]
[null,{"$error":"#REF!"},{"$error":"#REF!"},{"$error":"#REF!"},{"$error":"#REF!"},{"$error":"#REF!"},"SRSV1.1.3.3.01","Talleres de capacitación salud mental",2,"Alimentos y bebidas para personas","lsAlimentosyBebidas","Refrigerio tipo Buffet p/40 personas (5 Variedades, Cristaleria, Mantel, Tope, Bambalina, Servilletas, Hielo) ","unidad",2,{"v":29393.8,"d":"29,393.80"},{"v":58787.6,"d":"58,787.60"},"2.3.1.1.01"]
[null,{"$error":"#REF!"},{"$error":"#REF!"},{"$error":"#REF!"},{"$error":"#REF!"},{"$error":"#REF!"},"SRSV1.1.3.3.01","Talleres de capacitación salud mental",2,"Útiles de escritorio, oficina, informática y de enseñanza","lsUtilesdeOficina","Cajas de Lapiceros Azules","Caja",2,{"v":36,"d":"36.00"},{"v":72,"d":"72.00"},"2.3.9.2.01 "]
[null,{"$error":"#REF!"},{"$error":"#REF!"},{"$error":"#REF!"},{"$error":"#REF!"},{"$error":"#REF!"},"SRSV1.1.3.3.02","Seguimiento a la implementación de la estrategia de salud mental comunitaria",4,"Productos de Papel, Cartón e Impresos","lsProductosdePapel","Resma de Papel 8 1/2x11","resma",1,139.24,139.24,"2.3.3.1.01"]
[null,{"$error":"#REF!"},{"$error":"#REF!"},{"$error":"#REF!"},{"$error":"#REF!"},{"$error":"#REF!"},"SRSV 1.1.4.1.01","Mesas Tecnicas de seguimiento al diagnostico y tratamiento de la Malaria",4,"Impresión y encuadernación","lsImpresionyEncuadernacion","Impresión Formularios (dos caras)","unidad",20,{"v":1.9824,"d":"1.98"},{"v":39.647999999999996,"d":"39.65"},"2.2.2.2.01 ","anticipo financiero"]
[null,{"$error":"#REF!"},{"$error":"#REF!"},{"$error":"#REF!"},{"$error":"#REF!"},{"$error":"#REF!"},"SRSV 1.1.4.1.01","Mesas Tecnicas de seguimiento al diagnostico y tratamiento de la Malaria",4,"Productos de Papel, Cartón e Impresos","lsProductosdePapel","Resma de Papel 8 1/2x11","unidad",100,139.24,{"v":13924,"d":"13,924.00"},"2.3.3.1.01","anticipo financiero"]
[null,{"$error":"#REF!"},{"$error":"#REF!"},{"$error":"#REF!"},{"$error":"#REF!"},{"$error":"#REF!"},"SRSV 1.1.4.1.01","Mesas Tecnicas de seguimiento al diagnostico y tratamiento de la Malaria",4,"Productos de Papel, Cartón e Impresos","lsProductosdePapel","Resma de Hojas timbradas con Logo de la Institución 8 1/2 x 11 (Bond 24)","unidad",100,{"v":1215.4,"d":"1,215.40"},{"v":121540.00000000001,"d":"121,540.00"},"2.3.3.3.01","anticipo financiero"]
[null,{"$error":"#REF!"},{"$error":"#REF!"},{"$error":"#REF!"},{"$error":"#REF!"},{"$error":"#REF!"},"SRSV 1.1.4.1.01","Mesas Tecnicas de seguimiento al diagnostico y tratamiento de la Malaria",4,"Alimentos y bebidas para personas","lsAlimentosyBebidas","Refrigerio tipo Buffet p/15 personas (3 Variedades, Desechables Transparentes, Jugo Natural, Servilletas, Hielo) ","unidad",4,{"v":5929.5,"d":"5,929.50"},{"v":23718,"d":"23,718.00"},"2.3.1.1.01","anticipo financiero"]
[null,{"$error":"#REF!"},{"$error":"#REF!"},{"$error":"#REF!"},{"$error":"#REF!"},{"$error":"#REF!"},"SRSV 1.1.4.1.02","Supervisión de la Implementación del plan de fortalecimiento de los sevicios de Malaria en la Red de Establecimiento según guia clinica",4,"Gasoil","lsGasoil","Galones de Gasoil Regular","galon",10,{"v":181,"d":"181.00"},{"v":1810,"d":"1,810.00"},"2.3.7.1.02","anticipo financiero"]
[null,{"$error":"#REF!"},{"$error":"#REF!"},{"$error":"#REF!"},{"$error":"#REF!"},{"$error":"#REF!"},"SRSV 1.1.4.1.02","Supervisión de la Implementación del plan de fortalecimiento de los sevicios de Malaria en la Red de Establecimiento según guia clinica",4,"Impresión y encuadernación","lsImpresionyEncuadernacion","Impresión Formularios (dos caras)","unidad",1,{"v":1.9824,"d":"1.98"},{"v":1.9824,"d":"1.98"},"2.2.2.2.01 ","anticipo financiero"]
[null,{"$error":"#REF!"},{"$error":"#REF!"},{"$error":"#REF!"},{"$error":"#REF!"},{"$error":"#REF!"},"SRSV 1.1.4.1.02","Supervisión de la Implementación del plan de fortalecimiento de los sevicios de Malaria en la Red de Establecimiento según guia clinica",4,"Productos de Papel, Cartón e Impresos","lsProductosdePapel","Libretas Rayadas 5x8 (docena)","unidad",1,132.75,132.75,"2.3.3.2.01","anticipo financiero"]
[null,{"$error":"#REF!"},{"$error":"#REF!"},{"$error":"#REF!"},{"$error":"#REF!"},{"$error":"#REF!"},"SRSV 1.1.4.1.02","Supervisión de la Implementación del plan de fortalecimiento de los sevicios de Malaria en la Red de Establecimiento según guia clinica",4,"Viáticos dentro del país","lsViaticosDP","Viaticos Chofer Sin Hospedaje","Cheque ",2,{"v":1500,"d":"1,500.00"},{"v":3000,"d":"3,000.00"},"2.2.3.1.01","anticipo financiero"]
[null,{"$error":"#REF!"},{"$error":"#REF!"},{"$error":"#REF!"},{"$error":"#REF!"},{"$error":"#REF!"},"SRSV 1.1.4.1.02","Supervisión de la Implementación del plan de fortalecimiento de los sevicios de Malaria en la Red de Establecimiento según guia clinica",4,"Viáticos dentro del país","lsViaticosDP","Viaticos Tecnicos Sin Hospedaje","Cheque ",2,{"v":2100,"d":"2,100.00"},{"v":4200,"d":"4,200.00"},"2.2.3.1.01","anticipo financiero"]
[null,{"$error":"#REF!"},{"$error":"#REF!"},{"$error":"#REF!"},{"$error":"#REF!"},{"$error":"#REF!"},"SRSV 1.1.4.1.02","Supervisión de la Implementación del plan de fortalecimiento de los sevicios de Malaria en la Red de Establecimiento según guia clinica",4,"Productos de Papel, Cartón e Impresos","lsProductosdePapel",null,"unidad (lapicero)",4,{"v":5,"d":"5.00"},{"v":20,"d":"20.00"},"","anticipo financiero"]
[null,{"$error":"#REF!"},{"$error":"#REF!"},{"$error":"#REF!"},{"$error":"#REF!"},{"$error":"#REF!"},"SRSV1.1.4.2.01","Visitas de Supervisión de los Servicios de Atencion Integral (SAI) para verificar cumplimiento de la Meta 90-90-90",4,"Viáticos dentro del país","lsViaticosDP","Viaticos Tecnicos Sin Hospedaje","Cheque ",4,{"v":2100,"d":"2,100.00"},{"v":8400,"d":"8,400.00"},"2.2.3.1.01"]
[null,{"$error":"#REF!"},{"$error":"#REF!"},{"$error":"#REF!"},{"$error":"#REF!"},{"$error":"#REF!"},"SRSV1.1.4.2.02","Monitoreo a indicadores de los Servicios de VIH y coinfección VIH/TB",4,"Equipos de cómputo","lsEquiposComputos","Computadoras de escritorio","unidad",1,{"v":36954.32,"d":"36,954.32"},{"v":36954.32,"d":"36,954.32"},"2.6.1.3.01"]
[null,{"$error":"#REF!"},{"$error":"#REF!"},{"$error":"#REF!"},{"$error":"#REF!"},{"$error":"#REF!"},"SRSV1.1.4.2.03","Mesas de trabajo para seguimiento plan de mejora de acuerdo a los hallazgos encontrados durante las visitas de Supervision VIH/TB",4,"Equipos de cómputo","lsEquiposComputos","Computadoras de escritorio","unidad",1,{"v":36954.32,"d":"36,954.32"},{"v":36954.32,"d":"36,954.32"},"2.6.1.3.01"]
[null,{"$error":"#REF!"},{"$error":"#REF!"},{"$error":"#REF!"},{"$error":"#REF!"},{"$error":"#REF!"},"SRSV1.1.4.2.04","Monitoreo al tratamiento ARV en gestantes VIH+",4,"Viáticos dentro del país","lsViaticosDP","Viaticos Chofer Sin Hospedaje","Cheque ",4,{"v":1500,"d":"1,500.00"},{"v":6000,"d":"6,000.00"},"2.2.3.1.01"]
[null,{"$error":"#REF!"},{"$error":"#REF!"},{"$error":"#REF!"},{"$error":"#REF!"},{"$error":"#REF!"},"SRSV1.1.4.1.05","Auditoria del FAPPS",4,"Equipos de cómputo","lsEquiposComputos","Computadoras de escritorio","unidad",1,{"v":36954.32,"d":"36,954.32"},{"v":36954.32,"d":"36,954.32"},"2.6.1.3.01"]
[null,{"$error":"#REF!"},{"$error":"#REF!"},{"$error":"#REF!"},{"$error":"#REF!"},{"$error":"#REF!"},"SRSV1.1.4.3.01","Visitas de Supervicion a los EESS que cuentan con los servicios de TB para el fortalecimiento del seguimiento deteccion, diagnostico y tratamiento",4,"Viáticos dentro del país","lsViaticosDP","Viaticos Chofer Sin Hospedaje","Cheque ",4,{"v":1500,"d":"1,500.00"},{"v":6000,"d":"6,000.00"},"2.2.3.1.01"]
[null,{"$error":"#REF!"},{"$error":"#REF!"},{"$error":"#REF!"},{"$error":"#REF!"},{"$error":"#REF!"},"SRSV1.1.4.3.02","Seguimiento captación a población sintomaticos respiratorios",4,"Viáticos dentro del país","lsViaticosDP","Viaticos Chofer Sin Hospedaje","Cheque ",4,{"v":1500,"d":"1,500.00"},{"v":6000,"d":"6,000.00"},"2.2.3.1.01"]
[null,{"$error":"#REF!"},{"$error":"#REF!"},{"$error":"#REF!"},{"$error":"#REF!"},{"$error":"#REF!"},"SRSV1.1.4.3.03","Auditoria en la Calidad del dato al Sistema de Información SI-TB",4,"Equipos de cómputo","lsEquiposComputos","Computadoras de escritorio","unidad",1,{"v":36954.32,"d":"36,954.32"},{"v":36954.32,"d":"36,954.32"},"2.6.1.3.01"]
[null,{"$error":"#REF!"},{"$error":"#REF!"},{"$error":"#REF!"},{"$error":"#REF!"},{"$error":"#REF!"},"SRSV1.1.4.3.04","Mesas de trabajo para implementar plan de mejora de acuerdo a los hallazgos encontrados durante las visitas de Supervisión y monitoreo TB",4,"Productos de Papel, Cartón e Impresos","lsProductosdePapel","Carpetas institucionales con bolsillo full color, Cartón 9x12","caja",1,30.68,30.68,"2.3.3.3.01"]
[null,{"$error":"#REF!"},{"$error":"#REF!"},{"$error":"#REF!"},{"$error":"#REF!"},{"$error":"#REF!"},"SRSV 1.1.5.1. 01","Supervisión a la Implementación del Plan de mejora del Indice de seguridad hospitalario comites de emergencias Regionales ",4,"Gasoil","lsGasoil","Galones de Gasoil Optimo","galon",10,{"v":197,"d":"197.00"},{"v":1970,"d":"1,970.00"},"2.3.7.1.02"]
[null,{"$error":"#REF!"},{"$error":"#REF!"},{"$error":"#REF!"},{"$error":"#REF!"},{"$error":"#REF!"},"SRSV 1.1.5.1. 01","Supervisión a la Implementación del Plan de mejora del Indice de seguridad hospitalario comites de emergencias Regionales ",4,"Masterial gastable de oficina","","Lapices, Lapiceros","unidad",8,"",{"$error":"#VALUE!"},""]
[null,{"$error":"#REF!"},{"$error":"#REF!"},{"$error":"#REF!"},{"$error":"#REF!"},{"$error":"#REF!"},"SRSV 1.1.5.1. 01","Supervisión a la Implementación del Plan de mejora del Indice de seguridad hospitalario comites de emergencias Regionales ",4,"Masterial gastable de oficina","","Impresión y encuadernación","unidades",8,"",{"$error":"#VALUE!"},""]
[null,{"$error":"#REF!"},{"$error":"#REF!"},{"$error":"#REF!"},{"$error":"#REF!"},{"$error":"#REF!"},"SRSV 1.1.5.1. 01","Supervisión a la Implementación del Plan de mejora del Indice de seguridad hospitalario comites de emergencias Regionales ",4,"Viaticos dentro del pais","","viaticos al tecnico","cheque",4,"",{"$error":"#VALUE!"},""]
[null,{"$error":"#REF!"},{"$error":"#REF!"},{"$error":"#REF!"},{"$error":"#REF!"},{"$error":"#REF!"},"SRSV 1.1.5.1. 01","Supervisión a la Implementación del Plan de mejora del Indice de seguridad hospitalario comites de emergencias Regionales ",4,"Viaticos dentro del pais","","viaticos al chofer","cheque",4,"",{"$error":"#VALUE!"},""]
[null,{"$error":"#REF!"},{"$error":"#REF!"},{"$error":"#REF!"},{"$error":"#REF!"},{"$error":"#REF!"},"SRSV 1.1.5.1. 02","Supervisión del Seguimiento a la  Elaboración Planes de Emergencias y Desastres Hospitalarios",4,"Gasoil","lsGasoil","Galones de Gasoil Optimo","galon",10,{"v":197,"d":"197.00"},{"v":1970,"d":"1,970.00"},"2.3.7.1.02"]
[null,{"$error":"#REF!"},{"$error":"#REF!"},{"$error":"#REF!"},{"$error":"#REF!"},{"$error":"#REF!"},"SRSV 1.1.5.1. 02","Supervisión del Seguimiento a la  Elaboración Planes de Emergencias y Desastres Hospitalarios",4,"Masterial gastable de oficina","","Lapices, Lapiceros","unidad",8,"",{"$error":"#VALUE!"},""]
[null,{"$error":"#REF!"},{"$error":"#REF!"},{"$error":"#REF!"},{"$error":"#REF!"},{"$error":"#REF!"},"SRSV 1.1.5.1. 02","Supervisión del Seguimiento a la  Elaboración Planes de Emergencias y Desastres Hospitalarios",4,"Masterial gastable de oficina","","Impresión y encuadernación","unidades",8,"",{"$error":"#VALUE!"},""]
[null,{"$error":"#REF!"},{"$error":"#REF!"},{"$error":"#REF!"},{"$error":"#REF!"},{"$error":"#REF!"},"SRSV 1.1.5.1. 02","Supervisión del Seguimiento a la  Elaboración Planes de Emergencias y Desastres Hospitalarios",4,"Viaticos dentro del pais","","viaticos al tecnico","cheque",4,"",{"$error":"#VALUE!"},""]
[null,{"$error":"#REF!"},{"$error":"#REF!"},{"$error":"#REF!"},{"$error":"#REF!"},{"$error":"#REF!"},"SRSV 1.1.5.1. 02","Supervisión del Seguimiento a la  Elaboración Planes de Emergencias y Desastres Hospitalarios",4,"Viaticos dentro del pais","","viaticos al chofer","cheque",4,"",{"$error":"#VALUE!"},""]
[null,{"$error":"#REF!"},{"$error":"#REF!"},{"$error":"#REF!"},{"$error":"#REF!"},{"$error":"#REF!"},"SRSV 1.1.5.1. 03","Supervisión y Seguimiento a la funcionabilidad  de los  Planes de  Emergencias y Desastres Hospitalarios a traves de los simulacros.",3,"Gasoil","lsGasoil","Galones de Gasoil Optimo","galon",5,{"v":197,"d":"197.00"},{"v":985,"d":"985.00"},"2.3.7.1.02"]
[null,{"$error":"#REF!"},{"$error":"#REF!"},{"$error":"#REF!"},{"$error":"#REF!"},{"$error":"#REF!"},"SRSV 1.1.51. 03","Supervisión y Seguimiento a la funcionabilidad  de los  Planes de  Emergencias y Desastres Hospitalarios a traves de los simulacros.",3,"Masterial gastable de oficina","","Lapices, Lapiceros","unidad",6,"",{"$error":"#VALUE!"},""]
[null,{"$error":"#REF!"},{"$error":"#REF!"},{"$error":"#REF!"},{"$error":"#REF!"},{"$error":"#REF!"},"SRSV 1.1.51. 03","Supervisión y Seguimiento a la funcionabilidad  de los  Planes de  Emergencias y Desastres Hospitalarios a traves de los simulacros.",3,"Masterial gastable de oficina","","Impresión y encuadernación","unidades",6,"",{"$error":"#VALUE!"},""]
[null,{"$error":"#REF!"},{"$error":"#REF!"},{"$error":"#REF!"},{"$error":"#REF!"},{"$error":"#REF!"},"SRSV 1.1.51. 03","Supervisión y Seguimiento a la funcionabilidad  de los  Planes de  Emergencias y Desastres Hospitalarios a traves de los simulacros.",3,"Viaticos dentro del pais","","viaticos al tecnico","cheque",3,"",{"$error":"#VALUE!"},""]
[null,{"$error":"#REF!"},{"$error":"#REF!"},{"$error":"#REF!"},{"$error":"#REF!"},{"$error":"#REF!"},"SRSV 1.1.51. 03","Supervisión y Seguimiento a la funcionabilidad  de los  Planes de  Emergencias y Desastres Hospitalarios a traves de los simulacros.",3,"Viaticos dentro del pais","","viaticos al chofer","cheque",3,"",{"$error":"#VALUE!"},""]
[null,{"$error":"#REF!"},{"$error":"#REF!"},{"$error":"#REF!"},{"$error":"#REF!"},{"$error":"#REF!"},"SRSV1.1.5.2.01","Coordinación de la Implementación del Modelo Integrado de Atención de Emergencias y Urgencias",1,"Gasoil","lsGasoil","Galones de Gasoil Optimo","galon",2,{"v":197,"d":"197.00"},{"v":394,"d":"394.00"},"2.3.7.1.02"]
[null,{"$error":"#REF!"},{"$error":"#REF!"},{"$error":"#REF!"},{"$error":"#REF!"},{"$error":"#REF!"},"SRSV1.1.5.2.01","Coordinación de la Implementación del Modelo Integrado de Atención de Emergencias y Urgencias",1,"Masterial gastable de oficina","","Folders","CAJA",1,"",{"$error":"#VALUE!"},""]
[null,{"$error":"#REF!"},{"$error":"#REF!"},{"$error":"#REF!"},{"$error":"#REF!"},{"$error":"#REF!"},"SRSV1.1.5.2.01","Coordinación de la Implementación del Modelo Integrado de Atención de Emergencias y Urgencias",1,"Masterial gastable de oficina","","Hojas en blanco","Resma",1,"",{"$error":"#VALUE!"},""]
[null,{"$error":"#REF!"},{"$error":"#REF!"},{"$error":"#REF!"},{"$error":"#REF!"},{"$error":"#REF!"},"SRSV1.1.5.2.01","Coordinación de la Implementación del Modelo Integrado de Atención de Emergencias y Urgencias",1,"Masterial gastable de oficina","","Lapices, Lapiceros","unidades",2,"",{"$error":"#VALUE!"},""]
[null,{"$error":"#REF!"},{"$error":"#REF!"},{"$error":"#REF!"},{"$error":"#REF!"},{"$error":"#REF!"},"SRSV1.1.5.2.01","Coordinación de la Implementación del Modelo Integrado de Atención de Emergencias y Urgencias",1,"Viaticos dentro del pais","","viaticos al tecnico","cheque",1,"",{"$error":"#VALUE!"},""]
[null,{"$error":"#REF!"},{"$error":"#REF!"},{"$error":"#REF!"},{"$error":"#REF!"},{"$error":"#REF!"},"SRSV1.1.5.2.01","Coordinación de la Implementación del Modelo Integrado de Atención de Emergencias y Urgencias",1,"Viaticos dentro del pais","","viaticos al chofer","cheque",1,"",{"$error":"#VALUE!"},""]
[null,{"$error":"#REF!"},{"$error":"#REF!"},{"$error":"#REF!"},{"$error":"#REF!"},{"$error":"#REF!"},"SRSV1.1.5.2.01","Coordinación de la Implementación del Modelo Integrado de Atención de Emergencias y Urgencias",1,"Alimentos y bebidas para personas","lsAlimentosyBebidas","Refrigerio tipo preempacado p/100 personas (4 Variedades, Jugo, Desechables Transparentes, Hielo, Servilleta) ","unidad",100,{"v":50380.1,"d":"50,380.10"},{"v":5038010,"d":"5,038,010.00"},"2.3.1.1.01"]
[null,{"$error":"#REF!"},{"$error":"#REF!"},{"$error":"#REF!"},{"$error":"#REF!"},{"$error":"#REF!"},"SRSV1.1.5.2.01","Coordinación de la Implementación del Modelo Integrado de Atención de Emergencias y Urgencias",1,"Equipos de cómputo","lsEquiposComputos","Laptop de 14 pulgadas","unidad",1,{"v":27200,"d":"27,200.00"},{"v":27200,"d":"27,200.00"},"2.6.1.3.01"]
[null,{"$error":"#REF!"},{"$error":"#REF!"},{"$error":"#REF!"},{"$error":"#REF!"},{"$error":"#REF!"},"SRSV1.1.5.2.01","Coordinación de la Implementación del Modelo Integrado de Atención de Emergencias y Urgencias",1,"Equipos Audio Visuales","","proyector","unidad",1,"",{"$error":"#VALUE!"},""]
[null,{"$error":"#REF!"},{"$error":"#REF!"},{"$error":"#REF!"},{"$error":"#REF!"},{"$error":"#REF!"},"SRSV1.1.5.2.02","Coordinación Implementación de RAC-Triaje en sala de emergencias ",3,"Gasoil","lsGasoil","Galones de Gasoil Optimo","galon",6,{"v":197,"d":"197.00"},{"v":1182,"d":"1,182.00"},"2.3.7.1.02"]
[null,{"$error":"#REF!"},{"$error":"#REF!"},{"$error":"#REF!"},{"$error":"#REF!"},{"$error":"#REF!"},"SRSV1.1.5.2.02","Coordinación Implementación de RAC-Triaje en sala de emergencias ",3,"Masterial gastable de oficina","","Folders","CAJA",1,"",{"$error":"#VALUE!"},""]
[null,{"$error":"#REF!"},{"$error":"#REF!"},{"$error":"#REF!"},{"$error":"#REF!"},{"$error":"#REF!"},"SRSV1.1.5.2.02","Coordinación Implementación de RAC-Triaje en sala de emergencias ",3,"Masterial gastable de oficina","","Hojas en blanco","Resma",1,"",{"$error":"#VALUE!"},""]
[null,{"$error":"#REF!"},{"$error":"#REF!"},{"$error":"#REF!"},{"$error":"#REF!"},{"$error":"#REF!"},"SRSV1.1.5.2.02","Coordinación Implementación de RAC-Triaje en sala de emergencias ",3,"Masterial gastable de oficina","","Lapices, Lapiceros","unidad",6,"",{"$error":"#VALUE!"},""]
[null,{"$error":"#REF!"},{"$error":"#REF!"},{"$error":"#REF!"},{"$error":"#REF!"},{"$error":"#REF!"},"SRSV1.1.5.2.02","Coordinación Implementación de RAC-Triaje en sala de emergencias ",3,"Viaticos dentro del pais","","viaticos al tecnico","cheque",3,"",{"$error":"#VALUE!"},""]
[null,{"$error":"#REF!"},{"$error":"#REF!"},{"$error":"#REF!"},{"$error":"#REF!"},{"$error":"#REF!"},"SRSV1.1.5.2.02","Coordinación Implementación de RAC-Triaje en sala de emergencias ",3,"Viaticos dentro del pais","","viaticos al chofer","cheque",3,"",{"$error":"#VALUE!"},""]
[null,{"$error":"#REF!"},{"$error":"#REF!"},{"$error":"#REF!"},{"$error":"#REF!"},{"$error":"#REF!"},"SRSV1.1.5.2.02","Coordinación Implementación de RAC-Triaje en sala de emergencias ",3,"Alimentos y bebidas para personas","lsAlimentosyBebidas","Servicio de Refrigerio tipo buffet 30 Personas","unidad",90,{"v":24225.4,"d":"24,225.40"},{"v":2180286,"d":"2,180,286.00"},"2.3.1.1.01"]
[null,{"$error":"#REF!"},{"$error":"#REF!"},{"$error":"#REF!"},{"$error":"#REF!"},{"$error":"#REF!"},"SRSV1.1.5.2.02","Coordinación Implementación de RAC-Triaje en sala de emergencias ",3,"Equipos de cómputo","lsEquiposComputos","laptop 14 pulgadas","unidad",1,"",{"$error":"#VALUE!"},""]
[null,{"$error":"#REF!"},{"$error":"#REF!"},{"$error":"#REF!"},{"$error":"#REF!"},{"$error":"#REF!"},"SRSV1.1.5.2.02","Coordinación Implementación de RAC-Triaje en sala de emergencias ",3,"Equipos Audio Visuales","","proyector","unidad",1,"",{"$error":"#VALUE!"},""]
[null,{"$error":"#REF!"},{"$error":"#REF!"},{"$error":"#REF!"},{"$error":"#REF!"},{"$error":"#REF!"},"SRSV1.1.5.2.03","Supervisión de la capacitación de salud del Soporte Vital Basico y Soporte Vital Avanzado ",2,"Gasoil","lsGasoil","galones de Gasoil Optimo","galon",5,{"v":197,"d":"197.00"},{"v":985,"d":"985.00"},"2.3.7.1.02"]
[null,{"$error":"#REF!"},{"$error":"#REF!"},{"$error":"#REF!"},{"$error":"#REF!"},{"$error":"#REF!"},"SRSV1.1.5.2.03","Supervisión de la capacitación de salud del Soporte Vital Basico y Soporte Vital Avanzado ",2,"Masterial gastable de oficina","","Impresión y encuadernación","unidades",4,"",{"$error":"#VALUE!"},""]
[null,{"$error":"#REF!"},{"$error":"#REF!"},{"$error":"#REF!"},{"$error":"#REF!"},{"$error":"#REF!"},"SRSV1.1.5.2.03","Supervisión de la capacitación de salud del Soporte Vital Basico y Soporte Vital Avanzado ",2,"Masterial gastable de oficina","","Lapices, Lapiceros","unidad",4,"",{"$error":"#VALUE!"},""]
[null,{"$error":"#REF!"},{"$error":"#REF!"},{"$error":"#REF!"},{"$error":"#REF!"},{"$error":"#REF!"},"SRSV1.1.5.2.03","Supervisión de la capacitación de salud del Soporte Vital Basico y Soporte Vital Avanzado ",2,"Viaticos dentro del pais","","viaticos al tecnico","cheque",2,"",{"$error":"#VALUE!"},""]
[null,{"$error":"#REF!"},{"$error":"#REF!"},{"$error":"#REF!"},{"$error":"#REF!"},{"$error":"#REF!"},"SRSV1.1.5.2.03","Supervisión de la capacitación de salud del Soporte Vital Basico y Soporte Vital Avanzado ",2,"Viaticos dentro del pais","","viaticos al chofer","cheque",2,"",{"$error":"#VALUE!"},""]
[null,{"$error":"#REF!"},{"$error":"#REF!"},{"$error":"#REF!"},{"$error":"#REF!"},{"$error":"#REF!"},"SRSV1.1.5.2.04","Supervisión de la Capacitación del personal de las Ambulancias en los manuales asistenciales, Soporte vital Básico y soporte Vital Avanzado",2,"Gasoil","lsGasoil","Galones de Gasoil Optimo","galon",5,{"v":197,"d":"197.00"},{"v":985,"d":"985.00"},"2.3.7.1.02"]
[null,{"$error":"#REF!"},{"$error":"#REF!"},{"$error":"#REF!"},{"$error":"#REF!"},{"$error":"#REF!"},"SRSV1.1.5.2.04","Supervisión de la Capacitación del personal de las Ambulancias en los manuales asistenciales, Soporte vital Básico y soporte Vital Avanzado",2,"Masterial gastable de oficina","","Impresión y encuadernación","unidades",4,"",{"$error":"#VALUE!"},""]
[null,{"$error":"#REF!"},{"$error":"#REF!"},{"$error":"#REF!"},{"$error":"#REF!"},{"$error":"#REF!"},"SRSV1.1.5.2.04","Supervisión de la Capacitación del personal de las Ambulancias en los manuales asistenciales, Soporte vital Básico y soporte Vital Avanzado",2,"Masterial gastable de oficina","","Lapices, Lapiceros","unidad",4,"",{"$error":"#VALUE!"},""]
[null,{"$error":"#REF!"},{"$error":"#REF!"},{"$error":"#REF!"},{"$error":"#REF!"},{"$error":"#REF!"},"SRSV1.1.5.2.04","Supervisión de la Capacitación del personal de las Ambulancias en los manuales asistenciales, Soporte vital Básico y soporte Vital Avanzado",2,"Viaticos dentro del pais","","viaticos al tecnico","cheque",2,"",{"$error":"#VALUE!"},""]
[null,{"$error":"#REF!"},{"$error":"#REF!"},{"$error":"#REF!"},{"$error":"#REF!"},{"$error":"#REF!"},"SRSV1.1.5.2.04","Supervisión de la Capacitación del personal de las Ambulancias en los manuales asistenciales, Soporte vital Básico y soporte Vital Avanzado",2,"Viaticos dentro del pais","","viaticos al chofer","cheque",2,"",{"$error":"#VALUE!"},""]
[null,{"$error":"#REF!"},{"$error":"#REF!"},{"$error":"#REF!"},{"$error":"#REF!"},{"$error":"#REF!"},"SRSV1.1.5.2.05","Visitas de Coordinación y de supervisión de la sala de emergencias  (carro de paro)",4,"Gasoil","lsGasoil","Galones de Gasoil Optimo","galon",10,{"v":197,"d":"197.00"},{"v":1970,"d":"1,970.00"},"2.3.7.1.02"]
[null,{"$error":"#REF!"},{"$error":"#REF!"},{"$error":"#REF!"},{"$error":"#REF!"},{"$error":"#REF!"},"SRSV1.1.5.2.05","Visitas de Coordinación y de supervisión de la sala de emergencias  (carro de paro)",4,"Masterial gastable de oficina","","Impresión y encuadernación","unidades",8,"",{"$error":"#VALUE!"},""]
[null,{"$error":"#REF!"},{"$error":"#REF!"},{"$error":"#REF!"},{"$error":"#REF!"},{"$error":"#REF!"},"SRSV1.1.5.2.05","Visitas de Coordinación y de supervisión de la sala de emergencias  (carro de paro)",4,"Masterial gastable de oficina","","Lapices, Lapiceros","unidad",8,"",{"$error":"#VALUE!"},""]
[null,{"$error":"#REF!"},{"$error":"#REF!"},{"$error":"#REF!"},{"$error":"#REF!"},{"$error":"#REF!"},"SRSV1.1.5.2.05","Visitas de Coordinación y de supervisión de la sala de emergencias  (carro de paro)",4,"Viaticos dentro del pais ","","viaticos al tecnico","cheque",4,"",{"$error":"#VALUE!"},""]
[null,{"$error":"#REF!"},{"$error":"#REF!"},{"$error":"#REF!"},{"$error":"#REF!"},{"$error":"#REF!"},"SRSV1.1.5.2.05","Visitas de Coordinación y de supervisión de la sala de emergencias  (carro de paro)",4,"Viaticos dentro del pais","","viaticos al chofer","cheque",4,"",{"$error":"#VALUE!"},""]
[null,{"$error":"#REF!"},{"$error":"#REF!"},{"$error":"#REF!"},{"$error":"#REF!"},{"$error":"#REF!"},"SRSV1.1.5.3.01","Coordinación del Procedimiento de Traslado Inter-hospitalario de Pacientes Emergentes y Urgentes",1,"Equipos Audio Visuales","","proyector","unidad",1,"",{"$error":"#VALUE!"},""]
[null,{"$error":"#REF!"},{"$error":"#REF!"},{"$error":"#REF!"},{"$error":"#REF!"},{"$error":"#REF!"},"SRSV1.1.5.3.02","Coordinación de simulacros de la Red asistencial",1,"Equipo de computo ","","laptop 14 pulgadas","unidad",1,"",{"$error":"#VALUE!"},""]
[null,{"$error":"#REF!"},{"$error":"#REF!"},{"$error":"#REF!"},{"$error":"#REF!"},{"$error":"#REF!"},"SRSV1.1.5.3.02","Coordinación de simulacros de la Red asistencial",1,"Gasoil","lsGasoil","Galones de Gasoil Optimo","galon",2,{"v":197,"d":"197.00"},{"v":394,"d":"394.00"},"2.3.7.1.02"]
[null,{"$error":"#REF!"},{"$error":"#REF!"},{"$error":"#REF!"},{"$error":"#REF!"},{"$error":"#REF!"},"SRSV1.1.5.3.03","Coordinación de preparacion Operativo  feriado Navidad y Año Nuevo ",2,"Gasoil","lsGasoil","Galones de Gasoil Optimo","galon",5,{"v":197,"d":"197.00"},{"v":985,"d":"985.00"},"2.3.7.1.02"]
[null,{"$error":"#REF!"},{"$error":"#REF!"},{"$error":"#REF!"},{"$error":"#REF!"},{"$error":"#REF!"},"SRSV1.1.5.3.03","Coordinación de preparacion Operativo  feriado Navidad y Año Nuevo ",2,"Alimentos y bebidas para personas","lsAlimentosyBebidas","Refrigerio tipo preempacado p/20 personas (Variedades fuertes, Jugo, Desechables Transparentes, Servilletas, Hielo)","unidad",40,{"v":12537.5,"d":"12,537.50"},{"v":501500,"d":"501,500.00"},"2.3.1.1.01"]
[null,{"$error":"#REF!"},{"$error":"#REF!"},{"$error":"#REF!"},{"$error":"#REF!"},{"$error":"#REF!"},"SRSV1.1.5.3.03","Coordinación de preparacion Operativo  feriado Navidad y Año Nuevo ",2,"Viaticos dentro del pais","","viaticos al tecnico","cheque",2,"",{"$error":"#VALUE!"},""]
[null,{"$error":"#REF!"},{"$error":"#REF!"},{"$error":"#REF!"},{"$error":"#REF!"},{"$error":"#REF!"},"SRSV1.1.5.3.03","Coordinación de preparacion Operativo  feriado Navidad y Año Nuevo ",2,"Viaticos dentro del pais","","viaticos al chofer","cheque",2,"",{"$error":"#VALUE!"},""]
[null,{"$error":"#REF!"},{"$error":"#REF!"},{"$error":"#REF!"},{"$error":"#REF!"},{"$error":"#REF!"},"SRSV1.1.5.3.04","Coordinación de preparacion Operativo  Semana Santa ",2,"Gasoil","lsGasoil","Galones de Gasoil Optimo","galon",5,{"v":197,"d":"197.00"},{"v":985,"d":"985.00"},"2.3.7.1.02"]
[null,{"$error":"#REF!"},{"$error":"#REF!"},{"$error":"#REF!"},{"$error":"#REF!"},{"$error":"#REF!"},"SRSV1.1.5.3.04","Coordinación de preparacion Operativo  Semana Santa ",2,"Alimentos y bebidas para personas","lsAlimentosyBebidas","Refrigerio tipo preempacado p/20 personas (Variedades fuertes, Jugo, Desechables Transparentes, Servilletas, Hielo)","unidad",40,{"v":12537.5,"d":"12,537.50"},{"v":501500,"d":"501,500.00"},"2.3.1.1.01"]
[null,{"$error":"#REF!"},{"$error":"#REF!"},{"$error":"#REF!"},{"$error":"#REF!"},{"$error":"#REF!"},"SRSV1.1.5.3.04","Coordinación de preparacion Operativo  Semana Santa ",2,"Viaticos dentro del pais","","viaticos al tecnico","cheque",2,"",{"$error":"#VALUE!"},""]
[null,{"$error":"#REF!"},{"$error":"#REF!"},{"$error":"#REF!"},{"$error":"#REF!"},{"$error":"#REF!"},"SRSV1.1.5.3.04","Coordinación de preparacion Operativo  Semana Santa ",2,"Viaticos dentro del pais","","viaticos al chofer","cheque",2,"",{"$error":"#VALUE!"},""]
[null,{"$error":"#REF!"},{"$error":"#REF!"},{"$error":"#REF!"},{"$error":"#REF!"},{"$error":"#REF!"},"SRSV1.1.5.3.05","Coordinación de preparacion Operativo  Patronales y Festividades locales ",1,"Gasoil","lsGasoil","Galones de Gasoil Optimo","galon",2,{"v":197,"d":"197.00"},{"v":394,"d":"394.00"},"2.3.7.1.02"]
[null,{"$error":"#REF!"},{"$error":"#REF!"},{"$error":"#REF!"},{"$error":"#REF!"},{"$error":"#REF!"},"SRSV1.1.5.3.05","Coordinación de preparacion Operativo  Patronales y Festividades locales ",1,"Alimentos y bebidas para personas","lsAlimentosyBebidas","Refrigerio tipo preempacado p/20 personas (Variedades fuertes, Jugo, Desechables Transparentes, Servilletas, Hielo)","unidad",20,{"v":12537.5,"d":"12,537.50"},{"v":250750,"d":"250,750.00"},"2.3.1.1.01"]
[null,{"$error":"#REF!"},{"$error":"#REF!"},{"$error":"#REF!"},{"$error":"#REF!"},{"$error":"#REF!"},"SRSV1.1.5.3.05","Coordinación de preparacion Operativo  Patronales y Festividades locales ",1,"Viaticos dentro del pais","","viaticos al tecnico","cheque",1,"",{"$error":"#VALUE!"},""]
[null,{"$error":"#REF!"},{"$error":"#REF!"},{"$error":"#REF!"},{"$error":"#REF!"},{"$error":"#REF!"},"SRSV1.1.5.3.05","Coordinación de preparacion Operativo  Patronales y Festividades locales ",1,"Viaticos dentro del pais","","viaticos al chofer","cheque",1,"",{"$error":"#VALUE!"},""]
[null,{"$error":"#REF!"},{"$error":"#REF!"},{"$error":"#REF!"},{"$error":"#REF!"},{"$error":"#REF!"},"SRSV1.1.5.3.06","Coordinación  Preparativos y Respuesta a Temporada Ciclónica y Eventos de Salud Publica consecuentes",2,"Gasoil","lsGasoil","Galones de Gasoil Optimo","galon",2,{"v":197,"d":"197.00"},{"v":394,"d":"394.00"},"2.3.7.1.02"]
[null,{"$error":"#REF!"},{"$error":"#REF!"},{"$error":"#REF!"},{"$error":"#REF!"},{"$error":"#REF!"},"SRSV1.1.5.3.06","Coordinación  Preparativos y Respuesta a Temporada Ciclónica y Eventos de Salud Publica consecuentes",2,"Alimentos y bebidas para personas","lsAlimentosyBebidas","Refrigerio tipo preempacado p/20 personas (Variedades fuertes, Jugo, Desechables Transparentes, Servilletas, Hielo)","unidad",40,{"v":12537.5,"d":"12,537.50"},{"v":501500,"d":"501,500.00"},"2.3.1.1.01"]
[null,{"$error":"#REF!"},{"$error":"#REF!"},{"$error":"#REF!"},{"$error":"#REF!"},{"$error":"#REF!"},"SRSV1.1.5.3.06","Coordinación  Preparativos y Respuesta a Temporada Ciclónica y Eventos de Salud Publica consecuentes",2,"Viaticos dentro del pais","","viaticos al tecnico","cheque",2,"",{"$error":"#VALUE!"},""]
[null,{"$error":"#REF!"},{"$error":"#REF!"},{"$error":"#REF!"},{"$error":"#REF!"},{"$error":"#REF!"},"SRSV1.1.5.3.06","Coordinación  Preparativos y Respuesta a Temporada Ciclónica y Eventos de Salud Publica consecuentes",2,"Viaticos dentro del pais","","viaticos al chofer","cheque",2,"",{"$error":"#VALUE!"},""]
[null,{"$error":"#REF!"},{"$error":"#REF!"},{"$error":"#REF!"},{"$error":"#REF!"},{"$error":"#REF!"},"SRSV1.1.5.3.07","Coordinación  Plan de Preparación y Respuesta a Brotes Epidemiologicos",2,"Gasoil","lsGasoil","galones de Gasoil Optimo","galon",5,{"v":197,"d":"197.00"},{"v":985,"d":"985.00"},"2.3.7.1.02"]
[null,{"$error":"#REF!"},{"$error":"#REF!"},{"$error":"#REF!"},{"$error":"#REF!"},{"$error":"#REF!"},"SRSV1.1.5.3.07","Coordinación  Plan de Preparación y Respuesta a Brotes Epidemiologicos",2,"Alimentos y bebidas para personas","lsAlimentosyBebidas","Refrigerio tipo preempacado p/20 personas (Variedades fuertes, Jugo, Desechables Transparentes, Servilletas, Hielo)","unidad",40,{"v":12537.5,"d":"12,537.50"},{"v":501500,"d":"501,500.00"},"2.3.1.1.01"]
[null,{"$error":"#REF!"},{"$error":"#REF!"},{"$error":"#REF!"},{"$error":"#REF!"},{"$error":"#REF!"},"SRSV1.1.5.3.07","Coordinación  Plan de Preparación y Respuesta a Brotes Epidemiologicos",2,"Viaticos dentro del pais","","viaticos al tecnico","cheque",2,"",{"$error":"#VALUE!"},""]
[null,{"$error":"#REF!"},{"$error":"#REF!"},{"$error":"#REF!"},{"$error":"#REF!"},{"$error":"#REF!"},"SRSV1.1.5.3.07","Coordinación  Plan de Preparación y Respuesta a Brotes Epidemiologicos",2,"Viaticos dentro del pais","","viaticos al chofer","cheque",2,"",{"$error":"#VALUE!"},""]
[null,{"$error":"#REF!"},{"$error":"#REF!"},{"$error":"#REF!"},{"$error":"#REF!"},{"$error":"#REF!"},"SRSV1.1.6.1.01","Supervisión  a la implementaciòn de la cartera de servicios en la UNAP",4,"Gasoil","lsGasoil","Tickets de Combustible de RD$1,000.00","unidad",4,{"v":1000,"d":"1,000.00"},{"v":4000,"d":"4,000.00"},"2.3.7.1.02 "]
[null,{"$error":"#REF!"},{"$error":"#REF!"},{"$error":"#REF!"},{"$error":"#REF!"},{"$error":"#REF!"},"SRSV1.1.6.1.01","Supervisión  a la implementaciòn de la cartera de servicios en la UNAP",4,"Viáticos dentro del país","lsViaticosDP","Viaticos Tecnicos Sin Hospedaje","Cheque ",4,{"v":2100,"d":"2,100.00"},{"v":8400,"d":"8,400.00"},"2.2.3.1.01"]
[null,{"$error":"#REF!"},{"$error":"#REF!"},{"$error":"#REF!"},{"$error":"#REF!"},{"$error":"#REF!"},"SRSV1.1.6.1.02","Visitas de acompañamiento a los EESS sobre el  cumplimiento de los procesos de gestión de usuarios (afiches de deberes y derechos, cartera de servicios, señalización interna).",4,"Gasoil","lsGasoil","Tickets de Combustible de RD$500.00","unidad",4,{"v":500,"d":"500.00"},{"v":2000,"d":"2,000.00"},"2.3.7.1.02 "]
[null,{"$error":"#REF!"},{"$error":"#REF!"},{"$error":"#REF!"},{"$error":"#REF!"},{"$error":"#REF!"},"SRSV1.1.6.1.02","Visitas de acompañamiento a los EESS sobre el  cumplimiento de los procesos de gestión de usuarios (afiches de deberes y derechos, cartera de servicios, señalización interna).",4,"Impresión y encuadernación","lsImpresionyEncuadernacion","Impresión Formularios (dos caras)","unidad",4,{"v":1.9824,"d":"1.98"},{"v":7.9296,"d":"7.93"},"2.2.2.2.01 "]
[null,{"$error":"#REF!"},{"$error":"#REF!"},{"$error":"#REF!"},{"$error":"#REF!"},{"$error":"#REF!"},"SRSV1.1.6.1.02","Visitas de acompañamiento a los EESS sobre el  cumplimiento de los procesos de gestión de usuarios (afiches de deberes y derechos, cartera de servicios, señalización interna).",4,"Viáticos dentro del país","lsViaticosDP","Viaticos Tecnicos Sin Hospedaje","Cheque ",4,{"v":2100,"d":"2,100.00"},{"v":8400,"d":"8,400.00"},"2.2.3.1.01"]
[null,{"$error":"#REF!"},{"$error":"#REF!"},{"$error":"#REF!"},{"$error":"#REF!"},{"$error":"#REF!"},"SRSV1.1.6.1.03","Seguimiento al programa de gestión de citas en la sincerizacion de las agendas medicas  en los hospitales",4,"Gasoil","lsGasoil","Tickets de Combustible de RD$1,000.00","unidad",4,{"v":1000,"d":"1,000.00"},{"v":4000,"d":"4,000.00"},"2.3.7.1.02 "]
[null,{"$error":"#REF!"},{"$error":"#REF!"},{"$error":"#REF!"},{"$error":"#REF!"},{"$error":"#REF!"},"SRSV1.1.6.1.03","Seguimiento al programa de gestión de citas en la sincerizacion de las agendas medicas  en los hospitales",4,"Viáticos dentro del país","lsViaticosDP","Viaticos Tecnicos Sin Hospedaje","Cheque ",4,{"v":2100,"d":"2,100.00"},{"v":8400,"d":"8,400.00"},"2.2.3.1.01"]
[null,{"$error":"#REF!"},{"$error":"#REF!"},{"$error":"#REF!"},{"$error":"#REF!"},{"$error":"#REF!"},"SRSV1.1.6.1.04","Aplicaciòn de encuestra de satisfacción de usuarios",2,"Equipos de cómputo","lsEquiposComputos","Laptop de 14 pulgadas","unidad",1,{"v":27200,"d":"27,200.00"},{"v":27200,"d":"27,200.00"},"2.6.1.3.01"]
[null,{"$error":"#REF!"},{"$error":"#REF!"},{"$error":"#REF!"},{"$error":"#REF!"},{"$error":"#REF!"},"SRSV1.1.6.1.05","Elaboraciòn del Plan de mejora acorde al resultado obtenido de la encuesta de satisfacción",2,"Equipos de cómputo","lsEquiposComputos","Laptop de 14 pulgadas","unidad",1,{"v":27200,"d":"27,200.00"},{"v":27200,"d":"27,200.00"},"2.6.1.3.01"]
[null,{"$error":"#REF!"},{"$error":"#REF!"},{"$error":"#REF!"},{"$error":"#REF!"},{"$error":"#REF!"},"SRSV1.1.6.1.05","Elaboraciòn del Plan de mejora acorde al resultado obtenido de la encuesta de satisfacción",2,"Impresión y encuadernación","lsImpresionyEncuadernacion","Impresión Formularios (dos caras)","unidad",10,{"v":1.9824,"d":"1.98"},{"v":19.823999999999998,"d":"19.82"},"2.2.2.2.01 "]
[null,{"$error":"#REF!"},{"$error":"#REF!"},{"$error":"#REF!"},{"$error":"#REF!"},{"$error":"#REF!"},"SRSV1.1.6.1.06","Supervisión a a implementación del plan de mejora producto de la encuesta de satisfacción",3,"Gasoil","lsGasoil","Tickets de Combustible de RD$1,000.00","unidad",3,{"v":1000,"d":"1,000.00"},{"v":3000,"d":"3,000.00"},"2.3.7.1.02 "]
[null,{"$error":"#REF!"},{"$error":"#REF!"},{"$error":"#REF!"},{"$error":"#REF!"},{"$error":"#REF!"},"SRSV1.1.6.1.06","Supervisión a a implementación del plan de mejora producto de la encuesta de satisfacción",3,"Viáticos dentro del país","lsViaticosDP","Viaticos Tecnicos Sin Hospedaje","Cheque ",3,{"v":2100,"d":"2,100.00"},{"v":6300,"d":"6,300.00"},"2.2.3.1.01"]
[null,{"$error":"#REF!"},{"$error":"#REF!"},{"$error":"#REF!"},{"$error":"#REF!"},{"$error":"#REF!"},"SRSV1.1.6.2.01","Seguimiento a la actualización de las listas de espera quirúrgicas",4,"Impresión y encuadernación","lsImpresionyEncuadernacion","Impresión Formularios (dos caras)",null,8,{"v":1.9824,"d":"1.98"},{"v":15.8592,"d":"15.86"},"2.2.2.2.01 ","Anticipo Financiero"]
[null,{"$error":"#REF!"},{"$error":"#REF!"},{"$error":"#REF!"},{"$error":"#REF!"},{"$error":"#REF!"},"SRSV1.1.6.2.01","Seguimiento a la actualización de las listas de espera quirúrgicas",4,"Equipos de cómputo","lsEquiposComputos","Computadoras de escritorio","unidad",1,{"v":36954.32,"d":"36,954.32"},{"v":36954.32,"d":"36,954.32"},"2.6.1.3.01","Anticipo Financiero"]
[null,{"$error":"#REF!"},{"$error":"#REF!"},{"$error":"#REF!"},{"$error":"#REF!"},{"$error":"#REF!"},"SRSV1.1.6.2.01","Seguimiento a la actualización de las listas de espera quirúrgicas",4,"Útiles de escritorio, oficina, informática y de enseñanza","lsUtilesdeOficina","CF283A (83A) para impresora HP MFP M127 FN","unidad",4,{"v":2700.005,"d":"2,700.01"},{"v":10800.02,"d":"10,800.02"},"2.3.9.2.01 ","Anticipo Financiero"]
[null,{"$error":"#REF!"},{"$error":"#REF!"},{"$error":"#REF!"},{"$error":"#REF!"},{"$error":"#REF!"},"SRSV1.1.6.2.02","Reporte oportuno de las listas de espera quirúrgicas",12,"Equipos de cómputo","lsEquiposComputos","Computadoras de escritorio",null,1,{"v":36954.32,"d":"36,954.32"},{"v":36954.32,"d":"36,954.32"},"2.6.1.3.01","Anticipo Financiero"]
[null,{"$error":"#REF!"},{"$error":"#REF!"},{"$error":"#REF!"},{"$error":"#REF!"},{"$error":"#REF!"},"SRSV2.1.1.1.01","Seguimiento a la elabroación y actualización de croquis ",3,"Viáticos dentro del país","lsViaticosDP","Viaticos Chofer Sin Hospedaje",null,2,{"v":1500,"d":"1,500.00"},{"v":3000,"d":"3,000.00"},"2.2.3.1.01"]
[null,{"$error":"#REF!"},{"$error":"#REF!"},{"$error":"#REF!"},{"$error":"#REF!"},{"$error":"#REF!"},"SRSV2.1.1.1.02","Reuniones  de trabajo con los equipos de la UNAP y coordinadores de zona para evaluar la implementaciòn de consultas programadas a grupos priorizados",2,"Productos de Papel, Cartón e Impresos","lsProductosdePapel","Resma de Papel 8 1/2x11","resma",1,139.24,139.24,"2.3.3.1.01"]
[null,{"$error":"#REF!"},{"$error":"#REF!"},{"$error":"#REF!"},{"$error":"#REF!"},{"$error":"#REF!"},"SRSV2.1.1.1.05","Supervisión a la adherencia de guias y protocolos de atención en el primer nivel",4,"Productos de Papel, Cartón e Impresos","lsProductosdePapel","Resma de Papel 8 1/2x11","resma",1,139.24,139.24,"2.3.3.1.01"]
[null,{"$error":"#REF!"},{"$error":"#REF!"},{"$error":"#REF!"},{"$error":"#REF!"},{"$error":"#REF!"},"SRSV2.1.1.1.03","Coordinar el Levantamiento de perfil epidemiologico (ASIS) de poblacion asignada",3,"Impresión y encuadernación","lsImpresionyEncuadernacion","Impresión Formularios (dos caras)","unidad",3,{"v":1.9824,"d":"1.98"},{"v":5.9472,"d":"5.95"},"2.2.2.2.01 "]
[null,{"$error":"#REF!"},{"$error":"#REF!"},{"$error":"#REF!"},{"$error":"#REF!"},{"$error":"#REF!"},"SRSV2.1.1.1.03","Coordinar el Levantamiento de perfil epidemiologico (ASIS) de poblacion asignada",3,"Productos de Papel, Cartón e Impresos","lsProductosdePapel","Resma de Papel 8 1/2x11","resma",1,139.24,139.24,"2.3.3.1.01"]
[null,{"$error":"#REF!"},{"$error":"#REF!"},{"$error":"#REF!"},{"$error":"#REF!"},{"$error":"#REF!"},"SRSV2.2.1.1.01","Seguimiento al proceso de referencia y contrareferencia",12,"Gasoil","lsGasoil","Tickets de Combustible de RD$1,000.00","unidad",12,{"v":1000,"d":"1,000.00"},{"v":12000,"d":"12,000.00"},"2.3.7.1.02 "]
[null,{"$error":"#REF!"},{"$error":"#REF!"},{"$error":"#REF!"},{"$error":"#REF!"},{"$error":"#REF!"},"SRSV2.2.1.1.01","Seguimiento al proceso de referencia y contrareferencia",12,"Viáticos dentro del país","lsViaticosDP","Viaticos Tecnicos Sin Hospedaje","Cheque ",12,{"v":2100,"d":"2,100.00"},{"v":25200,"d":"25,200.00"},"2.2.3.1.01"]
[null,{"$error":"#REF!"},{"$error":"#REF!"},{"$error":"#REF!"},{"$error":"#REF!"},{"$error":"#REF!"},"SRSV2.2.2.1.01","Seguimiento a la conformacion Comité de veeduria Ciudadana en salud",4,"Gasoil","Galones de Gasoil Optimo","GAL",12,"1,800.00",{"v":21600,"d":"21,600.00"},"2.3.7.1.02","Venta de servicios"]
[null,{"$error":"#REF!"},{"$error":"#REF!"},{"$error":"#REF!"},{"$error":"#REF!"},{"$error":"#REF!"},"SRSV2.2.2.1.02","Conformacion Comité de veeduria Ciudadana en salud",4,"Gasoil","Galones de Gasoil Optimo","GAL ",12,"1,800.00",{"v":21600,"d":"21,600.00"},"2.3.7.1.02","Venta de servicios"]
[null,{"$error":"#REF!"},{"$error":"#REF!"},{"$error":"#REF!"},{"$error":"#REF!"},{"$error":"#REF!"},"SRSV2.2.2.2.01","Seguimiento a la conformacion de los comites hospitalarios.",2,"Gasoil",null,"Galones de Gasoil Optimo","galon",4]
[null,{"$error":"#REF!"},{"$error":"#REF!"},{"$error":"#REF!"},{"$error":"#REF!"},{"$error":"#REF!"},"SRSV2.2.2.2.02","Seguimiento a la conformación de los diferentes comités del Primer Nivel",4,"Productos de Papel, Cartón e Impresos","lsProductosdePapel","Resma de Papel 8 1/2x11","resma",1,139.24,139.24,"2.3.3.1.01"]
[null,{"$error":"#REF!"},{"$error":"#REF!"},{"$error":"#REF!"},{"$error":"#REF!"},{"$error":"#REF!"},"SRSV2.2.4.1.01","Levantamiento de requerimiento minimo de los servicios del PN y NC para su habilitación.",1,"Impresión y encuadernación","lsImpresionyEncuadernacion","Impresión Formularios (dos caras)","unidad",154,{"v":1.9824,"d":"1.98"},{"v":305.2896,"d":"305.29"},"2.2.2.2.01 "]
[null,{"$error":"#REF!"},{"$error":"#REF!"},{"$error":"#REF!"},{"$error":"#REF!"},{"$error":"#REF!"},"SRSV2.2.4.1.02","Coordinación de la elaboraciòn de plan de mejora  para el proceso de habilitacion de establecimientos de salud",2,"Viáticos dentro del país","lsViaticosDP","Viaticos Tecnicos Sin Hospedaje","Cheque ",2,{"v":2100,"d":"2,100.00"},{"v":4200,"d":"4,200.00"},"2.2.3.1.01"]
[null,{"$error":"#REF!"},{"$error":"#REF!"},{"$error":"#REF!"},{"$error":"#REF!"},{"$error":"#REF!"},"SRSV2.2.4.1.03","Seguimiento a la elaboración del plan de mejora de habilitación de los establecimientos de salud",3,"Impresión y encuadernación","lsImpresionyEncuadernacion","Impresión Formularios (dos caras)","unidad",16,{"v":1.9824,"d":"1.98"},{"v":31.7184,"d":"31.72"},"2.2.2.2.01 "]
[null,{"$error":"#REF!"},{"$error":"#REF!"},{"$error":"#REF!"},{"$error":"#REF!"},{"$error":"#REF!"},"SRSV3.2.1.1.01","Levantamiento y detección de necesidades de capacitación del SRS y CEAS",1,"Alimentos y bebidas para personas","lsAlimentosyBebidas","Almuerzo tipo Buffet para 30 personas (Cristaleria, Cuberteria, Servilletas, Jugo) ","unidad",30,{"v":25488,"d":"25,488.00"},{"v":764640,"d":"764,640.00"},"2.3.1.1.01"]
[null,{"$error":"#REF!"},{"$error":"#REF!"},{"$error":"#REF!"},{"$error":"#REF!"},{"$error":"#REF!"},"SRSV3.2.1.1.02.","Elaboración al Plan de Capacitación de CEAS 2022",1,"Alimentos y bebidas para personas","lsAlimentosyBebidas","Almuerzo tipo Buffet para 30 personas (Cristaleria, Cuberteria, Servilletas, Jugo) ","unidad",30,{"v":25488,"d":"25,488.00"},{"v":764640,"d":"764,640.00"},"2.3.1.1.01"]
[null,{"$error":"#REF!"},{"$error":"#REF!"},{"$error":"#REF!"},{"$error":"#REF!"},{"$error":"#REF!"},"SRSV3.2.1.1.03","Seguimiento al desarrollo del Plan de Capacitación de los CEAS 2021",4,"Viáticos dentro del país","lsViaticosDP","Viaticos Tecnicos Sin Hospedaje","Cheque ",4,{"v":2100,"d":"2,100.00"},{"v":8400,"d":"8,400.00"},"2.2.3.1.01"]
[null,{"$error":"#REF!"},{"$error":"#REF!"},{"$error":"#REF!"},{"$error":"#REF!"},{"$error":"#REF!"},"SRSV3.2.3.1.01","Aplicación Encuesta de clima laboral",1,"Equipos de cómputo","lsEquiposComputos","Computadoras de escritorio","unidad",1,{"v":36954.32,"d":"36,954.32"},{"v":36954.32,"d":"36,954.32"},"2.6.1.3.01"]
[null,{"$error":"#REF!"},{"$error":"#REF!"},{"$error":"#REF!"},{"$error":"#REF!"},{"$error":"#REF!"},"SRSV3.2.3.1.02","Elaboración del Plan de Mejora con los resultados de la Encuesta de Clima Laboral",1,"Impresión y encuadernación","lsImpresionyEncuadernacion","Impresión Formularios (dos caras)","unidad",1,{"v":1.9824,"d":"1.98"},{"v":1.9824,"d":"1.98"},"2.2.2.2.01 "]
[null,{"$error":"#REF!"},{"$error":"#REF!"},{"$error":"#REF!"},{"$error":"#REF!"},{"$error":"#REF!"},"SRSV3.2.3.1.03","Seguimiento a la implementación del plan de mejora de los resultados de la encuesta de clima laboral",4,"Viáticos dentro del país","lsViaticosDP","Viaticos Tecnicos Sin Hospedaje","Cheque ",1,{"v":2100,"d":"2,100.00"},{"v":2100,"d":"2,100.00"},"2.2.3.1.01"]
[null,{"$error":"#REF!"},{"$error":"#REF!"},{"$error":"#REF!"},{"$error":"#REF!"},{"$error":"#REF!"},"SRSV3.2.3.1.04","Elaboraciòn acuerdos  Desempeño en toda la red del SRS  2021",1,"Impresión y encuadernación","lsImpresionyEncuadernacion","Impresión Formularios (dos caras)","unidad",1,{"v":1.9824,"d":"1.98"},{"v":1.9824,"d":"1.98"},"2.2.2.2.01 "]
[null,{"$error":"#REF!"},{"$error":"#REF!"},{"$error":"#REF!"},{"$error":"#REF!"},{"$error":"#REF!"},"SRSV3.2.3.1.05","Evaluación Desempeño SRS-CEAS 2021",1,"Impresión y encuadernación","lsImpresionyEncuadernacion","Impresión Formularios (dos caras)","unidad",1,{"v":1.9824,"d":"1.98"},{"v":1.9824,"d":"1.98"},"2.2.2.2.01 "]
[null,{"$error":"#REF!"},{"$error":"#REF!"},{"$error":"#REF!"},{"$error":"#REF!"},{"$error":"#REF!"},"SRSV3.2.3.1.06","Sesiones de trabajo con CEAS para  socializacion regimen etico y disciplinario, (presentacion expedientes, aplicación regimen disciplinario)",2,"Alimentos y bebidas para personas","lsAlimentosyBebidas","Almuerzo tipo Buffet para 30 personas (Cristaleria, Cuberteria, Servilletas, Jugo) ","unidad",60,{"v":25488,"d":"25,488.00"},{"v":1529280,"d":"1,529,280.00"},"2.3.1.1.01"]
[null,{"$error":"#REF!"},{"$error":"#REF!"},{"$error":"#REF!"},{"$error":"#REF!"},{"$error":"#REF!"},"SRSV3.2.3.1.07","Actualización Sistema SIU para  registro licencias en SRS y CEAS. ",2,"Equipos de cómputo","lsEquiposComputos","Computadoras de escritorio","unidad",1,{"v":36954.32,"d":"36,954.32"},{"v":36954.32,"d":"36,954.32"},"2.6.1.3.01"]
[null,{"$error":"#REF!"},{"$error":"#REF!"},{"$error":"#REF!"},{"$error":"#REF!"},{"$error":"#REF!"},"SRSV3.2.3.1.08","Aplicación del componente de competencias y del régimen ético y disciplinario en SRS y CEAS.",1,"Equipos de cómputo","lsEquiposComputos","Computadoras de escritorio","unidad",1,{"v":36954.32,"d":"36,954.32"},{"v":36954.32,"d":"36,954.32"},"2.6.1.3.01"]
[null,{"$error":"#REF!"},{"$error":"#REF!"},{"$error":"#REF!"},{"$error":"#REF!"},{"$error":"#REF!"},"SRSV3.2.3.1.01","Implementación del Proceso de Auditoría Médica",4,"Equipos de cómputo","lsEquiposComputos","Computadoras de escritorio","unidad",1,{"v":36954.32,"d":"36,954.32"},{"v":36954.32,"d":"36,954.32"},"2.6.1.3.01"]
[null,{"$error":"#REF!"},{"$error":"#REF!"},{"$error":"#REF!"},{"$error":"#REF!"},{"$error":"#REF!"},"SRSV4.1.1.1.01","Auditoría Calidad del Dato en los EESS del SRS según el Plan auditoria",4,null,"",null,"",null,"",{"$error":"#VALUE!"},""]
[null,{"$error":"#REF!"},{"$error":"#REF!"},{"$error":"#REF!"},{"$error":"#REF!"},{"$error":"#REF!"},"SRSV4.1.1.1.02","Reunión de socialización para implementación de mejoras según los hallazgos encontrados en la auditoria de calidad del dato",3,"Equipos Audio Visuales (PLANIFICACION)",null,"laptop","unidad",1,"",{"$error":"#VALUE!"},""]
[null,{"$error":"#REF!"},{"$error":"#REF!"},{"$error":"#REF!"},{"$error":"#REF!"},{"$error":"#REF!"},"SRSV4.1.1.2.01","Monitoreo Indicadores SISMAP Hospitalario",4,null,"",null,"",null,"",{"$error":"#VALUE!"},""]
[null,{"$error":"#REF!"},{"$error":"#REF!"},{"$error":"#REF!"},{"$error":"#REF!"},{"$error":"#REF!"},"SRSV4.1.1.2.02","Autodiagnóstico CAF",1,null,"",null,"",null,"",{"$error":"#VALUE!"},""]
[null,{"$error":"#REF!"},{"$error":"#REF!"},{"$error":"#REF!"},{"$error":"#REF!"},{"$error":"#REF!"},"SRSV4.1.1.2.03","Reuniones para seguimiento de CAF y Carta Compromiso Ciudadano en la Red",4,"Viáticos dentro del país","lsViaticosDP","Viaticos Tecnicos Sin Hospedaje","Cheque ",4,{"v":2100,"d":"2,100.00"},{"v":8400,"d":"8,400.00"},"2.2.3.1.01"]
[null,{"$error":"#REF!"},{"$error":"#REF!"},{"$error":"#REF!"},{"$error":"#REF!"},{"$error":"#REF!"},"SRSV4.1.1.2.04","Seguimiento a la implementación del Plan de Mejora CAF",4,null,"",null,"",null,"",{"$error":"#VALUE!"},""]
[null,{"$error":"#REF!"},{"$error":"#REF!"},{"$error":"#REF!"},{"$error":"#REF!"},{"$error":"#REF!"},"SRSV4.1.1.2.05","Reunión de seguimiento a los planes de mejora producto del informe de retorno y auditorías de calidad del CAF",3,"Productos de Papel, Cartón e Impresos","lsProductosdePapel","Resma de Papel 8 1/2x11","resma",3,139.24,417.72,"2.3.3.1.01"]
[null,{"$error":"#REF!"},{"$error":"#REF!"},{"$error":"#REF!"},{"$error":"#REF!"},{"$error":"#REF!"},"SRSV4.1.1.2.06","Sesiones de trabajo Comité de Calidad Institucional",6,"Alimentos y bebidas para personas","lsAlimentosyBebidas","Refrigerio tipo Buffet p/15 personas (3 Variedades, Desechables Transparentes, Jugo Natural, Servilletas, Hielo) ","unidad",15,{"v":5929.5,"d":"5,929.50"},{"v":88942.5,"d":"88,942.50"},"2.3.1.1.01"]
[null,{"$error":"#REF!"},{"$error":"#REF!"},{"$error":"#REF!"},{"$error":"#REF!"},{"$error":"#REF!"},"SRSV4.1.1.2.07","Seguimiento al cumplimiento de los indicadores comprometidos en la CCC",4,"Viáticos dentro del país","lsViaticosDP","Viaticos Tecnicos Sin Hospedaje","Cheque ",4,{"v":2100,"d":"2,100.00"},{"v":8400,"d":"8,400.00"},"2.2.3.1.01"]
[null,{"$error":"#REF!"},{"$error":"#REF!"},{"$error":"#REF!"},{"$error":"#REF!"},{"$error":"#REF!"},"SRSV4.1.1.3.03","Reporte oportuno de la producción de servicios de la Red",12,null,"",null,"",null,"",{"$error":"#VALUE!"},""]
[null,{"$error":"#REF!"},{"$error":"#REF!"},{"$error":"#REF!"},{"$error":"#REF!"},{"$error":"#REF!"},"SRSV4.1.1.3.02","Seguimiento a la carga y validación de reportes de producción de servicios a de toda la red  SRS",12,null,"",{"$nulls":3},"",{"$error":"#VALUE!"},""]
[null,{"$error":"#REF!"},{"$error":"#REF!"},{"$error":"#REF!"},{"$error":"#REF!"},{"$error":"#REF!"},"SRSV4.1.1.3.04","Taller de reforzamiento de registros de producción de servicios y bases de datos de reportes de eventos y notificación de enfermedades. acorde al informe de auditoria de calidad del dato del SNS",2,"Equipos Audio Visuales (PLANIFICACION)",null,"laptop","unidad",1,"",{"$error":"#VALUE!"},""]
[null,{"$error":"#REF!"},{"$error":"#REF!"},{"$error":"#REF!"},{"$error":"#REF!"},{"$error":"#REF!"},"SRSV4.1.1.4.01","Elaboración del POA 2022",1,"Alimentos y bebidas para personas","lsAlimentosyBebidas","Refrigerio tipo Buffet p/150 personas (Diferentes Variedades, Bambalinas, Manteles, Desechables, Hielo, Servilletas)","unidad",150,{"v":65844,"d":"65,844.00"},{"v":9876600,"d":"9,876,600.00"},"2.3.1.1.01"]
[null,{"$error":"#REF!"},{"$error":"#REF!"},{"$error":"#REF!"},{"$error":"#REF!"},{"$error":"#REF!"},"SRSV4.1.1.4.01","Elaboración del POA 2022",1,"Impresión y encuadernación","lsImpresionyEncuadernacion","Impresión Formularios (dos caras)",null,150,{"v":1.9824,"d":"1.98"},297.36,"2.2.2.2.01 "]
[null,{"$error":"#REF!"},{"$error":"#REF!"},{"$error":"#REF!"},{"$error":"#REF!"},{"$error":"#REF!"},"SRSV4.1.1.4.01","Elaboración del POA 2022",1,"Útiles de escritorio, oficina, informática y de enseñanza","lsUtilesdeOficina","Lapiceros Azules","Caja",150,71.98,{"v":10797,"d":"10,797.00"},"2.3.9.2.01 "]
[null,{"$error":"#REF!"},{"$error":"#REF!"},{"$error":"#REF!"},{"$error":"#REF!"},{"$error":"#REF!"},"SRSV4.1.1.4.02","Elaboración del PACC 2022",1,"Alimentos y bebidas para personas","lsAlimentosyBebidas","Almuerzo tipo Buffet para 40 personas (Cristalería, Cuberteria, Mesas, Sillas, Manteles, Servilletas)","unidad",40,{"v":61419,"d":"61,419.00"},{"v":2456760,"d":"2,456,760.00"},"2.3.1.1.01"]
[null,{"$error":"#REF!"},{"$error":"#REF!"},{"$error":"#REF!"},{"$error":"#REF!"},{"$error":"#REF!"},"SRSV4.1.1.4.02","Elaboración del PACC 2022",1,"Impresión y encuadernación","lsImpresionyEncuadernacion","Impresión Formularios (dos caras)","unidad",40,{"v":1.9824,"d":"1.98"},{"v":79.29599999999999,"d":"79.30"},"2.2.2.2.01 "]
[null,{"$error":"#REF!"},{"$error":"#REF!"},{"$error":"#REF!"},{"$error":"#REF!"},{"$error":"#REF!"},"SRSV4.1.1.4.03","Elaboración de la Memoria Institucional 2021",1,"Alimentos y bebidas para personas","lsAlimentosyBebidas","Refrigerio Dulce tipo Buffet p/65 Personas (Arreglo Flores, Alquiler Cristalería, Sillas, Servilletas, Mesa, Bambalina, Tope)","unidad",65,{"v":33435.3,"d":"33,435.30"},{"v":2173294.5,"d":"2,173,294.50"},"2.3.1.1.01"]
[null,{"$error":"#REF!"},{"$error":"#REF!"},{"$error":"#REF!"},{"$error":"#REF!"},{"$error":"#REF!"},"SRSV4.1.1.4.03","Elaboración de la Memoria Institucional 2021",1,"Impresión y encuadernación","lsImpresionyEncuadernacion","Impresión Formularios (dos caras)","unidad",65,{"v":1.9824,"d":"1.98"},{"v":128.856,"d":"128.86"},"2.2.2.2.01 "]
[null,{"$error":"#REF!"},{"$error":"#REF!"},{"$error":"#REF!"},{"$error":"#REF!"},{"$error":"#REF!"},"SRSV4.1.1.4.04","Levantamiento de los proyectos de cooperacion finalizados en el 2020 y en ejecucion 2021",4,"Alimentos y bebidas para personas","lsAlimentosyBebidas","Almuerzo tipo Buffet para 40 personas (Cristalería, Cuberteria, Mesas, Sillas, Manteles, Servilletas)","unidad",40,{"v":61419,"d":"61,419.00"},{"v":2456760,"d":"2,456,760.00"},"2.3.1.1.01"]
[null,{"$error":"#REF!"},{"$error":"#REF!"},{"$error":"#REF!"},{"$error":"#REF!"},{"$error":"#REF!"},"SRSV4.1.1.4.04","Levantamiento de los proyectos de cooperacion finalizados en el 2020 y en ejecucion 2021",4,"Impresión y encuadernación","lsImpresionyEncuadernacion","Impresión Formularios (dos caras)","unidad",40,{"v":1.9824,"d":"1.98"},{"v":79.29599999999999,"d":"79.30"},"2.2.2.2.01 "]
[null,{"$error":"#REF!"},{"$error":"#REF!"},{"$error":"#REF!"},{"$error":"#REF!"},{"$error":"#REF!"},"SRSV4.1.1.4.04","Levantamiento de los proyectos de cooperacion finalizados en el 2020 y en ejecucion 2021",4,"Útiles de escritorio, oficina, informática y de enseñanza","lsUtilesdeOficina","Lapiceros color negro (cajas)","unidad",40,{"v":55,"d":"55.00"},{"v":2200,"d":"2,200.00"},"2.3.9.2.01 "]
[null,{"$error":"#REF!"},{"$error":"#REF!"},{"$error":"#REF!"},{"$error":"#REF!"},{"$error":"#REF!"},"SRSV4.1.1.5.01","Monitoreo Planes operativos del SRS y CEAS",4,"Gasoil","lsGasoil","Galones de Gasoil Regular","galon",10,{"v":280,"d":"280.00"},{"v":2800,"d":"2,800.00"},"2.3.7.1.02"]
[null,{"$error":"#REF!"},{"$error":"#REF!"},{"$error":"#REF!"},{"$error":"#REF!"},{"$error":"#REF!"},"SRSV4.1.1.5.01","Monitoreo Planes operativos del SRS y CEAS",4,"Viáticos dentro del país","lsViaticosDP","Viaticos Tecnicos Sin Hospedaje","Cheque ",4,{"v":2100,"d":"2,100.00"},{"v":8400,"d":"8,400.00"},"2.2.3.1.01"]
[null,{"$error":"#REF!"},{"$error":"#REF!"},{"$error":"#REF!"},{"$error":"#REF!"},{"$error":"#REF!"},"SRSV4.1.1.5.01","Monitoreo Planes operativos del SRS y CEAS",4,"Equipos de cómputo","lsEquiposComputos","Laptop de 14 pulgadas","unidad",null,{"v":27200,"d":"27,200.00"},{"v":0,"d":"0.00"},"2.6.1.3.01"]
[null,{"$error":"#REF!"},{"$error":"#REF!"},{"$error":"#REF!"},{"$error":"#REF!"},{"$error":"#REF!"},"SRSV4.1.1.5.01","Monitoreo Planes operativos del SRS y CEAS",4,"Viáticos dentro del país","lsViaticosDP","Viaticos Chofer Sin Hospedaje","Cheque ",4,{"v":1500,"d":"1,500.00"},{"v":6000,"d":"6,000.00"},"2.2.3.1.01"]
[null,{"$error":"#REF!"},{"$error":"#REF!"},{"$error":"#REF!"},{"$error":"#REF!"},{"$error":"#REF!"},"SRSV4.1.1.5.02","Socialización de los resultados del monitoreo del POA",4,"Alimentos y bebidas para personas","lsAlimentosyBebidas","Servicio de Refrigerio tipo buffet 30 Personas","unidad",120,{"v":24225.4,"d":"24,225.40"},{"v":2907048,"d":"2,907,048.00"},"2.3.1.1.01"]
[null,{"$error":"#REF!"},{"$error":"#REF!"},{"$error":"#REF!"},{"$error":"#REF!"},{"$error":"#REF!"},"SRSV4.1.1.5.02","Socialización de los resultados del monitoreo del POA",4,"Equipos de cómputo","lsEquiposComputos","Laptop de 14 pulgadas","unidad",1,{"v":27200,"d":"27,200.00"},{"v":27200,"d":"27,200.00"},"2.6.1.3.01"]
[null,{"$error":"#REF!"},{"$error":"#REF!"},{"$error":"#REF!"},{"$error":"#REF!"},{"$error":"#REF!"},"SRSV4.1.1.6.01","Levantamiento de necesidades de infraesructura tecnologica",2,"Equipos de cómputo","lsEquiposComputos","Laptop de 14 pulgadas","unidad",1,{"v":27200,"d":"27,200.00"},{"v":27200,"d":"27,200.00"},"2.6.1.3.01","Anticipo Financiero"]
[null,{"$error":"#REF!"},{"$error":"#REF!"},{"$error":"#REF!"},{"$error":"#REF!"},{"$error":"#REF!"},"SRSV4.1.1.6.01","Levantamiento de necesidades de infraesructura tecnologica","","Impresión y encuadernación","lsImpresionyEncuadernacion","Impresión Formularios (dos caras)","unidad",2,{"v":1.9824,"d":"1.98"},{"v":3.9648,"d":"3.96"},"2.2.2.2.01 ","Anticipo Financiero"]
[null,{"$error":"#REF!"},{"$error":"#REF!"},{"$error":"#REF!"},{"$error":"#REF!"},{"$error":"#REF!"},"SRSV4.1.1.6.01","Levantamiento de necesidades de infraesructura tecnologica","","Productos de cemento","lsProductosdeCemento","Cemento blanco","libra",100,18.88,{"v":1888,"d":"1,888.00"},"2.3.6.1.01","Anticipo Financiero"]
[null,{"$error":"#REF!"},{"$error":"#REF!"},{"$error":"#REF!"},{"$error":"#REF!"},{"$error":"#REF!"},"SRSV4.1.1.6.01","Levantamiento de necesidades de infraesructura tecnologica","","Obras menores en edificaciones","lsObrasMenoresEdificaciones"," Adecuación Local ","unidad",1,""]
[null,{"$error":"#REF!"},{"$error":"#REF!"},{"$error":"#REF!"},{"$error":"#REF!"},{"$error":"#REF!"},"srsV4.1.1.6.02","Soporte a los requerimientos tecnológicos internos",4,"Alimentos y bebidas para personas","lsAlimentosyBebidas","Almuerzo tipo Buffet para 10 personas (Cristaleria, Cuberteria, Servilletas, Jugo)","unidad",4,{"v":5000.5,"d":"5,000.50"},{"v":20002,"d":"20,002.00"},"2.3.1.1.01","Anticipo Financiero"]
[null,{"$error":"#REF!"},{"$error":"#REF!"},{"$error":"#REF!"},{"$error":"#REF!"},{"$error":"#REF!"},"srsV4.1.1.6.02","Soporte a los requerimientos tecnológicos internos","","Herramientas menores","lsHerramientasMenores","Destornillador de Estria","unidad",2,208.86,417.72,"2.3.6.3.04","Anticipo Financiero"]
[null,{"$error":"#REF!"},{"$error":"#REF!"},{"$error":"#REF!"},{"$error":"#REF!"},{"$error":"#REF!"},"srsV4.1.1.6.02","Soporte a los requerimientos tecnológicos internos","","Herramientas menores","lsHerramientasMenores","Tubo de Silicón Transparente","unidad",10,{"v":265.5,"d":"265.50"},{"v":2655,"d":"2,655.00"},"2.3.6.3.04","Anticipo Financiero"]
[null,{"$error":"#REF!"},{"$error":"#REF!"},{"$error":"#REF!"},{"$error":"#REF!"},{"$error":"#REF!"},"srsV4.1.1.6.02","Soporte a los requerimientos tecnológicos internos","","Herramientas menores","lsHerramientasMenores","Rack de pared 7U con Bisagras","unidad",2,{"v":1416,"d":"1,416.00"},{"v":2832,"d":"2,832.00"},"2.3.6.3.04","Anticipo Financiero"]
[null,{"$error":"#REF!"},{"$error":"#REF!"},{"$error":"#REF!"},{"$error":"#REF!"},{"$error":"#REF!"},"srsV4.1.1.6.02","Soporte a los requerimientos tecnológicos internos","","Herramientas menores","lsHerramientasMenores","Patch Panel 24 puertos Cat.6","unidad",2,{"v":3030.43,"d":"3,030.43"},{"v":6060.86,"d":"6,060.86"},"2.3.6.3.04","Anticipo Financiero"]
[null,{"$error":"#REF!"},{"$error":"#REF!"},{"$error":"#REF!"},{"$error":"#REF!"},{"$error":"#REF!"},"srsV4.1.1.6.02","Soporte a los requerimientos tecnológicos internos","","Herramientas menores","lsHerramientasMenores","Destornillador Plano","unidad",2,{"v":206.735,"d":"206.74"},413.47,"2.3.6.3.04","Anticipo Financiero"]
[null,{"$error":"#REF!"},{"$error":"#REF!"},{"$error":"#REF!"},{"$error":"#REF!"},{"$error":"#REF!"},"srsV4.1.1.6.02","Soporte a los requerimientos tecnológicos internos","","Impresión y encuadernación","lsImpresionyEncuadernacion","Impresión Formularios (dos caras)","unidad",2,{"v":1.9824,"d":"1.98"},{"v":3.9648,"d":"3.96"},"2.2.2.2.01 ","Anticipo Financiero"]
[null,{"$error":"#REF!"},{"$error":"#REF!"},{"$error":"#REF!"},{"$error":"#REF!"},{"$error":"#REF!"},"SRSV4.1.1.10.02","Seguimiento del Plan de mantenimiento preventivo de equipos e infraestructura física 2020","",null,"",null,"",null,"",{"$error":"#VALUE!"},""]
[null,{"$error":"#REF!"},{"$error":"#REF!"},{"$error":"#REF!"},{"$error":"#REF!"},{"$error":"#REF!"},"SRSV4.1.1.3.01","Supervision del cumplimiento de los lineamientos de seguridad hospitalaria.",2,"Productos químicos de uso personal",null,"Galón de Gel Anti-bacterial para manos","unidad",1]
[null,{"$error":"#REF!"},{"$error":"#REF!"},{"$error":"#REF!"},{"$error":"#REF!"},{"$error":"#REF!"},"SRSV4.1.1.10.01","Elaboración del Plan de mantenimiento preventivo de equipos e infraestructura física 2021",1,"Viáticos dentro del país","lsViaticosDP","Viaticos Chofer Sin Hospedaje","Cheque ",12,{"v":1500,"d":"1,500.00"},{"v":18000,"d":"18,000.00"},"2.2.3.1.01"]
[null,{"$error":"#REF!"},{"$error":"#REF!"},{"$error":"#REF!"},{"$error":"#REF!"},{"$error":"#REF!"},"SRSV4.1.1.10.02","Seguimiento del Plan de mantenimiento preventivo de equipos e infraestructura física 2020",4,"Viáticos dentro del país","lsViaticosDP","Viaticos Chofer Sin Hospedaje","Cheque ",12,{"v":1500,"d":"1,500.00"},{"v":18000,"d":"18,000.00"},"2.2.3.1.01"]
[null,{"$error":"#REF!"},{"$error":"#REF!"},{"$error":"#REF!"},{"$error":"#REF!"},{"$error":"#REF!"},"SRSV.4.1.2.2.01","Seguimiento a la ejecución del plan de mejora de la NOBACI",1,"Alimentos y bebidas para personas","lsAlimentosyBebidas","Refrigerio tipo preempacado p/20 personas (Variedades fuertes, Jugo, Desechables Transparentes, Servilletas, Hielo)","unidad",20,{"v":12537.5,"d":"12,537.50"},{"v":250750,"d":"250,750.00"},"2.3.1.1.01","Venta de servicios"]
[null,{"$error":"#REF!"},{"$error":"#REF!"},{"$error":"#REF!"},{"$error":"#REF!"},{"$error":"#REF!"},"SRSV.4.1.2.3.01","Coordinación de la elaboracion de planes de mejora facturación de los CEAS  ",1,"Alimentos y bebidas para personas","lsAlimentosyBebidas","Refrigerio tipo preempacado p/50 personas (3 Variedades, Jugo, Desechables Transparentes, Hielo, Servilleta) ","unidad",50,{"v":19706,"d":"19,706.00"},{"v":985300,"d":"985,300.00"},"2.3.1.1.01","Venta de servicios"]
[null,{"$error":"#REF!"},{"$error":"#REF!"},{"$error":"#REF!"},{"$error":"#REF!"},{"$error":"#REF!"},"SRSV.4.1.2.3.01","Coordinación de la elaboracion de planes de mejora facturación de los CEAS  ",1,"Equipo de comunicación, telecomunicaciones y señalamiento","lsTelecomunicaciones","Otras Señales","unidad",1,{"v":1150,"d":"1,150.00"},{"v":1150,"d":"1,150.00"},"2.6.5.5.01","Venta de servicios"]
[null,{"$error":"#REF!"},{"$error":"#REF!"},{"$error":"#REF!"},{"$error":"#REF!"},{"$error":"#REF!"},"SRSV.4.1.2.3.01","Coordinación de la elaboracion de planes de mejora facturación de los CEAS  ",1,"Útiles de escritorio, oficina, informática y de enseñanza","lsUtilesdeOficina","Lapiceros color Azul (cajas)","unidad",4,{"v":55,"d":"55.00"},{"v":220,"d":"220.00"},"2.3.9.2.01 ","Anticipo Financiero"]
[null,{"$error":"#REF!"},{"$error":"#REF!"},{"$error":"#REF!"},{"$error":"#REF!"},{"$error":"#REF!"},"SRSV.4.1.2.3.01","Coordinación de la elaboracion de planes de mejora facturación de los CEAS  ",1,"Productos de Papel, Cartón e Impresos","lsProductosdePapel","Folders 8 1/2x 11 (100/1) Impropapel","Caja",1,175.82,175.82,"2.3.3.2.01","Anticipo Financiero"]
[null,{"$error":"#REF!"},{"$error":"#REF!"},{"$error":"#REF!"},{"$error":"#REF!"},{"$error":"#REF!"},"SRSV.4.1.2.3.01","Coordinación de la elaboracion de planes de mejora facturación de los CEAS  ",1,"Productos de Papel, Cartón e Impresos","lsProductosdePapel","Resma de Papel 8 1/2x11","resma",1,139.24,139.24,"2.3.3.1.01","Anticipo Financiero"]
[null,{"$error":"#REF!"},{"$error":"#REF!"},{"$error":"#REF!"},{"$error":"#REF!"},{"$error":"#REF!"},"SRSV.4.1.2.3.02","Seguimiento a la implementación de planes de mejora para mejorar la facturación de los CEAS  ",3,"Viáticos dentro del país","lsViaticosDP","Viaticos Chofer Sin Hospedaje","Cheque ",9,{"v":1500,"d":"1,500.00"},{"v":13500,"d":"13,500.00"},"2.2.3.1.01","Anticipo Financiero"]
[null,{"$error":"#REF!"},{"$error":"#REF!"},{"$error":"#REF!"},{"$error":"#REF!"},{"$error":"#REF!"},"SRSV.4.1.2.3.02","Seguimiento a la implementación de planes de mejora para mejorar la facturación de los CEAS  ",3,"Viáticos dentro del país","lsViaticosDP","Viaticos Tecnicos Sin Hospedaje","Cheque ",9,{"v":2100,"d":"2,100.00"},{"v":18900,"d":"18,900.00"},"2.2.3.1.01","Anticipo Financiero"]
[null,{"$error":"#REF!"},{"$error":"#REF!"},{"$error":"#REF!"},{"$error":"#REF!"},{"$error":"#REF!"},"SRSV.4.1.1.4.01","Elaboración del PACC 2022",1,"Alimentos y bebidas para personas","lsAlimentosyBebidas","Refrigerio tipo preempacado p/20 personas (Variedades fuertes, Jugo, Desechables Transparentes, Servilletas, Hielo)","unidad",20,{"v":12537.5,"d":"12,537.50"},{"v":250750,"d":"250,750.00"},"2.3.1.1.01","Venta de servicios"]
[null,{"$error":"#REF!"},{"$error":"#REF!"},{"$error":"#REF!"},{"$error":"#REF!"},{"$error":"#REF!"},"SRSV.4.1.2.4.03","Seguimiento a la ejecución del Plan Anual de Compras y Contrataciones 2020",4,"Alimentos y bebidas para personas","lsAlimentosyBebidas","Refrigerio tipo preempacado p/20 personas (Variedades fuertes, Jugo, Desechables Transparentes, Servilletas, Hielo)","unidad",80,{"v":12537.5,"d":"12,537.50"},{"v":1003000,"d":"1,003,000.00"},"2.3.1.1.01","Anticipo Financiero"]
[null,{"$error":"#REF!"},{"$error":"#REF!"},{"$error":"#REF!"},{"$error":"#REF!"},{"$error":"#REF!"},"SRS.4.1.3.1.01","Actualización del portal de transparencia ",12,"Equipo de comunicación, telecomunicaciones y señalamiento","lsTelecomunicaciones","Internet MB15","MB",12,"",{"$error":"#VALUE!"},""]
[null,{"$error":"#REF!"},{"$error":"#REF!"},{"$error":"#REF!"},{"$error":"#REF!"},{"$error":"#REF!"},"SRS.4.1.3.1.02","Reunión de seguimiento al comité de medios web",4,"Alimentos y bebidas para personas","Refrigerio de cuatro variedades para 10 personas ","Refrigerio de cuatro variedades para 10 personas ","UD",30,"",{"$error":"#VALUE!"},""]
[null,{"$error":"#REF!"},{"$error":"#REF!"},{"$error":"#REF!"},{"$error":"#REF!"},{"$error":"#REF!"},"SRS.4.1.3.1.02","Reunión de seguimiento al comité de medios web",4,"Equipo de comunicación, telecomunicaciones y señalamiento","Medios Audiovisual","Medios Audiovisual","UD",1,"",{"$error":"#VALUE!"},""]
[null,{"$error":"#REF!"},{"$error":"#REF!"},{"$error":"#REF!"},{"$error":"#REF!"},{"$error":"#REF!"},"SRS.4.1.3.1.02","Reunión de seguimiento al comité de medios web",4,"Productos de Papel, Cartón e Impresos","Impresiones Varias ","Impresiones Varias ","unidad",20,"",{"$error":"#VALUE!"},""]
[null,{"$error":"#REF!"},{"$error":"#REF!"},{"$error":"#REF!"},{"$error":"#REF!"},{"$error":"#REF!"},"SRS.4.1.3.1.02","Reunión de seguimiento al comité de medios web",4,"Útiles de escritorio, oficina, informática y de enseñanza","Lapiz ","Lapiz ","unidad",1,"",{"$error":"#VALUE!"},""]
[null,{"$error":"#REF!"},{"$error":"#REF!"},{"$error":"#REF!"},{"$error":"#REF!"},{"$error":"#REF!"},"SRS.4.1.3.1.02","Reunión de seguimiento al comité de medios web",4,"Útiles de escritorio, oficina, informática y de enseñanza","Lapicero","Lapicero","unidad",1,"",{"$error":"#VALUE!"},""]
[null,{"$error":"#REF!"},{"$error":"#REF!"},{"$error":"#REF!"},{"$error":"#REF!"},{"$error":"#REF!"},"SRS.4.1.3.1.03","Análisis y seguimiento al proceso de Quejas y Sugerencias del portal de Atención Ciudadana 312",4,"Equipos de cómputo","Laptop ","Laptop ","unidad",1,"",{"$error":"#VALUE!"},""]
[null,{"$error":"#REF!"},{"$error":"#REF!"},{"$error":"#REF!"},{"$error":"#REF!"},{"$error":"#REF!"},"SRS.4.1.3.1.03","Análisis y seguimiento al proceso de Quejas y Sugerencias del portal de Atención Ciudadana 312",4,"Equipos de cómputo","Monitor ","Monitor ","unidad",1,"",{"$error":"#VALUE!"},""]
[null,{"$error":"#REF!"},{"$error":"#REF!"},{"$error":"#REF!"},{"$error":"#REF!"},{"$error":"#REF!"},"SRS.4.1.3.1.03","Análisis y seguimiento al proceso de Quejas y Sugerencias del portal de Atención Ciudadana 312",4,"Equipos de cómputo","Teclado con Mouse","Teclado con Mouse","unidad",1,"",{"$error":"#VALUE!"},""]
[null,{"$error":"#REF!"},{"$error":"#REF!"},{"$error":"#REF!"},{"$error":"#REF!"},{"$error":"#REF!"},"SRS.4.1.3.1.03","Análisis y seguimiento al proceso de Quejas y Sugerencias del portal de Atención Ciudadana 312",4,"Equipos de cómputo","Impresora","Impresora","unidad",1,"",{"$error":"#VALUE!"},""]
[null,{"$error":"#REF!"},{"$error":"#REF!"},{"$error":"#REF!"},{"$error":"#REF!"},{"$error":"#REF!"},"SRS.4.1.3.1.03","Análisis y seguimiento al proceso de Quejas y Sugerencias del portal de Atención Ciudadana 312",4,"Productos de Papel, Cartón e Impresos","Resma de Papel","Resma de Papel","unidad",1,"",{"$error":"#VALUE!"},""]
[null,{"$error":"#REF!"},{"$error":"#REF!"},{"$error":"#REF!"},{"$error":"#REF!"},{"$error":"#REF!"},"SRS.4.1.3.1.03","Análisis y seguimiento al proceso de Quejas y Sugerencias del portal de Atención Ciudadana 312",4,"Útiles de escritorio, oficina, informática y de enseñanza","Toner Para Impresión ","Toner Para Impresión ","unidad",8,"",{"$error":"#VALUE!"},""]
[null,{"$error":"#REF!"},{"$error":"#REF!"},{"$error":"#REF!"},{"$error":"#REF!"},{"$error":"#REF!"},"SRS.4.1.3.1.03","Análisis y seguimiento al proceso de Quejas y Sugerencias del portal de Atención Ciudadana 312",4,"Equipo de comunicación, telecomunicaciones y señalamiento","Servicio de Comunicación ","Servicio de Comunicación ","unidad",1,"",{"$error":"#VALUE!"},""]
[null,{"$error":"#REF!"},{"$error":"#REF!"},{"$error":"#REF!"},{"$error":"#REF!"},{"$error":"#REF!"},"SRS.4.1.3.1.04","Recibir, tramitar y responder las solicitudes de informacion de los ciudadanos",4,"Productos de Papel, Cartón e Impresos","Impresiones Varias ","Impresiones Varias ","unidad",20,"",{"$error":"#VALUE!"},""]
[null,{"$error":"#REF!"},{"$error":"#REF!"},{"$error":"#REF!"},{"$error":"#REF!"},{"$error":"#REF!"},"SRS.4.1.3.1.05","Taller Etica del servidor publico",1,"Alimentos y bebidas para personas","lsAlimentosyBebidas","Almuerzo tipo Buffet para 30 personas (Cristaleria, Cuberteria, Servilletas, Jugo) ","unidad",35,{"v":25488,"d":"25,488.00"},{"v":892080,"d":"892,080.00"},"2.3.1.1.01"]
[null,{"$error":"#REF!"},{"$error":"#REF!"},{"$error":"#REF!"},{"$error":"#REF!"},{"$error":"#REF!"},"SRS.4.1.3.1.05","Taller Etica del servidor publico",1,"Productos de Papel, Cartón e Impresos","lsProductosdePapel","Carpetas institucionales con bolsillo full color, Cartón 9x12","unidad",35,30.68,{"v":1073.8,"d":"1,073.80"},"2.3.3.3.01"]
[null,{"$error":"#REF!"},{"$error":"#REF!"},{"$error":"#REF!"},{"$error":"#REF!"},{"$error":"#REF!"},"SRS.4.1.3.1.06","Taller Conflictos de Intereses y Anticorrupcion",1,"Alimentos y bebidas para personas","lsAlimentosyBebidas","Almuerzo tipo Buffet para 40 personas (Cristalería, Cuberteria, Mesas, Sillas, Manteles, Servilletas)","unidad",45,{"v":61419,"d":"61,419.00"},{"v":2763855,"d":"2,763,855.00"},"2.3.1.1.01"]
[null,{"$error":"#REF!"},{"$error":"#REF!"},{"$error":"#REF!"},{"$error":"#REF!"},{"$error":"#REF!"},"SRS.4.1.3.1.06","Taller Conflictos de Intereses y Anticorrupcion",1,"Productos de Papel, Cartón e Impresos","lsProductosdePapel","Carpetas institucionales con bolsillo full color, Cartón 9x12","unidad",45,30.68,{"v":1380.6,"d":"1,380.60"},"2.3.3.3.01"]
[null,{"$error":"#REF!"},{"$error":"#REF!"},{"$error":"#REF!"},{"$error":"#REF!"},{"$error":"#REF!"},"SRS.4.1.3.1.07","Seguimiento a la conformación de las Comisiones de Etica de los CEAS",4,"Productos de Papel, Cartón e Impresos","lsProductosdePapel","Impresiones Varias ","unidad",40,"",{"$error":"#VALUE!"},""]
[null,{"$error":"#REF!"},{"$error":"#REF!"},{"$error":"#REF!"},{"$error":"#REF!"},{"$error":"#REF!"},"SRS.4.1.3.1.07","Seguimiento a la conformación de las Comisiones de Etica de los CEAS",4,"Alimentos y bebidas para personas","lsAlimentosyBebidas","Almuerzo tipo Buffet para 20 personas (Cristalería, Cubertería, Servilletas, Jugo, Café)","unidad",25,{"v":10133.5,"d":"10,133.50"},{"v":253337.5,"d":"253,337.50"},"2.3.1.1.01"]
[null,{"$error":"#REF!"},{"$error":"#REF!"},{"$error":"#REF!"},{"$error":"#REF!"},{"$error":"#REF!"},"SRS.4.1.3.1.07","Seguimiento a la conformación de las Comisiones de Etica de los CEAS",4,"Equipo de comunicación, telecomunicaciones y señalamiento","lsTelecomunicaciones","Medios Audiovisual","unidad",1,"",{"$error":"#VALUE!"},""]
[null,{"$error":"#REF!"},{"$error":"#REF!"},{"$error":"#REF!"},{"$error":"#REF!"},{"$error":"#REF!"},"SRS.4.1.3.1.07","Seguimiento a la conformación de las Comisiones de Etica de los CEAS",4,"Útiles de escritorio, oficina, informática y de enseñanza","lsUtilesdeOficina","Cajas de Lapiceros Azules","Caja",4,{"v":36,"d":"36.00"},{"v":144,"d":"144.00"},"2.3.9.2.01 "]
[null,{"$error":"#REF!"},{"$error":"#REF!"},{"$error":"#REF!"},{"$error":"#REF!"},{"$error":"#REF!"},"SRS.4.1.3.1.07","Seguimiento a la conformación de las Comisiones de Etica de los CEAS",4,"Útiles de escritorio, oficina, informática y de enseñanza","lsUtilesdeOficina","Lápiz de carbon (docena)","unidad",4,{"v":50,"d":"50.00"},{"v":200,"d":"200.00"},"2.3.9.2.01 "]
[null,{"$error":"#REF!"},{"$error":"#REF!"},{"$error":"#REF!"},{"$error":"#REF!"},{"$error":"#REF!"},"SRSV.4.1.3.2.01"," Socialización del Plan de comunicación interna y externa con los equipos de interes",1,"Alimentos y bebidas para personas","lsAlimentosyBebidas","Almuerzo tipo Buffet para 30 personas (Cristaleria, Cuberteria, Servilletas, Jugo) ","unidad",30,{"v":250,"d":"250.00"},{"v":7500,"d":"7,500.00"},"2.3.1.1.01","Venta de servicios"]
[null,{"$error":"#REF!"},{"$error":"#REF!"},{"$error":"#REF!"},{"$error":"#REF!"},{"$error":"#REF!"},"SRSV.4.1.3.2.01"," Socialización del Plan de comunicación interna y externa con los equipos de interes",1,"Productos de Papel, Cartón e Impresos","lsProductosdePapel","Resma de Papel 8 1/2x11","Resma",1,139.24,139.24,"2.3.3.1.01","Anticipo Financiero"]
[null,{"$error":"#REF!"},{"$error":"#REF!"},{"$error":"#REF!"},{"$error":"#REF!"},{"$error":"#REF!"},"SRSV.4.1.3.2.01"," Socialización del Plan de comunicación interna y externa con los equipos de interes",1,"Equipos de cómputo","lsEquiposComputos","Laptop de 14 pulgadas","unidad",1,{"v":27200,"d":"27,200.00"},{"v":27200,"d":"27,200.00"},"2.6.1.3.01","Anticipo Financiero"]
[null,{"$error":"#REF!"},{"$error":"#REF!"},{"$error":"#REF!"},{"$error":"#REF!"},{"$error":"#REF!"},"SRSV.4.1.3.2.02","Monitoreo del cumplimiento del Plan de comunicación en los CEAS",2,"Gasoil","lsGasoil","Tickets de Combustible de RD$1,000.00","unidad",2,{"v":1000,"d":"1,000.00"},{"v":2000,"d":"2,000.00"},"2.3.7.1.02 ","Anticipo Financiero"]
[null,{"$error":"#REF!"},{"$error":"#REF!"},{"$error":"#REF!"},{"$error":"#REF!"},{"$error":"#REF!"},"SRSV.4.1.3.2.02","Monitoreo del cumplimiento del Plan de comunicación en los CEAS",2,"Gasoil","lsGasoil","Tickets de Combustible de RD$1,000.00","unidad",2,{"v":1000,"d":"1,000.00"},{"v":2000,"d":"2,000.00"},"2.3.7.1.02 ","Anticipo Financiero"]
[null,"","","","","",null,"","",null,"",null,"",null,"",{"$error":"#VALUE!"},""]
[null,"","","","","",null,"","",null,"",null,"",null,"",{"$error":"#VALUE!"},""]
[null,"","","","","",null,"","",null,"",null,"",null,"",{"$error":"#VALUE!"},""]
[null,"","","","","",null,"","",null,"",null,"",null,"",{"$error":"#VALUE!"},""]
[null,"","","","","",null,"","",null,"",null,"",null,"",{"$error":"#VALUE!"},""]
[null,"","","","","",null,"","",null,"",null,"",null,"",{"$error":"#VALUE!"},""]
[null,"","","","","",null,"","",null,"",null,"",null,"",{"$error":"#VALUE!"},""]
[null,"","","","","",null,"","",null,"",null,"",null,"",{"$error":"#VALUE!"},""]
[null,"","","","","",null,"","",null,"",null,"",null,"",{"$error":"#VALUE!"},""]
[null,"","","","","",null,"","",null,"",null,"",null,"",{"$error":"#VALUE!"},""]
[null,"","","","","",null,"","",null,"",null,"",null,"",{"$error":"#VALUE!"},""]
[null,"","","","","",null,"","",null,"",null,"",null,"",{"$error":"#VALUE!"},""]
[null,"","","","","",null,"","",null,"",null,"",null,"",{"$error":"#VALUE!"},""]
[null,"","","","","",null,"","",null,"",null,"",null,"",{"$error":"#VALUE!"},""]
[null,"","","","","",null,"","",null,"",null,"",null,"",{"$error":"#VALUE!"},""]
[null,"","","","","",null,"","",null,"",null,"",null,"",{"$error":"#VALUE!"},""]
[null,"","","","","",null,"","",null,"",null,"",null,"",{"$error":"#VALUE!"},""]
[null,"","","","","",null,"","",null,"",null,"",null,"",{"$error":"#VALUE!"},""]
[null,"","","","","",null,"","",null,"",null,"",null,"",{"$error":"#VALUE!"},""]
[null,"","","","","",null,"","",null,"",null,"",null,"",{"$error":"#VALUE!"},""]
[null,"","","","","",null,"","",null,"",null,"",null,"",{"$error":"#VALUE!"},""]
[null,"","","","","",null,"","",null,"",null,"",null,"",{"$error":"#VALUE!"},""]
[null,"","","","","",null,"","",null,"",null,"",null,"",{"$error":"#VALUE!"},""]
[null,"","","","","",null,"","",null,"",null,"",null,"",{"$error":"#VALUE!"},""]
[null,"","","","","",null,"","",null,"",null,"",null,"",{"$error":"#VALUE!"},""]
[null,"","","","","",null,"","",null,"",null,"",null,"",{"$error":"#VALUE!"},""]
[null,"","","","","",null,"","",null,"",null,"",null,"",{"$error":"#VALUE!"},""]
[null,"","","","","",null,"","",null,"",null,"",null,"",{"$error":"#VALUE!"},""]
[null,"","","","","",null,"","",null,"",null,"",null,"",{"$error":"#VALUE!"},""]
[null,"","","","","",null,"","",null,"",null,"",null,"",{"$error":"#VALUE!"},""]
[null,"","","","","",null,"","",null,"",null,"",null,"",{"$error":"#VALUE!"},""]
[null,"","","","","",null,"","",null,"",null,"",null,"",{"$error":"#VALUE!"},""]
[null,"","","","","",null,"","",null,"",null,"",null,"",{"$error":"#VALUE!"},""]
[null,"","","","","",null,"","",null,"",null,"",null,"",{"$error":"#VALUE!"},""]
[null,"","","","","",null,"","",null,"",null,"",null,"",{"$error":"#VALUE!"},""]
[null,"","","","","",null,"","",null,"",null,"",null,"",{"$error":"#VALUE!"},""]
[null,"","","","","",null,"","",null,"",null,"",null,"",{"$error":"#VALUE!"},""]
[null,"","","","","",null,"","",null,"",null,"",null,"",{"$error":"#VALUE!"},""]
[null,"","","","","",null,"","",null,"",null,"",null,"",{"$error":"#VALUE!"},""]
[null,"","","","","",null,"","",null,"",null,"",null,"",{"$error":"#VALUE!"},""]
[null,"","","","","",null,"","",null,"",null,"",null,"",{"$error":"#VALUE!"},""]
[null,"","","","","",null,"","",null,"",null,"",null,"",{"$error":"#VALUE!"},""]
[null,"","","","","",null,"","",null,"",null,"",null,"",{"$error":"#VALUE!"},""]
[null,"","","","","",null,"","",null,"",null,"",null,"",{"$error":"#VALUE!"},""]
[null,"","","","","",null,"","",null,"",null,"",null,"",{"$error":"#VALUE!"},""]
[null,"","","","","",null,"","",null,"",null,"",null,"",{"$error":"#VALUE!"},""]
[null,"","","","","",null,"","",null,"",null,"",null,"",{"$error":"#VALUE!"},""]
[null,"","","","","",null,"","",null,"",null,"",null,"",{"$error":"#VALUE!"},""]
[null,"","","","","",null,"","",null,"",null,"",null,"",{"$error":"#VALUE!"},""]
[null,"","","","","",null,"","",null,"",null,"",null,"",{"$error":"#VALUE!"},""]
[null,"","","","","",null,"","",null,"",null,"",null,"",{"$error":"#VALUE!"},""]
[null,"","","","","",null,"","",null,"",null,"",null,"",{"$error":"#VALUE!"},""]
[null,"","","","","",null,"","",null,"",null,"",null,"",{"$error":"#VALUE!"},""]
[null,"","","","","",null,"","",null,"",null,"",null,"",{"$error":"#VALUE!"},""]
[null,"","","","","",null,"","",null,"",null,"",null,"",{"$error":"#VALUE!"},""]
[null,"","","","","",null,"","",null,"",null,"",null,"",{"$error":"#VALUE!"},""]
[null,"","","","","",null,"","",null,"",null,"",null,"",{"$error":"#VALUE!"},""]
[null,"","","","","",null,"","",null,"",null,"",null,"",{"$error":"#VALUE!"},""]
[null,"","","","","",null,"","",null,"",null,"",null,"",{"$error":"#VALUE!"},""]
[null,"","","","","",null,"","",null,"",null,"",null,"",{"$error":"#VALUE!"},""]
[null,"","","","","",null,"","",null,"",null,"",null,"",{"$error":"#VALUE!"},""]
[null,"","","","","",null,"","",null,"",null,"",null,"",{"$error":"#VALUE!"},""]
[null,"","","","","",null,"","",null,"",null,"",null,"",{"$error":"#VALUE!"},""]
[null,"","","","","",null,"","",null,"",null,"",null,"",{"$error":"#VALUE!"},""]
[null,"","","","","",null,"","",null,"",null,"",null,"",{"$error":"#VALUE!"},""]
[null,"","","","","",null,"","",null,"",null,"",null,"",{"$error":"#VALUE!"},""]
[null,"","","","","",null,"","",null,"",null,"",null,"",{"$error":"#VALUE!"},""]
[null,"","","","","",null,"","",null,"",null,"",null,"",{"$error":"#VALUE!"},""]
[null,"","","","","",null,"","",null,"",null,"",null,"",{"$error":"#VALUE!"},""]
[null,"","","","","",null,"","",null,"",null,"",null,"",{"$error":"#VALUE!"},""]
[null,"","","","","",null,"","",null,"",null,"",null,"",{"$error":"#VALUE!"},""]
[null,"","","","","",null,"","",null,"",null,"",null,"",{"$error":"#VALUE!"},""]
[null,"","","","","",null,"","",null,"",null,"",null,"",{"$error":"#VALUE!"},""]
[null,"","","","","",null,"","",null,"",null,"",null,"",{"$error":"#VALUE!"},""]
[null,"","","","","",null,"","",null,"",null,"",null,"",{"$error":"#VALUE!"},""]
[null,"","","","","",null,"","",null,"",null,"",null,"",{"$error":"#VALUE!"},""]
[null,"","","","","",null,"","",null,"",null,"",null,"",{"$error":"#VALUE!"},""]
[null,"","","","","",null,"","",null,"",null,"",null,"",{"$error":"#VALUE!"},""]
[null,"","","","","",null,"","",null,"",null,"",null,"",{"$error":"#VALUE!"},""]
[null,"","","","","",null,"","",null,"",null,"",null,"",{"$error":"#VALUE!"},""]
[null,"","","","","",null,"","",null,"",null,"",null,"",{"$error":"#VALUE!"},""]
[null,"","","","","",null,"","",null,"",null,"",null,"",{"$error":"#VALUE!"},""]
[null,"","","","","",null,"","",null,"",null,"",null,"",{"$error":"#VALUE!"},""]
[null,"","","","","",null,"","",null,"",null,"",null,"",{"$error":"#VALUE!"},""]
[null,"","","","","",null,"","",null,"",null,"",null,"",{"$error":"#VALUE!"},""]
[null,"","","","","",null,"","",null,"",null,"",null,"",{"$error":"#VALUE!"},""]
[null,"","","","","",null,"","",null,"",null,"",null,"",{"$error":"#VALUE!"},""]
[null,"","","","","",null,"","",null,"",null,"",null,"",{"$error":"#VALUE!"},""]
[null,"","","","","",null,"","",null,"",null,"",null,"",{"$error":"#VALUE!"},""]
[null,"","","","","",null,"","",null,"",null,"",null,"",{"$error":"#VALUE!"},""]
[null,"","","","","",null,"","",null,"",null,"",null,"",{"$error":"#VALUE!"},""]
[null,"","","","","",null,"","",null,"",null,"",null,"",{"$error":"#VALUE!"},""]
[null,"","","","","",null,"","",null,"",null,"",null,"",{"$error":"#VALUE!"},""]
[null,"","","","","",null,"","",null,"",null,"",null,"",{"$error":"#VALUE!"},""]
[null,"","","","","",null,"","",null,"",null,"",null,"",{"$error":"#VALUE!"},""]
[null,"","","","","",null,"","",null,"",null,"",null,"",{"$error":"#VALUE!"},""]
[null,"","","","","",null,"","",null,"",null,"",null,"",{"$error":"#VALUE!"},""]
[null,"","","","","",null,"","",null,"",null,"",null,"",{"$error":"#VALUE!"},""]
[null,"","","","","",null,"","",null,"",null,"",null,"",{"$error":"#VALUE!"},""]
[null,"","","","","",null,"","",null,"",null,"",null,"",{"$error":"#VALUE!"},""]
[null,"","","","","",null,"","",null,"",null,"",null,"",{"$error":"#VALUE!"},""]
[null,"","","","","",null,"","",null,"",null,"",null,"",{"$error":"#VALUE!"},""]
[null,"","","","","",null,"","",null,"",null,"",null,"",{"$error":"#VALUE!"},""]
[null,"","","","","",null,"","",null,"",null,"",null,"",{"$error":"#VALUE!"},""]
[null,"","","","","",null,"","",null,"",null,"",null,"",{"$error":"#VALUE!"},""]
[null,"","","","","",null,"","",null,"",null,"",null,"",{"$error":"#VALUE!"},""]
[null,"","","","","",null,"","",null,"",null,"",null,"",{"$error":"#VALUE!"},""]
[null,"","","","","",null,"","",null,"",null,"",null,"",{"$error":"#VALUE!"},""]
[null,"","","","","",null,"","",null,"",null,"",null,"",{"$error":"#VALUE!"},""]
[null,"","","","","",null,"","",null,"",null,"",null,"",{"$error":"#VALUE!"},""]
[null,"","","","","",null,"","",null,"",null,"",null,"",{"$error":"#VALUE!"},""]
[null,"","","","","",null,"","",null,"",null,"",null,"",{"$error":"#VALUE!"},""]
[null,"","","","","",null,"","",null,"",null,"",null,"",{"$error":"#VALUE!"},""]
[null,"","","","","",null,"","",null,"",null,"",null,"",{"$error":"#VALUE!"},""]
[null,"","","","","",null,"","",null,"",null,"",null,"",{"$error":"#VALUE!"},""]
[null,"","","","","",null,"","",null,"",null,"",null,"",{"$error":"#VALUE!"},""]
[null,"","","","","",null,"","",null,"",null,"",null,"",{"$error":"#VALUE!"},""]
[null,"","","","","",null,"","",null,"",null,"",null,"",{"$error":"#VALUE!"},""]
[null,"","","","","",null,"","",null,"",null,"",null,"",{"$error":"#VALUE!"},""]
[null,"","","","","",null,"","",null,"",null,"",null,"",{"$error":"#VALUE!"},""]
[null,"","","","","",null,"","",null,"",null,"",null,"",{"$error":"#VALUE!"},""]
[null,"","","","","",null,"","",null,"",null,"",null,"",{"$error":"#VALUE!"},""]
[null,"","","","","",null,"","",null,"",null,"",null,"",{"$error":"#VALUE!"},""]
[null,"","","","","",null,"","",null,"",null,"",null,"",{"$error":"#VALUE!"},""]
[null,"","","","","",null,"","",null,"",null,"",null,"",{"$error":"#VALUE!"},""]
[null,"","","","","",null,"","",null,"",null,"",null,"",{"$error":"#VALUE!"},""]
[null,"","","","","",null,"","",null,"",null,"",null,"",{"$error":"#VALUE!"},""]
[null,"","","","","",null,"","",null,"",null,"",null,"",{"$error":"#VALUE!"},""]
[null,"","","","","",null,"","",null,"",null,"",null,"",{"$error":"#VALUE!"},""]
[null,"","","","","",null,"","",null,"",null,"",null,"",{"$error":"#VALUE!"},""]
[null,"","","","","",null,"","",null,"",null,"",null,"",{"$error":"#VALUE!"},""]
[null,"","","","","",null,"","",null,"",null,"",null,"",{"$error":"#VALUE!"},""]
[null,"","","","","",null,"","",null,"",null,"",null,"",{"$error":"#VALUE!"},""]
[null,"","","","","",null,"","",null,"",null,"",null,"",{"$error":"#VALUE!"},""]
[null,"","","","","",null,"","",null,"",null,"",null,"",{"$error":"#VALUE!"},""]
[null,"","","","","",null,"","",null,"",null,"",null,"",{"$error":"#VALUE!"},""]
[null,"","","","","",null,"","",null,"",null,"",null,"",{"$error":"#VALUE!"},""]
[null,"","","","","",null,"","",null,"",null,"",null,"",{"$error":"#VALUE!"},""]
[null,"","","","","",null,"","",null,"",null,"",null,"",{"$error":"#VALUE!"},""]
[null,"","","","","",null,"","",null,"",null,"",null,"",{"$error":"#VALUE!"},""]
[null,"","","","","",null,"","",null,"",null,"",null,"",{"$error":"#VALUE!"},""]
[null,"","","","","",null,"","",null,"",null,"",null,"",{"$error":"#VALUE!"},""]
[null,"","","","","",null,"","",null,"",null,"",null,"",{"$error":"#VALUE!"},""]
[null,"","","","","",null,"","",null,"",null,"",null,"",{"$error":"#VALUE!"},""]
[null,"","","","","",null,"","",null,"",null,"",null,"",{"$error":"#VALUE!"},""]
[null,"","","","","",null,"","",null,"",null,"",null,"",{"$error":"#VALUE!"},""]
[null,"","","","","",null,"","",null,"",null,"",null,"",{"$error":"#VALUE!"},""]
[null,"","","","","",null,"","",null,"",null,"",null,"",{"$error":"#VALUE!"},""]
[null,"","","","","",null,"","",null,"",null,"",null,"",{"$error":"#VALUE!"},""]
[null,"","","","","",null,"","",null,"",null,"",null,"",{"$error":"#VALUE!"},""]
[null,"","","","","",null,"","",null,"",null,"",null,"",{"$error":"#VALUE!"},""]
[null,"","","","","",null,"","",null,"",null,"",null,"",{"$error":"#VALUE!"},""]
[null,"","","","","",null,"","",null,"",null,"",null,"",{"$error":"#VALUE!"},""]
[null,"","","","","",null,"","",null,"",null,"",null,"",{"$error":"#VALUE!"},""]
[null,"","","","","",null,"","",null,"",null,"",null,"",{"$error":"#VALUE!"},""]
[null,"","","","","",null,"","",null,"",null,"",null,"",{"$error":"#VALUE!"},""]
[null,"","","","","",null,"","",null,"",null,"",null,"",{"$error":"#VALUE!"},""]
[null,"","","","","",null,"","",null,"",null,"",null,"",{"$error":"#VALUE!"},""]
[null,"","","","","",null,"","",null,"",null,"",null,"",{"$error":"#VALUE!"},""]
[null,"","","","","",null,"","",null,"",null,"",null,"",{"$error":"#VALUE!"},""]
[null,"","","","","",null,"","",null,"",null,"",null,"",{"$error":"#VALUE!"},""]
[null,"","","","","",null,"","",null,"",null,"",null,"",{"$error":"#VALUE!"},""]
[null,"","","","","",null,"","",null,"",null,"",null,"",{"$error":"#VALUE!"},""]
[null,"","","","","",null,"","",null,"",null,"",null,"",{"$error":"#VALUE!"},""]
[null,"","","","","",null,"","",null,"",null,"",null,"",{"$error":"#VALUE!"},""]
[null,"","","","","",null,"","",null,"",null,"",null,"",{"$error":"#VALUE!"},""]
[null,"","","","","",null,"","",null,"",null,"",null,"",{"$error":"#VALUE!"},""]
[null,"","","","","",null,"","",null,"",null,"",null,"",{"$error":"#VALUE!"},""]
[null,"","","","","",null,"","",null,"",null,"",null,"",{"$error":"#VALUE!"},""]
[null,"","","","","",null,"","",null,"",null,"",null,"",{"$error":"#VALUE!"},""]
[null,"","","","","",null,"","",null,"",null,"",null,"",{"$error":"#VALUE!"},""]
[null,"","","","","",null,"","",null,"",null,"",null,"",{"$error":"#VALUE!"},""]
[null,"","","","","",null,"","",null,"",null,"",null,"",{"$error":"#VALUE!"},""]
[null,"","","","","",null,"","",null,"",null,"",null,"",{"$error":"#VALUE!"},""]
[null,"","","","","",null,"","",null,"",null,"",null,"",{"$error":"#VALUE!"},""]
[null,"","","","","",null,"","",null,"",null,"",null,"",{"$error":"#VALUE!"},""]
[null,"","","","","",null,"","",null,"",null,"",null,"",{"$error":"#VALUE!"},""]
[null,"","","","","",null,"","",null,"",null,"",null,"",{"$error":"#VALUE!"},""]
[null,"","","","","",null,"","",null,"",null,"",null,"",{"$error":"#VALUE!"},""]
[null,"","","","","",null,"","",null,"",null,"",null,"",{"$error":"#VALUE!"},""]
[null,"","","","","",null,"","",null,"",null,"",null,"",{"$error":"#VALUE!"},""]
[null,"","","","","",null,"","",null,"",null,"",null,"",{"$error":"#VALUE!"},""]
[null,"","","","","",null,"","",null,"",null,"",null,"",{"$error":"#VALUE!"},""]
[null,"","","","","",null,"","",null,"",null,"",null,"",{"$error":"#VALUE!"},""]
[null,"","","","","",null,"","",null,"",null,"",null,"",{"$error":"#VALUE!"},""]
[null,"","","","","",null,"","",null,"",null,"",null,"",{"$error":"#VALUE!"},""]
[null,"","","","","",null,"","",null,"",null,"",null,"",{"$error":"#VALUE!"},""]
[null,"","","","","",null,"","",null,"",null,"",null,"",{"$error":"#VALUE!"},""]
[null,"","","","","",null,"","",null,"",null,"",null,"",{"$error":"#VALUE!"},""]
[null,"","","","","",null,"","",null,"",null,"",null,"",{"$error":"#VALUE!"},""]
[null,"","","","","",null,"","",null,"",null,"",null,"",{"$error":"#VALUE!"},""]
[null,"","","","","",null,"","",null,"",null,"",null,"",{"$error":"#VALUE!"},""]
[null,"","","","","",null,"","",null,"",null,"",null,"",{"$error":"#VALUE!"},""]
[null,"","","","","",null,"","",null,"",null,"",null,"",{"$error":"#VALUE!"},""]
[null,"","","","","",null,"","",null,"",null,"",null,"",{"$error":"#VALUE!"},""]
[null,"","","","","",null,"","",null,"",null,"",null,"",{"$error":"#VALUE!"},""]
[null,"","","","","",null,"","",null,"",null,"",null,"",{"$error":"#VALUE!"},""]
[null,"","","","","",null,"","",null,"",null,"",null,"",{"$error":"#VALUE!"},""]
[null,"","","","","",null,"","",null,"",null,"",null,"",{"$error":"#VALUE!"},""]
[null,"","","","","",null,"","",null,"",null,"",null,"",{"$error":"#VALUE!"},""]
[null,"","","","","",null,"","",null,"",null,"",null,"",{"$error":"#VALUE!"},""]
[null,"","","","","",null,"","",null,"",null,"",null,"",{"$error":"#VALUE!"},""]
[null,"","","","","",null,"","",null,"",null,"",null,"",{"$error":"#VALUE!"},""]
[null,"","","","","",null,"","",null,"",null,"",null,"",{"$error":"#VALUE!"},""]
[null,"","","","","",null,"","",null,"",null,"",null,"",{"$error":"#VALUE!"},""]
[null,"","","","","",null,"","",null,"",null,"",null,"",{"$error":"#VALUE!"},""]
[null,"","","","","",null,"","",null,"",null,"",null,"",{"$error":"#VALUE!"},""]
[null,"","","","","",null,"","",null,"",null,"",null,"",{"$error":"#VALUE!"},""]
[null,"","","","","",null,"","",null,"",null,"",null,"",{"$error":"#VALUE!"},""]
[null,"","","","","",null,"","",null,"",null,"",null,"",{"$error":"#VALUE!"},""]
[null,"","","","","",null,"","",null,"",null,"",null,"",{"$error":"#VALUE!"},""]
[null,"","","","","",null,"","",null,"",null,"",null,"",{"$error":"#VALUE!"},""]
[null,"","","","","",null,"","",null,"",null,"",null,"",{"$error":"#VALUE!"},""]
[null,"","","","","",null,"","",null,"",null,"",null,"",{"$error":"#VALUE!"},""]
[null,"","","","","",null,"","",null,"",null,"",null,"",{"$error":"#VALUE!"},""]
[null,"","","","","",null,"","",null,"",null,"",null,"",{"$error":"#VALUE!"},""]
[null,"","","","","",null,"","",null,"",null,"",null,"",{"$error":"#VALUE!"},""]
[null,"","","","","",null,"","",null,"",null,"",null,"",{"$error":"#VALUE!"},""]
[null,"","","","","",null,"","",null,"",null,"",null,"",{"$error":"#VALUE!"},""]
[null,"","","","","",null,"","",null,"",null,"",null,"",{"$error":"#VALUE!"},""]
[null,"","","","","",null,"","",null,"",null,"",null,"",{"$error":"#VALUE!"},""]
[null,"","","","","",null,"","",null,"",null,"",null,"",{"$error":"#VALUE!"},""]
[null,"","","","","",null,"","",null,"",null,"",null,"",{"$error":"#VALUE!"},""]
[null,"","","","","",null,"","",null,"",null,"",null,"",{"$error":"#VALUE!"},""]
[null,"","","","","",null,"","",null,"",null,"",null,"",{"$error":"#VALUE!"},""]
[null,"","","","","",null,"","",null,"",null,"",null,"",{"$error":"#VALUE!"},""]
[null,"","","","","",null,"","",null,"",null,"",null,"",{"$error":"#VALUE!"},""]
[null,"","","","","",null,"","",null,"",null,"",null,"",{"$error":"#VALUE!"},""]
[null,"","","","","",null,"","",null,"",null,"",null,"",{"$error":"#VALUE!"},""]
[null,"","","","","",null,"","",null,"",null,"",null,"",{"$error":"#VALUE!"},""]
[null,"","","","","",null,"","",null,"",null,"",null,"",{"$error":"#VALUE!"},""]
[null,"","","","","",null,"","",null,"",null,"",null,"",{"$error":"#VALUE!"},""]
[null,"","","","","",null,"","",null,"",null,"",null,"",{"$error":"#VALUE!"},""]
[null,"","","","","",null,"","",null,"",null,"",null,"",{"$error":"#VALUE!"},""]
[null,"","","","","",null,"","",null,"",null,"",null,"",{"$error":"#VALUE!"},""]
[null,"","","","","",null,"","",null,"",null,"",null,"",{"$error":"#VALUE!"},""]
[null,"","","","","",null,"","",null,"",null,"",null,"",{"$error":"#VALUE!"},""]
[null,"","","","","",null,"","",null,"",null,"",null,"",{"$error":"#VALUE!"},""]
[null,"","","","","",null,"","",null,"",null,"",null,"",{"$error":"#VALUE!"},""]
[null,"","","","","",null,"","",null,"",null,"",null,"",{"$error":"#VALUE!"},""]
[null,"","","","","",null,"","",null,"",null,"",null,"",{"$error":"#VALUE!"},""]
[null,"","","","","",null,"","",null,"",null,"",null,"",{"$error":"#VALUE!"},""]
[null,"","","","","",null,"","",null,"",null,"",null,"",{"$error":"#VALUE!"},""]
[null,"","","","","",null,"","",null,"",null,"",null,"",{"$error":"#VALUE!"},""]
[null,"","","","","",null,"","",null,"",null,"",null,"",{"$error":"#VALUE!"},""]
[null,"","","","","",null,"","",null,"",null,"",null,"",{"$error":"#VALUE!"},""]
[null,"","","","","",null,"","",null,"",null,"",null,"",{"$error":"#VALUE!"},""]
[null,"","","","","",null,"","",null,"",null,"",null,"",{"$error":"#VALUE!"},""]
[null,"","","","","",null,"","",null,"",null,"",null,"",{"$error":"#VALUE!"},""]
[null,"","","","","",null,"","",null,"",null,"",null,"",{"$error":"#VALUE!"},""]
[null,"","","","","",null,"","",null,"",null,"",null,"",{"$error":"#VALUE!"},""]
[null,"","","","","",null,"","",null,"",null,"",null,"",{"$error":"#VALUE!"},""]
[null,"","","","","",null,"","",null,"",null,"",null,"",{"$error":"#VALUE!"},""]
[null,"","","","","",null,"","",null,"",null,"",null,"",{"$error":"#VALUE!"},""]
[null,"","","","","",null,"","",null,"",null,"",null,"",{"$error":"#VALUE!"},""]
[null,"","","","","",null,"","",null,"",null,"",null,"",{"$error":"#VALUE!"},""]
[null,"","","","","",null,"","",null,"",null,"",null,"",{"$error":"#VALUE!"},""]
[null,"","","","","",null,"","",null,"",null,"",null,"",{"$error":"#VALUE!"},""]
[null,"","","","","",null,"","",null,"",null,"",null,"",{"$error":"#VALUE!"},""]
[null,"","","","","",null,"","",null,"",null,"",null,"",{"$error":"#VALUE!"},""]
[null,"","","","","",null,"","",null,"",null,"",null,"",{"$error":"#VALUE!"},""]
[null,"","","","","",null,"","",null,"",null,"",null,"",{"$error":"#VALUE!"},""]
[null,"","","","","",null,"","",null,"",null,"",null,"",{"$error":"#VALUE!"},""]
[null,"","","","","",null,"","",null,"",null,"",null,"",{"$error":"#VALUE!"},""]
[null,"","","","","",null,"","",null,"",null,"",null,"",{"$error":"#VALUE!"},""]
[null,"","","","","",null,"","",null,"",null,"",null,"",{"$error":"#VALUE!"},""]
[null,"","","","","",null,"","",null,"",null,"",null,"",{"$error":"#VALUE!"},""]
[null,"","","","","",null,"","",null,"",null,"",null,"",{"$error":"#VALUE!"},""]
[null,"","","","","",null,"","",null,"",null,"",null,"",{"$error":"#VALUE!"},""]
[null,"","","","","",null,"","",null,"",null,"",null,"",{"$error":"#VALUE!"},""]
[null,"","","","","",null,"","",null,"",null,"",null,"",{"$error":"#VALUE!"},""]
[null,"","","","","",null,"","",null,"",null,"",null,"",{"$error":"#VALUE!"},""]
[null,"","","","","",null,"","",null,"",null,"",null,"",{"$error":"#VALUE!"},""]
[null,"","","","","",null,"","",null,"",null,"",null,"",{"$error":"#VALUE!"},""]
[null,"","","","","",null,"","",null,"",null,"",null,"",{"$error":"#VALUE!"},""]
[null,"","","","","",null,"","",null,"",null,"",null,"",{"$error":"#VALUE!"},""]
[null,"","","","","",null,"","",null,"",null,"",null,"",{"$error":"#VALUE!"},""]
[null,"","","","","",null,"","",null,"",null,"",null,"",{"$error":"#VALUE!"},""]
[null,"","","","","",null,"","",null,"",null,"",null,"",{"$error":"#VALUE!"},""]
[null,"","","","","",null,"","",null,"",null,"",null,"",{"$error":"#VALUE!"},""]
[null,"","","","","",null,"","",null,"",null,"",null,"",{"$error":"#VALUE!"},""]
[null,"","","","","",null,"","",null,"",null,"",null,"",{"$error":"#VALUE!"},""]
[null,"","","","","",null,"","",null,"",null,"",null,"",{"$error":"#VALUE!"},""]
[null,"","","","","",null,"","",null,"",null,"",null,"",{"$error":"#VALUE!"},""]
[null,"","","","","",null,"","",null,"",null,"",null,"",{"$error":"#VALUE!"},""]
[null,"","","","","",null,"","",null,"",null,"",null,"",{"$error":"#VALUE!"},""]
[null,"","","","","",null,"","",null,"",null,"",null,"",{"$error":"#VALUE!"},""]
[null,"","","","","",null,"","",null,"",null,"",null,"",{"$error":"#VALUE!"},""]
[null,"","","","","",null,"","",null,"",null,"",null,"",{"$error":"#VALUE!"},""]
[null,"","","","","",null,"","",null,"",null,"",null,"",{"$error":"#VALUE!"},""]
[null,"","","","","",null,"","",null,"",null,"",null,"",{"$error":"#VALUE!"},""]
[null,"","","","","",null,"","",null,"",null,"",null,"",{"$error":"#VALUE!"},""]
[null,"","","","","",null,"","",null,"",null,"",null,"",{"$error":"#VALUE!"},""]
[null,"","","","","",null,"","",null,"",null,"",null,"",{"$error":"#VALUE!"},""]
[null,"","","","","",null,"","",null,"",null,"",null,"",{"$error":"#VALUE!"},""]
[null,"","","","","",null,"","",null,"",null,"",null,"",{"$error":"#VALUE!"},""]
[null,"","","","","",null,"","",null,"",null,"",null,"",{"$error":"#VALUE!"},""]
[null,"","","","","",null,"","",null,"",null,"",null,"",{"$error":"#VALUE!"},""]
[null,"","","","","",null,"","",null,"Cartuchos de tintas para impresoras a color",null,"",null,"",{"$error":"#VALUE!"},""]
[null,"","","","","",null,"","",{"$nulls":3},"",null,"",{"$error":"#VALUE!"},""]
[null,"","","","","",null,"","",null,"lsViaticosDP",null,"",null,"",{"$error":"#VALUE!"},""]
[null,"","","","","",null,"","",null,"lsPeaje",null,"",null,"",{"$error":"#VALUE!"},""]
[null,"","","","","",null,"","",null,"lsViaticosDP",null,"",null,"",{"$error":"#VALUE!"},""]
[null,"","","","","",null,"","",null,"lsGasoil",null,"",null,"",{"$error":"#VALUE!"},""]
[null,"","","","","",null,"","",{"$nulls":3},"",null,"",{"$error":"#VALUE!"},""]
[null,"","","","","",null,"","",null,"",null,"",null,"",{"$error":"#VALUE!"},""]
[null,"","","","","",null,"","",null,"lsViaticosDP",null,"",null,"",{"$error":"#VALUE!"},""]
[null,"","","","","",null,"","",null,"lsPeaje",null,"",null,"",{"$error":"#VALUE!"},""]
[null,"","","","","",null,"","",null,"lsViaticosDP",null,"",null,"",{"$error":"#VALUE!"},""]
[null,"","","","","",null,"","",null,"lsGasoil",null,"",null,"",{"$error":"#VALUE!"},""]
[null,"","","","","",null,"","",{"$nulls":3},"",null,"",{"$error":"#VALUE!"},""]
[null,"","","","","",null,"","",null,"",null,"",null,"",{"$error":"#VALUE!"},""]
[null,"","","","","",null,"","",null,"lsGasoil",null,"",null,"",{"$error":"#VALUE!"},""]
[null,"","","","","",null,"","",null,"lsViaticosDP",null,"",null,"",{"$error":"#VALUE!"},""]
[null,"","","","","",null,"","",null,"lsPeaje",null,"",null,"",{"$error":"#VALUE!"},""]
[null,"","","","","",null,"","",null,"lsViaticosDP",null,"",null,"",{"$error":"#VALUE!"},""]
[null,"","","","","",null,"","",null,"lsGasoil",null,"",null,"",{"$error":"#VALUE!"},""]
[null,"","","","","",null,"","",{"$nulls":3},"",null,"",{"$error":"#VALUE!"},""]
[null,"","","","","",null,"","",null,"",null,"",null,"",{"$error":"#VALUE!"},""]
[null,"","","","","",null,"","",{"$nulls":3},"",null,"",{"$error":"#VALUE!"},""]
[null,"","","","","",null,"","",{"$nulls":3},"",null,"",{"$error":"#VALUE!"},""]
[null,"","","","","",null,"","",null,"",null,"",null,"",{"$error":"#VALUE!"},""]
[null,"","","","","",null,"","",{"$nulls":3},"",null,"",{"$error":"#VALUE!"},""]
[null,"","","","","",null,"","",{"$nulls":3},"",null,"",{"$error":"#VALUE!"},""]
[null,"","","","","",null,"","",null,"",null,"",null,"",{"$error":"#VALUE!"},""]
[null,"","","","","",null,"","",null,"lsViaticosDP",null,"",null,"",{"$error":"#VALUE!"},""]
[null,"","","","","",null,"","",null,"lsPeaje",null,"",null,"",{"$error":"#VALUE!"},""]
[null,"","","","","",null,"","",null,"lsViaticosDP",null,"",null,"",{"$error":"#VALUE!"},""]
[null,"","","","","",null,"","",null,"lsGasoil",null,"",null,"",{"$error":"#VALUE!"},""]
[null,"","","","","",null,"","",{"$nulls":3},"",null,"",{"$error":"#VALUE!"},""]
[null,"","","","","",null,"","",null,"",null,"",null,"",{"$error":"#VALUE!"},""]
[null,"","","","","",null,"","",null,"lsAlimentosyBebidas",null,"",null,"",{"$error":"#VALUE!"},""]
[null,"","","","","",null,"","",null,"lsAlimentosyBebidas",null,"",null,"",{"$error":"#VALUE!"},""]
[null,"","","","","",null,"","",{"$nulls":3},"",null,"",{"$error":"#VALUE!"},""]
[null,"","","","","",null,"","",null,"",null,"",null,"",{"$error":"#VALUE!"},""]
[null,"","","","","",null,"","",{"$nulls":3},"",null,"",{"$error":"#VALUE!"},""]
[null,"","","","","",null,"","",{"$nulls":3},"",null,"",{"$error":"#VALUE!"},""]
[null,"","","","","",null,"","",{"$nulls":3},"",null,"",{"$error":"#VALUE!"},""]
[null,"","","","","",null,"","",{"$nulls":3},"",null,"",{"$error":"#VALUE!"},""]
[null,"","","","","",null,"","",null,"",null,"",null,"",{"$error":"#VALUE!"},""]
[null,"","","","","",null,"","",{"$nulls":3},"",null,"",{"$error":"#VALUE!"},""]
[null,"","","","","",null,"","",{"$nulls":3},"",null,"",{"$error":"#VALUE!"},""]
[null,"","","","","",null,"","",{"$nulls":3},"",null,"",{"$error":"#VALUE!"},""]
[null,"","","","","",null,"","",null,"",null,"",null,"",{"$error":"#VALUE!"},""]
[null,"","","","","",null,"","",null,"lsUtilesdeOficina",null,"",null,"",{"$error":"#VALUE!"},""]
[null,"","","","","",null,"","",null,"lsUtilesdeOficina",null,"",null,"",{"$error":"#VALUE!"},""]
[null,"","","","","",null,"","",{"$nulls":3},"",null,"",{"$error":"#VALUE!"},""]
[null,"","","","","",null,"","",{"$nulls":3},"",null,"",{"$error":"#VALUE!"},""]
[null,"","","","","",null,"","",null,"lsViaticosDP",null,"",null,"",{"$error":"#VALUE!"},""]
[null,"","","","","",null,"","",null,"lsPeaje",null,"",null,"",{"$error":"#VALUE!"},""]
[null,"","","","","",null,"","",null,"lsViaticosDP",null,"",null,"",{"$error":"#VALUE!"},""]
[null,"","","","","",null,"","",null,"lsGasoil",null,"",null,"",{"$error":"#VALUE!"},""]
[null,"","","","","",null,"","",{"$nulls":3},"",null,"",{"$error":"#VALUE!"},""]
[null,"","","","","",null,"","",null,"",null,"",null,"",{"$error":"#VALUE!"},""]
[null,"","","","","",null,"","",null,"lsAlimentosyBebidas",null,"",null,"",{"$error":"#VALUE!"},""]
[null,"","","","","",null,"","",null,"lsAlimentosyBebidas",null,"",null,"",{"$error":"#VALUE!"},""]
[null,"","","","","",null,"","",null,"",null,"",null,"",{"$error":"#VALUE!"},""]
[null,"","","","","",null,"","",null,"lsViaticosDP",null,"",null,"",{"$error":"#VALUE!"},""]
[null,"","","","","",null,"","",null,"lsPeaje",null,"",null,"",{"$error":"#VALUE!"},""]
[null,"","","","","",null,"","",null,"lsViaticosDP",null,"",null,"",{"$error":"#VALUE!"},""]
[null,"","","","","",null,"","",null,"lsGasoil",null,"",null,"",{"$error":"#VALUE!"},""]
[null,"","","","","",null,"","",{"$nulls":3},"",null,"",{"$error":"#VALUE!"},""]
[null,"","","","","",null,"","",null,"",null,"",null,"",{"$error":"#VALUE!"},""]
[null,"","","","","",null,"","",{"$nulls":3},"",null,"",{"$error":"#VALUE!"},""]
[null,"","","","","",null,"","",{"$nulls":3},"",null,"",{"$error":"#VALUE!"},""]
[null,"","","","","",null,"","",{"$nulls":3},"",null,"",{"$error":"#VALUE!"},""]
[null,"","","","","",null,"","",null,"",null,"",null,"",{"$error":"#VALUE!"},""]
[null,"","","","","",null,"","",null,"lsAlimentosyBebidas",null,"",null,"",{"$error":"#VALUE!"},""]
[null,"","","","","",null,"","",null,"Cartuchos de tintas para impresoras a color",null,"",null,"",{"$error":"#VALUE!"},""]
[null,"","","","","",null,"","",{"$nulls":3},"",null,"",{"$error":"#VALUE!"},""]
[null,"","","","","",null,"","",null,"",null,"",null,"",{"$error":"#VALUE!"},""]
[null,"","","","","",null,"","",null,"",null,"",null,"",{"$error":"#VALUE!"},""]
[null,"","","","","",null,"","",null,"",null,"",null,"",{"$error":"#VALUE!"},""]
[null,"","","","","",null,"","",null,"lsUtilesdeOficina",null,"",null,"",{"$error":"#VALUE!"},""]
[null,"","","","","",null,"","",null,"Cartuchos de tintas para impresoras a color",null,"",null,"",{"$error":"#VALUE!"},""]
[null,"","","","","",null,"","",{"$nulls":3},"",null,"",{"$error":"#VALUE!"},""]
[null,"","","","","",null,"","",null,"lsAlimentosyBebidas",null,"",null,"",{"$error":"#VALUE!"},""]
[null,"","","","","",null,"","",null,"lsAlimentosyBebidas",null,"",null,"",{"$error":"#VALUE!"},""]
[null,"","","","","",null,"","",{"$nulls":3},"",null,"",{"$error":"#VALUE!"},""]
[null,"","","","","",null,"","",null,"",null,"",null,"",{"$error":"#VALUE!"},""]
[null,"","","","","",null,"","",null,"lsUtilesdeOficina",null,"",null,"",{"$error":"#VALUE!"},""]
[null,"","","","","",null,"","",null,"Cartuchos de tintas para impresoras a color",null,"",null,"",{"$error":"#VALUE!"},""]
[null,"","","","","",null,"","",{"$nulls":3},"",null,"",{"$error":"#VALUE!"},""]
[null,"","","","","",null,"","",{"$nulls":3},"",null,"",{"$error":"#VALUE!"},""]
[null,"","","","","",null,"","",{"$nulls":3},"",null,"",{"$error":"#VALUE!"},""]
[null,"","","","","",null,"","",null,"Cartuchos de tintas para impresoras a color",null,"",null,"",{"$error":"#VALUE!"},""]
[null,"","","","","",null,"","",{"$nulls":3},"",null,"",{"$error":"#VALUE!"},""]
[null,"","","","","",null,"","",null,"lsAlimentosyBebidas",null,"",null,"",{"$error":"#VALUE!"},""]
[null,"","","","","",null,"","",null,"lsAlimentosyBebidas",null,"",null,"",{"$error":"#VALUE!"},""]
[null,"","","","","",null,"","",null,"lsViaticosDP",null,"",null,"",{"$error":"#VALUE!"},""]
[null,"","","","","",null,"","",null,"lsPeaje",null,"",null,"",{"$error":"#VALUE!"},""]
[null,"","","","","",null,"","",null,"lsViaticosDP",null,"",null,"",{"$error":"#VALUE!"},""]
[null,"","","","","",null,"","",null,"lsGasoil",null,"",null,"",{"$error":"#VALUE!"},""]
[null,"","","","","",null,"","",{"$nulls":3},"",null,"",{"$error":"#VALUE!"},""]
[null,"","","","","",null,"","",null,"",null,"",null,"",{"$error":"#VALUE!"},""]
[null,"","","","","",null,"","",null,"lsAlimentosyBebidas",null,"",null,"",{"$error":"#VALUE!"},""]
[null,"","","","","",null,"","",null,"lsAlimentosyBebidas",null,"",null,"",{"$error":"#VALUE!"},""]
[null,"","","","","",null,"","",null,"",null,"",null,"",{"$error":"#VALUE!"},""]
[null,"","","","","",null,"","",null,"Cartuchos de tintas para impresoras a color",null,"",null,"",{"$error":"#VALUE!"},""]
[null,"","","","","",null,"","",{"$nulls":3},"",null,"",{"$error":"#VALUE!"},""]
[null,"","","","","",null,"","",null,"Cartuchos de tintas para impresoras a color",null,"",null,"",{"$error":"#VALUE!"},""]
[null,"","","","","",null,"","",{"$nulls":3},"",null,"",{"$error":"#VALUE!"},""]
[null,"","","","","",null,"","",null,"lsAlimentosyBebidas",null,"",null,"",{"$error":"#VALUE!"},""]
[null,"","","","","",null,"","",null,"lsAlimentosyBebidas",null,"",null,"",{"$error":"#VALUE!"},""]
[null,"","","","","",null,"","",null,"Cartuchos de tintas para impresoras a color",null,"",null,"",{"$error":"#VALUE!"},""]
[null,"","","","","",null,"","",{"$nulls":3},"",null,"",{"$error":"#VALUE!"},""]
[null,"","","","","",null,"","",{"$nulls":3},"",null,"",{"$error":"#VALUE!"},""]
[null,"","","","","",null,"","",{"$nulls":3},"",null,"",{"$error":"#VALUE!"},""]
[null,"","","","","",null,"","",null,"",null,"",null,"",{"$error":"#VALUE!"},""]
[null,"","","","","",null,"","",null,"",null,"",null,"",{"$error":"#VALUE!"},""]
[null,"","","","","",null,"","",null,"Cartuchos de tintas para impresoras a color",null,"",null,"",{"$error":"#VALUE!"},""]
[null,"","","","","",null,"","",{"$nulls":3},"",null,"",{"$error":"#VALUE!"},""]
[null,"","","","","",null,"","",{"$nulls":3},"",null,"",{"$error":"#VALUE!"},""]
[null,"","","","","",null,"","",null,"lsAlimentosyBebidas",null,"",null,"",{"$error":"#VALUE!"},""]
[null,"","","","","",null,"","",null,"Cartuchos de tintas para impresoras a color",null,"",null,"",{"$error":"#VALUE!"},""]
[null,"","","","","",null,"","",{"$nulls":3},"",null,"",{"$error":"#VALUE!"},""]
[null,"","","","","",null,"","",{"$nulls":3},"",null,"",{"$error":"#VALUE!"},""]
[null,"","","","","",null,"","",null,"lsAlimentosyBebidas",null,"",null,"",{"$error":"#VALUE!"},""]
[null,"","","","","",null,"","",null,"Cartuchos de tintas para impresoras a color",null,"",null,"",{"$error":"#VALUE!"},""]
[null,"","","","","",null,"","",null,"lsProductosdePapel",null,"",null,"",{"$error":"#VALUE!"},""]
[null,"","","","","",null,"","",null,"lsUtilesdeOficina",null,"",null,"",{"$error":"#VALUE!"},""]
[null,"","","","","",null,"","",{"$nulls":3},"",null,"",{"$error":"#VALUE!"},""]
[null,"","","","","",null,"","",null,"lsViaticosDP",null,"",null,"",{"$error":"#VALUE!"},""]
[null,"","","","","",null,"","",null,"lsPeaje",null,"",null,"",{"$error":"#VALUE!"},""]
[null,"","","","","",null,"","",null,"lsViaticosDP",null,"",null,"",{"$error":"#VALUE!"},""]
[null,"","","","","",null,"","",null,"lsGasoil",null,"",null,"",{"$error":"#VALUE!"},""]
[null,"","","","","",null,"","",{"$nulls":3},"",null,"",{"$error":"#VALUE!"},""]
[null,"","","","","",null,"","",null,"",null,"",null,"",{"$error":"#VALUE!"},""]
[null,"","","","","",null,"","",null,"",null,"",null,"",{"$error":"#VALUE!"},""]
[null,"","","","","",null,"","",null,"lsViaticosDP",null,"",null,"",{"$error":"#VALUE!"},""]
[null,"","","","","",null,"","",null,"lsPeaje",null,"",null,"",{"$error":"#VALUE!"},""]
[null,"","","","","",null,"","",null,"lsViaticosDP",null,"",null,"",{"$error":"#VALUE!"},""]
[null,"","","","","",null,"","",null,"lsGasoil",null,"",null,"",{"$error":"#VALUE!"},""]
[null,"","","","","",null,"","",{"$nulls":3},"",null,"",{"$error":"#VALUE!"},""]
[null,"","","","","",null,"","",null,"",null,"",null,"",{"$error":"#VALUE!"},""]
[null,"","","","","",null,"","",null,"lsGasoil",null,"",null,"",{"$error":"#VALUE!"},""]
[null,"","","","","",null,"","",null,"lsGasoil",null,"",null,"",{"$error":"#VALUE!"},""]
[null,"","","","","",null,"","",null,"",null,"",null,"",{"$error":"#VALUE!"},""]
[null,"","","","","",null,"","",null,"",null,"",null,"",{"$error":"#VALUE!"},""]
[null,"","","","","",null,"","",null,"",null,"",null,"",{"$error":"#VALUE!"},""]
[null,"","","","","",null,"","",null,"",null,"",null,"",{"$error":"#VALUE!"},""]
[null,"","","","","",null,"","",null,"",null,"",null,"",{"$error":"#VALUE!"},""]
[null,"","","","","",null,"","",null,"",null,"",null,"",{"$error":"#VALUE!"},""]
[null,"","","","","",null,"","",null,"",null,"",null,"",{"$error":"#VALUE!"},""]
[null,"","","","","",null,"","",null,"",null,"",null,"",{"$error":"#VALUE!"},""]
[null,"","","","","",null,"","",null,"",null,"",null,"",{"$error":"#VALUE!"},""]
[null,"","","","","",null,"","",null,"",null,"",null,"",{"$error":"#VALUE!"},""]
[null,"","","","","",null,"","",null,"",null,"",null,"",{"$error":"#VALUE!"},""]
[null,"","","","","",null,"","",null,"",null,"",null,"",{"$error":"#VALUE!"},""]
[null,"","","","","",null,"","",null,"",null,"",null,"",{"$error":"#VALUE!"},""]
[null,"","","","","",null,"","",null,"",null,"",null,"",{"$error":"#VALUE!"},""]
[null,"","","","","",null,"","",null,"",null,"",null,"",{"$error":"#VALUE!"},""]
[null,"","","","","",null,"","",null,"",null,"",null,"",{"$error":"#VALUE!"},""]
[null,"","","","","",null,"","",null,"",null,"",null,"",{"$error":"#VALUE!"},""]
[null,"","","","","",null,"","",null,"",null,"",null,"",{"$error":"#VALUE!"},""]
[null,"","","","","",null,"","",null,"",null,"",null,"",{"$error":"#VALUE!"},""]
[null,"","","","","",null,"","",null,"",null,"",null,"",{"$error":"#VALUE!"},""]
[null,"","","","","",null,"","",null,"",null,"",null,"",{"$error":"#VALUE!"},""]
[null,"","","","","",null,"","",null,"",null,"",null,"",{"$error":"#VALUE!"},""]
[null,"","","","","",null,"","",null,"",null,"",null,"",{"$error":"#VALUE!"},""]
[null,"","","","","",null,"","",null,"",null,"",null,"",{"$error":"#VALUE!"},""]
[null,"","","","","",null,"","",null,"",null,"",null,"",{"$error":"#VALUE!"},""]
[null,"","","","","",null,"","",null,"",null,"",null,"",{"$error":"#VALUE!"},""]
[null,"","","","","",null,"","",null,"",null,"",null,"",{"$error":"#VALUE!"},""]
[null,"","","","","",null,"","",null,"",null,"",null,"",{"$error":"#VALUE!"},""]
[null,"","","","","",null,"","",null,"",null,"",null,"",{"$error":"#VALUE!"},""]
[null,"","","","","",null,"","",null,"",null,"",null,"",{"$error":"#VALUE!"},""]
[null,"","","","","",null,"","",null,"",null,"",null,"",{"$error":"#VALUE!"},""]
[null,"","","","","",null,"","",null,"",null,"",null,"",{"$error":"#VALUE!"},""]
[null,"","","","","",null,"","",null,"",null,"",null,"",{"$error":"#VALUE!"},""]
[null,"","","","","",null,"","",null,"",null,"",null,"",{"$error":"#VALUE!"},""]
[null,"","","","","",null,"","",null,"",null,"",null,"",{"$error":"#VALUE!"},""]
[null,"","","","","",null,"","",null,"",null,"",null,"",{"$error":"#VALUE!"},""]
[null,"","","","","",null,"","",null,"",null,"",null,"",{"$error":"#VALUE!"},""]
[null,"","","","","",null,"","",null,"",null,"",null,"",{"$error":"#VALUE!"},""]
[null,"","","","","",null,"","",null,"",null,"",null,"",{"$error":"#VALUE!"},""]
[null,"","","","","",null,"","",null,"",null,"",null,"",{"$error":"#VALUE!"},""]
[null,"","","","","",null,"","",null,"",null,"",null,"",{"$error":"#VALUE!"},""]
[null,"","","","","",null,"","",null,"",null,"",null,"",{"$error":"#VALUE!"},""]
[null,"","","","","",null,"","",null,"",null,"",null,"",{"$error":"#VALUE!"},""]
[null,"","","","","",null,"","",null,"",null,"",null,"",{"$error":"#VALUE!"},""]
[null,"","","","","",null,"","",null,"",null,"",null,"",{"$error":"#VALUE!"},""]
[null,"","","","","",null,"","",null,"",null,"",null,"",{"$error":"#VALUE!"},""]
[null,"","","","","",null,"","",null,"",null,"",null,"",{"$error":"#VALUE!"},""]
[null,"","","","","",null,"","",null,"",null,"",null,"",{"$error":"#VALUE!"},""]
[null,"","","","","",null,"","",null,"",null,"",null,"",{"$error":"#VALUE!"},""]
[null,"","","","","",null,"","",null,"",null,"",null,"",{"$error":"#VALUE!"},""]
[null,"","","","","",null,"","",null,"",null,"",null,"",{"$error":"#VALUE!"},""]
[null,"","","","","",null,"","",null,"",null,"",null,"",{"$error":"#VALUE!"},""]
[null,"","","","","",null,"","",null,"",null,"",null,"",{"$error":"#VALUE!"},""]
[null,"","","","","",null,"","",null,"",null,"",null,"",{"$error":"#VALUE!"},""]
[null,"","","","","",null,"","",null,"",null,"",null,"",{"$error":"#VALUE!"},""]
[null,"","","","","",null,"","",null,"",null,"",null,"",{"$error":"#VALUE!"},""]
[null,"","","","","",null,"","",null,"",null,"",null,"",{"$error":"#VALUE!"},""]
[null,"","","","","",null,"","",null,"",null,"",null,"",{"$error":"#VALUE!"},""]
[null,"","","","","",null,"","",null,"",null,"",null,"",{"$error":"#VALUE!"},""]
[null,"","","","","",null,"","",null,"",null,"",null,"",{"$error":"#VALUE!"},""]
[null,"","","","","",null,"","",null,"",null,"",null,"",{"$error":"#VALUE!"},""]
[null,"","","","","",null,"","",null,"",null,"",null,"",{"$error":"#VALUE!"},""]
[null,"","","","","",null,"","",null,"",null,"",null,"",{"$error":"#VALUE!"},""]
[null,"","","","","",null,"","",null,"",null,"",null,"",{"$error":"#VALUE!"},""]
[null,"","","","","",null,"","",null,"",null,"",null,"",{"$error":"#VALUE!"},""]
[null,"","","","","",null,"","",null,"",null,"",null,"",{"$error":"#VALUE!"},""]
[null,"","","","","",null,"","",null,"",null,"",null,"",{"$error":"#VALUE!"},""]
[null,"","","","","",null,"","",null,"lsAlimentosyBebidas",null,"",null,"",{"$error":"#VALUE!"},""]
[null,"","","","","",null,"","",null,"lsAlimentosyBebidas",null,"",null,"",{"$error":"#VALUE!"},""]
[null,"","","","","",null,"","",null,"lsViaticosDP",null,"",null,"",{"$error":"#VALUE!"},""]
[null,"","","","","",null,"","",null,"lsViaticosDP",null,"",null,"",{"$error":"#VALUE!"},""]
[null,"","","","","",null,"","",null,"lsGasoil",null,"",null,"",{"$error":"#VALUE!"},""]
[null,"","","","","",null,"","",null,"lsPeaje",null,"",null,"",{"$error":"#VALUE!"},""]
[null,"","","","","",null,"","",null,"lsEventosGenerales",null,"",null,"",{"$error":"#VALUE!"},""]
[null,"","","","","",null,"","",null,"lsServiciosTecnicosProfesionales",null,"",null,"",{"$error":"#VALUE!"},""]
[null,"","","","","",null,"","",null,"lsProductosdePapel",null,"",null,"",{"$error":"#VALUE!"},""]
[null,"","","","","",null,"","",null,"lsProductosdePapel",null,"",null,"",{"$error":"#VALUE!"},""]
[null,"","","","","",null,"","",null,"lsAlimentosyBebidas",null,"",null,"",{"$error":"#VALUE!"},""]
[null,"","","","","",null,"","",null,"lsAlimentosyBebidas",null,"",null,"",{"$error":"#VALUE!"},""]
[null,"","","","","",null,"","",null,"lsViaticosDP",null,"",null,"",{"$error":"#VALUE!"},""]
[null,"","","","","",null,"","",null,"lsViaticosDP",null,"",null,"",{"$error":"#VALUE!"},""]
[null,"","","","","",null,"","",null,"lsGasoil",null,"",null,"",{"$error":"#VALUE!"},""]
[null,"","","","","",null,"","",null,"lsPeaje",null,"",null,"",{"$error":"#VALUE!"},""]
[null,"","","","","",null,"","",null,"lsProductosdePapel",null,"",null,"",{"$error":"#VALUE!"},""]
[null,"","","","","",null,"","",null,"lsProductosdePapel",null,"",null,"",{"$error":"#VALUE!"},""]
[null,"","","","","",null,"","",null,"lsEventosGenerales",null,"",null,"",{"$error":"#VALUE!"},""]
[null,"","","","","",null,"","",null,"",null,"",null,"",{"$error":"#VALUE!"},""]
[null,"","","","","",null,"","",null,"",null,"",null,"",{"$error":"#VALUE!"},""]
[null,"","","","","",null,"","",null,"",null,"",null,"",{"$error":"#VALUE!"},""]
[null,"","","","","",null,"","",null,"",null,"",null,"",{"$error":"#VALUE!"},""]
[null,"","","","","",null,"","",null,"",null,"",null,"",{"$error":"#VALUE!"},""]
[null,"","","","","",null,"","",null,"",null,"",null,"",{"$error":"#VALUE!"},""]
[null,"","","","","",null,"","",null,"",null,"",null,"",{"$error":"#VALUE!"},""]
[null,"","","","","",null,"","",null,"",null,"",null,"",{"$error":"#VALUE!"},""]
[null,"","","","","",null,"","",null,"",null,"",null,"",{"$error":"#VALUE!"},""]
[null,"","","","","",null,"","",null,"",null,"",null,"",{"$error":"#VALUE!"},""]
[null,"","","","","",null,"","",null,"",null,"",null,"",{"$error":"#VALUE!"},""]
[null,"","","","","",null,"","",null,"",null,"",null,"",{"$error":"#VALUE!"},""]
[null,"","","","","",null,"","",null,"",null,"",null,"",{"$error":"#VALUE!"},""]
[null,"","","","","",null,"","",null,"",null,"",null,"",{"$error":"#VALUE!"},""]
[null,"","","","","",null,"","",null,"",null,"",null,"",{"$error":"#VALUE!"},""]
[null,"","","","","",null,"","",null,"",null,"",null,"",{"$error":"#VALUE!"},""]
[null,"","","","","",null,"","",null,"",null,"",null,"",{"$error":"#VALUE!"},""]
[null,"","","","","",null,"","",null,"",null,"",null,"",{"$error":"#VALUE!"},""]
[null,"","","","","",null,"","",null,"",null,"",null,"",{"$error":"#VALUE!"},""]
[null,"","","","","",null,"","",null,"",null,"",null,"",{"$error":"#VALUE!"},""]
[null,"","","","","",null,"","",null,"",null,"",null,"",{"$error":"#VALUE!"},""]
[null,"","","","","",null,"","",null,"",null,"",null,"",{"$error":"#VALUE!"},""]
[null,"","","","","",null,"","",null,"",null,"",null,"",{"$error":"#VALUE!"},""]
[null,"","","","","",null,"","",null,"",null,"",null,"",{"$error":"#VALUE!"},""]
[null,"","","","","",null,"","",null,"",null,"",null,"",{"$error":"#VALUE!"},""]
[null,"","","","","",null,"","",null,"",null,"",null,"",{"$error":"#VALUE!"},""]
[null,"","","","","",null,"","",null,"",null,"",null,"",{"$error":"#VALUE!"},""]
[null,"","","","","",null,"","",null,"",null,"",null,"",{"$error":"#VALUE!"},""]
[null,"","","","","",null,"","",null,"lsViaticosDP",null,"",null,"",{"$error":"#VALUE!"},""]
[null,"","","","","",null,"","",null,"lsViaticosDP",null,"",null,"",{"$error":"#VALUE!"},""]
[null,"","","","","",null,"","",null,"lsGasoil",null,"",null,"",{"$error":"#VALUE!"},""]
[null,"","","","","",null,"","",null,"lsPeaje",null,"",null,"",{"$error":"#VALUE!"},""]
[null,"","","","","",null,"","",null,"lsAlimentosyBebidas",null,"",null,"",{"$error":"#VALUE!"},""]
[null,"","","","","",null,"","",null,"lsAlimentosyBebidas",null,"",null,"",{"$error":"#VALUE!"},""]
[null,"","","","","",null,"","",null,"lsEventosGenerales",null,"",null,"",{"$error":"#VALUE!"},""]
[null,"","","","","",null,"","",null,"lsProductosdePapel",null,"",null,"",{"$error":"#VALUE!"},""]
[null,"","","","","",null,"","",null,"lsProductosdePapel",null,"",null,"",{"$error":"#VALUE!"},""]
[null,"","","","","",null,"","",null,"lsProductosdePapel",null,"",null,"",{"$error":"#VALUE!"},""]
[null,"","","","","",null,"","",null,"lsUtilesdeOficina",null,"",null,"",{"$error":"#VALUE!"},""]
[null,"","","","","",null,"","",null,"",null,"",null,"",{"$error":"#VALUE!"},""]
[null,"","","","","",null,"","",null,"lsViaticosDP",null,"",null,"",{"$error":"#VALUE!"},""]
[null,"","","","","",null,"","",null,"lsViaticosDP",null,"",null,"",{"$error":"#VALUE!"},""]
[null,"","","","","",null,"","",null,"lsGasoil",null,"",null,"",{"$error":"#VALUE!"},""]
[null,"","","","","",null,"","",null,"lsPeaje",null,"",null,"",{"$error":"#VALUE!"},""]
[null,"","","","","",null,"","",null,"lsAlimentosyBebidas",null,"",null,"",{"$error":"#VALUE!"},""]
[null,"","","","","",null,"","",null,"lsAlimentosyBebidas",null,"",null,"",{"$error":"#VALUE!"},""]
[null,"","","","","",null,"","",null,"lsEventosGenerales",null,"",null,"",{"$error":"#VALUE!"},""]
[null,"","","","","",null,"","",null,"lsProductosdePapel",null,"",null,"",{"$error":"#VALUE!"},""]
[null,"","","","","",null,"","",null,"lsProductosdePapel",null,"",null,"",{"$error":"#VALUE!"},""]
[null,"","","","","",null,"","",null,"lsProductosdePapel",null,"",null,"",{"$error":"#VALUE!"},""]
[null,"","","","","",null,"","",null,"lsUtilesdeOficina",null,"",null,"",{"$error":"#VALUE!"},""]
[null,"","","","","",null,"","",null,"",null,"",null,"",{"$error":"#VALUE!"},""]
[null,"","","","","",null,"","",null,"lsViaticosDP",null,"",null,"",{"$error":"#VALUE!"},""]
[null,"","","","","",null,"","",null,"lsViaticosDP",null,"",null,"",{"$error":"#VALUE!"},""]
[null,"","","","","",null,"","",null,"lsGasoil",null,"",null,"",{"$error":"#VALUE!"},""]
[null,"","","","","",null,"","",null,"lsPeaje",null,"",null,"",{"$error":"#VALUE!"},""]
[null,"","","","","",null,"","",null,"lsAlimentosyBebidas",null,"",null,"",{"$error":"#VALUE!"},""]
[null,"","","","","",null,"","",null,"lsAlimentosyBebidas",null,"",null,"",{"$error":"#VALUE!"},""]
[null,"","","","","",null,"","",null,"lsEventosGenerales",null,"",null,"",{"$error":"#VALUE!"},""]
[null,"","","","","",null,"","",null,"lsProductosdePapel",null,"",null,"",{"$error":"#VALUE!"},""]
[null,"","","","","",null,"","",null,"lsProductosdePapel",null,"",null,"",{"$error":"#VALUE!"},""]
[null,"","","","","",null,"","",null,"lsProductosdePapel",null,"",null,"",{"$error":"#VALUE!"},""]
[null,"","","","","",null,"","",null,"lsUtilesdeOficina",null,"",null,"",{"$error":"#VALUE!"},""]
[null,"","","","","",null,"","",null,"",null,"",null,"",{"$error":"#VALUE!"},""]
[null,"","","","","",null,"","",null,"",null,"",null,"",{"$error":"#VALUE!"},""]
[null,"","","","","",null,"","",null,"",null,"",null,"",{"$error":"#VALUE!"},""]
[null,"","","","","",null,"","",null,"",null,"",null,"",{"$error":"#VALUE!"},""]
[null,"","","","","",null,"","",null,"",null,"",null,"",{"$error":"#VALUE!"},""]
[null,"","","","","",null,"","",null,"",null,"",null,"",{"$error":"#VALUE!"},""]
[null,"","","","","",null,"","",null,"",null,"",null,"",{"$error":"#VALUE!"},""]
[null,"","","","","",null,"","",null,"",null,"",null,"",{"$error":"#VALUE!"},""]
[null,"","","","","",null,"","",null,"",null,"",null,"",{"$error":"#VALUE!"},""]
[null,"","","","","",null,"","",null,"",null,"",null,"",{"$error":"#VALUE!"},""]
[null,"","","","","",null,"","",null,"",null,"",null,"",{"$error":"#VALUE!"},""]
[null,"","","","","",null,"","",null,"",null,"",null,"",{"$error":"#VALUE!"},""]
[null,"","","","","",null,"","",null,"",null,"",null,"",{"$error":"#VALUE!"},""]
[null,"","","","","",null,"","",null,"",null,"",null,"",{"$error":"#VALUE!"},""]
[null,"","","","","",null,"","",null,"",null,"",null,"",{"$error":"#VALUE!"},""]
[null,"","","","","",null,"","",null,"",null,"",null,"",{"$error":"#VALUE!"},""]
[null,"","","","","",null,"","",null,"",null,"",null,"",{"$error":"#VALUE!"},""]
[null,"","","","","",null,"","",null,"",null,"",null,"",{"$error":"#VALUE!"},""]
[null,"","","","","",null,"","",null,"",null,"",null,"",{"$error":"#VALUE!"},""]
[null,"","","","","",null,"","",null,"",null,"",null,"",{"$error":"#VALUE!"},""]
[null,"","","","","",null,"","",null,"",null,"",null,"",{"$error":"#VALUE!"},""]
[null,"","","","","",null,"","",null,"",null,"",null,"",{"$error":"#VALUE!"},""]
[null,"","","","","",null,"","",null,"",null,"",null,"",{"$error":"#VALUE!"},""]
[null,"","","","","",null,"","",null,"",null,"",null,"",{"$error":"#VALUE!"},""]
[null,"","","","","",null,"","",null,"",null,"",null,"",{"$error":"#VALUE!"},""]
[null,"","","","","",null,"","",null,"",null,"",null,"",{"$error":"#VALUE!"},""]
[null,"","","","","",null,"","",null,"",null,"",null,"",{"$error":"#VALUE!"},""]
[null,"","","","","",null,"","",null,"",null,"",null,"",{"$error":"#VALUE!"},""]
[null,"","","","","",null,"","",null,"",null,"",null,"",{"$error":"#VALUE!"},""]
[null,"","","","","",null,"","",null,"",null,"",null,"",{"$error":"#VALUE!"},""]
[null,"","","","","",null,"","",null,"",null,"",null,"",{"$error":"#VALUE!"},""]
[null,"","","","","",null,"","",null,"",null,"",null,"",{"$error":"#VALUE!"},""]
[null,"","","","","",null,"","",null,"",null,"",null,"",{"$error":"#VALUE!"},""]
[null,"","","","","",null,"","",null,"",null,"",null,"",{"$error":"#VALUE!"},""]
[null,"","","","","",null,"","",null,"",null,"",null,"",{"$error":"#VALUE!"},""]
[null,"","","","","",null,"","",null,"",null,"",null,"",{"$error":"#VALUE!"},""]
[null,"","","","","",null,"","",null,"",null,"",null,"",{"$error":"#VALUE!"},""]
[null,"","","","","",null,"","",null,"",null,"",null,"",{"$error":"#VALUE!"},""]
[null,"","","","","",null,"","",null,"",null,"",null,"",{"$error":"#VALUE!"},""]
[null,"","","","","",null,"","",null,"",null,"",null,"",{"$error":"#VALUE!"},""]
[null,"","","","","",null,"","",null,"lsViaticosDP",null,"",null,"",{"$error":"#VALUE!"},""]
[null,"","","","","",null,"","",null,"lsViaticosDP",null,"",null,"",{"$error":"#VALUE!"},""]
[null,"","","","","",null,"","",null,"lsGasoil",null,"",null,"",{"$error":"#VALUE!"},""]
[null,"","","","","",null,"","",null,"lsPeaje",null,"",null,"",{"$error":"#VALUE!"},""]
[null,"","","","","",null,"","",null,"lsAlimentosyBebidas",null,"",null,"",{"$error":"#VALUE!"},""]
[null,"","","","","",null,"","",null,"lsAlimentosyBebidas",null,"",null,"",{"$error":"#VALUE!"},""]
[null,"","","","","",null,"","",null,"lsEventosGenerales",null,"",null,"",{"$error":"#VALUE!"},""]
[null,"","","","","",null,"","",null,"lsProductosdePapel",null,"",null,"",{"$error":"#VALUE!"},""]
[null,"","","","","",null,"","",null,"lsProductosdePapel",null,"",null,"",{"$error":"#VALUE!"},""]
[null,"","","","","",null,"","",null,"lsServiciosTecnicosProfesionales",null,"",null,"",{"$error":"#VALUE!"},""]
[null,"","","","","",null,"","",null,"lsProductosdePapel",null,"",null,"",{"$error":"#VALUE!"},""]
[null,"","","","","",null,"","",null,"lsProductosdePapel",null,"",null,"",{"$error":"#VALUE!"},""]
[null,"","","","","",null,"","",null,"lsAlimentosyBebidas",null,"",null,"",{"$error":"#VALUE!"},""]
[null,"","","","","",null,"","",null,"lsAlimentosyBebidas",null,"",null,"",{"$error":"#VALUE!"},""]
[null,"","","","","",null,"","",null,"",null,"",null,"",{"$error":"#VALUE!"},""]
[null,"","","","","",null,"","",null,"lsUtilesdeOficina",null,"",null,"",{"$error":"#VALUE!"},""]
[null,"","","","","",null,"","",null,"",null,"",null,"",{"$error":"#VALUE!"},""]
[null,"","","","","",null,"","",null,"",null,"",null,"",{"$error":"#VALUE!"},""]
[null,"","","","","",null,"","",null,"",null,"",null,"",{"$error":"#VALUE!"},""]
[null,"","","","","",null,"","",null,"",null,"",null,"",{"$error":"#VALUE!"},""]
[null,"","","","","",null,"","",null,"",null,"",null,"",{"$error":"#VALUE!"},""]
[null,"","","","","",null,"","",null,"",null,"",null,"",{"$error":"#VALUE!"},""]
[null,"","","","","",null,"","",null,"",null,"",null,"",{"$error":"#VALUE!"},""]
[null,"","","","","",null,"","",null,"",null,"",null,"",{"$error":"#VALUE!"},""]
[null,"","","","","",null,"","",null,"",null,"",null,"",{"$error":"#VALUE!"},""]
[null,"","","","","",null,"","",null,"lsProductosdePapel",null,"",null,"",{"$error":"#VALUE!"},""]
[null,"","","","","",null,"","",null,"lsProductosdePapel",null,"",null,"",{"$error":"#VALUE!"},""]
[null,"","","","","",null,"","",null,"lsUtilesdeOficina",null,"",null,"",{"$error":"#VALUE!"},""]
[null,"","","","","",null,"","",null,"",null,"",null,"",{"$error":"#VALUE!"},""]
[null,"","","","","",null,"","",null,"",null,"",null,"",{"$error":"#VALUE!"},""]
[null,"","","","","",null,"","",null,"",null,"",null,"",{"$error":"#VALUE!"},""]
[null,"","","","","",null,"","",null,"",null,"",null,"",{"$error":"#VALUE!"},""]
[null,"","","","","",null,"","",null,"",null,"",null,"",{"$error":"#VALUE!"},""]
[null,"","","","","",null,"","",null,"",null,"",null,"",{"$error":"#VALUE!"},""]
[null,"","","","","",null,"","",null,"",null,"",null,"",{"$error":"#VALUE!"},""]
[null,"","","","","",null,"","",null,"",null,"",null,"",{"$error":"#VALUE!"},""]
[null,"","","","","",null,"","",null,"",null,"",null,"",{"$error":"#VALUE!"},""]
[null,"","","","","",null,"","",null,"",null,"",null,"",{"$error":"#VALUE!"},""]
[null,"","","","","",null,"","",null,"",null,"",null,"",{"$error":"#VALUE!"},""]
[null,"","","","","",null,"","",null,"",null,"",null,"",{"$error":"#VALUE!"},""]
[null,"","","","","",null,"","",null,"",null,"",null,"",{"$error":"#VALUE!"},""]
[null,"","","","","",null,"","",null,"",null,"",null,"",{"$error":"#VALUE!"},""]
[null,"","","","","",null,"","",null,"",null,"",null,"",{"$error":"#VALUE!"},""]
[null,"","","","","",null,"","",null,"",null,"",null,"",{"$error":"#VALUE!"},""]
[null,"","","","","",null,"","",null,"",null,"",null,"",{"$error":"#VALUE!"},""]
[null,"","","","","",null,"","",null,"",null,"",null,"",{"$error":"#VALUE!"},""]
[null,"","","","","",null,"","",null,"",null,"",null,"",{"$error":"#VALUE!"},""]
[null,"","","","","",null,"","",null,"",null,"",null,"",{"$error":"#VALUE!"},""]
[null,"","","","","",null,"","",null,"",null,"",null,"",{"$error":"#VALUE!"},""]
[null,"","","","","",null,"","",null,"",null,"",null,"",{"$error":"#VALUE!"},""]
[null,"","","","","",null,"","",null,"",null,"",null,"",{"$error":"#VALUE!"},""]
[null,"","","","","",null,"","",null,"",null,"",null,"",{"$error":"#VALUE!"},""]
[null,"","","","","",null,"","",null,"",null,"",null,"",{"$error":"#VALUE!"},""]
[null,"","","","","",null,"","",null,"",null,"",null,"",{"$error":"#VALUE!"},""]
[null,"","","","","",null,"","",null,"",null,"",null,"",{"$error":"#VALUE!"},""]
[null,"","","","","",null,"","",null,"",null,"",null,"",{"$error":"#VALUE!"},""]
[null,"","","","","",null,"","",null,"",null,"",null,"",{"$error":"#VALUE!"},""]
[null,"","","","","",null,"","",null,"",null,"",null,"",{"$error":"#VALUE!"},""]
[null,"","","","","",null,"","",null,"",null,"",null,"",{"$error":"#VALUE!"},""]
[null,"","","","","",null,"","",null,"",null,"",null,"",{"$error":"#VALUE!"},""]
[null,"","","","","",null,"","",null,"",null,"",null,"",{"$error":"#VALUE!"},""]
[null,"","","","","",null,"","",null,"",null,"",null,"",{"$error":"#VALUE!"},""]
[null,"","","","","",null,"","",null,"",null,"",null,"",{"$error":"#VALUE!"},""]
[null,"","","","","",null,"","",null,"",null,"",null,"",{"$error":"#VALUE!"},""]
[null,"","","","","",null,"","",null,"",null,"",null,"",{"$error":"#VALUE!"},""]
[null,"","","","","",null,"","",null,"",null,"",null,"",{"$error":"#VALUE!"},""]
[null,"","","","","",null,"","",null,"",null,"",null,"",{"$error":"#VALUE!"},""]
[null,"","","","","",null,"","",null,"",null,"",null,"",{"$error":"#VALUE!"},""]
[null,"","","","","",null,"","",null,"",null,"",null,"",{"$error":"#VALUE!"},""]
[null,"","","","","",null,"","",null,"",null,"",null,"",{"$error":"#VALUE!"},""]
[null,"","","","","",null,"","",null,"",null,"",null,"",{"$error":"#VALUE!"},""]
[null,"","","","","",null,"","",null,"",null,"",null,"",{"$error":"#VALUE!"},""]
[null,"","","","","",null,"","",null,"",null,"",null,"",{"$error":"#VALUE!"},""]
[null,"","","","","",null,"","",null,"",null,"",null,"",{"$error":"#VALUE!"},""]
[null,"","","","","",null,"","",null,"",null,"",null,"",{"$error":"#VALUE!"},""]
[null,"","","","","",null,"","",null,"",null,"",null,"",{"$error":"#VALUE!"},""]
[null,"","","","","",null,"","",null,"",null,"",null,"",{"$error":"#VALUE!"},""]
[null,"","","","","",null,"","",null,"",null,"",null,"",{"$error":"#VALUE!"},""]
[null,"","","","","",null,"","",null,"",null,"",null,"",{"$error":"#VALUE!"},""]
[null,"","","","","",null,"","",null,"",null,"",null,"",{"$error":"#VALUE!"},""]
[null,"","","","","",null,"","",null,"",null,"",null,"",{"$error":"#VALUE!"},""]
[null,"","","","","",null,"","",null,"",null,"",null,"",{"$error":"#VALUE!"},""]
[null,"","","","","",null,"","",null,"",null,"",null,"",{"$error":"#VALUE!"},""]
[null,"","","","","",null,"","",null,"",null,"",null,"",{"$error":"#VALUE!"},""]
[null,"","","","","",null,"","",null,"",null,"",null,"",{"$error":"#VALUE!"},""]
[null,"","","","","",null,"","",null,"",null,"",null,"",{"$error":"#VALUE!"},""]
[null,"","","","","",null,"","",null,"",null,"",null,"",{"$error":"#VALUE!"},""]
[null,"","","","","",null,"","",null,"",null,"",null,"",{"$error":"#VALUE!"},""]
[null,"","","","","",null,"","",null,"",null,"",null,"",{"$error":"#VALUE!"},""]
[null,"","","","","",null,"","",null,"",null,"",null,"",{"$error":"#VALUE!"},""]
[null,"","","","","",null,"","",null,"",null,"",null,"",{"$error":"#VALUE!"},""]
[null,"","","","","",null,"","",null,"",null,"",null,"",{"$error":"#VALUE!"},""]
[null,"","","","","",null,"","",null,"",null,"",null,"",{"$error":"#VALUE!"},""]
[null,"","","","","",null,"","",null,"",null,"",null,"",{"$error":"#VALUE!"},""]
[null,"","","","","",null,"","",null,"",null,"",null,"",{"$error":"#VALUE!"},""]
[null,"","","","","",null,"","",null,"",null,"",null,"",{"$error":"#VALUE!"},""]
[null,"","","","","",null,"","",null,"",null,"",null,"",{"$error":"#VALUE!"},""]
[null,"","","","","",null,"","",null,"",null,"",null,"",{"$error":"#VALUE!"},""]
[null,"","","","","",null,"","",null,"",null,"",null,"",{"$error":"#VALUE!"},""]
[null,"","","","","",null,"","",null,"",null,"",null,"",{"$error":"#VALUE!"},""]
[null,"","","","","",null,"","",null,"",null,"",null,"",{"$error":"#VALUE!"},""]
[null,"","","","","",null,"","",null,"",null,"",null,"",{"$error":"#VALUE!"},""]
[null,"","","","","",null,"","",null,"",null,"",null,"",{"$error":"#VALUE!"},""]
[null,"","","","","",null,"","",null,"",null,"",null,"",{"$error":"#VALUE!"},""]
[null,"","","","","",null,"","",null,"",null,"",null,"",{"$error":"#VALUE!"},""]
[null,"","","","","",null,"","",null,"",null,"",null,"",{"$error":"#VALUE!"},""]
[null,"","","","","",null,"","",null,"",null,"",null,"",{"$error":"#VALUE!"},""]
[null,"","","","","",null,"","",null,"",null,"",null,"",{"$error":"#VALUE!"},""]
[null,"","","","","",null,"","",null,"",null,"",null,"",{"$error":"#VALUE!"},""]
[null,"","","","","",null,"","",null,"",null,"",null,"",{"$error":"#VALUE!"},""]
[null,"","","","","",null,"","",null,"",null,"",null,"",{"$error":"#VALUE!"},""]
[null,"","","","","",null,"","",null,"",null,"",null,"",{"$error":"#VALUE!"},""]
[null,"","","","","",null,"","",null,"",null,"",null,"",{"$error":"#VALUE!"},""]
[null,"","","","","",null,"","",null,"",null,"",null,"",{"$error":"#VALUE!"},""]
[null,"","","","","",null,"","",null,"",null,"",null,"",{"$error":"#VALUE!"},""]
[null,"","","","","",null,"","",null,"",null,"",null,"",{"$error":"#VALUE!"},""]
[null,"","","","","",null,"","",null,"",null,"",null,"",{"$error":"#VALUE!"},""]
[null,"","","","","",null,"","",null,"",null,"",null,"",{"$error":"#VALUE!"},""]
[null,"","","","","",null,"","",null,"",null,"",null,"",{"$error":"#VALUE!"},""]
[null,"","","","","",null,"","",null,"",null,"",null,"",{"$error":"#VALUE!"},""]
[null,"","","","","",null,"","",null,"",null,"",null,"",{"$error":"#VALUE!"},""]
[null,"","","","","",null,"","",null,"",null,"",null,"",{"$error":"#VALUE!"},""]
[null,"","","","","",null,"","",null,"",null,"",null,"",{"$error":"#VALUE!"},""]
[null,"","","","","",null,"","",null,"",null,"",null,"",{"$error":"#VALUE!"},""]
[null,"","","","","",null,"","",null,"",null,"",null,"",{"$error":"#VALUE!"},""]
[null,"","","","","",null,"","",null,"",null,"",null,"",{"$error":"#VALUE!"},""]
[null,"","","","","",null,"","",null,"",null,"",null,"",{"$error":"#VALUE!"},""]
[null,"","","","","",null,"","",null,"",null,"",null,"",{"$error":"#VALUE!"},""]
[null,"","","","","",null,"","",null,"",null,"",null,"",{"$error":"#VALUE!"},""]
[null,"","","","","",null,"","",null,"",null,"",null,"",{"$error":"#VALUE!"},""]
[null,"","","","","",null,"","",null,"",null,"",null,"",{"$error":"#VALUE!"},""]
[null,"","","","","",null,"","",null,"",null,"",null,"",{"$error":"#VALUE!"},""]
[null,"","","","","",null,"","",null,"",null,"",null,"",{"$error":"#VALUE!"},""]
[null,"","","","","",null,"","",null,"",null,"",null,"",{"$error":"#VALUE!"},""]
[null,"","","","","",null,"","",null,"",null,"",null,"",{"$error":"#VALUE!"},""]
[null,"","","","","",null,"","",null,"",null,"",null,"",{"$error":"#VALUE!"},""]
[null,"","","","","",null,"","",null,"",null,"",null,"",{"$error":"#VALUE!"},""]
[null,"","","","","",null,"","",null,"",null,"",null,"",{"$error":"#VALUE!"},""]
[null,"","","","","",null,"","",null,"",null,"",null,"",{"$error":"#VALUE!"},""]
[null,"","","","","",null,"","",null,"",null,"",null,"",{"$error":"#VALUE!"},""]
[null,"","","","","",null,"","",null,"",null,"",null,"",{"$error":"#VALUE!"},""]
[null,"","","","","",null,"","",null,"",null,"",null,"",{"$error":"#VALUE!"},""]
[null,"","","","","",null,"","",null,"",null,"",null,"",{"$error":"#VALUE!"},""]
[null,"","","","","",null,"","",null,"",null,"",null,"",{"$error":"#VALUE!"},""]
[null,"","","","","",null,"","",null,"",null,"",null,"",{"$error":"#VALUE!"},""]
[null,"","","","","",null,"","",null,"",null,"",null,"",{"$error":"#VALUE!"},""]
[null,"","","","","",null,"","",null,"",null,"",null,"",{"$error":"#VALUE!"},""]
[null,"","","","","",null,"","",null,"",null,"",null,"",{"$error":"#VALUE!"},""]
[null,"","","","","",null,"","",null,"",null,"",null,"",{"$error":"#VALUE!"},""]
[null,"","","","","",null,"","",null,"",null,"",null,"",{"$error":"#VALUE!"},""]
[null,"","","","","",null,"","",null,"",null,"",null,"",{"$error":"#VALUE!"},""]
[null,"","","","","",null,"","",null,"",null,"",null,"",{"$error":"#VALUE!"},""]
[null,"","","","","",null,"","",null,"",null,"",null,"",{"$error":"#VALUE!"},""]
[null,"","","","","",null,"","",null,"",null,"",null,"",{"$error":"#VALUE!"},""]
[null,"","","","","",null,"","",null,"",null,"",null,"",{"$error":"#VALUE!"},""]
[null,"","","","","",null,"","",null,"",null,"",null,"",{"$error":"#VALUE!"},""]
[null,"","","","","",null,"","",null,"",null,"",null,"",{"$error":"#VALUE!"},""]
[null,"","","","","",null,"","",null,"",null,"",null,"",{"$error":"#VALUE!"},""]
[null,"","","","","",null,"","",null,"",null,"",null,"",{"$error":"#VALUE!"},""]
[null,"","","","","",null,"","",null,"",null,"",null,"",{"$error":"#VALUE!"},""]
[null,"","","","","",null,"","",null,"",null,"",null,"",{"$error":"#VALUE!"},""]
[null,"","","","","",null,"","",null,"",null,"",null,"",{"$error":"#VALUE!"},""]
[null,"","","","","",null,"","",null,"",null,"",null,"",{"$error":"#VALUE!"},""]
[null,"","","","","",null,"","",null,"",null,"",null,"",{"$error":"#VALUE!"},""]
[null,"","","","","",null,"","",null,"",null,"",null,"",{"$error":"#VALUE!"},""]
[null,"","","","","",null,"","",null,"",null,"",null,"",{"$error":"#VALUE!"},""]
[null,"","","","","",null,"","",null,"",null,"",null,"",{"$error":"#VALUE!"},""]
[null,"","","","","",null,"","",null,"",null,"",null,"",{"$error":"#VALUE!"},""]
[null,"","","","","",null,"","",null,"",null,"",null,"",{"$error":"#VALUE!"},""]
[null,"","","","","",null,"","",null,"",null,"",null,"",{"$error":"#VALUE!"},""]
[null,"","","","","",null,"","",null,"",null,"",null,"",{"$error":"#VALUE!"},""]
[null,"","","","","",null,"","",null,"",null,"",null,"",{"$error":"#VALUE!"},""]
[null,"","","","","",null,"","",null,"",null,"",null,"",{"$error":"#VALUE!"},""]
[null,"","","","","",null,"","",null,"",null,"",null,"",{"$error":"#VALUE!"},""]
[null,"","","","","",null,"","",null,"",null,"",null,"",{"$error":"#VALUE!"},""]
[null,"","","","","",null,"","",null,"",null,"",null,"",{"$error":"#VALUE!"},""]
[null,"","","","","",null,"","",null,"",null,"",null,"",{"$error":"#VALUE!"},""]
[null,"","","","","",null,"","",null,"",null,"",null,"",{"$error":"#VALUE!"},""]
[null,"","","","","",null,"","",null,"",null,"",null,"",{"$error":"#VALUE!"},""]
[null,"","","","","",null,"","",null,"",null,"",null,"",{"$error":"#VALUE!"},""]
[null,"","","","","",null,"","",null,"",null,"",null,"",{"$error":"#VALUE!"},""]
[null,"","","","","",null,"","",null,"",null,"",null,"",{"$error":"#VALUE!"},""]
[null,"","","","","",null,"","",null,"",null,"",null,"",{"$error":"#VALUE!"},""]
[null,"","","","","",null,"","",null,"",null,"",null,"",{"$error":"#VALUE!"},""]
[null,"","","","","",null,"","",null,"",null,"",null,"",{"$error":"#VALUE!"},""]
[null,"","","","","",null,"","",null,"",null,"",null,"",{"$error":"#VALUE!"},""]
[null,"","","","","",null,"","",null,"",null,"",null,"",{"$error":"#VALUE!"},""]
[null,"","","","","",null,"","",null,"",null,"",null,"",{"$error":"#VALUE!"},""]
[null,"","","","","",null,"","",null,"",null,"",null,"",{"$error":"#VALUE!"},""]
[null,"","","","","",null,"","",null,"",null,"",null,"",{"$error":"#VALUE!"},""]
[null,"","","","","",null,"","",null,"",null,"",null,"",{"$error":"#VALUE!"},""]
[null,"","","","","",null,"","",null,"",null,"",null,"",{"$error":"#VALUE!"},""]
[null,"","","","","",null,"","",null,"",null,"",null,"",{"$error":"#VALUE!"},""]
[null,"","","","","",null,"","",null,"",null,"",null,"",{"$error":"#VALUE!"},""]
[null,"","","","","",null,"","",null,"",null,"",null,"",{"$error":"#VALUE!"},""]
[null,"","","","","",null,"","",null,"",null,"",null,"",{"$error":"#VALUE!"},""]
[null,"","","","","",null,"","",null,"",null,"",null,"",{"$error":"#VALUE!"},""]
[null,"","","","","",null,"","",null,"",null,"",null,"",{"$error":"#VALUE!"},""]
[null,"","","","","",null,"","",null,"",null,"",null,"",{"$error":"#VALUE!"},""]
[null,"","","","","",null,"","",null,"",null,"",null,"",{"$error":"#VALUE!"},""]
[null,"","","","","",null,"","",null,"",null,"",null,"",{"$error":"#VALUE!"},""]
[null,"","","","","",null,"","",null,"",null,"",null,"",{"$error":"#VALUE!"},""]
[null,"","","","","",null,"","",null,"",null,"",null,"",{"$error":"#VALUE!"},""]
[null,"","","","","",null,"","",null,"",null,"",null,"",{"$error":"#VALUE!"},""]
[null,"","","","","",null,"","",null,"",null,"",null,"",{"$error":"#VALUE!"},""]
[null,"","","","","",null,"","",null,"",null,"",null,"",{"$error":"#VALUE!"},""]
[null,"","","","","",null,"","",null,"",null,"",null,"",{"$error":"#VALUE!"},""]
[null,"","","","","",null,"","",null,"",null,"",null,"",{"$error":"#VALUE!"},""]
[null,"","","","","",null,"","",null,"",null,"",null,"",{"$error":"#VALUE!"},""]
[null,"","","","","",null,"","",null,"",null,"",null,"",{"$error":"#VALUE!"},""]
[null,"","","","","",null,"","",null,"",null,"",null,"",{"$error":"#VALUE!"},""]
[null,"","","","","",null,"","",null,"",null,"",null,"",{"$error":"#VALUE!"},""]
[null,"","","","","",null,"","",null,"",null,"",null,"",{"$error":"#VALUE!"},""]
[null,"","","","","",null,"","",null,"",null,"",null,"",{"$error":"#VALUE!"},""]
[null,"","","","","",null,"","",null,"",null,"",null,"",{"$error":"#VALUE!"},""]
[null,"","","","","",null,"","",null,"",null,"",null,"",{"$error":"#VALUE!"},""]
[null,"","","","","",null,"","",null,"",null,"",null,"",{"$error":"#VALUE!"},""]
[null,"","","","","",null,"","",null,"",null,"",null,"",{"$error":"#VALUE!"},""]
[null,"","","","","",null,"","",null,"",null,"",null,"",{"$error":"#VALUE!"},""]
[null,"","","","","",null,"","",null,"",null,"",null,"",{"$error":"#VALUE!"},""]
[null,"","","","","",null,"","",null,"",null,"",null,"",{"$error":"#VALUE!"},""]
[null,"","","","","",null,"","",null,"",null,"",null,"",{"$error":"#VALUE!"},""]
[null,"","","","","",null,"","",null,"",null,"",null,"",{"$error":"#VALUE!"},""]
[null,"","","","","",null,"","",null,"",null,"",null,"",{"$error":"#VALUE!"},""]
[null,"","","","","",null,"","",null,"",null,"",null,"",{"$error":"#VALUE!"},""]
[null,"","","","","",null,"","",null,"",null,"",null,"",{"$error":"#VALUE!"},""]
[null,"","","","","",null,"","",null,"",null,"",null,"",{"$error":"#VALUE!"},""]
[null,"","","","","",null,"","",null,"",null,"",null,"",{"$error":"#VALUE!"},""]
[null,"","","","","",null,"","",null,"",null,"",null,"",{"$error":"#VALUE!"},""]
[null,"","","","","",null,"","",null,"",null,"",null,"",{"$error":"#VALUE!"},""]
[null,"","","","","",null,"","",null,"",null,"",null,"",{"$error":"#VALUE!"},""]
[null,"","","","","",null,"","",null,"",null,"",null,"",{"$error":"#VALUE!"},""]
[null,"","","","","",null,"","",null,"",null,"",null,"",{"$error":"#VALUE!"},""]
[null,"","","","","",null,"","",null,"",null,"",null,"",{"$error":"#VALUE!"},""]
[null,"","","","","",null,"","",null,"",null,"",null,"",{"$error":"#VALUE!"},""]
[null,"","","","","",null,"","",null,"",null,"",null,"",{"$error":"#VALUE!"},""]
[null,"","","","","",null,"","",null,"",null,"",null,"",{"$error":"#VALUE!"},""]
[null,"","","","","",null,"","",null,"",null,"",null,"",{"$error":"#VALUE!"},""]
[null,"","","","","",null,"","",null,"",null,"",null,"",{"$error":"#VALUE!"},""]
[null,"","","","","",null,"","",null,"",null,"",null,"",{"$error":"#VALUE!"},""]
[null,"","","","","",null,"","",null,"",null,"",null,"",{"$error":"#VALUE!"},""]
[null,"","","","","",null,"","",null,"",null,"",null,"",{"$error":"#VALUE!"},""]
[null,"","","","","",null,"","",null,"",null,"",null,"",{"$error":"#VALUE!"},""]
[null,"","","","","",null,"","",null,"",null,"",null,"",{"$error":"#VALUE!"},""]
[null,"","","","","",null,"","",null,"",null,"",null,"",{"$error":"#VALUE!"},""]
[null,"","","","","",null,"","",null,"",null,"",null,"",{"$error":"#VALUE!"},""]
[null,"","","","","",null,"","",null,"",null,"",null,"",{"$error":"#VALUE!"},""]
[null,"","","","","",null,"","",null,"",null,"",null,"",{"$error":"#VALUE!"},""]
[null,"","","","","",null,"","",null,"",null,"",null,"",{"$error":"#VALUE!"},""]
[null,"","","","","",null,"","",null,"",null,"",null,"",{"$error":"#VALUE!"},""]
[null,"","","","","",null,"","",null,"",null,"",null,"",{"$error":"#VALUE!"},""]
[null,"","","","","",null,"","",null,"",null,"",null,"",{"$error":"#VALUE!"},""]
[null,"","","","","",null,"","",null,"",null,"",null,"",{"$error":"#VALUE!"},""]
[null,"","","","","",null,"","",null,"",null,"",null,"",{"$error":"#VALUE!"},""]
[null,"","","","","",null,"","",null,"",null,"",null,"",{"$error":"#VALUE!"},""]
[null,"","","","","",null,"","",null,"",null,"",null,"",{"$error":"#VALUE!"},""]
[null,"","","","","",null,"","",null,"",null,"",null,"",{"$error":"#VALUE!"},""]
[null,"","","","","",null,"","",null,"",null,"",null,"",{"$error":"#VALUE!"},""]
[null,"","","","","",null,"","",null,"",null,"",null,"",{"$error":"#VALUE!"},""]
[null,"","","","","",null,"","",null,"",null,"",null,"",{"$error":"#VALUE!"},""]
[null,"","","","","",null,"","",null,"",null,"",null,"",{"$error":"#VALUE!"},""]
[null,"","","","","",null,"","",null,"",null,"",null,"",{"$error":"#VALUE!"},""]
[null,"","","","","",null,"","",null,"",null,"",null,"",{"$error":"#VALUE!"},""]
[null,"","","","","",null,"","",null,"",null,"",null,"",{"$error":"#VALUE!"},""]
[null,"","","","","",null,"","",null,"",null,"",null,"",{"$error":"#VALUE!"},""]
[null,"","","","","",null,"","",null,"",null,"",null,"",{"$error":"#VALUE!"},""]
[null,"","","","","",null,"","",null,"",null,"",null,"",{"$error":"#VALUE!"},""]
[null,"","","","","",null,"","",null,"",null,"",null,"",{"$error":"#VALUE!"},""]
[null,"","","","","",null,"","",null,"",null,"",null,"",{"$error":"#VALUE!"},""]
[null,"","","","","",null,"","",null,"",null,"",null,"",{"$error":"#VALUE!"},""]
[null,"","","","","",null,"","",null,"",null,"",null,"",{"$error":"#VALUE!"},""]
[null,"","","","","",null,"","",null,"",null,"",null,"",{"$error":"#VALUE!"},""]
[null,"","","","","",null,"","",null,"",null,"",null,"",{"$error":"#VALUE!"},""]
[null,"","","","","",null,"","",null,"",null,"",null,"",{"$error":"#VALUE!"},""]
[null,"","","","","",null,"","",null,"",null,"",null,"",{"$error":"#VALUE!"},""]
[null,"","","","","",null,"","",null,"",null,"",null,"",{"$error":"#VALUE!"},""]
[null,"","","","","",null,"","",null,"",null,"",null,"",{"$error":"#VALUE!"},""]
[null,"","","","","",null,"","",null,"",null,"",null,"",{"$error":"#VALUE!"},""]
[null,"","","","","",null,"","",null,"",null,"",null,"",{"$error":"#VALUE!"},""]
[null,"","","","","",null,"","",null,"",null,"",null,"",{"$error":"#VALUE!"},""]
[null,"","","","","",null,"","",null,"",null,"",null,"",{"$error":"#VALUE!"},""]
[null,"","","","","",null,"","",null,"",null,"",null,"",{"$error":"#VALUE!"},""]
[null,"","","","","",null,"","",null,"",null,"",null,"",{"$error":"#VALUE!"},""]
[null,"","","","","",null,"","",null,"",null,"",null,"",{"$error":"#VALUE!"},""]
[null,"","","","","",null,"","",null,"",null,"",null,"",{"$error":"#VALUE!"},""]
[null,"","","","","",null,"","",null,"",null,"",null,"",{"$error":"#VALUE!"},""]
[null,"","","","","",null,"","",null,"",null,"",null,"",{"$error":"#VALUE!"},""]
[null,"","","","","",null,"","",null,"",null,"",null,"",{"$error":"#VALUE!"},""]
[null,"","","","","",null,"","",null,"",null,"",null,"",{"$error":"#VALUE!"},""]
[null,"","","","","",null,"","",null,"",null,"",null,"",{"$error":"#VALUE!"},""]
[null,"","","","","",null,"","",null,"",null,"",null,"",{"$error":"#VALUE!"},""]
[null,"","","","","",null,"","",null,"",null,"",null,"",{"$error":"#VALUE!"},""]
[null,"","","","","",null,"","",null,"",null,"",null,"",{"$error":"#VALUE!"},""]
[null,"","","","","",null,"","",null,"",null,"",null,"",{"$error":"#VALUE!"},""]
[null,"","","","","",null,"","",null,"",null,"",null,"",{"$error":"#VALUE!"},""]
[null,"","","","","",null,"","",null,"",null,"",null,"",{"$error":"#VALUE!"},""]
[null,"","","","","",null,"","",null,"",null,"",null,"",{"$error":"#VALUE!"},""]
[null,"","","","","",null,"","",null,"",null,"",null,"",{"$error":"#VALUE!"},""]
[null,"","","","","",null,"","",null,"",null,"",null,"",{"$error":"#VALUE!"},""]
[null,"","","","","",null,"","",null,"",null,"",null,"",{"$error":"#VALUE!"},""]
[null,"","","","","",null,"","",null,"",null,"",null,"",{"$error":"#VALUE!"},""]
[null,"","","","","",null,"","",null,"",null,"",null,"",{"$error":"#VALUE!"},""]
[null,"","","","","",null,"","",null,"",null,"",null,"",{"$error":"#VALUE!"},""]
[null,"","","","","",null,"","",null,"",null,"",null,"",{"$error":"#VALUE!"},""]
[null,"","","","","",null,"","",null,"",null,"",null,"",{"$error":"#VALUE!"},""]
[null,"","","","","",null,"","",null,"",null,"",null,"",{"$error":"#VALUE!"},""]
[null,"","","","","",null,"","",null,"",null,"",null,"",{"$error":"#VALUE!"},""]
[null,"","","","","",null,"","",null,"",null,"",null,"",{"$error":"#VALUE!"},""]
[null,"","","","","",null,"","",null,"",null,"",null,"",{"$error":"#VALUE!"},""]
[null,"","","","","",null,"","",null,"",null,"",null,"",{"$error":"#VALUE!"},""]
[null,"","","","","",null,"","",null,"",null,"",null,"",{"$error":"#VALUE!"},""]
[null,"","","","","",null,"","",null,"",null,"",null,"",{"$error":"#VALUE!"},""]
[null,"","","","","",null,"","",null,"",null,"",null,"",{"$error":"#VALUE!"},""]
[null,"","","","","",null,"","",null,"",null,"",null,"",{"$error":"#VALUE!"},""]
[null,"","","","","",null,"","",null,"",null,"",null,"",{"$error":"#VALUE!"},""]
[null,"","","","","",null,"","",null,"",null,"",null,"",{"$error":"#VALUE!"},""]
[null,"","","","","",null,"","",null,"",null,"",null,"",{"$error":"#VALUE!"},""]
[null,"","","","","",null,"","",null,"",null,"",null,"",{"$error":"#VALUE!"},""]
[null,"","","","","",null,"","",null,"",null,"",null,"",{"$error":"#VALUE!"},""]
[null,"","","","","",null,"","",null,"",null,"",null,"",{"$error":"#VALUE!"},""]
[null,"","","","","",null,"","",null,"",null,"",null,"",{"$error":"#VALUE!"},""]
[null,"","","","","",null,"","",null,"",null,"",null,"",{"$error":"#VALUE!"},""]
[null,"","","","","",null,"","",null,"",null,"",null,"",{"$error":"#VALUE!"},""]
[null,"","","","","",null,"","",null,"",null,"",null,"",{"$error":"#VALUE!"},""]
[null,"","","","","",null,"","",null,"",null,"",null,"",{"$error":"#VALUE!"},""]
[null,"","","","","",null,"","",null,"",null,"",null,"",{"$error":"#VALUE!"},""]
[null,"","","","","",null,"","",null,"",null,"",null,"",{"$error":"#VALUE!"},""]
[null,"","","","","",null,"","",null,"",null,"",null,"",{"$error":"#VALUE!"},""]
[null,"","","","","",null,"","",null,"",null,"",null,"",{"$error":"#VALUE!"},""]
[null,"","","","","",null,"","",null,"",null,"",null,"",{"$error":"#VALUE!"},""]
[null,"","","","","",null,"","",null,"",null,"",null,"",{"$error":"#VALUE!"},""]
[null,"","","","","",null,"","",null,"",null,"",null,"",{"$error":"#VALUE!"},""]
[null,"","","","","",null,"","",null,"",null,"",null,"",{"$error":"#VALUE!"},""]
[null,"","","","","",null,"","",null,"",null,"",null,"",{"$error":"#VALUE!"},""]
[null,"","","","","",null,"","",null,"",null,"",null,"",{"$error":"#VALUE!"},""]
[null,"","","","","",null,"","",null,"",null,"",null,"",{"$error":"#VALUE!"},""]
[null,"","","","","",null,"","",null,"",null,"",null,"",{"$error":"#VALUE!"},""]
[null,"","","","","",null,"","",null,"",null,"",null,"",{"$error":"#VALUE!"},""]
[null,"","","","","",null,"","",null,"",null,"",null,"",{"$error":"#VALUE!"},""]
[null,"","","","","",null,"","",null,"",null,"",null,"",{"$error":"#VALUE!"},""]
[null,"","","","","",null,"","",null,"",null,"",null,"",{"$error":"#VALUE!"},""]
[null,"","","","","",null,"","",null,"",null,"",null,"",{"$error":"#VALUE!"},""]
[null,"","","","","",null,"","",null,"",null,"",null,"",{"$error":"#VALUE!"},""]
[null,"","","","","",null,"","",null,"",null,"",null,"",{"$error":"#VALUE!"},""]
[null,"","","","","",null,"","",null,"",null,"",null,"",{"$error":"#VALUE!"},""]
[null,"","","","","",null,"","",null,"",null,"",null,"",{"$error":"#VALUE!"},""]
[null,"","","","","",null,"","",null,"",null,"",null,"",{"$error":"#VALUE!"},""]
[null,"","","","","",null,"","",null,"",null,"",null,"",{"$error":"#VALUE!"},""]
[null,"","","","","",null,"","",null,"",null,"",null,"",{"$error":"#VALUE!"},""]
[null,"","","","","",null,"","",null,"",null,"",null,"",{"$error":"#VALUE!"},""]
[null,"","","","","",null,"","",null,"",null,"",null,"",{"$error":"#VALUE!"},""]
[null,"","","","","",null,"","",null,"",null,"",null,"",{"$error":"#VALUE!"},""]
[null,"","","","","",null,"","",null,"",null,"",null,"",{"$error":"#VALUE!"},""]
[null,"","","","","",null,"","",null,"",null,"",null,"",{"$error":"#VALUE!"},""]
[null,"","","","","",null,"","",null,"",null,"",null,"",{"$error":"#VALUE!"},""]
[null,"","","","","",null,"","",null,"",null,"",null,"",{"$error":"#VALUE!"},""]
[null,"","","","","",null,"","",null,"",null,"",null,"",{"$error":"#VALUE!"},""]
[null,"","","","","",null,"","",null,"",null,"",null,"",{"$error":"#VALUE!"},""]
[null,"","","","","",null,"","",null,"",null,"",null,"",{"$error":"#VALUE!"},""]
[null,"","","","","",null,"","",null,"",null,"",null,"",{"$error":"#VALUE!"},""]
[null,"","","","","",null,"","",null,"",null,"",null,"",{"$error":"#VALUE!"},""]
[null,"","","","","",null,"","",null,"",null,"",null,"",{"$error":"#VALUE!"},""]
[null,"","","","","",null,"","",null,"",null,"",null,"",{"$error":"#VALUE!"},""]
[null,"","","","","",null,"","",null,"",null,"",null,"",{"$error":"#VALUE!"},""]
[null,"","","","","",null,"","",null,"",null,"",null,"",{"$error":"#VALUE!"},""]
[null,"","","","","",null,"","",null,"",null,"",null,"",{"$error":"#VALUE!"},""]
[null,"","","","","",null,"","",null,"",null,"",null,"",{"$error":"#VALUE!"},""]
[null,"","","","","",null,"","",null,"",null,"",null,"",{"$error":"#VALUE!"},""]
[null,"","","","","",null,"","",null,"",null,"",null,"",{"$error":"#VALUE!"},""]
[null,"","","","","",null,"","",null,"",null,"",null,"",{"$error":"#VALUE!"},""]
[null,"","","","","",null,"","",null,"",null,"",null,"",{"$error":"#VALUE!"},""]
[null,"","","","","",null,"","",null,"",null,"",null,"",{"$error":"#VALUE!"},""]
[null,"","","","","",null,"","",null,"",null,"",null,"",{"$error":"#VALUE!"},""]
[null,"","","","","",null,"","",null,"",null,"",null,"",{"$error":"#VALUE!"},""]
[null,"","","","","",null,"","",null,"",null,"",null,"",{"$error":"#VALUE!"},""]
[null,"","","","","",null,"","",null,"",null,"",null,"",{"$error":"#VALUE!"},""]
[null,"","","","","",null,"","",null,"",null,"",null,"",{"$error":"#VALUE!"},""]
[null,"","","","","",null,"","",null,"",null,"",null,"",{"$error":"#VALUE!"},""]
[null,"","","","","",null,"","",null,"",null,"",null,"",{"$error":"#VALUE!"},""]
[null,"","","","","",null,"","",null,"",null,"",null,"",{"$error":"#VALUE!"},""]
[null,"","","","","",null,"","",null,"",null,"",null,"",{"$error":"#VALUE!"},""]
[null,"","","","","",null,"","",null,"",null,"",null,"",{"$error":"#VALUE!"},""]
[null,"","","","","",null,"","",null,"",null,"",null,"",{"$error":"#VALUE!"},""]
[null,"","","","","",null,"","",null,"",null,"",null,"",{"$error":"#VALUE!"},""]
[null,"","","","","",null,"","",null,"",null,"",null,"",{"$error":"#VALUE!"},""]
[null,"","","","","",null,"","",null,"",null,"",null,"",{"$error":"#VALUE!"},""]
[null,"","","","","",null,"","",null,"",null,"",null,"",{"$error":"#VALUE!"},""]
[null,"","","","","",null,"","",null,"",null,"",null,"",{"$error":"#VALUE!"},""]
[null,"","","","","",null,"","",null,"",null,"",null,"",{"$error":"#VALUE!"},""]
[null,"","","","","",null,"","",null,"",null,"",null,"",{"$error":"#VALUE!"},""]
[null,"","","","","",null,"","",null,"",null,"",null,"",{"$error":"#VALUE!"},""]
[null,"","","","","",null,"","",null,"",null,"",null,"",{"$error":"#VALUE!"},""]
[null,"","","","","",null,"","",null,"",null,"",null,"",{"$error":"#VALUE!"},""]
[null,"","","","","",null,"","",null,"",null,"",null,"",{"$error":"#VALUE!"},""]
[null,"","","","","",null,"","",null,"",null,"",null,"",{"$error":"#VALUE!"},""]
[null,"","","","","",null,"","",null,"",null,"",null,"",{"$error":"#VALUE!"},""]
[null,"","","","","",null,"","",null,"",null,"",null,"",{"$error":"#VALUE!"},""]
[null,"","","","","",null,"","",null,"",null,"",null,"",{"$error":"#VALUE!"},""]
[null,"","","","","",null,"","",null,"",null,"",null,"",{"$error":"#VALUE!"},""]
[null,"","","","","",null,"","",null,"",null,"",null,"",{"$error":"#VALUE!"},""]
[null,"","","","","",null,"","",null,"",null,"",null,"",{"$error":"#VALUE!"},""]
[null,"","","","","",null,"","",null,"",null,"",null,"",{"$error":"#VALUE!"},""]
[null,"","","","","",null,"","",null,"",null,"",null,"",{"$error":"#VALUE!"},""]
[null,"","","","","",null,"","",null,"",null,"",null,"",{"$error":"#VALUE!"},""]
[null,"","","","","",null,"","",null,"",null,"",null,"",{"$error":"#VALUE!"},""]
[null,"","","","","",null,"","",null,"",null,"",null,"",{"$error":"#VALUE!"},""]
[null,"","","","","",null,"","",null,"",null,"",null,"",{"$error":"#VALUE!"},""]
[null,"","","","","",null,"","",null,"",null,"",null,"",{"$error":"#VALUE!"},""]
[null,"","","","","",null,"","",null,"",null,"",null,"",{"$error":"#VALUE!"},""]
[null,"","","","","",null,"","",null,"",null,"",null,"",{"$error":"#VALUE!"},""]
[null,"","","","","",null,"","",null,"",null,"",null,"",{"$error":"#VALUE!"},""]
[null,"","","","","",null,"","",null,"",null,"",null,"",{"$error":"#VALUE!"},""]
[null,"","","","","",null,"","",null,"",null,"",null,"",{"$error":"#VALUE!"},""]
[null,"","","","","",null,"","",null,"",null,"",null,"",{"$error":"#VALUE!"},""]
[null,"","","","","",null,"","",null,"",null,"",null,"",{"$error":"#VALUE!"},""]
[null,"","","","","",null,"","",null,"",null,"",null,"",{"$error":"#VALUE!"},""]
[null,"","","","","",null,"","",null,"",null,"",null,"",{"$error":"#VALUE!"},""]
[null,"","","","","",null,"","",null,"",null,"",null,"",{"$error":"#VALUE!"},""]
[null,"","","","","",null,"","",null,"",null,"",null,"",{"$error":"#VALUE!"},""]
[null,"","","","","",null,"","",null,"",null,"",null,"",{"$error":"#VALUE!"},""]
[null,"","","","","",null,"","",null,"",null,"",null,"",{"$error":"#VALUE!"},""]
[null,"","","","","",null,"","",null,"",null,"",null,"",{"$error":"#VALUE!"},""]
[null,"","","","","",null,"","",null,"",null,"",null,"",{"$error":"#VALUE!"},""]
[null,"","","","","",null,"","",null,"",null,"",null,"",{"$error":"#VALUE!"},""]
[null,"","","","","",null,"","",null,"",null,"",null,"",{"$error":"#VALUE!"},""]
[null,"","","","","",null,"","",null,"",null,"",null,"",{"$error":"#VALUE!"},""]
[null,"","","","","",null,"","",null,"",null,"",null,"",{"$error":"#VALUE!"},""]
[null,"","","","","",null,"","",null,"",null,"",null,"",{"$error":"#VALUE!"},""]
[null,"","","","","",null,"","",null,"",null,"",null,"",{"$error":"#VALUE!"},""]
[null,"","","","","",null,"","",null,"",null,"",null,"",{"$error":"#VALUE!"},""]
[null,"","","","","",null,"","",null,"",null,"",null,"",{"$error":"#VALUE!"},""]
[null,"","","","","",null,"","",null,"",null,"",null,"",{"$error":"#VALUE!"},""]
[null,"","","","","",null,"","",null,"",null,"",null,"",{"$error":"#VALUE!"},""]
[null,"","","","","",null,"","",null,"",null,"",null,"",{"$error":"#VALUE!"},""]
[null,"","","","","",null,"","",null,"",null,"",null,"",{"$error":"#VALUE!"},""]
[null,"","","","","",null,"","",null,"",null,"",null,"",{"$error":"#VALUE!"},""]
[null,"","","","","",null,"","",null,"",null,"",null,"",{"$error":"#VALUE!"},""]
[null,"","","","","",null,"","",null,"",null,"",null,"",{"$error":"#VALUE!"},""]
[null,"","","","","",null,"","",null,"",null,"",null,"",{"$error":"#VALUE!"},""]
[null,"","","","","",null,"","",null,"",null,"",null,"",{"$error":"#VALUE!"},""]
[null,"","","","","",null,"","",null,"",null,"",null,"",{"$error":"#VALUE!"},""]
[null,"","","","","",null,"","",null,"",null,"",null,"",{"$error":"#VALUE!"},""]
[null,"","","","","",null,"","",null,"",null,"",null,"",{"$error":"#VALUE!"},""]
[null,"","","","","",null,"","",null,"",null,"",null,"",{"$error":"#VALUE!"},""]
[null,"","","","","",null,"","",null,"",null,"",null,"",{"$error":"#VALUE!"},""]
[null,"","","","","",null,"","",null,"",null,"",null,"",{"$error":"#VALUE!"},""]
[null,"","","","","",null,"","",null,"",null,"",null,"",{"$error":"#VALUE!"},""]
[null,"","","","","",null,"","",null,"",null,"",null,"",{"$error":"#VALUE!"},""]
[null,"","","","","",null,"","",null,"",null,"",null,"",{"$error":"#VALUE!"},""]
[null,"","","","","",null,"","",null,"",null,"",null,"",{"$error":"#VALUE!"},""]
[null,"","","","","",null,"","",null,"",null,"",null,"",{"$error":"#VALUE!"},""]
[null,"","","","","",null,"","",null,"",null,"",null,"",{"$error":"#VALUE!"},""]
[null,"","","","","",null,"","",null,"",null,"",null,"",{"$error":"#VALUE!"},""]
[null,"","","","","",null,"","",null,"",null,"",null,"",{"$error":"#VALUE!"},""]
[null,"","","","","",null,"","",null,"",null,"",null,"",{"$error":"#VALUE!"},""]
[null,"","","","","",null,"","",null,"",null,"",null,"",{"$error":"#VALUE!"},""]
[null,"","","","","",null,"","",null,"",null,"",null,"",{"$error":"#VALUE!"},""]
[null,"","","","","",null,"","",null,"",null,"",null,"",{"$error":"#VALUE!"},""]
[null,"","","","","",null,"","",null,"",null,"",null,"",{"$error":"#VALUE!"},""]
[null,"","","","","",null,"","",null,"",null,"",null,"",{"$error":"#VALUE!"},""]
[null,"","","","","",null,"","",null,"",null,"",null,"",{"$error":"#VALUE!"},""]
[null,"","","","","",null,"","",null,"",null,"",null,"",{"$error":"#VALUE!"},""]
[null,"","","","","",null,"","",null,"",null,"",null,"",{"$error":"#VALUE!"},""]
[null,"","","","","",null,"","",null,"",null,"",null,"",{"$error":"#VALUE!"},""]
[null,"","","","","",null,"","",null,"",null,"",null,"",{"$error":"#VALUE!"},""]
[null,"","","","","",null,"","",null,"",null,"",null,"",{"$error":"#VALUE!"},""]
[null,"","","","","",null,"","",null,"",null,"",null,"",{"$error":"#VALUE!"},""]
[null,"","","","","",null,"","",null,"",null,"",null,"",{"$error":"#VALUE!"},""]
[null,"","","","","",null,"","",null,"",null,"",null,"",{"$error":"#VALUE!"},""]
[null,"","","","","",null,"","",null,"",null,"",null,"",{"$error":"#VALUE!"},""]
[null,"","","","","",null,"","",null,"",null,"",null,"",{"$error":"#VALUE!"},""]
[null,"","","","","",null,"","",null,"",null,"",null,"",{"$error":"#VALUE!"},""]
[null,"","","","","",null,"","",null,"",null,"",null,"",{"$error":"#VALUE!"},""]
[null,"","","","","",null,"","",null,"",null,"",null,"",{"$error":"#VALUE!"},""]
[null,"","","","","",null,"","",null,"",null,"",null,"",{"$error":"#VALUE!"},""]
[null,"","","","","",null,"","",null,"",null,"",null,"",{"$error":"#VALUE!"},""]
[null,"","","","","",null,"","",null,"",null,"",null,"",{"$error":"#VALUE!"},""]
[null,"","","","","",null,"","",null,"",null,"",null,"",{"$error":"#VALUE!"},""]
[null,"","","","","",null,"","",null,"",null,"",null,"",{"$error":"#VALUE!"},""]
[null,"","","","","",null,"","",null,"",null,"",null,"",{"$error":"#VALUE!"},""]
[null,"","","","","",null,"","",null,"",null,"",null,"",{"$error":"#VALUE!"},""]
[null,"","","","","",null,"","",null,"",null,"",null,"",{"$error":"#VALUE!"},""]
[null,"","","","","",null,"","",null,"",null,"",null,"",{"$error":"#VALUE!"},""]
[null,"","","","","",null,"","",null,"",null,"",null,"",{"$error":"#VALUE!"},""]
[null,"","","","","",null,"","",null,"",null,"",null,"",{"$error":"#VALUE!"},""]
[null,"","","","","",null,"","",null,"",null,"",null,"",{"$error":"#VALUE!"},""]
[null,"","","","","",null,"","",null,"",null,"",null,"",{"$error":"#VALUE!"},""]
[null,"","","","","",null,"","",null,"",null,"",null,"",{"$error":"#VALUE!"},""]
[null,"","","","","",null,"","",null,"",null,"",null,"",{"$error":"#VALUE!"},""]
[null,"","","","","",null,"","",null,"",null,"",null,"",{"$error":"#VALUE!"},""]
[null,"","","","","",null,"","",null,"",null,"",null,"",{"$error":"#VALUE!"},""]
[null,"","","","","",null,"","",null,"",null,"",null,"",{"$error":"#VALUE!"},""]
[null,"","","","","",null,"","",null,"",null,"",null,"",{"$error":"#VALUE!"},""]
[null,"","","","","",null,"","",null,"",null,"",null,"",{"$error":"#VALUE!"},""]
[null,"","","","","",null,"","",null,"",null,"",null,"",{"$error":"#VALUE!"},""]
[null,"","","","","",null,"","",null,"",null,"",null,"",{"$error":"#VALUE!"},""]
[null,"","","","","",null,"","",null,"",null,"",null,"",{"$error":"#VALUE!"},""]
[null,"","","","","",null,"","",null,"",null,"",null,"",{"$error":"#VALUE!"},""]
[null,"","","","","",null,"","",null,"",null,"",null,"",{"$error":"#VALUE!"},""]
[null,"","","","","",null,"","",null,"",null,"",null,"",{"$error":"#VALUE!"},""]
[null,"","","","","",null,"","",null,"",null,"",null,"",{"$error":"#VALUE!"},""]
[null,"","","","","",null,"","",null,"",null,"",null,"",{"$error":"#VALUE!"},""]
[null,"","","","","",null,"","",null,"",null,"",null,"",{"$error":"#VALUE!"},""]
[null,"","","","","",null,"","",null,"",null,"",null,"",{"$error":"#VALUE!"},""]
[null,"","","","","",null,"","",null,"",null,"",null,"",{"$error":"#VALUE!"},""]
[null,"","","","","",null,"","",null,"",null,"",null,"",{"$error":"#VALUE!"},""]
[null,"","","","","",null,"","",null,"",null,"",null,"",{"$error":"#VALUE!"},""]
[null,"","","","","",null,"","",null,"",null,"",null,"",{"$error":"#VALUE!"},""]
[null,"","","","","",null,"","",null,"",null,"",null,"",{"$error":"#VALUE!"},""]
[null,"","","","","",null,"","",null,"",null,"",null,"",{"$error":"#VALUE!"},""]
[null,"","","","","",null,"","",null,"",null,"",null,"",{"$error":"#VALUE!"},""]
[null,"","","","","",null,"","",null,"",null,"",null,"",{"$error":"#VALUE!"},""]
[null,"","","","","",null,"","",null,"",null,"",null,"",{"$error":"#VALUE!"},""]
[null,"","","","","",null,"","",null,"",null,"",null,"",{"$error":"#VALUE!"},""]
[null,"","","","","",null,"","",null,"",null,"",null,"",{"$error":"#VALUE!"},""]
[null,"","","","","",null,"","",null,"",null,"",null,"",{"$error":"#VALUE!"},""]
[null,"","","","","",null,"","",null,"",null,"",null,"",{"$error":"#VALUE!"},""]
[null,"","","","","",null,"","",null,"",null,"",null,"",{"$error":"#VALUE!"},""]
[null,"","","","","",null,"","",null,"",null,"",null,"",{"$error":"#VALUE!"},""]
[null,"","","","","",null,"","",null,"",null,"",null,"",{"$error":"#VALUE!"},""]
[null,"","","","","",null,"","",null,"",null,"",null,"",{"$error":"#VALUE!"},""]
[null,"","","","","",null,"","",null,"",null,"",null,"",{"$error":"#VALUE!"},""]
[null,"","","","","",null,"","",null,"",null,"",null,"",{"$error":"#VALUE!"},""]
[null,"","","","","",null,"","",null,"",null,"",null,"",{"$error":"#VALUE!"},""]
[null,"","","","","",null,"","",null,"",null,"",null,"",{"$error":"#VALUE!"},""]
[null,"","","","","",null,"","",null,"",null,"",null,"",{"$error":"#VALUE!"},""]
[null,"","","","","",null,"","",null,"",null,"",null,"",{"$error":"#VALUE!"},""]
[null,"","","","","",null,"","",null,"",null,"",null,"",{"$error":"#VALUE!"},""]
[null,"","","","","",null,"","",null,"",null,"",null,"",{"$error":"#VALUE!"},""]
[null,"","","","","",null,"","",null,"",null,"",null,"",{"$error":"#VALUE!"},""]
[null,"","","","","",null,"","",null,"",null,"",null,"",{"$error":"#VALUE!"},""]
[null,"","","","","",null,"","",null,"",null,"",null,"",{"$error":"#VALUE!"},""]
[null,"","","","","",null,"","",null,"",null,"",null,"",{"$error":"#VALUE!"},""]
[null,"","","","","",null,"","",null,"",null,"",null,"",{"$error":"#VALUE!"},""]
[null,"","","","","",null,"","",null,"",null,"",null,"",{"$error":"#VALUE!"},""]
[null,"","","","","",null,"","",null,"",null,"",null,"",{"$error":"#VALUE!"},""]
[null,"","","","","",null,"","",null,"",null,"",null,"",{"$error":"#VALUE!"},""]
[null,"","","","","",null,"","",null,"",null,"",null,"",{"$error":"#VALUE!"},""]
[null,"","","","","",null,"","",null,"",null,"",null,"",{"$error":"#VALUE!"},""]
[null,"","","","","",null,"","",null,"",null,"",null,"",{"$error":"#VALUE!"},""]
[null,"","","","","",null,"","",null,"",null,"",null,"",{"$error":"#VALUE!"},""]
[null,"","","","","",null,"","",null,"",null,"",null,"",{"$error":"#VALUE!"},""]
[null,"","","","","",null,"","",null,"",null,"",null,"",{"$error":"#VALUE!"},""]
[null,"","","","","",null,"","",null,"",null,"",null,"",{"$error":"#VALUE!"},""]
[null,"","","","","",null,"","",null,"",null,"",null,"",{"$error":"#VALUE!"},""]
[null,"","","","","",null,"","",null,"",null,"",null,"",{"$error":"#VALUE!"},""]
[null,"","","","","",null,"","",null,"",null,"",null,"",{"$error":"#VALUE!"},""]
[null,"","","","","",null,"","",null,"",null,"",null,"",{"$error":"#VALUE!"},""]
[null,"","","","","",null,"","",null,"",null,"",null,"",{"$error":"#VALUE!"},""]
[null,"","","","","",null,"","",null,"",null,"",null,"",{"$error":"#VALUE!"},""]
[null,"","","","","",null,"","",null,"",null,"",null,"",{"$error":"#VALUE!"},""]
[null,"","","","","",null,"","",null,"",null,"",null,"",{"$error":"#VALUE!"},""]
[null,"","","","","",null,"","",null,"",null,"",null,"",{"$error":"#VALUE!"},""]
[null,"","","","","",null,"","",null,"",null,"",null,"",{"$error":"#VALUE!"},""]
[null,"","","","","",null,"","",null,"",null,"",null,"",{"$error":"#VALUE!"},""]
[null,"","","","","",null,"","",null,"",null,"",null,"",{"$error":"#VALUE!"},""]
[null,"","","","","",null,"","",null,"",null,"",null,"",{"$error":"#VALUE!"},""]
[null,"","","","","",null,"","",null,"",null,"",null,"",{"$error":"#VALUE!"},""]
[null,"","","","","",null,"","",null,"",null,"",null,"",{"$error":"#VALUE!"},""]
[null,"","","","","",null,"","",null,"",null,"",null,"",{"$error":"#VALUE!"},""]
[null,"","","","","",null,"","",null,"",null,"",null,"",{"$error":"#VALUE!"},""]
[null,"","","","","",null,"","",null,"",null,"",null,"",{"$error":"#VALUE!"},""]
[null,"","","","","",null,"","",null,"",null,"",null,"",{"$error":"#VALUE!"},""]
[null,"","","","","",null,"","",null,"",null,"",null,"",{"$error":"#VALUE!"},""]
[null,"","","","","",null,"","",null,"",null,"",null,"",{"$error":"#VALUE!"},""]
[null,"","","","","",null,"","",null,"",null,"",null,"",{"$error":"#VALUE!"},""]
[null,"","","","","",null,"","",null,"",null,"",null,"",{"$error":"#VALUE!"},""]
[null,"","","","","",null,"","",null,"",null,"",null,"",{"$error":"#VALUE!"},""]
[null,"","","","","",null,"","",null,"",null,"",null,"",{"$error":"#VALUE!"},""]
[null,"","","","","",null,"","",null,"",null,"",null,"",{"$error":"#VALUE!"},""]
[null,"","","","","",null,"","",null,"",null,"",null,"",{"$error":"#VALUE!"},""]
[null,"","","","","",null,"","",null,"",null,"",null,"",{"$error":"#VALUE!"},""]
[null,"","","","","",null,"","",null,"",null,"",null,"",{"$error":"#VALUE!"},""]
[null,"","","","","",null,"","",null,"",null,"",null,"",{"$error":"#VALUE!"},""]
[null,"","","","","",null,"","",null,"",null,"",null,"",{"$error":"#VALUE!"},""]
[null,"","","","","",null,"","",null,"",null,"",null,"",{"$error":"#VALUE!"},""]
[null,"","","","","",null,"","",null,"",null,"",null,"",{"$error":"#VALUE!"},""]
[null,"","","","","",null,"","",null,"",null,"",null,"",{"$error":"#VALUE!"},""]
[null,"","","","","",null,"","",null,"",null,"",null,"",{"$error":"#VALUE!"},""]
[null,"","","","","",null,"","",null,"",null,"",null,"",{"$error":"#VALUE!"},""]
[null,"","","","","",null,"","",null,"",null,"",null,"",{"$error":"#VALUE!"},""]
[null,"","","","","",null,"","",null,"",null,"",null,"",{"$error":"#VALUE!"},""]
[null,"","","","","",null,"","",null,"",null,"",null,"",{"$error":"#VALUE!"},""]
[null,"","","","","",null,"","",null,"",null,"",null,"",{"$error":"#VALUE!"},""]
[null,"","","","","",null,"","",null,"",null,"",null,"",{"$error":"#VALUE!"},""]
[null,"","","","","",null,"","",null,"",null,"",null,"",{"$error":"#VALUE!"},""]
[null,"","","","","",null,"","",null,"",null,"",null,"",{"$error":"#VALUE!"},""]
[null,"","","","","",null,"","",null,"",null,"",null,"",{"$error":"#VALUE!"},""]
[null,"","","","","",null,"","",null,"",null,"",null,"",{"$error":"#VALUE!"},""]
[null,"","","","","",null,"","",null,"",null,"",null,"",{"$error":"#VALUE!"},""]
[null,"","","","","",null,"","",null,"",null,"",null,"",{"$error":"#VALUE!"},""]
[null,"","","","","",null,"","",null,"",null,"",null,"",{"$error":"#VALUE!"},""]
[null,"","","","","",null,"","",null,"",null,"",null,"",{"$error":"#VALUE!"},""]
[null,"","","","","",null,"","",null,"",null,"",null,"",{"$error":"#VALUE!"},""]
[null,"","","","","",null,"","",null,"",null,"",null,"",{"$error":"#VALUE!"},""]
[null,"","","","","",null,"","",null,"",null,"",null,"",{"$error":"#VALUE!"},""]
[null,"","","","","",null,"","",null,"",null,"",null,"",{"$error":"#VALUE!"},""]
[null,"","","","","",null,"","",null,"",null,"",null,"",{"$error":"#VALUE!"},""]
[null,"","","","","",null,"","",null,"",null,"",null,"",{"$error":"#VALUE!"},""]
[null,"","","","","",null,"","",null,"",null,"",null,"",{"$error":"#VALUE!"},""]
[null,"","","","","",null,"","",null,"",null,"",null,"",{"$error":"#VALUE!"},""]
[null,"","","","","",null,"","",null,"",null,"",null,"",{"$error":"#VALUE!"},""]
[null,"","","","","",null,"","",null,"",null,"",null,"",{"$error":"#VALUE!"},""]
[null,"","","","","",null,"","",null,"",null,"",null,"",{"$error":"#VALUE!"},""]
[null,"","","","","",null,"","",null,"",null,"",null,"",{"$error":"#VALUE!"},""]
[null,"","","","","",null,"","",null,"",null,"",null,"",{"$error":"#VALUE!"},""]
[null,"","","","","",null,"","",null,"",null,"",null,"",{"$error":"#VALUE!"},""]
[null,"","","","","",null,"","",null,"",null,"",null,"",{"$error":"#VALUE!"},""]
[null,"","","","","",null,"","",null,"",null,"",null,"",{"$error":"#VALUE!"},""]
[null,"","","","","",null,"","",null,"",null,"",null,"",{"$error":"#VALUE!"},""]
[null,"","","","","",null,"","",null,"",null,"",null,"",{"$error":"#VALUE!"},""]
[null,"","","","","",null,"","",null,"",null,"",null,"",{"$error":"#VALUE!"},""]
[null,"","","","","",null,"","",null,"",null,"",null,"",{"$error":"#VALUE!"},""]
[null,"","","","","",null,"","",null,"",null,"",null,"",{"$error":"#VALUE!"},""]
[null,"","","","","",null,"","",null,"",null,"",null,"",{"$error":"#VALUE!"},""]
[null,"","","","","",null,"","",null,"",null,"",null,"",{"$error":"#VALUE!"},""]
[null,"","","","","",null,"","",null,"",null,"",null,"",{"$error":"#VALUE!"},""]
[null,"","","","","",null,"","",null,"",null,"",null,"",{"$error":"#VALUE!"},""]
[null,"","","","","",null,"","",null,"",null,"",null,"",{"$error":"#VALUE!"},""]
[null,"","","","","",null,"","",null,"",null,"",null,"",{"$error":"#VALUE!"},""]
[null,"","","","","",null,"","",null,"",null,"",null,"",{"$error":"#VALUE!"},""]
[null,"","","","","",null,"","",null,"",null,"",null,"",{"$error":"#VALUE!"},""]
[null,"","","","","",null,"","",null,"",null,"",null,"",{"$error":"#VALUE!"},""]
[null,"","","","","",null,"","",null,"",null,"",null,"",{"$error":"#VALUE!"},""]
[null,"","","","","",null,"","",null,"",null,"",null,"",{"$error":"#VALUE!"},""]
[null,"","","","","",null,"","",null,"",null,"",null,"",{"$error":"#VALUE!"},""]
[null,"","","","","",null,"","",null,"",null,"",null,"",{"$error":"#VALUE!"},""]
[null,"","","","","",null,"","",null,"",null,"",null,"",{"$error":"#VALUE!"},""]
[null,"","","","","",null,"","",null,"",null,"",null,"",{"$error":"#VALUE!"},""]
[null,"","","","","",null,"","",null,"",null,"",null,"",{"$error":"#VALUE!"},""]
[null,"","","","","",null,"","",null,"",null,"",null,"",{"$error":"#VALUE!"},""]
[null,"","","","","",null,"","",null,"",null,"",null,"",{"$error":"#VALUE!"},""]
[null,"","","","","",null,"","",null,"",null,"",null,"",{"$error":"#VALUE!"},""]
[null,"","","","","",null,"","",null,"",null,"",null,"",{"$error":"#VALUE!"},""]
[null,"","","","","",null,"","",null,"",null,"",null,"",{"$error":"#VALUE!"},""]
[null,"","","","","",null,"","",null,"",null,"",null,"",{"$error":"#VALUE!"},""]
[null,"","","","","",null,"","",null,"",null,"",null,"",{"$error":"#VALUE!"},""]
[null,"","","","","",null,"","",null,"",null,"",null,"",{"$error":"#VALUE!"},""]
[null,"","","","","",null,"","",null,"",null,"",null,"",{"$error":"#VALUE!"},""]
[null,"","","","","",null,"","",null,"",null,"",null,"",{"$error":"#VALUE!"},""]
[null,"","","","","",null,"","",null,"",null,"",null,"",{"$error":"#VALUE!"},""]
[null,"","","","","",null,"","",null,"",null,"",null,"",{"$error":"#VALUE!"},""]
[null,"","","","","",null,"","",null,"",null,"",null,"",{"$error":"#VALUE!"},""]
[null,"","","","","",null,"","",null,"",null,"",null,"",{"$error":"#VALUE!"},""]
[null,"","","","","",null,"","",null,"",null,"",null,"",{"$error":"#VALUE!"},""]
[null,"","","","","",null,"","",null,"",null,"",null,"",{"$error":"#VALUE!"},""]
[null,"","","","","",null,"","",null,"",null,"",null,"",{"$error":"#VALUE!"},""]
[null,"","","","","",null,"","",null,"",null,"",null,"",{"$error":"#VALUE!"},""]
[null,"","","","","",null,"","",null,"",null,"",null,"",{"$error":"#VALUE!"},""]
[null,"","","","","",null,"","",null,"",null,"",null,"",{"$error":"#VALUE!"},""]
[null,"","","","","",null,"","",null,"",null,"",null,"",{"$error":"#VALUE!"},""]
[null,"","","","","",null,"","",null,"",null,"",null,"",{"$error":"#VALUE!"},""]
[null,"","","","","",null,"","",null,"",null,"",null,"",{"$error":"#VALUE!"},""]
[null,"","","","","",null,"","",null,"",null,"",null,"",{"$error":"#VALUE!"},""]
[null,"","","","","",null,"","",null,"",null,"",null,"",{"$error":"#VALUE!"},""]
[null,"","","","","",null,"","",null,"",null,"",null,"",{"$error":"#VALUE!"},""]
[null,"","","","","",null,"","",null,"",null,"",null,"",{"$error":"#VALUE!"},""]
[null,"","","","","",null,"","",null,"",null,"",null,"",{"$error":"#VALUE!"},""]
[null,"","","","","",null,"","",null,"",null,"",null,"",{"$error":"#VALUE!"},""]
[null,"","","","","",null,"","",null,"",null,"",null,"",{"$error":"#VALUE!"},""]
[null,"","","","","",null,"","",null,"",null,"",null,"",{"$error":"#VALUE!"},""]
[null,"","","","","",null,"","",null,"",null,"",null,"",{"$error":"#VALUE!"},""]
[null,"","","","","",null,"","",null,"",null,"",null,"",{"$error":"#VALUE!"},""]
[null,"","","","","",null,"","",null,"",null,"",null,"",{"$error":"#VALUE!"},""]
[null,"","","","","",null,"","",null,"",null,"",null,"",{"$error":"#VALUE!"},""]
[null,"","","","","",null,"","",null,"",null,"",null,"",{"$error":"#VALUE!"},""]
[null,"","","","","",null,"","",null,"",null,"",null,"",{"$error":"#VALUE!"},""]
[null,"","","","","",null,"","",null,"",null,"",null,"",{"$error":"#VALUE!"},""]
[null,"","","","","",null,"","",null,"",null,"",null,"",{"$error":"#VALUE!"},""]
[null,"","","","","",null,"","",null,"",null,"",null,"",{"$error":"#VALUE!"},""]
[null,"","","","","",null,"","",null,"",null,"",null,"",{"$error":"#VALUE!"},""]
[null,"","","","","",null,"","",null,"",null,"",null,"",{"$error":"#VALUE!"},""]
[null,"","","","","",null,"","",null,"",null,"",null,"",{"$error":"#VALUE!"},""]
[null,"","","","","",null,"","",null,"",null,"",null,"",{"$error":"#VALUE!"},""]
[null,"","","","","",null,"","",null,"",null,"",null,"",{"$error":"#VALUE!"},""]
[null,"","","","","",null,"","",null,"",null,"",null,"",{"$error":"#VALUE!"},""]
[null,"","","","","",null,"","",null,"",null,"",null,"",{"$error":"#VALUE!"},""]
[null,"","","","","",null,"","",null,"",null,"",null,"",{"$error":"#VALUE!"},""]
[null,"","","","","",null,"","",null,"",null,"",null,"",{"$error":"#VALUE!"},""]
[null,"","","","","",null,"","",null,"",null,"",null,"",{"$error":"#VALUE!"},""]
[null,"","","","","",null,"","",null,"",null,"",null,"",{"$error":"#VALUE!"},""]
[null,"","","","","",null,"","",null,"",null,"",null,"",{"$error":"#VALUE!"},""]
[null,"","","","","",null,"","",null,"",null,"",null,"",{"$error":"#VALUE!"},""]
[null,"","","","","",null,"","",null,"",null,"",null,"",{"$error":"#VALUE!"},""]
[null,"","","","","",null,"","",null,"",null,"",null,"",{"$error":"#VALUE!"},""]
[null,"","","","","",null,"","",null,"",null,"",null,"",{"$error":"#VALUE!"},""]
[null,"","","","","",null,"","",null,"",null,"",null,"",{"$error":"#VALUE!"},""]
[null,"","","","","",null,"","",null,"",null,"",null,"",{"$error":"#VALUE!"},""]
[null,"","","","","",null,"","",null,"",null,"",null,"",{"$error":"#VALUE!"},""]
[null,"","","","","",null,"","",null,"",null,"",null,"",{"$error":"#VALUE!"},""]
[null,"","","","","",null,"","",null,"",null,"",null,"",{"$error":"#VALUE!"},""]
[null,"","","","","",null,"","",null,"",null,"",null,"",{"$error":"#VALUE!"},""]
[null,"","","","","",null,"","",null,"",null,"",null,"",{"$error":"#VALUE!"},""]
[null,"","","","","",null,"","",null,"",null,"",null,"",{"$error":"#VALUE!"},""]
[null,"","","","","",null,"","",null,"",null,"",null,"",{"$error":"#VALUE!"},""]
[null,"","","","","",null,"","",null,"",null,"",null,"",{"$error":"#VALUE!"},""]
[null,"","","","","",null,"","",null,"",null,"",null,"",{"$error":"#VALUE!"},""]
[null,"","","","","",null,"","",null,"",null,"",null,"",{"$error":"#VALUE!"},""]
[null,"","","","","",null,"","",null,"",null,"",null,"",{"$error":"#VALUE!"},""]
[null,"","","","","",null,"","",null,"",null,"",null,"",{"$error":"#VALUE!"},""]
[null,"","","","","",null,"","",null,"",null,"",null,"",{"$error":"#VALUE!"},""]
[null,"","","","","",null,"","",null,"",null,"",null,"",{"$error":"#VALUE!"},""]
[null,"","","","","",null,"","",null,"",null,"",null,"",{"$error":"#VALUE!"},""]
[null,"","","","","",null,"","",null,"",null,"",null,"",{"$error":"#VALUE!"},""]
[null,"","","","","",null,"","",null,"",null,"",null,"",{"$error":"#VALUE!"},""]
[null,"","","","","",null,"","",null,"",null,"",null,"",{"$error":"#VALUE!"},""]
[null,"","","","","",null,"","",null,"",null,"",null,"",{"$error":"#VALUE!"},""]
[null,"","","","","",null,"","",null,"",null,"",null,"",{"$error":"#VALUE!"},""]
[null,"","","","","",null,"","",null,"",null,"",null,"",{"$error":"#VALUE!"},""]
[null,"","","","","",null,"","",null,"",null,"",null,"",{"$error":"#VALUE!"},""]
[null,"","","","","",null,"","",null,"",null,"",null,"",{"$error":"#VALUE!"},""]
[null,"","","","","",null,"","",null,"",null,"",null,"",{"$error":"#VALUE!"},""]
[null,"","","","","",null,"","",null,"",null,"",null,"",{"$error":"#VALUE!"},""]
[null,"","","","","",null,"","",null,"",null,"",null,"",{"$error":"#VALUE!"},""]
[null,"","","","","",null,"","",null,"",null,"",null,"",{"$error":"#VALUE!"},""]
[null,"","","","","",null,"","",null,"",null,"",null,"",{"$error":"#VALUE!"},""]
[null,"","","","","",null,"","",null,"",null,"",null,"",{"$error":"#VALUE!"},""]
[null,"","","","","",null,"","",null,"",null,"",null,"",{"$error":"#VALUE!"},""]
[null,"","","","","",null,"","",null,"",null,"",null,"",{"$error":"#VALUE!"},""]
[null,"","","","","",null,"","",null,"",null,"",null,"",{"$error":"#VALUE!"},""]
[null,"","","","","",null,"","",null,"",null,"",null,"",{"$error":"#VALUE!"},""]
[null,"","","","","",null,"","",null,"",null,"",null,"",{"$error":"#VALUE!"},""]
[null,"","","","","",null,"","",null,"",null,"",null,"",{"$error":"#VALUE!"},""]
[null,"","","","","",null,"","",null,"",null,"",null,"",{"$error":"#VALUE!"},""]
[null,"","","","","",null,"","",null,"",null,"",null,"",{"$error":"#VALUE!"},""]
[null,"","","","","",null,"","",null,"",null,"",null,"",{"$error":"#VALUE!"},""]
[null,"","","","","",null,"","",null,"",null,"",null,"",{"$error":"#VALUE!"},""]
[null,"","","","","",null,"","",null,"",null,"",null,"",{"$error":"#VALUE!"},""]
[null,"","","","","",null,"","",null,"",null,"",null,"",{"$error":"#VALUE!"},""]
[null,"","","","","",null,"","",null,"",null,"",null,"",{"$error":"#VALUE!"},""]
[null,"","","","","",null,"","",null,"",null,"",null,"",{"$error":"#VALUE!"},""]

{"sheet":"Formulario PPGR4","index":4,"n_rows":132,"n_cols":16,"rows_kept":132,"flags":["formulas_cached_only"]}
[]
[{"$nulls":7},"Servicio Nacional de Salud"]
[{"$nulls":7},"Dirección de Planificación y Desarrollo"]
[{"$nulls":7},"Plan Operativo Anual "]
[{"$nulls":7},"Identificacion de necesidades de infraestructuras"]
[{"$nulls":7},"R1 - SRS Valdesia"]
[]
[null,"ID_Dependendencia","POA","SRS","AREA","TIPO","Tipo de Intervención","Tipo EESS","Nombre de establecimiento","Provincia","ListaProvincia","Municipio","Unidad de Medida","Monto Estimado","Código Presupuestario","Fuente de Financiamiento"]
[null,{"$error":"#REF!"},{"$error":"#REF!"},{"$error":"#REF!"},{"$error":"#REF!"},{"$error":"#REF!"},"Obras menores en edificaciones","Centro Primer Nivel","El Cercado","SAN JOSÉ DE OCOA","San_Jose_de_Ocoa","1. San José de Ocoa","Generales",{"v":20000,"d":"20,000.00"},"2.7.1.1.01","Anticipo Financiero"]
[null,{"$error":"#REF!"},{"$error":"#REF!"},{"$error":"#REF!"},{"$error":"#REF!"},{"$error":"#REF!"},"Obras menores en edificaciones","Centro Primer Nivel","El Cercado","SAN JOSÉ DE OCOA","San_Jose_de_Ocoa","1. San José de Ocoa","Albañileria",{"v":700000,"d":"700,000.00"},"2.7.1.1.01","Anticipo Financiero"]
[null,{"$error":"#REF!"},{"$error":"#REF!"},{"$error":"#REF!"},{"$error":"#REF!"},{"$error":"#REF!"},"Obras menores en edificaciones","Centro Primer Nivel","El Cercado","SAN JOSÉ DE OCOA","San_Jose_de_Ocoa","1. San José de Ocoa","Plomeria",{"v":90000,"d":"90,000.00"},"2.7.1.1.01","Anticipo Financiero"]
[null,{"$error":"#REF!"},{"$error":"#REF!"},{"$error":"#REF!"},{"$error":"#REF!"},{"$error":"#REF!"},"Obras menores en edificaciones","Centro Primer Nivel","El Cercado","SAN JOSÉ DE OCOA","San_Jose_de_Ocoa","1. San José de Ocoa","Electricidad",{"v":50000,"d":"50,000.00"},"2.7.1.1.01","Anticipo Financiero"]
[null,{"$error":"#REF!"},{"$error":"#REF!"},{"$error":"#REF!"},{"$error":"#REF!"},{"$error":"#REF!"},"Obras menores en edificaciones","Centro Primer Nivel","El Cercado","SAN JOSÉ DE OCOA","San_Jose_de_Ocoa","1. San José de Ocoa","Herreria",{"v":100000,"d":"100,000.00"},"2.7.1.1.01","Anticipo Financiero"]
[null,{"$error":"#REF!"},{"$error":"#REF!"},{"$error":"#REF!"},{"$error":"#REF!"},{"$error":"#REF!"},"Obras menores en edificaciones","Centro Primer Nivel","El Cercado","SAN JOSÉ DE OCOA","San_Jose_de_Ocoa","1. San José de Ocoa","Pintura Gral",{"v":80000,"d":"80,000.00"},"2.7.1.1.01","Anticipo Financiero"]
[null,{"$error":"#REF!"},{"$error":"#REF!"},{"$error":"#REF!"},{"$error":"#REF!"},{"$error":"#REF!"},"Obras menores en edificaciones","Centro Primer Nivel","El Cercado","SAN JOSÉ DE OCOA","San_Jose_de_Ocoa","1. San José de Ocoa","Miscelaneos",{"v":80000,"d":"80,000.00"},"2.7.1.1.01","Anticipo Financiero"]
[null,{"$error":"#REF!"},{"$error":"#REF!"},{"$error":"#REF!"},{"$error":"#REF!"},{"$error":"#REF!"},"Obras menores en edificaciones","Centro Primer Nivel","Cambita Cruce","SAN JOSÉ DE OCOA","San_Jose_de_Ocoa","1. San José de Ocoa","Generales",{"v":100000,"d":"100,000.00"},"2.7.1.1.01","Anticipo Financiero"]
[null,{"$error":"#REF!"},{"$error":"#REF!"},{"$error":"#REF!"},{"$error":"#REF!"},{"$error":"#REF!"},"Obras menores en edificaciones","Centro Primer Nivel","Cambita Cruce","SAN CRISTÓBAL","San_Cristobal","3. Cambita Garabito","Albañileria",{"v":900000,"d":"900,000.00"},"2.7.1.1.01","Anticipo Financiero"]
[null,{"$error":"#REF!"},{"$error":"#REF!"},{"$error":"#REF!"},{"$error":"#REF!"},{"$error":"#REF!"},"Obras menores en edificaciones","Centro Primer Nivel","Cambita Cruce","SAN CRISTÓBAL","San_Cristobal","3. Cambita Garabito","Plomeria",{"v":150000,"d":"150,000.00"},"2.7.1.1.01","Anticipo Financiero"]
[null,{"$error":"#REF!"},{"$error":"#REF!"},{"$error":"#REF!"},{"$error":"#REF!"},{"$error":"#REF!"},"Obras menores en edificaciones","Centro Primer Nivel","Cambita Cruce","SAN CRISTÓBAL","San_Cristobal","3. Cambita Garabito","Electricidad",{"v":70000,"d":"70,000.00"},"2.7.1.1.01","Anticipo Financiero"]
[null,{"$error":"#REF!"},{"$error":"#REF!"},{"$error":"#REF!"},{"$error":"#REF!"},{"$error":"#REF!"},"Obras menores en edificaciones","Centro Primer Nivel","Cambita Cruce","SAN CRISTÓBAL","San_Cristobal","3. Cambita Garabito","Herreria",{"v":130000,"d":"130,000.00"},"2.7.1.1.01","Anticipo Financiero"]
[null,{"$error":"#REF!"},{"$error":"#REF!"},{"$error":"#REF!"},{"$error":"#REF!"},{"$error":"#REF!"},"Obras menores en edificaciones","Centro Primer Nivel","Cambita Cruce","SAN CRISTÓBAL","San_Cristobal","3. Cambita Garabito","Pintura Gral",{"v":80000,"d":"80,000.00"},"2.7.1.1.01","Anticipo Financiero"]
[null,{"$error":"#REF!"},{"$error":"#REF!"},{"$error":"#REF!"},{"$error":"#REF!"},{"$error":"#REF!"},"Obras menores en edificaciones","Centro Primer Nivel","Cambita Cruce","SAN CRISTÓBAL","San_Cristobal","3. Cambita Garabito","Miscelaneos",{"v":30000,"d":"30,000.00"},"2.7.1.1.01","Anticipo Financiero"]
[null,{"$error":"#REF!"},{"$error":"#REF!"},{"$error":"#REF!"},{"$error":"#REF!"},{"$error":"#REF!"},"Obras menores en edificaciones","Centro Primer Nivel","Gringo","SAN CRISTÓBAL","San_Cristobal","2. Bajos de Haina","Albañileria",{"v":950000,"d":"950,000.00"},"2.7.1.1.01","Anticipo Financiero"]
[null,{"$error":"#REF!"},{"$error":"#REF!"},{"$error":"#REF!"},{"$error":"#REF!"},{"$error":"#REF!"},"Obras menores en edificaciones","Centro Primer Nivel","Gringo","SAN CRISTÓBAL","San_Cristobal","2. Bajos de Haina","Plomeria",{"v":400000,"d":"400,000.00"},"2.7.1.1.01","Anticipo Financiero"]
[null,{"$error":"#REF!"},{"$error":"#REF!"},{"$error":"#REF!"},{"$error":"#REF!"},{"$error":"#REF!"},"Obras menores en edificaciones","Centro Primer Nivel","Gringo","SAN CRISTÓBAL","San_Cristobal","2. Bajos de Haina","Electricidad",{"v":350000,"d":"350,000.00"},"2.7.1.1.01","Anticipo Financiero"]
[null,{"$error":"#REF!"},{"$error":"#REF!"},{"$error":"#REF!"},{"$error":"#REF!"},{"$error":"#REF!"},"Obras menores en edificaciones","Centro Primer Nivel","Gringo","SAN CRISTÓBAL","San_Cristobal","2. Bajos de Haina","Herreria",{"v":400000,"d":"400,000.00"},"2.7.1.1.01","Anticipo Financiero"]
[null,{"$error":"#REF!"},{"$error":"#REF!"},{"$error":"#REF!"},{"$error":"#REF!"},{"$error":"#REF!"},"Obras menores en edificaciones","Centro Primer Nivel","Gringo","SAN CRISTÓBAL","San_Cristobal","2. Bajos de Haina","Pintura Gral",{"v":800000,"d":"800,000.00"},"2.7.1.1.01","Anticipo Financiero"]
[null,{"$error":"#REF!"},{"$error":"#REF!"},{"$error":"#REF!"},{"$error":"#REF!"},{"$error":"#REF!"},"Obras menores en edificaciones","Centro Primer Nivel","Gringo","SAN CRISTÓBAL","San_Cristobal","2. Bajos de Haina","Miscelaneos",{"v":600000,"d":"600,000.00"},"2.7.1.1.01","Anticipo Financiero"]
[null,{"$error":"#REF!"},{"$error":"#REF!"},{"$error":"#REF!"},{"$error":"#REF!"},{"$error":"#REF!"},"Obras menores en edificaciones","Centro Primer Nivel","Haina I","SAN CRISTÓBAL","San_Cristobal","2. Bajos de Haina","Generales",{"v":150000,"d":"150,000.00"},"2.7.1.1.01","Anticipo Financiero"]
[null,{"$error":"#REF!"},{"$error":"#REF!"},{"$error":"#REF!"},{"$error":"#REF!"},{"$error":"#REF!"},"Obras menores en edificaciones","Centro Primer Nivel","Haina I","SAN CRISTÓBAL","San_Cristobal","2. Bajos de Haina","Albañileria",{"v":750000,"d":"750,000.00"},"2.7.1.1.01","Anticipo Financiero"]
[null,{"$error":"#REF!"},{"$error":"#REF!"},{"$error":"#REF!"},{"$error":"#REF!"},{"$error":"#REF!"},"Obras menores en edificaciones","Centro Primer Nivel","Haina I","SAN CRISTÓBAL","San_Cristobal","2. Bajos de Haina","Plomeria",{"v":500000,"d":"500,000.00"},"2.7.1.1.01","Anticipo Financiero"]
[null,{"$error":"#REF!"},{"$error":"#REF!"},{"$error":"#REF!"},{"$error":"#REF!"},{"$error":"#REF!"},"Obras menores en edificaciones","Centro Primer Nivel","Haina I","SAN CRISTÓBAL","San_Cristobal","2. Bajos de Haina","Electricidad",{"v":350000,"d":"350,000.00"},"2.7.1.1.01","Anticipo Financiero"]
[null,{"$error":"#REF!"},{"$error":"#REF!"},{"$error":"#REF!"},{"$error":"#REF!"},{"$error":"#REF!"},"Obras menores en edificaciones","Centro Primer Nivel","Haina I","SAN CRISTÓBAL","San_Cristobal","2. Bajos de Haina","Herreria",{"v":250000,"d":"250,000.00"},"2.7.1.1.01","Anticipo Financiero"]
[null,{"$error":"#REF!"},{"$error":"#REF!"},{"$error":"#REF!"},{"$error":"#REF!"},{"$error":"#REF!"},"Obras menores en edificaciones","Centro Primer Nivel","Haina I","SAN CRISTÓBAL","San_Cristobal","2. Bajos de Haina","Pintura Gral",{"v":450000,"d":"450,000.00"},"2.7.1.1.01","Anticipo Financiero"]
[null,{"$error":"#REF!"},{"$error":"#REF!"},{"$error":"#REF!"},{"$error":"#REF!"},{"$error":"#REF!"},"Obras menores en edificaciones","Centro Primer Nivel","Haina I","SAN CRISTÓBAL","San_Cristobal","2. Bajos de Haina","Miscelaneos",{"v":350000,"d":"350,000.00"},"2.7.1.1.01","Anticipo Financiero"]
[null,{"$error":"#REF!"},{"$error":"#REF!"},{"$error":"#REF!"},{"$error":"#REF!"},{"$error":"#REF!"},"Obras menores en edificaciones","Centro Primer Nivel","Rosalito","SAN JOSÉ DE OCOA","San_Jose_de_Ocoa","1. San José de Ocoa","Albañileria",{"v":750000,"d":"750,000.00"},"2.7.1.1.01","Anticipo Financiero"]
[null,{"$error":"#REF!"},{"$error":"#REF!"},{"$error":"#REF!"},{"$error":"#REF!"},{"$error":"#REF!"},"Obras menores en edificaciones","Centro Primer Nivel","Rosalito","SAN JOSÉ DE OCOA","San_Jose_de_Ocoa","1. San José de Ocoa","Plomeria",{"v":250000,"d":"250,000.00"},"2.7.1.1.01","Anticipo Financiero"]
[null,{"$error":"#REF!"},{"$error":"#REF!"},{"$error":"#REF!"},{"$error":"#REF!"},{"$error":"#REF!"},"Obras menores en edificaciones","Centro Primer Nivel","Rosalito","SAN JOSÉ DE OCOA","San_Jose_de_Ocoa","1. San José de Ocoa","Electricidad",{"v":90000,"d":"90,000.00"},"2.7.1.1.01","Anticipo Financiero"]
[null,{"$error":"#REF!"},{"$error":"#REF!"},{"$error":"#REF!"},{"$error":"#REF!"},{"$error":"#REF!"},"Obras menores en edificaciones","Centro Primer Nivel","Rosalito","SAN JOSÉ DE OCOA","San_Jose_de_Ocoa","1. San José de Ocoa","Herreria",{"v":80000,"d":"80,000.00"},"2.7.1.1.01","Anticipo Financiero"]
[null,{"$error":"#REF!"},{"$error":"#REF!"},{"$error":"#REF!"},{"$error":"#REF!"},{"$error":"#REF!"},"Obras menores en edificaciones","Centro Primer Nivel","Rosalito","SAN JOSÉ DE OCOA","San_Jose_de_Ocoa","1. San José de Ocoa","Pintura Gral",{"v":120000,"d":"120,000.00"},"2.7.1.1.01","Anticipo Financiero"]
[null,{"$error":"#REF!"},{"$error":"#REF!"},{"$error":"#REF!"},{"$error":"#REF!"},{"$error":"#REF!"},"Obras menores en edificaciones","Centro Primer Nivel","Rosalito","SAN JOSÉ DE OCOA","San_Jose_de_Ocoa","1. San José de Ocoa","Miscelaneos",{"v":210000,"d":"210,000.00"},"2.7.1.1.01","Anticipo Financiero"]
[null,{"$error":"#REF!"},{"$error":"#REF!"},{"$error":"#REF!"},{"$error":"#REF!"},{"$error":"#REF!"},"Obras menores en edificaciones","Centro Primer Nivel","Zona Franca La Armeria","SAN CRISTÓBAL","San_Cristobal","SAN CRISTÓBAL","Generales",{"v":150000,"d":"150,000.00"},"2.7.1.1.01","Anticipo Financiero"]
[null,{"$error":"#REF!"},{"$error":"#REF!"},{"$error":"#REF!"},{"$error":"#REF!"},{"$error":"#REF!"},"Obras menores en edificaciones","Centro Primer Nivel","Zona Franca La Armeria","SAN CRISTÓBAL","San_Cristobal","SAN CRISTÓBAL","Albañileria",{"v":850000,"d":"850,000.00"},"2.7.1.1.01","Anticipo Financiero"]
[null,{"$error":"#REF!"},{"$error":"#REF!"},{"$error":"#REF!"},{"$error":"#REF!"},{"$error":"#REF!"},"Obras menores en edificaciones","Centro Primer Nivel","Zona Franca La Armeria","SAN CRISTÓBAL","San_Cristobal","SAN CRISTÓBAL","Plomeria",{"v":250000,"d":"250,000.00"},"2.7.1.1.01","Anticipo Financiero"]
[null,{"$error":"#REF!"},{"$error":"#REF!"},{"$error":"#REF!"},{"$error":"#REF!"},{"$error":"#REF!"},"Obras menores en edificaciones","Centro Primer Nivel","Zona Franca La Armeria","SAN CRISTÓBAL","San_Cristobal","SAN CRISTÓBAL","Electricidad",{"v":200000,"d":"200,000.00"},"2.7.1.1.01","Anticipo Financiero"]
[null,{"$error":"#REF!"},{"$error":"#REF!"},{"$error":"#REF!"},{"$error":"#REF!"},{"$error":"#REF!"},"Obras menores en edificaciones","Centro Primer Nivel","Zona Franca La Armeria","SAN CRISTÓBAL","San_Cristobal","SAN CRISTÓBAL","Herreria",{"v":200000,"d":"200,000.00"},"2.7.1.1.01","Anticipo Financiero"]
[null,{"$error":"#REF!"},{"$error":"#REF!"},{"$error":"#REF!"},{"$error":"#REF!"},{"$error":"#REF!"},"Obras menores en edificaciones","Centro Primer Nivel","Zona Franca La Armeria","SAN CRISTÓBAL","San_Cristobal","SAN CRISTÓBAL","Pintura Gral",{"v":150000,"d":"150,000.00"},"2.7.1.1.01","Anticipo Financiero"]
[null,{"$error":"#REF!"},{"$error":"#REF!"},{"$error":"#REF!"},{"$error":"#REF!"},{"$error":"#REF!"},"Obras menores en edificaciones","Centro Primer Nivel","Zona Franca La Armeria","SAN CRISTÓBAL","San_Cristobal","SAN CRISTÓBAL","Miscelaneos",{"v":200000,"d":"200,000.00"},"2.7.1.1.01","Anticipo Financiero"]
[null,{"$error":"#REF!"},{"$error":"#REF!"},{"$error":"#REF!"},{"$error":"#REF!"},{"$error":"#REF!"},"Obras menores en edificaciones","Centro Primer Nivel","La Cuchilla Medina","SAN CRISTÓBAL","San_Cristobal","7. Villa Altagracia","Generales",{"v":150000,"d":"150,000.00"},"2.7.1.1.01","Anticipo Financiero"]
[null,{"$error":"#REF!"},{"$error":"#REF!"},{"$error":"#REF!"},{"$error":"#REF!"},{"$error":"#REF!"},"Obras menores en edificaciones","Centro Primer Nivel","La Cuchilla Medina","SAN CRISTÓBAL","San_Cristobal","7. Villa Altagracia","Albañileria",{"v":950000,"d":"950,000.00"},"2.7.1.1.01","Anticipo Financiero"]
[null,{"$error":"#REF!"},{"$error":"#REF!"},{"$error":"#REF!"},{"$error":"#REF!"},{"$error":"#REF!"},"Obras menores en edificaciones","Centro Primer Nivel","La Cuchilla Medina","SAN CRISTÓBAL","San_Cristobal","7. Villa Altagracia","Plomeria",{"v":250000,"d":"250,000.00"},"2.7.1.1.01","Anticipo Financiero"]
[null,{"$error":"#REF!"},{"$error":"#REF!"},{"$error":"#REF!"},{"$error":"#REF!"},{"$error":"#REF!"},"Obras menores en edificaciones","Centro Primer Nivel","La Cuchilla Medina","SAN CRISTÓBAL","San_Cristobal","7. Villa Altagracia","Electricidad",{"v":250000,"d":"250,000.00"},"2.7.1.1.01","Anticipo Financiero"]
[null,{"$error":"#REF!"},{"$error":"#REF!"},{"$error":"#REF!"},{"$error":"#REF!"},{"$error":"#REF!"},"Obras menores en edificaciones","Centro Primer Nivel","La Cuchilla Medina","SAN CRISTÓBAL","San_Cristobal","7. Villa Altagracia","Herreria",{"v":300000,"d":"300,000.00"},"2.7.1.1.01","Anticipo Financiero"]
[null,{"$error":"#REF!"},{"$error":"#REF!"},{"$error":"#REF!"},{"$error":"#REF!"},{"$error":"#REF!"},"Obras menores en edificaciones","Centro Primer Nivel","La Cuchilla Medina","SAN CRISTÓBAL","San_Cristobal","7. Villa Altagracia","Pintura Gral",{"v":200000,"d":"200,000.00"},"2.7.1.1.01","Anticipo Financiero"]
[null,{"$error":"#REF!"},{"$error":"#REF!"},{"$error":"#REF!"},{"$error":"#REF!"},{"$error":"#REF!"},"Obras menores en edificaciones","Centro Primer Nivel","La Cuchilla Medina","SAN CRISTÓBAL","San_Cristobal","7. Villa Altagracia","Miscelaneos",{"v":100000,"d":"100,000.00"},"2.7.1.1.01","Anticipo Financiero"]
[null,{"$error":"#REF!"},{"$error":"#REF!"},{"$error":"#REF!"},{"$error":"#REF!"},{"$error":"#REF!"},"Obras menores en edificaciones","Centro Primer Nivel","Medina","SAN CRISTÓBAL","San_Cristobal","7. Villa Altagracia","Generales",{"v":200000,"d":"200,000.00"},"2.7.1.1.01","Anticipo Financiero"]
[null,{"$error":"#REF!"},{"$error":"#REF!"},{"$error":"#REF!"},{"$error":"#REF!"},{"$error":"#REF!"},"Obras menores en edificaciones","Centro Primer Nivel","Medina","SAN CRISTÓBAL","San_Cristobal","7. Villa Altagracia","Albañileria",{"v":950000,"d":"950,000.00"},"2.7.1.1.01","Anticipo Financiero"]
[null,{"$error":"#REF!"},{"$error":"#REF!"},{"$error":"#REF!"},{"$error":"#REF!"},{"$error":"#REF!"},"Obras menores en edificaciones","Centro Primer Nivel","Medina","SAN CRISTÓBAL","San_Cristobal","7. Villa Altagracia","Plomeria",{"v":250000,"d":"250,000.00"},"2.7.1.1.01","Anticipo Financiero"]
[null,{"$error":"#REF!"},{"$error":"#REF!"},{"$error":"#REF!"},{"$error":"#REF!"},{"$error":"#REF!"},"Obras menores en edificaciones","Centro Primer Nivel","Medina","SAN CRISTÓBAL","San_Cristobal","7. Villa Altagracia","Electricidad",{"v":250000,"d":"250,000.00"},"2.7.1.1.01","Anticipo Financiero"]
[null,{"$error":"#REF!"},{"$error":"#REF!"},{"$error":"#REF!"},{"$error":"#REF!"},{"$error":"#REF!"},"Obras menores en edificaciones","Centro Primer Nivel","Medina","SAN CRISTÓBAL","San_Cristobal","7. Villa Altagracia","Herreria",{"v":300000,"d":"300,000.00"},"2.7.1.1.01","Anticipo Financiero"]
[null,{"$error":"#REF!"},{"$error":"#REF!"},{"$error":"#REF!"},{"$error":"#REF!"},{"$error":"#REF!"},"Obras menores en edificaciones","Centro Primer Nivel","Medina","SAN CRISTÓBAL","San_Cristobal","7. Villa Altagracia","Pintura Gral",{"v":200000,"d":"200,000.00"},"2.7.1.1.01","Anticipo Financiero"]
[null,{"$error":"#REF!"},{"$error":"#REF!"},{"$error":"#REF!"},{"$error":"#REF!"},{"$error":"#REF!"},"Obras menores en edificaciones","Centro Primer Nivel","Medina","SAN CRISTÓBAL","San_Cristobal","7. Villa Altagracia","Miscelaneos",{"v":150000,"d":"150,000.00"},"2.7.1.1.01","Anticipo Financiero"]
[null,{"$error":"#REF!"},{"$error":"#REF!"},{"$error":"#REF!"},{"$error":"#REF!"},{"$error":"#REF!"},"Obras menores en edificaciones","Centro Primer Nivel","El Limonal","PERAVIA","Peravia","1. Baní","Generales",{"v":100000,"d":"100,000.00"},"2.7.1.1.01","Anticipo Financiero"]
[null,{"$error":"#REF!"},{"$error":"#REF!"},{"$error":"#REF!"},{"$error":"#REF!"},{"$error":"#REF!"},"Obras menores en edificaciones","Centro Primer Nivel","El Limonal","PERAVIA","Peravia","1. Baní","Albañileria",{"v":950000,"d":"950,000.00"},"2.7.1.1.01","Anticipo Financiero"]
[null,{"$error":"#REF!"},{"$error":"#REF!"},{"$error":"#REF!"},{"$error":"#REF!"},{"$error":"#REF!"},"Obras menores en edificaciones","Centro Primer Nivel","El Limonal","PERAVIA","Peravia","1. Baní","Plomeria",{"v":100000,"d":"100,000.00"},"2.7.1.1.01","Anticipo Financiero"]
[null,{"$error":"#REF!"},{"$error":"#REF!"},{"$error":"#REF!"},{"$error":"#REF!"},{"$error":"#REF!"},"Obras menores en edificaciones","Centro Primer Nivel","El Limonal","PERAVIA","Peravia","1. Baní","Electricidad",{"v":100000,"d":"100,000.00"},"2.7.1.1.01","Anticipo Financiero"]
[null,{"$error":"#REF!"},{"$error":"#REF!"},{"$error":"#REF!"},{"$error":"#REF!"},{"$error":"#REF!"},"Obras menores en edificaciones","Centro Primer Nivel","El Limonal","PERAVIA","Peravia","1. Baní","Herreria",{"v":200000,"d":"200,000.00"},"2.7.1.1.01","Anticipo Financiero"]
[null,{"$error":"#REF!"},{"$error":"#REF!"},{"$error":"#REF!"},{"$error":"#REF!"},{"$error":"#REF!"},"Obras menores en edificaciones","Centro Primer Nivel","El Limonal","PERAVIA","Peravia","1. Baní","Pintura Gral",{"v":100000,"d":"100,000.00"},"2.7.1.1.01","Anticipo Financiero"]
[null,{"$error":"#REF!"},{"$error":"#REF!"},{"$error":"#REF!"},{"$error":"#REF!"},{"$error":"#REF!"},"Obras menores en edificaciones","Centro Primer Nivel","El Limonal","PERAVIA","Peravia","1. Baní","Miscelaneos",{"v":50000,"d":"50,000.00"},"2.7.1.1.01","Anticipo Financiero"]
[null,{"$error":"#REF!"},{"$error":"#REF!"},{"$error":"#REF!"},{"$error":"#REF!"},{"$error":"#REF!"},"Obras menores en edificaciones","Centro Primer Nivel","Paya","PERAVIA","Peravia","1. Baní","Generales",{"v":150000,"d":"150,000.00"},"2.7.1.1.01","Anticipo Financiero"]
[null,{"$error":"#REF!"},{"$error":"#REF!"},{"$error":"#REF!"},{"$error":"#REF!"},{"$error":"#REF!"},"Obras menores en edificaciones","Centro Primer Nivel","Paya","PERAVIA","Peravia","1. Baní","Albañileria",{"v":950000,"d":"950,000.00"},"2.7.1.1.01","Anticipo Financiero"]
[null,{"$error":"#REF!"},{"$error":"#REF!"},{"$error":"#REF!"},{"$error":"#REF!"},{"$error":"#REF!"},"Obras menores en edificaciones","Centro Primer Nivel","Paya","PERAVIA","Peravia","1. Baní","Plomeria",{"v":250000,"d":"250,000.00"},"2.7.1.1.01","Anticipo Financiero"]
[null,{"$error":"#REF!"},{"$error":"#REF!"},{"$error":"#REF!"},{"$error":"#REF!"},{"$error":"#REF!"},"Obras menores en edificaciones","Centro Primer Nivel","Paya","PERAVIA","Peravia","1. Baní","Electricidad",{"v":250000,"d":"250,000.00"},"2.7.1.1.01","Anticipo Financiero"]
[null,{"$error":"#REF!"},{"$error":"#REF!"},{"$error":"#REF!"},{"$error":"#REF!"},{"$error":"#REF!"},"Obras menores en edificaciones","Centro Primer Nivel","Paya","PERAVIA","Peravia","1. Baní","Herreria",{"v":300000,"d":"300,000.00"},"2.7.1.1.01","Anticipo Financiero"]
[null,{"$error":"#REF!"},{"$error":"#REF!"},{"$error":"#REF!"},{"$error":"#REF!"},{"$error":"#REF!"},"Obras menores en edificaciones","Centro Primer Nivel","Paya","PERAVIA","Peravia","1. Baní","Pintura Gral",{"v":250000,"d":"250,000.00"},"2.7.1.1.01","Anticipo Financiero"]
[null,{"$error":"#REF!"},{"$error":"#REF!"},{"$error":"#REF!"},{"$error":"#REF!"},{"$error":"#REF!"},"Obras menores en edificaciones","Centro Primer Nivel","Paya","PERAVIA","Peravia","1. Baní","Miscelaneos",{"v":50000,"d":"50,000.00"},"2.7.1.1.01","Anticipo Financiero"]
[null,{"$error":"#REF!"},{"$error":"#REF!"},{"$error":"#REF!"},{"$error":"#REF!"},{"$error":"#REF!"},"Obras menores en edificaciones","Centro Primer Nivel","Quita Sueño","SAN CRISTÓBAL","San_Cristobal","Bajos de Haina","Generales",{"v":50000,"d":"50,000.00"},"2.7.1.1.01","Anticipo Financiero"]
[null,{"$error":"#REF!"},{"$error":"#REF!"},{"$error":"#REF!"},{"$error":"#REF!"},{"$error":"#REF!"},"Obras menores en edificaciones","Centro Primer Nivel","Quita Sueño","SAN CRISTÓBAL","San_Cristobal","Bajos de Haina","Albañileria",{"v":950000,"d":"950,000.00"},"2.7.1.1.01","Anticipo Financiero"]
[null,{"$error":"#REF!"},{"$error":"#REF!"},{"$error":"#REF!"},{"$error":"#REF!"},{"$error":"#REF!"},"Obras menores en edificaciones","Centro Primer Nivel","Quita Sueño","SAN CRISTÓBAL","San_Cristobal","Bajos de Haina","Plomeria",{"v":150000,"d":"150,000.00"},"2.7.1.1.01","Anticipo Financiero"]
[null,{"$error":"#REF!"},{"$error":"#REF!"},{"$error":"#REF!"},{"$error":"#REF!"},{"$error":"#REF!"},"Obras menores en edificaciones","Centro Primer Nivel","Quita Sueño","SAN CRISTÓBAL","San_Cristobal","Bajos de Haina","Electricidad",{"v":100000,"d":"100,000.00"},"2.7.1.1.01","Anticipo Financiero"]
[null,{"$error":"#REF!"},{"$error":"#REF!"},{"$error":"#REF!"},{"$error":"#REF!"},{"$error":"#REF!"},"Obras menores en edificaciones","Centro Primer Nivel","Quita Sueño","SAN CRISTÓBAL","San_Cristobal","Bajos de Haina","Herreria",{"v":100000,"d":"100,000.00"},"2.7.1.1.01","Anticipo Financiero"]
[null,{"$error":"#REF!"},{"$error":"#REF!"},{"$error":"#REF!"},{"$error":"#REF!"},{"$error":"#REF!"},"Obras menores en edificaciones","Centro Primer Nivel","Quita Sueño","SAN CRISTÓBAL","San_Cristobal","Bajos de Haina","Pintura Gral",{"v":300000,"d":"300,000.00"},"2.7.1.1.01","Anticipo Financiero"]
[null,{"$error":"#REF!"},{"$error":"#REF!"},{"$error":"#REF!"},{"$error":"#REF!"},{"$error":"#REF!"},"Obras menores en edificaciones","Centro Primer Nivel","Quita Sueño","SAN CRISTÓBAL","San_Cristobal","Bajos de Haina","Miscelaneos",{"v":50000,"d":"50,000.00"},"2.7.1.1.01","Anticipo Financiero"]
[null,{"$error":"#REF!"},{"$error":"#REF!"},{"$error":"#REF!"},{"$error":"#REF!"},{"$error":"#REF!"},"Obras menores en edificaciones","Centro Primer Nivel","Carreras","PERAVIA","Peravia","1. Baní","Albañileria",{"v":50000,"d":"50,000.00"},"2.7.1.1.01","Anticipo Financiero"]
[null,{"$error":"#REF!"},{"$error":"#REF!"},{"$error":"#REF!"},{"$error":"#REF!"},{"$error":"#REF!"},"Obras menores en edificaciones","Centro Primer Nivel","Carreras","PERAVIA","Peravia","1. Baní","Plomeria",{"v":700000,"d":"700,000.00"},"2.7.1.1.01","Anticipo Financiero"]
[null,{"$error":"#REF!"},{"$error":"#REF!"},{"$error":"#REF!"},{"$error":"#REF!"},{"$error":"#REF!"},"Obras menores en edificaciones","Centro Primer Nivel","Carreras","PERAVIA","Peravia","1. Baní","Electricidad",{"v":100000,"d":"100,000.00"},"2.7.1.1.01","Anticipo Financiero"]
[null,{"$error":"#REF!"},{"$error":"#REF!"},{"$error":"#REF!"},{"$error":"#REF!"},{"$error":"#REF!"},"Obras menores en edificaciones","Centro Primer Nivel","Carreras","PERAVIA","Peravia","1. Baní","Herreria",{"v":100000,"d":"100,000.00"},"2.7.1.1.01","Anticipo Financiero"]
[null,{"$error":"#REF!"},{"$error":"#REF!"},{"$error":"#REF!"},{"$error":"#REF!"},{"$error":"#REF!"},"Obras menores en edificaciones","Centro Primer Nivel","Carreras","PERAVIA","Peravia","1. Baní","Pintura Gral",{"v":200000,"d":"200,000.00"},"2.7.1.1.01","Anticipo Financiero"]
[null,{"$error":"#REF!"},{"$error":"#REF!"},{"$error":"#REF!"},{"$error":"#REF!"},{"$error":"#REF!"},"Obras menores en edificaciones","Centro Primer Nivel","Carreras","PERAVIA","Peravia","1. Baní","Miscelaneos",{"v":50000,"d":"50,000.00"},"2.7.1.1.01","Anticipo Financiero"]
[null,{"$error":"#REF!"},{"$error":"#REF!"},{"$error":"#REF!"},{"$error":"#REF!"},{"$error":"#REF!"},"Obras menores en edificaciones","Centro Primer Nivel","Caobal","SAN CRISTÓBAL","San_Cristobal","7. Villa Altagracia","Reconstrucción",{"v":800000,"d":"800,000.00"},"2.7.1.1.01","Anticipo Financiero"]
[null,{"$error":"#REF!"},{"$error":"#REF!"},{"$error":"#REF!"},{"$error":"#REF!"},{"$error":"#REF!"},"Obras menores en edificaciones","Centro Primer Nivel","El Pomiel","SAN CRISTÓBAL","San_Cristobal","1. San Cristóbal","Reconstrucción",{"v":900000,"d":"900,000.00"},"2.7.1.1.01","Anticipo Financiero"]
[null,{"$error":"#REF!"},{"$error":"#REF!"},{"$error":"#REF!"},{"$error":"#REF!"},{"$error":"#REF!"},"Obras menores en edificaciones","Centro Primer Nivel","Los Anones","SAN JOSÉ DE OCOA","San_Jose_de_Ocoa","1. San José de Ocoa","Reconstrucción",{"v":700000,"d":"700,000.00"},"2.7.1.1.01","Anticipo Financiero"]
[null,{"$error":"#REF!"},{"$error":"#REF!"},{"$error":"#REF!"},{"$error":"#REF!"},{"$error":"#REF!"},"Obras menores en edificaciones","Centro Primer Nivel","Monte Negro","SAN JOSÉ DE OCOA","San_Jose_de_Ocoa","1. San José de Ocoa","Reconstrucción",{"v":800000,"d":"800,000.00"},"2.7.1.1.01","Anticipo Financiero"]
[null,{"$error":"#REF!"},{"$error":"#REF!"},{"$error":"#REF!"},{"$error":"#REF!"},{"$error":"#REF!"},"Obras menores en edificaciones","Centro Primer Nivel","Las Flores","SAN JOSÉ DE OCOA","San_Jose_de_Ocoa","1. San José de Ocoa","Reconstrucción",{"v":800000,"d":"800,000.00"},"2.7.1.1.01","Anticipo Financiero"]
[null,{"$error":"#REF!"},{"$error":"#REF!"},{"$error":"#REF!"},{"$error":"#REF!"},{"$error":"#REF!"},"Obras menores en edificaciones","Centro Primer Nivel","La Cienega","SAN JOSÉ DE OCOA","San_Jose_de_Ocoa","1. San José de Ocoa","Reconstrucción",{"v":700000,"d":"700,000.00"},"2.7.1.1.01","Anticipo Financiero"]
[null,{"$error":"#REF!"},{"$error":"#REF!"},{"$error":"#REF!"},{"$error":"#REF!"},{"$error":"#REF!"},"Obras menores en edificaciones","Centro Primer Nivel","La Horma","SAN JOSÉ DE OCOA","San_Jose_de_Ocoa","1. San José de Ocoa","Reconstrucción",{"v":800000,"d":"800,000.00"},"2.7.1.1.01","Anticipo Financiero"]
[null,{"$error":"#REF!"},{"$error":"#REF!"},{"$error":"#REF!"},{"$error":"#REF!"},{"$error":"#REF!"},"Obras menores en edificaciones","Centro Primer Nivel","Carreton","PERAVIA","Peravia","1. Baní","Reconstrucción",{"v":900000,"d":"900,000.00"},"2.7.1.1.01","Anticipo Financiero"]
[null,{"$error":"#REF!"},{"$error":"#REF!"},{"$error":"#REF!"},{"$error":"#REF!"},{"$error":"#REF!"},"Obras menores en edificaciones","Centro Primer Nivel","Sabana Buey","PERAVIA","Peravia","1. Baní","Reconstrucción",{"v":700000,"d":"700,000.00"},"2.7.1.1.01","Anticipo Financiero"]
[null,{"$error":"#REF!"},{"$error":"#REF!"},{"$error":"#REF!"},{"$error":"#REF!"},{"$error":"#REF!"},"Obras menores en edificaciones","Centro Primer Nivel","Barrio Puerto Rico","SAN CRISTÓBAL","San_Cristobal","1. San Cristóbal","Reconstrucción",{"v":900000,"d":"900,000.00"},"2.7.1.1.01","Anticipo Financiero"]
[null,{"$error":"#REF!"},{"$error":"#REF!"},{"$error":"#REF!"},{"$error":"#REF!"},{"$error":"#REF!"},"Obras menores en edificaciones","Centro Primer Nivel","San Rafael","SAN JOSÉ DE OCOA","San_Jose_de_Ocoa","1. San José de Ocoa","Reconstrucción",{"v":800000,"d":"800,000.00"},"2.7.1.1.01","Anticipo Financiero"]
[null,{"$error":"#REF!"},{"$error":"#REF!"},{"$error":"#REF!"},{"$error":"#REF!"},{"$error":"#REF!"},"Obras menores en edificaciones","Centro Primer Nivel","Santana","PERAVIA","Peravia","1. Baní","Reconstrucción",{"v":600000,"d":"600,000.00"},"2.7.1.1.01","Anticipo Financiero"]
[null,{"$error":"#REF!"},{"$error":"#REF!"},{"$error":"#REF!"},{"$error":"#REF!"},{"$error":"#REF!"},"Obras menores en edificaciones","Centro Primer Nivel","Arroyo Hondo","PERAVIA","Peravia","1. Baní","Reconstrucción",{"v":500000,"d":"500,000.00"},"2.7.1.1.01","Anticipo Financiero"]
[null,{"$error":"#REF!"},{"$error":"#REF!"},{"$error":"#REF!"},{"$error":"#REF!"},{"$error":"#REF!"},"Obras menores en edificaciones","Centro Primer Nivel","Maizal","SAN CRISTÓBAL","San_Cristobal","7. Villa Altagracia","Reconstrucción",{"v":700000,"d":"700,000.00"},"2.7.1.1.01","Anticipo Financiero"]
[null,{"$error":"#REF!"},{"$error":"#REF!"},{"$error":"#REF!"},{"$error":"#REF!"},{"$error":"#REF!"},"Mantenimiento y reparación de obras civiles en instalaciones vacias","Centro Primer Nivel","La Represa","SAN CRISTÓBAL","San_Cristobal","SAN CRISTOBAL","Reconstrucción",{"v":900000,"d":"900,000.00"},"2.7.1.4.01","Anticipo Financiero"]
[null,{"$error":"#REF!"},{"$error":"#REF!"},{"$error":"#REF!"},{"$error":"#REF!"},{"$error":"#REF!"},"Mantenimiento y reparación de obras civiles en instalaciones vacias","Centro Primer Nivel","Villa Fundación","SAN CRISTÓBAL","San_Cristobal","SAN CRISTOBAL","Reparación",{"v":300000,"d":"300,000.00"},"2.7.1.4.01","Anticipo Financiero"]
[null,{"$error":"#REF!"},{"$error":"#REF!"},{"$error":"#REF!"},{"$error":"#REF!"},{"$error":"#REF!"},"Mantenimiento y reparación de obras civiles en instalaciones vacias","Centro Primer Nivel","Caretey","SAN CRISTÓBAL","San_Cristobal","Villa Altagracia","Reparación",{"v":400000,"d":"400,000.00"},"2.7.1.4.01","Anticipo Financiero"]
[null,{"$error":"#REF!"},{"$error":"#REF!"},{"$error":"#REF!"},{"$error":"#REF!"},{"$error":"#REF!"},"Mantenimiento y reparación de obras civiles en instalaciones vacias","Centro Primer Nivel","La Plena","SAN CRISTÓBAL","San_Cristobal","SAN CRISTOBAL","Reparación",{"v":100000,"d":"100,000.00"},"2.7.1.4.01","Anticipo Financiero"]
[null,{"$error":"#REF!"},{"$error":"#REF!"},{"$error":"#REF!"},{"$error":"#REF!"},{"$error":"#REF!"},"Mantenimiento y reparación de obras civiles en instalaciones vacias","Centro Primer Nivel","Los Parceleros","SAN CRISTÓBAL","San_Cristobal","Palenque","Reparación",{"v":150000,"d":"150,000.00"},"2.7.1.4.01","Anticipo Financiero"]
[null,{"$error":"#REF!"},{"$error":"#REF!"},{"$error":"#REF!"},{"$error":"#REF!"},{"$error":"#REF!"},"Mantenimiento y reparación de obras civiles en instalaciones vacias","Centro Primer Nivel","Pajarito","SAN CRISTÓBAL","San_Cristobal","YAGUATE","Reparación",{"v":200000,"d":"200,000.00"},"2.7.1.4.01","Anticipo Financiero"]
[null,{"$error":"#REF!"},{"$error":"#REF!"},{"$error":"#REF!"},{"$error":"#REF!"},{"$error":"#REF!"},"Mantenimiento y reparación de obras civiles en instalaciones vacias","Centro Primer Nivel","Santa Maria","SAN CRISTÓBAL","San_Cristobal","SAN CRISTOBAL","Reparación",{"v":150000,"d":"150,000.00"},"2.7.1.4.01","Anticipo Financiero"]
[null,{"$error":"#REF!"},{"$error":"#REF!"},{"$error":"#REF!"},{"$error":"#REF!"},{"$error":"#REF!"},"Mantenimiento y reparación de obras civiles en instalaciones vacias","Centro Primer Nivel","La Pared ","SAN CRISTÓBAL","San_Cristobal","El Carril","Reparación",{"v":200000,"d":"200,000.00"},"2.7.1.4.01","Anticipo Financiero"]
[null,{"$error":"#REF!"},{"$error":"#REF!"},{"$error":"#REF!"},{"$error":"#REF!"},{"$error":"#REF!"},"Mantenimiento y reparación de obras civiles en instalaciones vacias","Centro Primer Nivel","La Altagracia Centro","SAN CRISTÓBAL","San_Cristobal","Villa Altagracia","Reparación",{"v":80000,"d":"80,000.00"},"2.7.1.4.01","Anticipo Financiero"]
[null,{"$error":"#REF!"},{"$error":"#REF!"},{"$error":"#REF!"},{"$error":"#REF!"},{"$error":"#REF!"},"Mantenimiento y reparación de obras civiles en instalaciones vacias","Centro Primer Nivel","San Miguel","SAN CRISTÓBAL","San_Cristobal","Villa Altagracia","Reparación",{"v":60000,"d":"60,000.00"},"2.7.1.4.01","Anticipo Financiero"]
[null,{"$error":"#REF!"},{"$error":"#REF!"},{"$error":"#REF!"},{"$error":"#REF!"},{"$error":"#REF!"},"Mantenimiento y reparación de obras civiles en instalaciones vacias","Centro Primer Nivel","Los Montones","SAN CRISTÓBAL","San_Cristobal","San CristobAL","Reparación",{"v":100000,"d":"100,000.00"},"2.7.1.4.01","Anticipo Financiero"]
[null,{"$error":"#REF!"},{"$error":"#REF!"},{"$error":"#REF!"},{"$error":"#REF!"},{"$error":"#REF!"},"Mantenimiento y reparación de obras civiles en instalaciones vacias","Centro Primer Nivel","Mana de Yaguate","SAN CRISTÓBAL","San_Cristobal","YAGUATE","Reparación",{"v":90000,"d":"90,000.00"},"2.7.1.4.01","Anticipo Financiero"]
[null,{"$error":"#REF!"},{"$error":"#REF!"},{"$error":"#REF!"},{"$error":"#REF!"},{"$error":"#REF!"},"Mantenimiento y reparación de obras civiles en instalaciones vacias","Centro Primer Nivel","Barrio Federico","SAN CRISTÓBAL","San_Cristobal","SAN CRISTOBAL","Reparación",{"v":140000,"d":"140,000.00"},"2.7.1.4.01","Anticipo Financiero"]
[null,{"$error":"#REF!"},{"$error":"#REF!"},{"$error":"#REF!"},{"$error":"#REF!"},{"$error":"#REF!"},"Mantenimiento y reparación de obras civiles en instalaciones vacias","Centro Primer Nivel","Don Gregorio","PERAVIA","Peravia","NIZAO","Reparación",{"v":200000,"d":"200,000.00"},"2.7.1.4.01","Anticipo Financiero"]
[null,{"$error":"#REF!"},{"$error":"#REF!"},{"$error":"#REF!"},{"$error":"#REF!"},{"$error":"#REF!"},"Mantenimiento y reparación de obras civiles en instalaciones vacias","Centro Primer Nivel","Las Tablas","PERAVIA","Peravia","BANI","Reparación",{"v":140000,"d":"140,000.00"},"2.7.1.4.01","Anticipo Financiero"]
[null,{"$error":"#REF!"},{"$error":"#REF!"},{"$error":"#REF!"},{"$error":"#REF!"},{"$error":"#REF!"},"Mantenimiento y reparación de obras civiles en instalaciones vacias","Centro Primer Nivel","Los Yaguarizos","PERAVIA","Peravia","BAni","Reparación",{"v":200000,"d":"200,000.00"},"2.7.1.4.01","Anticipo Financiero"]
[null,{"$error":"#REF!"},{"$error":"#REF!"},{"$error":"#REF!"},{"$error":"#REF!"},{"$error":"#REF!"},"Mantenimiento y reparación de obras civiles en instalaciones vacias","Centro Primer Nivel","Cañafistol","PERAVIA","Peravia","BANI","Reparación",{"v":150000,"d":"150,000.00"},"2.7.1.4.01","Anticipo Financiero"]
[null,{"$error":"#REF!"},{"$error":"#REF!"},{"$error":"#REF!"},{"$error":"#REF!"},{"$error":"#REF!"},"Mantenimiento y reparación de obras civiles en instalaciones vacias","Centro Primer Nivel","Quija Quieta","PERAVIA","Peravia","BANI","Reparación",{"v":140000,"d":"140,000.00"},"2.7.1.4.01","Anticipo Financiero"]
[null,{"$error":"#REF!"},{"$error":"#REF!"},{"$error":"#REF!"},{"$error":"#REF!"},{"$error":"#REF!"},"Mantenimiento y reparación de obras civiles en instalaciones vacias","Centro Primer Nivel","Arroyo Hondo","PERAVIA","Peravia","BANI","Reparación",{"v":150000,"d":"150,000.00"},"2.7.1.4.01","Anticipo Financiero"]
[null,{"$error":"#REF!"},{"$error":"#REF!"},{"$error":"#REF!"},{"$error":"#REF!"},{"$error":"#REF!"},"Mantenimiento y reparación de obras civiles en instalaciones vacias","Centro Primer Nivel","Villa Altagracia","SAN CRISTÓBAL","San_Cristobal","Villa Altagracia","Reparación",{"v":100000,"d":"100,000.00"},"2.7.1.4.01","Anticipo Financiero"]
[null,{"$error":"#REF!"},{"$error":"#REF!"},{"$error":"#REF!"},{"$error":"#REF!"},{"$error":"#REF!"},"Mantenimiento y reparación de obras civiles en instalaciones vacias","Centro Primer Nivel","La Palmita","SAN CRISTÓBAL","San_Cristobal","YAGUATE","Reparación",{"v":300000,"d":"300,000.00"},"2.7.1.4.01","Anticipo Financiero"]
[null,{"$error":"#REF!"},{"$error":"#REF!"},{"$error":"#REF!"},{"$error":"#REF!"},{"$error":"#REF!"},"Mantenimiento y reparación de obras civiles en instalaciones vacias","Centro Primer Nivel","La Colonia","SAN CRISTÓBAL","San_Cristobal","Cambita Garabito","Reparación",{"v":200000,"d":"200,000.00"},"2.7.1.4.01","Anticipo Financiero"]
[null,{"$error":"#REF!"},{"$error":"#REF!"},{"$error":"#REF!"},{"$error":"#REF!"},{"$error":"#REF!"},"Mantenimiento y reparación de obras civiles en instalaciones vacias","Centro Primer Nivel","Juan Baron","SAN CRISTÓBAL","San_Cristobal","Palenque","Reparación",{"v":400000,"d":"400,000.00"},"2.7.1.4.01","Anticipo Financiero"]
[null,{"$error":"#REF!"},{"$error":"#REF!"},{"$error":"#REF!"},{"$error":"#REF!"},{"$error":"#REF!"},"Mantenimiento y reparación de obras civiles en instalaciones vacias","Centro Primer Nivel","Villegas","SAN CRISTÓBAL","San_Cristobal","SAN CRISTOBAL","Reparación",{"v":200000,"d":"200,000.00"},"2.7.1.4.01","Anticipo Financiero"]
[null,{"$error":"#REF!"},{"$error":"#REF!"},{"$error":"#REF!"},{"$error":"#REF!"},{"$error":"#REF!"},"Mantenimiento y reparación de obras civiles en instalaciones vacias","Centro Primer Nivel","Los Ranchitos","SAN JOSÉ DE OCOA","San_Jose_de_Ocoa","SAN JOSE DE OCOA","Reparación",{"v":300000,"d":"300,000.00"},"2.7.1.4.01","Anticipo Financiero"]
[null,{"$error":"#REF!"},{"$error":"#REF!"},{"$error":"#REF!"},{"$error":"#REF!"},{"$error":"#REF!"},"Mantenimiento y reparación de obras civiles en instalaciones vacias","Centro Primer Nivel","Palo de Caja","SAN JOSÉ DE OCOA","San_Jose_de_Ocoa","SAN JOSE DE OCOA","Reparación",{"v":300000,"d":"300,000.00"},"2.7.1.4.01","Anticipo Financiero"]
[null,{"$error":"#REF!"},{"$error":"#REF!"},{"$error":"#REF!"},{"$error":"#REF!"},{"$error":"#REF!"},"Mantenimiento y reparación de obras civiles en instalaciones vacias","Centro Primer Nivel","Mahoma","SAN JOSÉ DE OCOA","San_Jose_de_Ocoa","SAN JOSE DE OCOA","Reparación",{"v":250000,"d":"250,000.00"},"2.7.1.4.01","Anticipo Financiero"]
[null,{"$error":"#REF!"},{"$error":"#REF!"},{"$error":"#REF!"},{"$error":"#REF!"},{"$error":"#REF!"},"Mantenimiento y reparación de obras civiles en instalaciones vacias","Centro Primer Nivel","Nizaito","SAN JOSÉ DE OCOA",null,"SAN JOSE DE OCOA","Reparación",{"v":200000,"d":"200,000.00"},"2.7.1.4.01","Anticipo Financiero"]
[null,{"$error":"#REF!"},{"$error":"#REF!"},{"$error":"#REF!"},{"$error":"#REF!"},{"$error":"#REF!"},"Mantenimiento y reparación de obras civiles en instalaciones vacias","Centro Primer Nivel","El Llano","PERAVIA","Peravia","BANI","Reparación",{"v":300000,"d":"300,000.00"},"2.7.1.4.01","Anticipo Financiero"]

{"sheet":"Formulario PPGR5","index":5,"n_rows":71,"n_cols":23,"rows_kept":71,"flags":["formulas_cached_only"]}
[]
[{"$nulls":7},"Servicio Nacional de Salud"]
[{"$nulls":7},"Dirección de Planificación y Desarrollo"]
[{"$nulls":7},"Plan Operativo Anual "]
[{"$nulls":7},"Identificación de necesidades de equipos"]
[{"$nulls":7},"R1 - SRS Valdesia"]
[]
[null,"ID_Dependendencia","POA","SRS","AREA","TIPO","Tipos de Acciones","Tipo de Equipo","InsumoAbrev","Item","Descripción","Tipo EESS","Nombre de establecimiento","Provincia","ListaProvincia","Municipio","Unidad de Medida","Cantidad de Insumos","Precio Unitario","Valor Total Estimado","Código Presupuestario","Fuente de Financiamiento","Columna1"]
[null,{"$error":"#REF!"},{"$error":"#REF!"},{"$error":"#REF!"},{"$error":"#REF!"},{"$error":"#REF!"},"Compra",null,"","camilla de examen de tres posiciones",null,"Centro Primer Nivel","SRS VALDESIA",null,"",null,null,142,null,0]
[null,{"$error":"#REF!"},{"$error":"#REF!"},{"$error":"#REF!"},{"$error":"#REF!"},{"$error":"#REF!"},"Reparación",null,"","camilla de examen de tres posiciones",null,"Centro Primer Nivel","SRS VALDESIA",null,"",null,null,72,null,0,""]
[null,{"$error":"#REF!"},{"$error":"#REF!"},{"$error":"#REF!"},{"$error":"#REF!"},{"$error":"#REF!"},"Compra",null,"","vitrina de metal para medicamentos",null,"Centro Primer Nivel","SRS VALDESIA",null,"",null,null,112,null,0,""]
[null,{"$error":"#REF!"},{"$error":"#REF!"},{"$error":"#REF!"},{"$error":"#REF!"},{"$error":"#REF!"},"Reparación",null,"","vitrina de metal para medicamentos",null,"Centro Primer Nivel","SRS VALDESIA",null,"",null,null,74,null,0,""]
[null,{"$error":"#REF!"},{"$error":"#REF!"},{"$error":"#REF!"},{"$error":"#REF!"},{"$error":"#REF!"},"Compra",null,"","esfigmomanometros pared",null,"Centro Primer Nivel","SRS VALDESIA",null,"",null,null,142,null,0,""]
[null,{"$error":"#REF!"},{"$error":"#REF!"},{"$error":"#REF!"},{"$error":"#REF!"},{"$error":"#REF!"},"Reparación",null,"","esfigmomanometros pared",null,"Centro Primer Nivel","SRS VALDESIA",null,"",null,null,84,null,0,""]
[null,{"$error":"#REF!"},{"$error":"#REF!"},{"$error":"#REF!"},{"$error":"#REF!"},{"$error":"#REF!"},"Compra",null,"","esfigmomanometros con brazaletes p/niños",null,"Centro Primer Nivel","SRS VALDESIA",null,"",null,null,130,null,0]
[null,{"$error":"#REF!"},{"$error":"#REF!"},{"$error":"#REF!"},{"$error":"#REF!"},{"$error":"#REF!"},"Reparación",null,"","esfigmomanometros con brazaletes p/niños",null,"Centro Primer Nivel","SRS VALDESIA",null,"",null,null,40,null,0]
[null,{"$error":"#REF!"},{"$error":"#REF!"},{"$error":"#REF!"},{"$error":"#REF!"},{"$error":"#REF!"},"Compra",null,"","estetocopio de doble campana",null,"Centro Primer Nivel","SRS VALDESIA",null,"DISTRITO NACIONAL",null,null,150,null,0]
[null,{"$error":"#REF!"},{"$error":"#REF!"},{"$error":"#REF!"},{"$error":"#REF!"},{"$error":"#REF!"},"Reparación",null,"","estetocopio de doble campana",null,"Centro Primer Nivel","SRS VALDESIA",null,"DISTRITO NACIONAL",null,null,60,null,0]
[null,{"$error":"#REF!"},{"$error":"#REF!"},{"$error":"#REF!"},{"$error":"#REF!"},{"$error":"#REF!"},"Compra",null,"","set oto-oftalmoscopio de pared",null,"Centro Primer Nivel","SRS VALDESIA",null,"DISTRITO NACIONAL",null,null,124,null,0]
[null,{"$error":"#REF!"},{"$error":"#REF!"},{"$error":"#REF!"},{"$error":"#REF!"},{"$error":"#REF!"},"Reparación",null,"","set oto-oftalmoscopio de pared",null,"Centro Primer Nivel","SRS VALDESIA",null,"DISTRITO NACIONAL",null,null,40,null,0]
[null,{"$error":"#REF!"},{"$error":"#REF!"},{"$error":"#REF!"},{"$error":"#REF!"},{"$error":"#REF!"},"Compra",null,"","nebulizador",null,"Centro Primer Nivel","SRS VALDESIA",null,"DISTRITO NACIONAL",null,null,118,null,0]
[null,{"$error":"#REF!"},{"$error":"#REF!"},{"$error":"#REF!"},{"$error":"#REF!"},{"$error":"#REF!"},"Reparación",null,"","nebulizador",null,"Centro Primer Nivel","SRS VALDESIA",null,"DISTRITO NACIONAL",null,null,62,null,0]
[null,{"$error":"#REF!"},{"$error":"#REF!"},{"$error":"#REF!"},{"$error":"#REF!"},{"$error":"#REF!"},"Compra",null,"","lampara cuello ganso",null,"Centro Primer Nivel","SRS VALDESIA",null,"DISTRITO NACIONAL",null,null,146,null,0]
[null,{"$error":"#REF!"},{"$error":"#REF!"},{"$error":"#REF!"},{"$error":"#REF!"},{"$error":"#REF!"},"Reparación",null,"","lampara cuello ganso",null,"Centro Primer Nivel","SRS VALDESIA",null,"DISTRITO NACIONAL",null,null,62,null,0]
[null,{"$error":"#REF!"},{"$error":"#REF!"},{"$error":"#REF!"},{"$error":"#REF!"},{"$error":"#REF!"},"Compra",null,"","balanza de adultos",null,"Centro Primer Nivel","SRS VALDESIA",null,"",null,null,106,null,0]
[null,{"$error":"#REF!"},{"$error":"#REF!"},{"$error":"#REF!"},{"$error":"#REF!"},{"$error":"#REF!"},"Reparación",null,"","balanza de adultos",null,"Centro Primer Nivel","SRS VALDESIA",null,"",null,null,79,null,0]
[null,{"$error":"#REF!"},{"$error":"#REF!"},{"$error":"#REF!"},{"$error":"#REF!"},{"$error":"#REF!"},"Compra",null,"","balanza pediatrica",null,"Centro Primer Nivel","SRS VALDESIA",null,"",null,null,130,null,0]
[null,{"$error":"#REF!"},{"$error":"#REF!"},{"$error":"#REF!"},{"$error":"#REF!"},{"$error":"#REF!"},"Reparación",null,"","balanza pediatrica",null,"Centro Primer Nivel","SRS VALDESIA",null,"",null,null,60,null,0]
[null,{"$error":"#REF!"},{"$error":"#REF!"},{"$error":"#REF!"},{"$error":"#REF!"},{"$error":"#REF!"},"Compra",null,"","esterilizador de equipos o  materiales tipo olla o autoclave",null,"Centro Primer Nivel","SRS VALDESIA",null,"",null,null,120,null,0]
[null,{"$error":"#REF!"},{"$error":"#REF!"},{"$error":"#REF!"},{"$error":"#REF!"},{"$error":"#REF!"},"Reparación",null,"","esterilizador de equipos o  materiales tipo olla o autoclave",null,"Centro Primer Nivel","SRS VALDESIA",null,"",null,null,65,null,0]
[null,{"$error":"#REF!"},{"$error":"#REF!"},{"$error":"#REF!"},{"$error":"#REF!"},{"$error":"#REF!"},"Compra",null,"","estetoscopio pediatrico",null,"Centro Primer Nivel","SRS VALDESIA",null,"",null,null,18,null,0]
[null,{"$error":"#REF!"},{"$error":"#REF!"},{"$error":"#REF!"},{"$error":"#REF!"},{"$error":"#REF!"},"Reparación",null,"","estetoscopio pediatrico",null,"Centro Primer Nivel","SRS VALDESIA",null,"",null,null,40,null,0]
[null,{"$error":"#REF!"},{"$error":"#REF!"},{"$error":"#REF!"},{"$error":"#REF!"},{"$error":"#REF!"},"Compra",null,"","camlilla de curacion e inyectable",null,"Centro Primer Nivel","SRS VALDESIA",null,"",null,null,100,null,0]
[null,{"$error":"#REF!"},{"$error":"#REF!"},{"$error":"#REF!"},{"$error":"#REF!"},{"$error":"#REF!"},"Reparación",null,"","camlilla de curacion e inyectable",null,"Centro Primer Nivel","SRS VALDESIA",null,"",null,null,32,null,0]
[null,{"$error":"#REF!"},{"$error":"#REF!"},{"$error":"#REF!"},{"$error":"#REF!"},{"$error":"#REF!"},"Compra",null,"","taburete giratorio",null,"Centro Primer Nivel","SRS VALDESIA",null,"",null,null,120,null,0]
[null,{"$error":"#REF!"},{"$error":"#REF!"},{"$error":"#REF!"},{"$error":"#REF!"},{"$error":"#REF!"},"Reparación",null,"","taburete giratorio",null,"Centro Primer Nivel","SRS VALDESIA",null,"",null,null,68,null,0]
[null,{"$error":"#REF!"},{"$error":"#REF!"},{"$error":"#REF!"},{"$error":"#REF!"},{"$error":"#REF!"},"Compra",null,"","cubo metalico con tapa",null,"Centro Primer Nivel","SRS VALDESIA",null,"",null,null,217,null,0]
[null,{"$error":"#REF!"},{"$error":"#REF!"},{"$error":"#REF!"},{"$error":"#REF!"},{"$error":"#REF!"},"Compra",null,"","silla para usuarios",null,"Centro Primer Nivel","SRS VALDESIA",null,"",null,null,1160,null,0]
[null,{"$error":"#REF!"},{"$error":"#REF!"},{"$error":"#REF!"},{"$error":"#REF!"},{"$error":"#REF!"},"Reparación",null,"","silla para usuarios",null,"Centro Primer Nivel","SRS VALDESIA",null,"",null,null,340,null,0]
[null,{"$error":"#REF!"},{"$error":"#REF!"},{"$error":"#REF!"},{"$error":"#REF!"},{"$error":"#REF!"},"Compra",null,"","zafacon con tapa accionado a pedal con bolsas color rojo",null,"Centro Primer Nivel","SRS VALDESIA",null,"",null,null,70,null,0]
[null,{"$error":"#REF!"},{"$error":"#REF!"},{"$error":"#REF!"},{"$error":"#REF!"},{"$error":"#REF!"},"Compra",null,"","banco escalera para pacientes",null,"Centro Primer Nivel","SRS VALDESIA",null,"",null,null,65,null,0]
[null,{"$error":"#REF!"},{"$error":"#REF!"},{"$error":"#REF!"},{"$error":"#REF!"},{"$error":"#REF!"},"Compra",null,"","banco escalera para pacientes",null,"Centro Primer Nivel","SRS VALDESIA",null,"",null,null,42,null,0]
[null,{"$error":"#REF!"},{"$error":"#REF!"},{"$error":"#REF!"},{"$error":"#REF!"},{"$error":"#REF!"},"Compra",null,"","set de cura",null,"Centro Primer Nivel","SRS VALDESIA",null,"",null,null,172,null,0]
[null,{"$error":"#REF!"},{"$error":"#REF!"},{"$error":"#REF!"},{"$error":"#REF!"},{"$error":"#REF!"},"Compra",null,"","set equipo de cirugia menor con los instrumentos minimos",null,"Centro Primer Nivel","SRS VALDESIA",null,"",null,null,85,null,0]
[null,{"$error":"#REF!"},{"$error":"#REF!"},{"$error":"#REF!"},{"$error":"#REF!"},{"$error":"#REF!"},"Compra",null,"","mesa de mayo",null,"Centro Primer Nivel","SRS VALDESIA",null,"",null,null,172,null,0]
[null,{"$error":"#REF!"},{"$error":"#REF!"},{"$error":"#REF!"},{"$error":"#REF!"},{"$error":"#REF!"},"Compra",null,"","bandeja para instrumentos mesa porta instrumentos de",null,"Centro Primer Nivel","SRS VALDESIA",null,"",null,null,102,null,0]
[null,{"$error":"#REF!"},{"$error":"#REF!"},{"$error":"#REF!"},{"$error":"#REF!"},{"$error":"#REF!"},"Compra",null,"","se de riñonera",null,"Centro Primer Nivel","SRS VALDESIA",null,"",null,null,15,null,0]
[null,{"$error":"#REF!"},{"$error":"#REF!"},{"$error":"#REF!"},{"$error":"#REF!"},{"$error":"#REF!"},"Compra",null,"","set de bomboneras acero inoxidable o vidrio",null,"Centro Primer Nivel","SRS VALDESIA",null,"",null,null,105,null,0]
[null,{"$error":"#REF!"},{"$error":"#REF!"},{"$error":"#REF!"},{"$error":"#REF!"},{"$error":"#REF!"},"Compra",null,"","tanque de oxigeno con manometro y  aro",null,"Centro Primer Nivel","SRS VALDESIA",null,"",null,null,82,null,0]
[null,{"$error":"#REF!"},{"$error":"#REF!"},{"$error":"#REF!"},{"$error":"#REF!"},{"$error":"#REF!"},"Compra",null,"","porta suero rodable",null,"Centro Primer Nivel","SRS VALDESIA",null,"",null,null,186,null,0]
[null,{"$error":"#REF!"},{"$error":"#REF!"},{"$error":"#REF!"},{"$error":"#REF!"},{"$error":"#REF!"},"Reparación",null,"","porta suero rodable",null,"Centro Primer Nivel","SRS VALDESIA",null,"",null,null,60,null,0]
[null,{"$error":"#REF!"},{"$error":"#REF!"},{"$error":"#REF!"},{"$error":"#REF!"},{"$error":"#REF!"},"Compra",null,"","mapara de dos cuerpo o cortina de separacion",null,"Centro Primer Nivel","SRS VALDESIA",null,"",null,null,91,null,0]
[null,{"$error":"#REF!"},{"$error":"#REF!"},{"$error":"#REF!"},{"$error":"#REF!"},{"$error":"#REF!"},"Reparación",null,"","mapara de dos cuerpo o cortina de separacion",null,"Centro Primer Nivel","SRS VALDESIA",null,"",null,null,60,null,0]
[null,{"$error":"#REF!"},{"$error":"#REF!"},{"$error":"#REF!"},{"$error":"#REF!"},{"$error":"#REF!"},"Compra",null,"","glucometro",null,"Centro Primer Nivel","SRS VALDESIA",null,"",null,null,189,null,0]
[null,{"$error":"#REF!"},{"$error":"#REF!"},{"$error":"#REF!"},{"$error":"#REF!"},{"$error":"#REF!"},"Compra",null,"","aspirador de secreciones de 1 frasco",null,"Centro Primer Nivel","SRS VALDESIA",null,"",null,null,209,null,0]
[null,{"$error":"#REF!"},{"$error":"#REF!"},{"$error":"#REF!"},{"$error":"#REF!"},{"$error":"#REF!"},"Compra",null,"","resucitador manual adulto",null,"Centro Primer Nivel","SRS VALDESIA",null,"",null,null,134,null,0]
[null,{"$error":"#REF!"},{"$error":"#REF!"},{"$error":"#REF!"},{"$error":"#REF!"},{"$error":"#REF!"},"Compra",null,"","resucitador manual pediatrico",null,"Centro Primer Nivel","SRS VALDESIA",null,"",null,null,144,null,0]
[null,{"$error":"#REF!"},{"$error":"#REF!"},{"$error":"#REF!"},{"$error":"#REF!"},{"$error":"#REF!"},"Compra",null,"","martillo de percusion",null,"Centro Primer Nivel","SRS VALDESIA",null,"",null,null,69,null,0]
[null,{"$error":"#REF!"},{"$error":"#REF!"},{"$error":"#REF!"},{"$error":"#REF!"},{"$error":"#REF!"},"Compra",null,"","pinza de foster porta gasas",null,"Centro Primer Nivel","SRS VALDESIA",null,"",null,null,72,null,0]
[null,{"$error":"#REF!"},{"$error":"#REF!"},{"$error":"#REF!"},{"$error":"#REF!"},{"$error":"#REF!"},"Compra",null,"","balo de ambu",null,"Centro Primer Nivel","SRS VALDESIA",null,"",null,null,104,null,0]
[null,{"$error":"#REF!"},{"$error":"#REF!"},{"$error":"#REF!"},{"$error":"#REF!"},{"$error":"#REF!"},"Compra",null,"","equipo incineracion o destruccion de agujas",null,"Centro Primer Nivel","SRS VALDESIA",null,"",null,null,144,null,0]
[null,{"$error":"#REF!"},{"$error":"#REF!"},{"$error":"#REF!"},{"$error":"#REF!"},{"$error":"#REF!"},"Compra",null,"","set neurologico ",null,"Centro Primer Nivel","SRS VALDESIA",null,"",null,null,75,null,0]
[null,{"$error":"#REF!"},{"$error":"#REF!"},{"$error":"#REF!"},{"$error":"#REF!"},{"$error":"#REF!"},"Compra",null,"","camionetas doble cabina y doble traccion","camioneta a ser asignada a diferentes departamentos","SRS","SRS VALDESIA",null,"",null,null,4,null,0]
[null,{"$error":"#REF!"},{"$error":"#REF!"},{"$error":"#REF!"},{"$error":"#REF!"},{"$error":"#REF!"},"Compra",null,"","camionetas doble cabina y doble traccion",null,"Gerencia de Área","SRS VALDESIA",null,"",null,null,2,null,0]
[null,{"$error":"#REF!"},{"$error":"#REF!"},{"$error":"#REF!"},{"$error":"#REF!"},{"$error":"#REF!"},"Compra",null,"","impresora ploter de 17 x 24 multifuncional","requerida para el departamento de hosteleria y equipos","SRS","SRS VALDESIA",null,"",null,null,1,null,0]
[null,{"$error":"#REF!"},{"$error":"#REF!"},{"$error":"#REF!"},{"$error":"#REF!"},{"$error":"#REF!"},"Compra",null,"","GPS","requerida para el departamento de hosteleria y equipos","SRS","SRS VALDESIA",null,"",null,null,1,null,0]
[null,{"$error":"#REF!"},{"$error":"#REF!"},{"$error":"#REF!"},{"$error":"#REF!"},{"$error":"#REF!"},"Compra",null,"","set equipo de plomeria","requerida para el departamento de hosteleria y equipos","SRS","SRS VALDESIA",null,"",null,null,1,null,0]
[null,{"$error":"#REF!"},{"$error":"#REF!"},{"$error":"#REF!"},{"$error":"#REF!"},{"$error":"#REF!"},"Compra",null,"","set equipo de portaje","requerida para el departamento de hosteleria y equipos","SRS","SRS VALDESIA",null,"",null,null,1,null,0]
[null,{"$error":"#REF!"},{"$error":"#REF!"},{"$error":"#REF!"},{"$error":"#REF!"},{"$error":"#REF!"},"Compra",null,"","ser quipo de electricidad","requerida para el departamento de hosteleria y equipos","SRS","SRS VALDESIA",null,"",null,null,1,null,0]
[null,{"$error":"#REF!"},{"$error":"#REF!"},{"$error":"#REF!"},{"$error":"#REF!"},{"$error":"#REF!"},"Compra",null,"","set equipo electromedicina","requerida para el departamento de hosteleria y equipos","SRS","SRS VALDESIA",null,"",null,null,1,null,0]
[null,{"$error":"#REF!"},{"$error":"#REF!"},{"$error":"#REF!"},{"$error":"#REF!"},{"$error":"#REF!"},"Compra",null,"","set equipo pintura","requerida para el departamento de hosteleria y equipos","SRS","SRS VALDESIA",null,"",null,null,1,null,0]

{"sheet":"Formulario PPGR6","index":6,"n_rows":30,"n_cols":7,"rows_kept":30,"flags":["formulas_cached_only"]}
[]
[{"$nulls":4},"Servicio Nacional de Salud"]
[{"$nulls":4},"Dirección de Planificación y Desarrollo"]
[{"$nulls":4},"Plan Operativo Anual "]
[{"$nulls":4},"Estimación de ingresos por cuentas"]
[{"$nulls":4},"R1 - SRS Valdesia"]
[]
["Grupo","Subgrupo","Cuenta","Auxiliar","Descripción Ingresos por Cuenta","Valor RD$","%"]
[3,{"$nulls":3},"Donaciones",{"v":400000,"d":"400,000.00"},{"v":0.018476808138573782,"d":"0.02"}]
[null,31,null,null,"Aportes y Donaciones",{"v":400000,"d":"400,000.00"},{"v":0.018476808138573782,"d":"0.02"}]
[null,null,311,null,"Donaciones recibidas de otros Organismos",null,{"v":0,"d":"0.00"}]
[null,null,312,null,"Aporte de los Hogares",{"v":400000,"d":"400,000.00"},{"v":0.018476808138573782,"d":"0.02"}]
[4,{"$nulls":3},"Transferencias",{"v":2078062310.49,"d":"2,078,062,310.49"},{"v":95.98989652731267,"d":"95.99"}]
[null,41,null,null,"Transferencias Corrientes de la Administración Central",{"v":2078062310.49,"d":"2,078,062,310.49"},{"v":95.98989652731267,"d":"95.99"}]
[null,null,411,null,"Aportes SNS Nomina",{"v":2061022310.49,"d":"2,061,022,310.49"},{"v":95.20278450060943,"d":"95.20"}]
[null,null,412,null,"Anticipos Financieros",{"v":17040000,"d":"17,040,000.00"},{"v":0.7871120267032431,"d":"0.79"}]
[null,null,413,null,"Aportes SNS Medicamentos",null,{"v":0,"d":"0.00"}]
[null,null,414,null,"Transferencias Corrientes ",null,{"v":0,"d":"0.00"}]
[null,42,null,null,"Transferencia de Capital de la Administración Central",{"v":0,"d":"0.00"},{"v":0,"d":"0.00"}]
[null,null,421,null,"Aportes SNS Equipamiento",null,{"v":0,"d":"0.00"}]
[null,null,422,null,"Aportes para otros gastos de inversión del SNS",null,{"v":0,"d":"0.00"}]
[5,{"$nulls":3},"Otros Ingresos",{"v":86413770.92,"d":"86,413,770.92"},{"v":3.9916266645487655,"d":"3.99"}]
[null,52,null,null,"Venta de Servicios",{"v":86413770.92,"d":"86,413,770.92"},{"v":3.9916266645487655,"d":"3.99"}]
[null,null,521,null,"Venta de Servicios a SENASA por afiliados regimen subsidiado",{"v":86413770.92,"d":"86,413,770.92"},{"v":3.9916266645487655,"d":"3.99"}]
[null,null,522,null,"Venta de Servicios a SENASA por afiliados regimen contributivo",null,{"v":0,"d":"0.00"}]
[null,null,523,null,"Venta de Servicios a otras ARS por atencion a Regimen contributivo",null,{"v":0,"d":"0.00"}]
[null,null,524,null,"Venta de Servicios a ARL ",null,{"v":0,"d":"0.00"}]
[null,null,525,null,"Venta de Servicios a Compañias aseguradoras ",null,{"v":0,"d":"0.00"}]
[null,null,526,null,"Venta de servicios a otros",null,{"v":0,"d":"0.00"}]
[{"$nulls":4},"Total Ingresos",{"v":2164876081.41,"d":"2,164,876,081.41"},{"v":100,"d":"100.00"}]

{"sheet":"Formulario PPGR7","index":7,"n_rows":514,"n_cols":11,"rows_kept":514,"merged":[[15,0,16,0],[15,1,16,1],[15,2,16,2],[15,3,16,3],[15,4,16,4],[15,5,16,5],[15,6,16,6],[15,7,16,7],[15,8,16,8],[15,9,16,9],[15,10,16,10]],"flags":["formulas_cached_only"]}
[]
[{"$nulls":5},"Servicio Nacional de Salud"]
[{"$nulls":5},"Dirección de Planificación y Desarrollo"]
[{"$nulls":5},"Plan Operativo Anual "]
[{"$nulls":5},"Consolidado del Presupuesto Estimado de Ingresos y Gastos Nivel Servicio Regional de Salud"]
[{"$nulls":5},"R1 - SRS Valdesia"]
[]
["Estimación de Ingresos"]
["Anticipos Financieros",{"$nulls":5},{"v":17040000,"d":"17,040,000.00"}]
["Venta de Servicios y Otros Ingresos",{"$nulls":5},{"v":86413770.92,"d":"86,413,770.92"}]
["Aportes SNS Nómina",{"$nulls":5},{"v":2061022310.49,"d":"2,061,022,310.49"}]
["Otros Aportes",{"$nulls":5},{"v":400000,"d":"400,000.00"}]
["Transferencias Corrientes",{"$nulls":5},{"v":0,"d":"0.00"}]
["Total Ingresos RD$",{"$nulls":5},{"v":2164876081.41,"d":"2,164,876,081.41"}]
["Estimación de Gastos"]
["Tipo","Objeto","Cuenta","Sub-Cuenta","Auxiliar","Descripción Gasto por Cuenta","Anticipos Financieros / Transferencias","Venta de Servicios","Nominas","Total RD$","%"]
[]
[2,{"$nulls":4},"Egresos",{"v":39000,"d":"39,000.00"},{"v":40583000,"d":"40,583,000.00"},{"v":0,"d":"0.00"},{"v":40622000,"d":"40,622,000.00"},{"v":100,"d":"100.00"}]
[2,1,{"$nulls":3},"Servicios Personales",{"v":0,"d":"0.00"},{"v":0,"d":"0.00"},{"v":0,"d":"0.00"},{"v":0,"d":"0.00"},{"v":0,"d":"0.00"}]
[2,1,1,null,null,"Remuneraciones",{"v":0,"d":"0.00"},{"v":0,"d":"0.00"},{"v":0,"d":"0.00"},{"v":0,"d":"0.00"},{"v":0,"d":"0.00"}]
[2,1,1,1,null,"Remuneraciones al personal fijo",{"v":0,"d":"0.00"},{"v":0,"d":"0.00"},{"v":0,"d":"0.00"},{"v":0,"d":"0.00"},{"v":0,"d":"0.00"}]
[2,1,1,1,"`01","Sueldos fijos",{"$nulls":3},{"v":0,"d":"0.00"},{"v":0,"d":"0.00"}]
[2,1,1,1,"`02","Sueldos a medicos",{"$nulls":3},{"v":0,"d":"0.00"},{"v":0,"d":"0.00"}]
[2,1,1,1,"`03","Ascenso a militires",{"$nulls":3},{"v":0,"d":"0.00"},{"v":0,"d":"0.00"}]
[2,1,1,1,"`04","Nuevas plazas maestros",{"$nulls":3},{"v":0,"d":"0.00"},{"v":0,"d":"0.00"}]
[2,1,1,1,"`05","Incentivos y escalafón",{"$nulls":3},{"v":0,"d":"0.00"},{"v":0,"d":"0.00"}]
[2,1,1,1,"`06","Nuevas plazas a medicos",{"$nulls":3},{"v":0,"d":"0.00"},{"v":0,"d":"0.00"}]
[2,1,1,2,null,"Remuneraciones al personal con carácter transitorio",{"v":0,"d":"0.00"},{"v":0,"d":"0.00"},{"v":0,"d":"0.00"},{"v":0,"d":"0.00"},{"v":0,"d":"0.00"}]
[2,1,1,2,"`01","Sueldos al personal contratado y/o igualado",{"$nulls":3},{"v":0,"d":"0.00"},{"v":0,"d":"0.00"}]
[2,1,1,2,"`02","Sueldos de personal nominal",{"$nulls":3},{"v":0,"d":"0.00"},{"v":0,"d":"0.00"}]
[2,1,1,2,"`03","Suplencias",{"$nulls":3},{"v":0,"d":"0.00"},{"v":0,"d":"0.00"}]
[2,1,1,2,"`04","Sueldos al personal por servicios especiales",{"$nulls":3},{"v":0,"d":"0.00"},{"v":0,"d":"0.00"}]
[2,1,1,2,"`05","Sueldo al personal nominal en período probatorio",{"$nulls":3},{"v":0,"d":"0.00"},{"v":0,"d":"0.00"}]
[2,1,1,2,"`06"," Jornales",{"$nulls":3},{"v":0,"d":"0.00"},{"v":0,"d":"0.00"}]
[2,1,1,2,"`07","Sobrejornales",{"$nulls":3},{"v":0,"d":"0.00"},{"v":0,"d":"0.00"}]
[2,1,1,3,null,"Sueldos al personal fijo en trámite de pensiones",{"v":0,"d":"0.00"},{"v":0,"d":"0.00"},{"v":0,"d":"0.00"},{"v":0,"d":"0.00"},{"v":0,"d":"0.00"}]
[2,1,1,3,"`01","Sueldos al personal fijo en trámite de pensiones",{"$nulls":3},{"v":0,"d":"0.00"},{"v":0,"d":"0.00"}]
[2,1,1,4,null,"Sueldo anual No. 13",{"v":0,"d":"0.00"},{"v":0,"d":"0.00"},{"v":0,"d":"0.00"},{"v":0,"d":"0.00"},{"v":0,"d":"0.00"}]
[2,1,1,4,"`01","Sueldo anual No. 13",{"$nulls":3},{"v":0,"d":"0.00"},{"v":0,"d":"0.00"}]
[2,1,1,5,null,"Prestacianes economicas",{"v":0,"d":"0.00"},{"v":0,"d":"0.00"},{"v":0,"d":"0.00"},{"v":0,"d":"0.00"},{"v":0,"d":"0.00"}]
[2,1,1,5,"`01","Prestacianes economicas",{"$nulls":3},{"v":0,"d":"0.00"},{"v":0,"d":"0.00"}]
[2,1,1,5,"`02","Pago de porcentaje por desvinculación de cargo",{"$nulls":3},{"v":0,"d":"0.00"},{"v":0,"d":"0.00"}]
[2,1,1,5,"`03","Prestacion laboral por desvinculación",{"$nulls":3},{"v":0,"d":"0.00"},{"v":0,"d":"0.00"}]
[2,1,1,5,"`04","Proporción de vacaciones no disfrutadas",{"$nulls":3},{"v":0,"d":"0.00"},{"v":0,"d":"0.00"}]
[2,1,1,6,null,"Vacaciones",{"v":0,"d":"0.00"},{"v":0,"d":"0.00"},{"v":0,"d":"0.00"},{"v":0,"d":"0.00"},{"v":0,"d":"0.00"}]
[2,1,1,6,"`01","Vacaciones",{"$nulls":3},{"v":0,"d":"0.00"},{"v":0,"d":"0.00"}]
[2,1,2,null,null,"Sobresueldos",{"v":0,"d":"0.00"},{"v":0,"d":"0.00"},{"v":0,"d":"0.00"},{"v":0,"d":"0.00"},{"v":0,"d":"0.00"}]
[2,1,2,1,null,"Primas por antigüedad",{"v":0,"d":"0.00"},{"v":0,"d":"0.00"},{"v":0,"d":"0.00"},{"v":0,"d":"0.00"},{"v":0,"d":"0.00"}]
[2,1,2,1,"`01","Primas por antigüedad",{"$nulls":3},{"v":0,"d":"0.00"},{"v":0,"d":"0.00"}]
[2,1,2,2,null,"Compensación",{"v":0,"d":"0.00"},{"v":0,"d":"0.00"},{"v":0,"d":"0.00"},{"v":0,"d":"0.00"},{"v":0,"d":"0.00"}]
[2,1,2,2,"`01","Compensación por gastos de alimentación",{"$nulls":3},{"v":0,"d":"0.00"},{"v":0,"d":"0.00"}]
[2,1,2,2,"`02","Compensación por horas extraordinarias",{"$nulls":3},{"v":0,"d":"0.00"},{"v":0,"d":"0.00"}]
[2,1,2,2,"`03","Pago de horas extraordinarias, Horas extraordinarias fin de año (Reglamento 523-09)",{"$nulls":3},{"v":0,"d":"0.00"},{"v":0,"d":"0.00"}]
[2,1,2,2,"`04","Prima de transporte",{"$nulls":3},{"v":0,"d":"0.00"},{"v":0,"d":"0.00"}]
[2,1,2,2,"`05","Compensación servicios de Seguridad",{"$nulls":3},{"v":0,"d":"0.00"},{"v":0,"d":"0.00"}]
[2,1,2,2,"`06","Compensación por resultados",{"$nulls":3},{"v":0,"d":"0.00"},{"v":0,"d":"0.00"}]
[2,1,2,2,"`07","Compensación por distancia",{"$nulls":3},{"v":0,"d":"0.00"},{"v":0,"d":"0.00"}]
[2,1,2,2,"`08","Compensaciones especiales",{"$nulls":3},{"v":0,"d":"0.00"},{"v":0,"d":"0.00"}]
[2,1,2,2,"`09","Bono por desempeño",{"$nulls":3},{"v":0,"d":"0.00"},{"v":0,"d":"0.00"}]
[2,1,2,2,"`10","Beneficio , Acuerdo de desempeños institucionales (Reglamento 423-12)",{"$nulls":3},{"v":0,"d":"0.00"},{"v":0,"d":"0.00"}]
[2,1,2,3,null,"Especialismos",{"v":0,"d":"0.00"},{"v":0,"d":"0.00"},{"v":0,"d":"0.00"},{"v":0,"d":"0.00"},{"v":0,"d":"0.00"}]
[2,1,2,3,"`01","Especialismos",{"$nulls":3},{"v":0,"d":"0.00"},{"v":0,"d":"0.00"}]
[2,1,3,null,null,"Dietas y Gastos de Representación",{"v":0,"d":"0.00"},{"v":0,"d":"0.00"},{"v":0,"d":"0.00"},{"v":0,"d":"0.00"},{"v":0,"d":"0.00"}]
[2,1,3,1,null,"Dietas",{"v":0,"d":"0.00"},{"v":0,"d":"0.00"},{"v":0,"d":"0.00"},{"v":0,"d":"0.00"},{"v":0,"d":"0.00"}]
[2,1,3,1,"`01","Dietas en el país",{"$nulls":3},{"v":0,"d":"0.00"},{"v":0,"d":"0.00"}]
[2,1,3,1,"`02","Dietas en el exterior",{"$nulls":3},{"v":0,"d":"0.00"},{"v":0,"d":"0.00"}]
[2,1,3,2,null,"Gastos de representación",{"v":0,"d":"0.00"},{"v":0,"d":"0.00"},{"v":0,"d":"0.00"},{"v":0,"d":"0.00"},{"v":0,"d":"0.00"}]
[2,1,3,2,"`01","Gastos de representación en el país",{"$nulls":3},{"v":0,"d":"0.00"},{"v":0,"d":"0.00"}]
[2,1,3,2,"`02","Gastos de representación en el exterior",{"$nulls":3},{"v":0,"d":"0.00"},{"v":0,"d":"0.00"}]
[2,1,4,null,null,"Gratificaciones y Bonificaciones",{"v":0,"d":"0.00"},{"v":0,"d":"0.00"},{"v":0,"d":"0.00"},{"v":0,"d":"0.00"},{"v":0,"d":"0.00"}]
[2,1,4,1,null,"Bonificaciones",{"v":0,"d":"0.00"},{"v":0,"d":"0.00"},{"v":0,"d":"0.00"},{"v":0,"d":"0.00"},{"v":0,"d":"0.00"}]
[2,1,4,1,"`01","Bonificaciones",{"$nulls":3},{"v":0,"d":"0.00"},{"v":0,"d":"0.00"}]
[2,1,4,2,null,"Otras Gratificaciones y Bonificaciones",{"v":0,"d":"0.00"},{"v":0,"d":"0.00"},{"v":0,"d":"0.00"},{"v":0,"d":"0.00"},{"v":0,"d":"0.00"}]
[2,1,4,2,"`01","Bono escolar",{"$nulls":3},{"v":0,"d":"0.00"},{"v":0,"d":"0.00"}]
[2,1,4,2,"`02","Gratificaciones por pasantías",{"$nulls":3},{"v":0,"d":"0.00"},{"v":0,"d":"0.00"}]
[2,1,4,2,"`03","Gratificaciones por aniversario de institución",{"$nulls":3},{"v":0,"d":"0.00"},{"v":0,"d":"0.00"}]
[2,1,4,2,"`04","Otras Gratificaciones",{"$nulls":3},{"v":0,"d":"0.00"},{"v":0,"d":"0.00"}]
[2,1,5,null,null,"Contribuciones a la Seguridad Social y Riesgo Laboral",{"v":0,"d":"0.00"},{"v":0,"d":"0.00"},{"v":0,"d":"0.00"},{"v":0,"d":"0.00"},{"v":0,"d":"0.00"}]
[2,1,5,1,null,"Contribuciones al seguro de salud",{"v":0,"d":"0.00"},{"v":0,"d":"0.00"},{"v":0,"d":"0.00"},{"v":0,"d":"0.00"},{"v":0,"d":"0.00"}]
[2,1,5,1,"`01","Contribuciones al seguro de salud",{"$nulls":3},{"v":0,"d":"0.00"},{"v":0,"d":"0.00"}]
[2,1,5,2,null,"Contribuciones al seguro de pensiones",{"v":0,"d":"0.00"},{"v":0,"d":"0.00"},{"v":0,"d":"0.00"},{"v":0,"d":"0.00"},{"v":0,"d":"0.00"}]
[2,1,5,2,"`01","Contribuciones al seguro de pensiones",{"$nulls":3},{"v":0,"d":"0.00"},{"v":0,"d":"0.00"}]
[2,1,5,3,null,"Contribuciones al seguro de riesgo laboral",{"v":0,"d":"0.00"},{"v":0,"d":"0.00"},{"v":0,"d":"0.00"},{"v":0,"d":"0.00"},{"v":0,"d":"0.00"}]
[2,1,5,3,"`01","Contribuciones al seguro de riesgo laboral",{"$nulls":3},{"v":0,"d":"0.00"},{"v":0,"d":"0.00"}]
[2,1,5,4,null,"Contribuciones al plan de retiro complementario",{"v":0,"d":"0.00"},{"v":0,"d":"0.00"},{"v":0,"d":"0.00"},{"v":0,"d":"0.00"},{"v":0,"d":"0.00"}]
[2,1,5,4,"`01","Contribuciones al plan de retiro complementario",{"$nulls":3},{"v":0,"d":"0.00"},{"v":0,"d":"0.00"}]
[2,2,{"$nulls":3},"Contratacion de servicios",{"v":39000,"d":"39,000.00"},{"v":0,"d":"0.00"},{"v":0,"d":"0.00"},{"v":39000,"d":"39,000.00"},{"v":0.09600708975432032,"d":"0.10"}]
[2,2,1,null,null,"Servicios Básicos",{"v":0,"d":"0.00"},{"v":0,"d":"0.00"},{"v":0,"d":"0.00"},{"v":0,"d":"0.00"},{"v":0,"d":"0.00"}]
[2,2,1,1,null,"Radiocomunicación",{"v":0,"d":"0.00"},{"v":0,"d":"0.00"},{"v":0,"d":"0.00"},{"v":0,"d":"0.00"},{"v":0,"d":"0.00"}]
[2,2,1,1,"`01","Radiocomunicación",{"$nulls":3},{"v":0,"d":"0.00"},{"v":0,"d":"0.00"}]
[2,2,1,2,null,"Servicios telefónico de larga distancia",{"v":0,"d":"0.00"},{"v":0,"d":"0.00"},{"v":0,"d":"0.00"},{"v":0,"d":"0.00"},{"v":0,"d":"0.00"}]
[2,2,1,2,"`01","Servicios telefónico de larga distancia",{"$nulls":3},{"v":0,"d":"0.00"},{"v":0,"d":"0.00"}]
[2,2,1,3,null,"Teléfono local",{"v":0,"d":"0.00"},{"v":0,"d":"0.00"},{"v":0,"d":"0.00"},{"v":0,"d":"0.00"},{"v":0,"d":"0.00"}]
[2,2,1,3,"`01","Teléfono local",{"$nulls":3},{"v":0,"d":"0.00"},{"v":0,"d":"0.00"}]
[2,2,1,4,null,"Telefax y correos",{"v":0,"d":"0.00"},{"v":0,"d":"0.00"},{"v":0,"d":"0.00"},{"v":0,"d":"0.00"},{"v":0,"d":"0.00"}]
[2,2,1,4,"`01","Telefax y correos",{"$nulls":3},{"v":0,"d":"0.00"},{"v":0,"d":"0.00"}]
[2,2,1,5,null,"Servicio de internet y televisión por cable",{"v":0,"d":"0.00"},{"v":0,"d":"0.00"},{"v":0,"d":"0.00"},{"v":0,"d":"0.00"},{"v":0,"d":"0.00"}]
[2,2,1,5,"`01","Servicio de internet y televisión por cable",{"$nulls":3},{"v":0,"d":"0.00"},{"v":0,"d":"0.00"}]
[2,2,1,6,null,"Electricidad",{"v":0,"d":"0.00"},{"v":0,"d":"0.00"},{"v":0,"d":"0.00"},{"v":0,"d":"0.00"},{"v":0,"d":"0.00"}]
[2,2,1,6,"`01","Energía eléctrica",{"$nulls":3},{"v":0,"d":"0.00"},{"v":0,"d":"0.00"}]
[2,2,1,6,"`02","Electricidad no cortable",{"$nulls":3},{"v":0,"d":"0.00"},{"v":0,"d":"0.00"}]
[2,2,1,7,null,"Agua",{"v":0,"d":"0.00"},{"v":0,"d":"0.00"},{"v":0,"d":"0.00"},{"v":0,"d":"0.00"},{"v":0,"d":"0.00"}]
[2,2,1,7,"`01","Agua",{"$nulls":3},{"v":0,"d":"0.00"},{"v":0,"d":"0.00"}]
[2,2,1,8,null,"Recolección de residuos sólidos",{"v":0,"d":"0.00"},{"v":0,"d":"0.00"},{"v":0,"d":"0.00"},{"v":0,"d":"0.00"},{"v":0,"d":"0.00"}]
[2,2,1,8,"`01","Recolección de residuos sólidos",{"$nulls":3},{"v":0,"d":"0.00"},{"v":0,"d":"0.00"}]
[2,2,2,null,null,"Publicidad Impresión y Encuadernación",{"v":0,"d":"0.00"},{"v":0,"d":"0.00"},{"v":0,"d":"0.00"},{"v":0,"d":"0.00"},{"v":0,"d":"0.00"}]
[2,2,2,1,null,"Publicidad y propaganda",{"v":0,"d":"0.00"},{"v":0,"d":"0.00"},{"v":0,"d":"0.00"},{"v":0,"d":"0.00"},{"v":0,"d":"0.00"}]
[2,2,2,1,"`01","Publicidad y propaganda",{"$nulls":3},{"v":0,"d":"0.00"},{"v":0,"d":"0.00"}]
[2,2,2,2,null,"Impresión y encuadernación",{"v":0,"d":"0.00"},{"v":0,"d":"0.00"},{"v":0,"d":"0.00"},{"v":0,"d":"0.00"},{"v":0,"d":"0.00"}]
[2,2,2,2,"`01","Impresión y encuadernación",{"$nulls":3},{"v":0,"d":"0.00"},{"v":0,"d":"0.00"}]
[2,2,3,null,null,"Viáticos",{"v":39000,"d":"39,000.00"},{"v":0,"d":"0.00"},{"v":0,"d":"0.00"},{"v":39000,"d":"39,000.00"},{"v":0.09600708975432032,"d":"0.10"}]
[2,2,3,1,null,"Viáticos dentro del país",{"v":39000,"d":"39,000.00"},{"v":0,"d":"0.00"},{"v":0,"d":"0.00"},{"v":39000,"d":"39,000.00"},{"v":0.09600708975432032,"d":"0.10"}]
[2,2,3,1,"`01","Viáticos dentro del país",{"v":39000,"d":"39,000.00"},null,null,{"v":39000,"d":"39,000.00"},{"v":0.09600708975432032,"d":"0.10"}]
[2,2,3,2,null,"Viáticos fuera del país",{"v":0,"d":"0.00"},{"v":0,"d":"0.00"},{"v":0,"d":"0.00"},{"v":0,"d":"0.00"},{"v":0,"d":"0.00"}]
[2,2,3,2,"`01","Viáticos fuera del país",{"$nulls":3},{"v":0,"d":"0.00"},{"v":0,"d":"0.00"}]
[2,2,4,null,null,"Transporte y Alamcenaje",{"v":0,"d":"0.00"},{"v":0,"d":"0.00"},{"v":0,"d":"0.00"},{"v":0,"d":"0.00"},{"v":0,"d":"0.00"}]
[2,2,4,1,null,"Pasajes",{"v":0,"d":"0.00"},{"v":0,"d":"0.00"},{"v":0,"d":"0.00"},{"v":0,"d":"0.00"},{"v":0,"d":"0.00"}]
[2,2,4,1,"`01","Pasajes",{"$nulls":3},{"v":0,"d":"0.00"},{"v":0,"d":"0.00"}]
[2,2,4,2,null,"Fletes",{"v":0,"d":"0.00"},{"v":0,"d":"0.00"},{"v":0,"d":"0.00"},{"v":0,"d":"0.00"},{"v":0,"d":"0.00"}]
[2,2,4,2,"`01","Fletes",{"$nulls":3},{"v":0,"d":"0.00"},{"v":0,"d":"0.00"}]
[2,2,4,3,null,"Almacenaje",{"v":0,"d":"0.00"},{"v":0,"d":"0.00"},{"v":0,"d":"0.00"},{"v":0,"d":"0.00"},{"v":0,"d":"0.00"}]
[2,2,4,3,"`01","Almacenaje",{"$nulls":3},{"v":0,"d":"0.00"},{"v":0,"d":"0.00"}]
[2,2,4,4,null,"Peaje",{"v":0,"d":"0.00"},{"v":0,"d":"0.00"},{"v":0,"d":"0.00"},{"v":0,"d":"0.00"},{"v":0,"d":"0.00"}]
[2,2,4,4,"`01","Peaje",{"$nulls":3},{"v":0,"d":"0.00"},{"v":0,"d":"0.00"}]
[2,2,5,null,null,"Alquileres y Rentas",{"v":0,"d":"0.00"},{"v":0,"d":"0.00"},{"v":0,"d":"0.00"},{"v":0,"d":"0.00"},{"v":0,"d":"0.00"}]
[2,2,5,1,null,"Alquilleres y rentas de edificios y locales",{"v":0,"d":"0.00"},{"v":0,"d":"0.00"},{"v":0,"d":"0.00"},{"v":0,"d":"0.00"},{"v":0,"d":"0.00"}]
[2,2,5,1,"`01","Alquilleres y rentas de edificios y locales",{"$nulls":3},{"v":0,"d":"0.00"},{"v":0,"d":"0.00"}]
[2,2,5,2,null,"Alquileres de equipos de producción",{"v":0,"d":"0.00"},{"v":0,"d":"0.00"},{"v":0,"d":"0.00"},{"v":0,"d":"0.00"},{"v":0,"d":"0.00"}]
[2,2,5,2,"`01","Alquileres de equipos de producción",{"$nulls":3},{"v":0,"d":"0.00"},{"v":0,"d":"0.00"}]
[2,2,5,3,null,"Alquileres de maquinarias y equipos",{"v":0,"d":"0.00"},{"v":0,"d":"0.00"},{"v":0,"d":"0.00"},{"v":0,"d":"0.00"},{"v":0,"d":"0.00"}]
[2,2,5,3,"`01","Alquiler de equipo educacional",{"$nulls":3},{"v":0,"d":"0.00"},{"v":0,"d":"0.00"}]
[2,2,5,3,"`02","Alquiler de equipo para computación",{"$nulls":3},{"v":0,"d":"0.00"},{"v":0,"d":"0.00"}]
[2,2,5,3,"`03","Alquiler de equipo de comunicación",{"$nulls":3},{"v":0,"d":"0.00"},{"v":0,"d":"0.00"}]
[2,2,5,3,"`04","Alquiler de equipo de oficina y muebles",{"$nulls":3},{"v":0,"d":"0.00"},{"v":0,"d":"0.00"}]
[2,2,5,3,"`05","Alquiler de equipos sanitarios y de laboratorios",{"$nulls":3},{"v":0,"d":"0.00"},{"v":0,"d":"0.00"}]
[2,2,5,4,null,"Alquileres de equipos de transporte, tracción y elevación",{"v":0,"d":"0.00"},{"v":0,"d":"0.00"},{"v":0,"d":"0.00"},{"v":0,"d":"0.00"},{"v":0,"d":"0.00"}]
[2,2,5,4,"`01","Alquileres de equipos de transporte, tracción y elevación",{"$nulls":3},{"v":0,"d":"0.00"},{"v":0,"d":"0.00"}]
[2,2,5,5,null,"Alquiler de tierra",{"v":0,"d":"0.00"},{"v":0,"d":"0.00"},{"v":0,"d":"0.00"},{"v":0,"d":"0.00"},{"v":0,"d":"0.00"}]
[2,2,5,5,"`01","Alquiler de tierra",{"$nulls":3},{"v":0,"d":"0.00"},{"v":0,"d":"0.00"}]
[2,2,5,6,null,"Alquileres de Terrenos",{"v":0,"d":"0.00"},{"v":0,"d":"0.00"},{"v":0,"d":"0.00"},{"v":0,"d":"0.00"},{"v":0,"d":"0.00"}]
[2,2,5,6,"`01","Alquileres de Terrenos",{"$nulls":3},{"v":0,"d":"0.00"},{"v":0,"d":"0.00"}]
[2,2,5,7,null,"Alquileres de equipos de construccion y movimiento de tierra",{"v":0,"d":"0.00"},{"v":0,"d":"0.00"},{"v":0,"d":"0.00"},{"v":0,"d":"0.00"},{"v":0,"d":"0.00"}]
[2,2,5,7,"`01","Alquileres de equipos de construccion y movimiento de tierra",{"$nulls":3},{"v":0,"d":"0.00"},{"v":0,"d":"0.00"}]
[2,2,5,8,null,"Otros alquileres",{"v":0,"d":"0.00"},{"v":0,"d":"0.00"},{"v":0,"d":"0.00"},{"v":0,"d":"0.00"},{"v":0,"d":"0.00"}]
[2,2,5,8,"`01","Otros alquileres",{"$nulls":3},{"v":0,"d":"0.00"},{"v":0,"d":"0.00"}]
[2,2,6,null,null,"Seguros",{"v":0,"d":"0.00"},{"v":0,"d":"0.00"},{"v":0,"d":"0.00"},{"v":0,"d":"0.00"},{"v":0,"d":"0.00"}]
[2,2,6,1,null,"Seguro de bienes inmuebles e infraestructura",{"v":0,"d":"0.00"},{"v":0,"d":"0.00"},{"v":0,"d":"0.00"},{"v":0,"d":"0.00"},{"v":0,"d":"0.00"}]
[2,2,6,1,"`01","Seguro de bienes inmuebles e infraestructura",{"$nulls":3},{"v":0,"d":"0.00"},{"v":0,"d":"0.00"}]
[2,2,6,2,null,"Seguro de bienes muebles",{"v":0,"d":"0.00"},{"v":0,"d":"0.00"},{"v":0,"d":"0.00"},{"v":0,"d":"0.00"},{"v":0,"d":"0.00"}]
[2,2,6,2,"`01","Seguro de bienes muebles",{"$nulls":3},{"v":0,"d":"0.00"},{"v":0,"d":"0.00"}]
[2,2,6,3,null,"Seguros de personas",{"v":0,"d":"0.00"},{"v":0,"d":"0.00"},{"v":0,"d":"0.00"},{"v":0,"d":"0.00"},{"v":0,"d":"0.00"}]
[2,2,6,3,"`01","Seguros de personas",{"$nulls":3},{"v":0,"d":"0.00"},{"v":0,"d":"0.00"}]
[2,2,6,4,null,"Seguros de la producción agrícola",{"v":0,"d":"0.00"},{"v":0,"d":"0.00"},{"v":0,"d":"0.00"},{"v":0,"d":"0.00"},{"v":0,"d":"0.00"}]
[2,2,6,4,"`01","Seguros de la producción agrícola",{"$nulls":3},{"v":0,"d":"0.00"},{"v":0,"d":"0.00"}]
[2,2,6,5,null,"Seguro sobre infraestructura",{"v":0,"d":"0.00"},{"v":0,"d":"0.00"},{"v":0,"d":"0.00"},{"v":0,"d":"0.00"},{"v":0,"d":"0.00"}]
[2,2,6,5,"`01","Seguro sobre infraestructura",{"$nulls":3},{"v":0,"d":"0.00"},{"v":0,"d":"0.00"}]
[2,2,6,6,null,"Seguros sobre bienes de dominio publico",{"v":0,"d":"0.00"},{"v":0,"d":"0.00"},{"v":0,"d":"0.00"},{"v":0,"d":"0.00"},{"v":0,"d":"0.00"}]
[2,2,6,6,"`01","Seguros sobre bienes de dominio publico",{"$nulls":3},{"v":0,"d":"0.00"},{"v":0,"d":"0.00"}]
[2,2,6,7,null,"Seguros sobre bienes historicos y culturales",{"v":0,"d":"0.00"},{"v":0,"d":"0.00"},{"v":0,"d":"0.00"},{"v":0,"d":"0.00"},{"v":0,"d":"0.00"}]
[2,2,6,7,"`01","Seguros sobre bienes historicos y culturales",{"$nulls":3},{"v":0,"d":"0.00"},{"v":0,"d":"0.00"}]
[2,2,6,8,null,"Seguros sobre inventarios de bienes de consumo",{"v":0,"d":"0.00"},{"v":0,"d":"0.00"},{"v":0,"d":"0.00"},{"v":0,"d":"0.00"},{"v":0,"d":"0.00"}]
[2,2,6,8,"`01","Seguros sobre inventarios de bienes de consumo",{"$nulls":3},{"v":0,"d":"0.00"},{"v":0,"d":"0.00"}]
[2,2,6,9,null,"Otros seguros",{"v":0,"d":"0.00"},{"v":0,"d":"0.00"},{"v":0,"d":"0.00"},{"v":0,"d":"0.00"},{"v":0,"d":"0.00"}]
[2,2,6,9,"`01","Otros seguros",{"$nulls":3},{"v":0,"d":"0.00"},{"v":0,"d":"0.00"}]
[2,2,7,null,null,"Servicios de Conservación, Reparaciones Menores e Instalaciones Temporales",{"v":0,"d":"0.00"},{"v":0,"d":"0.00"},{"v":0,"d":"0.00"},{"v":0,"d":"0.00"},{"v":0,"d":"0.00"}]
[2,2,7,1,null,"Contrataciones de obras menores",{"v":0,"d":"0.00"},{"v":0,"d":"0.00"},{"v":0,"d":"0.00"},{"v":0,"d":"0.00"},{"v":0,"d":"0.00"}]
[2,2,7,1,"`01","Obras menores en edificaciones",{"$nulls":3},{"v":0,"d":"0.00"},{"v":0,"d":"0.00"}]
[2,2,7,1,"`02","Servicios especiales de mantenimiento y reparación",{"$nulls":3},{"v":0,"d":"0.00"},{"v":0,"d":"0.00"}]
[2,2,7,1,"`03","Limpieza, desmalezamiento de tierras y terrenos",{"$nulls":3},{"v":0,"d":"0.00"},{"v":0,"d":"0.00"}]
[2,2,7,1,"`04","Mantenimiento y reparación de obras civiles en instalaciones varias",{"$nulls":3},{"v":0,"d":"0.00"},{"v":0,"d":"0.00"}]
[2,2,7,1,"`05","Obras en bienes de dominio público",{"$nulls":3},{"v":0,"d":"0.00"},{"v":0,"d":"0.00"}]
[2,2,7,1,"`06","Instalaciones eléctricas",{"$nulls":3},{"v":0,"d":"0.00"},{"v":0,"d":"0.00"}]
[2,2,7,1,"`07","Servicios de pintura y derivados con fin de higiene y embellecimiento",{"$nulls":3},{"v":0,"d":"0.00"},{"v":0,"d":"0.00"}]
[2,2,7,2,null,"Mantenimientos y reparacion de maquinarias y equipos",{"v":0,"d":"0.00"},{"v":0,"d":"0.00"},{"v":0,"d":"0.00"},{"v":0,"d":"0.00"},{"v":0,"d":"0.00"}]
[2,2,7,2,"`01","Mantenimiento y reparación de equipo de oficina y muebles",{"$nulls":3},{"v":0,"d":"0.00"},{"v":0,"d":"0.00"}]
[2,2,7,2,"`02","Mantenimiento y reparación de equipo para computación",{"$nulls":3},{"v":0,"d":"0.00"},{"v":0,"d":"0.00"}]
[2,2,7,2,"`03","Mantenimiento y reparación de equipo de educacional",{"$nulls":3},{"v":0,"d":"0.00"},{"v":0,"d":"0.00"}]
[2,2,7,2,"`04","Mantenimiento y reparación de equipos sanitarios y de laboratorio",{"$nulls":3},{"v":0,"d":"0.00"},{"v":0,"d":"0.00"}]
[2,2,7,2,"`05","Mantenimiento y reparación de equipos de comunicación",{"$nulls":3},{"v":0,"d":"0.00"},{"v":0,"d":"0.00"}]
[2,2,7,2,"`06","Mantenimiento y reparación de equipos de transporte, tracción y elevación",{"$nulls":3},{"v":0,"d":"0.00"},{"v":0,"d":"0.00"}]
[2,2,7,3,null,"Instalaciones temporales",{"v":0,"d":"0.00"},{"v":0,"d":"0.00"},{"v":0,"d":"0.00"},{"v":0,"d":"0.00"},{"v":0,"d":"0.00"}]
[2,2,7,3,"`01","Instalaciones temporales",{"$nulls":3},{"v":0,"d":"0.00"},{"v":0,"d":"0.00"}]
[2,2,8,null,null,"Otros Servicios No Incluidos en conceptos anteriores",{"v":0,"d":"0.00"},{"v":0,"d":"0.00"},{"v":0,"d":"0.00"},{"v":0,"d":"0.00"},{"v":0,"d":"0.00"}]
[2,2,8,1,null,"Gastos judiciales",{"v":0,"d":"0.00"},{"v":0,"d":"0.00"},{"v":0,"d":"0.00"},{"v":0,"d":"0.00"},{"v":0,"d":"0.00"}]
[2,2,8,1,"`01","Gastos judiciales",{"$nulls":3},{"v":0,"d":"0.00"},{"v":0,"d":"0.00"}]
[2,2,8,2,null,"Comisiones y gastos bancarios",{"v":0,"d":"0.00"},{"v":0,"d":"0.00"},{"v":0,"d":"0.00"},{"v":0,"d":"0.00"},{"v":0,"d":"0.00"}]
[2,2,8,2,"`01","Comisiones y gastos bancarios",{"$nulls":3},{"v":0,"d":"0.00"},{"v":0,"d":"0.00"}]
[2,2,8,3,null,"Servicios sanitarios médicos y veterinarios",{"v":0,"d":"0.00"},{"v":0,"d":"0.00"},{"v":0,"d":"0.00"},{"v":0,"d":"0.00"},{"v":0,"d":"0.00"}]
[2,2,8,3,"`01","Servicios sanitarios médicos y veterinarios",{"$nulls":3},{"v":0,"d":"0.00"},{"v":0,"d":"0.00"}]
[2,2,8,4,null,"Servicios funerarios y gastos conexos",{"v":0,"d":"0.00"},{"v":0,"d":"0.00"},{"v":0,"d":"0.00"},{"v":0,"d":"0.00"},{"v":0,"d":"0.00"}]
[2,2,8,4,"`01","Servicios funerarios y gastos conexos",{"$nulls":3},{"v":0,"d":"0.00"},{"v":0,"d":"0.00"}]
[2,2,8,5,null,"Fumigación, lavandería, limpieza e higiene",{"v":0,"d":"0.00"},{"v":0,"d":"0.00"},{"v":0,"d":"0.00"},{"v":0,"d":"0.00"},{"v":0,"d":"0.00"}]
[2,2,8,5,"`01","Fumigación",{"$nulls":3},{"v":0,"d":"0.00"},{"v":0,"d":"0.00"}]
[2,2,8,5,"`02","Lavandería",{"$nulls":3},{"v":0,"d":"0.00"},{"v":0,"d":"0.00"}]
[2,2,8,5,"`03","Limpieza e higiene",{"$nulls":3},{"v":0,"d":"0.00"},{"v":0,"d":"0.00"}]
[2,2,8,6,null,"Organización de eventos y festividades",{"v":0,"d":"0.00"},{"v":0,"d":"0.00"},{"v":0,"d":"0.00"},{"v":0,"d":"0.00"},{"v":0,"d":"0.00"}]
[2,2,8,6,"`01","Eventos generals",{"$nulls":3},{"v":0,"d":"0.00"},{"v":0,"d":"0.00"}]
[2,2,8,6,"`02","Festividades",{"$nulls":3},{"v":0,"d":"0.00"},{"v":0,"d":"0.00"}]
[2,2,8,6,"`03","Actuaciones deportivas",{"$nulls":3},{"v":0,"d":"0.00"},{"v":0,"d":"0.00"}]
[2,2,8,6,"`04","Actuaciones artísticas",{"$nulls":3},{"v":0,"d":"0.00"},{"v":0,"d":"0.00"}]
[2,2,8,7,null,"Servicios Técnicos y Profesionales",{"v":0,"d":"0.00"},{"v":0,"d":"0.00"},{"v":0,"d":"0.00"},{"v":0,"d":"0.00"},{"v":0,"d":"0.00"}]
[2,2,8,7,"`01","Estudios, investigaciones y análisis de factibilidad",{"$nulls":3},{"v":0,"d":"0.00"},{"v":0,"d":"0.00"}]
[2,2,8,7,"`02","Servicios jurídicos",{"$nulls":3},{"v":0,"d":"0.00"},{"v":0,"d":"0.00"}]
[2,2,8,7,"`03","Servicios de contabilidad y auditoría",{"$nulls":3},{"v":0,"d":"0.00"},{"v":0,"d":"0.00"}]
[2,2,8,7,"`04","Servicios de capacitación",{"$nulls":3},{"v":0,"d":"0.00"},{"v":0,"d":"0.00"}]
[2,2,8,7,"`05","Servicios de informática y sistemas computarizados",{"$nulls":3},{"v":0,"d":"0.00"},{"v":0,"d":"0.00"}]
[2,2,8,7,"`06","Otros servicios técnicos profesionales",{"$nulls":3},{"v":0,"d":"0.00"},{"v":0,"d":"0.00"}]
[2,2,8,8,null,"Impuestos, derechos y tasas",{"v":0,"d":"0.00"},{"v":0,"d":"0.00"},{"v":0,"d":"0.00"},{"v":0,"d":"0.00"},{"v":0,"d":"0.00"}]
[2,2,8,8,"`01","Impuestos",{"$nulls":3},{"v":0,"d":"0.00"},{"v":0,"d":"0.00"}]
[2,2,8,8,"`02","Derechos",{"$nulls":3},{"v":0,"d":"0.00"},{"v":0,"d":"0.00"}]
[2,2,8,8,"`03","Tasas",{"$nulls":3},{"v":0,"d":"0.00"},{"v":0,"d":"0.00"}]
[2,2,8,9,null,"Otros gastos operativos",{"v":0,"d":"0.00"},{"v":0,"d":"0.00"},{"v":0,"d":"0.00"},{"v":0,"d":"0.00"},{"v":0,"d":"0.00"}]
[2,2,8,9,"`01","Interes devengados internos por instituciones financieras",{"$nulls":3},{"v":0,"d":"0.00"},{"v":0,"d":"0.00"}]
[2,2,8,9,"`02","Interes devengados externos por instituciones financieras",{"$nulls":3},{"v":0,"d":"0.00"},{"v":0,"d":"0.00"}]
[2,2,8,9,"`03","Premios de billetes y quinielas de la Lotería Nacional",{"$nulls":3},{"v":0,"d":"0.00"},{"v":0,"d":"0.00"}]
[2,2,8,9,"`04","Otros gastos por indemnizaciones y compensaciones",{"$nulls":3},{"v":0,"d":"0.00"},{"v":0,"d":"0.00"}]
[2,2,8,9,"`05","Otros gastos operativos de instituciones empresariales",{"$nulls":3},{"v":0,"d":"0.00"},{"v":0,"d":"0.00"}]
[2,3,{"$nulls":3},"Materiales y Suministros",{"v":0,"d":"0.00"},{"v":3000,"d":"3,000.00"},{"v":0,"d":"0.00"},{"v":3000,"d":"3,000.00"},{"v":0.007385160750332332,"d":"0.01"}]
[2,3,1,null,null,"Alimentos y Productos Agroforestales",{"v":0,"d":"0.00"},{"v":0,"d":"0.00"},{"v":0,"d":"0.00"},{"v":0,"d":"0.00"},{"v":0,"d":"0.00"}]
[2,3,1,1,null,"Alimentos y bebidas para personas",{"v":0,"d":"0.00"},{"v":0,"d":"0.00"},{"v":0,"d":"0.00"},{"v":0,"d":"0.00"},{"v":0,"d":"0.00"}]
[2,3,1,1,"`01","Alimentos y bebidas para personas",{"$nulls":3},{"v":0,"d":"0.00"},{"v":0,"d":"0.00"}]
[2,3,1,1,"`02","Desayuno escolar",{"$nulls":3},{"v":0,"d":"0.00"},{"v":0,"d":"0.00"}]
[2,3,1,2,null,"Alimentos para animales",{"v":0,"d":"0.00"},{"v":0,"d":"0.00"},{"v":0,"d":"0.00"},{"v":0,"d":"0.00"},{"v":0,"d":"0.00"}]
[2,3,1,2,"`01","Alimentos para animales",{"$nulls":3},{"v":0,"d":"0.00"},{"v":0,"d":"0.00"}]
[2,3,1,3,null,"Productos agroforestales y pecuarios",{"v":0,"d":"0.00"},{"v":0,"d":"0.00"},{"v":0,"d":"0.00"},{"v":0,"d":"0.00"},{"v":0,"d":"0.00"}]
[2,3,1,3,"`01","Productos pecuarios",{"$nulls":3},{"v":0,"d":"0.00"},{"v":0,"d":"0.00"}]
[2,3,1,3,"`02","Productos agrícolas",{"$nulls":3},{"v":0,"d":"0.00"},{"v":0,"d":"0.00"}]
[2,3,1,3,"`03","Productos forestales",{"$nulls":3},{"v":0,"d":"0.00"},{"v":0,"d":"0.00"}]
[2,3,1,4,null,"Madera, corcho y sus manufacturas",{"v":0,"d":"0.00"},{"v":0,"d":"0.00"},{"v":0,"d":"0.00"},{"v":0,"d":"0.00"},{"v":0,"d":"0.00"}]
[2,3,1,4,"`01","Madera, corcho y sus manufacturas",{"$nulls":3},{"v":0,"d":"0.00"},{"v":0,"d":"0.00"}]
[2,3,2,null,null,"Textiles y Vestuarios",{"v":0,"d":"0.00"},{"v":0,"d":"0.00"},{"v":0,"d":"0.00"},{"v":0,"d":"0.00"},{"v":0,"d":"0.00"}]
[2,3,2,1,null,"Hilados y telas",{"v":0,"d":"0.00"},{"v":0,"d":"0.00"},{"v":0,"d":"0.00"},{"v":0,"d":"0.00"},{"v":0,"d":"0.00"}]
[2,3,2,1,"`01","Hilados y telas",{"$nulls":3},{"v":0,"d":"0.00"},{"v":0,"d":"0.00"}]
[2,3,2,2,null,"Acabados textiles",{"v":0,"d":"0.00"},{"v":0,"d":"0.00"},{"v":0,"d":"0.00"},{"v":0,"d":"0.00"},{"v":0,"d":"0.00"}]
[2,3,2,2,"`01","Acabados textiles",{"$nulls":3},{"v":0,"d":"0.00"},{"v":0,"d":"0.00"}]
[2,3,2,3,null,"Prendas de vestir",{"v":0,"d":"0.00"},{"v":0,"d":"0.00"},{"v":0,"d":"0.00"},{"v":0,"d":"0.00"},{"v":0,"d":"0.00"}]
[2,3,2,3,"`01","Prendas de vestir",{"$nulls":3},{"v":0,"d":"0.00"},{"v":0,"d":"0.00"}]
[2,3,2,4,null,"Calzados",{"v":0,"d":"0.00"},{"v":0,"d":"0.00"},{"v":0,"d":"0.00"},{"v":0,"d":"0.00"},{"v":0,"d":"0.00"}]
[2,3,2,4,"`01","Calzados",{"$nulls":3},{"v":0,"d":"0.00"},{"v":0,"d":"0.00"}]
[2,3,3,null,null,"Productos de Papel, Cartón e Impresos",{"v":0,"d":"0.00"},{"v":0,"d":"0.00"},{"v":0,"d":"0.00"},{"v":0,"d":"0.00"},{"v":0,"d":"0.00"}]
[2,3,3,1,null,"Papel de escritorio",{"v":0,"d":"0.00"},{"v":0,"d":"0.00"},{"v":0,"d":"0.00"},{"v":0,"d":"0.00"},{"v":0,"d":"0.00"}]
[2,3,3,1,"`01","Papel de escritorio",{"$nulls":3},{"v":0,"d":"0.00"},{"v":0,"d":"0.00"}]
[2,3,3,2,null,"Productos de papel y cartón",{"v":0,"d":"0.00"},{"v":0,"d":"0.00"},{"v":0,"d":"0.00"},{"v":0,"d":"0.00"},{"v":0,"d":"0.00"}]
[2,3,3,2,"`01","Productos de papel y cartón",{"$nulls":3},{"v":0,"d":"0.00"},{"v":0,"d":"0.00"}]
[2,3,3,3,null,"Productos de artes gráficas",{"v":0,"d":"0.00"},{"v":0,"d":"0.00"},{"v":0,"d":"0.00"},{"v":0,"d":"0.00"},{"v":0,"d":"0.00"}]
[2,3,3,3,"`01","Productos de artes gráficas",{"$nulls":3},{"v":0,"d":"0.00"},{"v":0,"d":"0.00"}]
[2,3,3,4,null,"Libros, revistas y periódicos",{"v":0,"d":"0.00"},{"v":0,"d":"0.00"},{"v":0,"d":"0.00"},{"v":0,"d":"0.00"},{"v":0,"d":"0.00"}]
[2,3,3,4,"`01","Libros, revistas y periódicos",{"$nulls":3},{"v":0,"d":"0.00"},{"v":0,"d":"0.00"}]
[2,3,3,5,null,"Textos de enseñanza",{"v":0,"d":"0.00"},{"v":0,"d":"0.00"},{"v":0,"d":"0.00"},{"v":0,"d":"0.00"},{"v":0,"d":"0.00"}]
[2,3,3,5,"`01","Textos de enseñanza",{"$nulls":3},{"v":0,"d":"0.00"},{"v":0,"d":"0.00"}]
[2,3,3,6,null,"Especies timbrados y valoradas",{"v":0,"d":"0.00"},{"v":0,"d":"0.00"},{"v":0,"d":"0.00"},{"v":0,"d":"0.00"},{"v":0,"d":"0.00"}]
[2,3,3,6,"`01","Especies timbrados y valoradas",{"$nulls":3},{"v":0,"d":"0.00"},{"v":0,"d":"0.00"}]
[2,3,4,null,null,"Productos Farmacéuticos",{"v":0,"d":"0.00"},{"v":0,"d":"0.00"},{"v":0,"d":"0.00"},{"v":0,"d":"0.00"},{"v":0,"d":"0.00"}]
[2,3,4,1,null,"Productos medicinales para uso humano",{"v":0,"d":"0.00"},{"v":0,"d":"0.00"},{"v":0,"d":"0.00"},{"v":0,"d":"0.00"},{"v":0,"d":"0.00"}]
[2,3,4,1,"`01","Productos medicinales para uso humano",{"$nulls":3},{"v":0,"d":"0.00"},{"v":0,"d":"0.00"}]
[2,3,4,2,null,"Productos medicinales para uso veterinario",{"v":0,"d":"0.00"},{"v":0,"d":"0.00"},{"v":0,"d":"0.00"},{"v":0,"d":"0.00"},{"v":0,"d":"0.00"}]
[2,3,4,2,"`01","Productos medicinales para uso veterinario",{"$nulls":3},{"v":0,"d":"0.00"},{"v":0,"d":"0.00"}]
[2,3,5,null,null,"Productos de Cuero, Caucho y Plasticos",{"v":0,"d":"0.00"},{"v":0,"d":"0.00"},{"v":0,"d":"0.00"},{"v":0,"d":"0.00"},{"v":0,"d":"0.00"}]
[2,3,5,1,null,"Cueros y pieles",{"v":0,"d":"0.00"},{"v":0,"d":"0.00"},{"v":0,"d":"0.00"},{"v":0,"d":"0.00"},{"v":0,"d":"0.00"}]
[2,3,5,1,"`01","Cueros y pieles",{"$nulls":3},{"v":0,"d":"0.00"},{"v":0,"d":"0.00"}]
[2,3,5,2,null,"Artículos de cuero",{"v":0,"d":"0.00"},{"v":0,"d":"0.00"},{"v":0,"d":"0.00"},{"v":0,"d":"0.00"},{"v":0,"d":"0.00"}]
[2,3,5,2,"`01","Artículos de cuero",{"$nulls":3},{"v":0,"d":"0.00"},{"v":0,"d":"0.00"}]
[2,3,5,3,null,"Llantas y neumáticos",{"v":0,"d":"0.00"},{"v":0,"d":"0.00"},{"v":0,"d":"0.00"},{"v":0,"d":"0.00"},{"v":0,"d":"0.00"}]
[2,3,5,3,"`01","Llantas y neumáticos",{"$nulls":3},{"v":0,"d":"0.00"},{"v":0,"d":"0.00"}]
[2,3,5,4,null,"Artículos de caucho",{"v":0,"d":"0.00"},{"v":0,"d":"0.00"},{"v":0,"d":"0.00"},{"v":0,"d":"0.00"},{"v":0,"d":"0.00"}]
[2,3,5,4,"`01","Artículos de caucho",{"$nulls":3},{"v":0,"d":"0.00"},{"v":0,"d":"0.00"}]
[2,3,5,5,null,"Artículos de plástico ",{"v":0,"d":"0.00"},{"v":0,"d":"0.00"},{"v":0,"d":"0.00"},{"v":0,"d":"0.00"},{"v":0,"d":"0.00"}]
[2,3,5,5,"`01","Artículos de plástico",{"$nulls":3},{"v":0,"d":"0.00"},{"v":0,"d":"0.00"}]
[2,3,6,null,null,"Productos de Minerales, Metalicos y No Metalicos",{"v":0,"d":"0.00"},{"v":0,"d":"0.00"},{"v":0,"d":"0.00"},{"v":0,"d":"0.00"},{"v":0,"d":"0.00"}]
[2,3,6,1,null,"Productos de cemento, cal, asbesto, yeso y arcilla",{"v":0,"d":"0.00"},{"v":0,"d":"0.00"},{"v":0,"d":"0.00"},{"v":0,"d":"0.00"},{"v":0,"d":"0.00"}]
[2,3,6,1,"`01","Productos de cemento",{"$nulls":3},{"v":0,"d":"0.00"},{"v":0,"d":"0.00"}]
[2,3,6,1,"`02","Productos de cal",{"$nulls":3},{"v":0,"d":"0.00"},{"v":0,"d":"0.00"}]
[2,3,6,1,"`03","Productos de asbestos",{"$nulls":3},{"v":0,"d":"0.00"},{"v":0,"d":"0.00"}]
[2,3,6,1,"`04","Productos de yeso",{"$nulls":3},{"v":0,"d":"0.00"},{"v":0,"d":"0.00"}]
[2,3,6,1,"`05","Productos de arcilla y derivados",{"$nulls":3},{"v":0,"d":"0.00"},{"v":0,"d":"0.00"}]
[2,3,6,2,null,"Productos de vidrio, loza y porcelana",{"v":0,"d":"0.00"},{"v":0,"d":"0.00"},{"v":0,"d":"0.00"},{"v":0,"d":"0.00"},{"v":0,"d":"0.00"}]
[2,3,6,2,"`01","Productos de vidrio",{"$nulls":3},{"v":0,"d":"0.00"},{"v":0,"d":"0.00"}]
[2,3,6,2,"`02","Productos de loza",{"$nulls":3},{"v":0,"d":"0.00"},{"v":0,"d":"0.00"}]
[2,3,6,2,"`03","Productos de porcelana",{"$nulls":3},{"v":0,"d":"0.00"},{"v":0,"d":"0.00"}]
[2,3,6,3,null,"Productos metálicos y sus derivados",{"v":0,"d":"0.00"},{"v":0,"d":"0.00"},{"v":0,"d":"0.00"},{"v":0,"d":"0.00"},{"v":0,"d":"0.00"}]
[2,3,6,3,"`01","Productos ferrosos",{"$nulls":3},{"v":0,"d":"0.00"},{"v":0,"d":"0.00"}]
[2,3,6,3,"`02","Productos no ferrosos",{"$nulls":3},{"v":0,"d":"0.00"},{"v":0,"d":"0.00"}]
[2,3,6,3,"`03","Estructuras metálicas acabadas",{"$nulls":3},{"v":0,"d":"0.00"},{"v":0,"d":"0.00"}]
[2,3,6,3,"`04","Herramientas menores",{"$nulls":3},{"v":0,"d":"0.00"},{"v":0,"d":"0.00"}]
[2,3,6,3,"`05","Productos de hojalata",{"$nulls":3},{"v":0,"d":"0.00"},{"v":0,"d":"0.00"}]
[2,3,6,3,"`06","Accesorios de metal",{"$nulls":3},{"v":0,"d":"0.00"},{"v":0,"d":"0.00"}]
[2,3,6,4,null,"Minerales",{"v":0,"d":"0.00"},{"v":0,"d":"0.00"},{"v":0,"d":"0.00"},{"v":0,"d":"0.00"},{"v":0,"d":"0.00"}]
[2,3,6,4,"`01","Minerales metalíferos",{"$nulls":3},{"v":0,"d":"0.00"},{"v":0,"d":"0.00"}]
[2,3,6,4,"`02","Petróleo crudo",{"$nulls":3},{"v":0,"d":"0.00"},{"v":0,"d":"0.00"}]
[2,3,6,4,"`03","Carbon mineral",{"$nulls":3},{"v":0,"d":"0.00"},{"v":0,"d":"0.00"}]
[2,3,6,4,"`04","Piedra, arcilla y arena",{"$nulls":3},{"v":0,"d":"0.00"},{"v":0,"d":"0.00"}]
[2,3,6,4,"`05","Productos aislantes",{"$nulls":3},{"v":0,"d":"0.00"},{"v":0,"d":"0.00"}]
[2,3,6,4,"`06","Productos abrasivos",{"$nulls":3},{"v":0,"d":"0.00"},{"v":0,"d":"0.00"}]
[2,3,6,4,"`07","Otros minerales",{"$nulls":3},{"v":0,"d":"0.00"},{"v":0,"d":"0.00"}]
[2,3,6,9,null,"Otros Productos Minerales no metálicos",{"v":0,"d":"0.00"},{"v":0,"d":"0.00"},{"v":0,"d":"0.00"},{"v":0,"d":"0.00"},{"v":0,"d":"0.00"}]
[2,3,6,9,"`01","Otros Productos Minerales no metálicos",{"$nulls":3},{"v":0,"d":"0.00"},{"v":0,"d":"0.00"}]
[2,3,7,null,null,"Combustibles, Lubricantes, Productos Químicos y Conexos",{"v":0,"d":"0.00"},{"v":3000,"d":"3,000.00"},{"v":0,"d":"0.00"},{"v":3000,"d":"3,000.00"},{"v":0.007385160750332332,"d":"0.01"}]
[2,3,7,1,null,"Combustibles y lubricantes",{"v":0,"d":"0.00"},{"v":3000,"d":"3,000.00"},{"v":0,"d":"0.00"},{"v":3000,"d":"3,000.00"},{"v":0.007385160750332332,"d":"0.01"}]
[2,3,7,1,"`01","Gasolina",{"$nulls":3},{"v":0,"d":"0.00"},{"v":0,"d":"0.00"}]
[2,3,7,1,"`02","Gasoil",null,{"v":3000,"d":"3,000.00"},null,{"v":3000,"d":"3,000.00"},{"v":0.007385160750332332,"d":"0.01"}]
[2,3,7,1,"`03","Kerosén",{"$nulls":3},{"v":0,"d":"0.00"},{"v":0,"d":"0.00"}]
[2,3,7,1,"`04","Gas GLP",{"$nulls":3},{"v":0,"d":"0.00"},{"v":0,"d":"0.00"}]
[2,3,7,1,"`05","Aceites y Grasas",{"$nulls":3},{"v":0,"d":"0.00"},{"v":0,"d":"0.00"}]
[2,3,7,1,"`06","Lubricantes",{"$nulls":3},{"v":0,"d":"0.00"},{"v":0,"d":"0.00"}]
[2,3,7,1,"`07","Gas Natural",{"$nulls":3},{"v":0,"d":"0.00"},{"v":0,"d":"0.00"}]
[2,3,7,2,null,"Productos químicos y conexos",{"v":0,"d":"0.00"},{"v":0,"d":"0.00"},{"v":0,"d":"0.00"},{"v":0,"d":"0.00"},{"v":0,"d":"0.00"}]
[2,3,7,2,"`01","Productos explosivos y Pirotecnia",{"$nulls":3},{"v":0,"d":"0.00"},{"v":0,"d":"0.00"}]
[2,3,7,2,"`02","Productos Fotoquímicos",{"$nulls":3},{"v":0,"d":"0.00"},{"v":0,"d":"0.00"}]
[2,3,7,2,"`03","Productos Químicos de uso Personal",{"$nulls":3},{"v":0,"d":"0.00"},{"v":0,"d":"0.00"}]
[2,3,7,2,"`04","Abonos y Fertilizantes",{"$nulls":3},{"v":0,"d":"0.00"},{"v":0,"d":"0.00"}]
[2,3,7,2,"`05","Insecticidas, Fumigantes y Otros",{"$nulls":3},{"v":0,"d":"0.00"},{"v":0,"d":"0.00"}]
[2,3,7,2,"`06","Pinturas, Lacas, Barnices, Diluyentes y Absorbentes para Pinturas",{"$nulls":3},{"v":0,"d":"0.00"},{"v":0,"d":"0.00"}]
[2,3,8,null,null,"Gastos que se asignaran durante el ejercicio ( Art. 32-33 Ley 423-06)",{"v":0,"d":"0.00"},{"v":0,"d":"0.00"},{"v":0,"d":"0.00"},{"v":0,"d":"0.00"},{"v":0,"d":"0.00"}]
[2,3,8,1,null,"5 % que se asignara durante el ejercicio para gastos corrientes",{"v":0,"d":"0.00"},{"v":0,"d":"0.00"},{"v":0,"d":"0.00"},{"v":0,"d":"0.00"},{"v":0,"d":"0.00"}]
[2,3,8,1,"`01","5 % que se asignara durante el ejercicio para gastos corrientes",{"$nulls":3},{"v":0,"d":"0.00"},{"v":0,"d":"0.00"}]
[2,3,8,2,null,"1 % que se asignara durante el ejercicio para gastos corrientes por calamidad publica",{"v":0,"d":"0.00"},{"v":0,"d":"0.00"},{"v":0,"d":"0.00"},{"v":0,"d":"0.00"},{"v":0,"d":"0.00"}]
[2,3,8,2,"`01","1 % que se asignara durante el ejercicio para gastos corrientes por calamidad publica",{"$nulls":3},{"v":0,"d":"0.00"},{"v":0,"d":"0.00"}]
[2,3,9,null,null,"Productos y Utiles Varios",{"v":0,"d":"0.00"},{"v":0,"d":"0.00"},{"v":0,"d":"0.00"},{"v":0,"d":"0.00"},{"v":0,"d":"0.00"}]
[2,3,9,1,null,"Material para limpieza",{"v":0,"d":"0.00"},{"v":0,"d":"0.00"},{"v":0,"d":"0.00"},{"v":0,"d":"0.00"},{"v":0,"d":"0.00"}]
[2,3,9,1,"`01","Material para limpieza",{"$nulls":3},{"v":0,"d":"0.00"},{"v":0,"d":"0.00"}]
[2,3,9,2,null,"Utiles de escritorio, oficina informática y de enseñanza",{"v":0,"d":"0.00"},{"v":0,"d":"0.00"},{"v":0,"d":"0.00"},{"v":0,"d":"0.00"},{"v":0,"d":"0.00"}]
[2,3,9,2,"`01","Utiles de escritorio, oficina informática y de enseñanza",{"$nulls":3},{"v":0,"d":"0.00"},{"v":0,"d":"0.00"}]
[2,3,9,3,null,"Utiles menores médico quirùrgicos",{"v":0,"d":"0.00"},{"v":0,"d":"0.00"},{"v":0,"d":"0.00"},{"v":0,"d":"0.00"},{"v":0,"d":"0.00"}]
[2,3,9,3,"`01","Utiles menores médico quirùrgicos",{"$nulls":3},{"v":0,"d":"0.00"},{"v":0,"d":"0.00"}]
[2,3,9,4,null,"Utiles destinados a actividades deportivas y recreativas",{"v":0,"d":"0.00"},{"v":0,"d":"0.00"},{"v":0,"d":"0.00"},{"v":0,"d":"0.00"},{"v":0,"d":"0.00"}]
[2,3,9,4,"`01","Utiles destinados a actividades deportivas y recreativas",{"$nulls":3},{"v":0,"d":"0.00"},{"v":0,"d":"0.00"}]
[2,3,9,5,null,"Utiles de cocina y comedor",{"v":0,"d":"0.00"},{"v":0,"d":"0.00"},{"v":0,"d":"0.00"},{"v":0,"d":"0.00"},{"v":0,"d":"0.00"}]
[2,3,9,5,"`01","Utiles de cocina y comedor",{"$nulls":3},{"v":0,"d":"0.00"},{"v":0,"d":"0.00"}]
[2,3,9,6,null,"Productos eléctricos y afines",{"v":0,"d":"0.00"},{"v":0,"d":"0.00"},{"v":0,"d":"0.00"},{"v":0,"d":"0.00"},{"v":0,"d":"0.00"}]
[2,3,9,6,"`01","Productos eléctricos y afines",{"$nulls":3},{"v":0,"d":"0.00"},{"v":0,"d":"0.00"}]
[2,3,9,7,null,"Productos y útiles veterinarios",{"v":0,"d":"0.00"},{"v":0,"d":"0.00"},{"v":0,"d":"0.00"},{"v":0,"d":"0.00"},{"v":0,"d":"0.00"}]
[2,3,9,7,"`01","Productos y útiles veterinarios",{"$nulls":3},{"v":0,"d":"0.00"},{"v":0,"d":"0.00"}]
[2,3,9,8,null,"Otros repuestos y accesorios menores",{"v":0,"d":"0.00"},{"v":0,"d":"0.00"},{"v":0,"d":"0.00"},{"v":0,"d":"0.00"},{"v":0,"d":"0.00"}]
[2,3,9,8,"`01","Otros repuestos y accesorios menores",{"$nulls":3},{"v":0,"d":"0.00"},{"v":0,"d":"0.00"}]
[2,3,9,9,null,"Productos y útiles varios n.i.p.",{"v":0,"d":"0.00"},{"v":0,"d":"0.00"},{"v":0,"d":"0.00"},{"v":0,"d":"0.00"},{"v":0,"d":"0.00"}]
[2,3,9,9,"`01","Productos y útiles varios n.i.p.",{"$nulls":3},{"v":0,"d":"0.00"},{"v":0,"d":"0.00"}]
[2,4,{"$nulls":3},"Transferencias Corrientes",{"v":0,"d":"0.00"},{"v":0,"d":"0.00"},{"v":0,"d":"0.00"},{"v":0,"d":"0.00"},{"v":0,"d":"0.00"}]
[2,4,1,null,null," Transferencias Corrientes Al Sector Privado",{"v":0,"d":"0.00"},{"v":0,"d":"0.00"},{"v":0,"d":"0.00"},{"v":0,"d":"0.00"},{"v":0,"d":"0.00"}]
[2,4,1,1,null," Prestaciones A La Seguridad Social",{"v":0,"d":"0.00"},{"v":0,"d":"0.00"},{"v":0,"d":"0.00"},{"v":0,"d":"0.00"},{"v":0,"d":"0.00"}]
[2,4,1,1,"`01","Pensiones",{"$nulls":3},{"v":0,"d":"0.00"},{"v":0,"d":"0.00"}]
[2,4,1,1,"`02","Jubilaciones",{"$nulls":3},{"v":0,"d":"0.00"},{"v":0,"d":"0.00"}]
[2,4,1,1,"`03","Indemnización Laboral",{"$nulls":3},{"v":0,"d":"0.00"},{"v":0,"d":"0.00"}]
[2,4,1,2,null,"Ayudas Y Donaciones A Personas",{"v":0,"d":"0.00"},{"v":0,"d":"0.00"},{"v":0,"d":"0.00"},{"v":0,"d":"0.00"},{"v":0,"d":"0.00"}]
[2,4,1,2,"`01","Ayudas Y Donaciones Programadas A Hogares Y Personas",{"$nulls":3},{"v":0,"d":"0.00"},{"v":0,"d":"0.00"}]
[2,4,1,2,"`02","Ayudas Y Donaciones Ocasionales A Hogares Y Personas",{"$nulls":3},{"v":0,"d":"0.00"},{"v":0,"d":"0.00"}]
[2,4,1,2,"`03","Programa De Repitencia Escolar",{"$nulls":3},{"v":0,"d":"0.00"},{"v":0,"d":"0.00"}]
[2,4,1,4,null,"Becas y viajes de estudios",{"v":0,"d":"0.00"},{"v":0,"d":"0.00"},{"v":0,"d":"0.00"},{"v":0,"d":"0.00"},{"v":0,"d":"0.00"}]
[2,4,1,4,"`01","Becas Nacionales",{"$nulls":3},{"v":0,"d":"0.00"},{"v":0,"d":"0.00"}]
[2,4,1,4,"`02","Becas extranjeras",{"$nulls":3},{"v":0,"d":"0.00"},{"v":0,"d":"0.00"}]
[2,4,1,5,null,"Transferencias corrientes a empresas del sector privado ",{"v":0,"d":"0.00"},{"v":0,"d":"0.00"},{"v":0,"d":"0.00"},{"v":0,"d":"0.00"},{"v":0,"d":"0.00"}]
[2,4,1,5,"`01","Transferencias corrientes a empresas del sector privado ",{"$nulls":3},{"v":0,"d":"0.00"},{"v":0,"d":"0.00"}]
[2,4,1,6,null,"Transferencias corrientes a Asociaciones sin fines de lucro y partidos políticos",{"v":0,"d":"0.00"},{"v":0,"d":"0.00"},{"v":0,"d":"0.00"},{"v":0,"d":"0.00"},{"v":0,"d":"0.00"}]
[2,4,1,6,"`01","Transferencias corrientes a Asociaciones sin fines de lucro",{"$nulls":3},{"v":0,"d":"0.00"},{"v":0,"d":"0.00"}]
[2,4,2,null,null," Transferencias Corrientes Al Gob. Gral Nacional",{"v":0,"d":"0.00"},{"v":0,"d":"0.00"},{"v":0,"d":"0.00"},{"v":0,"d":"0.00"},{"v":0,"d":"0.00"}]
[2,4,2,1,null,"Aportaciones instituciones del gobierno central",{"v":0,"d":"0.00"},{"v":0,"d":"0.00"},{"v":0,"d":"0.00"},{"v":0,"d":"0.00"},{"v":0,"d":"0.00"}]
[2,4,2,1,"`01","Aportaciones corrientes al Poder Ejecutivo",{"$nulls":3},{"v":0,"d":"0.00"},{"v":0,"d":"0.00"}]
[2,4,2,2,null,"Transferencias corrientes a instituciones descentralizadas y autonomas no financieras.",{"v":0,"d":"0.00"},{"v":0,"d":"0.00"},{"v":0,"d":"0.00"},{"v":0,"d":"0.00"},{"v":0,"d":"0.00"}]
[2,4,2,2,"`01","Transferencias corrientes a instituciones descentralizadas y autonomas no financieras para servicios personales.",{"$nulls":3},{"v":0,"d":"0.00"},{"v":0,"d":"0.00"}]
[2,4,2,2,"`02","Otras transferencias corrientes a instituciones descentralizadas y autonomas no financieras. ",{"$nulls":3},{"v":0,"d":"0.00"},{"v":0,"d":"0.00"}]
[2,4,2,2,"`03","Transferencias corrientes a instituciones descentralizadas y autonomas no financieras para pago de electricidad no cortable.",{"$nulls":3},{"v":0,"d":"0.00"},{"v":0,"d":"0.00"}]
[2,4,2,3,null,"Transferencias corrientes a instituciones públicas de la seguridad social",{"v":0,"d":"0.00"},{"v":0,"d":"0.00"},{"v":0,"d":"0.00"},{"v":0,"d":"0.00"},{"v":0,"d":"0.00"}]
[2,4,2,3,"`01","Transferencias corrientes a instituciones públicas de la seguridad social para servicios personales.",{"$nulls":3},{"v":0,"d":"0.00"},{"v":0,"d":"0.00"}]
[2,4,2,3,"`02","Otras transferencias corrientes a instituciones públicas de la seguridad social",{"$nulls":3},{"v":0,"d":"0.00"},{"v":0,"d":"0.00"}]
[2,4,2,3,"`03","Transferencias corrientes ainstituciones públicas de la seguridad social para pago de electricidad no cortable.",{"$nulls":3},{"v":0,"d":"0.00"},{"v":0,"d":"0.00"}]
[2,4,4,null,null,"Transferenxcias corrientes a empresas públicas no financieras ",{"v":0,"d":"0.00"},{"v":0,"d":"0.00"},{"v":0,"d":"0.00"},{"v":0,"d":"0.00"},{"v":0,"d":"0.00"}]
[2,4,4,1,null,"Transferenxcias corrientes a empresas públicas no financieras nacionales",{"v":0,"d":"0.00"},{"v":0,"d":"0.00"},{"v":0,"d":"0.00"},{"v":0,"d":"0.00"},{"v":0,"d":"0.00"}]
[2,4,4,1,"`01","Transferenxcias corrientes a empresas públicas no financieras nacionales para servicios personales.",{"$nulls":3},{"v":0,"d":"0.00"},{"v":0,"d":"0.00"}]
[2,4,4,1,"`02","Otras transferencias corrientes a instituciones públicas  no financieras nacionales ",{"$nulls":3},{"v":0,"d":"0.00"},{"v":0,"d":"0.00"}]
[2,4,4,1,"`03","Transferenxcias corrientes a empresas públicas no financieras nacionales   para pago de electricidad no cortable.",{"$nulls":3},{"v":0,"d":"0.00"},{"v":0,"d":"0.00"}]
[2,4,6,null,null,"Subvenciones",{"v":0,"d":"0.00"},{"v":0,"d":"0.00"},{"v":0,"d":"0.00"},{"v":0,"d":"0.00"},{"v":0,"d":"0.00"}]
[2,4,6,1,null,"Subvenciones a empresas del Sector Privado",{"v":0,"d":"0.00"},{"v":0,"d":"0.00"},{"v":0,"d":"0.00"},{"v":0,"d":"0.00"},{"v":0,"d":"0.00"}]
[2,4,6,1,"`01","Subvenciones a empresas del Sector Privado",{"$nulls":3},{"v":0,"d":"0.00"},{"v":0,"d":"0.00"}]
[2,4,6,2,null,"Subvenciones a empresas cuasiempresas publicas no financieras",{"v":0,"d":"0.00"},{"v":0,"d":"0.00"},{"v":0,"d":"0.00"},{"v":0,"d":"0.00"},{"v":0,"d":"0.00"}]
[2,4,6,2,"`01","Subvenciones a empresas cuasiempresas publicas no financieras",{"$nulls":3},{"v":0,"d":"0.00"},{"v":0,"d":"0.00"}]
[2,4,6,3,null,"Subvenciones a instituciones publicas financieras no monetarias",{"v":0,"d":"0.00"},{"v":0,"d":"0.00"},{"v":0,"d":"0.00"},{"v":0,"d":"0.00"},{"v":0,"d":"0.00"}]
[2,4,6,3,"`01","Subvenciones a instituciones publicas financieras no monetarias",{"$nulls":3},{"v":0,"d":"0.00"},{"v":0,"d":"0.00"}]
[2,4,6,4,null,"Subvenciones a instituciones publicas financieras monetarias",{"v":0,"d":"0.00"},{"v":0,"d":"0.00"},{"v":0,"d":"0.00"},{"v":0,"d":"0.00"},{"v":0,"d":"0.00"}]
[2,4,6,4,"`01","Subvenciones a instituciones publicas financieras monetarias",{"$nulls":3},{"v":0,"d":"0.00"},{"v":0,"d":"0.00"}]
[2,4,7,null,null,"Transferencias corrientes al sector externo",{"v":0,"d":"0.00"},{"v":0,"d":"0.00"},{"v":0,"d":"0.00"},{"v":0,"d":"0.00"},{"v":0,"d":"0.00"}]
[2,4,7,1,null,"Transferencias corrientes a Gobiernos Extranjeros\n",{"v":0,"d":"0.00"},{"v":0,"d":"0.00"},{"v":0,"d":"0.00"},{"v":0,"d":"0.00"},{"v":0,"d":"0.00"}]
[2,4,7,1,"`01","Transferencias corrientes a Gobiernos Extranjeros",{"$nulls":3},{"v":0,"d":"0.00"},{"v":0,"d":"0.00"}]
[2,4,7,2,null,"Transferencias corrientes a organismos internacionales",{"v":0,"d":"0.00"},{"v":0,"d":"0.00"},{"v":0,"d":"0.00"},{"v":0,"d":"0.00"},{"v":0,"d":"0.00"}]
[2,4,7,2,"`01","Transferencias corrientes a Organismos internacionales",{"$nulls":3},{"v":0,"d":"0.00"},{"v":0,"d":"0.00"}]
[2,4,7,3,null,"Transferencias corrientes al sector privado externo",{"v":0,"d":"0.00"},{"v":0,"d":"0.00"},{"v":0,"d":"0.00"},{"v":0,"d":"0.00"},{"v":0,"d":"0.00"}]
[2,4,7,3,"`01","Transferencias corrientes al sector privado externo",{"$nulls":3},{"v":0,"d":"0.00"},{"v":0,"d":"0.00"}]
[2,4,9,null,null,"Transferencias de Corrientes a otras Instituciones Públicas",{"v":0,"d":"0.00"},{"v":0,"d":"0.00"},{"v":0,"d":"0.00"},{"v":0,"d":"0.00"},{"v":0,"d":"0.00"}]
[2,4,9,1,null,"Transferencias de Corrientes a otras Instituciones Públicas",{"v":0,"d":"0.00"},{"v":0,"d":"0.00"},{"v":0,"d":"0.00"},{"v":0,"d":"0.00"},{"v":0,"d":"0.00"}]
[2,4,9,1,"`01","Transferencias de Corrientes a otras Instituciones Públicas",{"$nulls":3},{"v":0,"d":"0.00"},{"v":0,"d":"0.00"}]
[2,4,9,2,null,"Sueldo en las transferencias a otras instituciones públicas",{"v":0,"d":"0.00"},{"v":0,"d":"0.00"},{"v":0,"d":"0.00"},{"v":0,"d":"0.00"},{"v":0,"d":"0.00"}]
[2,4,9,2,"`01","Sueldo en las transferencias a otras instituciones públicas",{"$nulls":3},{"v":0,"d":"0.00"},{"v":0,"d":"0.00"}]
[2,4,9,3,null,"Gasto en las transferencias a otras instituciones públicas",{"v":0,"d":"0.00"},{"v":0,"d":"0.00"},{"v":0,"d":"0.00"},{"v":0,"d":"0.00"},{"v":0,"d":"0.00"}]
[2,4,9,3,"`01","Gasto en las transferencias a otras instituciones públicas",{"$nulls":3},{"v":0,"d":"0.00"},{"v":0,"d":"0.00"}]
[2,4,9,4,null,"Electricidad no cortable en las transferencias a otras instituciones públicas",{"v":0,"d":"0.00"},{"v":0,"d":"0.00"},{"v":0,"d":"0.00"},{"v":0,"d":"0.00"},{"v":0,"d":"0.00"}]
[2,4,9,4,"`01","Electricidad no cortable en las transferencias a otras instituciones públicas",{"$nulls":3},{"v":0,"d":"0.00"},{"v":0,"d":"0.00"}]
[2,5,{"$nulls":3},"Transferencias Capital",{"v":0,"d":"0.00"},{"v":0,"d":"0.00"},{"v":0,"d":"0.00"},{"v":0,"d":"0.00"},{"v":0,"d":"0.00"}]
[2,5,1,null,null,"Transferencias de capital al sector privado",{"v":0,"d":"0.00"},{"v":0,"d":"0.00"},{"v":0,"d":"0.00"},{"v":0,"d":"0.00"},{"v":0,"d":"0.00"}]
[2,5,1,1,"`01","Trasnferencia de capital a hogares y personas ",{"$nulls":3},{"v":0,"d":"0.00"},{"v":0,"d":"0.00"}]
[2,5,1,2,null,"Transferencias de capital a Asociaciones Privadas sin Fines de Lucro",{"v":0,"d":"0.00"},{"v":0,"d":"0.00"},{"v":0,"d":"0.00"},{"v":0,"d":"0.00"},{"v":0,"d":"0.00"}]
[2,5,1,2,"`01","Transferencias de capital a Asociaciones Privadas sin Fines de Lucro",{"$nulls":3},{"v":0,"d":"0.00"},{"v":0,"d":"0.00"}]
[2,5,1,3,null,"Transferencia de capital a empresas del sector privado interno",{"v":0,"d":"0.00"},{"v":0,"d":"0.00"},{"v":0,"d":"0.00"},{"v":0,"d":"0.00"},{"v":0,"d":"0.00"}]
[2,5,1,3,"`01","Transferencia de capital a empresas del sector privado interno",{"$nulls":3},{"v":0,"d":"0.00"},{"v":0,"d":"0.00"}]
[2,6,{"$nulls":3},"Bienes Muebles, Inmuebles e Intangibles",{"v":0,"d":"0.00"},{"v":0,"d":"0.00"},{"v":0,"d":"0.00"},{"v":0,"d":"0.00"},{"v":0,"d":"0.00"}]
[2,6,1,null,null,"Mobiliario Y Equipo",{"v":0,"d":"0.00"},{"v":0,"d":"0.00"},{"v":0,"d":"0.00"},{"v":0,"d":"0.00"},{"v":0,"d":"0.00"}]
[2,6,1,1,null,"Muebles de oficina y estantería",{"v":0,"d":"0.00"},{"v":0,"d":"0.00"},{"v":0,"d":"0.00"},{"v":0,"d":"0.00"},{"v":0,"d":"0.00"}]
[2,6,1,1,"`01","Muebles de oficina y estantería",{"$nulls":3},{"v":0,"d":"0.00"},{"v":0,"d":"0.00"}]
[2,6,1,2,null,"Muebles de alojamiento, excepto de oficina y estantería",{"v":0,"d":"0.00"},{"v":0,"d":"0.00"},{"v":0,"d":"0.00"},{"v":0,"d":"0.00"},{"v":0,"d":"0.00"}]
[2,6,1,2,"`01","Muebles de alojamiento, excepto de oficina y estantería",{"$nulls":3},{"v":0,"d":"0.00"},{"v":0,"d":"0.00"}]
[2,6,1,3,null,"Equipos de Cómputo",{"v":0,"d":"0.00"},{"v":0,"d":"0.00"},{"v":0,"d":"0.00"},{"v":0,"d":"0.00"},{"v":0,"d":"0.00"}]
[2,6,1,3,"`01","Equipos de Cómputo",{"$nulls":3},{"v":0,"d":"0.00"},{"v":0,"d":"0.00"}]
[2,6,1,4,null,"Electrodomesticos",{"v":0,"d":"0.00"},{"v":0,"d":"0.00"},{"v":0,"d":"0.00"},{"v":0,"d":"0.00"},{"v":0,"d":"0.00"}]
[2,6,1,4,"`01","Electrodomesticos",{"$nulls":3},{"v":0,"d":"0.00"},{"v":0,"d":"0.00"}]
[2,6,1,9,null,"Otros mobiliarios y equipos no identificados precedentemente",{"v":0,"d":"0.00"},{"v":0,"d":"0.00"},{"v":0,"d":"0.00"},{"v":0,"d":"0.00"},{"v":0,"d":"0.00"}]
[2,6,1,9,"`01","Otros mobiliarios y equipos no identificados precedentemente",{"$nulls":3},{"v":0,"d":"0.00"},{"v":0,"d":"0.00"}]
[2,6,2,null,null,"Mobiliario y Equipo Educacional y Recreativo",{"v":0,"d":"0.00"},{"v":0,"d":"0.00"},{"v":0,"d":"0.00"},{"v":0,"d":"0.00"},{"v":0,"d":"0.00"}]
[2,6,2,1,null,"Equipos y aparatos audiovisuales",{"v":0,"d":"0.00"},{"v":0,"d":"0.00"},{"v":0,"d":"0.00"},{"v":0,"d":"0.00"},{"v":0,"d":"0.00"}]
[2,6,2,1,"`01","Equipos y aparatos audiovisuales",{"$nulls":3},{"v":0,"d":"0.00"},{"v":0,"d":"0.00"}]
[2,6,2,2,null,"Aparatos deportivos",{"v":0,"d":"0.00"},{"v":0,"d":"0.00"},{"v":0,"d":"0.00"},{"v":0,"d":"0.00"},{"v":0,"d":"0.00"}]
[2,6,2,2,"`01","Aparatos deportivos",{"$nulls":3},{"v":0,"d":"0.00"},{"v":0,"d":"0.00"}]
[2,6,2,3,null,"Cámaras fotográficas y de video",{"v":0,"d":"0.00"},{"v":0,"d":"0.00"},{"v":0,"d":"0.00"},{"v":0,"d":"0.00"},{"v":0,"d":"0.00"}]
[2,6,2,3,"`01","Cámaras fotográficas y de video",{"$nulls":3},{"v":0,"d":"0.00"},{"v":0,"d":"0.00"}]
[2,6,2,4,null,"Equipos recreativos",{"v":0,"d":"0.00"},{"v":0,"d":"0.00"},{"v":0,"d":"0.00"},{"v":0,"d":"0.00"},{"v":0,"d":"0.00"}]
[2,6,2,4,"`01","Equipos recreativos",{"$nulls":3},{"v":0,"d":"0.00"},{"v":0,"d":"0.00"}]
[2,6,3,null,null,"Equipo e Instrumental, Científico Y Laboratorio",{"v":0,"d":"0.00"},{"v":0,"d":"0.00"},{"v":0,"d":"0.00"},{"v":0,"d":"0.00"},{"v":0,"d":"0.00"}]
[2,6,3,1,null,"Equipo médico y de laboratorio",{"v":0,"d":"0.00"},{"v":0,"d":"0.00"},{"v":0,"d":"0.00"},{"v":0,"d":"0.00"},{"v":0,"d":"0.00"}]
[2,6,3,1,"`01","Equipo médico y de laboratorio",{"$nulls":3},{"v":0,"d":"0.00"},{"v":0,"d":"0.00"}]
[2,6,3,2,null,"Instrumental médico y de laboratorio",{"v":0,"d":"0.00"},{"v":0,"d":"0.00"},{"v":0,"d":"0.00"},{"v":0,"d":"0.00"},{"v":0,"d":"0.00"}]
[2,6,3,2,"`01","Instrumental médico y de laboratorio",{"$nulls":3},{"v":0,"d":"0.00"},{"v":0,"d":"0.00"}]
[2,6,3,3,null,"Equipo veterinario",{"v":0,"d":"0.00"},{"v":0,"d":"0.00"},{"v":0,"d":"0.00"},{"v":0,"d":"0.00"},{"v":0,"d":"0.00"}]
[2,6,3,3,"`01","Equipo veterinario",{"$nulls":3},{"v":0,"d":"0.00"},{"v":0,"d":"0.00"}]
[2,6,3,4,null,"Equipo Meteriológico y sismológico",{"v":0,"d":"0.00"},{"v":0,"d":"0.00"},{"v":0,"d":"0.00"},{"v":0,"d":"0.00"},{"v":0,"d":"0.00"}]
[2,6,3,4,"`01","Equipo Meteriológico y sismológico",{"$nulls":3},{"v":0,"d":"0.00"},{"v":0,"d":"0.00"}]
[2,6,4,null,null,"Vehículos y Equipo de Transporte, Tracción y Elevación",{"v":0,"d":"0.00"},{"v":0,"d":"0.00"},{"v":0,"d":"0.00"},{"v":0,"d":"0.00"},{"v":0,"d":"0.00"}]
[2,6,4,1,null,"Automóviles y camiones",{"v":0,"d":"0.00"},{"v":0,"d":"0.00"},{"v":0,"d":"0.00"},{"v":0,"d":"0.00"},{"v":0,"d":"0.00"}]
[2,6,4,1,"`01","Automóviles y camiones",{"$nulls":3},{"v":0,"d":"0.00"},{"v":0,"d":"0.00"}]
[2,6,4,2,null,"Carrocerías y remolques",{"v":0,"d":"0.00"},{"v":0,"d":"0.00"},{"v":0,"d":"0.00"},{"v":0,"d":"0.00"},{"v":0,"d":"0.00"}]
[2,6,4,2,"`01","Carrocerías y remolques",{"$nulls":3},{"v":0,"d":"0.00"},{"v":0,"d":"0.00"}]
[2,6,4,8,null,"Otros equipos de transporte",{"v":0,"d":"0.00"},{"v":0,"d":"0.00"},{"v":0,"d":"0.00"},{"v":0,"d":"0.00"},{"v":0,"d":"0.00"}]
[2,6,4,8,"`01","Otros equipos de transporte",{"$nulls":3},{"v":0,"d":"0.00"},{"v":0,"d":"0.00"}]
[2,6,5,null,null,"Maquinaria, Otros Equipos y Herramientas",{"v":0,"d":"0.00"},{"v":0,"d":"0.00"},{"v":0,"d":"0.00"},{"v":0,"d":"0.00"},{"v":0,"d":"0.00"}]
[2,6,5,2,null,"Maquinaria y equipo industrial",{"v":0,"d":"0.00"},{"v":0,"d":"0.00"},{"v":0,"d":"0.00"},{"v":0,"d":"0.00"},{"v":0,"d":"0.00"}]
[2,6,5,2,"`01","Maquinaria y equipo industrial",{"$nulls":3},{"v":0,"d":"0.00"},{"v":0,"d":"0.00"}]
[2,6,5,3,null,"Maquinaria y equipo de construcción",{"v":0,"d":"0.00"},{"v":0,"d":"0.00"},{"v":0,"d":"0.00"},{"v":0,"d":"0.00"},{"v":0,"d":"0.00"}]
[2,6,5,3,"`01","Maquinaria y equipo de construcción",{"$nulls":3},{"v":0,"d":"0.00"},{"v":0,"d":"0.00"}]
[2,6,5,4,null,"Sistemas de aire acondicionado, calefacción y refrigeración industrial y comercial",{"v":0,"d":"0.00"},{"v":0,"d":"0.00"},{"v":0,"d":"0.00"},{"v":0,"d":"0.00"},{"v":0,"d":"0.00"}]
[2,6,5,4,"`01","Sistemas de aire acondicionado, calefacción y refrigeración industrial y comercial",{"$nulls":3},{"v":0,"d":"0.00"},{"v":0,"d":"0.00"}]
[2,6,5,5,null,"Equipo de comunicación, telecomunicaciones y señalamiento",{"v":0,"d":"0.00"},{"v":0,"d":"0.00"},{"v":0,"d":"0.00"},{"v":0,"d":"0.00"},{"v":0,"d":"0.00"}]
[2,6,5,5,"`01","Equipo de comunicación, telecomunicaciones y señalamiento",{"$nulls":3},{"v":0,"d":"0.00"},{"v":0,"d":"0.00"}]
[2,6,5,6,null,"Equipo de generación eléctrica, aparatos y accesorios eléctricos",{"v":0,"d":"0.00"},{"v":0,"d":"0.00"},{"v":0,"d":"0.00"},{"v":0,"d":"0.00"},{"v":0,"d":"0.00"}]
[2,6,5,6,"`01","Equipo de generación eléctrica, aparatos y accesorios eléctricos",{"$nulls":3},{"v":0,"d":"0.00"},{"v":0,"d":"0.00"}]
[2,6,5,7,null,"Herramientas y máquinas-herramientas",{"v":0,"d":"0.00"},{"v":0,"d":"0.00"},{"v":0,"d":"0.00"},{"v":0,"d":"0.00"},{"v":0,"d":"0.00"}]
[2,6,5,7,"`01","Herramientas y máquinas-herramientas",{"$nulls":3},{"v":0,"d":"0.00"},{"v":0,"d":"0.00"}]
[2,6,5,8,null,"Otros equipos",{"v":0,"d":"0.00"},{"v":0,"d":"0.00"},{"v":0,"d":"0.00"},{"v":0,"d":"0.00"},{"v":0,"d":"0.00"}]
[2,6,5,8,"`01","Otros equipos",{"$nulls":3},{"v":0,"d":"0.00"},{"v":0,"d":"0.00"}]
[2,6,6,null,null,"Equipos de defensa y seguridad",{"v":0,"d":"0.00"},{"v":0,"d":"0.00"},{"v":0,"d":"0.00"},{"v":0,"d":"0.00"},{"v":0,"d":"0.00"}]
[2,6,6,1,null,"Equipos de defensa de defensa",{"v":0,"d":"0.00"},{"v":0,"d":"0.00"},{"v":0,"d":"0.00"},{"v":0,"d":"0.00"},{"v":0,"d":"0.00"}]
[2,6,6,1,"`01","Equipos de defensa de defensa",{"$nulls":3},{"v":0,"d":"0.00"},{"v":0,"d":"0.00"}]
[2,6,6,2,null,"Equipos de seguridad",{"v":0,"d":"0.00"},{"v":0,"d":"0.00"},{"v":0,"d":"0.00"},{"v":0,"d":"0.00"},{"v":0,"d":"0.00"}]
[2,6,6,2,"`01","Equipos de seguridad",{"$nulls":3},{"v":0,"d":"0.00"},{"v":0,"d":"0.00"}]
[2,6,8,null,null,"Bienes Intangibles",{"v":0,"d":"0.00"},{"v":0,"d":"0.00"},{"v":0,"d":"0.00"},{"v":0,"d":"0.00"},{"v":0,"d":"0.00"}]
[2,6,8,1,null,"Investigación y desarrollo",{"v":0,"d":"0.00"},{"v":0,"d":"0.00"},{"v":0,"d":"0.00"},{"v":0,"d":"0.00"},{"v":0,"d":"0.00"}]
[2,6,8,1,"`01","Investigación y desarrollo",{"$nulls":3},{"v":0,"d":"0.00"},{"v":0,"d":"0.00"}]
[2,6,8,3,null,"Programas de informática y base de datos",{"v":0,"d":"0.00"},{"v":0,"d":"0.00"},{"v":0,"d":"0.00"},{"v":0,"d":"0.00"},{"v":0,"d":"0.00"}]
[2,6,8,3,"`01","Programas de informática",{"$nulls":3},{"v":0,"d":"0.00"},{"v":0,"d":"0.00"}]
[2,6,8,3,"`02","Base de datos",{"$nulls":3},{"v":0,"d":"0.00"},{"v":0,"d":"0.00"}]
[2,6,8,5,null,"Estudios de preinversión",{"v":0,"d":"0.00"},{"v":0,"d":"0.00"},{"v":0,"d":"0.00"},{"v":0,"d":"0.00"},{"v":0,"d":"0.00"}]
[2,6,8,5,"`01","Estudios de preinversión",{"$nulls":3},{"v":0,"d":"0.00"},{"v":0,"d":"0.00"}]
[2,6,8,6,null,"Marcas y patentes",{"v":0,"d":"0.00"},{"v":0,"d":"0.00"},{"v":0,"d":"0.00"},{"v":0,"d":"0.00"},{"v":0,"d":"0.00"}]
[2,6,8,6,"`01","Marcas y patentes",{"$nulls":3},{"v":0,"d":"0.00"},{"v":0,"d":"0.00"}]
[2,6,8,7,null,"Concesiones",{"v":0,"d":"0.00"},{"v":0,"d":"0.00"},{"v":0,"d":"0.00"},{"v":0,"d":"0.00"},{"v":0,"d":"0.00"}]
[2,6,8,7,"`01","Concesiones",{"$nulls":3},{"v":0,"d":"0.00"},{"v":0,"d":"0.00"}]
[2,6,8,8,null,"Licencias informáticas e intelectuales, industriales y comerciales",{"v":0,"d":"0.00"},{"v":0,"d":"0.00"},{"v":0,"d":"0.00"},{"v":0,"d":"0.00"},{"v":0,"d":"0.00"}]
[2,6,8,8,"`01","Informáticas",{"$nulls":3},{"v":0,"d":"0.00"},{"v":0,"d":"0.00"}]
[2,6,8,8,"`02","Intelectuales",{"$nulls":3},{"v":0,"d":"0.00"},{"v":0,"d":"0.00"}]
[2,6,8,8,"`03","Industriales",{"$nulls":3},{"v":0,"d":"0.00"},{"v":0,"d":"0.00"}]
[2,6,8,8,"`04","Comerciales",{"$nulls":3},{"v":0,"d":"0.00"},{"v":0,"d":"0.00"}]
[2,6,8,9,null,"Otros activos intangibles",{"v":0,"d":"0.00"},{"v":0,"d":"0.00"},{"v":0,"d":"0.00"},{"v":0,"d":"0.00"},{"v":0,"d":"0.00"}]
[2,6,8,9,"`01","Otros activos intangibles",{"$nulls":3},{"v":0,"d":"0.00"},{"v":0,"d":"0.00"}]
[2,6,9,null,null,"Edificios y estructuras",{"v":0,"d":"0.00"},{"v":0,"d":"0.00"},{"v":0,"d":"0.00"},{"v":0,"d":"0.00"},{"v":0,"d":"0.00"}]
[2,6,9,1,null,"Edificios residenciales ( Viviendas )",{"v":0,"d":"0.00"},{"v":0,"d":"0.00"},{"v":0,"d":"0.00"},{"v":0,"d":"0.00"},{"v":0,"d":"0.00"}]
[2,6,9,1,"`01","Edificios residenciales ( Viviendas )",{"$nulls":3},{"v":0,"d":"0.00"},{"v":0,"d":"0.00"}]
[2,6,9,2,null,"Edificios No Residenciales",{"v":0,"d":"0.00"},{"v":0,"d":"0.00"},{"v":0,"d":"0.00"},{"v":0,"d":"0.00"},{"v":0,"d":"0.00"}]
[2,6,9,2,"`01","Edificios No Residenciales",{"$nulls":3},{"v":0,"d":"0.00"},{"v":0,"d":"0.00"}]
[2,6,9,9,null,"Otras estructuras",{"v":0,"d":"0.00"},{"v":0,"d":"0.00"},{"v":0,"d":"0.00"},{"v":0,"d":"0.00"},{"v":0,"d":"0.00"}]
[2,6,9,9,"`01","Otras estructuras",{"$nulls":3},{"v":0,"d":"0.00"},{"v":0,"d":"0.00"}]
[2,7,{"$nulls":3},"Obras",{"v":0,"d":"0.00"},{"v":40580000,"d":"40,580,000.00"},{"v":0,"d":"0.00"},{"v":40580000,"d":"40,580,000.00"},{"v":99.89660774949535,"d":"99.90"}]
[2,7,1,null,null,"Obras En Edificaciones",{"v":0,"d":"0.00"},{"v":40580000,"d":"40,580,000.00"},{"v":0,"d":"0.00"},{"v":40580000,"d":"40,580,000.00"},{"v":99.89660774949535,"d":"99.90"}]
[2,7,1,1,null,"Obras para edificación residencial (viviendas)",{"v":0,"d":"0.00"},{"v":34180000,"d":"34,180,000.00"},{"v":0,"d":"0.00"},{"v":34180000,"d":"34,180,000.00"},{"v":84.14159814878637,"d":"84.14"}]
[2,7,1,1,"`01","Obras para edificación residencial (viviendas)",null,{"v":34180000,"d":"34,180,000.00"},null,{"v":34180000,"d":"34,180,000.00"},{"v":84.14159814878637,"d":"84.14"}]
[2,7,1,2,null,"Obras para edificación no residencial",{"v":0,"d":"0.00"},{"v":0,"d":"0.00"},{"v":0,"d":"0.00"},{"v":0,"d":"0.00"},{"v":0,"d":"0.00"}]
[2,7,1,2,"`01","Obras para edificación no residencial",{"$nulls":3},{"v":0,"d":"0.00"},{"v":0,"d":"0.00"}]
[2,7,1,3,null,"Obras para edificación de otras estructuras",{"v":0,"d":"0.00"},{"v":0,"d":"0.00"},{"v":0,"d":"0.00"},{"v":0,"d":"0.00"},{"v":0,"d":"0.00"}]
[2,7,1,3,"`01","Obras para edificación de otras estructuras",{"$nulls":3},{"v":0,"d":"0.00"},{"v":0,"d":"0.00"}]
[2,7,1,4,null,"Mejoras de tierras y terrenos",{"v":0,"d":"0.00"},{"v":6400000,"d":"6,400,000.00"},{"v":0,"d":"0.00"},{"v":6400000,"d":"6,400,000.00"},{"v":15.755009600708975,"d":"15.76"}]
[2,7,1,4,"`01","Mejoras de tierras y terrenos",null,{"v":6400000,"d":"6,400,000.00"},null,{"v":6400000,"d":"6,400,000.00"},{"v":15.755009600708975,"d":"15.76"}]
[2,7,1,5,null,"Supervisión e inspección de obras en edificaciones",{"v":0,"d":"0.00"},{"v":0,"d":"0.00"},{"v":0,"d":"0.00"},{"v":0,"d":"0.00"},{"v":0,"d":"0.00"}]
[2,7,1,5,"`01","Supervisión e inspección de obras en edificaciones",{"$nulls":3},{"v":0,"d":"0.00"},{"v":0,"d":"0.00"}]
[2,7,2,null,null,"Infraestructura",{"v":0,"d":"0.00"},{"v":0,"d":"0.00"},{"v":0,"d":"0.00"},{"v":0,"d":"0.00"},{"v":0,"d":"0.00"}]
[2,7,2,1,null,"Obras Hidráulicas Y Sanitarias",{"v":0,"d":"0.00"},{"v":0,"d":"0.00"},{"v":0,"d":"0.00"},{"v":0,"d":"0.00"},{"v":0,"d":"0.00"}]
[2,7,2,1,"`01","Obras Hidráulicas Y Sanitarias",{"$nulls":3},{"v":0,"d":"0.00"},{"v":0,"d":"0.00"}]
[2,7,2,2,null,"Obras de Energía",{"v":0,"d":"0.00"},{"v":0,"d":"0.00"},{"v":0,"d":"0.00"},{"v":0,"d":"0.00"},{"v":0,"d":"0.00"}]
[2,7,2,2,"`01","Obras de Energía",{"$nulls":3},{"v":0,"d":"0.00"},{"v":0,"d":"0.00"}]
[2,7,2,3,null,"Obras de telecomunicaciones",{"v":0,"d":"0.00"},{"v":0,"d":"0.00"},{"v":0,"d":"0.00"},{"v":0,"d":"0.00"},{"v":0,"d":"0.00"}]
[2,7,2,3,"`01","Obras de telecomunicaciones",{"$nulls":3},{"v":0,"d":"0.00"},{"v":0,"d":"0.00"}]
[2,7,2,4,null,"Infraestructura terrestre y obras anexas",{"v":0,"d":"0.00"},{"v":0,"d":"0.00"},{"v":0,"d":"0.00"},{"v":0,"d":"0.00"},{"v":0,"d":"0.00"}]
[2,7,2,4,"`01","Infraestructura terrestre y obras anexas",{"$nulls":3},{"v":0,"d":"0.00"},{"v":0,"d":"0.00"}]
[2,7,2,7,null,"Obras urbanísticas",{"v":0,"d":"0.00"},{"v":0,"d":"0.00"},{"v":0,"d":"0.00"},{"v":0,"d":"0.00"},{"v":0,"d":"0.00"}]
[2,7,2,7,"`01","Obras urbanísticas",{"$nulls":3},{"v":0,"d":"0.00"},{"v":0,"d":"0.00"}]
[2,7,2,8,null,"Obras en cementerios",{"v":0,"d":"0.00"},{"v":0,"d":"0.00"},{"v":0,"d":"0.00"},{"v":0,"d":"0.00"},{"v":0,"d":"0.00"}]
[2,7,2,8,"`01","Obras en cementerios",{"$nulls":3},{"v":0,"d":"0.00"},{"v":0,"d":"0.00"}]
[2,7,3,null,null,"Construcciones En Bienes Concesionados",{"v":0,"d":"0.00"},{"v":0,"d":"0.00"},{"v":0,"d":"0.00"},{"v":0,"d":"0.00"},{"v":0,"d":"0.00"}]
[2,7,3,1,null,"Construcciones en bienes de uso público concesionados",{"v":0,"d":"0.00"},{"v":0,"d":"0.00"},{"v":0,"d":"0.00"},{"v":0,"d":"0.00"},{"v":0,"d":"0.00"}]
[2,7,3,1,"`01","Construcciones en bienes de uso público concesionados",{"$nulls":3},{"v":0,"d":"0.00"},{"v":0,"d":"0.00"}]
[2,7,3,2,null,"Construcciones en bienes de uso privado concesionados",{"v":0,"d":"0.00"},{"v":0,"d":"0.00"},{"v":0,"d":"0.00"},{"v":0,"d":"0.00"},{"v":0,"d":"0.00"}]
[2,7,3,2,"`01","Construcciones en bienes de uso privado concesionados",{"$nulls":3},{"v":0,"d":"0.00"},{"v":0,"d":"0.00"}]

{"sheet":"Formulario PPGR8","index":8,"n_rows":514,"n_cols":11,"rows_kept":514,"merged":[[15,0,16,0],[15,1,16,1],[15,2,16,2],[15,3,16,3],[15,4,16,4],[15,5,16,5],[15,6,15,8],[15,9,16,9],[15,10,16,10]],"flags":["formulas_cached_only"]}
[]
[{"$nulls":5},"Servicio Nacional de Salud"]
[{"$nulls":5},"Dirección de Planificación y Desarrollo"]
[{"$nulls":5},"Plan Operativo Anual "]
[{"$nulls":5},"Consolidado por Presupuesto Estimado de Ingresos y Gastos "]
[{"$nulls":5},"R1 - SRS Valdesia"]
[]
["Estimación de Ingresos"]
["        Anticipos Financieros",{"$nulls":5},{"v":17040000,"d":"17,040,000.00"}]
["        Venta de Servicios y Otros Ingresos",{"$nulls":5},{"v":86413770.92,"d":"86,413,770.92"}]
["        Aportes SNS Nómina",{"$nulls":5},{"v":2061022310.49,"d":"2,061,022,310.49"}]
["        Otros Aportes",{"$nulls":5},{"v":400000,"d":"400,000.00"}]
["Transferencias Corrientes "]
["      Total Ingresos RD$",{"$nulls":5},{"v":2164876081.41,"d":"2,164,876,081.41"}]
["Estimación de Gastos"]
["Tipo","Objeto","Cuenta","Sub-Cuenta","Auxiliar","Descripción Gasto por Cuenta","Niveles de Responsabilidad",null,null,"Total RD$","%"]
[{"$nulls":6},"Gerencia Regional","Primer Nivel de Atención","Nivel Especializado"]
[2,{"$nulls":4},"Egresos",{"v":2196860540.8300004,"d":"2,196,860,540.83"},{"v":80387541.7,"d":"80,387,541.70"},{"v":0,"d":"0.00"},{"v":2277248082.53,"d":"2,277,248,082.53"},{"v":100,"d":"100.00"}]
[2,1,{"$nulls":3},"Servicios Personales",{"v":2112451759.8600001,"d":"2,112,451,759.86"},{"v":0,"d":"0.00"},{"v":0,"d":"0.00"},{"v":2112451759.8600001,"d":"2,112,451,759.86"},{"v":92.7633566173909,"d":"92.76"}]
[2,1,1,null,null,"Remuneraciones",{"v":2103316269.66,"d":"2,103,316,269.66"},{"v":0,"d":"0.00"},{"v":0,"d":"0.00"},{"v":2103316269.66,"d":"2,103,316,269.66"},{"v":92.36219302568198,"d":"92.36"}]
[2,1,1,1,null,"Remuneraciones al personal fijo",{"v":1902482132.76,"d":"1,902,482,132.76"},{"v":0,"d":"0.00"},{"v":0,"d":"0.00"},{"v":1902482132.76,"d":"1,902,482,132.76"},{"v":83.54303368855453,"d":"83.54"}]
[2,1,1,1,"`01","Sueldos fijos",{"v":1902482132.76,"d":"1,902,482,132.76"},null,null,{"v":1902482132.76,"d":"1,902,482,132.76"},{"v":83.54303368855453,"d":"83.54"}]
[2,1,1,1,"`02","Sueldos a medicos",{"$nulls":3},{"v":0,"d":"0.00"},{"v":0,"d":"0.00"}]
[2,1,1,1,"`03","Ascenso a militires",{"$nulls":3},{"v":0,"d":"0.00"},{"v":0,"d":"0.00"}]
[2,1,1,1,"`04","Nuevas plazas maestros",{"$nulls":3},{"v":0,"d":"0.00"},{"v":0,"d":"0.00"}]
[2,1,1,1,"`05","Incentivos y escalafón",{"$nulls":3},{"v":0,"d":"0.00"},{"v":0,"d":"0.00"}]
[2,1,1,1,"`06","Nuevas plazas a medicos",{"$nulls":3},{"v":0,"d":"0.00"},{"v":0,"d":"0.00"}]
[2,1,1,2,null,"Remuneraciones al personal con carácter transitorio",{"v":38337847.68,"d":"38,337,847.68"},{"v":0,"d":"0.00"},{"v":0,"d":"0.00"},{"v":38337847.68,"d":"38,337,847.68"},{"v":1.6835165204050595,"d":"1.68"}]
[2,1,1,2,"`01","Sueldos al personal contratado y/o igualado",{"v":38337847.68,"d":"38,337,847.68"},null,null,{"v":38337847.68,"d":"38,337,847.68"},{"v":1.6835165204050595,"d":"1.68"}]
[2,1,1,2,"`02","Sueldos de personal nominal",{"$nulls":3},{"v":0,"d":"0.00"},{"v":0,"d":"0.00"}]
[2,1,1,2,"`03","Suplencias",{"$nulls":3},{"v":0,"d":"0.00"},{"v":0,"d":"0.00"}]
[2,1,1,2,"`04","Sueldos al personal por servicios especiales",{"$nulls":3},{"v":0,"d":"0.00"},{"v":0,"d":"0.00"}]
[2,1,1,2,"`05","Sueldo al personal nominal en período probatorio",{"$nulls":3},{"v":0,"d":"0.00"},{"v":0,"d":"0.00"}]
[2,1,1,2,"`06"," Jornales",{"$nulls":3},{"v":0,"d":"0.00"},{"v":0,"d":"0.00"}]
[2,1,1,2,"`07","Sobrejornales",{"$nulls":3},{"v":0,"d":"0.00"},{"v":0,"d":"0.00"}]
[2,1,1,3,null,"Sueldos al personal fijo en trámite de pensiones",{"v":0,"d":"0.00"},{"v":0,"d":"0.00"},{"v":0,"d":"0.00"},{"v":0,"d":"0.00"},{"v":0,"d":"0.00"}]
[2,1,1,3,"`01","Sueldos al personal fijo en trámite de pensiones",{"$nulls":3},{"v":0,"d":"0.00"},{"v":0,"d":"0.00"}]
[2,1,1,4,null,"Sueldo anual No. 13",{"v":162496289.22,"d":"162,496,289.22"},{"v":0,"d":"0.00"},{"v":0,"d":"0.00"},{"v":162496289.22,"d":"162,496,289.22"},{"v":7.135642816722376,"d":"7.14"}]
[2,1,1,4,"`01","Sueldo anual No. 13",{"v":162496289.22,"d":"162,496,289.22"},null,null,{"v":162496289.22,"d":"162,496,289.22"},{"v":7.135642816722376,"d":"7.14"}]
[2,1,1,5,null,"Prestacianes economicas",{"v":0,"d":"0.00"},{"v":0,"d":"0.00"},{"v":0,"d":"0.00"},{"v":0,"d":"0.00"},{"v":0,"d":"0.00"}]
[2,1,1,5,"`01","Prestacianes economicas",{"$nulls":3},{"v":0,"d":"0.00"},{"v":0,"d":"0.00"}]
[2,1,1,5,"`02","Pago de porcentaje por desvinculación de cargo",{"$nulls":3},{"v":0,"d":"0.00"},{"v":0,"d":"0.00"}]
[2,1,1,5,"`03","Prestacion laboral por desvinculación",{"$nulls":3},{"v":0,"d":"0.00"},{"v":0,"d":"0.00"}]
[2,1,1,5,"`04","Proporción de vacaciones no disfrutadas",{"$nulls":3},{"v":0,"d":"0.00"},{"v":0,"d":"0.00"}]
[2,1,1,6,null,"Vacaciones",{"v":0,"d":"0.00"},{"v":0,"d":"0.00"},{"v":0,"d":"0.00"},{"v":0,"d":"0.00"},{"v":0,"d":"0.00"}]
[2,1,1,6,"`01","Vacaciones",{"$nulls":3},{"v":0,"d":"0.00"},{"v":0,"d":"0.00"}]
[2,1,2,null,null,"Sobresueldos",{"v":9135490.2,"d":"9,135,490.20"},{"v":0,"d":"0.00"},{"v":0,"d":"0.00"},{"v":9135490.2,"d":"9,135,490.20"},{"v":0.4011635917089262,"d":"0.40"}]
[2,1,2,1,null,"Primas por antigüedad",{"v":0,"d":"0.00"},{"v":0,"d":"0.00"},{"v":0,"d":"0.00"},{"v":0,"d":"0.00"},{"v":0,"d":"0.00"}]
[2,1,2,1,"`01","Primas por antigüedad",{"$nulls":3},{"v":0,"d":"0.00"},{"v":0,"d":"0.00"}]
[2,1,2,2,null,"Compensación",{"v":9135490.2,"d":"9,135,490.20"},{"v":0,"d":"0.00"},{"v":0,"d":"0.00"},{"v":9135490.2,"d":"9,135,490.20"},{"v":0.4011635917089262,"d":"0.40"}]
[2,1,2,2,"`01","Compensación por gastos de alimentación",{"$nulls":3},{"v":0,"d":"0.00"},{"v":0,"d":"0.00"}]
[2,1,2,2,"`02","Compensación por horas extraordinarias",{"$nulls":3},{"v":0,"d":"0.00"},{"v":0,"d":"0.00"}]
[2,1,2,2,"`03","Pago de horas extraordinarias, Horas extraordinarias fin de año (Reglamento 523-09)",{"$nulls":3},{"v":0,"d":"0.00"},{"v":0,"d":"0.00"}]
[2,1,2,2,"`04","Prima de transporte",{"$nulls":3},{"v":0,"d":"0.00"},{"v":0,"d":"0.00"}]
[2,1,2,2,"`05","Compensación servicios de Seguridad",{"$nulls":3},{"v":0,"d":"0.00"},{"v":0,"d":"0.00"}]
[2,1,2,2,"`06","Compensación por resultados",{"$nulls":3},{"v":0,"d":"0.00"},{"v":0,"d":"0.00"}]
[2,1,2,2,"`07","Compensación por distancia",{"$nulls":3},{"v":0,"d":"0.00"},{"v":0,"d":"0.00"}]
[2,1,2,2,"`08","Compensaciones especiales",{"v":9135490.2,"d":"9,135,490.20"},null,null,{"v":9135490.2,"d":"9,135,490.20"},{"v":0.4011635917089262,"d":"0.40"}]
[2,1,2,2,"`09","Bono por desempeño",{"$nulls":3},{"v":0,"d":"0.00"},{"v":0,"d":"0.00"}]
[2,1,2,2,"`10","Beneficio , Acuerdo de desempeños institucionales (Reglamento 423-12)",{"$nulls":3},{"v":0,"d":"0.00"},{"v":0,"d":"0.00"}]
[2,1,2,3,null,"Especialismos",{"v":0,"d":"0.00"},{"v":0,"d":"0.00"},{"v":0,"d":"0.00"},{"v":0,"d":"0.00"},{"v":0,"d":"0.00"}]
[2,1,2,3,"`01","Especialismos",{"$nulls":3},{"v":0,"d":"0.00"},{"v":0,"d":"0.00"}]
[2,1,3,null,null,"Dietas y Gastos de Representación",{"v":0,"d":"0.00"},{"v":0,"d":"0.00"},{"v":0,"d":"0.00"},{"v":0,"d":"0.00"},{"v":0,"d":"0.00"}]
[2,1,3,1,null,"Dietas",{"v":0,"d":"0.00"},{"v":0,"d":"0.00"},{"v":0,"d":"0.00"},{"v":0,"d":"0.00"},{"v":0,"d":"0.00"}]
[2,1,3,1,"`01","Dietas en el país",{"$nulls":3},{"v":0,"d":"0.00"},{"v":0,"d":"0.00"}]
[2,1,3,1,"`02","Dietas en el exterior",{"$nulls":3},{"v":0,"d":"0.00"},{"v":0,"d":"0.00"}]
[2,1,3,2,null,"Gastos de representación",{"v":0,"d":"0.00"},{"v":0,"d":"0.00"},{"v":0,"d":"0.00"},{"v":0,"d":"0.00"},{"v":0,"d":"0.00"}]
[2,1,3,2,"`01","Gastos de representación en el país",{"$nulls":3},{"v":0,"d":"0.00"},{"v":0,"d":"0.00"}]
[2,1,3,2,"`02","Gastos de representación en el exterior",{"$nulls":3},{"v":0,"d":"0.00"},{"v":0,"d":"0.00"}]
[2,1,4,null,null,"Gratificaciones y Bonificaciones",{"v":0,"d":"0.00"},{"v":0,"d":"0.00"},{"v":0,"d":"0.00"},{"v":0,"d":"0.00"},{"v":0,"d":"0.00"}]
[2,1,4,1,null,"Bonificaciones",{"v":0,"d":"0.00"},{"v":0,"d":"0.00"},{"v":0,"d":"0.00"},{"v":0,"d":"0.00"},{"v":0,"d":"0.00"}]
[2,1,4,1,"`01","Bonificaciones",{"$nulls":3},{"v":0,"d":"0.00"},{"v":0,"d":"0.00"}]
[2,1,4,2,null,"Otras Gratificaciones y Bonificaciones",{"v":0,"d":"0.00"},{"v":0,"d":"0.00"},{"v":0,"d":"0.00"},{"v":0,"d":"0.00"},{"v":0,"d":"0.00"}]
[2,1,4,2,"`01","Bono escolar",{"$nulls":3},{"v":0,"d":"0.00"},{"v":0,"d":"0.00"}]
[2,1,4,2,"`02","Gratificaciones por pasantías",{"$nulls":3},{"v":0,"d":"0.00"},{"v":0,"d":"0.00"}]
[2,1,4,2,"`03","Gratificaciones por aniversario de institución",{"$nulls":3},{"v":0,"d":"0.00"},{"v":0,"d":"0.00"}]
[2,1,4,2,"`04","Otras Gratificaciones",{"$nulls":3},{"v":0,"d":"0.00"},{"v":0,"d":"0.00"}]
[2,1,5,null,null,"Contribuciones a la Seguridad Social y Riesgo Laboral",{"v":0,"d":"0.00"},{"v":0,"d":"0.00"},{"v":0,"d":"0.00"},{"v":0,"d":"0.00"},{"v":0,"d":"0.00"}]
[2,1,5,1,null,"Contribuciones al seguro de salud",{"v":0,"d":"0.00"},{"v":0,"d":"0.00"},{"v":0,"d":"0.00"},{"v":0,"d":"0.00"},{"v":0,"d":"0.00"}]
[2,1,5,1,"`01","Contribuciones al seguro de salud",{"$nulls":3},{"v":0,"d":"0.00"},{"v":0,"d":"0.00"}]
[2,1,5,2,null,"Contribuciones al seguro de pensiones",{"v":0,"d":"0.00"},{"v":0,"d":"0.00"},{"v":0,"d":"0.00"},{"v":0,"d":"0.00"},{"v":0,"d":"0.00"}]
[2,1,5,2,"`01","Contribuciones al seguro de pensiones",{"$nulls":3},{"v":0,"d":"0.00"},{"v":0,"d":"0.00"}]
[2,1,5,3,null,"Contribuciones al seguro de riesgo laboral",{"v":0,"d":"0.00"},{"v":0,"d":"0.00"},{"v":0,"d":"0.00"},{"v":0,"d":"0.00"},{"v":0,"d":"0.00"}]
[2,1,5,3,"`01","Contribuciones al seguro de riesgo laboral",{"$nulls":3},{"v":0,"d":"0.00"},{"v":0,"d":"0.00"}]
[2,1,5,4,null,"Contribuciones al plan de retiro complementario",{"v":0,"d":"0.00"},{"v":0,"d":"0.00"},{"v":0,"d":"0.00"},{"v":0,"d":"0.00"},{"v":0,"d":"0.00"}]
[2,1,5,4,"`01","Contribuciones al plan de retiro complementario",{"$nulls":3},{"v":0,"d":"0.00"},{"v":0,"d":"0.00"}]
[2,2,{"$nulls":3},"Contratacion de servicios",{"v":11364944.49,"d":"11,364,944.49"},{"v":0,"d":"0.00"},{"v":0,"d":"0.00"},{"v":11364944.49,"d":"11,364,944.49"},{"v":0.499064839583646,"d":"0.50"}]
[2,2,1,null,null,"Servicios Básicos",{"v":2234000,"d":"2,234,000.00"},{"v":0,"d":"0.00"},{"v":0,"d":"0.00"},{"v":2234000,"d":"2,234,000.00"},{"v":0.09810086205092104,"d":"0.10"}]
[2,2,1,1,null,"Radiocomunicación",{"v":0,"d":"0.00"},{"v":0,"d":"0.00"},{"v":0,"d":"0.00"},{"v":0,"d":"0.00"},{"v":0,"d":"0.00"}]
[2,2,1,1,"`01","Radiocomunicación",{"$nulls":3},{"v":0,"d":"0.00"},{"v":0,"d":"0.00"}]
[2,2,1,2,null,"Servicios telefónico de larga distancia",{"v":1200000,"d":"1,200,000.00"},{"v":0,"d":"0.00"},{"v":0,"d":"0.00"},{"v":1200000,"d":"1,200,000.00"},{"v":0.05269518104794326,"d":"0.05"}]
[2,2,1,2,"`01","Servicios telefónico de larga distancia",{"v":1200000,"d":"1,200,000.00"},null,null,{"v":1200000,"d":"1,200,000.00"},{"v":0.05269518104794326,"d":"0.05"}]
[2,2,1,3,null,"Teléfono local",{"v":0,"d":"0.00"},{"v":0,"d":"0.00"},{"v":0,"d":"0.00"},{"v":0,"d":"0.00"},{"v":0,"d":"0.00"}]
[2,2,1,3,"`01","Teléfono local",{"$nulls":3},{"v":0,"d":"0.00"},{"v":0,"d":"0.00"}]
[2,2,1,4,null,"Telefax y correos",{"v":0,"d":"0.00"},{"v":0,"d":"0.00"},{"v":0,"d":"0.00"},{"v":0,"d":"0.00"},{"v":0,"d":"0.00"}]
[2,2,1,4,"`01","Telefax y correos",{"$nulls":3},{"v":0,"d":"0.00"},{"v":0,"d":"0.00"}]
[2,2,1,5,null,"Servicio de internet y televisión por cable",{"v":984000,"d":"984,000.00"},{"v":0,"d":"0.00"},{"v":0,"d":"0.00"},{"v":984000,"d":"984,000.00"},{"v":0.04321004845931348,"d":"0.04"}]
[2,2,1,5,"`01","Servicio de internet y televisión por cable",{"v":984000,"d":"984,000.00"},null,null,{"v":984000,"d":"984,000.00"},{"v":0.04321004845931348,"d":"0.04"}]
[2,2,1,6,null,"Electricidad",{"v":0,"d":"0.00"},{"v":0,"d":"0.00"},{"v":0,"d":"0.00"},{"v":0,"d":"0.00"},{"v":0,"d":"0.00"}]
[2,2,1,6,"`01","Energía eléctrica",{"$nulls":3},{"v":0,"d":"0.00"},{"v":0,"d":"0.00"}]
[2,2,1,6,"`02","Electricidad no cortable",{"$nulls":3},{"v":0,"d":"0.00"},{"v":0,"d":"0.00"}]
[2,2,1,7,null,"Agua",{"v":50000,"d":"50,000.00"},{"v":0,"d":"0.00"},{"v":0,"d":"0.00"},{"v":50000,"d":"50,000.00"},{"v":0.0021956325436643023,"d":"0.00"}]
[2,2,1,7,"`01","Agua",{"v":50000,"d":"50,000.00"},null,null,{"v":50000,"d":"50,000.00"},{"v":0.0021956325436643023,"d":"0.00"}]
[2,2,1,8,null,"Recolección de residuos sólidos",{"v":0,"d":"0.00"},{"v":0,"d":"0.00"},{"v":0,"d":"0.00"},{"v":0,"d":"0.00"},{"v":0,"d":"0.00"}]
[2,2,1,8,"`01","Recolección de residuos sólidos",{"$nulls":3},{"v":0,"d":"0.00"},{"v":0,"d":"0.00"}]
[2,2,2,null,null,"Publicidad Impresión y Encuadernación",{"v":8129927.43,"d":"8,129,927.43"},{"v":0,"d":"0.00"},{"v":0,"d":"0.00"},{"v":8129927.43,"d":"8,129,927.43"},{"v":0.3570066648587417,"d":"0.36"}]
[2,2,2,1,null,"Publicidad y propaganda",{"v":44877.76,"d":"44,877.76"},{"v":0,"d":"0.00"},{"v":0,"d":"0.00"},{"v":44877.76,"d":"44,877.76"},{"v":0.0019707014068551217,"d":"0.00"}]
[2,2,2,1,"`01","Publicidad y propaganda",{"v":44877.76,"d":"44,877.76"},null,null,{"v":44877.76,"d":"44,877.76"},{"v":0.0019707014068551217,"d":"0.00"}]
[2,2,2,2,null,"Impresión y encuadernación",{"v":8085049.67,"d":"8,085,049.67"},{"v":0,"d":"0.00"},{"v":0,"d":"0.00"},{"v":8085049.67,"d":"8,085,049.67"},{"v":0.3550359634518866,"d":"0.36"}]
[2,2,2,2,"`01","Impresión y encuadernación",{"v":8085049.67,"d":"8,085,049.67"},null,null,{"v":8085049.67,"d":"8,085,049.67"},{"v":0.3550359634518866,"d":"0.36"}]
[2,2,3,null,null,"Viáticos",{"v":511800,"d":"511,800.00"},{"v":0,"d":"0.00"},{"v":0,"d":"0.00"},{"v":511800,"d":"511,800.00"},{"v":0.0224744947169478,"d":"0.02"}]
[2,2,3,1,null,"Viáticos dentro del país",{"v":511800,"d":"511,800.00"},{"v":0,"d":"0.00"},{"v":0,"d":"0.00"},{"v":511800,"d":"511,800.00"},{"v":0.0224744947169478,"d":"0.02"}]
[2,2,3,1,"`01","Viáticos dentro del país",{"v":511800,"d":"511,800.00"},null,null,{"v":511800,"d":"511,800.00"},{"v":0.0224744947169478,"d":"0.02"}]
[2,2,3,2,null,"Viáticos fuera del país",{"v":0,"d":"0.00"},{"v":0,"d":"0.00"},{"v":0,"d":"0.00"},{"v":0,"d":"0.00"},{"v":0,"d":"0.00"}]
[2,2,3,2,"`01","Viáticos fuera del país",{"$nulls":3},{"v":0,"d":"0.00"},{"v":0,"d":"0.00"}]
[2,2,4,null,null,"Transporte y Alamcenaje",{"v":14400,"d":"14,400.00"},{"v":0,"d":"0.00"},{"v":0,"d":"0.00"},{"v":14400,"d":"14,400.00"},{"v":0.0006323421725753191,"d":"0.00"}]
[2,2,4,1,null,"Pasajes",{"v":0,"d":"0.00"},{"v":0,"d":"0.00"},{"v":0,"d":"0.00"},{"v":0,"d":"0.00"},{"v":0,"d":"0.00"}]
[2,2,4,1,"`01","Pasajes",{"$nulls":3},{"v":0,"d":"0.00"},{"v":0,"d":"0.00"}]
[2,2,4,2,null,"Fletes",{"v":0,"d":"0.00"},{"v":0,"d":"0.00"},{"v":0,"d":"0.00"},{"v":0,"d":"0.00"},{"v":0,"d":"0.00"}]
[2,2,4,2,"`01","Fletes",{"$nulls":3},{"v":0,"d":"0.00"},{"v":0,"d":"0.00"}]
[2,2,4,3,null,"Almacenaje",{"v":0,"d":"0.00"},{"v":0,"d":"0.00"},{"v":0,"d":"0.00"},{"v":0,"d":"0.00"},{"v":0,"d":"0.00"}]
[2,2,4,3,"`01","Almacenaje",{"$nulls":3},{"v":0,"d":"0.00"},{"v":0,"d":"0.00"}]
[2,2,4,4,null,"Peaje",{"v":14400,"d":"14,400.00"},{"v":0,"d":"0.00"},{"v":0,"d":"0.00"},{"v":14400,"d":"14,400.00"},{"v":0.0006323421725753191,"d":"0.00"}]
[2,2,4,4,"`01","Peaje",{"v":14400,"d":"14,400.00"},null,null,{"v":14400,"d":"14,400.00"},{"v":0.0006323421725753191,"d":"0.00"}]
[2,2,5,null,null,"Alquileres y Rentas",{"v":474817.06,"d":"474,817.06"},{"v":0,"d":"0.00"},{"v":0,"d":"0.00"},{"v":474817.06,"d":"474,817.06"},{"v":0.020850475784460115,"d":"0.02"}]
[2,2,5,1,null,"Alquilleres y rentas de edificios y locales",{"v":474817.06,"d":"474,817.06"},{"v":0,"d":"0.00"},{"v":0,"d":"0.00"},{"v":474817.06,"d":"474,817.06"},{"v":0.020850475784460115,"d":"0.02"}]
[2,2,5,1,"`01","Alquilleres y rentas de edificios y locales",{"v":474817.06,"d":"474,817.06"},null,null,{"v":474817.06,"d":"474,817.06"},{"v":0.020850475784460115,"d":"0.02"}]
[2,2,5,2,null,"Alquileres de equipos de producción",{"v":0,"d":"0.00"},{"v":0,"d":"0.00"},{"v":0,"d":"0.00"},{"v":0,"d":"0.00"},{"v":0,"d":"0.00"}]
[2,2,5,2,"`01","Alquileres de equipos de producción",{"$nulls":3},{"v":0,"d":"0.00"},{"v":0,"d":"0.00"}]
[2,2,5,3,null,"Alquileres de maquinarias y equipos",{"v":0,"d":"0.00"},{"v":0,"d":"0.00"},{"v":0,"d":"0.00"},{"v":0,"d":"0.00"},{"v":0,"d":"0.00"}]
[2,2,5,3,"`01","Alquiler de equipo educacional",{"$nulls":3},{"v":0,"d":"0.00"},{"v":0,"d":"0.00"}]
[2,2,5,3,"`02","Alquiler de equipo para computación",{"$nulls":3},{"v":0,"d":"0.00"},{"v":0,"d":"0.00"}]
[2,2,5,3,"`03","Alquiler de equipo de comunicación",{"$nulls":3},{"v":0,"d":"0.00"},{"v":0,"d":"0.00"}]
[2,2,5,3,"`04","Alquiler de equipo de oficina y muebles",{"$nulls":3},{"v":0,"d":"0.00"},{"v":0,"d":"0.00"}]
[2,2,5,3,"`05","Alquiler de equipos sanitarios y de laboratorios",{"$nulls":3},{"v":0,"d":"0.00"},{"v":0,"d":"0.00"}]
[2,2,5,4,null,"Alquileres de equipos de transporte, tracción y elevación",{"v":0,"d":"0.00"},{"v":0,"d":"0.00"},{"v":0,"d":"0.00"},{"v":0,"d":"0.00"},{"v":0,"d":"0.00"}]
[2,2,5,4,"`01","Alquileres de equipos de transporte, tracción y elevación",{"$nulls":3},{"v":0,"d":"0.00"},{"v":0,"d":"0.00"}]
[2,2,5,5,null,"Alquiler de tierra",{"v":0,"d":"0.00"},{"v":0,"d":"0.00"},{"v":0,"d":"0.00"},{"v":0,"d":"0.00"},{"v":0,"d":"0.00"}]
[2,2,5,5,"`01","Alquiler de tierra",{"$nulls":3},{"v":0,"d":"0.00"},{"v":0,"d":"0.00"}]
[2,2,5,6,null,"Alquileres de Terrenos",{"v":0,"d":"0.00"},{"v":0,"d":"0.00"},{"v":0,"d":"0.00"},{"v":0,"d":"0.00"},{"v":0,"d":"0.00"}]
[2,2,5,6,"`01","Alquileres de Terrenos",{"$nulls":3},{"v":0,"d":"0.00"},{"v":0,"d":"0.00"}]
[2,2,5,7,null,"Alquileres de equipos de construccion y movimiento de tierra",{"v":0,"d":"0.00"},{"v":0,"d":"0.00"},{"v":0,"d":"0.00"},{"v":0,"d":"0.00"},{"v":0,"d":"0.00"}]
[2,2,5,7,"`01","Alquileres de equipos de construccion y movimiento de tierra",{"$nulls":3},{"v":0,"d":"0.00"},{"v":0,"d":"0.00"}]
[2,2,5,8,null,"Otros alquileres",{"v":0,"d":"0.00"},{"v":0,"d":"0.00"},{"v":0,"d":"0.00"},{"v":0,"d":"0.00"},{"v":0,"d":"0.00"}]
[2,2,5,8,"`01","Otros alquileres",{"$nulls":3},{"v":0,"d":"0.00"},{"v":0,"d":"0.00"}]
[2,2,6,null,null,"Seguros",{"v":0,"d":"0.00"},{"v":0,"d":"0.00"},{"v":0,"d":"0.00"},{"v":0,"d":"0.00"},{"v":0,"d":"0.00"}]
[2,2,6,1,null,"Seguro de bienes inmuebles e infraestructura",{"v":0,"d":"0.00"},{"v":0,"d":"0.00"},{"v":0,"d":"0.00"},{"v":0,"d":"0.00"},{"v":0,"d":"0.00"}]
[2,2,6,1,"`01","Seguro de bienes inmuebles e infraestructura",{"$nulls":3},{"v":0,"d":"0.00"},{"v":0,"d":"0.00"}]
[2,2,6,2,null,"Seguro de bienes muebles",{"v":0,"d":"0.00"},{"v":0,"d":"0.00"},{"v":0,"d":"0.00"},{"v":0,"d":"0.00"},{"v":0,"d":"0.00"}]
[2,2,6,2,"`01","Seguro de bienes muebles",{"$nulls":3},{"v":0,"d":"0.00"},{"v":0,"d":"0.00"}]
[2,2,6,3,null,"Seguros de personas",{"v":0,"d":"0.00"},{"v":0,"d":"0.00"},{"v":0,"d":"0.00"},{"v":0,"d":"0.00"},{"v":0,"d":"0.00"}]
[2,2,6,3,"`01","Seguros de personas",{"$nulls":3},{"v":0,"d":"0.00"},{"v":0,"d":"0.00"}]
[2,2,6,4,null,"Seguros de la producción agrícola",{"v":0,"d":"0.00"},{"v":0,"d":"0.00"},{"v":0,"d":"0.00"},{"v":0,"d":"0.00"},{"v":0,"d":"0.00"}]
[2,2,6,4,"`01","Seguros de la producción agrícola",{"$nulls":3},{"v":0,"d":"0.00"},{"v":0,"d":"0.00"}]
[2,2,6,5,null,"Seguro sobre infraestructura",{"v":0,"d":"0.00"},{"v":0,"d":"0.00"},{"v":0,"d":"0.00"},{"v":0,"d":"0.00"},{"v":0,"d":"0.00"}]
[2,2,6,5,"`01","Seguro sobre infraestructura",{"$nulls":3},{"v":0,"d":"0.00"},{"v":0,"d":"0.00"}]
[2,2,6,6,null,"Seguros sobre bienes de dominio publico",{"v":0,"d":"0.00"},{"v":0,"d":"0.00"},{"v":0,"d":"0.00"},{"v":0,"d":"0.00"},{"v":0,"d":"0.00"}]
[2,2,6,6,"`01","Seguros sobre bienes de dominio publico",{"$nulls":3},{"v":0,"d":"0.00"},{"v":0,"d":"0.00"}]
[2,2,6,7,null,"Seguros sobre bienes historicos y culturales",{"v":0,"d":"0.00"},{"v":0,"d":"0.00"},{"v":0,"d":"0.00"},{"v":0,"d":"0.00"},{"v":0,"d":"0.00"}]
[2,2,6,7,"`01","Seguros sobre bienes historicos y culturales",{"$nulls":3},{"v":0,"d":"0.00"},{"v":0,"d":"0.00"}]
[2,2,6,8,null,"Seguros sobre inventarios de bienes de consumo",{"v":0,"d":"0.00"},{"v":0,"d":"0.00"},{"v":0,"d":"0.00"},{"v":0,"d":"0.00"},{"v":0,"d":"0.00"}]
[2,2,6,8,"`01","Seguros sobre inventarios de bienes de consumo",{"$nulls":3},{"v":0,"d":"0.00"},{"v":0,"d":"0.00"}]
[2,2,6,9,null,"Otros seguros",{"v":0,"d":"0.00"},{"v":0,"d":"0.00"},{"v":0,"d":"0.00"},{"v":0,"d":"0.00"},{"v":0,"d":"0.00"}]
[2,2,6,9,"`01","Otros seguros",{"$nulls":3},{"v":0,"d":"0.00"},{"v":0,"d":"0.00"}]
[2,2,7,null,null,"Servicios de Conservación, Reparaciones Menores e Instalaciones Temporales",{"v":0,"d":"0.00"},{"v":0,"d":"0.00"},{"v":0,"d":"0.00"},{"v":0,"d":"0.00"},{"v":0,"d":"0.00"}]
[2,2,7,1,null,"Contrataciones de obras menores",{"v":0,"d":"0.00"},{"v":0,"d":"0.00"},{"v":0,"d":"0.00"},{"v":0,"d":"0.00"},{"v":0,"d":"0.00"}]
[2,2,7,1,"`01","Obras menores en edificaciones",{"$nulls":3},{"v":0,"d":"0.00"},{"v":0,"d":"0.00"}]
[2,2,7,1,"`02","Servicios especiales de mantenimiento y reparación",{"$nulls":3},{"v":0,"d":"0.00"},{"v":0,"d":"0.00"}]
[2,2,7,1,"`03","Limpieza, desmalezamiento de tierras y terrenos",{"$nulls":3},{"v":0,"d":"0.00"},{"v":0,"d":"0.00"}]
[2,2,7,1,"`04","Mantenimiento y reparación de obras civiles en instalaciones varias",{"$nulls":3},{"v":0,"d":"0.00"},{"v":0,"d":"0.00"}]
[2,2,7,1,"`05","Obras en bienes de dominio público",{"$nulls":3},{"v":0,"d":"0.00"},{"v":0,"d":"0.00"}]
[2,2,7,1,"`06","Instalaciones eléctricas",{"$nulls":3},{"v":0,"d":"0.00"},{"v":0,"d":"0.00"}]
[2,2,7,1,"`07","Servicios de pintura y derivados con fin de higiene y embellecimiento",{"$nulls":3},{"v":0,"d":"0.00"},{"v":0,"d":"0.00"}]
[2,2,7,2,null,"Mantenimientos y reparacion de maquinarias y equipos",{"v":0,"d":"0.00"},{"v":0,"d":"0.00"},{"v":0,"d":"0.00"},{"v":0,"d":"0.00"},{"v":0,"d":"0.00"}]
[2,2,7,2,"`01","Mantenimiento y reparación de equipo de oficina y muebles",{"$nulls":3},{"v":0,"d":"0.00"},{"v":0,"d":"0.00"}]
[2,2,7,2,"`02","Mantenimiento y reparación de equipo para computación",{"$nulls":3},{"v":0,"d":"0.00"},{"v":0,"d":"0.00"}]
[2,2,7,2,"`03","Mantenimiento y reparación de equipo de educacional",{"$nulls":3},{"v":0,"d":"0.00"},{"v":0,"d":"0.00"}]
[2,2,7,2,"`04","Mantenimiento y reparación de equipos sanitarios y de laboratorio",{"$nulls":3},{"v":0,"d":"0.00"},{"v":0,"d":"0.00"}]
[2,2,7,2,"`05","Mantenimiento y reparación de equipos de comunicación",{"$nulls":3},{"v":0,"d":"0.00"},{"v":0,"d":"0.00"}]
[2,2,7,2,"`06","Mantenimiento y reparación de equipos de transporte, tracción y elevación",{"$nulls":3},{"v":0,"d":"0.00"},{"v":0,"d":"0.00"}]
[2,2,7,3,null,"Instalaciones temporales",{"v":0,"d":"0.00"},{"v":0,"d":"0.00"},{"v":0,"d":"0.00"},{"v":0,"d":"0.00"},{"v":0,"d":"0.00"}]
[2,2,7,3,"`01","Instalaciones temporales",{"$nulls":3},{"v":0,"d":"0.00"},{"v":0,"d":"0.00"}]
[2,2,8,null,null,"Otros Servicios No Incluidos en conceptos anteriores",{"v":0,"d":"0.00"},{"v":0,"d":"0.00"},{"v":0,"d":"0.00"},{"v":0,"d":"0.00"},{"v":0,"d":"0.00"}]
[2,2,8,1,null,"Gastos judiciales",{"v":0,"d":"0.00"},{"v":0,"d":"0.00"},{"v":0,"d":"0.00"},{"v":0,"d":"0.00"},{"v":0,"d":"0.00"}]
[2,2,8,1,"`01","Gastos judiciales",{"$nulls":3},{"v":0,"d":"0.00"},{"v":0,"d":"0.00"}]
[2,2,8,2,null,"Comisiones y gastos bancarios",{"v":0,"d":"0.00"},{"v":0,"d":"0.00"},{"v":0,"d":"0.00"},{"v":0,"d":"0.00"},{"v":0,"d":"0.00"}]
[2,2,8,2,"`01","Comisiones y gastos bancarios",{"$nulls":3},{"v":0,"d":"0.00"},{"v":0,"d":"0.00"}]
[2,2,8,3,null,"Servicios sanitarios médicos y veterinarios",{"v":0,"d":"0.00"},{"v":0,"d":"0.00"},{"v":0,"d":"0.00"},{"v":0,"d":"0.00"},{"v":0,"d":"0.00"}]
[2,2,8,3,"`01","Servicios sanitarios médicos y veterinarios",{"$nulls":3},{"v":0,"d":"0.00"},{"v":0,"d":"0.00"}]
[2,2,8,4,null,"Servicios funerarios y gastos conexos",{"v":0,"d":"0.00"},{"v":0,"d":"0.00"},{"v":0,"d":"0.00"},{"v":0,"d":"0.00"},{"v":0,"d":"0.00"}]
[2,2,8,4,"`01","Servicios funerarios y gastos conexos",{"$nulls":3},{"v":0,"d":"0.00"},{"v":0,"d":"0.00"}]
[2,2,8,5,null,"Fumigación, lavandería, limpieza e higiene",{"v":0,"d":"0.00"},{"v":0,"d":"0.00"},{"v":0,"d":"0.00"},{"v":0,"d":"0.00"},{"v":0,"d":"0.00"}]
[2,2,8,5,"`01","Fumigación",{"$nulls":3},{"v":0,"d":"0.00"},{"v":0,"d":"0.00"}]
[2,2,8,5,"`02","Lavandería",{"$nulls":3},{"v":0,"d":"0.00"},{"v":0,"d":"0.00"}]
[2,2,8,5,"`03","Limpieza e higiene",{"$nulls":3},{"v":0,"d":"0.00"},{"v":0,"d":"0.00"}]
[2,2,8,6,null,"Organización de eventos y festividades",{"v":0,"d":"0.00"},{"v":0,"d":"0.00"},{"v":0,"d":"0.00"},{"v":0,"d":"0.00"},{"v":0,"d":"0.00"}]
[2,2,8,6,"`01","Eventos generals",{"$nulls":3},{"v":0,"d":"0.00"},{"v":0,"d":"0.00"}]
[2,2,8,6,"`02","Festividades",{"$nulls":3},{"v":0,"d":"0.00"},{"v":0,"d":"0.00"}]
[2,2,8,6,"`03","Actuaciones deportivas",{"$nulls":3},{"v":0,"d":"0.00"},{"v":0,"d":"0.00"}]
[2,2,8,6,"`04","Actuaciones artísticas",{"$nulls":3},{"v":0,"d":"0.00"},{"v":0,"d":"0.00"}]
[2,2,8,7,null,"Servicios Técnicos y Profesionales",{"v":0,"d":"0.00"},{"v":0,"d":"0.00"},{"v":0,"d":"0.00"},{"v":0,"d":"0.00"},{"v":0,"d":"0.00"}]
[2,2,8,7,"`01","Estudios, investigaciones y análisis de factibilidad",{"$nulls":3},{"v":0,"d":"0.00"},{"v":0,"d":"0.00"}]
[2,2,8,7,"`02","Servicios jurídicos",{"$nulls":3},{"v":0,"d":"0.00"},{"v":0,"d":"0.00"}]
[2,2,8,7,"`03","Servicios de contabilidad y auditoría",{"$nulls":3},{"v":0,"d":"0.00"},{"v":0,"d":"0.00"}]
[2,2,8,7,"`04","Servicios de capacitación",{"$nulls":3},{"v":0,"d":"0.00"},{"v":0,"d":"0.00"}]
[2,2,8,7,"`05","Servicios de informática y sistemas computarizados",{"$nulls":3},{"v":0,"d":"0.00"},{"v":0,"d":"0.00"}]
[2,2,8,7,"`06","Otros servicios técnicos profesionales",{"$nulls":3},{"v":0,"d":"0.00"},{"v":0,"d":"0.00"}]
[2,2,8,8,null,"Impuestos, derechos y tasas",{"v":0,"d":"0.00"},{"v":0,"d":"0.00"},{"v":0,"d":"0.00"},{"v":0,"d":"0.00"},{"v":0,"d":"0.00"}]
[2,2,8,8,"`01","Impuestos",{"$nulls":3},{"v":0,"d":"0.00"},{"v":0,"d":"0.00"}]
[2,2,8,8,"`02","Derechos",{"$nulls":3},{"v":0,"d":"0.00"},{"v":0,"d":"0.00"}]
[2,2,8,8,"`03","Tasas",{"$nulls":3},{"v":0,"d":"0.00"},{"v":0,"d":"0.00"}]
[2,2,8,9,null,"Otros gastos operativos",{"v":0,"d":"0.00"},{"v":0,"d":"0.00"},{"v":0,"d":"0.00"},{"v":0,"d":"0.00"},{"v":0,"d":"0.00"}]
[2,2,8,9,"`01","Interes devengados internos por instituciones financieras",{"$nulls":3},{"v":0,"d":"0.00"},{"v":0,"d":"0.00"}]
[2,2,8,9,"`02","Interes devengados externos por instituciones financieras",{"$nulls":3},{"v":0,"d":"0.00"},{"v":0,"d":"0.00"}]
[2,2,8,9,"`03","Premios de billetes y quinielas de la Lotería Nacional",{"$nulls":3},{"v":0,"d":"0.00"},{"v":0,"d":"0.00"}]
[2,2,8,9,"`04","Otros gastos por indemnizaciones y compensaciones",{"$nulls":3},{"v":0,"d":"0.00"},{"v":0,"d":"0.00"}]
[2,2,8,9,"`05","Otros gastos operativos de instituciones empresariales",{"$nulls":3},{"v":0,"d":"0.00"},{"v":0,"d":"0.00"}]
[2,3,{"$nulls":3},"Materiales y Suministros",{"v":23750023.040000003,"d":"23,750,023.04"},{"v":10156657.45,"d":"10,156,657.45"},{"v":0,"d":"0.00"},{"v":33906680.49,"d":"33,906,680.49"},{"v":1.4889322226294295,"d":"1.49"}]
[2,3,1,null,null,"Alimentos y Productos Agroforestales",{"v":2481099.6,"d":"2,481,099.60"},{"v":0,"d":"0.00"},{"v":0,"d":"0.00"},{"v":2481099.6,"d":"2,481,099.60"},{"v":0.10895166051664967,"d":"0.11"}]
[2,3,1,1,null,"Alimentos y bebidas para personas",{"v":2481099.6,"d":"2,481,099.60"},{"v":0,"d":"0.00"},{"v":0,"d":"0.00"},{"v":2481099.6,"d":"2,481,099.60"},{"v":0.10895166051664967,"d":"0.11"}]
[2,3,1,1,"`01","Alimentos y bebidas para personas",{"v":2481099.6,"d":"2,481,099.60"},null,null,{"v":2481099.6,"d":"2,481,099.60"},{"v":0.10895166051664967,"d":"0.11"}]
[2,3,1,1,"`02","Desayuno escolar",{"$nulls":3},{"v":0,"d":"0.00"},{"v":0,"d":"0.00"}]
[2,3,1,2,null,"Alimentos para animales",{"v":0,"d":"0.00"},{"v":0,"d":"0.00"},{"v":0,"d":"0.00"},{"v":0,"d":"0.00"},{"v":0,"d":"0.00"}]
[2,3,1,2,"`01","Alimentos para animales",{"$nulls":3},{"v":0,"d":"0.00"},{"v":0,"d":"0.00"}]
[2,3,1,3,null,"Productos agroforestales y pecuarios",{"v":0,"d":"0.00"},{"v":0,"d":"0.00"},{"v":0,"d":"0.00"},{"v":0,"d":"0.00"},{"v":0,"d":"0.00"}]
[2,3,1,3,"`01","Productos pecuarios",{"$nulls":3},{"v":0,"d":"0.00"},{"v":0,"d":"0.00"}]
[2,3,1,3,"`02","Productos agrícolas",{"$nulls":3},{"v":0,"d":"0.00"},{"v":0,"d":"0.00"}]
[2,3,1,3,"`03","Productos forestales",{"$nulls":3},{"v":0,"d":"0.00"},{"v":0,"d":"0.00"}]
[2,3,1,4,null,"Madera, corcho y sus manufacturas",{"v":0,"d":"0.00"},{"v":0,"d":"0.00"},{"v":0,"d":"0.00"},{"v":0,"d":"0.00"},{"v":0,"d":"0.00"}]
[2,3,1,4,"`01","Madera, corcho y sus manufacturas",{"$nulls":3},{"v":0,"d":"0.00"},{"v":0,"d":"0.00"}]
[2,3,2,null,null,"Textiles y Vestuarios",{"v":0,"d":"0.00"},{"v":0,"d":"0.00"},{"v":0,"d":"0.00"},{"v":0,"d":"0.00"},{"v":0,"d":"0.00"}]
[2,3,2,1,null,"Hilados y telas",{"v":0,"d":"0.00"},{"v":0,"d":"0.00"},{"v":0,"d":"0.00"},{"v":0,"d":"0.00"},{"v":0,"d":"0.00"}]
[2,3,2,1,"`01","Hilados y telas",{"$nulls":3},{"v":0,"d":"0.00"},{"v":0,"d":"0.00"}]
[2,3,2,2,null,"Acabados textiles",{"v":0,"d":"0.00"},{"v":0,"d":"0.00"},{"v":0,"d":"0.00"},{"v":0,"d":"0.00"},{"v":0,"d":"0.00"}]
[2,3,2,2,"`01","Acabados textiles",{"$nulls":3},{"v":0,"d":"0.00"},{"v":0,"d":"0.00"}]
[2,3,2,3,null,"Prendas de vestir",{"v":0,"d":"0.00"},{"v":0,"d":"0.00"},{"v":0,"d":"0.00"},{"v":0,"d":"0.00"},{"v":0,"d":"0.00"}]
[2,3,2,3,"`01","Prendas de vestir",{"$nulls":3},{"v":0,"d":"0.00"},{"v":0,"d":"0.00"}]
[2,3,2,4,null,"Calzados",{"v":0,"d":"0.00"},{"v":0,"d":"0.00"},{"v":0,"d":"0.00"},{"v":0,"d":"0.00"},{"v":0,"d":"0.00"}]
[2,3,2,4,"`01","Calzados",{"$nulls":3},{"v":0,"d":"0.00"},{"v":0,"d":"0.00"}]
[2,3,3,null,null,"Productos de Papel, Cartón e Impresos",{"v":144621.38999999998,"d":"144,621.39"},{"v":0,"d":"0.00"},{"v":0,"d":"0.00"},{"v":144621.38999999998,"d":"144,621.39"},{"v":0.006350708607879343,"d":"0.01"}]
[2,3,3,1,null,"Papel de escritorio",{"v":16569.56,"d":"16,569.56"},{"v":0,"d":"0.00"},{"v":0,"d":"0.00"},{"v":16569.56,"d":"16,569.56"},{"v":0.0007276133034039657,"d":"0.00"}]
[2,3,3,1,"`01","Papel de escritorio",{"v":16569.56,"d":"16,569.56"},null,null,{"v":16569.56,"d":"16,569.56"},{"v":0.0007276133034039657,"d":"0.00"}]
[2,3,3,2,null,"Productos de papel y cartón",{"v":3996.07,"d":"3,996.07"},{"v":0,"d":"0.00"},{"v":0,"d":"0.00"},{"v":3996.07,"d":"3,996.07"},{"v":0.00017547802677521222,"d":"0.00"}]
[2,3,3,2,"`01","Productos de papel y cartón",{"v":3996.07,"d":"3,996.07"},null,null,{"v":3996.07,"d":"3,996.07"},{"v":0.00017547802677521222,"d":"0.00"}]
[2,3,3,3,null,"Productos de artes gráficas",{"v":124055.76,"d":"124,055.76"},{"v":0,"d":"0.00"},{"v":0,"d":"0.00"},{"v":124055.76,"d":"124,055.76"},{"v":0.005447617277700165,"d":"0.01"}]
[2,3,3,3,"`01","Productos de artes gráficas",{"v":124055.76,"d":"124,055.76"},null,null,{"v":124055.76,"d":"124,055.76"},{"v":0.005447617277700165,"d":"0.01"}]
[2,3,3,4,null,"Libros, revistas y periódicos",{"v":0,"d":"0.00"},{"v":0,"d":"0.00"},{"v":0,"d":"0.00"},{"v":0,"d":"0.00"},{"v":0,"d":"0.00"}]
[2,3,3,4,"`01","Libros, revistas y periódicos",{"$nulls":3},{"v":0,"d":"0.00"},{"v":0,"d":"0.00"}]
[2,3,3,5,null,"Textos de enseñanza",{"v":0,"d":"0.00"},{"v":0,"d":"0.00"},{"v":0,"d":"0.00"},{"v":0,"d":"0.00"},{"v":0,"d":"0.00"}]
[2,3,3,5,"`01","Textos de enseñanza",{"$nulls":3},{"v":0,"d":"0.00"},{"v":0,"d":"0.00"}]
[2,3,3,6,null,"Especies timbrados y valoradas",{"v":0,"d":"0.00"},{"v":0,"d":"0.00"},{"v":0,"d":"0.00"},{"v":0,"d":"0.00"},{"v":0,"d":"0.00"}]
[2,3,3,6,"`01","Especies timbrados y valoradas",{"$nulls":3},{"v":0,"d":"0.00"},{"v":0,"d":"0.00"}]
[2,3,4,null,null,"Productos Farmacéuticos",{"v":12000000,"d":"12,000,000.00"},{"v":0,"d":"0.00"},{"v":0,"d":"0.00"},{"v":12000000,"d":"12,000,000.00"},{"v":0.5269518104794326,"d":"0.53"}]
[2,3,4,1,null,"Productos medicinales para uso humano",{"v":12000000,"d":"12,000,000.00"},{"v":0,"d":"0.00"},{"v":0,"d":"0.00"},{"v":12000000,"d":"12,000,000.00"},{"v":0.5269518104794326,"d":"0.53"}]
[2,3,4,1,"`01","Productos medicinales para uso humano",{"v":12000000,"d":"12,000,000.00"},null,null,{"v":12000000,"d":"12,000,000.00"},{"v":0.5269518104794326,"d":"0.53"}]
[2,3,4,2,null,"Productos medicinales para uso veterinario",{"v":0,"d":"0.00"},{"v":0,"d":"0.00"},{"v":0,"d":"0.00"},{"v":0,"d":"0.00"},{"v":0,"d":"0.00"}]
[2,3,4,2,"`01","Productos medicinales para uso veterinario",{"$nulls":3},{"v":0,"d":"0.00"},{"v":0,"d":"0.00"}]
[2,3,5,null,null,"Productos de Cuero, Caucho y Plasticos",{"v":0,"d":"0.00"},{"v":0,"d":"0.00"},{"v":0,"d":"0.00"},{"v":0,"d":"0.00"},{"v":0,"d":"0.00"}]
[2,3,5,1,null,"Cueros y pieles",{"v":0,"d":"0.00"},{"v":0,"d":"0.00"},{"v":0,"d":"0.00"},{"v":0,"d":"0.00"},{"v":0,"d":"0.00"}]
[2,3,5,1,"`01","Cueros y pieles",{"$nulls":3},{"v":0,"d":"0.00"},{"v":0,"d":"0.00"}]
[2,3,5,2,null,"Artículos de cuero",{"v":0,"d":"0.00"},{"v":0,"d":"0.00"},{"v":0,"d":"0.00"},{"v":0,"d":"0.00"},{"v":0,"d":"0.00"}]
[2,3,5,2,"`01","Artículos de cuero",{"$nulls":3},{"v":0,"d":"0.00"},{"v":0,"d":"0.00"}]
[2,3,5,3,null,"Llantas y neumáticos",{"v":0,"d":"0.00"},{"v":0,"d":"0.00"},{"v":0,"d":"0.00"},{"v":0,"d":"0.00"},{"v":0,"d":"0.00"}]
[2,3,5,3,"`01","Llantas y neumáticos",{"$nulls":3},{"v":0,"d":"0.00"},{"v":0,"d":"0.00"}]
[2,3,5,4,null,"Artículos de caucho",{"v":0,"d":"0.00"},{"v":0,"d":"0.00"},{"v":0,"d":"0.00"},{"v":0,"d":"0.00"},{"v":0,"d":"0.00"}]
[2,3,5,4,"`01","Artículos de caucho",{"$nulls":3},{"v":0,"d":"0.00"},{"v":0,"d":"0.00"}]
[2,3,5,5,null,"Artículos de plástico ",{"v":0,"d":"0.00"},{"v":0,"d":"0.00"},{"v":0,"d":"0.00"},{"v":0,"d":"0.00"},{"v":0,"d":"0.00"}]
[2,3,5,5,"`01","Artículos de plástico",{"$nulls":3},{"v":0,"d":"0.00"},{"v":0,"d":"0.00"}]
[2,3,6,null,null,"Productos de Minerales, Metalicos y No Metalicos",{"v":14267.05,"d":"14,267.05"},{"v":0,"d":"0.00"},{"v":0,"d":"0.00"},{"v":14267.05,"d":"14,267.05"},{"v":0.0006265039856417157,"d":"0.00"}]
[2,3,6,1,null,"Productos de cemento, cal, asbesto, yeso y arcilla",{"v":1888,"d":"1,888.00"},{"v":0,"d":"0.00"},{"v":0,"d":"0.00"},{"v":1888,"d":"1,888.00"},{"v":8.290708484876407e-05,"d":"0.00"}]
[2,3,6,1,"`01","Productos de cemento",{"v":1888,"d":"1,888.00"},null,null,{"v":1888,"d":"1,888.00"},{"v":8.290708484876407e-05,"d":"0.00"}]
[2,3,6,1,"`02","Productos de cal",{"$nulls":3},{"v":0,"d":"0.00"},{"v":0,"d":"0.00"}]
[2,3,6,1,"`03","Productos de asbestos",{"$nulls":3},{"v":0,"d":"0.00"},{"v":0,"d":"0.00"}]
[2,3,6,1,"`04","Productos de yeso",{"$nulls":3},{"v":0,"d":"0.00"},{"v":0,"d":"0.00"}]
[2,3,6,1,"`05","Productos de arcilla y derivados",{"$nulls":3},{"v":0,"d":"0.00"},{"v":0,"d":"0.00"}]
[2,3,6,2,null,"Productos de vidrio, loza y porcelana",{"v":0,"d":"0.00"},{"v":0,"d":"0.00"},{"v":0,"d":"0.00"},{"v":0,"d":"0.00"},{"v":0,"d":"0.00"}]
[2,3,6,2,"`01","Productos de vidrio",{"$nulls":3},{"v":0,"d":"0.00"},{"v":0,"d":"0.00"}]
[2,3,6,2,"`02","Productos de loza",{"$nulls":3},{"v":0,"d":"0.00"},{"v":0,"d":"0.00"}]
[2,3,6,2,"`03","Productos de porcelana",{"$nulls":3},{"v":0,"d":"0.00"},{"v":0,"d":"0.00"}]
[2,3,6,3,null,"Productos metálicos y sus derivados",{"v":12379.05,"d":"12,379.05"},{"v":0,"d":"0.00"},{"v":0,"d":"0.00"},{"v":12379.05,"d":"12,379.05"},{"v":0.0005435969007929517,"d":"0.00"}]
[2,3,6,3,"`01","Productos ferrosos",{"v":12379.05,"d":"12,379.05"},null,null,{"v":12379.05,"d":"12,379.05"},{"v":0.0005435969007929517,"d":"0.00"}]
[2,3,6,3,"`02","Productos no ferrosos",{"$nulls":3},{"v":0,"d":"0.00"},{"v":0,"d":"0.00"}]
[2,3,6,3,"`03","Estructuras metálicas acabadas",{"$nulls":3},{"v":0,"d":"0.00"},{"v":0,"d":"0.00"}]
[2,3,6,3,"`04","Herramientas menores",{"$nulls":3},{"v":0,"d":"0.00"},{"v":0,"d":"0.00"}]
[2,3,6,3,"`05","Productos de hojalata",{"$nulls":3},{"v":0,"d":"0.00"},{"v":0,"d":"0.00"}]
[2,3,6,3,"`06","Accesorios de metal",{"$nulls":3},{"v":0,"d":"0.00"},{"v":0,"d":"0.00"}]
[2,3,6,4,null,"Minerales",{"v":0,"d":"0.00"},{"v":0,"d":"0.00"},{"v":0,"d":"0.00"},{"v":0,"d":"0.00"},{"v":0,"d":"0.00"}]
[2,3,6,4,"`01","Minerales metalíferos",{"$nulls":3},{"v":0,"d":"0.00"},{"v":0,"d":"0.00"}]
[2,3,6,4,"`02","Petróleo crudo",{"$nulls":3},{"v":0,"d":"0.00"},{"v":0,"d":"0.00"}]
[2,3,6,4,"`03","Carbon mineral",{"$nulls":3},{"v":0,"d":"0.00"},{"v":0,"d":"0.00"}]
[2,3,6,4,"`04","Piedra, arcilla y arena",{"$nulls":3},{"v":0,"d":"0.00"},{"v":0,"d":"0.00"}]
[2,3,6,4,"`05","Productos aislantes",{"$nulls":3},{"v":0,"d":"0.00"},{"v":0,"d":"0.00"}]
[2,3,6,4,"`06","Productos abrasivos",{"$nulls":3},{"v":0,"d":"0.00"},{"v":0,"d":"0.00"}]
[2,3,6,4,"`07","Otros minerales",{"$nulls":3},{"v":0,"d":"0.00"},{"v":0,"d":"0.00"}]
[2,3,6,9,null,"Otros Productos Minerales no metálicos",{"v":0,"d":"0.00"},{"v":0,"d":"0.00"},{"v":0,"d":"0.00"},{"v":0,"d":"0.00"},{"v":0,"d":"0.00"}]
[2,3,6,9,"`01","Otros Productos Minerales no metálicos",{"$nulls":3},{"v":0,"d":"0.00"},{"v":0,"d":"0.00"}]
[2,3,7,null,null,"Combustibles, Lubricantes, Productos Químicos y Conexos",{"v":2536112.2,"d":"2,536,112.20"},{"v":0,"d":"0.00"},{"v":0,"d":"0.00"},{"v":2536112.2,"d":"2,536,112.20"},{"v":0.1113674096140814,"d":"0.11"}]
[2,3,7,1,null,"Combustibles y lubricantes",{"v":2534652,"d":"2,534,652.00"},{"v":0,"d":"0.00"},{"v":0,"d":"0.00"},{"v":2534652,"d":"2,534,652.00"},{"v":0.11130328836127623,"d":"0.11"}]
[2,3,7,1,"`01","Gasolina",{"$nulls":3},{"v":0,"d":"0.00"},{"v":0,"d":"0.00"}]
[2,3,7,1,"`02","Gasoil",{"v":2534652,"d":"2,534,652.00"},null,null,{"v":2534652,"d":"2,534,652.00"},{"v":0.11130328836127623,"d":"0.11"}]
[2,3,7,1,"`03","Kerosén",{"$nulls":3},{"v":0,"d":"0.00"},{"v":0,"d":"0.00"}]
[2,3,7,1,"`04","Gas GLP",{"$nulls":3},{"v":0,"d":"0.00"},{"v":0,"d":"0.00"}]
[2,3,7,1,"`05","Aceites y Grasas",{"$nulls":3},{"v":0,"d":"0.00"},{"v":0,"d":"0.00"}]
[2,3,7,1,"`06","Lubricantes",{"$nulls":3},{"v":0,"d":"0.00"},{"v":0,"d":"0.00"}]
[2,3,7,1,"`07","Gas Natural",{"$nulls":3},{"v":0,"d":"0.00"},{"v":0,"d":"0.00"}]
[2,3,7,2,null,"Productos químicos y conexos",{"v":1460.2,"d":"1,460.20"},{"v":0,"d":"0.00"},{"v":0,"d":"0.00"},{"v":1460.2,"d":"1,460.20"},{"v":6.41212528051723e-05,"d":"0.00"}]
[2,3,7,2,"`01","Productos explosivos y Pirotecnia",{"$nulls":3},{"v":0,"d":"0.00"},{"v":0,"d":"0.00"}]
[2,3,7,2,"`02","Productos Fotoquímicos",{"$nulls":3},{"v":0,"d":"0.00"},{"v":0,"d":"0.00"}]
[2,3,7,2,"`03","Productos Químicos de uso Personal",{"v":1460.2,"d":"1,460.20"},null,null,{"v":1460.2,"d":"1,460.20"},{"v":6.41212528051723e-05,"d":"0.00"}]
[2,3,7,2,"`04","Abonos y Fertilizantes",{"$nulls":3},{"v":0,"d":"0.00"},{"v":0,"d":"0.00"}]
[2,3,7,2,"`05","Insecticidas, Fumigantes y Otros",{"$nulls":3},{"v":0,"d":"0.00"},{"v":0,"d":"0.00"}]
[2,3,7,2,"`06","Pinturas, Lacas, Barnices, Diluyentes y Absorbentes para Pinturas",{"$nulls":3},{"v":0,"d":"0.00"},{"v":0,"d":"0.00"}]
[2,3,8,null,null,"Gastos que se asignaran durante el ejercicio ( Art. 32-33 Ley 423-06)",{"v":0,"d":"0.00"},{"v":0,"d":"0.00"},{"v":0,"d":"0.00"},{"v":0,"d":"0.00"},{"v":0,"d":"0.00"}]
[2,3,8,1,null,"5 % que se asignara durante el ejercicio para gastos corrientes",{"v":0,"d":"0.00"},{"v":0,"d":"0.00"},{"v":0,"d":"0.00"},{"v":0,"d":"0.00"},{"v":0,"d":"0.00"}]
[2,3,8,1,"`01","5 % que se asignara durante el ejercicio para gastos corrientes",{"$nulls":3},{"v":0,"d":"0.00"},{"v":0,"d":"0.00"}]
[2,3,8,2,null,"1 % que se asignara durante el ejercicio para gastos corrientes por calamidad publica",{"v":0,"d":"0.00"},{"v":0,"d":"0.00"},{"v":0,"d":"0.00"},{"v":0,"d":"0.00"},{"v":0,"d":"0.00"}]
[2,3,8,2,"`01","1 % que se asignara durante el ejercicio para gastos corrientes por calamidad publica",{"$nulls":3},{"v":0,"d":"0.00"},{"v":0,"d":"0.00"}]
[2,3,9,null,null,"Productos y Utiles Varios",{"v":6573922.8,"d":"6,573,922.80"},{"v":10156657.45,"d":"10,156,657.45"},{"v":0,"d":"0.00"},{"v":16730580.25,"d":"16,730,580.25"},{"v":0.7346841294257448,"d":"0.73"}]
[2,3,9,1,null,"Material para limpieza",{"v":3350000,"d":"3,350,000.00"},{"v":0,"d":"0.00"},{"v":0,"d":"0.00"},{"v":3350000,"d":"3,350,000.00"},{"v":0.14710738042550828,"d":"0.15"}]
[2,3,9,1,"`01","Material para limpieza",{"v":3350000,"d":"3,350,000.00"},null,null,{"v":3350000,"d":"3,350,000.00"},{"v":0.14710738042550828,"d":"0.15"}]
[2,3,9,2,null,"Utiles de escritorio, oficina informática y de enseñanza",{"v":3223922.8,"d":"3,223,922.80"},{"v":0,"d":"0.00"},{"v":0,"d":"0.00"},{"v":3223922.8,"d":"3,223,922.80"},{"v":0.1415709963588268,"d":"0.14"}]
[2,3,9,2,"`01","Utiles de escritorio, oficina informática y de enseñanza",{"v":3223922.8,"d":"3,223,922.80"},null,null,{"v":3223922.8,"d":"3,223,922.80"},{"v":0.1415709963588268,"d":"0.14"}]
[2,3,9,3,null,"Utiles menores médico quirùrgicos",{"v":0,"d":"0.00"},{"v":0,"d":"0.00"},{"v":0,"d":"0.00"},{"v":0,"d":"0.00"},{"v":0,"d":"0.00"}]
[2,3,9,3,"`01","Utiles menores médico quirùrgicos",{"$nulls":3},{"v":0,"d":"0.00"},{"v":0,"d":"0.00"}]
[2,3,9,4,null,"Utiles destinados a actividades deportivas y recreativas",{"v":0,"d":"0.00"},{"v":15000,"d":"15,000.00"},{"v":0,"d":"0.00"},{"v":15000,"d":"15,000.00"},{"v":0.0006586897630992907,"d":"0.00"}]
[2,3,9,4,"`01","Utiles destinados a actividades deportivas y recreativas",null,{"v":15000,"d":"15,000.00"},null,{"v":15000,"d":"15,000.00"},{"v":0.0006586897630992907,"d":"0.00"}]
[2,3,9,5,null,"Utiles de cocina y comedor",{"v":0,"d":"0.00"},{"v":0,"d":"0.00"},{"v":0,"d":"0.00"},{"v":0,"d":"0.00"},{"v":0,"d":"0.00"}]
[2,3,9,5,"`01","Utiles de cocina y comedor",{"$nulls":3},{"v":0,"d":"0.00"},{"v":0,"d":"0.00"}]
[2,3,9,6,null,"Productos eléctricos y afines",{"v":0,"d":"0.00"},{"v":0,"d":"0.00"},{"v":0,"d":"0.00"},{"v":0,"d":"0.00"},{"v":0,"d":"0.00"}]
[2,3,9,6,"`01","Productos eléctricos y afines",{"$nulls":3},{"v":0,"d":"0.00"},{"v":0,"d":"0.00"}]
[2,3,9,7,null,"Productos y útiles veterinarios",{"v":0,"d":"0.00"},{"v":0,"d":"0.00"},{"v":0,"d":"0.00"},{"v":0,"d":"0.00"},{"v":0,"d":"0.00"}]
[2,3,9,7,"`01","Productos y útiles veterinarios",{"$nulls":3},{"v":0,"d":"0.00"},{"v":0,"d":"0.00"}]
[2,3,9,8,null,"Otros repuestos y accesorios menores",{"v":0,"d":"0.00"},{"v":4960,"d":"4,960.00"},{"v":0,"d":"0.00"},{"v":4960,"d":"4,960.00"},{"v":0.0002178067483314988,"d":"0.00"}]
[2,3,9,8,"`01","Otros repuestos y accesorios menores",null,{"v":4960,"d":"4,960.00"},null,{"v":4960,"d":"4,960.00"},{"v":0.0002178067483314988,"d":"0.00"}]
[2,3,9,9,null,"Productos y útiles varios n.i.p.",{"v":0,"d":"0.00"},{"v":10136697.45,"d":"10,136,697.45"},{"v":0,"d":"0.00"},{"v":10136697.45,"d":"10,136,697.45"},{"v":0.44512925612997895,"d":"0.45"}]
[2,3,9,9,"`01","Productos y útiles varios n.i.p.",null,{"v":10136697.45,"d":"10,136,697.45"},null,{"v":10136697.45,"d":"10,136,697.45"},{"v":0.44512925612997895,"d":"0.45"}]
[2,4,{"$nulls":3},"Transferencias Corrientes",{"v":0,"d":"0.00"},{"v":0,"d":"0.00"},{"v":0,"d":"0.00"},{"v":0,"d":"0.00"},{"v":0,"d":"0.00"}]
[2,4,1,null,null," Transferencias Corrientes Al Sector Privado",{"v":0,"d":"0.00"},{"v":0,"d":"0.00"},{"v":0,"d":"0.00"},{"v":0,"d":"0.00"},{"v":0,"d":"0.00"}]
[2,4,1,1,null," Prestaciones A La Seguridad Social",{"v":0,"d":"0.00"},{"v":0,"d":"0.00"},{"v":0,"d":"0.00"},{"v":0,"d":"0.00"},{"v":0,"d":"0.00"}]
[2,4,1,1,"`01","Pensiones",{"$nulls":3},{"v":0,"d":"0.00"},{"v":0,"d":"0.00"}]
[2,4,1,1,"`02","Jubilaciones",{"$nulls":3},{"v":0,"d":"0.00"},{"v":0,"d":"0.00"}]
[2,4,1,1,"`03","Indemnización Laboral",{"$nulls":3},{"v":0,"d":"0.00"},{"v":0,"d":"0.00"}]
[2,4,1,2,null,"Ayudas Y Donaciones A Personas",{"v":0,"d":"0.00"},{"v":0,"d":"0.00"},{"v":0,"d":"0.00"},{"v":0,"d":"0.00"},{"v":0,"d":"0.00"}]
[2,4,1,2,"`01","Ayudas Y Donaciones Programadas A Hogares Y Personas",{"$nulls":3},{"v":0,"d":"0.00"},{"v":0,"d":"0.00"}]
[2,4,1,2,"`02","Ayudas Y Donaciones Ocasionales A Hogares Y Personas",{"$nulls":3},{"v":0,"d":"0.00"},{"v":0,"d":"0.00"}]
[2,4,1,2,"`03","Programa De Repitencia Escolar",{"$nulls":3},{"v":0,"d":"0.00"},{"v":0,"d":"0.00"}]
[2,4,1,4,null,"Becas y viajes de estudios",{"v":0,"d":"0.00"},{"v":0,"d":"0.00"},{"v":0,"d":"0.00"},{"v":0,"d":"0.00"},{"v":0,"d":"0.00"}]
[2,4,1,4,"`01","Becas Nacionales",{"$nulls":3},{"v":0,"d":"0.00"},{"v":0,"d":"0.00"}]
[2,4,1,4,"`02","Becas extranjeras",{"$nulls":3},{"v":0,"d":"0.00"},{"v":0,"d":"0.00"}]
[2,4,1,5,null,"Transferencias corrientes a empresas del sector privado ",{"v":0,"d":"0.00"},{"v":0,"d":"0.00"},{"v":0,"d":"0.00"},{"v":0,"d":"0.00"},{"v":0,"d":"0.00"}]
[2,4,1,5,"`01","Transferencias corrientes a empresas del sector privado ",{"$nulls":3},{"v":0,"d":"0.00"},{"v":0,"d":"0.00"}]
[2,4,1,6,null,"Transferencias corrientes a Asociaciones sin fines de lucro y partidos políticos",{"v":0,"d":"0.00"},{"v":0,"d":"0.00"},{"v":0,"d":"0.00"},{"v":0,"d":"0.00"},{"v":0,"d":"0.00"}]
[2,4,1,6,"`01","Transferencias corrientes a Asociaciones sin fines de lucro",{"$nulls":3},{"v":0,"d":"0.00"},{"v":0,"d":"0.00"}]
[2,4,2,null,null," Transferencias Corrientes Al Gob. Gral Nacional",{"v":0,"d":"0.00"},{"v":0,"d":"0.00"},{"v":0,"d":"0.00"},{"v":0,"d":"0.00"},{"v":0,"d":"0.00"}]
[2,4,2,1,null,"Aportaciones instituciones del gobierno central",{"v":0,"d":"0.00"},{"v":0,"d":"0.00"},{"v":0,"d":"0.00"},{"v":0,"d":"0.00"},{"v":0,"d":"0.00"}]
[2,4,2,1,"`01","Aportaciones corrientes al Poder Ejecutivo",{"$nulls":3},{"v":0,"d":"0.00"},{"v":0,"d":"0.00"}]
[2,4,2,2,null,"Transferencias corrientes a instituciones descentralizadas y autonomas no financieras.",{"v":0,"d":"0.00"},{"v":0,"d":"0.00"},{"v":0,"d":"0.00"},{"v":0,"d":"0.00"},{"v":0,"d":"0.00"}]
[2,4,2,2,"`01","Transferencias corrientes a instituciones descentralizadas y autonomas no financieras para servicios personales.",{"$nulls":3},{"v":0,"d":"0.00"},{"v":0,"d":"0.00"}]
[2,4,2,2,"`02","Otras transferencias corrientes a instituciones descentralizadas y autonomas no financieras. ",{"$nulls":3},{"v":0,"d":"0.00"},{"v":0,"d":"0.00"}]
[2,4,2,2,"`03","Transferencias corrientes a instituciones descentralizadas y autonomas no financieras para pago de electricidad no cortable.",{"$nulls":3},{"v":0,"d":"0.00"},{"v":0,"d":"0.00"}]
[2,4,2,3,null,"Transferencias corrientes a instituciones públicas de la seguridad social",{"v":0,"d":"0.00"},{"v":0,"d":"0.00"},{"v":0,"d":"0.00"},{"v":0,"d":"0.00"},{"v":0,"d":"0.00"}]
[2,4,2,3,"`01","Transferencias corrientes a instituciones públicas de la seguridad social para servicios personales.",{"$nulls":3},{"v":0,"d":"0.00"},{"v":0,"d":"0.00"}]
[2,4,2,3,"`02","Otras transferencias corrientes a instituciones públicas de la seguridad social",{"$nulls":3},{"v":0,"d":"0.00"},{"v":0,"d":"0.00"}]
[2,4,2,3,"`03","Transferencias corrientes ainstituciones públicas de la seguridad social para pago de electricidad no cortable.",{"$nulls":3},{"v":0,"d":"0.00"},{"v":0,"d":"0.00"}]
[2,4,4,null,null,"Transferenxcias corrientes a empresas públicas no financieras ",{"v":0,"d":"0.00"},{"v":0,"d":"0.00"},{"v":0,"d":"0.00"},{"v":0,"d":"0.00"},{"v":0,"d":"0.00"}]
[2,4,4,1,null,"Transferenxcias corrientes a empresas públicas no financieras nacionales",{"v":0,"d":"0.00"},{"v":0,"d":"0.00"},{"v":0,"d":"0.00"},{"v":0,"d":"0.00"},{"v":0,"d":"0.00"}]
[2,4,4,1,"`01","Transferenxcias corrientes a empresas públicas no financieras nacionales para servicios personales.",{"$nulls":3},{"v":0,"d":"0.00"},{"v":0,"d":"0.00"}]
[2,4,4,1,"`02","Otras transferencias corrientes a instituciones públicas  no financieras nacionales ",{"$nulls":3},{"v":0,"d":"0.00"},{"v":0,"d":"0.00"}]
[2,4,4,1,"`03","Transferenxcias corrientes a empresas públicas no financieras nacionales   para pago de electricidad no cortable.",{"$nulls":3},{"v":0,"d":"0.00"},{"v":0,"d":"0.00"}]
[2,4,6,null,null,"Subvenciones",{"v":0,"d":"0.00"},{"v":0,"d":"0.00"},{"v":0,"d":"0.00"},{"v":0,"d":"0.00"},{"v":0,"d":"0.00"}]
[2,4,6,1,null,"Subvenciones a empresas del Sector Privado",{"v":0,"d":"0.00"},{"v":0,"d":"0.00"},{"v":0,"d":"0.00"},{"v":0,"d":"0.00"},{"v":0,"d":"0.00"}]
[2,4,6,1,"`01","Subvenciones a empresas del Sector Privado",{"$nulls":3},{"v":0,"d":"0.00"},{"v":0,"d":"0.00"}]
[2,4,6,2,null,"Subvenciones a empresas cuasiempresas publicas no financieras",{"v":0,"d":"0.00"},{"v":0,"d":"0.00"},{"v":0,"d":"0.00"},{"v":0,"d":"0.00"},{"v":0,"d":"0.00"}]
[2,4,6,2,"`01","Subvenciones a empresas cuasiempresas publicas no financieras",{"$nulls":3},{"v":0,"d":"0.00"},{"v":0,"d":"0.00"}]
[2,4,6,3,null,"Subvenciones a instituciones publicas financieras no monetarias",{"v":0,"d":"0.00"},{"v":0,"d":"0.00"},{"v":0,"d":"0.00"},{"v":0,"d":"0.00"},{"v":0,"d":"0.00"}]
[2,4,6,3,"`01","Subvenciones a instituciones publicas financieras no monetarias",{"$nulls":3},{"v":0,"d":"0.00"},{"v":0,"d":"0.00"}]
[2,4,6,4,null,"Subvenciones a instituciones publicas financieras monetarias",{"v":0,"d":"0.00"},{"v":0,"d":"0.00"},{"v":0,"d":"0.00"},{"v":0,"d":"0.00"},{"v":0,"d":"0.00"}]
[2,4,6,4,"`01","Subvenciones a instituciones publicas financieras monetarias",{"$nulls":3},{"v":0,"d":"0.00"},{"v":0,"d":"0.00"}]
[2,4,7,null,null,"Transferencias corrientes al sector externo",{"v":0,"d":"0.00"},{"v":0,"d":"0.00"},{"v":0,"d":"0.00"},{"v":0,"d":"0.00"},{"v":0,"d":"0.00"}]
[2,4,7,1,null,"Transferencias corrientes a Gobiernos Extranjeros\n",{"v":0,"d":"0.00"},{"v":0,"d":"0.00"},{"v":0,"d":"0.00"},{"v":0,"d":"0.00"},{"v":0,"d":"0.00"}]
[2,4,7,1,"`01","Transferencias corrientes a Gobiernos Extranjeros",{"$nulls":3},{"v":0,"d":"0.00"},{"v":0,"d":"0.00"}]
[2,4,7,2,null,"Transferencias corrientes a organismos internacionales",{"v":0,"d":"0.00"},{"v":0,"d":"0.00"},{"v":0,"d":"0.00"},{"v":0,"d":"0.00"},{"v":0,"d":"0.00"}]
[2,4,7,2,"`01","Transferencias corrientes a Organismos internacionales",{"$nulls":3},{"v":0,"d":"0.00"},{"v":0,"d":"0.00"}]
[2,4,7,3,null,"Transferencias corrientes al sector privado externo",{"v":0,"d":"0.00"},{"v":0,"d":"0.00"},{"v":0,"d":"0.00"},{"v":0,"d":"0.00"},{"v":0,"d":"0.00"}]
[2,4,7,3,"`01","Transferencias corrientes al sector privado externo",{"$nulls":3},{"v":0,"d":"0.00"},{"v":0,"d":"0.00"}]
[2,4,9,null,null,"Transferencias de Corrientes a otras Instituciones Públicas",{"v":0,"d":"0.00"},{"v":0,"d":"0.00"},{"v":0,"d":"0.00"},{"v":0,"d":"0.00"},{"v":0,"d":"0.00"}]
[2,4,9,1,null,"Transferencias de Corrientes a otras Instituciones Públicas",{"v":0,"d":"0.00"},{"v":0,"d":"0.00"},{"v":0,"d":"0.00"},{"v":0,"d":"0.00"},{"v":0,"d":"0.00"}]
[2,4,9,1,"`01","Transferencias de Corrientes a otras Instituciones Públicas",{"$nulls":3},{"v":0,"d":"0.00"},{"v":0,"d":"0.00"}]
[2,4,9,2,null,"Sueldo en las transferencias a otras instituciones públicas",{"v":0,"d":"0.00"},{"v":0,"d":"0.00"},{"v":0,"d":"0.00"},{"v":0,"d":"0.00"},{"v":0,"d":"0.00"}]
[2,4,9,2,"`01","Sueldo en las transferencias a otras instituciones públicas",{"$nulls":3},{"v":0,"d":"0.00"},{"v":0,"d":"0.00"}]
[2,4,9,3,null,"Gasto en las transferencias a otras instituciones públicas",{"v":0,"d":"0.00"},{"v":0,"d":"0.00"},{"v":0,"d":"0.00"},{"v":0,"d":"0.00"},{"v":0,"d":"0.00"}]
[2,4,9,3,"`01","Gasto en las transferencias a otras instituciones públicas",{"$nulls":3},{"v":0,"d":"0.00"},{"v":0,"d":"0.00"}]
[2,4,9,4,null,"Electricidad no cortable en las transferencias a otras instituciones públicas",{"v":0,"d":"0.00"},{"v":0,"d":"0.00"},{"v":0,"d":"0.00"},{"v":0,"d":"0.00"},{"v":0,"d":"0.00"}]
[2,4,9,4,"`01","Electricidad no cortable en las transferencias a otras instituciones públicas",{"$nulls":3},{"v":0,"d":"0.00"},{"v":0,"d":"0.00"}]
[2,5,{"$nulls":3},"Transferencias Capital",{"v":0,"d":"0.00"},{"v":0,"d":"0.00"},{"v":0,"d":"0.00"},{"v":0,"d":"0.00"},{"v":0,"d":"0.00"}]
[2,5,1,null,null,"Transferencias de capital al sector privado",{"v":0,"d":"0.00"},{"v":0,"d":"0.00"},{"v":0,"d":"0.00"},{"v":0,"d":"0.00"},{"v":0,"d":"0.00"}]
[2,5,1,1,"`01","Trasnferencia de capital a hogares y personas ",{"$nulls":3},{"v":0,"d":"0.00"},{"v":0,"d":"0.00"}]
[2,5,1,2,null,"Transferencias de capital a Asociaciones Privadas sin Fines de Lucro",{"v":0,"d":"0.00"},{"v":0,"d":"0.00"},{"v":0,"d":"0.00"},{"v":0,"d":"0.00"},{"v":0,"d":"0.00"}]
[2,5,1,2,"`01","Transferencias de capital a Asociaciones Privadas sin Fines de Lucro",{"$nulls":3},{"v":0,"d":"0.00"},{"v":0,"d":"0.00"}]
[2,5,1,3,null,"Transferencia de capital a empresas del sector privado interno",{"v":0,"d":"0.00"},{"v":0,"d":"0.00"},{"v":0,"d":"0.00"},{"v":0,"d":"0.00"},{"v":0,"d":"0.00"}]
[2,5,1,3,"`01","Transferencia de capital a empresas del sector privado interno",{"$nulls":3},{"v":0,"d":"0.00"},{"v":0,"d":"0.00"}]
[2,6,{"$nulls":3},"Bienes Muebles, Inmuebles e Intangibles",{"v":8713813.44,"d":"8,713,813.44"},{"v":70230884.25,"d":"70,230,884.25"},{"v":0,"d":"0.00"},{"v":78944697.69,"d":"78,944,697.69"},{"v":3.466670947958082,"d":"3.47"}]
[2,6,1,null,null,"Mobiliario Y Equipo",{"v":1513813.44,"d":"1,513,813.44"},{"v":14836000,"d":"14,836,000.00"},{"v":0,"d":"0.00"},{"v":16349813.44,"d":"16,349,813.44"},{"v":0.71796364943408,"d":"0.72"}]
[2,6,1,1,null,"Muebles de oficina y estantería",{"v":0,"d":"0.00"},{"v":14786000,"d":"14,786,000.00"},{"v":0,"d":"0.00"},{"v":14786000,"d":"14,786,000.00"},{"v":0.6492924558124076,"d":"0.65"}]
[2,6,1,1,"`01","Muebles de oficina y estantería",null,{"v":14786000,"d":"14,786,000.00"},null,{"v":14786000,"d":"14,786,000.00"},{"v":0.6492924558124076,"d":"0.65"}]
[2,6,1,2,null,"Muebles de alojamiento, excepto de oficina y estantería",{"v":0,"d":"0.00"},{"v":0,"d":"0.00"},{"v":0,"d":"0.00"},{"v":0,"d":"0.00"},{"v":0,"d":"0.00"}]
[2,6,1,2,"`01","Muebles de alojamiento, excepto de oficina y estantería",{"$nulls":3},{"v":0,"d":"0.00"},{"v":0,"d":"0.00"}]
[2,6,1,3,null,"Equipos de Cómputo",{"v":1513813.44,"d":"1,513,813.44"},{"v":50000,"d":"50,000.00"},{"v":0,"d":"0.00"},{"v":1563813.44,"d":"1,563,813.44"},{"v":0.06867119362167245,"d":"0.07"}]
[2,6,1,3,"`01","Equipos de Cómputo",{"v":1513813.44,"d":"1,513,813.44"},{"v":50000,"d":"50,000.00"},null,{"v":1563813.44,"d":"1,563,813.44"},{"v":0.06867119362167245,"d":"0.07"}]
[2,6,1,4,null,"Electrodomesticos",{"v":0,"d":"0.00"},{"v":0,"d":"0.00"},{"v":0,"d":"0.00"},{"v":0,"d":"0.00"},{"v":0,"d":"0.00"}]
[2,6,1,4,"`01","Electrodomesticos",{"$nulls":3},{"v":0,"d":"0.00"},{"v":0,"d":"0.00"}]
[2,6,1,9,null,"Otros mobiliarios y equipos no identificados precedentemente",{"v":0,"d":"0.00"},{"v":0,"d":"0.00"},{"v":0,"d":"0.00"},{"v":0,"d":"0.00"},{"v":0,"d":"0.00"}]
[2,6,1,9,"`01","Otros mobiliarios y equipos no identificados precedentemente",{"$nulls":3},{"v":0,"d":"0.00"},{"v":0,"d":"0.00"}]
[2,6,2,null,null,"Mobiliario y Equipo Educacional y Recreativo",{"v":0,"d":"0.00"},{"v":0,"d":"0.00"},{"v":0,"d":"0.00"},{"v":0,"d":"0.00"},{"v":0,"d":"0.00"}]
[2,6,2,1,null,"Equipos y aparatos audiovisuales",{"v":0,"d":"0.00"},{"v":0,"d":"0.00"},{"v":0,"d":"0.00"},{"v":0,"d":"0.00"},{"v":0,"d":"0.00"}]
[2,6,2,1,"`01","Equipos y aparatos audiovisuales",{"$nulls":3},{"v":0,"d":"0.00"},{"v":0,"d":"0.00"}]
[2,6,2,2,null,"Aparatos deportivos",{"v":0,"d":"0.00"},{"v":0,"d":"0.00"},{"v":0,"d":"0.00"},{"v":0,"d":"0.00"},{"v":0,"d":"0.00"}]
[2,6,2,2,"`01","Aparatos deportivos",{"$nulls":3},{"v":0,"d":"0.00"},{"v":0,"d":"0.00"}]
[2,6,2,3,null,"Cámaras fotográficas y de video",{"v":0,"d":"0.00"},{"v":0,"d":"0.00"},{"v":0,"d":"0.00"},{"v":0,"d":"0.00"},{"v":0,"d":"0.00"}]
[2,6,2,3,"`01","Cámaras fotográficas y de video",{"$nulls":3},{"v":0,"d":"0.00"},{"v":0,"d":"0.00"}]
[2,6,2,4,null,"Equipos recreativos",{"v":0,"d":"0.00"},{"v":0,"d":"0.00"},{"v":0,"d":"0.00"},{"v":0,"d":"0.00"},{"v":0,"d":"0.00"}]
[2,6,2,4,"`01","Equipos recreativos",{"$nulls":3},{"v":0,"d":"0.00"},{"v":0,"d":"0.00"}]
[2,6,3,null,null,"Equipo e Instrumental, Científico Y Laboratorio",{"v":0,"d":"0.00"},{"v":55394884.25,"d":"55,394,884.25"},{"v":0,"d":"0.00"},{"v":55394884.25,"d":"55,394,884.25"},{"v":2.4325362122363425,"d":"2.43"}]
[2,6,3,1,null,"Equipo médico y de laboratorio",{"v":0,"d":"0.00"},{"v":51872884.25,"d":"51,872,884.25"},{"v":0,"d":"0.00"},{"v":51872884.25,"d":"51,872,884.25"},{"v":2.277875855860629,"d":"2.28"}]
[2,6,3,1,"`01","Equipo médico y de laboratorio",null,{"v":51872884.25,"d":"51,872,884.25"},null,{"v":51872884.25,"d":"51,872,884.25"},{"v":2.277875855860629,"d":"2.28"}]
[2,6,3,2,null,"Instrumental médico y de laboratorio",{"v":0,"d":"0.00"},{"v":3522000,"d":"3,522,000.00"},{"v":0,"d":"0.00"},{"v":3522000,"d":"3,522,000.00"},{"v":0.15466035637571346,"d":"0.15"}]
[2,6,3,2,"`01","Instrumental médico y de laboratorio",null,{"v":3522000,"d":"3,522,000.00"},null,{"v":3522000,"d":"3,522,000.00"},{"v":0.15466035637571346,"d":"0.15"}]
[2,6,3,3,null,"Equipo veterinario",{"v":0,"d":"0.00"},{"v":0,"d":"0.00"},{"v":0,"d":"0.00"},{"v":0,"d":"0.00"},{"v":0,"d":"0.00"}]
[2,6,3,3,"`01","Equipo veterinario",{"$nulls":3},{"v":0,"d":"0.00"},{"v":0,"d":"0.00"}]
[2,6,3,4,null,"Equipo Meteriológico y sismológico",{"v":0,"d":"0.00"},{"v":0,"d":"0.00"},{"v":0,"d":"0.00"},{"v":0,"d":"0.00"},{"v":0,"d":"0.00"}]
[2,6,3,4,"`01","Equipo Meteriológico y sismológico",{"$nulls":3},{"v":0,"d":"0.00"},{"v":0,"d":"0.00"}]
[2,6,4,null,null,"Vehículos y Equipo de Transporte, Tracción y Elevación",{"v":7200000,"d":"7,200,000.00"},{"v":0,"d":"0.00"},{"v":0,"d":"0.00"},{"v":7200000,"d":"7,200,000.00"},{"v":0.31617108628765955,"d":"0.32"}]
[2,6,4,1,null,"Automóviles y camiones",{"v":7200000,"d":"7,200,000.00"},{"v":0,"d":"0.00"},{"v":0,"d":"0.00"},{"v":7200000,"d":"7,200,000.00"},{"v":0.31617108628765955,"d":"0.32"}]
[2,6,4,1,"`01","Automóviles y camiones",{"v":7200000,"d":"7,200,000.00"},null,null,{"v":7200000,"d":"7,200,000.00"},{"v":0.31617108628765955,"d":"0.32"}]
[2,6,4,2,null,"Carrocerías y remolques",{"v":0,"d":"0.00"},{"v":0,"d":"0.00"},{"v":0,"d":"0.00"},{"v":0,"d":"0.00"},{"v":0,"d":"0.00"}]
[2,6,4,2,"`01","Carrocerías y remolques",{"$nulls":3},{"v":0,"d":"0.00"},{"v":0,"d":"0.00"}]
[2,6,4,8,null,"Otros equipos de transporte",{"v":0,"d":"0.00"},{"v":0,"d":"0.00"},{"v":0,"d":"0.00"},{"v":0,"d":"0.00"},{"v":0,"d":"0.00"}]
[2,6,4,8,"`01","Otros equipos de transporte",{"$nulls":3},{"v":0,"d":"0.00"},{"v":0,"d":"0.00"}]
[2,6,5,null,null,"Maquinaria, Otros Equipos y Herramientas",{"v":0,"d":"0.00"},{"v":0,"d":"0.00"},{"v":0,"d":"0.00"},{"v":0,"d":"0.00"},{"v":0,"d":"0.00"}]
[2,6,5,2,null,"Maquinaria y equipo industrial",{"v":0,"d":"0.00"},{"v":0,"d":"0.00"},{"v":0,"d":"0.00"},{"v":0,"d":"0.00"},{"v":0,"d":"0.00"}]
[2,6,5,2,"`01","Maquinaria y equipo industrial",{"$nulls":3},{"v":0,"d":"0.00"},{"v":0,"d":"0.00"}]
[2,6,5,3,null,"Maquinaria y equipo de construcción",{"v":0,"d":"0.00"},{"v":0,"d":"0.00"},{"v":0,"d":"0.00"},{"v":0,"d":"0.00"},{"v":0,"d":"0.00"}]
[2,6,5,3,"`01","Maquinaria y equipo de construcción",{"$nulls":3},{"v":0,"d":"0.00"},{"v":0,"d":"0.00"}]
[2,6,5,4,null,"Sistemas de aire acondicionado, calefacción y refrigeración industrial y comercial",{"v":0,"d":"0.00"},{"v":0,"d":"0.00"},{"v":0,"d":"0.00"},{"v":0,"d":"0.00"},{"v":0,"d":"0.00"}]
[2,6,5,4,"`01","Sistemas de aire acondicionado, calefacción y refrigeración industrial y comercial",{"$nulls":3},{"v":0,"d":"0.00"},{"v":0,"d":"0.00"}]
[2,6,5,5,null,"Equipo de comunicación, telecomunicaciones y señalamiento",{"v":0,"d":"0.00"},{"v":0,"d":"0.00"},{"v":0,"d":"0.00"},{"v":0,"d":"0.00"},{"v":0,"d":"0.00"}]
[2,6,5,5,"`01","Equipo de comunicación, telecomunicaciones y señalamiento",{"$nulls":3},{"v":0,"d":"0.00"},{"v":0,"d":"0.00"}]
[2,6,5,6,null,"Equipo de generación eléctrica, aparatos y accesorios eléctricos",{"v":0,"d":"0.00"},{"v":0,"d":"0.00"},{"v":0,"d":"0.00"},{"v":0,"d":"0.00"},{"v":0,"d":"0.00"}]
[2,6,5,6,"`01","Equipo de generación eléctrica, aparatos y accesorios eléctricos",{"$nulls":3},{"v":0,"d":"0.00"},{"v":0,"d":"0.00"}]
[2,6,5,7,null,"Herramientas y máquinas-herramientas",{"v":0,"d":"0.00"},{"v":0,"d":"0.00"},{"v":0,"d":"0.00"},{"v":0,"d":"0.00"},{"v":0,"d":"0.00"}]
[2,6,5,7,"`01","Herramientas y máquinas-herramientas",{"$nulls":3},{"v":0,"d":"0.00"},{"v":0,"d":"0.00"}]
[2,6,5,8,null,"Otros equipos",{"v":0,"d":"0.00"},{"v":0,"d":"0.00"},{"v":0,"d":"0.00"},{"v":0,"d":"0.00"},{"v":0,"d":"0.00"}]
[2,6,5,8,"`01","Otros equipos",{"$nulls":3},{"v":0,"d":"0.00"},{"v":0,"d":"0.00"}]
[2,6,6,null,null,"Equipos de defensa y seguridad",{"v":0,"d":"0.00"},{"v":0,"d":"0.00"},{"v":0,"d":"0.00"},{"v":0,"d":"0.00"},{"v":0,"d":"0.00"}]
[2,6,6,1,null,"Equipos de defensa de defensa",{"v":0,"d":"0.00"},{"v":0,"d":"0.00"},{"v":0,"d":"0.00"},{"v":0,"d":"0.00"},{"v":0,"d":"0.00"}]
[2,6,6,1,"`01","Equipos de defensa de defensa",{"$nulls":3},{"v":0,"d":"0.00"},{"v":0,"d":"0.00"}]
[2,6,6,2,null,"Equipos de seguridad",{"v":0,"d":"0.00"},{"v":0,"d":"0.00"},{"v":0,"d":"0.00"},{"v":0,"d":"0.00"},{"v":0,"d":"0.00"}]
[2,6,6,2,"`01","Equipos de seguridad",{"$nulls":3},{"v":0,"d":"0.00"},{"v":0,"d":"0.00"}]
[2,6,8,null,null,"Bienes Intangibles",{"v":0,"d":"0.00"},{"v":0,"d":"0.00"},{"v":0,"d":"0.00"},{"v":0,"d":"0.00"},{"v":0,"d":"0.00"}]
[2,6,8,1,null,"Investigación y desarrollo",{"v":0,"d":"0.00"},{"v":0,"d":"0.00"},{"v":0,"d":"0.00"},{"v":0,"d":"0.00"},{"v":0,"d":"0.00"}]
[2,6,8,1,"`01","Investigación y desarrollo",{"$nulls":3},{"v":0,"d":"0.00"},{"v":0,"d":"0.00"}]
[2,6,8,3,null,"Programas de informática y base de datos",{"v":0,"d":"0.00"},{"v":0,"d":"0.00"},{"v":0,"d":"0.00"},{"v":0,"d":"0.00"},{"v":0,"d":"0.00"}]
[2,6,8,3,"`01","Programas de informática",{"$nulls":3},{"v":0,"d":"0.00"},{"v":0,"d":"0.00"}]
[2,6,8,3,"`02","Base de datos",{"$nulls":3},{"v":0,"d":"0.00"},{"v":0,"d":"0.00"}]
[2,6,8,5,null,"Estudios de preinversión",{"v":0,"d":"0.00"},{"v":0,"d":"0.00"},{"v":0,"d":"0.00"},{"v":0,"d":"0.00"},{"v":0,"d":"0.00"}]
[2,6,8,5,"`01","Estudios de preinversión",{"$nulls":3},{"v":0,"d":"0.00"},{"v":0,"d":"0.00"}]
[2,6,8,6,null,"Marcas y patentes",{"v":0,"d":"0.00"},{"v":0,"d":"0.00"},{"v":0,"d":"0.00"},{"v":0,"d":"0.00"},{"v":0,"d":"0.00"}]
[2,6,8,6,"`01","Marcas y patentes",{"$nulls":3},{"v":0,"d":"0.00"},{"v":0,"d":"0.00"}]
[2,6,8,7,null,"Concesiones",{"v":0,"d":"0.00"},{"v":0,"d":"0.00"},{"v":0,"d":"0.00"},{"v":0,"d":"0.00"},{"v":0,"d":"0.00"}]
[2,6,8,7,"`01","Concesiones",{"$nulls":3},{"v":0,"d":"0.00"},{"v":0,"d":"0.00"}]
[2,6,8,8,null,"Licencias informáticas e intelectuales, industriales y comerciales",{"v":0,"d":"0.00"},{"v":0,"d":"0.00"},{"v":0,"d":"0.00"},{"v":0,"d":"0.00"},{"v":0,"d":"0.00"}]
[2,6,8,8,"`01","Informáticas",{"$nulls":3},{"v":0,"d":"0.00"},{"v":0,"d":"0.00"}]
[2,6,8,8,"`02","Intelectuales",{"$nulls":3},{"v":0,"d":"0.00"},{"v":0,"d":"0.00"}]
[2,6,8,8,"`03","Industriales",{"$nulls":3},{"v":0,"d":"0.00"},{"v":0,"d":"0.00"}]
[2,6,8,8,"`04","Comerciales",{"$nulls":3},{"v":0,"d":"0.00"},{"v":0,"d":"0.00"}]
[2,6,8,9,null,"Otros activos intangibles",{"v":0,"d":"0.00"},{"v":0,"d":"0.00"},{"v":0,"d":"0.00"},{"v":0,"d":"0.00"},{"v":0,"d":"0.00"}]
[2,6,8,9,"`01","Otros activos intangibles",{"$nulls":3},{"v":0,"d":"0.00"},{"v":0,"d":"0.00"}]
[2,6,9,null,null,"Edificios y estructuras",{"v":0,"d":"0.00"},{"v":0,"d":"0.00"},{"v":0,"d":"0.00"},{"v":0,"d":"0.00"},{"v":0,"d":"0.00"}]
[2,6,9,1,null,"Edificios residenciales ( Viviendas )",{"v":0,"d":"0.00"},{"v":0,"d":"0.00"},{"v":0,"d":"0.00"},{"v":0,"d":"0.00"},{"v":0,"d":"0.00"}]
[2,6,9,1,"`01","Edificios residenciales ( Viviendas )",{"$nulls":3},{"v":0,"d":"0.00"},{"v":0,"d":"0.00"}]
[2,6,9,2,null,"Edificios No Residenciales",{"v":0,"d":"0.00"},{"v":0,"d":"0.00"},{"v":0,"d":"0.00"},{"v":0,"d":"0.00"},{"v":0,"d":"0.00"}]
[2,6,9,2,"`01","Edificios No Residenciales",{"$nulls":3},{"v":0,"d":"0.00"},{"v":0,"d":"0.00"}]
[2,6,9,9,null,"Otras estructuras",{"v":0,"d":"0.00"},{"v":0,"d":"0.00"},{"v":0,"d":"0.00"},{"v":0,"d":"0.00"},{"v":0,"d":"0.00"}]
[2,6,9,9,"`01","Otras estructuras",{"$nulls":3},{"v":0,"d":"0.00"},{"v":0,"d":"0.00"}]
[2,7,{"$nulls":3},"Obras",{"v":40580000,"d":"40,580,000.00"},{"v":0,"d":"0.00"},{"v":0,"d":"0.00"},{"v":40580000,"d":"40,580,000.00"},{"v":1.781975372437948,"d":"1.78"}]
[2,7,1,null,null,"Obras En Edificaciones",{"v":40580000,"d":"40,580,000.00"},{"v":0,"d":"0.00"},{"v":0,"d":"0.00"},{"v":40580000,"d":"40,580,000.00"},{"v":1.781975372437948,"d":"1.78"}]
[2,7,1,1,null,"Obras para edificación residencial (viviendas)",{"v":34180000,"d":"34,180,000.00"},{"v":0,"d":"0.00"},{"v":0,"d":"0.00"},{"v":34180000,"d":"34,180,000.00"},{"v":1.5009344068489172,"d":"1.50"}]
[2,7,1,1,"`01","Obras para edificación residencial (viviendas)",{"v":34180000,"d":"34,180,000.00"},null,null,{"v":34180000,"d":"34,180,000.00"},{"v":1.5009344068489172,"d":"1.50"}]
[2,7,1,2,null,"Obras para edificación no residencial",{"v":0,"d":"0.00"},{"v":0,"d":"0.00"},{"v":0,"d":"0.00"},{"v":0,"d":"0.00"},{"v":0,"d":"0.00"}]
[2,7,1,2,"`01","Obras para edificación no residencial",{"$nulls":3},{"v":0,"d":"0.00"},{"v":0,"d":"0.00"}]
[2,7,1,3,null,"Obras para edificación de otras estructuras",{"v":0,"d":"0.00"},{"v":0,"d":"0.00"},{"v":0,"d":"0.00"},{"v":0,"d":"0.00"},{"v":0,"d":"0.00"}]
[2,7,1,3,"`01","Obras para edificación de otras estructuras",{"$nulls":3},{"v":0,"d":"0.00"},{"v":0,"d":"0.00"}]
[2,7,1,4,null,"Mejoras de tierras y terrenos",{"v":6400000,"d":"6,400,000.00"},{"v":0,"d":"0.00"},{"v":0,"d":"0.00"},{"v":6400000,"d":"6,400,000.00"},{"v":0.2810409655890307,"d":"0.28"}]
[2,7,1,4,"`01","Mejoras de tierras y terrenos",{"v":6400000,"d":"6,400,000.00"},null,null,{"v":6400000,"d":"6,400,000.00"},{"v":0.2810409655890307,"d":"0.28"}]
[2,7,1,5,null,"Supervisión e inspección de obras en edificaciones",{"v":0,"d":"0.00"},{"v":0,"d":"0.00"},{"v":0,"d":"0.00"},{"v":0,"d":"0.00"},{"v":0,"d":"0.00"}]
[2,7,1,5,"`01","Supervisión e inspección de obras en edificaciones",{"$nulls":3},{"v":0,"d":"0.00"},{"v":0,"d":"0.00"}]
[2,7,2,null,null,"Infraestructura",{"v":0,"d":"0.00"},{"v":0,"d":"0.00"},{"v":0,"d":"0.00"},{"v":0,"d":"0.00"},{"v":0,"d":"0.00"}]
[2,7,2,1,null,"Obras Hidráulicas Y Sanitarias",{"v":0,"d":"0.00"},{"v":0,"d":"0.00"},{"v":0,"d":"0.00"},{"v":0,"d":"0.00"},{"v":0,"d":"0.00"}]
[2,7,2,1,"`01","Obras Hidráulicas Y Sanitarias",{"$nulls":3},{"v":0,"d":"0.00"},{"v":0,"d":"0.00"}]
[2,7,2,2,null,"Obras de Energía",{"v":0,"d":"0.00"},{"v":0,"d":"0.00"},{"v":0,"d":"0.00"},{"v":0,"d":"0.00"},{"v":0,"d":"0.00"}]
[2,7,2,2,"`01","Obras de Energía",{"$nulls":3},{"v":0,"d":"0.00"},{"v":0,"d":"0.00"}]
[2,7,2,3,null,"Obras de telecomunicaciones",{"v":0,"d":"0.00"},{"v":0,"d":"0.00"},{"v":0,"d":"0.00"},{"v":0,"d":"0.00"},{"v":0,"d":"0.00"}]
[2,7,2,3,"`01","Obras de telecomunicaciones",{"$nulls":3},{"v":0,"d":"0.00"},{"v":0,"d":"0.00"}]
[2,7,2,4,null,"Infraestructura terrestre y obras anexas",{"v":0,"d":"0.00"},{"v":0,"d":"0.00"},{"v":0,"d":"0.00"},{"v":0,"d":"0.00"},{"v":0,"d":"0.00"}]
[2,7,2,4,"`01","Infraestructura terrestre y obras anexas",{"$nulls":3},{"v":0,"d":"0.00"},{"v":0,"d":"0.00"}]
[2,7,2,7,null,"Obras urbanísticas",{"v":0,"d":"0.00"},{"v":0,"d":"0.00"},{"v":0,"d":"0.00"},{"v":0,"d":"0.00"},{"v":0,"d":"0.00"}]
[2,7,2,7,"`01","Obras urbanísticas",{"$nulls":3},{"v":0,"d":"0.00"},{"v":0,"d":"0.00"}]
[2,7,2,8,null,"Obras en cementerios",{"v":0,"d":"0.00"},{"v":0,"d":"0.00"},{"v":0,"d":"0.00"},{"v":0,"d":"0.00"},{"v":0,"d":"0.00"}]
[2,7,2,8,"`01","Obras en cementerios",{"$nulls":3},{"v":0,"d":"0.00"},{"v":0,"d":"0.00"}]
[2,7,3,null,null,"Construcciones En Bienes Concesionados",{"v":0,"d":"0.00"},{"v":0,"d":"0.00"},{"v":0,"d":"0.00"},{"v":0,"d":"0.00"},{"v":0,"d":"0.00"}]
[2,7,3,1,null,"Construcciones en bienes de uso público concesionados",{"v":0,"d":"0.00"},{"v":0,"d":"0.00"},{"v":0,"d":"0.00"},{"v":0,"d":"0.00"},{"v":0,"d":"0.00"}]
[2,7,3,1,"`01","Construcciones en bienes de uso público concesionados",{"$nulls":3},{"v":0,"d":"0.00"},{"v":0,"d":"0.00"}]
[2,7,3,2,null,"Construcciones en bienes de uso privado concesionados",{"v":0,"d":"0.00"},{"v":0,"d":"0.00"},{"v":0,"d":"0.00"},{"v":0,"d":"0.00"},{"v":0,"d":"0.00"}]
[2,7,3,2,"`01","Construcciones en bienes de uso privado concesionados",{"$nulls":3},{"v":0,"d":"0.00"},{"v":0,"d":"0.00"}]

{"sheet":"Tablero Indicadores POA","index":9,"n_rows":58,"n_cols":9,"rows_kept":58,"hidden":true,"merged":[[1,0,2,0],[1,1,2,1],[1,2,2,2],[1,3,2,3],[1,4,2,4],[1,5,1,8]],"flags":["formulas_cached_only"]}
[]
["Nombre Indicador ","Línea Basal","Meta ","Numerador ","Denominador","Rango de Gestión"]
[{"$nulls":5},"Excelente","Bueno ","Aceptable","Deficiente"]
["Servicios Regionales con OAI en funcionamiento",1,8,"Número de SRS con OAI conformada y funcionando",null,8,"6 a 7","3 a 5","0 a 2"]
["Evaluación del portal de transparencia de la DCSNS ",{"v":0.97,"d":"97%"},{"v":1,"d":"100%"},"Número de ítems cumplidos ","Total de ítems a evaluar ",100,"<99 - >90","<89 - >76","<75"]
["Cumplimiento de productos y actividades del POA DCSNS",{"v":0.6,"d":"60%"},{"v":0.85,"d":"85%"},"Número de objetivos cumplidos ","Número de objetivos programados x 100",">90","<89 - >80","<79 - >70","<69"]
["Dependencias con un cumplimiento del POA mayor a 75%",{"v":0.46,"d":"46%"},{"v":0.7,"d":"70%"},"Número de dependencias con una ejecución del POA >75%","Total de dependencias con POA formulado  x 100",">85","<84 - >75","<74 - >70","<69"]
["Macroprocesos priorizados definidos ","S/D",{"v":1,"d":"100%"},"Número de macroprocesos definidos","Total de macroprocesos priorizados x 100"," >90","<89 - >80","<79 - >75","<74"]
["Dependencias que reportan ejecución trimestral del POA",{"v":0.77,"d":"77%"},{"v":0.9,"d":"90%"},"Número de dependencias con RTP entregado","Total de dependencias con POA formulado  x 100",">90","<89 - >80","<79 - >70","<69"]
["Ejecución del Plan de Monitoreo y Evaluación del POA",{"v":0.9,"d":"90%"},{"v":1,"d":"100%"},"Número acciones de monitoreo y evaluación del POA realizadas","Total acciones de monitoreo y evaluación del POA programadas x 100",100,"<99 - >90","<89 - >76","<75"]
["Nivel de cumplimiento del plan de mejora CAF por etapas",{"v":0,"d":"0%"},{"v":1,"d":"100%"},"Número de mejoras (criterios CAF) aplicados","Total de de mejoras (criterios CAF) asignadas x 100"," >90","<89 - >80","<79 - >75","<74"]
["Nivel de cumplimiento del tablero de indicadores de gestión por SRS","S/D",{"v":0.75,"d":"75%"},"Número de indicadores del tablero de gestión logrados >70%","Total indicadores del tablero de gestión x 100",">90","<89 - >75","<74 - >65","<64"]
["Implementación del programa de visitas de los SRS a los EESS","S/D",{"v":0.8,"d":"80%"},"Número de visita realizadas a los EESS","Total de visitas programadas x 100"]
["Implementación del sistema de facturación hospitalaria","S/D",{"v":0.6,"d":"60%"}]
["Ejecución presupuestaria ",{"v":0.98,"d":"98%"},{"v":1,"d":"100%"}]
["Cumplimiento del Plan Anual de Compras ","S/D",{"v":0.9,"d":"90%"}]
["Ahorro en las compras gubernamentales","S/D",{"v":0.35,"d":"35%"}]
["Desviaciones del Plan Anual de Compras","S/D","<20%"]
["Reportes oportunos de rendición de cuentas de la Red",{"v":0.95,"d":"95%"},{"v":1,"d":"100%"}]
["Gestión oportuna de entrega ","S/D",{"v":0.9,"d":"90%"}]
["Dependencias con inventario actualizado","S/D",{"v":1,"d":"100%"}]
["Ejecución del Plan de Mantenimiento Preventivo","S/D",{"v":0.75,"d":"75%"}]
["Respuesta a requerimientos de estadísticas","S/D",{"v":0.85,"d":"85%"}]
["Oportunidad de respuesta a requerimientos estadísticos","S/D",{"v":0.9,"d":"90%"}]
["Procesos automatizados","S/D",{"v":0.45,"d":"45%"}]
["Índice de uso TIC e implementación de gobierno electrónico",{"v":0.63,"d":"63%"},{"v":0.85,"d":"85%"}]
["Datos auditado y validados",{"v":0,"d":"0%"},{"v":0.6,"d":"60%"}]
["Nivel de implementación del Plan de Comunicaciones del SNS","S/D",{"v":0.5,"d":"50%"}]
["Nivel de implementación del programa de capacitación ","S/D",{"v":0.55,"d":"55%"}]
["Nivel de implementación del programa de incentivo y régimen de consecuencias","S/D",{"v":0.65,"d":"65%"}]
["Nivel de satisfacción laboral ",0,4]
["Índice de rotaciones internas","S/D","<15%"]
["Nivel de implementación del expediente clínico",0,{"v":0.3,"d":"30%"}]
["Utilización del expediente clinico en los EESS priorizados",0,{"v":0.5,"d":"50%"}]
["Establecimientos de Salud habilitados",{"v":0.028,"d":"2.80%"},{"v":0.152,"d":"15%"}]
["Nivel de atisfacción de usuario alcanzado","S/D",{"v":0.85,"d":"85%"}]
["Referencias válidas","S/D",{"v":0.65,"d":"65%"}]
["Contarreferencias emitidas","S/D",{"v":0.5,"d":"50%"}]
["Nivel de implementación del Plan de Gestión de los desechos y residuos hospitalarios","S/D",{"v":0.3,"d":"30%"}]
["Resolución de lista de espera quirúrgica ","S/D",{"v":0.35,"d":"35%"}]
["Nivel de implementación del Programa de Seguridad Hospitalaria","S/D",{"v":0.6,"d":"60%"}]
["Cobertura de atención odontológica","S/D",{"v":0.85,"d":"85%"}]
["Disponibilidad de medicamentos trazadores en los EESS",{"v":0.85,"d":"85%"},{"v":0.9,"d":"90%"}]
["Comité Farmaco-Terapéutica conformados","S/D",{"v":1,"d":"100%"}]
["Frecuencia Eventos adversos ","S/D","<35%"]
["Reporte Eventos adversos","S/D",{"v":0.75,"d":"75%"}]
["Evaluación Hospitalaria","S/D",{"v":0.6,"d":"60%"}]
["Planes de Emergencia y Desastres de la Red","S/D",{"v":1,"d":"100%"}]
["Incremento de la provisión servicios diagnósticos por nivel de atención","S/D",{"v":0.35,"d":"35%"}]
["Unidades transfundidas acorde a necesidades","S/D",{"v":0.85,"d":"85%"}]
["Establecimientos de Salud valorados por encima del 60% ","S/D",{"v":0.8,"d":"80%"}]
["Adherencia a protocolos","S/D",{"v":0.75,"d":"75%"}]
["Establecimientos de Salud que cuentan con cartera de servicios actualizada","S/D",{"v":0.8,"d":"80%"}]
["Usuarios con patologías crónicas en seguimiento ","S/D",{"v":0.9,"d":"90%"}]
["Establecimientos de salud que realizan partos acorde a los estandares","S/D",{"v":0.75,"d":"75%"}]
["Adherencia al protocolo de atención obstétrica",{"v":0.53,"d":"53%"},{"v":0.7,"d":"70%"}]
["Adherencia al protocolo de atención neonatal",{"v":0.42,"d":"42%"},{"v":0.6,"d":"60%"}]
["BLH instalado y funcionado ",1,2]

{"sheet":"Prov","index":10,"n_rows":156,"n_cols":6,"rows_kept":156,"hidden":true,"flags":["formulas_cached_only"]}
["PROVINCIAS",null,"MUNICIPIOS",null,"REGIONES","PROVINCIAS"]
["DISTRITO NACIONAL","Distrito_Nacional","Distrito Nacional",null,"R0 - SRS Metropolitano","DISTRITO NACIONAL"]
["AZUA","Azua","1. Azua de Compostela",null,"R0 - SRS Metropolitano","MONTE PLATA"]
["AZUA","Azua","2. Estebanía",null,"R0 - SRS Metropolitano","SANTO DOMINGO"]
["AZUA","Azua","3. Guayabal",null,"R1 - SRS Valdesia","PERAVIA"]
["AZUA","Azua","4. Las Charcas",null,"R1 - SRS Valdesia","SAN CRISTÓBAL"]
["AZUA","Azua","5. Las Yayas de Viajama",null,"R1 - SRS Valdesia","SAN JOSÉ DE OCOA"]
["AZUA","Azua","6. Padre Las Casas",null,"R2 - SRS Norcentral","ESPAILLAT"]
["AZUA","Azua","7. Peralta",null,"R2 - SRS Norcentral","PUERTO PLATA"]
["AZUA","Azua","8. Pueblo Viejo",null,"R2 - SRS Norcentral","SANTIAGO"]
["AZUA","Azua","9. Sabana Yegua",null,"R3 - SRS Nordeste","DUARTE"]
["AZUA","Azua","10. Tábara Arriba",null,"R3 - SRS Nordeste","HERMANAS MIRABAL"]
["BAHORUCO","Bahoruco","1. Neiba",null,"R3 - SRS Nordeste","MARÍA TRINIDAD SÁNCHEZ"]
["BAHORUCO","Bahoruco","2. Galván",null,"R3 - SRS Nordeste","SAMANÁ"]
["BAHORUCO","Bahoruco","3. Los Ríos",null,"R4 - SRS Enriquillo","BAHORUCO"]
["BAHORUCO","Bahoruco","4. Tamayo",null,"R4 - SRS Enriquillo","BARAHONA"]
["BAHORUCO","Bahoruco","5. Villa Jaragua",null,"R4 - SRS Enriquillo","INDEPENDENCIA"]
["BARAHONA","Barahona","1. Barahona",null,"R4 - SRS Enriquillo","PEDERNALES"]
["BARAHONA","Barahona","2. Cabral",null,"R5 - SRS Este","EL SEIBO"]
["BARAHONA","Barahona","3. El Peñón",null,"R5 - SRS Este","HATO MAYOR"]
["BARAHONA","Barahona","4. Enriquillo",null,"R5 - SRS Este","LA ALTAGRACIA"]
["BARAHONA","Barahona","5. Fundación",null,"R5 - SRS Este","LA ROMANA"]
["BARAHONA","Barahona","6. Jaquimeyes",null,"R5 - SRS Este","SAN PEDRO DE MACORÍS"]
["BARAHONA","Barahona","7. La Ciénaga",null,"R6 - SRS El Valle","AZUA"]
["BARAHONA","Barahona","8. Las Salinas",null,"R6 - SRS El Valle","ELÍAS PIÑA"]
["BARAHONA","Barahona","9. Paraíso",null,"R6 - SRS El Valle","SAN JUAN"]
["BARAHONA","Barahona","10. Polo",null,"R7 - SRS Cibao Occidental","DAJABÓN"]
["BARAHONA","Barahona","11. Vicente Noble",null,"R7 - SRS Cibao Occidental","MONTECRISTI"]
["DAJABÓN","Dajabon","1. Dajabón",null,"R7 - SRS Cibao Occidental","SANTIAGO RODRÍGUEZ"]
["DAJABÓN","Dajabon","2. El Pino",null,"R7 - SRS Cibao Occidental","VALVERDE"]
["DAJABÓN","Dajabon","3. Loma de Cabrera",null,"R8 - SRS Cibao Central","LA VEGA"]
["DAJABÓN","Dajabon","4. Partido",null,"R8 - SRS Cibao Central","MONSEÑOR NOUEL"]
["DAJABÓN","Dajabon","5. Restauración",null,"R8 - SRS Cibao Central","SÁNCHEZ RAMÍREZ"]
["DUARTE","Duarte","1. San Francisco de Macorís"]
["DUARTE","Duarte","2. Arenoso"]
["DUARTE","Duarte","3. Castillo"]
["DUARTE","Duarte","4. Eugenio María de Hostos"]
["DUARTE","Duarte","5. Las Guáranas"]
["DUARTE","Duarte","6. Pimentel"]
["DUARTE","Duarte","7. Villa Riva"]
["EL SEIBO","El_Seibo","1. El Seibo"]
["EL SEIBO","El_Seibo","2. Miches"]
["ELÍAS PIÑA","Elias_Pina","1. Comendador"]
["ELÍAS PIÑA","Elias_Pina","2. Bánica"]
["ELÍAS PIÑA","Elias_Pina","3. El Llano"]
["ELÍAS PIÑA","Elias_Pina","4. Hondo Valle"]
["ELÍAS PIÑA","Elias_Pina","5. Juan Santiago"]
["ELÍAS PIÑA","Elias_Pina","6. Pedro Santana"]
["ESPAILLAT","Espaillat","1. Moca"]
["ESPAILLAT","Espaillat","2. Cayetano Germosén"]
["ESPAILLAT","Espaillat","3. Gaspar Hernández"]
["ESPAILLAT","Espaillat","4. Jamao al Norte"]
["HATO MAYOR","Hato_Mayor","1. Hato Mayor del Rey"]
["HATO MAYOR","Hato_Mayor","2. El Valle"]
["HATO MAYOR","Hato_Mayor","3. Sabana de la Mar"]
["HERMANAS MIRABAL","Hermanas_Mirabal","1. Salcedo"]
["HERMANAS MIRABAL","Hermanas_Mirabal","2. Tenares"]
["HERMANAS MIRABAL","Hermanas_Mirabal","3. Villa Tapia"]
["INDEPENDENCIA","Independencia","1. Jimaní"]
["INDEPENDENCIA","Independencia","2. Cristóbal"]
["INDEPENDENCIA","Independencia","3. Duvergé"]
["INDEPENDENCIA","Independencia","4. La Descubierta"]
["INDEPENDENCIA","Independencia","5. Mella"]
["INDEPENDENCIA","Independencia","6. Postrer Río"]
["LA ALTAGRACIA","La_Altagracia","1. Higüey"]
["LA ALTAGRACIA","La_Altagracia","2. San Rafael del Yuma"]
["LA ROMANA","La_Romana","1. La Romana"]
["LA ROMANA","La_Romana","2. Guaymate"]
["LA ROMANA","La_Romana","3. Villa Hermosa"]
["LA VEGA","La_Vega","1. La Concepción de La Vega"]
["LA VEGA","La_Vega","2. Constanza"]
["LA VEGA","La_Vega","3. Jarabacoa"]
["LA VEGA","La_Vega","4. Jima Abajo"]
["MARÍA TRINIDAD SÁNCHEZ","Maria_Trinidad_Sanchez","1. Nagua"]
["MARÍA TRINIDAD SÁNCHEZ","Maria_Trinidad_Sanchez","2. Cabrera"]
["MARÍA TRINIDAD SÁNCHEZ","Maria_Trinidad_Sanchez","3. El Factor"]
["MARÍA TRINIDAD SÁNCHEZ","Maria_Trinidad_Sanchez","4. Río San Juan"]
["MONSEÑOR NOUEL","Monsenor_Nouel","1. Bonao"]
["MONSEÑOR NOUEL","Monsenor_Nouel","2. Maimón"]
["MONSEÑOR NOUEL","Monsenor_Nouel","3. Piedra Blanca"]
["MONTECRISTI","Montecristi","1. Montecristi"]
["MONTECRISTI","Montecristi","2. Castañuela"]
["MONTECRISTI","Montecristi","3. Guayubín"]
["MONTECRISTI","Montecristi","4. Las Matas de Santa Cruz"]
["MONTECRISTI","Montecristi","5. Pepillo Salcedo"]
["MONTECRISTI","Montecristi","6. Villa Vásquez"]
["MONTE PLATA","Monte_Plata","1. Monte Plata"]
["MONTE PLATA","Monte_Plata","2. Bayaguana"]
["MONTE PLATA","Monte_Plata","3. Peralvillo"]
["MONTE PLATA","Monte_Plata","4 Sabana Grande de Boyá"]
["MONTE PLATA","Monte_Plata","5 Yamasá"]
["PEDERNALES","Pedernales","1. Pedernales"]
["PEDERNALES","Pedernales","2. Oviedo"]
["PERAVIA","Peravia","1. Baní"]
["PERAVIA","Peravia","2. Nizao"]
["PUERTO PLATA","Puerto_Plata","1. Puerto Plata"]
["PUERTO PLATA","Puerto_Plata","2. Altamira"]
["PUERTO PLATA","Puerto_Plata","3. Guananico"]
["PUERTO PLATA","Puerto_Plata","4. Imbert"]
["PUERTO PLATA","Puerto_Plata","5. Los Hidalgos"]
["PUERTO PLATA","Puerto_Plata","6. Luperón"]
["PUERTO PLATA","Puerto_Plata","7. Sosúa"]
["PUERTO PLATA","Puerto_Plata","8. Villa Isabela"]
["PUERTO PLATA","Puerto_Plata","9. Villa Montellano"]
["SAMANÁ","Samana","1. Samaná"]
["SAMANÁ","Samana","2. Las Terrenas"]
["SAMANÁ","Samana","3. Sánchez"]
["SAN CRISTÓBAL","San_Cristobal","1. San Cristóbal"]
["SAN CRISTÓBAL","San_Cristobal","2. Bajos de Haina"]
["SAN CRISTÓBAL","San_Cristobal","3. Cambita Garabito"]
["SAN CRISTÓBAL","San_Cristobal","4. Los Cacaos"]
["SAN CRISTÓBAL","San_Cristobal","5. Sabana Grande de Palenque"]
["SAN CRISTÓBAL","San_Cristobal","6. San Gregorio de Nigua"]
["SAN CRISTÓBAL","San_Cristobal","7. Villa Altagracia"]
["SAN CRISTÓBAL","San_Cristobal","8. Yaguate"]
["SAN JOSÉ DE OCOA","San_Jose_de_Ocoa","1. San José de Ocoa"]
["SAN JOSÉ DE OCOA","San_Jose_de_Ocoa","2. Rancho Arriba"]
["SAN JOSÉ DE OCOA","San_Jose_de_Ocoa","3. Sabana Larga"]
["SAN JUAN","San_Juan","1. San Juan de la Maguana"]
["SAN JUAN","San_Juan","2. Bohechío"]
["SAN JUAN","San_Juan","3. El Cercado"]
["SAN JUAN","San_Juan","4. Juan de Herrera"]
["SAN JUAN","San_Juan","5. Las Matas de Farfán"]
["SAN JUAN","San_Juan","6. Vallejuelo"]
["SAN PEDRO DE MACORÍS","San_Pedro_de_Macoris","1. San Pedro de Macorís"]
["SAN PEDRO DE MACORÍS","San_Pedro_de_Macoris","2. Consuelo"]
["SAN PEDRO DE MACORÍS","San_Pedro_de_Macoris","3. Guayacanes"]
["SAN PEDRO DE MACORÍS","San_Pedro_de_Macoris","4. San José de Los Llanos"]
["SAN PEDRO DE MACORÍS","San_Pedro_de_Macoris","5. Quisqueya"]
["SAN PEDRO DE MACORÍS","San_Pedro_de_Macoris","6. Ramón Santana"]
["SÁNCHEZ RAMÍREZ","Sanchez_Ramirez","1. Cotuí"]
["SÁNCHEZ RAMÍREZ","Sanchez_Ramirez","2. Cevicos"]
["SÁNCHEZ RAMÍREZ","Sanchez_Ramirez","3. Fantino"]
["SÁNCHEZ RAMÍREZ","Sanchez_Ramirez","4. La Mata"]
["SANTIAGO","Santiago","1. Santiago"]
["SANTIAGO","Santiago","2. Bisonó"]
["SANTIAGO","Santiago","3. Jánico"]
["SANTIAGO","Santiago","4. Licey al Medio"]
["SANTIAGO","Santiago","5. Puñal"]
["SANTIAGO","Santiago","6. Sabana Iglesia"]
["SANTIAGO","Santiago","8. San José de las Matas"]
["SANTIAGO","Santiago","7. Tamboril"]
["SANTIAGO","Santiago","9. Villa González"]
["SANTIAGO RODRÍGUEZ","Santiago_Rodriguez","1. San Ignacio de Sabaneta"]
["SANTIAGO RODRÍGUEZ","Santiago_Rodriguez","2. Los Almácigos"]
["SANTIAGO RODRÍGUEZ","Santiago_Rodriguez","3. Monción"]
["SANTO DOMINGO","Santo_Domingo","1. Santo Domingo Este"]
["SANTO DOMINGO","Santo_Domingo","2. Boca Chica"]
["SANTO DOMINGO","Santo_Domingo","3. Los Alcarrizos"]
["SANTO DOMINGO","Santo_Domingo","4. Pedro Brand"]
["SANTO DOMINGO","Santo_Domingo","5. San Antonio de Guerra"]
["SANTO DOMINGO","Santo_Domingo","6. Santo Domingo Norte"]
["SANTO DOMINGO","Santo_Domingo","7. Santo Domingo Oeste"]
["VALVERDE","Valverde","1. Mao"]
["VALVERDE","Valverde","2. Esperanza"]
["VALVERDE","Valverde","3. Laguna Salada"]

{"sheet":"Insumos","index":11,"n_rows":520,"n_cols":6,"rows_kept":520,"hidden":true,"flags":["formulas_cached_only"]}
["Insumo","InsumoAbrev","Descripción","Unidad de Medida","Precio Unitario","CODIGO PRESUPUESTARIO"]
["Acabados textiles","lsAcabadosTextiles","Manteles en encajes para bandejas grandes (rectangulares)","unidad",{"v":944,"d":"944.00"},"2.3.2.2.01"]
["Acabados textiles","lsAcabadosTextiles","Manteles en encajes para bandejas pequeñas (rectangulares)","unidad",{"v":590,"d":"590.00"},"2.3.2.2.01"]
["Alimentos y bebidas para personas","lsAlimentosyBebidas","Almuerzo tipo Buffet para 10 personas (Cristaleria, Cuberteria, Servilletas, Jugo)","unidad",{"v":5000.5,"d":"5,000.50"},"2.3.1.1.01"]
["Alimentos y bebidas para personas","lsAlimentosyBebidas","Almuerzo tipo Buffet para 20 personas (Cristalería, Cubertería, Servilletas, Jugo, Café)","unidad",{"v":10133.5,"d":"10,133.50"},"2.3.1.1.01"]
["Alimentos y bebidas para personas","lsAlimentosyBebidas","Almuerzo tipo Buffet para 30 personas (Cristaleria, Cuberteria, Servilletas, Jugo) ","unidad",{"v":25488,"d":"25,488.00"},"2.3.1.1.01"]
["Alimentos y bebidas para personas","lsAlimentosyBebidas","Almuerzo tipo Buffet para 40 personas (Cristalería, Cuberteria, Mesas, Sillas, Manteles, Servilletas)","unidad",{"v":61419,"d":"61,419.00"},"2.3.1.1.01"]
["Alimentos y bebidas para personas","lsAlimentosyBebidas","Refrigerio Dulce tipo Buffet p/65 Personas (Arreglo Flores, Alquiler Cristalería, Sillas, Servilletas, Mesa, Bambalina, Tope)","unidad",{"v":33435.3,"d":"33,435.30"},"2.3.1.1.01"]
["Alimentos y bebidas para personas","lsAlimentosyBebidas","Refrigerio tipo Buffet p/12 personas (4 Variedades, Desechables Transparentes, Jugo Natural, Servilletas, Hielo)","unidad",{"v":9410.5,"d":"9,410.50"},"2.3.1.1.01"]
["Alimentos y bebidas para personas","lsAlimentosyBebidas","Refrigerio tipo Buffet p/15 personas (3 Variedades, Desechables Transparentes, Jugo Natural, Servilletas, Hielo) ","unidad",{"v":5929.5,"d":"5,929.50"},"2.3.1.1.01"]
["Alimentos y bebidas para personas","lsAlimentosyBebidas","Refrigerio tipo Buffet p/150 personas (Diferentes Variedades, Bambalinas, Manteles, Desechables, Hielo, Servilletas)","unidad",{"v":65844,"d":"65,844.00"},"2.3.1.1.01"]
["Alimentos y bebidas para personas","lsAlimentosyBebidas","Refrigerio tipo Buffet p/40 personas (5 Variedades, Cristaleria, Mantel, Tope, Bambalina, Servilletas, Hielo) ","unidad",{"v":29393.8,"d":"29,393.80"},"2.3.1.1.01"]
["Alimentos y bebidas para personas","lsAlimentosyBebidas","Refrigerio tipo Buffet p/45 personas (5 Variedades, Desechable Transparentes, Servilletas, Hielo) ","unidad",{"v":27193.1,"d":"27,193.10"},"2.3.1.1.01"]
["Alimentos y bebidas para personas","lsAlimentosyBebidas","Refrigerio tipo preempacado p/100 personas (4 Variedades, Jugo, Desechables Transparentes, Hielo, Servilleta) ","unidad",{"v":50380.1,"d":"50,380.10"},"2.3.1.1.01"]
["Alimentos y bebidas para personas","lsAlimentosyBebidas","Refrigerio tipo preempacado p/110 personas (4 Variedades, Jugo, Desechables Transparentes,sillas plasticas, Servilletas) ","unidad",{"v":29323,"d":"29,323.00"},"2.3.1.1.01"]
["Alimentos y bebidas para personas","lsAlimentosyBebidas","Refrigerio tipo preempacado p/125 personas (4 Variedades, Jugo, Desechables Transparentes,sillas plasticas, Servilletas) ","unidad",{"v":32833.5,"d":"32,833.50"},"2.3.1.1.01"]
["Alimentos y bebidas para personas","lsAlimentosyBebidas","Refrigerio tipo preempacado p/20 personas (Variedades fuertes, Jugo, Desechables Transparentes, Servilletas, Hielo)","unidad",{"v":12537.5,"d":"12,537.50"},"2.3.1.1.01"]
["Alimentos y bebidas para personas","lsAlimentosyBebidas","Refrigerio tipo preempacado p/25 personas (4 Variedades, Jugo, Desechables Transparentes, Jugo Natural)","unidad",{"v":12626,"d":"12,626.00"},"2.3.1.1.01"]
["Alimentos y bebidas para personas","lsAlimentosyBebidas","Refrigerio tipo preempacado p/250 personas (4 Variedades, Jugo, Desechables Transparentes, Mesas, Manteles) ","unidad",{"v":95892.7,"d":"95,892.70"},"2.3.1.1.01"]
["Alimentos y bebidas para personas","lsAlimentosyBebidas","Refrigerio tipo preempacado p/50 personas (3 Variedades, Jugo, Desechables Transparentes, Hielo, Servilleta) ","unidad",{"v":19706,"d":"19,706.00"},"2.3.1.1.01"]
["Alimentos y bebidas para personas","lsAlimentosyBebidas","Refrigerio y Almuerzo tipo Buffet p/25 personas (Cristaleria, Mesas, Manteles, Bambalina, Hielo, Servilletas","unidad",{"v":30975,"d":"30,975.00"},"2.3.1.1.01"]
["Alimentos y bebidas para personas","lsAlimentosyBebidas","Servicio de Almuerzo tipo buffet para 30 Personas","unidad",{"v":15251.5,"d":"15,251.50"},"2.3.1.1.01"]
["Alimentos y bebidas para personas","lsAlimentosyBebidas","Servicio de Refrigerio tipo buffet 30 Personas","unidad",{"v":24225.4,"d":"24,225.40"},"2.3.1.1.01"]
["Artículos de plástico","lsArticulosdePlastico","Cajas de Cucharas Plásticas","Caja",{"v":1003,"d":"1,003.00"},"2.3.5.5.01"]
["Artículos de plástico","lsArticulosdePlastico","Cajas de Tenedores Plásticos","Caja",{"v":1003,"d":"1,003.00"},"2.3.5.5.01"]
["Artículos de plástico","lsArticulosdePlastico","Cajas de Vasos No. 3","Caja",{"v":3009,"d":"3,009.00"},"2.3.5.5.01"]
["Artículos de plástico","lsArticulosdePlastico","Cajas de Vasos No. 7","Caja",{"v":1882.1,"d":"1,882.10"},"2.3.5.5.01"]
["Artículos de plástico","lsArticulosdePlastico","Fardos de Fundas Plásticas 17x22","unidad",83.78,"2.3.5.5.01"]
["Artículos de plástico","lsArticulosdePlastico","Fardos de Fundas Plásticas 24x30","unidad",192.34,"2.3.5.5.01"]
["Artículos de plástico","lsArticulosdePlastico","Fardos de Fundas Plásticas no. 55","unidad",421.26,"2.3.5.5.01"]
["Electrodomésticos","lsElectrodomesticos","Aspiradora","unidad",{"v":6500,"d":"6,500.00"},"2.6.1.4.01"]
["Electrodomésticos","lsElectrodomesticos","Estufas de 20 pulgadas","unidad",{"v":7265.26,"d":"7,265.26"},"2.6.1.4.01"]
["Electrodomésticos","lsElectrodomesticos","Microondas de 7 pies","unidad",{"v":4675.254,"d":"4,675.25"},"2.6.1.4.01"]
["Electrodomésticos","lsElectrodomesticos","Refrigeradores de 8 pies","unidad",{"v":16785.5,"d":"16,785.50"},"2.6.1.4.01"]
["Electrodomésticos","lsElectrodomesticos","Televisores de 32 pulgadas","unidad",{"v":15163,"d":"15,163.00"},"2.6.1.4.01"]
["Equipo de comunicación, telecomunicaciones y señalamiento","lsTelecomunicaciones","Mapas de Evacuación","unidad",{"v":2330.5,"d":"2,330.50"},"2.6.5.5.01"]
["Equipo de comunicación, telecomunicaciones y señalamiento","lsTelecomunicaciones","Otras Señales",null,{"v":1150,"d":"1,150.00"},"2.6.5.5.01"]
["Equipo de comunicación, telecomunicaciones y señalamiento","lsTelecomunicaciones","Punto de Reunion 2x2 pies, Metla colocado en pared","unidad",{"v":2330.5,"d":"2,330.50"},"2.6.5.5.01"]
["Equipo de comunicación, telecomunicaciones y señalamiento","lsTelecomunicaciones","Señal de Ruta de Evacuacion Area, Doble Cara 6x12, para techo con cables de acero  Fotoluminiscente","unidad",{"v":3009,"d":"3,009.00"},"2.6.5.5.01"]
["Equipo de comunicación, telecomunicaciones y señalamiento","lsTelecomunicaciones","Señales de Ruta de Evacuacion Flecha Derecha 5x8 en vinil fotoluminiscente sobre PVC de 4mm","unidad",{"v":1150.5,"d":"1,150.50"},"2.6.5.5.01"]
["Equipo de comunicación, telecomunicaciones y señalamiento","lsTelecomunicaciones","Señales de Ruta de Evacuacion Flecha Izquierda 5x8 en vinil fotoluminiscente sobre PVC de 4mm","unidad",{"v":1150.5,"d":"1,150.50"},"2.6.5.5.01"]
["Equipo de comunicación, telecomunicaciones y señalamiento","lsTelecomunicaciones","Señales de Salida 12x25¨ en vinil fotoluminiscente sobre PVC de 4mm","unidad",{"v":1947,"d":"1,947.00"},"2.6.5.5.01"]
["Equipo de comunicación, telecomunicaciones y señalamiento","lsTelecomunicaciones","Señalizaciones de Extintores y Modo de uso","unidad",{"v":2212.5,"d":"2,212.50"},"2.6.5.5.01"]
["Equipo médico y de laboratorio ","lsEquiposMedicos"," Agitador rotador VDRL.","unidad",{"v":11210,"d":"11,210.00"},"2.6.3.1.01"]
["Equipo médico y de laboratorio ","lsEquiposMedicos"," Aspirador de secreciones eléctrico rodable","unidad",{"v":15692.82,"d":"15,692.82"},"2.6.3.1.01"]
["Equipo médico y de laboratorio ","lsEquiposMedicos"," Bandeja de Urología","unidad",{"v":342200,"d":"342,200.00"},"2.6.3.1.01"]
["Equipo médico y de laboratorio ","lsEquiposMedicos"," Contador de células hematológicas.","unidad",{"v":6254,"d":"6,254.00"},"2.6.3.1.01"]
["Equipo médico y de laboratorio ","lsEquiposMedicos"," Incubadora neonatal para UCI","unidad",{"v":531000,"d":"531,000.00"},"2.6.3.1.01"]
["Equipo médico y de laboratorio ","lsEquiposMedicos"," Vitrina de acero inoxidable para material estéril 0.68x0.45x1.70m.","unidad",{"v":49794.525,"d":"49,794.53"},"2.6.3.1.01"]
["Equipo médico y de laboratorio ","lsEquiposMedicos","Aza Diatermica","unidad",{"v":275000,"d":"275,000.00"},"2.6.3.1.01"]
["Equipo médico y de laboratorio ","lsEquiposMedicos","Balanza  con tallímetro de 160 kg - 320 lbs.","unidad",{"v":8407.5,"d":"8,407.50"},"2.6.3.1.01"]
["Equipo médico y de laboratorio ","lsEquiposMedicos","Balanza analítica de precisión","unidad",{"v":96885.1511,"d":"96,885.15"},"2.6.3.1.01"]
["Equipo médico y de laboratorio ","lsEquiposMedicos","Bandeja cirugía general","unidad",{"v":250160,"d":"250,160.00"},"2.6.3.1.01"]
["Equipo médico y de laboratorio ","lsEquiposMedicos","Bandeja de acero inoxidable 30x20cms.","unidad",{"v":2950,"d":"2,950.00"},"2.6.3.1.01"]
["Equipo médico y de laboratorio ","lsEquiposMedicos","Bandeja de cesárea.","unidad",{"v":226560,"d":"226,560.00"},"2.6.3.1.01"]
["Equipo médico y de laboratorio ","lsEquiposMedicos","Bandeja de cirugía ortopédica","unidad",{"v":501500,"d":"501,500.00"},"2.6.3.1.01"]
["Equipo médico y de laboratorio ","lsEquiposMedicos","Bandeja de legrado","unidad",{"v":41300,"d":"41,300.00"},"2.6.3.1.01"]
["Equipo médico y de laboratorio ","lsEquiposMedicos","Bandeja de parto","unidad",{"v":49560,"d":"49,560.00"},"2.6.3.1.01"]
["Equipo médico y de laboratorio ","lsEquiposMedicos","Bandeja ginecológica","unidad",{"v":188800,"d":"188,800.00"},"2.6.3.1.01"]
["Equipo médico y de laboratorio ","lsEquiposMedicos","Baño maría 10 - 15 lts.","unidad",{"v":27140,"d":"27,140.00"},"2.6.3.1.01"]
["Equipo médico y de laboratorio ","lsEquiposMedicos","Cama  tipo hospitalaria, de posición, con barandas,  colchón","unidad",{"v":49219.1806,"d":"49,219.18"},"2.6.3.1.01"]
["Equipo médico y de laboratorio ","lsEquiposMedicos","Cama cuna metálica rodable con barandas para niños 147 x 82.5 x 50 cms.","unidad",{"v":26137.0707,"d":"26,137.07"},"2.6.3.1.01"]
["Equipo médico y de laboratorio ","lsEquiposMedicos","Cama eléctrica de cuidados intensivos con barandas y funciones de posicionamientos especiales","unidad",{"v":105563.744,"d":"105,563.74"},"2.6.3.1.01"]
["Equipo médico y de laboratorio ","lsEquiposMedicos","Cama unipersonal","unidad",{"v":6490,"d":"6,490.00"},"2.6.3.1.01"]
["Equipo médico y de laboratorio ","lsEquiposMedicos","Camilla de emergencia  con barandas, ruedas  y  porta suero incluido","unidad",{"v":30335.3338,"d":"30,335.33"},"2.6.3.1.01"]
["Equipo médico y de laboratorio ","lsEquiposMedicos","Camilla de transporte intrahospitalaria con barandas, ruedas y porta suero","unidad",{"v":72981.6547,"d":"72,981.65"},"2.6.3.1.01"]
["Equipo médico y de laboratorio ","lsEquiposMedicos","Camilla de trauma shock","unidad",{"v":172048.6025,"d":"172,048.60"},"2.6.3.1.01"]
["Equipo médico y de laboratorio ","lsEquiposMedicos","Camilla para examen ginecológico.","unidad",{"v":104465.4,"d":"104,465.40"},"2.6.3.1.01"]
["Equipo médico y de laboratorio ","lsEquiposMedicos","Carro de cura","unidad",{"v":8314.2917,"d":"8,314.29"},"2.6.3.1.01"]
["Equipo médico y de laboratorio ","lsEquiposMedicos","Centrífuga de Mesa de 24 tubos","unidad",{"v":198806.4,"d":"198,806.40"},"2.6.3.1.01"]
["Equipo médico y de laboratorio ","lsEquiposMedicos","Chaleco plomado","unidad",{"v":11313.84,"d":"11,313.84"},"2.6.3.1.01"]
["Equipo médico y de laboratorio ","lsEquiposMedicos","Cipap Fisher","unidad",{"v":469017.4085,"d":"469,017.41"},"2.6.3.1.01"]
["Equipo médico y de laboratorio ","lsEquiposMedicos","Colchones Hospitalarios 36' x 76' (Azul, Marron o Crema)","unidad",{"v":4501.7,"d":"4,501.70"},"2.6.3.1.01"]
["Equipo médico y de laboratorio ","lsEquiposMedicos","Cuna de calor radiante","unidad",{"v":161582.934,"d":"161,582.93"},"2.6.3.1.01"]
["Equipo médico y de laboratorio ","lsEquiposMedicos","Desfibrilador con monitor ECG, paleta externas y batería interna.","unidad",{"v":344224.6911,"d":"344,224.69"},"2.6.3.1.01"]
["Equipo médico y de laboratorio ","lsEquiposMedicos","Doppler fetal fijo","unidad",{"v":24151.6618,"d":"24,151.66"},"2.6.3.1.01"]
["Equipo médico y de laboratorio ","lsEquiposMedicos","Doppler fetal portátil","unidad",{"v":12836.04,"d":"12,836.04"},"2.6.3.1.01"]
["Equipo médico y de laboratorio ","lsEquiposMedicos","Electrocardiógrafo de 3 canales portátil con carro","unidad",{"v":45994.8425,"d":"45,994.84"},"2.6.3.1.01"]
["Equipo médico y de laboratorio ","lsEquiposMedicos","Electrocauterio","unidad",{"v":111029.4216,"d":"111,029.42"},"2.6.3.1.01"]
["Equipo médico y de laboratorio ","lsEquiposMedicos","Escalinata de 2 peldaño","unidad",{"v":1770,"d":"1,770.00"},"2.6.3.1.01"]
["Equipo médico y de laboratorio ","lsEquiposMedicos","Esfigmomanómetro De Pared Con Brazalete Adulto","unidad",{"v":4524.9932,"d":"4,524.99"},"2.6.3.1.01"]
["Equipo médico y de laboratorio ","lsEquiposMedicos","Esfigmomanómetro de pared con set de brazaletes pediátrico.","unidad",{"v":3299.87,"d":"3,299.87"},"2.6.3.1.01"]
["Equipo médico y de laboratorio ","lsEquiposMedicos","Esfigmomanómetro de pedestal rodable adulto","unidad",{"v":4242.69,"d":"4,242.69"},"2.6.3.1.01"]
["Equipo médico y de laboratorio ","lsEquiposMedicos","Esfigmomanómetro de pedestal rodable adulto/pediátrico","unidad",{"v":11859.991,"d":"11,859.99"},"2.6.3.1.01"]
["Equipo médico y de laboratorio ","lsEquiposMedicos","Esfigmomanómetro portátil con brazalete para adulto","unidad",{"v":1479.9914,"d":"1,479.99"},"2.6.3.1.01"]
["Equipo médico y de laboratorio ","lsEquiposMedicos","Esfigmomanómetro portátil con set de Brazaletes pediátricos","unidad",{"v":1999.9938,"d":"1,999.99"},"2.6.3.1.01"]
["Equipo médico y de laboratorio ","lsEquiposMedicos","Estantería metalica de 4 niveles regulares","unidad",{"v":6938.4,"d":"6,938.40"},"2.6.3.1.01"]
["Equipo médico y de laboratorio ","lsEquiposMedicos","Estetoscopio doble campana","unidad",{"v":938.1826,"d":"938.18"},"2.6.3.1.01"]
["Equipo médico y de laboratorio ","lsEquiposMedicos","Estetoscopio pediátrico","unidad",{"v":3519.94,"d":"3,519.94"},"2.6.3.1.01"]
["Equipo médico y de laboratorio ","lsEquiposMedicos","Frasco Esteril para muestras","unidad",{"v":9,"d":"9.00"},"2.6.3.1.01"]
["Equipo médico y de laboratorio ","lsEquiposMedicos","Horno eléctrico al seco cap. 28 litros.","unidad",{"v":63229.12,"d":"63,229.12"},"2.6.3.1.01"]
["Equipo médico y de laboratorio ","lsEquiposMedicos","Incubadora de transporte","unidad",{"v":475540,"d":"475,540.00"},"2.6.3.1.01"]
["Equipo médico y de laboratorio ","lsEquiposMedicos","Incubadora neonatal estándar","unidad",{"v":490481.16,"d":"490,481.16"},"2.6.3.1.01"]
["Equipo médico y de laboratorio ","lsEquiposMedicos","Instalación de Rayos X en el Hospital Municipal de Haina","unidad",{"v":74340,"d":"74,340.00"},"2.6.3.1.01"]
["Equipo médico y de laboratorio ","lsEquiposMedicos","Lámpara de fototerapia","unidad",{"v":40101.7926,"d":"40,101.79"},"2.6.3.1.01"]
["Equipo médico y de laboratorio ","lsEquiposMedicos","Lámpara quirúrgica cialítica de potencia alta.","unidad",{"v":386697.033,"d":"386,697.03"},"2.6.3.1.01"]
["Equipo médico y de laboratorio ","lsEquiposMedicos","Lámpara quirúrgica de pie rodable .","unidad",{"v":142177.256,"d":"142,177.26"},"2.6.3.1.01"]
["Equipo médico y de laboratorio ","lsEquiposMedicos","Laringoscopio adulto","unidad",{"v":26868.6,"d":"26,868.60"},"2.6.3.1.01"]
["Equipo médico y de laboratorio ","lsEquiposMedicos","Máquina de anestesia 3 gases con monitoreo avanzado.","unidad",{"v":1897493.1,"d":"1,897,493.10"},"2.6.3.1.01"]
["Equipo médico y de laboratorio ","lsEquiposMedicos","Mesa de parto","unidad",{"v":232041.1,"d":"232,041.10"},"2.6.3.1.01"]
["Equipo médico y de laboratorio ","lsEquiposMedicos","Mesa metálica angular rodable para instrumentos de acero inoxidable","unidad",{"v":34703.8,"d":"34,703.80"},"2.6.3.1.01"]
["Equipo médico y de laboratorio ","lsEquiposMedicos","Mesa metálica tipo mayo acero inoxidable","unidad",{"v":8903.1,"d":"8,903.10"},"2.6.3.1.01"]
["Equipo médico y de laboratorio ","lsEquiposMedicos","Mesa para operaciones mayores","unidad",{"v":130316.25,"d":"130,316.25"},"2.6.3.1.01"]
["Equipo médico y de laboratorio ","lsEquiposMedicos","Microscopio binocular Tipo Estándar","unidad",{"v":22139.75,"d":"22,139.75"},"2.6.3.1.01"]
["Equipo médico y de laboratorio ","lsEquiposMedicos","Monitor de actividad intrauterina y cardiofetal","unidad",{"v":62932.232,"d":"62,932.23"},"2.6.3.1.01"]
["Equipo médico y de laboratorio ","lsEquiposMedicos","Monitor de funciones vitales de transporte 5 pararametros","unidad",{"v":62932.2322,"d":"62,932.23"},"2.6.3.1.01"]
["Equipo médico y de laboratorio ","lsEquiposMedicos","Monitores de signos vitales de pared de 5 parámetros .","unidad",{"v":57230,"d":"57,230.00"},"2.6.3.1.01"]
["Equipo médico y de laboratorio ","lsEquiposMedicos","Nebulizador","unidad",{"v":2549.9917,"d":"2,549.99"},"2.6.3.1.01"]
["Equipo médico y de laboratorio ","lsEquiposMedicos","Negatoscopio metálico de 1 campo","unidad",{"v":13999.992,"d":"13,999.99"},"2.6.3.1.01"]
["Equipo médico y de laboratorio ","lsEquiposMedicos","Negatoscopio metálico de 2 campos.","unidad",{"v":19383.86,"d":"19,383.86"},"2.6.3.1.01"]
["Equipo médico y de laboratorio ","lsEquiposMedicos","Nevera para banco de sangre","unidad",{"v":250971.84,"d":"250,971.84"},"2.6.3.1.01"]
["Equipo médico y de laboratorio ","lsEquiposMedicos","Nevera para Reactivos","unidad",{"v":257712,"d":"257,712.00"},"2.6.3.1.01"]
["Equipo médico y de laboratorio ","lsEquiposMedicos","Orinal metálico","unidad",{"v":3613.16,"d":"3,613.16"},"2.6.3.1.01"]
["Equipo médico y de laboratorio ","lsEquiposMedicos","Pulsoxímetro adulto pediátrico portátil.","unidad",{"v":34202.3,"d":"34,202.30"},"2.6.3.1.01"]
["Equipo médico y de laboratorio ","lsEquiposMedicos","Pulsoxímetro con sensor neonatal.","unidad",{"v":30336.03,"d":"30,336.03"},"2.6.3.1.01"]
["Equipo médico y de laboratorio ","lsEquiposMedicos","Resucitador manual adulto","unidad",{"v":1250.8,"d":"1,250.80"},"2.6.3.1.01"]
["Equipo médico y de laboratorio ","lsEquiposMedicos","Resucitador manual neonatal","unidad",{"v":1250.8,"d":"1,250.80"},"2.6.3.1.01"]
["Equipo médico y de laboratorio ","lsEquiposMedicos","Resucitador manual pediátrico","unidad",{"v":1250.8,"d":"1,250.80"},"2.6.3.1.01"]
["Equipo médico y de laboratorio ","lsEquiposMedicos","Set de cirugía menor","unidad",{"v":21240,"d":"21,240.00"},"2.6.3.1.01"]
["Equipo médico y de laboratorio ","lsEquiposMedicos","Set de diagnóstico de pared","unidad",{"v":43960.9,"d":"43,960.90"},"2.6.3.1.01"]
["Equipo médico y de laboratorio ","lsEquiposMedicos","Set de diagnóstico portátil","unidad",{"v":13749.997,"d":"13,750.00"},"2.6.3.1.01"]
["Equipo médico y de laboratorio ","lsEquiposMedicos","Set instrumental de curaciones.","unidad",{"v":13570,"d":"13,570.00"},"2.6.3.1.01"]
["Equipo médico y de laboratorio ","lsEquiposMedicos","Silla de rueda aro No. 18","unidad",{"v":4284.71,"d":"4,284.71"},"2.6.3.1.01"]
["Equipo médico y de laboratorio ","lsEquiposMedicos","Silla de rueda aro No. 24","unidad",{"v":5726.64,"d":"5,726.64"},"2.6.3.1.01"]
["Equipo médico y de laboratorio ","lsEquiposMedicos","Sillón dental (de fabricación de local)","unidad",{"v":20650,"d":"20,650.00"},"2.6.3.1.01"]
["Equipo médico y de laboratorio ","lsEquiposMedicos","Unidad de Monitoreo de Cuidados Intensivos ","unidad",{"v":575000.01,"d":"575,000.01"},"2.6.3.1.01"]
["Equipo médico y de laboratorio ","lsEquiposMedicos","Unidad de Rayos X portátil y con batería.","unidad",{"v":2542900,"d":"2,542,900.00"},"2.6.3.1.01"]
["Equipo médico y de laboratorio ","lsEquiposMedicos","Unidad dental digital completa","unidad",{"v":172556.12,"d":"172,556.12"},"2.6.3.1.01"]
["Equipo médico y de laboratorio ","lsEquiposMedicos","Unidades dentales (de fabricación local)","unidad",{"v":44250,"d":"44,250.00"},"2.6.3.1.01"]
["Equipo médico y de laboratorio ","lsEquiposMedicos","Ventilador mecánico adulto/pediátrico","unidad",{"v":719492.5628,"d":"719,492.56"},"2.6.3.1.01"]
["Equipo médico y de laboratorio ","lsEquiposMedicos","Ventilador mecánico neonatal","unidad",{"v":816192.43,"d":"816,192.43"},"2.6.3.1.01"]
["Equipos de cómputo","lsEquiposComputos","Computadoras de escritorio","unidad",{"v":36954.32,"d":"36,954.32"},"2.6.1.3.01"]
["Equipos de cómputo","lsEquiposComputos","Headsets ","unidad",{"v":3776,"d":"3,776.00"},"2.6.1.3.01"]
["Equipos de cómputo","lsEquiposComputos","Impresora Multifunción","unidad",{"v":12390,"d":"12,390.00"},"2.6.1.3.01"]
["Equipos de cómputo","lsEquiposComputos","Impresoras Blanco y Negro","unidad",{"v":6293.705,"d":"6,293.71"},"2.6.1.3.01"]
["Equipos de cómputo","lsEquiposComputos","Laptop de 14 pulgadas","unidad",{"v":27200,"d":"27,200.00"},"2.6.1.3.01"]
["Equipos de seguridad","lsEquiposSeguridad","Arco Detector de Metales de 87' de alto x 35' de anho","unidad",{"v":109504,"d":"109,504.00"},"2.6.6.2.01"]
["Equipos de seguridad","lsEquiposSeguridad","Detectores de Metal Portatil de 16,5' de longitud","unidad",{"v":5723,"d":"5,723.00"},"2.6.6.2.01"]
["Eventos generales","lsEventosGenerales","Alojamiento por una Noche por persona","unidad",{"v":6200,"d":"6,200.00"},"2.2.8.6.01"]
["Eventos generales","lsEventosGenerales","Audivisuales, Decoración, Montaje y Desmontaje de Evento por 50 personas","unidad",{"v":86568.53,"d":"86,568.53"},"2.2.8.6.01"]
["Eventos generales","lsEventosGenerales","Audivisuales, Decoración, Montaje y Desmontaje de Evento por 80 personas","unidad",{"v":100917.38,"d":"100,917.38"},"2.2.8.6.01"]
["Gasoil","lsGasoil","Tickets de Combustible de RD$1,000.00","unidad",{"v":1000,"d":"1,000.00"},"2.3.7.1.02 "]
["Gasoil","lsGasoil","Tickets de Combustible de RD$200.00","unidad",{"v":200,"d":"200.00"},"2.3.7.1.02 "]
["Gasoil","lsGasoil","Tickets de Combustible de RD$500.00","unidad",{"v":500,"d":"500.00"},"2.3.7.1.02 "]
["Gasoil","lsGasoil","Galones de Gasoil Optimo","galon",{"v":197,"d":"197.00"},"2.3.7.1.02"]
["Gasoil","lsGasoil","Galones de Gasoil Regular","galon",{"v":181,"d":"181.00"},"2.3.7.1.02"]
["Gasoil","lsGasoil","Galones de Gasolina Premium","galon",{"v":251,"d":"251.00"},"2.3.7.1.02"]
["Gasoil","lsGasoil","Galones de Gasolina Regular","galon",{"v":230,"d":"230.00"},"2.3.7.1.02"]
["Gasoil","lsGasoil","Galones de GPL","galon",{"v":110,"d":"110.00"},"2.3.7.1.02"]
["Herramientas menores","lsHerramientasMenores","60 pie de Alambre Vinyl #14/2","pie",28.32,"2.3.6.3.04"]
["Herramientas menores","lsHerramientasMenores","Bandeja metálica colectora de agua de 1.50 x 0.70 x 0.70mts","unidad",{"v":8500,"d":"8,500.00"},"2.3.6.3.04"]
["Herramientas menores","lsHerramientasMenores","Cajas aéreas plásticas","unidad",{"v":81.172,"d":"81.17"},"2.3.6.3.04"]
["Herramientas menores","lsHerramientasMenores","Canaleta de 1 pulgada","unidad",{"v":103.3567,"d":"103.36"},"2.3.6.3.04"]
["Herramientas menores","lsHerramientasMenores","Codos de 1' PVC","unidad",20.06,"2.3.6.3.04"]
["Herramientas menores","lsHerramientasMenores","Destornillador de Estria","unidad",208.86,"2.3.6.3.04"]
["Herramientas menores","lsHerramientasMenores","Destornillador Plano","unidad",{"v":206.735,"d":"206.74"},"2.3.6.3.04"]
["Herramientas menores","lsHerramientasMenores","Faceplate 1 salida","unidad",{"v":43.294,"d":"43.29"},"2.3.6.3.04"]
["Herramientas menores","lsHerramientasMenores","Grapas Plasticas para Alambre Vinyl #13","unidad",{"v":5.9,"d":"5.90"},"2.3.6.3.04"]
["Herramientas menores","lsHerramientasMenores","Llave de Rueda tipo T","unidad",{"v":944,"d":"944.00"},"2.3.6.3.04"]
["Herramientas menores","lsHerramientasMenores","Llaves de paso de bola (1 pulgada)","unidad",571.12,"2.3.6.3.04"]
["Herramientas menores","lsHerramientasMenores","Martillo","unidad",{"v":619.5,"d":"619.50"},"2.3.6.3.04"]
["Herramientas menores","lsHerramientasMenores","Mini Jack RJ45","unidad",{"v":100.3,"d":"100.30"},"2.3.6.3.04"]
["Herramientas menores","lsHerramientasMenores","Niples 1' x 2' hg","unidad",33.63,"2.3.6.3.04"]
["Herramientas menores","lsHerramientasMenores","Niples de 1' x 3' hg","unidad",44.25,"2.3.6.3.04"]
["Herramientas menores","lsHerramientasMenores","Organizador horizontal plástico","unidad",{"v":855.5,"d":"855.50"},"2.3.6.3.04"]
["Herramientas menores","lsHerramientasMenores","Patch Cord UTP Cat.6 de 2 pies","unidad",{"v":60.2273,"d":"60.23"},"2.3.6.3.04"]
["Herramientas menores","lsHerramientasMenores","Patch Cord UTP Cat.6 de 7 pies","unidad",{"v":102.8133,"d":"102.81"},"2.3.6.3.04"]
["Herramientas menores","lsHerramientasMenores","Patch Panel 24 puertos Cat.6","unidad",{"v":3030.43,"d":"3,030.43"},"2.3.6.3.04"]
["Herramientas menores","lsHerramientasMenores","Pinzas para corte de tola","unidad",858.45,"2.3.6.3.04"]
["Herramientas menores","lsHerramientasMenores","Punta de Tria para Taladro","unidad",{"v":206.7233,"d":"206.72"},"2.3.6.3.04"]
["Herramientas menores","lsHerramientasMenores","PVC CR80/30 (kit de 500)","unidad",{"v":4425,"d":"4,425.00"},"2.3.6.3.04"]
["Herramientas menores","lsHerramientasMenores","Rack (Palometas) de Pared para Monitor NK PVM-2701","unidad",{"v":13500.0026,"d":"13,500.00"},"2.3.6.3.04"]
["Herramientas menores","lsHerramientasMenores","Rack de pared 7U con Bisagras","unidad",{"v":1416,"d":"1,416.00"},"2.3.6.3.04"]
["Herramientas menores","lsHerramientasMenores","Tarugos Azules","unidad",3.54,"2.3.6.3.04"]
["Herramientas menores","lsHerramientasMenores","tee de 1 pulgada hg","unidad",73.16,"2.3.6.3.04"]
["Herramientas menores","lsHerramientasMenores","Tira de Lija 100/1","unidad",{"v":548.265,"d":"548.27"},"2.3.6.3.04"]
["Herramientas menores","lsHerramientasMenores","Tira de Lija de Metal 12/1","unidad",{"v":526.325,"d":"526.33"},"2.3.6.3.04"]
["Herramientas menores","lsHerramientasMenores","Tornillo para Tarugo Azul","unidad",3.54,"2.3.6.3.04"]
["Herramientas menores","lsHerramientasMenores","Tubo de Silicón Transparente","unidad",{"v":265.5,"d":"265.50"},"2.3.6.3.04"]
["Impresión y encuadernación","lsImpresionyEncuadernacion","Impresión Formularios (dos caras)","unidad",{"v":1.9824,"d":"1.98"},"2.2.2.2.01 "]
["Llantas y neumáticos","lsLlantasyNeumaticos","Goma (No.265/70/16 para camioneta Toyota Hilux) ","unidad",{"v":7773.84,"d":"7,773.84"},"2.3.5.3.01"]
["Llantas y neumáticos","lsLlantasyNeumaticos","Gomas (No. 265/70/15 para jeep Chevrolet Brazer) ","unidad",{"v":9343.24,"d":"9,343.24"},"2.3.5.3.01"]
["Llantas y neumáticos","lsLlantasyNeumaticos","Neumáticos para Ford Ranger, Pirelli 265-70R-16","unidad",{"v":10915,"d":"10,915.00"},"2.3.5.3.01"]
["Llantas y neumáticos","lsLlantasyNeumaticos","Neumáticos para Motocicleta 110/80-18-58, trasera, Michelin","unidad",{"v":3923.5,"d":"3,923.50"},"2.3.5.3.01"]
["Llantas y neumáticos","lsLlantasyNeumaticos","Neumáticos para Motocicletas 80/90-21mc48p, delanteras Michelin","unidad",{"v":4543,"d":"4,543.00"},"2.3.5.3.01"]
["Llantas y neumáticos","lsLlantasyNeumaticos","Neumáticos para Toyota Hilux, Firestone 265/70 R 16","unidad",{"v":9204,"d":"9,204.00"},"2.3.5.3.01"]
["Llantas y neumáticos","lsLlantasyNeumaticos","Tubo de Neumáticos para Motocicleta, delantero, Michelin","unidad",{"v":1239,"d":"1,239.00"},"2.3.5.3.01"]
["Llantas y neumáticos","lsLlantasyNeumaticos","Tubo de Neumáticos para Motocicleta, trasero, Michelin","unidad",{"v":1239,"d":"1,239.00"},"2.3.5.3.01"]
["Mantenimiento y reparación de equipos de transporte, tracción y elevación","lsMantenimiento","Instalación, Correcion de Pintura, Cristal Delantero y Bumper de vehiculo","unidad",{"v":54999.99,"d":"54,999.99"},"2.7.2.6.01"]
["Mantenimiento y reparación de equipos de transporte, tracción y elevación","lsMantenimiento","Mantenimiento de Vehículos","unidad",{"v":17023.8,"d":"17,023.80"},"2.7.2.6.01"]
["Mantenimiento y reparación de equipos para computación","lsMantenimiento","Mantenimiento y/o Reparación Impresora  Multifuncional ","unidad",{"v":4130,"d":"4,130.00"},"2.7.2.2.01"]
["Mantenimiento y reparación de equipos para computación","lsMantenimiento","Mantenimiento y/o Reparación Impresora Laser","unidad",{"v":16048,"d":"16,048.00"},"2.7.2.2.01"]
["Mantenimiento y reparación de equipos para computación","lsMantenimiento","Servicio de Reparación y Mantenimiento de Fotocopiadora (anual)","unidad",{"v":24502.7,"d":"24,502.70"},"2.7.2.2.01"]
["Mantenimiento y reparación de equipos sanitarios y de laboratorio","lsMantenimiento","Reparación de Tomógrafo General Electric Brights Speed, serial 277468nm5","unidad",{"v":715000,"d":"715,000.00"},"2.7.2.4.01"]
["Mantenimiento y reparación de maquinarias y equipos","lsMantenimiento","Mantenimiento de Planta Electrica Cummins 20KVA","unidad",{"v":60742.81,"d":"60,742.81"},"2.7.2.6.01"]
["Mantenimiento y reparación de maquinarias y equipos","lsMantenimiento","Mantenimiento y Reparación de Aire Acondicionado de 3 Toneladas","unidad",{"v":30385,"d":"30,385.00"},"2.7.2.6.01"]
["Mantenimiento y reparación de maquinarias y equipos","lsMantenimiento","Reparacion y Mantenimiento Planta Eléctrica","unidad",{"v":79818.74,"d":"79,818.74"},"2.7.2.6.01"]
["Mantenimiento y reparación de maquinarias y equipos","lsMantenimiento","Servicio de Mantenimiento de Aire Acondicionado","unidad",{"v":4500,"d":"4,500.00"},"2.2.7.2.01"]
["Mantenimiento y reparación de maquinarias y equipos","lsMantenimiento","Servicio de mantenimiento,lavado y brillado de piso","unidad",{"v":44840,"d":"44,840.00"},"2.7.1.7.01"]
["Mantenimiento y reparación de maquinarias y equipos","lsMantenimiento","Servicios de Desinstalacion,  Instalación y Mantenimiento","unidad",{"v":8850,"d":"8,850.00"},"2.7.2.6.01"]
["Mantenimiento y reparación de muebles y equipos de oficina","lsMantenimiento","Mantenimiento Planta Eléctrica","unidad",{"v":45459.5,"d":"45,459.50"},"2.7.1.6.01"]
["Mantenimiento y reparación de muebles y equipos de oficina","lsMantenimiento","Suministro, Instalación y drenaje","unidad",{"v":7500,"d":"7,500.00"},"2.7.1.4.01"]
["Material para limpieza","lsMaterialesdeLimpieza","Ambientador en Spray, diferentes Frangancias","unidad",68.44,"2.3.9.1.01"]
["Material para limpieza","lsMaterialesdeLimpieza","Carro de limpieza de 2 baldes","unidad",{"v":3935.3,"d":"3,935.30"},"2.3.9.1.01"]
["Material para limpieza","lsMaterialesdeLimpieza","Cleaner, 1 Litro para Maquina ABX Micros 60","unidad",{"v":1548,"d":"1,548.00"},"2.3.9.1.01"]
["Material para limpieza","lsMaterialesdeLimpieza","Cubo plastico , con brazalete en metal, Mediano","unidad",{"v":130,"d":"130.00"},"2.3.9.1.01"]
["Material para limpieza","lsMaterialesdeLimpieza","Docenas de Brillo de Metal (Fregar)","unidad",341.02,"2.3.9.1.01"]
["Material para limpieza","lsMaterialesdeLimpieza","Escoba plastica","unidad",{"v":120,"d":"120.00"},"2.3.9.1.01"]
["Material para limpieza","lsMaterialesdeLimpieza","Galón de Cloro","galon",{"v":57.785,"d":"57.79"},"2.3.9.1.01"]
["Material para limpieza","lsMaterialesdeLimpieza","Galones de Limpia Cristales","galon",{"v":118,"d":"118.00"},"2.3.9.1.01"]
["Material para limpieza","lsMaterialesdeLimpieza","Jabón Liquido Lavaplatos","galon",138.06,"2.3.9.1.01"]
["Material para limpieza","lsMaterialesdeLimpieza","Jabón Liquido para Manos","galon",136.88,"2.3.9.1.01"]
["Material para limpieza","lsMaterialesdeLimpieza","Neutralizador de Olor","unidad",{"v":270,"d":"270.00"},"2.3.9.1.01"]
["Material para limpieza","lsMaterialesdeLimpieza","Pinespuma ","unidad",{"v":300,"d":"300.00"},"2.3.9.1.01"]
["Material para limpieza","lsMaterialesdeLimpieza","Rastrillo plastico palo en  en madera","unidad",{"v":160,"d":"160.00"},"2.3.9.1.01"]
["Material para limpieza","lsMaterialesdeLimpieza","Saco de Detergente en Polvo","unidad",728.06,"2.3.9.1.01"]
["Material para limpieza","lsMaterialesdeLimpieza","Suaper","unidad",{"v":125,"d":"125.00"},"2.3.9.1.01"]
["Muebles de alojamiento","lsMueblesdeAlojamiento","Bancada de 3 asientos","unidad",{"v":7123.896,"d":"7,123.90"},"2.6.1.2.02"]
["Muebles de alojamiento","lsMueblesdeAlojamiento","Bancada de 4 asientos","unidad",{"v":13570,"d":"13,570.00"},"2.6.1.2.02"]
["Muebles de oficina y estantería","lsMueblesdeOficina","Anaquel metalico de 5 niveles","unidad",{"v":6938.4,"d":"6,938.40"},"2.6.1.1.02"]
["Muebles de oficina y estantería","lsMueblesdeOficina","Anaqueles de Metal de 1.20m+0.60 cm","unidad",{"v":11800,"d":"11,800.00"},"2.6.1.1.01"]
["Muebles de oficina y estantería","lsMueblesdeOficina","Anaqueles de Metal de 1.m+0.60 cm","unidad",{"v":10620,"d":"10,620.00"},"2.6.1.1.01"]
["Muebles de oficina y estantería","lsMueblesdeOficina","Archivador metálico de 4 gavetas.","unidad",{"v":8142,"d":"8,142.00"},"2.6.1.1.02"]
["Muebles de oficina y estantería","lsMueblesdeOficina","Archivos Laterales 2.3 de 4 gavetas","unidad",{"v":11227.8771,"d":"11,227.88"},"2.6.1.1.01"]
["Muebles de oficina y estantería","lsMueblesdeOficina","Armario metálico dobles o lockers con ojete para candado.","unidad",{"v":8496,"d":"8,496.00"},"2.6.1.1.02"]
["Muebles de oficina y estantería","lsMueblesdeOficina","Bandeja metálica rodable de sobre cama para alimentos","unidad",{"v":5605,"d":"5,605.00"},"2.6.1.1.02"]
["Muebles de oficina y estantería","lsMueblesdeOficina","Cubiculos (1.05mt x 1.00mt x 0.60mt)","unidad",{"v":14160,"d":"14,160.00"},"2.6.1.1.01"]
["Muebles de oficina y estantería","lsMueblesdeOficina","Cubo metalico para desperdicios con tapa accionada a pedal","unidad",{"v":1121,"d":"1,121.00"},"2.6.1.1.02"]
["Muebles de oficina y estantería","lsMueblesdeOficina","Dispositivo de Paso Rápido de Peajes para Vehículos","unidad",{"v":450,"d":"450.00"},"2.6.1.1.01"]
["Muebles de oficina y estantería","lsMueblesdeOficina","Escritorio metálico de 2 cajones de 100 x 60 cms.","unidad",{"v":5900,"d":"5,900.00"},"2.6.1.1.02"]
["Muebles de oficina y estantería","lsMueblesdeOficina","Gabinetes Aereos 1.00mt con puerta tipo tambor","unidad",{"v":14160,"d":"14,160.00"},"2.6.1.1.01"]
["Muebles de oficina y estantería","lsMueblesdeOficina","Mesa comedor con 4 sillas","unidad",{"v":18880,"d":"18,880.00"},"2.6.1.1.02"]
["Muebles de oficina y estantería","lsMueblesdeOficina","Silla metálica giratoria rodable con asiento alto","unidad",{"v":4130,"d":"4,130.00"},"2.6.1.1.02"]
["Muebles de oficina y estantería","lsMueblesdeOficina","Silla secretarial","unidad",{"v":2950,"d":"2,950.00"},"2.6.1.1.02"]
["Muebles de oficina y estantería","lsMueblesdeOficina","Sillas de Oficina sin brazo, con soporte lumbar","unidad",{"v":7949.66,"d":"7,949.66"},"2.6.1.1.01"]
["Muebles de oficina y estantería","lsMueblesdeOficina","Sillas de visitas","unidad",{"v":1303.9,"d":"1,303.90"},"2.6.1.1.01"]
["Muebles de oficina y estantería","lsMueblesdeOficina","Sillas secretariales sin brazo con soporte lumbar","unidad",{"v":7949.66,"d":"7,949.66"},"2.6.1.1.01"]
["Muebles de oficina y estantería","lsMueblesdeOficina","Sillón ejecutivo color negro, con brazo, soporte lumbar, en leader","unidad",{"v":9912,"d":"9,912.00"},"2.6.1.1.01"]
["Muebles de oficina y estantería","lsMueblesdeOficina","Sillon Ergonomico o Postural color negro","unidad",{"v":14004.83,"d":"14,004.83"},"2.6.1.1.02"]
["Muebles de oficina y estantería","lsMueblesdeOficina","Sillón para sala de reuniones","unidad",{"v":12019.008,"d":"12,019.01"},"2.6.1.1.02"]
["Muebles de oficina y estantería","lsMueblesdeOficina","Sillón semiejecutivo sin porta brazos unipersonal","unidad",{"v":4378.98,"d":"4,378.98"},"2.6.1.1.01"]
["Muebles de oficina y estantería","lsMueblesdeOficina","Taburete metálico asiento giratorio rodable con espaldar.","unidad",{"v":3482.18,"d":"3,482.18"},"2.6.1.1.02"]
["Muebles de oficina y estantería","lsMueblesdeOficina","Taburete metalico giratorio con espaldar para anestesiologo","unidad",{"v":6755.736,"d":"6,755.74"},"2.6.1.1.02"]
["Obras menores en edificaciones","lsObrasMenoresEdificaciones"," Adecuación Local ","unidad",null,"2.7.1.1.01"]
["Otros equipos","lsOtrosEquipos","Bomba de agua de 1.5 hp, doble impele","unidad",{"v":36028.94,"d":"36,028.94"},"2.6.5.8.01"]
["Otros equipos","lsOtrosEquipos","Bomba de Agua de 3HP - 110-220V","unidad",{"v":30591.5,"d":"30,591.50"},"2.6.5.8.01"]
["Otros equipos","lsOtrosEquipos","Gato Hidráulico 2 TOM. TW","unidad",626.58,"2.6.5.8.01"]
["Otros equipos","lsOtrosEquipos","Tanque de hidroneumatico de 120 galones - alta presion","unidad",{"v":62031.42,"d":"62,031.42"},"2.6.5.8.01"]
["Peaje","lsPeaje","Peaje (por vehiculo)","unidad",{"v":60,"d":"60.00"},"2.2.4.4.01"]
["Pinturas, barnices, lacas, diluyentes y absorbentes para pintura","lsPinturas","Cemento de pvc de 16oz","unidad",487.34,"2.3.7.2.06"]
["Pinturas, barnices, lacas, diluyentes y absorbentes para pintura","lsPinturas","Pastas de cloro de cisternas 200GRS","unidad",{"v":88.5,"d":"88.50"},"2.3.7.2.06"]
["Productos de artes gráficas","lsProductosArtesGraficas","Calcomanias","unidad",{"v":177,"d":"177.00"},"2.3.3.3.01"]
["Productos de artes gráficas","lsProductosArtesGraficas","Letrero en Acrílico rotulado en Vinil adhesivo, Tornillos Decorativo (0.71mt x 1.06mt) con instalación","unidad",{"v":5959,"d":"5,959.00"},"2.3.3.3.01"]
["Productos de cemento","lsProductosdeCemento","Cemento blanco","libra",18.88,"2.3.6.1.01"]
["Productos de loza","lsProductosdeLoza","Inodoros color blanco","unidad",{"v":4124.1,"d":"4,124.10"},"2.3.6.2.02"]
["Productos de loza","lsProductosdeLoza","Lavamanos con pedestal color blanco","unidad",{"v":4737.7,"d":"4,737.70"},"2.3.6.2.02"]
["Productos de loza","lsProductosdeLoza","Pedestal de Lavamanos color blanco","unidad",{"v":1239,"d":"1,239.00"},"2.3.6.2.02"]
["Productos de Papel, Cartón e Impresos","lsProductosdePapel","Carpetas Azules de 5 Pulgadas con 3 aros.","unidad",711.54,"2.3.3.3.01"]
["Productos de Papel, Cartón e Impresos","lsProductosdePapel","Carpetas institucionales con bolsillo full color, Cartón 9x12","unidad",30.68,"2.3.3.3.01"]
["Productos de Papel, Cartón e Impresos","lsProductosdePapel","Carpetas No.1, Blanca c/Cover","unidad",93.22,"2.3.3.2.01"]
["Productos de Papel, Cartón e Impresos","lsProductosdePapel","Carpetas No.2","unidad",{"v":140.125,"d":"140.13"},"2.3.3.2.01"]
["Productos de Papel, Cartón e Impresos","lsProductosdePapel","Carpetas No.3","unidad",{"v":194.7,"d":"194.70"},"2.3.3.2.01"]
["Productos de Papel, Cartón e Impresos","lsProductosdePapel","Carpetas No.4","unidad",{"v":334.825,"d":"334.83"},"2.3.3.2.01"]
["Productos de Papel, Cartón e Impresos","lsProductosdePapel","Carpetas No.5, Blanca c/Cover ","unidad",474.36,"2.3.3.2.01"]
["Productos de Papel, Cartón e Impresos","lsProductosdePapel","Fardos de Papel Higiénico Jumbo","unidad",{"v":548.7,"d":"548.70"},"2.3.3.2.01"]
["Productos de Papel, Cartón e Impresos","lsProductosdePapel","Fardos de Papel Toalla","unidad",628.94,"2.3.3.2.01"]
["Productos de Papel, Cartón e Impresos","lsProductosdePapel","Fardos de Servilletas","unidad",{"v":401.2,"d":"401.20"},"2.3.3.2.01"]
["Productos de Papel, Cartón e Impresos","lsProductosdePapel","Fólder de bolsillo color azul","unidad",{"v":526.575,"d":"526.58"},"2.3.3.2.01"]
["Productos de Papel, Cartón e Impresos","lsProductosdePapel","Folders 8 1/2x 11 (100/1) Impropapel","Caja",175.82,"2.3.3.2.01"]
["Productos de Papel, Cartón e Impresos","lsProductosdePapel","Folders 8 1/2x 11 (100/1), de Colores","Caja",{"v":531,"d":"531.00"},"2.3.3.2.01"]
["Productos de Papel, Cartón e Impresos","lsProductosdePapel","Folders 8 1/2x 13 (100/1), Ofi Folder","Caja",233.64,"2.3.3.2.01"]
["Productos de Papel, Cartón e Impresos","lsProductosdePapel","Folders 8 1/2x 13 (100/1), Ofinota","Caja",{"v":260.0011,"d":"260.00"},"2.3.3.2.01"]
["Productos de Papel, Cartón e Impresos","lsProductosdePapel","Formulario de Requisicion de Materiales de 50 juegos con 3 autocopias","unidad",{"v":283.2,"d":"283.20"},"2.3.3.3.01"]
["Productos de Papel, Cartón e Impresos","lsProductosdePapel","Libretas Rayadas 5x8 (docena)","unidad",132.75,"2.3.3.2.01"]
["Productos de Papel, Cartón e Impresos","lsProductosdePapel","Libretas Rayadas 8 1/2 x 11 (docena)","unidad",368.75,"2.3.3.2.01"]
["Productos de Papel, Cartón e Impresos","lsProductosdePapel","Máquinas sumadoras Electrónicas","unidad",{"v":5546,"d":"5,546.00"},"2.3.3.3.01"]
["Productos de Papel, Cartón e Impresos","lsProductosdePapel","Resma de Hojas timbradas con Logo de la Institución 8 1/2 x 11 (Bond 24)","unidad",{"v":1215.4,"d":"1,215.40"},"2.3.3.3.01"]
["Productos de Papel, Cartón e Impresos","lsProductosdePapel","Resma de Papel 8 1/2x11","resma",139.24,"2.3.3.1.01"]
["Productos de Papel, Cartón e Impresos","lsProductosdePapel","Resma de Papel 8 1/2x14","resma",{"v":194.7,"d":"194.70"},"2.3.3.1.01"]
["Productos de Papel, Cartón e Impresos","lsProductosdePapel","Rollo de Papel para Sumadora, 21/4¨x120 Import","unidad",{"v":12.803,"d":"12.80"},"2.3.3.2.01"]
["Productos de Papel, Cartón e Impresos","lsProductosdePapel","Sobres para Carta (cajas) 500/1","unidad",663.75,"2.3.3.2.01"]
["Productos de Papel, Cartón e Impresos","lsProductosdePapel","Sumadoras Electricas","unidad",{"v":6149.9943,"d":"6,149.99"},"2.3.3.3.01"]
["Productos de vidrio","lsProductosdeVidrio","Cristal Delantero para Isuzu D-Max ","unidad",{"v":6490,"d":"6,490.00"},"2.3.6.2.01"]
["Productos de vidrio","lsProductosdeVidrio","Cristal Delantero para Mitsubishi L200 ","unidad",{"v":6490,"d":"6,490.00"},"2.3.6.2.01"]
["Productos de vidrio","lsProductosdeVidrio","Cristal Delantero para Nissan Frontier ","unidad",{"v":6490,"d":"6,490.00"},"2.3.6.2.01"]
["Productos de vidrio","lsProductosdeVidrio","Cristal Delantero para Toyota Fortunner","unidad",{"v":6490,"d":"6,490.00"},"2.3.6.2.01"]
["Productos de vidrio","lsProductosdeVidrio","Cristal Delantero para Toyota Hilux ","unidad",{"v":6490,"d":"6,490.00"},"2.3.6.2.01"]
["Productos eléctricos y afines","lsProductosElectricos","Alambre STD No. 12 (2.5 mm) Rollo","unidad",{"v":2205.7733,"d":"2,205.77"},"2.3.9.6.01"]
["Productos eléctricos y afines","lsProductosElectricos","Alicate Eléctrico 9'' TRUPER (12351)","unidad",{"v":501.5,"d":"501.50"},"2.3.9.6.01"]
["Productos eléctricos y afines","lsProductosElectricos","Bateria AA (docenas) Maxell","unidad",{"v":442.5,"d":"442.50"},"2.3.9.6.01"]
["Productos eléctricos y afines","lsProductosElectricos","Bateria AAA  (docenas), Insterstate","unidad",{"v":531,"d":"531.00"},"2.3.9.6.01"]
["Productos eléctricos y afines","lsProductosElectricos","Bateria AAA  Maxell (docenas)","unidad",{"v":796.5,"d":"796.50"},"2.3.9.6.01"]
["Productos eléctricos y afines","lsProductosElectricos","Baterías de Vehículos para Isuzu D-Max","unidad",{"v":5640.4,"d":"5,640.40"},"2.3.9.6.01"]
["Productos eléctricos y afines","lsProductosElectricos","Baterías de Vehículos para Nissan Frontier","unidad",{"v":5640.4,"d":"5,640.40"},"2.3.9.6.01"]
["Productos eléctricos y afines","lsProductosElectricos","Baterías de Vehículos para Nissan Patrol","unidad",{"v":5640.4,"d":"5,640.40"},"2.3.9.6.01"]
["Productos eléctricos y afines","lsProductosElectricos","Baterías de Vehículos para Toyota Corolla","unidad",{"v":4366,"d":"4,366.00"},"2.3.9.6.01"]
["Productos eléctricos y afines","lsProductosElectricos","Baterías para UPS de Tomógrafo ( capacidad 80KVA/64KVA)","unidad",{"v":15611.4,"d":"15,611.40"},"2.3.9.6.01"]
["Productos eléctricos y afines","lsProductosElectricos","Bombillo Pequeño 25W, Bajo Consumo","unidad",179.15,"2.3.9.6.01"]
["Productos eléctricos y afines","lsProductosElectricos","Extensiones elécricas de 10 pies, color mamey (3M) 48006 Voltech","unidad",{"v":194.7,"d":"194.70"},"2.3.9.6.01"]
["Productos eléctricos y afines","lsProductosElectricos","Fotocelda con Base","unidad",{"v":672.6,"d":"672.60"},"2.3.9.6.01"]
["Productos eléctricos y afines","lsProductosElectricos","Main Breaker Trifasico de 240 voltios","unidad",{"v":20650,"d":"20,650.00"},"2.3.9.6.01"]
["Productos eléctricos y afines","lsProductosElectricos","Reflectores LED 100W","unidad",{"v":4661,"d":"4,661.00"},"2.3.9.6.01"]
["Productos eléctricos y afines","lsProductosElectricos","Regletas 6 Salidas Voltech","unidad",{"v":525.1,"d":"525.10"},"2.3.9.6.01"]
["Productos eléctricos y afines","lsProductosElectricos","Switch 24 puertos Gigabit (No POE)","unidad",{"v":6384.19,"d":"6,384.19"},"2.3.9.6.01"]
["Productos eléctricos y afines","lsProductosElectricos","Tape 3M Scoth-23 de Goma","unidad",{"v":899.0433,"d":"899.04"},"2.3.9.6.01"]
["Productos eléctricos y afines","lsProductosElectricos","Tape 3M Scoth-33 Vinil","unidad",{"v":348.1,"d":"348.10"},"2.3.9.6.01"]
["Productos eléctricos y afines","lsProductosElectricos","Tomacorrientes 110v, tipo Livingston","unidad",{"v":147.5,"d":"147.50"},"2.3.9.6.01"]
["Productos eléctricos y afines","lsProductosElectricos","Transformadores 2x32W Silvania de 110v/ 277v","unidad",{"v":11210,"d":"11,210.00"},"2.3.9.6.01"]
["Productos eléctricos y afines","lsProductosElectricos","Tubos fluorescentes Blancos 32w Caja 25/1","unidad",{"v":1333.4,"d":"1,333.40"},"2.3.9.6.01"]
["Productos medicinales para uso humano","lsProductosMedicinalesH","Anestesia al 2% 1 50.00","unidad",939.75,"2.3.4.1.01"]
["Productos medicinales para uso humano","lsProductosMedicinalesH","Anestesia al 3% 50/1","unidad",{"v":590,"d":"590.00"},"2.3.4.1.01"]
["Productos medicinales para uso humano","lsProductosMedicinalesH","Dycal brazil","unidad",761.25,"2.3.4.1.01"]
["Productos medicinales para uso humano","lsProductosMedicinalesH","Dycal brazil","unidad",761.25,"2.3.4.2.01"]
["Productos medicinales para uso humano","lsProductosMedicinalesH","Eugenol (frasco)","unidad",309.75,"2.3.4.2.01"]
["Productos medicinales para uso humano","lsProductosMedicinalesH","Grabado Acido 37% Phosphoric 12g","unidad",270.48,"2.3.4.2.01"]
["Productos medicinales para uso humano","lsProductosMedicinalesH","Grabado ácido 37% Phosphoric 12g","unidad",{"v":229.2153,"d":"229.22"},"2.3.4.1.01"]
["Productos medicinales para uso humano","lsProductosMedicinalesH","Hidróxido de Calcio USA","unidad",194.25,"2.3.4.2.01"]
["Productos medicinales para uso humano","lsProductosMedicinalesH","Hyaminol solución desinfectante 16 oz.","unidad",414.75,"2.3.4.1.01"]
["Productos medicinales para uso humano","lsProductosMedicinalesH","Hyaminol solucion desinfectante 16oz.","unidad",414.75,"2.3.4.2.01"]
["Productos medicinales para uso humano","lsProductosMedicinalesH","Kit de Resina","unidad",{"v":3669.75,"d":"3,669.75"},"2.3.4.2.01"]
["Productos medicinales para uso humano","lsProductosMedicinalesH","Lysol Odontológico IC","tonelada",866.25,"2.3.4.2.01"]
["Productos medicinales para uso humano","lsProductosMedicinalesH","Minolyse LGM para Maquina ABX Micros 60","unidad",{"v":8096,"d":"8,096.00"},"2.3.4.2.01"]
["Productos medicinales para uso humano","lsProductosMedicinalesH","Minoton/Minidil, 20 litros para Maquina ABX Micros 60","unidad",{"v":8000,"d":"8,000.00"},"2.3.4.2.01"]
["Productos medicinales para uso humano","lsProductosMedicinalesH","Oxido de Zinc 2oz. (LC)","unidad",167.27,"2.3.4.2.01"]
["Productos medicinales para uso humano","lsProductosMedicinalesH","Papel articular","unidad",{"v":402.6767,"d":"402.68"},"2.3.4.1.01"]
["Productos medicinales para uso humano","lsProductosMedicinalesH","Pasta profiláctica Cherry 12oz","unidad",{"v":600.9153,"d":"600.92"},"2.3.4.1.01"]
["Productos medicinales para uso humano","lsProductosMedicinalesH","Pasta Profiláctica Cherry 12oz.","tonelada",{"v":489.406,"d":"489.41"},"2.3.4.2.01"]
["Productos medicinales para uso humano","lsProductosMedicinalesH","Resina flow","unidad",455.48,"2.3.4.1.01"]
["Productos metálicos y sus derivados","lsProductosMetalicos","Aro para Goma No. 265/70/16 para Camioneta Toyota Hilux","unidad",{"v":6490,"d":"6,490.00"},"2.3.6.3.01"]
["Productos químicos de uso personal","lsProductosQuimicos","Galón de Gel Anti-bacterial para manos","galon",{"v":460.2,"d":"460.20"},"2.3.7.2.03"]
["Publicidad y propaganda","lsPublicidadyPropaganda","Publicación en el Periódico, de Proceso de Licitación Publica Nacional durante 2 Días, ","dia",{"v":44877.76,"d":"44,877.76"},"2.2.2.1.01 "]
["Servicios técnicos y profesionales","lsServiciosTecnicosProfesionales","Pagos facilitadores externos","Cheque ",{"v":3000,"d":"3,000.00"},"2.2.8.7.06"]
["Sistemas de aire acondicionado, calefacción y de refrigeración industrial y comercial","lsAireAcondicionado","Condensador de 24,000 BTU, Refrigerante 22","unidad",{"v":23562.5,"d":"23,562.50"},"2.6.5.4.01"]
["Sistemas de aire acondicionado, calefacción y de refrigeración industrial y comercial","lsAireAcondicionado","Motor para Aire Condicionado Centralizado","unidad",{"v":102660,"d":"102,660.00"},"2.6.5.4.01"]
["Útiles de cocina y comedor","lsUtilesdeCocina","Azucareras en Acero Inoxidable","unidad",{"v":590,"d":"590.00"},"2.3.9.5.01"]
["Útiles de cocina y comedor","lsUtilesdeCocina","Bandeja de guano o Madera artesanal 18x10 (rectangular)","unidad",{"v":2124,"d":"2,124.00"},"2.3.9.5.01"]
["Útiles de cocina y comedor","lsUtilesdeCocina","Docena de Platos hondo para Sopa, Blancos","docena",{"v":2832,"d":"2,832.00"},"2.3.9.5.01"]
["Útiles de cocina y comedor","lsUtilesdeCocina","Docena de Platos llanos color blanco","docena",{"v":2548.8,"d":"2,548.80"},"2.3.9.5.01"]
["Útiles de cocina y comedor","lsUtilesdeCocina","Docenas de Copas de Cristal para agua 10.7 oz","docena",{"v":2360,"d":"2,360.00"},"2.3.9.5.01"]
["Útiles de cocina y comedor","lsUtilesdeCocina","Docenas de Copas de Cristal para agua bajitas","docena",{"v":2360,"d":"2,360.00"},"2.3.9.5.01"]
["Útiles de cocina y comedor","lsUtilesdeCocina","Docenas de cucharitas para cafe","docena",{"v":708,"d":"708.00"},"2.3.9.5.01"]
["Útiles de cocina y comedor","lsUtilesdeCocina","Grecas Industriales de 4 litros","unidad",{"v":7670,"d":"7,670.00"},"2.3.9.5.01"]
["Útiles de cocina y comedor","lsUtilesdeCocina","Set de docenas de Tazas color blanco para cafe","docena",{"v":2548.8,"d":"2,548.80"},"2.3.9.5.01"]
["Útiles de cocina y comedor","lsUtilesdeCocina","sets de Cuchillos, Tenedores y Cucharas (acero inoxidable)","unidad",{"v":2360,"d":"2,360.00"},"2.3.9.5.01"]
["Útiles de cocina y comedor","lsUtilesdeCocina","Termos para Cafe de 1.5 litros color negro","unidad",{"v":1770,"d":"1,770.00"},"2.3.9.5.01"]
["Útiles de cocina y comedor","lsUtilesdeCocina","Tetera para Té","unidad",{"v":1121,"d":"1,121.00"},"2.3.9.5.01"]
["Útiles de escritorio, oficina, informática y de enseñanza","lsUtilesdeOficina","\tCubeta de acero inoxidable rodable","unidad",{"v":1770,"d":"1,770.00"},"2.3.9.2.01 "]
["Útiles de escritorio, oficina, informática y de enseñanza","lsUtilesdeOficina","\tZafacón de acero inoxidable con tapa y pedal","unidad",{"v":1062,"d":"1,062.00"},"2.3.9.2.01 "]
["Útiles de escritorio, oficina, informática y de enseñanza","lsUtilesdeOficina","(662) COLOR para impresora HP 3515","unidad",{"v":420.552,"d":"420.55"},"2.3.9.2.01 "]
["Útiles de escritorio, oficina, informática y de enseñanza","lsUtilesdeOficina","(662) NEGRO para impresora HP 3515","unidad",420.73,"2.3.9.2.01 "]
["Útiles de escritorio, oficina, informática y de enseñanza","lsUtilesdeOficina","122XL (CH563HC) para impresora HP 2050 (PERSONAL)","unidad",{"v":1379.48,"d":"1,379.48"},"2.3.9.2.01 "]
["Útiles de escritorio, oficina, informática y de enseñanza","lsUtilesdeOficina","122XL (CH563HC) para impresora HP 2050 (PERSONAL)","unidad",{"v":486.692,"d":"486.69"},"2.3.9.2.01 "]
["Útiles de escritorio, oficina, informática y de enseñanza","lsUtilesdeOficina","670 (CZ113AL) NEGRO para impresora HP AVANTAGE 4625","unidad",{"v":420.092,"d":"420.09"},"2.3.9.2.01 "]
["Útiles de escritorio, oficina, informática y de enseñanza","lsUtilesdeOficina","670 (CZ114AL) AZUL para impresora HP AVANTAGE 4625","unidad",{"v":422.358,"d":"422.36"},"2.3.9.2.01 "]
["Útiles de escritorio, oficina, informática y de enseñanza","lsUtilesdeOficina","670 (CZ115AL) MAGENTA para impresora HP AVANTAGE 4625","unidad",422.44,"2.3.9.2.01 "]
["Útiles de escritorio, oficina, informática y de enseñanza","lsUtilesdeOficina","670 (CZ116AL) AMARILLO para impresora HP AVANTAGE 4625","unidad",{"v":422.628,"d":"422.63"},"2.3.9.2.01 "]
["Útiles de escritorio, oficina, informática y de enseñanza","lsUtilesdeOficina","74 NEGRO para impresora HP C4280","unidad",{"v":810.412,"d":"810.41"},"2.3.9.2.01 "]
["Útiles de escritorio, oficina, informática y de enseñanza","lsUtilesdeOficina","75 COLOR para impresora HP C4280","unidad",{"v":1069.47,"d":"1,069.47"},"2.3.9.2.01 "]
["Útiles de escritorio, oficina, informática y de enseñanza","lsUtilesdeOficina","AL-100 TD para impresora SHARP AL-2030","unidad",{"v":3499.9967,"d":"3,500.00"},"2.3.9.2.01 "]
["Útiles de escritorio, oficina, informática y de enseñanza","lsUtilesdeOficina","Archivo Acordeon","unidad",{"v":200.6,"d":"200.60"},"2.3.9.2.01 "]
["Útiles de escritorio, oficina, informática y de enseñanza","lsUtilesdeOficina","Bandas de Gomas No. 18 (cajas)","unidad",{"v":17.405,"d":"17.41"},"2.3.9.2.01 "]
["Útiles de escritorio, oficina, informática y de enseñanza","lsUtilesdeOficina","Bandejas para Escritorio","unidad",101.48,"2.3.9.2.01 "]
["Útiles de escritorio, oficina, informática y de enseñanza","lsUtilesdeOficina","Cajas de Clips (19MM) pequeño","unidad",{"v":15.281,"d":"15.28"},"2.3.9.2.01 "]
["Útiles de escritorio, oficina, informática y de enseñanza","lsUtilesdeOficina","Cajas de Clips (32MM) Mediano","unidad",34.81,"2.3.9.2.01 "]
["Útiles de escritorio, oficina, informática y de enseñanza","lsUtilesdeOficina","Cajas de Clips (51MM) Grande","unidad",77.88,"2.3.9.2.01 "]
["Útiles de escritorio, oficina, informática y de enseñanza","lsUtilesdeOficina","Cajas de Felpas Azules","Caja",{"v":403.7967,"d":"403.80"},"2.3.9.2.01 "]
["Útiles de escritorio, oficina, informática y de enseñanza","lsUtilesdeOficina","Cajas de Lapiceros Azules","Caja",{"v":36,"d":"36.00"},"2.3.9.2.01 "]
["Útiles de escritorio, oficina, informática y de enseñanza","lsUtilesdeOficina","Cajas Marcadores de Pizarra","Caja",{"v":154.875,"d":"154.88"},"2.3.9.2.01 "]
["Útiles de escritorio, oficina, informática y de enseñanza","lsUtilesdeOficina","Carpetas para archivos","unidad",121.54,"2.3.9.2.01 "]
["Útiles de escritorio, oficina, informática y de enseñanza","lsUtilesdeOficina","Cartucho 122 Color para impresora HP2050 (Personal)","unidad",{"v":510.0425,"d":"510.04"},"2.3.9.2.01 "]
["Útiles de escritorio, oficina, informática y de enseñanza","lsUtilesdeOficina","Cartucho 122 Negro para impresora HP 2050 (Personal)","unidad",{"v":510.0425,"d":"510.04"},"2.3.9.2.01 "]
["Útiles de escritorio, oficina, informática y de enseñanza","lsUtilesdeOficina","Cartucho 662 color para impresora HP 3515","unidad",{"v":445.214,"d":"445.21"},"2.3.9.2.01 "]
["Útiles de escritorio, oficina, informática y de enseñanza","lsUtilesdeOficina","Cartucho 662 Negro para impresora HP 3515","unidad",{"v":445.2141,"d":"445.21"},"2.3.9.2.01 "]
["Útiles de escritorio, oficina, informática y de enseñanza","lsUtilesdeOficina","Cartucho 662 Negro para impresora HP 3515","unidad",437.91,"2.3.9.2.01 "]
["Útiles de escritorio, oficina, informática y de enseñanza","lsUtilesdeOficina","Cartucho 670 (CZ113AL) Negro  para impresora HP AVANTAGE 4625","unidad",{"v":440.1633,"d":"440.16"},"2.3.9.2.01 "]
["Útiles de escritorio, oficina, informática y de enseñanza","lsUtilesdeOficina","Cartucho 670 (CZ114AL) Magenta para impresora HP AVANTAGE 4625","unidad",439.49,"2.3.9.2.01 "]
["Útiles de escritorio, oficina, informática y de enseñanza","lsUtilesdeOficina","Cartucho 670 (CZ115AL) Amarillo para impresora HP AVANTAGE 4625","unidad",{"v":442.005,"d":"442.01"},"2.3.9.2.01 "]
["Útiles de escritorio, oficina, informática y de enseñanza","lsUtilesdeOficina","Cartucho 670 (CZ116AL) Cian para impresora HP AVANTAGE 4625","unidad",439.49,"2.3.9.2.01 "]
["Útiles de escritorio, oficina, informática y de enseñanza","lsUtilesdeOficina","Cartucho 74 Negro para impresora HP C4280","unidad",{"v":835.003,"d":"835.00"},"2.3.9.2.01 "]
["Útiles de escritorio, oficina, informática y de enseñanza","lsUtilesdeOficina","Cartucho 75 Color para impresora HP C4280","unidad",{"v":1110,"d":"1,110.00"},"2.3.9.2.01 "]
["Útiles de escritorio, oficina, informática y de enseñanza","lsUtilesdeOficina","Cartucho 954 Amarillo para impresora OFFICEJET PRO8710","unidad",{"v":932.6125,"d":"932.61"},"2.3.9.2.01 "]
["Útiles de escritorio, oficina, informática y de enseñanza","lsUtilesdeOficina","Cartucho 954 Cian para impresora OFFICEJET PRO8710","unidad",932.39,"2.3.9.2.01 "]
["Útiles de escritorio, oficina, informática y de enseñanza","lsUtilesdeOficina","Cartucho 954 Magenta para impresora HP OFFICEJET PRO8710","unidad",932.39,"2.3.9.2.01 "]
["Útiles de escritorio, oficina, informática y de enseñanza","lsUtilesdeOficina","Cartucho 954 Negro para impresora HP OFFICEJET PRO8710","unidad",{"v":1015,"d":"1,015.00"},"2.3.9.2.01 "]
["Útiles de escritorio, oficina, informática y de enseñanza","lsUtilesdeOficina","Cartucho CN050A (951) CIAN para impresora HP OFFICEJET PRO8610","unidad",927.75,"2.3.9.2.01 "]
["Útiles de escritorio, oficina, informática y de enseñanza","lsUtilesdeOficina","Cartucho CN051 (951) Magenta para impresora HP OFFICEJET PRO8610","unidad",{"v":922.7733,"d":"922.77"},"2.3.9.2.01 "]
["Útiles de escritorio, oficina, informática y de enseñanza","lsUtilesdeOficina","Cartucho CN052A Amarillo para impresora HP OFFICEJET PRO8610","unidad",{"v":929.5333,"d":"929.53"},"2.3.9.2.01 "]
["Útiles de escritorio, oficina, informática y de enseñanza","lsUtilesdeOficina","Cartucho HP 60 Negro para impresora HP DESKJET D1660","unidad",{"v":885,"d":"885.00"},"2.3.9.2.01 "]
["Útiles de escritorio, oficina, informática y de enseñanza","lsUtilesdeOficina","Cartuchos color Negro para Impresora HP Photosmart C4280","unidad",{"v":1017.5025,"d":"1,017.50"},"2.3.9.2.01 "]
["Útiles de escritorio, oficina, informática y de enseñanza","lsUtilesdeOficina","CB435A (35A) para impresora Laserjet P1006","unidad",{"v":2700.0052,"d":"2,700.01"},"2.3.9.2.01 "]
["Útiles de escritorio, oficina, informática y de enseñanza","lsUtilesdeOficina","CE285A (85A) para impresora HP P1102W","unidad",{"v":2799.9985,"d":"2,800.00"},"2.3.9.2.01 "]
["Útiles de escritorio, oficina, informática y de enseñanza","lsUtilesdeOficina","CE310A para impresora HP CP1025NW","unidad",{"v":2149.996,"d":"2,150.00"},"2.3.9.2.01 "]
["Útiles de escritorio, oficina, informática y de enseñanza","lsUtilesdeOficina","CE505A (05A) para impresora HP P2055DM","unidad",{"v":3650,"d":"3,650.00"},"2.3.9.2.01 "]
["Útiles de escritorio, oficina, informática y de enseñanza","lsUtilesdeOficina","Cera para contar Red Star 1.1 oz","unidad",30.68,"2.3.9.2.01 "]
["Útiles de escritorio, oficina, informática y de enseñanza","lsUtilesdeOficina","CF226A (26A) para impresora HP MFP M426 FDW","unidad",{"v":5039.851,"d":"5,039.85"},"2.3.9.2.01 "]
["Útiles de escritorio, oficina, informática y de enseñanza","lsUtilesdeOficina","CF283A (83A) para impresora HP MFP M127 FN","unidad",{"v":2700.005,"d":"2,700.01"},"2.3.9.2.01 "]
["Útiles de escritorio, oficina, informática y de enseñanza","lsUtilesdeOficina","Cinta adhesiva 3/4","unidad",{"v":9.9946,"d":"9.99"},"2.3.9.2.01 "]
["Útiles de escritorio, oficina, informática y de enseñanza","lsUtilesdeOficina","Cinta para Calculadora electronica CIO Negra-Roja","unidad",{"v":35.4,"d":"35.40"},"2.3.9.2.01 "]
["Útiles de escritorio, oficina, informática y de enseñanza","lsUtilesdeOficina","CL-511 COLOR para impresora CANON PIXMA MP230","unidad",{"v":1184.72,"d":"1,184.72"},"2.3.9.2.01 "]
["Útiles de escritorio, oficina, informática y de enseñanza","lsUtilesdeOficina","CL-513 XL COLOR para impresora CANON PIXMA MP230","unidad",{"v":2265.6,"d":"2,265.60"},"2.3.9.2.01 "]
["Útiles de escritorio, oficina, informática y de enseñanza","lsUtilesdeOficina","Clip porta Carnet","unidad",{"v":13.3222,"d":"13.32"},"2.3.9.2.01 "]
["Útiles de escritorio, oficina, informática y de enseñanza","lsUtilesdeOficina","Clips Mediano 33MM","unidad",{"v":107.675,"d":"107.68"},"2.3.9.2.01 "]
["Útiles de escritorio, oficina, informática y de enseñanza","lsUtilesdeOficina","Clips Sujeta Papel Grande","unidad",{"v":21.771,"d":"21.77"},"2.3.9.2.01 "]
["Útiles de escritorio, oficina, informática y de enseñanza","lsUtilesdeOficina","Clips Sujeta Papel Pequeño ","unidad",{"v":7.847,"d":"7.85"},"2.3.9.2.01 "]
["Útiles de escritorio, oficina, informática y de enseñanza","lsUtilesdeOficina","CN050A (951) CIAN AZUL para impresora HP OFFICEJET PRO8610","unidad",{"v":885.4,"d":"885.40"},"2.3.9.2.01 "]
["Útiles de escritorio, oficina, informática y de enseñanza","lsUtilesdeOficina","CN051A (951) MAGENTA para impresora HP OFFICEJET PRO8610","unidad",{"v":880.9525,"d":"880.95"},"2.3.9.2.01 "]
["Útiles de escritorio, oficina, informática y de enseñanza","lsUtilesdeOficina","CN052A (952) AMARILLO para impresora HP OFFICEJET PRO8610","unidad",{"v":889.426,"d":"889.43"},"2.3.9.2.01 "]
["Útiles de escritorio, oficina, informática y de enseñanza","lsUtilesdeOficina","Corrector Liquido  20ml","unidad",{"v":20.001,"d":"20.00"},"2.3.9.2.01 "]
["Útiles de escritorio, oficina, informática y de enseñanza","lsUtilesdeOficina","Disco Duro externo de 2 Tera Bytes","unidad",5750.01,"2.3.9.2.01 "]
["Útiles de escritorio, oficina, informática y de enseñanza","lsUtilesdeOficina","E260A11L para impresora LEXMARK E260DN","unidad",{"v":4500.0006,"d":"4,500.00"},"2.3.9.2.01 "]
["Útiles de escritorio, oficina, informática y de enseñanza","lsUtilesdeOficina","Grapa Industrial Grande (cajas)","tonelada",{"v":206.5,"d":"206.50"},"2.3.9.2.01 "]
["Útiles de escritorio, oficina, informática y de enseñanza","lsUtilesdeOficina","Grapadoras de Metal","unidad",{"v":144.9984,"d":"145.00"},"2.3.9.2.01 "]
["Útiles de escritorio, oficina, informática y de enseñanza","lsUtilesdeOficina","Guillotina 15¨","unidad",{"v":1407.74,"d":"1,407.74"},"2.3.9.2.01 "]
["Útiles de escritorio, oficina, informática y de enseñanza","lsUtilesdeOficina","Lapiceros Azules","Caja",71.98,"2.3.9.2.01 "]
["Útiles de escritorio, oficina, informática y de enseñanza","lsUtilesdeOficina","Lapiceros color Azul (cajas)","unidad",{"v":55,"d":"55.00"},"2.3.9.2.01 "]
["Útiles de escritorio, oficina, informática y de enseñanza","lsUtilesdeOficina","Lapiceros color negro (cajas)","unidad",{"v":55,"d":"55.00"},"2.3.9.2.01 "]
["Útiles de escritorio, oficina, informática y de enseñanza","lsUtilesdeOficina","Lapiceros color rojo (cajas)","tonelada",{"v":72.5,"d":"72.50"},"2.3.9.2.01 "]
["Útiles de escritorio, oficina, informática y de enseñanza","lsUtilesdeOficina","Lápiz de carbon (docena)","unidad",{"v":50,"d":"50.00"},"2.3.9.2.01 "]
["Útiles de escritorio, oficina, informática y de enseñanza","lsUtilesdeOficina","Memoria Micro SD de 64GB","unidad",{"v":1121,"d":"1,121.00"},"2.3.9.2.01 "]
["Útiles de escritorio, oficina, informática y de enseñanza","lsUtilesdeOficina","Memorias USB 8 GB","unidad",{"v":254.998,"d":"255.00"},"2.3.9.2.01 "]
["Útiles de escritorio, oficina, informática y de enseñanza","lsUtilesdeOficina","Memorias USB 8 GB","unidad",{"v":365.8,"d":"365.80"},"2.3.9.2.01 "]
["Útiles de escritorio, oficina, informática y de enseñanza","lsUtilesdeOficina","Mural de Corcho, Marco Madera 24x35","unidad",498.998,"2.3.9.2.01 "]
["Útiles de escritorio, oficina, informática y de enseñanza","lsUtilesdeOficina","Notas de papel autoadhesivo, Post it 3x3","unidad",{"v":10.9976,"d":"11.00"},"2.3.9.2.01 "]
["Útiles de escritorio, oficina, informática y de enseñanza","lsUtilesdeOficina","Paquetes Post-it Banderitas, 5 Colores Hopax (Sing Here)","unidad",{"v":53.1,"d":"53.10"},"2.3.9.2.01 "]
["Útiles de escritorio, oficina, informática y de enseñanza","lsUtilesdeOficina","PG-510 NEGRO para impresora CANON PIXMA MP230","unidad",{"v":916.505,"d":"916.51"},"2.3.9.2.01 "]
["Útiles de escritorio, oficina, informática y de enseñanza","lsUtilesdeOficina","PG-512 XL NEGRO para impresora CANON PIXMA MP230","unidad",{"v":5015,"d":"5,015.00"},"2.3.9.2.01 "]
["Útiles de escritorio, oficina, informática y de enseñanza","lsUtilesdeOficina","Pizarras Blancas Laminadas 90x60 cm con Trípode","unidad",{"v":10584.6,"d":"10,584.60"},"2.3.9.2.01 "]
["Útiles de escritorio, oficina, informática y de enseñanza","lsUtilesdeOficina","Plásticos Protectores de Carnet","unidad",8.85,"2.3.9.2.01 "]
["Útiles de escritorio, oficina, informática y de enseñanza","lsUtilesdeOficina","Porta Clips","unidad",26.55,"2.3.9.2.01 "]
["Útiles de escritorio, oficina, informática y de enseñanza","lsUtilesdeOficina","Porta Lápiz de Metal","unidad",71.98,"2.3.9.2.01 "]
["Útiles de escritorio, oficina, informática y de enseñanza","lsUtilesdeOficina","Porta Revista de Metal","unidad",{"v":278.775,"d":"278.78"},"2.3.9.2.01 "]
["Útiles de escritorio, oficina, informática y de enseñanza","lsUtilesdeOficina","Post it 3x3,  Varios Colores","unidad",{"v":32.0016,"d":"32.00"},"2.3.9.2.01 "]
["Útiles de escritorio, oficina, informática y de enseñanza","lsUtilesdeOficina","Post it Banderita","unidad",33.04,"2.3.9.2.01 "]
["Útiles de escritorio, oficina, informática y de enseñanza","lsUtilesdeOficina","Post it Grandes","unidad",24.78,"2.3.9.2.01 "]
["Útiles de escritorio, oficina, informática y de enseñanza","lsUtilesdeOficina","Post it Pequeño","unidad",21.24,"2.3.9.2.01 "]
["Útiles de escritorio, oficina, informática y de enseñanza","lsUtilesdeOficina","Q1338A (38A) para impresora LASERJET 4200 DTN","unidad",{"v":8379.4283,"d":"8,379.43"},"2.3.9.2.01 "]
["Útiles de escritorio, oficina, informática y de enseñanza","lsUtilesdeOficina","Q2612AD (12A) para impresora HP LASERJET 1022","unidad",{"v":3100.0017,"d":"3,100.00"},"2.3.9.2.01 "]
["Útiles de escritorio, oficina, informática y de enseñanza","lsUtilesdeOficina","Q5942A (42A) para impresora LASERJET 4250","unidad",{"v":7601.18,"d":"7,601.18"},"2.3.9.2.01 "]
["Útiles de escritorio, oficina, informática y de enseñanza","lsUtilesdeOficina","Reglas Plásticas 12¨","unidad",5.31,"2.3.9.2.01 "]
["Útiles de escritorio, oficina, informática y de enseñanza","lsUtilesdeOficina","Resaltador Amarillo Fluorescente","unidad",{"v":9.676,"d":"9.68"},"2.3.9.2.01 "]
["Útiles de escritorio, oficina, informática y de enseñanza","lsUtilesdeOficina","Resaltador Fluorescente","unidad",{"v":25.9246,"d":"25.92"},"2.3.9.2.01 "]
["Útiles de escritorio, oficina, informática y de enseñanza","lsUtilesdeOficina","Router wifi","unidad",{"v":4163.925,"d":"4,163.93"},"2.3.9.2.01 "]
["Útiles de escritorio, oficina, informática y de enseñanza","lsUtilesdeOficina","Sacapuntas","unidad",15.34,"2.3.9.2.01 "]
["Útiles de escritorio, oficina, informática y de enseñanza","lsUtilesdeOficina","Sacapuntas Eléctrico","unidad",788.24,"2.3.9.2.01 "]
["Útiles de escritorio, oficina, informática y de enseñanza","lsUtilesdeOficina","Sello de Despachado (CUADRADO)","unidad",1888,"2.3.9.2.01 "]
["Útiles de escritorio, oficina, informática y de enseñanza","lsUtilesdeOficina","Sello de Recibido (CUADRADO)","unidad",1888,"2.3.9.2.01 "]
["Útiles de escritorio, oficina, informática y de enseñanza","lsUtilesdeOficina","Sellos Gomigrafos","unidad",1858.5,"2.3.9.2.01 "]
["Útiles de escritorio, oficina, informática y de enseñanza","lsUtilesdeOficina","Separadores carpeta 8 1/2 x11","Caja",27.14,"2.3.9.2.01 "]
["Útiles de escritorio, oficina, informática y de enseñanza","lsUtilesdeOficina","Stick de Colle 35g (Pegamento)","unidad",{"v":33.4176,"d":"33.42"},"2.3.9.2.01 "]
["Útiles de escritorio, oficina, informática y de enseñanza","lsUtilesdeOficina","Tabla de Apoyo de Madera","unidad",{"v":46.9995,"d":"47.00"},"2.3.9.2.01 "]
["Útiles de escritorio, oficina, informática y de enseñanza","lsUtilesdeOficina","Tabla de apoyo/ Madera","unidad",{"v":49.206,"d":"49.21"},"2.3.9.2.01 "]
["Útiles de escritorio, oficina, informática y de enseñanza","lsUtilesdeOficina","Tape 33-3M (un rollo)","unidad",{"v":619.5,"d":"619.50"},"2.3.9.2.01 "]
["Útiles de escritorio, oficina, informática y de enseñanza","lsUtilesdeOficina","Tijeras de oficina","unidad",{"v":49.6073,"d":"49.61"},"2.3.9.2.01 "]
["Útiles de escritorio, oficina, informática y de enseñanza","lsUtilesdeOficina","Tinta para Sello color azul (docenas)","unidad",{"v":1362.9,"d":"1,362.90"},"2.3.9.2.01 "]
["Útiles de escritorio, oficina, informática y de enseñanza","lsUtilesdeOficina","Tinta para Sello color rojo","unidad",114.46,"2.3.9.2.01 "]
["Útiles de escritorio, oficina, informática y de enseñanza","lsUtilesdeOficina","Toner AR-310NT para impresora SHARP AR-M237","unidad",{"v":4399.995,"d":"4,400.00"},"2.3.9.2.01 "]
["Útiles de escritorio, oficina, informática y de enseñanza","lsUtilesdeOficina","Toner CB435A (35A) para impresora LASERJET P1006","unidad",{"v":2242,"d":"2,242.00"},"2.3.9.2.01 "]
["Útiles de escritorio, oficina, informática y de enseñanza","lsUtilesdeOficina","Toner CE285A (85A) para impresora HP P1102W","unidad",{"v":1982.4,"d":"1,982.40"},"2.3.9.2.01 "]
["Útiles de escritorio, oficina, informática y de enseñanza","lsUtilesdeOficina","Toner CE310A 126A para impresora HP CP1025NW","unidad",{"v":2006,"d":"2,006.00"},"2.3.9.2.01 "]
["Útiles de escritorio, oficina, informática y de enseñanza","lsUtilesdeOficina","Toner CE505A (05A) para impresora HP P2055DM","unidad",{"v":3186,"d":"3,186.00"},"2.3.9.2.01 "]
["Útiles de escritorio, oficina, informática y de enseñanza","lsUtilesdeOficina","Toner CF217A (17A) para impresora HP M102W","unidad",{"v":2908.2525,"d":"2,908.25"},"2.3.9.2.01 "]
["Útiles de escritorio, oficina, informática y de enseñanza","lsUtilesdeOficina","Toner CF226A (26A) para impresora HP MFP M426 FDW","unidad",{"v":4979.6,"d":"4,979.60"},"2.3.9.2.01 "]
["Útiles de escritorio, oficina, informática y de enseñanza","lsUtilesdeOficina","Toner CF280A (80A) para impresora HP 400 M401 DNE","unidad",{"v":4248,"d":"4,248.00"},"2.3.9.2.01 "]
["Útiles de escritorio, oficina, informática y de enseñanza","lsUtilesdeOficina","Toner CF283A (83A) para impresora HP MFP M127 FN","unidad",{"v":2419,"d":"2,419.00"},"2.3.9.2.01 "]
["Útiles de escritorio, oficina, informática y de enseñanza","lsUtilesdeOficina","Toner E260A11L para impresora LEXMARK E260DN","unidad",{"v":5015,"d":"5,015.00"},"2.3.9.2.01 "]
["Útiles de escritorio, oficina, informática y de enseñanza","lsUtilesdeOficina","Toner HP CF217A 17A","unidad",{"v":4398.45,"d":"4,398.45"},"2.3.9.2.01 "]
["Útiles de escritorio, oficina, informática y de enseñanza","lsUtilesdeOficina","Toner para Impresora Xeroz 3220","unidad",{"v":8142,"d":"8,142.00"},"2.3.9.2.01 "]
["Útiles de escritorio, oficina, informática y de enseñanza","lsUtilesdeOficina","Toner Q1338A (38A) para impresora LASERJET 4200 DTN","unidad",{"v":6608,"d":"6,608.00"},"2.3.9.2.01 "]
["Útiles de escritorio, oficina, informática y de enseñanza","lsUtilesdeOficina","Toner Q2612AD (12A) para impresora HP LASERJET 1020","unidad",{"v":1899.8,"d":"1,899.80"},"2.3.9.2.01 "]
["Útiles de escritorio, oficina, informática y de enseñanza","lsUtilesdeOficina","Toner Q5942A (42A) para impresora LASERJET 4250","unidad",{"v":7788,"d":"7,788.00"},"2.3.9.2.01 "]
["Útiles de escritorio, oficina, informática y de enseñanza","lsUtilesdeOficina","Toner Q5945A (45A) para impresora HP 4345 MFP","unidad",{"v":8732,"d":"8,732.00"},"2.3.9.2.01 "]
["Útiles de escritorio, oficina, informática y de enseñanza","lsUtilesdeOficina","Toner T3520 para impresora TOSHIBA T3520","unidad",{"v":1911.01,"d":"1,911.01"},"2.3.9.2.01 "]
["Útiles de escritorio, oficina, informática y de enseñanza","lsUtilesdeOficina","Toner T4710U para impresora TOSHIBA SUPER G3","unidad",{"v":7670,"d":"7,670.00"},"2.3.9.2.01 "]
["Útiles de escritorio, oficina, informática y de enseñanza","lsUtilesdeOficina","Unidades de Sacagrapas ","unidad",14.75,"2.3.9.2.01 "]
["Útiles de escritorio, oficina, informática y de enseñanza","lsUtilesdeOficina","Zafacón de Metal para escritorio","unidad",233.64,"2.3.9.2.01 "]
["Útiles menores médico-quirúrgicos","lsUtilesMenoresMQ","Aguja con hilo de seda 3/0","tonelada",{"v":250,"d":"250.00"},"2.3.9.3.01"]
["Útiles menores médico-quirúrgicos","lsUtilesMenoresMQ","Aguja con Hilo de Seda 3/0","unidad",362.25,"2.3.9.3.01 "]
["Útiles menores médico-quirúrgicos","lsUtilesMenoresMQ","Aguja corta 27G  1x100","unidad",{"v":402.6767,"d":"402.68"},"2.3.9.3.01"]
["Útiles menores médico-quirúrgicos","lsUtilesMenoresMQ","Aguja Corta 27G 1x100 (cajas)","unidad",475.16,"2.3.9.3.01 "]
["Útiles menores médico-quirúrgicos","lsUtilesMenoresMQ","Aguja larga 27G  1x100","unidad",{"v":466.1,"d":"466.10"},"2.3.9.3.01"]
["Útiles menores médico-quirúrgicos","lsUtilesMenoresMQ","Aguja Larga 27G 1x100 (cajas)","unidad",475.16,"2.3.9.3.01 "]
["Útiles menores médico-quirúrgicos","lsUtilesMenoresMQ","Algodon en rollo (libra)","libra",{"v":148,"d":"148.00"},"2.3.9.3.01"]
["Útiles menores médico-quirúrgicos","lsUtilesMenoresMQ","Algodón en rollo (libra)","libra",393.75,"2.3.9.3.01 "]
["Útiles menores médico-quirúrgicos","lsUtilesMenoresMQ","Babero desechable","unidad",{"v":1535.12,"d":"1,535.12"},"2.3.9.3.01 "]
["Útiles menores médico-quirúrgicos","lsUtilesMenoresMQ","Babero desechable 500/1","unidad",{"v":1300.95,"d":"1,300.95"},"2.3.9.3.01"]
["Útiles menores médico-quirúrgicos","lsUtilesMenoresMQ","Baja Lengua (1 caja)","unidad",299.72,"2.3.9.3.01 "]
["Útiles menores médico-quirúrgicos","lsUtilesMenoresMQ","Baja lengua 100/1","unidad",{"v":236,"d":"236.00"},"2.3.9.3.01"]
["Útiles menores médico-quirúrgicos","lsUtilesMenoresMQ","Banda de Celuloide 1x100","unidad",131.58,"2.3.9.3.01 "]
["Útiles menores médico-quirúrgicos","lsUtilesMenoresMQ","Espejo con mango","unidad",136.29,"2.3.9.3.01"]
["Útiles menores médico-quirúrgicos","lsUtilesMenoresMQ","Fresa de pulido de Resina dorada (larga)","unidad",74.34,"2.3.9.3.01"]
["Útiles menores médico-quirúrgicos","lsUtilesMenoresMQ","Fresa económica 2200F","unidad",{"v":52.4983,"d":"52.50"},"2.3.9.3.01"]
["Útiles menores médico-quirúrgicos","lsUtilesMenoresMQ","Fresa Económica 2200F","unidad",61.95,"2.3.9.3.01 "]
["Útiles menores médico-quirúrgicos","lsUtilesMenoresMQ","Fresa redonda 1012","unidad",{"v":94.3527,"d":"94.35"},"2.3.9.3.01"]
["Útiles menores médico-quirúrgicos","lsUtilesMenoresMQ","Fresa Redonda 1012","unidad",{"v":131.582,"d":"131.58"},"2.3.9.3.01 "]
["Útiles menores médico-quirúrgicos","lsUtilesMenoresMQ","Fresa redonda 1014","unidad",{"v":94.3527,"d":"94.35"},"2.3.9.3.01"]
["Útiles menores médico-quirúrgicos","lsUtilesMenoresMQ","Fresa Redonda 1014","unidad",{"v":131.582,"d":"131.58"},"2.3.9.3.01 "]
["Útiles menores médico-quirúrgicos","lsUtilesMenoresMQ","Fresa tipo Schufu","unidad",{"v":43.3653,"d":"43.37"},"2.3.9.3.01"]
["Útiles menores médico-quirúrgicos","lsUtilesMenoresMQ","Gasa 2'x 2'/4 No esterelizada 200/1 (paquetes)","unidad",78.75,"2.3.9.3.01 "]
["Útiles menores médico-quirúrgicos","lsUtilesMenoresMQ","Gasa 2'x 2'/4 no esterilizada 200/1 (paquetes)","unidad",{"v":73,"d":"73.00"},"2.3.9.3.01"]
["Útiles menores médico-quirúrgicos","lsUtilesMenoresMQ","Gorro Azul de Cirugia 100/1","unidad",{"v":723.705,"d":"723.71"},"2.3.9.3.01 "]
["Útiles menores médico-quirúrgicos","lsUtilesMenoresMQ","Guantes L","unidad",{"v":224.2,"d":"224.20"},"2.3.9.3.01"]
["Útiles menores médico-quirúrgicos","lsUtilesMenoresMQ","Guantes L (cajas)","unidad",433.65,"2.3.9.3.01 "]
["Útiles menores médico-quirúrgicos","lsUtilesMenoresMQ","Guantes M","unidad",{"v":224.2,"d":"224.20"},"2.3.9.3.01"]
["Útiles menores médico-quirúrgicos","lsUtilesMenoresMQ","Guantes M (cajas)","unidad",433.65,"2.3.9.3.01 "]
["Útiles menores médico-quirúrgicos","lsUtilesMenoresMQ","Guantes S","unidad",{"v":224.2,"d":"224.20"},"2.3.9.3.01"]
["Útiles menores médico-quirúrgicos","lsUtilesMenoresMQ","Guantes S (cajas)","unidad",433.65,"2.3.9.3.01 "]
["Útiles menores médico-quirúrgicos","lsUtilesMenoresMQ","Instrumento de obturación plástica","unidad",99.12,"2.3.9.3.01"]
["Útiles menores médico-quirúrgicos","lsUtilesMenoresMQ","Jeringa porta Carpule","unidad",384.09,"2.3.9.3.01"]
["Útiles menores médico-quirúrgicos","lsUtilesMenoresMQ","Kits de Resina","unidad",{"v":3669.75,"d":"3,669.75"},"2.3.9.3.01"]
["Útiles menores médico-quirúrgicos","lsUtilesMenoresMQ","Mascarilla lisa rectangular azul 1x50","tonelada",183.75,"2.3.9.3.01"]
["Útiles menores médico-quirúrgicos","lsUtilesMenoresMQ","Mascarilla Lisa Rectangular Azul 1x50","unidad",255.86,"2.3.9.3.01 "]
["Útiles menores médico-quirúrgicos","lsUtilesMenoresMQ","Papel Articular","unidad",548.26,"2.3.9.3.01 "]
["Útiles menores médico-quirúrgicos","lsUtilesMenoresMQ","Turbina","unidad",{"v":3422,"d":"3,422.00"},"2.3.9.3.01"]
["Viáticos dentro del país","lsViaticosDP","Viaticos Chofer Sin Hospedaje","Cheque ",{"v":1500,"d":"1,500.00"},"2.2.3.1.01"]
["Viáticos dentro del país","lsViaticosDP","Viaticos Chofer Sin Hospedaje","Cheque ",{"v":2050,"d":"2,050.00"},"2.2.3.1.01"]
["Viáticos dentro del país","lsViaticosDP","Viaticos Tecnicos con Hospedaje","Cheque ",{"v":3500,"d":"3,500.00"},"2.2.3.1.01"]
["Viáticos dentro del país","lsViaticosDP","Viaticos Tecnicos Sin Hospedaje","Cheque ",{"v":2100,"d":"2,100.00"},"2.2.3.1.01"]
["Automóviles y camiones","lsEquiposTransporte","Automóviles y camiones","Unidad",0,"2.6.4.1.01"]
["Carrocerías y remolques","lsEquiposTransporte","Carrocerías y remolques","Unidad",0,"2.6.4.2.01"]
["Otros equipos de transporte","lsEquiposTransporte","Otros equipos de transporte","Unidad",0,"2.6.4.8.01"]

{"sheet":"LSIns","index":12,"n_rows":45,"n_cols":7,"rows_kept":45,"hidden":true,"flags":["formulas_cached_only"]}
[]
[]
[]
[null,"Insumo","InsumoAbrev",null,null,"lsFuentesFinanciamiento"]
[null,"Acabados textiles","lsAcabadosTextiles",null,null,"Anticipo Financiero"]
[null,"Alimentos y bebidas para personas","lsAlimentosyBebidas",null,null,"Venta de servicios"]
[null,"Artículos de plástico","lsArticulosdePlastico",null,null,"Recursos externos"]
[null,"Electrodomésticos","lsElectrodomesticos",null,null,"Nómina"]
[null,"Equipo de comunicación, telecomunicaciones y señalamiento","lsTelecomunicaciones"]
[null,"Equipo médico y de laboratorio ","lsEquiposMedicos"]
[null,"Equipos de cómputo","lsEquiposComputos"]
[null,"Equipos de seguridad","lsEquiposSeguridad"]
[null,"Eventos generales","lsEventosGenerales"]
[null,"Gasoil","lsGasoil"]
[null,"Herramientas menores","lsHerramientasMenores",null,null,"lsInsumosEquipos"]
[null,"Impresión y encuadernación","lsImpresionyEncuadernacion",null,null,"Electrodomésticos","lsElectrodomesticos"]
[null,"Llantas y neumáticos","lsLlantasyNeumaticos",null,null,"Equipos de cómputo","lsEquiposComputos"]
[null,"Mantenimiento y reparación de equipos de transporte, tracción y elevación","lsMantenimiento",null,null,"Equipos de seguridad","lsEquiposSeguridad"]
[null,"Mantenimiento y reparación de equipos para computación","lsMantenimiento",null,null,"Mantenimiento y reparación de equipos de transporte, tracción y elevación","lsMantenimiento"]
[null,"Mantenimiento y reparación de equipos sanitarios y de laboratorio","lsMantenimiento",null,null,"Mantenimiento y reparación de equipos para computación","lsMantenimiento"]
[null,"Mantenimiento y reparación de maquinarias y equipos","lsMantenimiento",null,null,"Mantenimiento y reparación de equipos sanitarios y de laboratorio","lsMantenimiento"]
[null,"Mantenimiento y reparación de muebles y equipos de oficina","lsMantenimiento",null,null,"Mantenimiento y reparación de maquinarias y equipos","lsMantenimiento"]
[null,"Material para limpieza","lsMaterialesdeLimpieza",null,null,"Mantenimiento y reparación de muebles y equipos de oficina","lsMantenimiento"]
[null,"Muebles de alojamiento","lsMueblesdeAlojamiento",null,null,"Muebles de alojamiento","lsMueblesdeAlojamiento"]
[null,"Muebles de oficina y estantería","lsMueblesdeOficina",null,null,"Muebles de oficina y estantería","lsMueblesdeOficina"]
[null,"Obras menores en edificaciones","lsObrasMenoresEdificaciones",null,null,"Otros equipos","lsOtrosEquipos"]
[null,"Otros equipos","lsOtrosEquipos",null,null,"Sistemas de aire acondicionado, calefacción y de refrigeración industrial y comercial","lsAireAcondicionado"]
[null,"Peaje","lsPeaje",null,null,"Automóviles y camiones","lsEquiposTransporte"]
[null,"Pinturas, barnices, lacas, diluyentes y absorbentes para pintura","lsPinturas",null,null,"Carrocerías y remolques","lsEquiposTransporte"]
[null,"Productos de artes gráficas","lsProductosArtesGraficas",null,null,"Otros equipos de transporte","lsEquiposTransporte"]
[null,"Productos de cemento","lsProductosdeCemento"]
[null,"Productos de loza","lsProductosdeLoza"]
[null,"Productos de Papel, Cartón e Impresos","lsProductosdePapel"]
[null,"Productos de vidrio","lsProductosdeVidrio"]
[null,"Productos eléctricos y afines","lsProductosElectricos"]
[null,"Productos medicinales para uso humano","lsProductosMedicinalesH"]
[null,"Productos metálicos y sus derivados","lsProductosMetalicos"]
[null,"Productos químicos de uso personal","lsProductosQuimicos"]
[null,"Publicidad y propaganda","lsPublicidadyPropaganda"]
[null,"Servicios técnicos y profesionales","lsServiciosTecnicosProfesionales"]
[null,"Sistemas de aire acondicionado, calefacción y de refrigeración industrial y comercial","lsAireAcondicionado"]
[null,"Útiles de cocina y comedor","lsUtilesdeCocina"]
[null,"Útiles de escritorio, oficina, informática y de enseñanza","lsUtilesdeOficina"]
[null,"Útiles menores médico-quirúrgicos","lsUtilesMenoresMQ"]
[null,"Viáticos dentro del país","lsViaticosDP"]

{"sheet":"Obj","index":13,"n_rows":150,"n_cols":20,"rows_kept":150,"hidden":true,"flags":["formulas_cached_only"]}
[]
[]
[]
[]
[null,"Ls_LinesEstategica",{"$nulls":3},"Ls_ObjEstrategico",{"$nulls":3},"Obj1.1","LE",null,"Obj1.3",null,null,"Obj1.6",null,null,"Obj1.8"]
[null,"LE.1 - Calidad en la prestación de los servicios de salud","LE.1",null,"Obj1.1","Mejorar la provisión de los servicios de salud con enfoque en la promoción de la salud, prevención de la enfermedad y control de las enfermedades.","Obj1.1",null,null,"Integrar un comité de conducción estratégica en el Nivel Central","Est.1.1.1",null,"Desarrollar e implementar un modelo económico y financiero que garantice la sostenibilidad de la Red de servicios, incluyendo los Hospitales Autogestionados","Est.1.3.1",null,"Definir y desarrollar los instrumentos de recolección de datos y reportes de Gestión/Productividad de la Red","Est.1.6.1",null,"Apoyar a los SRS en el proceso de cumplimiento de los criterios para su habilitación en los establecimientos de salud de su Red","Est.1.8.1"]
[null,"LE.2 - Desarrollo de las redes integradas de servicios de salud fundamentada en el Modelo de Atención","LE.2",null,"Obj1.2","Asegurar la calidad de la atención y seguridad del paciente en el marco de los derechos de las personas, que se traduzca en un incremento de la confianza y satisfacción de los usuarios de los servicios de salud","Obj1.2",null,null,"Definir una estructura funcional de transición (septiembre – diciembre 2016) en el Nivel Central","Est.1.1.2",null,"Implementar las NOBACI y sus Normas Complementarias en el Nivel Central del SNS y en todos los niveles de la Red","Est.1.3.2",null,"Desarrollar e implementar los Sistemas de Información que faciliten el flujo de información entre los niveles para la toma de decisión y la gestión para resultados","Est.1.6.2"]
[null,"LE.3 - Fortalecimiento de la gestión y desarrollo de los recursos humanos","LE.3",null,"Obj2.1","Fortalecer el Primer Nivel de Atención incrementando su capacidad de resolución para satisfacer las necesidades de salud de la población","Obj2.1",null,null,"Reformular la estructura organizativa aprobada mediante resolución 00006 del MAP","Est.1.1.3",{"$nulls":4},"Dotar de infraestructura tecnológica para el desarrollo de la tecnología de la información y comunicaciones (TIC) en el Nivel central","Est.1.6.3",null,"Obj1.9"]
[null,"LE.4 - Fortalecimiento Institucional","LE.4",null,"Obj2.2","Avanzar en la integración de las redes de servicios, asegurando la integralidad de la atención de acuerdo a las necesidades territoriales de la población","Obj2.2",null,null,"Implementar un Plan de despliegue de las estructuras funcionales en el SNS y en todos sus niveles","Est.1.1.4",null,"Obj1.4",null,null,"Implementar un Régimen de auditoria de calidad de la información ","Est.1.6.4",null,"Apoyar el proceso de integración y unificación de cargos de los profesionales del IDSS","Est.1.9.1"]
[{"$nulls":4},"Obj3.1","Fortalecer las capacidades de planificación estratégica de la fuerza laboral, incluyendo el análisis de la movilidad profesional, con el fin de proyectar y responder a las necesidades del personal de salud a mediano y largo plazo, con el apoyo de un sistema nacional de información de recursos humanos","Obj3.1",{"$nulls":5},"Elaborar y firmar acuerdos y convenios de Gestión entre las diferentes instancias de la Red.","Est.1.4.1",{"$nulls":4},"Aplicar los criterios de integración en redes de los establecimientos del IDSS a red del SNS, que defina la Comisión para la Integración de la Red Única de Servicios Públicos de Salud","Est.1.9.2"]
[{"$nulls":4},"Obj3.2","Desarrollar condiciones y capacidades en los colaboradores del SNS para mejorar el desempeño institucional, ampliar el acceso y cobertura a los servicios integrales de salud ","Obj3.2"]
[{"$nulls":4},"Obj4.1","Asegurar la calidad y efectividad de la gestión institucional del SNS a través de la implementación de un conjunto de intervenciones de gestión del cambio","Obj4.1",null,null,"Obj1.2",null,null,"Obj1.5",null,null,"Obj1.7",null,null,"Obj1.10"]
[{"$nulls":9},"Actualizar y desplegar el Modelo de Gestión en toda la red","Est.1.2.1",null,"Elaborar y firmar Acuerdos y Convenios intrasectoriales e intersectoriales, incluyendo ONG´s que tengan capacidad para proveer servicios de salud","Est.1.5.1",null,"Diseñar e implementar un Plan de Comunicación Interna y externa con los canales jerárquicos definidos en el nivel central del SNS","Est.1.7.1",null,"Definir los mecanismos estandarizados de medición de los planes y programas a ejecutarse en toda la red del SNS","Est.1.10.1"]
[{"$nulls":9},"Actualizar el Modelo de Red acorde al Modelo de Gestión y al Modelo de Atención","Est.1.2.2",{"$nulls":7},"Revisar de forma sistemática el alcance de cumplimiento de los objetivos propuestos","Est.1.10.2"]
[]
[{"$nulls":9},"Obj2.1",null,null,"Obj2.2",null,null,"Obj2.3"]
[{"$nulls":9},"Gestionar la creación de una comisión mixta MSP, SNS para el desarrollo de los reglamentos ","Est.2.1.1",null,"Diseñar e Implementar una política de Recursos Humanos en el SNS y todos sus niveles (modelo de gestión de RRHH) ","Est.2.2.1",null,"Definir un programa de formación continua enfocado a la gestión por competencias","Est.2.3.1"]
[{"$nulls":9},"Implementación de la Ley de Carrera Sanitaria y sus reglamentos","Est.2.1.2",null,"Diseñar una política salarial que promueva la remuneración equilibrada en base al criterio de cargo y que contemple el sistema de incentivos ","Est.2.2.2"]
[{"$nulls":9},"Diseñar e Implementar un protocolo de selección y contratación de los gestores y directivos de la Red","Est.2.1.3"]
[]
[{"$nulls":9},"Obj3.1",null,null,"Obj3.2",null,null,"Obj3.3"]
[{"$nulls":9},"Impulsar el desarrollo del Modelo de Atención en la Red de Servicios especialmente en las áreas consideradas prioritarias ","Est.3.1.1",null,"Elaborar el Presupuesto, plan de inversiones y financiación de la red e implementarlo de acuerdo al dimensionamiento definido para la implementación del Modelo de Atención y garantizar el flujo de los recursos financieros y de otra índole de forma coherente con los objetivos del Modelo de Atención","Est.3.2.1",null,"Reorganización estructural, funcional y logística de la Red, según el modelo de atención y en función de las necesidades sanitarias de la población asignada","Est.3.3.1"]
[]
[]
[{"$nulls":9},"Obj4.1"]
[{"$nulls":9},"Promover estilos de vida saludables mediante la intervención integral en los diferentes escenarios (establecimiento de salud, hogar, escuelas, etc.)","Est.4.1.1"]
[{"$nulls":9},"Aumentar la provisión y cobertura de los servicios de salud sexual-reproductiva en todos los niveles de atención con énfasis en la atención materno-perinatal, infantil y adolescente","Est.4.1.2"]
[{"$nulls":9},"Fortalecer la aplicación de las normas a programas de salud para aumentar las expectativas de vida y calidad de la atención en personas que viven con VIH-SIDA","Est.4.1.3"]
[{"$nulls":9},"Fortalecer la Aplicación de las normas a programas de salud para aumentar las expectativas de vida y calidad de la atención en personas que viven con TB","Est.4.1.4"]
[{"$nulls":9},"Garantizar el diagnóstico oportuno y manejo adecuado de las enfermedades transmitidas por vectores en los establecimientos de salud, como estrategia de reducción de la letalidad","Est.4.1.5"]
{"$rows_empty":23}
[null,"Servicios Regionales de Salud"]
[]
[null,"Línea Estratégica","LE","Objetivo Estratégico","Obj","Resultados Esperados"]
[null,"LE.1 - Calidad en la prestación de los servicios de salud","LE.1","Mejorar la provisión de los servicios de salud con enfoque en la promoción de la salud, prevención de la enfermedad y control de las enfermedades.","Obj1.1","Redes de servicios integradas y con mayor resolución para coordinar la prestación de servicios integrales de promoción de la salud, prevención de la enfermedad, diagnóstico,  tratamiento, rehabilitación y cuidados paliativos;  condicionada a la necesidades de salud y características de la población, con miras hacia la consecución progresiva del acceso universal a la salud y la cobertura universal de salud "]
[null,"LE.1 - Calidad en la prestación de los servicios de salud","LE.1","Mejorar la provisión de los servicios de salud con enfoque en la promoción de la salud, prevención de la enfermedad y control de las enfermedades.","Obj1.1","Disminuida la morbi-mortalidad materna, neonatal e infantil, mediante el fortalecimiento y la integración de los servicios de salud antes de la concepción, durante el embarazo, el parto y los primeros años de vida, garantizando la calidad de la atención."]
[null,"LE.1 - Calidad en la prestación de los servicios de salud","LE.1","Mejorar la provisión de los servicios de salud con enfoque en la promoción de la salud, prevención de la enfermedad y control de las enfermedades.","Obj1.1","Reducida la carga de las enfermedades crónicas incluidos los diferentes tipos de cáncer, los trastornos de salud mental,  así como ante discapacidad, violencia y  traumatismos, a través de servicios de atención que faciliten la detección temprana y la continuidad de la atención, eliminando las brechas en el acceso y utilización de los servicios de salud."]
[null,"LE.1 - Calidad en la prestación de los servicios de salud","LE.1","Mejorar la provisión de los servicios de salud con enfoque en la promoción de la salud, prevención de la enfermedad y control de las enfermedades.","Obj1.1","Reducida la morbi-mortalidad de las enfermedades transmisibles, incluidas la infección por el VIH/SIDA, la Tuberculosis, las infecciones de transmisión sexual, las hepatitis virales, enfermedades transmitidas por vectores, enfermedades desatendidas, tropicales y zoonóticas, y las enfermedades prevenibles mediante vacunación; con especial atención en las poblaciones vulnerables"]
[null,"LE.1 - Calidad en la prestación de los servicios de salud","LE.1","Mejorar la provisión de los servicios de salud con enfoque en la promoción de la salud, prevención de la enfermedad y control de las enfermedades.","Obj1.2","Incrementada la capacidad de respuesta que favorezca a disminuir la morbi-mortalidad  resultantes de las emergencias y desastres,  mediante la detección, preparación y mitigación de los eventos que suponen riesgos y amenazas, bajo un enfoque multisectorial que contribuya a la salud y seguridad de las personas"]
[null,"LE.1 - Calidad en la prestación de los servicios de salud","LE.1","Asegurar la calidad de la atención y seguridad del paciente en el marco de los derechos de las personas, que se traduzca en un incremento de la confianza y satisfacción de los usuarios de los servicios de salud","Obj1.2","Desarrollo y mantenimiento de un modelo de evaluación de la entrega de servicios sanitarios con carácter igualitario y libre de discriminación, que promueva mediante la continua retroalimentación, la generación de mejores resultados en materia de salud lo que se traduzca en el aumento de la satisfacción de las personas con respecto a los servicios públicos de salud"]
[null,"LE.1 - Calidad en la prestación de los servicios de salud","LE.1","Asegurar la calidad de la atención y seguridad del paciente en el marco de los derechos de las personas, que se traduzca en un incremento de la confianza y satisfacción de los usuarios de los servicios de salud","Obj1.2","Fortalecida la calidad de la atención en salud como resultado del seguimiento a los aspectos técnicos y no técnicos de la atención, que disminuya el riesgo de la seguridad del paciente y de los resultados esperados de salud"]
[null,"LE.2 - Desarrollo de las redes integradas de servicios de salud fundamentada en el Modelo de Atención","LE.2","Fortalecer el Primer Nivel de Atención incrementando su capacidad de resolución para satisfacer las necesidades de salud de la población","Obj2.1","Primer Nivel de Atención fortalecido y con alta resolución para garantizar  la prestación de servicios integrales de promoción de la salud, prevención de la enfermedad, diagnóstico, tratamiento, rehabilitación y cuidados paliativos;  condicionada a la necesidades de salud y características de la población"]
[null,"LE.2 - Desarrollo de las redes integradas de servicios de salud fundamentada en el Modelo de Atención","LE.2","Fortalecer el Primer Nivel de Atención incrementando su capacidad de resolución para satisfacer las necesidades de salud de la población","Obj2.1","Garantizado el cierre de brecha según cartera de servicios y Modelo de Atención en términos de recursos, a través del adecuado financiamiento del PN con las metas de la Red Pública"]
[null,"LE.2 - Desarrollo de las redes integradas de servicios de salud fundamentada en el Modelo de Atención","LE.2","Avanzar en la integración de las redes de servicios, asegurando la integralidad de la atención de acuerdo a las necesidades territoriales de la población","Obj2.2","Garantizada la atención integral con calidad y oportunidad, mediante la coordinación clínica y asistencial de los servicios de salud"]
[null,"LE.2 - Desarrollo de las redes integradas de servicios de salud fundamentada en el Modelo de Atención","LE.2","Avanzar en la integración de las redes de servicios, asegurando la integralidad de la atención de acuerdo a las necesidades territoriales de la población","Obj2.2","Gestión integrada y articulada de las redes públicas de servicios de salud, con actores involucrados en la organización, gestión y atención de servicios de salud con enfoque y participación intra e intersectorial y participación social fortalecida, que promueva un ambiente favorable para la cobertura y acceso a los servicios de salud"]
[null,"LE.2 - Desarrollo de las redes integradas de servicios de salud fundamentada en el Modelo de Atención","LE.2","Avanzar en la integración de las redes de servicios, asegurando la integralidad de la atención de acuerdo a las necesidades territoriales de la población","Obj2.2","Redes de servicios ofertando servicios de promoción de la salud y prevención de la enfermedad, que han integrado las intervenciones de salud pública y de carácter colectivo"]
[null,"LE.2 - Desarrollo de las redes integradas de servicios de salud fundamentada en el Modelo de Atención","LE.2","Avanzar en la integración de las redes de servicios, asegurando la integralidad de la atención de acuerdo a las necesidades territoriales de la población","Obj2.2","Aumentada la eficacia, eficiencia y equidad de la prestación de los servicios de salud a través de la reorganización y transformación de las estructuras de redes de servicios"]
[null,"LE.3 - Fortalecimiento de la gestión y desarrollo de los recursos humanos","LE.3","Fortalecer las capacidades de planificación estratégica de la fuerza laboral, incluyendo el análisis de la movilidad profesional, con el fin de proyectar y responder a las necesidades del personal de salud a mediano y largo plazo, con el apoyo de un sistema nacional de información de recursos humanos","Obj3.1","Reducida las disparidades en la disponibilidad de personal médico especializado y personal licenciado en enfermería  que existen los diferentes niveles"]
[null,"LE.3 - Fortalecimiento de la gestión y desarrollo de los recursos humanos","LE.3","Desarrollar condiciones y capacidades en los colaboradores del SNS para mejorar el desempeño institucional, ampliar el acceso y cobertura a los servicios integrales de salud ","Obj3.2","Incrementada las competencias  y resolutividad de los colaboradores, de acuerdo a la complejidad de sus funciones, las necesidades de salud de la población y los compromisos del sector"]
[null,"LE.3 - Fortalecimiento de la gestión y desarrollo de los recursos humanos","LE.3","Desarrollar condiciones y capacidades en los colaboradores del SNS para mejorar el desempeño institucional, ampliar el acceso y cobertura a los servicios integrales de salud ","Obj3.2","Personal trabaja bajo un clima de satisfacción, realización personal y sentido de pertenencia hacia la institución"]
[null,"LE.3 - Fortalecimiento de la gestión y desarrollo de los recursos humanos","LE.3","Desarrollar condiciones y capacidades en los colaboradores del SNS para mejorar el desempeño institucional, ampliar el acceso y cobertura a los servicios integrales de salud ","Obj3.2","Desarrollados e implementados los aspectos de gestión relacionados con seguridad y salud en el trabajo "]
[null,"LE.4 - Fortalecimiento Institucional","LE.4","Asegurar la calidad y efectividad de la gestión institucional del SNS a través de la implementación de un conjunto de intervenciones de gestión del cambio.","Obj4.1","Fortalecida la capacidad institucional mediante la optimización de los procesos, empoderamiento del talento humano, articulación interna, tecnologías de la información y la comunicación, la infraestructura física con el fin de mejorar la oferta institucional a la población en términos de calidad y eficiencia"]
[null,"LE.4 - Fortalecimiento Institucional","LE.4","Fortalecer y garantizar la provisión de servicios de los programas de salud colectiva que se brindan en los diferentes niveles de atención","Obj4.1","Mejorada la sostenibilidad financiera de la Red SNS mediante el control de gastos, saneamiento de las deudas e incremento de las distintas fuentes de financiamiento con el fin de garantizar la prestación de servicios en salud con oportunidad y eficiencia"]
[null,"LE.4 - Fortalecimiento Institucional","LE.4","Fortalecer y garantizar la provisión de servicios de los programas de salud colectiva que se brindan en los diferentes niveles de atención","Obj4.1","Aumentar la conexión del SNS con los medios informativos y la población, manteniendo con ellos una comunicación ágil, fluida y de calidad; que nos permita satisfacer con rapidez las peticiones y necesidades de información sobre la institución y los servicios ofrecidos"]
{"$rows_empty":40}
[{"$nulls":3},"Objetivo Estratégico","Obj"]
[{"$nulls":3},"Obj1.1 - Mejorar la provisión de los servicios de salud con enfoque en la promoción de la salud, prevención de la enfermedad y control de las enfermedades.","Obj1.1"]
[{"$nulls":3},"Obj1.2 - Asegurar la calidad de la atención y seguridad del paciente en el marco de los derechos de las personas, que se traduzca en un incremento de la confianza y satisfacción de los usuarios de los servicios de salud","Obj1.2"]
[{"$nulls":3},"Obj2.1 - Fortalecer el Primer Nivel de Atención incrementando su capacidad de resolución para satisfacer las necesidades de salud de la población","Obj2.1"]
[{"$nulls":3},"Obj2.2 - Avanzar en la integración de las redes de servicios, asegurando la integralidad de la atención de acuerdo a las necesidades territoriales de la población","Obj2.2"]
[{"$nulls":3},"Obj3.1 - Fortalecer las  capacidades de planificación estratégica de la fuerza laboral, incluyendo el análisis de la movilidad profesional con el fin de proyectar y responder a las necesidades del personal de salud a mediano y largo plazo","Obj3.1"]
[{"$nulls":3},"Obj3.2 - Desarrollar condiciones y capacidades en los colaboradores del SNS para mejorar el desempeño institucional, ampliar el acceso y cobertura a los servicios integrales de salud ","Obj3.2"]
[{"$nulls":3},"Obj4.1 - Asegurar la calidad y efectividad de la gestión institucional del SNS a través de la implementación de un conjunto de intervenciones de gestión del cambio","Obj4.1",null,null,"Obj3.1 - Fortalecer las  capacidades de planificación estratégica de la fuerza laboral, incluyendo el análisis de la movilidad profesional con el fin de proyectar y responder a las necesidades del personal de salud a mediano y largo plazo con el apoyo de un sistema nacional de información de recursos humanos"]
[]
[]
[]
[]
[]
[{"$nulls":3},"Resultados Esperados"]
[null,null,"Obj1.1","Redes de servicios integradas y con mayor resolución para coordinar la prestación de servicios integrales de promoción de la salud, prevención de la enfermedad, diagnóstico,  tratamiento, rehabilitación y cuidados paliativos;  condicionada a la necesidades de salud y características de la población, con miras hacia la consecución progresiva del acceso universal a la salud y la cobertura universal de salud "]
[{"$nulls":3},"Disminuida la morbi-mortalidad materna, neonatal e infantil, mediante el fortalecimiento y la integración de los servicios de salud antes de la concepción, durante el embarazo, el parto y los primeros años de vida, garantizando la calidad de la atención."]
[{"$nulls":3},"Reducida la carga de las enfermedades crónicas incluidos los diferentes tipos de cáncer, los trastornos de salud mental,  así como ante discapacidad, violencia y  traumatismos, a través de servicios de atención que faciliten la detección temprana y la continuidad de la atención, eliminando las brechas en el acceso y utilización de los servicios de salud."]
[{"$nulls":3},"Reducida la morbi-mortalidad de las enfermedades transmisibles, incluidas la infección por el VIH/SIDA, la Tuberculosis, las infecciones de transmisión sexual, las hepatitis virales, enfermedades transmitidas por vectores, enfermedades desatendidas, tropicales y zoonóticas, y las enfermedades prevenibles mediante vacunación; con especial atención en las poblaciones vulnerables"]
[{"$nulls":3},"Incrementada la capacidad de respuesta que favorezca a disminuir la morbi-mortalidad  resultantes de las emergencias y desastres,  mediante la detección, preparación y mitigación de los eventos que suponen riesgos y amenazas, bajo un enfoque multisectorial que contribuya a la salud y seguridad de las personas"]
[null,null,"Obj1.2","Desarrollo y mantenimiento de un modelo de evaluación de la entrega de servicios sanitarios con carácter igualitario y libre de discriminación, que promueva mediante la continua retroalimentación, la generación de mejores resultados en materia de salud lo que se traduzca en el aumento de la satisfacción de las personas con respecto a los servicios públicos de salud"]
[{"$nulls":3},"Fortalecida la calidad de la atención en salud como resultado del seguimiento a los aspectos técnicos y no técnicos de la atención, que disminuya el riesgo de la seguridad del paciente y de los resultados esperados de salud"]
[null,null,"Obj2.1","Primer Nivel de Atención fortalecido y con alta resolución para garantizar  la prestación de servicios integrales de promoción de la salud, prevención de la enfermedad, diagnóstico, tratamiento, rehabilitación y cuidados paliativos;  condicionada a la necesidades de salud y características de la población"]
[{"$nulls":3},"Garantizado el cierre de brecha según cartera de servicios y Modelo de Atención en términos de recursos, a través del adecuado financiamiento del PN con las metas de la Red Pública"]
[null,null,"Obj2.2","Garantizada la atención integral con calidad y oportunidad, mediante la coordinación clínica y asistencial de los servicios de salud"]
[{"$nulls":3},"Gestión integrada y articulada de las redes públicas de servicios de salud, con actores involucrados en la organización, gestión y atención de servicios de salud con enfoque y participación intra e intersectorial y participación social fortalecida, que promueva un ambiente favorable para la cobertura y acceso a los servicios de salud"]
[{"$nulls":3},"Redes de servicios ofertando servicios de promoción de la salud y prevención de la enfermedad, que han integrado las intervenciones de salud pública y de carácter colectivo"]
[{"$nulls":3},"Aumentada la eficacia, eficiencia y equidad de la prestación de los servicios de salud a través de la reorganización y transformación de las estructuras de redes de servicios"]
[null,null,"Obj3.1","Reducida las disparidades en la disponibilidad de personal médico especializado y personal licenciado en enfermería  que existen los diferentes niveles"]
[null,null,"Obj3.2","Incrementada las competencias y resolutividad de los colaboradores, acuerdo a la complejidad de sus funciones, las necesidades de salud de la población y los compromisos del sector"]
[{"$nulls":3},"Personal trabaja bajo un clima de satisfacción, realización personal y sentido de pertenencia hacia la institución"]
[{"$nulls":3},"Desarrollados e implementados los aspectos de gestión relacionados con seguridad y salud en el trabajo "]
[null,null,"Obj4.1","Fortalecida la capacidad institucional mediante la optimización de los procesos, empoderamiento del talento humano, articulación interna, tecnologías de la información y la comunicación, la infraestructura física con el fin de mejorar la oferta institucional a la población en términos de calidad y eficiencia"]
[{"$nulls":3},"Mejorada la sostenibilidad financiera de la Red SNS mediante el control de gastos, saneamiento de las deudas e incremento de las distintas fuentes de financiamiento con el fin de garantizar la prestación de servicios en salud con oportunidad y eficiencia"]
[{"$nulls":3},"Aumentar la conexión del SNS con los medios informativos y la población, manteniendo con ellos una comunicación ágil, fluida y de calidad; que nos permita satisfacer con rapidez las peticiones y necesidades de información sobre la institución y los servicios ofrecidos"]

{"sheet":"Catalogo","index":14,"n_rows":205,"n_cols":8,"rows_kept":205,"hidden":true,"flags":["formulas_cached_only"]}
[]
[null,"Periodo_POA","Declaración del año"]
[null,2021]
[null,2022]
[null,2023]
[".",2024]
[]
[]
[null,"Ls_Regiones"]
[null,"SNS - Dirección Central","Ls_Estructura","LsTipoEESS",null,null,"ls_TiposAcciones"]
[null,"R0 - SRS Metropolitano","Ls_DependenciasSRS","Almacen",null,null,"Compra","ls_ComprayAlquiler"]
[null,"R1 - SRS Valdesia","Ls_DependenciasSRS","Centro Primer Nivel",null,null,"Alquiler","ls_ComprayAlquiler"]
[null,"R2 - SRS Norcentral","Ls_DependenciasSRS","Centro Diagnóstico",null,null,"Reparación","lsMantenimientoyReparacion"]
[null,"R3 - SRS Nordeste","Ls_DependenciasSRS","Gerencia de Área",null,null,"Mantenimiento","lsMantenimientoyReparacion"]
[null,"R4 - SRS Enriquillo","Ls_DependenciasSRS","Hospital"]
[null,"R5 - SRS Este","Ls_DependenciasSRS","SRS"]
[null,"R6 - SRS El Valle","Ls_DependenciasSRS"]
[null,"R7 - SRS Cibao Occidental","Ls_DependenciasSRS",{"$nulls":3},"lsTipoIntervencion","PPGR4"]
[null,"R8 - SRS Cibao Central","Ls_DependenciasSRS",{"$nulls":3},"Alquiler de edicficio","2.2.5.1.01"]
[{"$nulls":6},"Obras menores en edificaciones","2.7.1.1.01"]
[".",{"$nulls":5},"Edificaciones no residenciales","2.6.9.2.01"]
[null,"Ls_Estructura","Indirecto",{"$nulls":3},"Instalaciones eléctricas","2.7.1.6.01"]
[null,"Dirección","Ls_Direccion","Dirección: ",null,null,"Servicios de pinturas y derivados con fines de higienes y embellecimiento","2.7.1.7.01"]
[null,"Sub Dirección","Ls_SubDireccion","Sub Dirección: ",null,null,"Mantenimiento y reparación de obras civiles en instalaciones vacias","2.7.1.4.01"]
[null,"Departamento","Ls_Departamento","Departamento: "]
[null,"División","Ls_DivisionesSRS","División: ",null,null,"lsMantenimientoyReparacion","PPGR5"]
[null,"Oficina","Ls_Oficina","Oficina: ",null,null,"Mantenimiento y reparación de muebles y equipos de oficinas","2.7.2.1.01"]
[{"$nulls":6},"Mantenimiento y reparación de equipos para compuntación","2.7.2.2.01"]
[{"$nulls":6},"Mantenimiento y reparación de equipos sanitarios y de laboratorio","2.7.2.4.01"]
[{"$nulls":6},"Mantenimiento y reparación de equipos de transporte","2.7.2.6.01"]
[null,"Departamentos","Abrev","Descripción"]
[null,"ls_Direccion","EJ","Ejecutiva",null,null,"ls_ComprayAlquiler","PPGR5"]
[{"$nulls":3},"SNS - Dirección Central",null,null,"Electrodomésticos","2.6.1.4.01"]
[{"$nulls":6},"Equipo médico y de laboratorio","2.6.3.1.01"]
[{"$nulls":3},"Departamento","Dirección",null,"Equipos de cómputo","2.6.1.3.01"]
[null,"ls_Departamento","ACC","Prensa y Relaciones Públicas (PRP)","Dirección de Comunicaciones",null,"Equipos de seguridad","2.6.6.2.01"]
[null,"ls_Departamento","AES","Comunicación Digital (DCD)","Dirección de Comunicaciones",null,"Vehículos y Equipo de Transporte","2.6.4.1.01"]
[null,"ls_Departamento","AMT","Identidad Institucional (DID)","Dirección de Comunicaciones",null,"Muebles de alojamiento","2.6.1.2.02"]
[null,"ls_Departamento","APS","Litigios (DLI)","Dirección Jurídica",null,"Muebles de oficina y estantería","2.6.1.1.01"]
[null,"ls_Departamento","ARH","Elaboración Documentos Legales (EDL)","Dirección Jurídica",null,"Otros equipos","2.6.5.8.01"]
[null,"ls_Departamento","AST","Oficina Acceso a la Información (OAI)","Oficina Acceso a la Información",null,"Sistemas de aire acondicionado, calefacción y de refrigeración industrial y comercial","2.6.5.4.01"]
[null,"ls_Departamento","AU","Registro y Control (DRC)","Dirección Recursos Humanos"]
[null,"ls_Departamento","COP","División Nómina (DNO)","Dirección Recursos Humanos",null,"Automóviles y camiones","2.6.4.1.01"]
[null,"ls_Departamento","CPS","Evaluación del Desempeño y Capacitación (EDC)","Dirección Recursos Humanos",null,"Carrocerías y remolques","2.6.4.2.01"]
[null,"ls_Departamento","DES","Relaciones Laborales y Seguridad Social (RLSS)","Dirección Recursos Humanos",null,"Otros equipos de transporte","2.6.4.8.01"]
[null,"ls_Departamento","DIS","Reclutamiento y Selección de Personal (RSP)","Dirección Recursos Humanos"]
[null,"ls_Departamento","EDL","División Pasantía Médica (DPM)","Dirección Recursos Humanos"]
[null,"ls_Departamento","EMD","Dirección de Fiscalización y Control","Dirección de Fiscalización y Control"]
[null,"ls_Departamento","GEA","Formulación, Monitoreo y Evaluación PPP (FME)","Dirección Planificación y Desarrollo"]
[null,"ls_Departamento","GEF","División Proyectos en Salud (DPS)","Dirección Planificación y Desarrollo"]
[null,"ls_Departamento","GyC","Desarrollo Institucional (DDI)","Dirección Planificación y Desarrollo"]
[null,"ls_Departamento","ING","División Cooperación Internacional (DCI)","Dirección Planificación y Desarrollo"]
[null,"ls_Departamento","LIT","Calidad en la Gestión (DCG)","Dirección Planificación y Desarrollo"]
[null,"ls_Departamento","MC","Compras y Contrataciones (DCC)","Dirección Administrativa"]
[null,"ls_Departamento","MED","Servicios Generales (DSG)","Dirección Administrativa"]
[null,"ls_Departamento","MyE","División Almacén y Suministro (DAS)","Dirección Administrativa"]
[null,"ls_Departamento","NOM","División Correspondencia y Archivo (DCA)","Dirección Administrativa"]
[null,"ls_Departamento","OPT","División Mayordomía (DMA)","Dirección Administrativa"]
[null,"ls_Departamento","PSM","Infraestructura y Mantenimiento","Dirección Administrativa"]
[null,"ls_Departamento","RP","División Activo Fijo","Dirección Administrativa"]
[null,"ls_Departamento","SDT","Operaciones TIC (OTIC)","Dirección de Tecnologías de la Información y Comunicación"]
[null,"ls_Departamento","SHE","Desarrollo e Implementación de Sistemas (DIS)","Dirección de Tecnologías de la Información y Comunicación"]
[null,"ls_Departamento","SI","Seguridad y Monitoreo TIC (SMT)","Dirección de Tecnologías de la Información y Comunicación"]
[null,"ls_Departamento","SMT","Administración Servicios TIC (AST)","Dirección de Tecnologías de la Información y Comunicación"]
[null,"ls_Departamento","SPG","Contabilidad (CNT)","Dirección Financiera"]
[null,"ls_Departamento","UEP","Tesorería (DTE)","Dirección Financiera"]
[{"$nulls":3},"Presupuesto (PRE)","Dirección Financiera"]
[{"$nulls":3},"Gestión de Emergencias Extrahospitalarias (GEE)","Dirección Emergencias Médicas"]
[{"$nulls":3},"Operaciones de Emergencias Centros de Salud (OECS)","Dirección Emergencias Médicas"]
[{"$nulls":3},"Prevención y Gestión de Riesgos y Desastres (PGRD)","Dirección Emergencias Médicas"]
[{"$nulls":3},"Desarrollo Servicios Emergencias Médicas (DSEM)","Dirección Emergencias Médicas"]
[{"$nulls":3},"Gestión de Medicamentos e Insumos (GMI)","Dirección Medicamentos e Insumos"]
[{"$nulls":3},"Análisis de Informaicón y Boletines (AIB)","Dirección Medicamentos e Insumos"]
[{"$nulls":3},"Auditoría Calidad del Dato (ACD)","Dirección Gestión de la Información"]
[{"$nulls":3},"Análisis y Estudio (DAE)","Dirección Gestión de la Información"]
[{"$nulls":3},"Estadísticas (DEE)","Dirección Gestión de la Información"]
[{"$nulls":3},"Monitoreo de Calidad Servicios de Salud (CSS)","Dirección Gestión de Calidad en los Servicios de Salud"]
[{"$nulls":3},"Atención a Usuarios (DAU)","Dirección Gestión de Calidad en los Servicios de Salud"]
[{"$nulls":3},"Prevención y Control de Riesgo Biológico (CRB)","Dirección Gestión de Calidad en los Servicios de Salud"]
[{"$nulls":3},"Seguimiento a la Habilitación Hospitalaria (SHH)","Dirección Gestión de Calidad en los Servicios de Salud"]
[{"$nulls":3},"Departamento Materno Infantil (MAI)","Dirección Materno, Infantil y Adolescentes "]
[{"$nulls":3},"División Adolescentes (ADO)","Dirección Materno, Infantil y Adolescentes "]
[{"$nulls":3},"Servicios Diagnósticos y Sangre (SDS)","Dirección de Asistencia a la Red de Servicios de Salud "]
[{"$nulls":3},"Odontología (ODO)","Dirección de Asistencia a la Red de Servicios de Salud "]
[{"$nulls":3},"Gestión Clínica (DGC)","Dirección de Asistencia a la Red de Servicios de Salud "]
[{"$nulls":3},"Gestión de Servicios Hospitalarios","Dirección Centros Hospitalarios"]
[{"$nulls":3},"División Servicios Segundo Nivel de Atención (SNA)","Dirección Centros Hospitalarios"]
[{"$nulls":3},"División Servicios Tercer Nivel de Atención (TNA)","Dirección Centros Hospitalarios"]
[{"$nulls":3},"Desarrollo Servicios Hospitalarios (DSH)","Dirección Centros Hospitalarios"]
[{"$nulls":3},"Gestión de Servicios de Salud PN (SSPN)","Dirección Primer Nivel de Atención"]
[{"$nulls":3},"División Operaciones Primer Nivel de Atención (OPN)","Dirección Primer Nivel de Atención"]
[{"$nulls":3},"División Servicios Primer Nivel de Atención (SPNA)","Dirección Primer Nivel de Atención"]
[{"$nulls":3},"Desarrollo Servicios de Salud Primer Nivel (DSPN)","Dirección Primer Nivel de Atención"]
[{"$nulls":3},"Seguridad (DSF)","Seguridad"]
[]
[]
[]
[]
[null,"ls_SubDireccion","DCE","Dirección de Comunicaciones"]
[null,"ls_SubDireccion","JUR","Dirección Jurídica"]
[null,"ls_SubDireccion","OAI","Oficina Acceso a la Información"]
[null,"ls_SubDireccion","DRH","Dirección Recursos Humanos"]
[null,"ls_SubDireccion","DFC","Dirección de Fiscalización y Control"]
[null,"ls_SubDireccion","DPD","Dirección Planificación y Desarrollo"]
[null,"ls_SubDireccion","ADM","Dirección Administrativa"]
[null,"ls_SubDireccion","TIC","Dirección de Tecnologías de la Información y Comunicación"]
[null,"ls_SubDireccion","DFI","Dirección Financiera"]
[null,"ls_SubDireccion","DEM","Dirección Emergencias Médicas"]
[null,"ls_SubDireccion","DMI","Dirección Medicamentos e Insumos"]
[null,"ls_SubDireccion","DGI","Dirección Gestión de la Información"]
[null,"ls_SubDireccion","DCSS","Dirección Gestión de Calidad en los Servicios de Salud"]
[null,"ls_SubDireccion","MIA","Dirección Materno, Infantil y Adolescentes "]
[null,"ls_SubDireccion","DAR","Dirección de Asistencia a la Red de Servicios de Salud "]
[null,"ls_SubDireccion","DCH","Dirección Centros Hospitalarios"]
[null,"ls_SubDireccion","DPN","Dirección Primer Nivel de Atención"]
[null,null,"DSF","Seguridad"]
[]
[]
[]
[]
[]
[null,"04_División"]
[]
[]
[]
[null,"Ls_Oficina","OAI","Oficina de Acceso a la Información"]
[null,"Ls_Oficina","OFC","Oficina de Control y Fiscalización"]
{"$rows_empty":7}
[null,"Ls_DependenciasSRS"]
[".","Gerencia","Ls_GerenciasSRS","Gerencias:  ",1]
[null,"Departamento","Ls_DepartamentosSRS","Departamentos:  ",2]
[null,"División","Ls_DivisionesSRS","Divisiones:  ",3]
[null,"Unidad","Ls_UnidadesSRS","Unidades:  ",4]
[null,"Oficina","Ls_OficinasSRS","Oficinas:  ",5]
[]
[]
[null,"ls_UnidadesSRS",null,null,"Ls_DivisionesSRS"]
[".","Jurídico/a",1,".","Jurídico/a",1]
[null,"Oficina Acceso a la Información",2,null,"Oficina Acceso a la Información",2]
[null,"Comunicaciones",3,null,"Comunicaciones",3]
[null,"Tecnología ",4,null,"Tecnología ",4]
[null,"Seguridad",5,null,"Seguridad",5]
[null,"Fiscalización y Control",6,null,"Fiscalización y Control",6]
[null,"Gestión de la Información",7,null,"Gestión de la Información",7]
[null,"División Recursos Humanos",8,null,"División Recursos Humanos",8]
[null,"División Planificación y Desarrollo",9,null,"División Planificación y Desarrollo",9]
[null,"División Administrativo-Financiero",10,null,"División Administrativo-Financiero",10]
[null,"Departamento Servicios de Salud",11,null,"Departamento Servicios de Salud",11]
[null,"División Primer Nivel de Atención",12,null,"División Primer Nivel de Atención",12]
[null,"División Centros Hospitalarios",13,null,"División Centros Hospitalarios",13]
[null,"División Gestión Clínica",14,null,"División Gestión Clínica",14]
[null,"División Emergencias Médicas",15,null,null,15]
[null,"Supervisores de Área",16]
[null,"Coordinadores de Zona",17]
[null,"División de Abastecimiento y Medicamentos",18]
[null,"División de Calidad de los Servicios y Gestión de Usuarios",19,null,"Ls_GerenciasSRS"]
[null,"División de Infraestuctura y Hostelería",20,".","Regional (Consolidado)",1]
[null,null,21]
[null,null,22]
[null,null,23]
[null,null,24]
[null,null,25,{"$nulls":3},"Ls_DepartamentosSRS"]
[null,null,26,".",null,null,"Administrativo",1]
[{"$nulls":6},"Asistencial",2]
[{"$nulls":6},"Atencion a los Usuarios",3]
[{"$nulls":6},"Comunicaciones",4]
[{"$nulls":6},"Estratégico",5]
[{"$nulls":6},"Financiero",6]
[{"$nulls":6},"Gestión Humana",7]
[{"$nulls":6},"Monitoreo",8]
[{"$nulls":4},"Ls_OficinasSRS",null,"Servicios Diagnósticos",9]
[{"$nulls":3},".","Acceso a la Información",1,"Sistema de Información",10]
[{"$nulls":4},"Control y Fiscalización",2,"Tecnología",11]
[{"$nulls":6},"URGM",12]
[]
[]
[]
[]
[]
[null,"Ls_Medio_Verificacion"]
[null,"Informe",1]
[null,"Listado de participación",2]
[null,"Fotos",3]
[null,"Agenda",4]
[null,"Plan",5]
[null,"Protocolo",6]
[null,"Manual",7]
[null,"Resolución",8]
[null,"Boletin",9]
[null,"Reporte",10]
[null,"Minuta",11]
[null,"Hoja de supervisión",12]
[null,"Inventario",13]
[null,"Reglamento",14]
[null,"Memoria",15]
[null,"Encuesta",16]
[null,"Registro Digital",17]
[null,"Base de datos",18]
[null,"Otros",19]